{"text_format":"1","workbook":"xlsx","n_sheets":9,"sheets":["MAIN","الادخال","الإخراج","SOURCE (2)","الحفظ","Search (2)","SEARCH","DEFINITIONS","OPENING BALANCES"],"not_rendered":{"charts":0,"images":20,"macros":1,"external_links":0,"defined_names":79,"comments":1,"pivot_tables":0},"unopened":[],"bounds":{"document_bytes":16777216,"sheet_cells":100000,"rows_first":2000,"rows_last":500,"rows_between":2000,"halvings":0,"cell_chars":16384,"cell_head_chars":4096},"cells_cut":0,"cells_raw":0,"read":"whole","date_system":"1900"}

{"sheet":"MAIN","index":0,"n_rows":0,"n_cols":0,"rows_kept":0,"cut":false,"hidden":false,"merged":[]}

{"sheet":"الادخال","index":1,"n_rows":42,"n_cols":13,"rows_kept":42,"cut":false,"hidden":false,"merged":[[37,2,37,5],[9,2,9,5],[10,2,10,5],[1,1,1,4],[7,2,7,5]]}
[null,null,null,null,null,null,null,"ITEM No.","ITEM BLNC.","ITEM COST",null,null,{"$f":"COUNTA(G14:G37)","v":0}]
[null,"اختار من القائمة",null,null,null,"إذن إدخال جديد",null,null,{"$f":"IF(H2<>\"\",VLOOKUP(H2,'SOURCE (2)'!A:G,6,FALSE),\"\")","v":""},{"$f":"IF(H2<>\"\",VLOOKUP(H2,'SOURCE (2)'!A:G,5,FALSE),\"\")","v":""},null,null,{"$f":"COUNTIF(الحفظ!M5:M1000,CONCATENATE(\"<\",بحث))","v":0}]
[null,null,null,null,null,null," TOTAL :"]
[]
[]
[]
[null,"Materials Receipt Note - إذن إدخال مواد ",null,null,null,null,null,null,null,null,null,null,{"$f":"COUNTIF(الحفظ!M5:M1000,بحث)","v":0}]
[null,"فاتورة رقم  :",null,null,null,null,"Inv. No.    :"]
[null,"التاريخ      :","2022-01-10",null,null,1,"Note. No.  :",null,null,null,null,null,"إذن إدخال جديد"]
[null,"المورد       :",null,null,null,null,"Supplier    :",null,null,null,null,null,"إستدعاء إذن إدخال سابق"]
[null,"المستودع   :",null,null,null,null,"Store         :"]
[]
[null,"T.Price","U.Price","Qty.","Unit","Description","Item No."]
[null,{"$f":"IF(AND(G14<>\"\",D14<>\"\",C14<>\"\"),D14*C14,\"\")","v":""},null,null,{"$f":"IF(G14<>\"\",VLOOKUP(G14,'SOURCE (2)'!A:G,4,FALSE),\"\")","v":""},{"$f":"IF(G14<>\"\",VLOOKUP(G14,'SOURCE (2)'!A:G,2,FALSE),\"\")","v":""}]
[null,"",null,null,{"$f":"IF(G15<>\"\",VLOOKUP(G15,'SOURCE (2)'!A:G,4,FALSE),\"\")","v":""},{"$f":"IF(G15<>\"\",VLOOKUP(G15,'SOURCE (2)'!A:G,2,FALSE),\"\")","v":""}]
[null,"",null,null,{"$f":"IF(G16<>\"\",VLOOKUP(G16,'SOURCE (2)'!A:G,4,FALSE),\"\")","v":""},{"$f":"IF(G16<>\"\",VLOOKUP(G16,'SOURCE (2)'!A:G,2,FALSE),\"\")","v":""}]
[null,"",null,null,{"$f":"IF(G17<>\"\",VLOOKUP(G17,'SOURCE (2)'!A:G,4,FALSE),\"\")","v":""},{"$f":"IF(G17<>\"\",VLOOKUP(G17,'SOURCE (2)'!A:G,2,FALSE),\"\")","v":""}]
[null,"",null,null,{"$f":"IF(G18<>\"\",VLOOKUP(G18,'SOURCE (2)'!A:G,4,FALSE),\"\")","v":""},{"$f":"IF(G18<>\"\",VLOOKUP(G18,'SOURCE (2)'!A:G,2,FALSE),\"\")","v":""}]
[null,"",null,null,{"$f":"IF(G19<>\"\",VLOOKUP(G19,'SOURCE (2)'!A:G,4,FALSE),\"\")","v":""},{"$f":"IF(G19<>\"\",VLOOKUP(G19,'SOURCE (2)'!A:G,2,FALSE),\"\")","v":""}]
[null,"",null,null,{"$f":"IF(G20<>\"\",VLOOKUP(G20,'SOURCE (2)'!A:G,4,FALSE),\"\")","v":""},{"$f":"IF(G20<>\"\",VLOOKUP(G20,'SOURCE (2)'!A:G,2,FALSE),\"\")","v":""}]
[null,"",null,null,{"$f":"IF(G21<>\"\",VLOOKUP(G21,'SOURCE (2)'!A:G,4,FALSE),\"\")","v":""},{"$f":"IF(G21<>\"\",VLOOKUP(G21,'SOURCE (2)'!A:G,2,FALSE),\"\")","v":""}]
[null,"",null,null,{"$f":"IF(G22<>\"\",VLOOKUP(G22,'SOURCE (2)'!A:G,4,FALSE),\"\")","v":""},{"$f":"IF(G22<>\"\",VLOOKUP(G22,'SOURCE (2)'!A:G,2,FALSE),\"\")","v":""}]
[null,"",null,null,{"$f":"IF(G23<>\"\",VLOOKUP(G23,'SOURCE (2)'!A:G,4,FALSE),\"\")","v":""},{"$f":"IF(G23<>\"\",VLOOKUP(G23,'SOURCE (2)'!A:G,2,FALSE),\"\")","v":""}]
[null,"",null,null,{"$f":"IF(G24<>\"\",VLOOKUP(G24,'SOURCE (2)'!A:G,4,FALSE),\"\")","v":""},{"$f":"IF(G24<>\"\",VLOOKUP(G24,'SOURCE (2)'!A:G,2,FALSE),\"\")","v":""}]
[null,"",null,null,{"$f":"IF(G25<>\"\",VLOOKUP(G25,'SOURCE (2)'!A:G,4,FALSE),\"\")","v":""},{"$f":"IF(G25<>\"\",VLOOKUP(G25,'SOURCE (2)'!A:G,2,FALSE),\"\")","v":""}]
[null,"",null,null,{"$f":"IF(G26<>\"\",VLOOKUP(G26,'SOURCE (2)'!A:G,4,FALSE),\"\")","v":""},{"$f":"IF(G26<>\"\",VLOOKUP(G26,'SOURCE (2)'!A:G,2,FALSE),\"\")","v":""}]
[null,"",null,null,{"$f":"IF(G27<>\"\",VLOOKUP(G27,'SOURCE (2)'!A:G,4,FALSE),\"\")","v":""},{"$f":"IF(G27<>\"\",VLOOKUP(G27,'SOURCE (2)'!A:G,2,FALSE),\"\")","v":""}]
[null,"",null,null,{"$f":"IF(G28<>\"\",VLOOKUP(G28,'SOURCE (2)'!A:G,4,FALSE),\"\")","v":""},{"$f":"IF(G28<>\"\",VLOOKUP(G28,'SOURCE (2)'!A:G,2,FALSE),\"\")","v":""}]
[null,"",null,null,{"$f":"IF(G29<>\"\",VLOOKUP(G29,'SOURCE (2)'!A:G,4,FALSE),\"\")","v":""},{"$f":"IF(G29<>\"\",VLOOKUP(G29,'SOURCE (2)'!A:G,2,FALSE),\"\")","v":""}]
[null,"",null,null,{"$f":"IF(G30<>\"\",VLOOKUP(G30,'SOURCE (2)'!A:G,4,FALSE),\"\")","v":""},{"$f":"IF(G30<>\"\",VLOOKUP(G30,'SOURCE (2)'!A:G,2,FALSE),\"\")","v":""}]
[null,"",null,null,{"$f":"IF(G31<>\"\",VLOOKUP(G31,'SOURCE (2)'!A:G,4,FALSE),\"\")","v":""},{"$f":"IF(G31<>\"\",VLOOKUP(G31,'SOURCE (2)'!A:G,2,FALSE),\"\")","v":""}]
[null,"",null,null,{"$f":"IF(G32<>\"\",VLOOKUP(G32,'SOURCE (2)'!A:G,4,FALSE),\"\")","v":""},{"$f":"IF(G32<>\"\",VLOOKUP(G32,'SOURCE (2)'!A:G,2,FALSE),\"\")","v":""}]
[null,"",null,null,{"$f":"IF(G33<>\"\",VLOOKUP(G33,'SOURCE (2)'!A:G,4,FALSE),\"\")","v":""},{"$f":"IF(G33<>\"\",VLOOKUP(G33,'SOURCE (2)'!A:G,2,FALSE),\"\")","v":""}]
[null,"",null,null,{"$f":"IF(G34<>\"\",VLOOKUP(G34,'SOURCE (2)'!A:G,4,FALSE),\"\")","v":""},{"$f":"IF(G34<>\"\",VLOOKUP(G34,'SOURCE (2)'!A:G,2,FALSE),\"\")","v":""}]
[null,"",null,null,{"$f":"IF(G35<>\"\",VLOOKUP(G35,'SOURCE (2)'!A:G,4,FALSE),\"\")","v":""},{"$f":"IF(G35<>\"\",VLOOKUP(G35,'SOURCE (2)'!A:G,2,FALSE),\"\")","v":""}]
[null,"",null,null,{"$f":"IF(G36<>\"\",VLOOKUP(G36,'SOURCE (2)'!A:G,4,FALSE),\"\")","v":""},{"$f":"IF(G36<>\"\",VLOOKUP(G36,'SOURCE (2)'!A:G,2,FALSE),\"\")","v":""}]
[null,"",null,null,{"$f":"IF(G37<>\"\",VLOOKUP(G37,'SOURCE (2)'!A:G,4,FALSE),\"\")","v":""},{"$f":"IF(G37<>\"\",VLOOKUP(G37,'SOURCE (2)'!A:G,2,FALSE),\"\")","v":""}]
[null,{"$f":"SUM(B14:B37)","v":0},{"$f":"IF(B38>0,PROPER(B_Only(B38,2,0,2,\"S.R\",\"\",\"\")),\"\")","v":""},null,null,null," Total :"]
[]
[null,"أمين المستودع  /  الإسم   :   ...................................................................................................",null,null,null,null,"Storekeeper / Name  :  "]
[]
[null,"أمين المستودع  /  التوقيع  :   .............................................................................................",null,null,null,null,"Storekeeper / Signature  :  "]

{"sheet":"الإخراج","index":2,"n_rows":42,"n_cols":13,"rows_kept":42,"cut":false,"hidden":false,"merged":[[1,1,1,4],[9,2,9,5],[10,2,10,5],[37,2,37,5]]}
[null,null,null,null,null,null,null,"ITEM No.","ITEM BLNC.","ITEM COST",null,null,{"$f":"COUNTA(G14:G37)","v":0}]
[null,"اختار من القائمة",null,null,null,"ادخال بيانات جديدة",null,null,{"$f":"IF(H2<>\"\",VLOOKUP(H2,'SOURCE (2)'!A:G,6,FALSE),\"\")","v":""},{"$f":"IF(H2<>\"\",VLOOKUP(H2,'SOURCE (2)'!A:G,5,FALSE),\"\")","v":""},null,null,{"$f":"COUNTIF(الحفظ!L5:L1002,CONCATENATE(\"<\",بحث1))","v":0}]
[]
[]
[]
[]
[null,"Materials Delivery Note - إذن صرف مواد ",null,null,null,null,null,null,null,null,null,null,{"$f":"COUNTIF(الحفظ!L5:L1002,بحث1)","v":0}]
[]
[null,"التاريخ     :","2022-01-10",null,null,1,"Note No.   :",null,null,null,null,null,"إذن صرف جديد"]
[null,"المستودع  :",null,null,null,null,"W-house   :",null,null,null,null,null,"إستدعاء إذن صرف سابق"]
[null,"القسم      :",null,null,null,null,"Dept.        :"]
[]
[null,"T.Price","U.Price","Qty.","Unit","Description","Item No."]
[null,{"$f":"IF(AND(G14<>\"\",D14<>\"\",C14<>\"\"),D14*C14,\"\")","v":""},{"$f":"IF(G14<>\"\",VLOOKUP(G14,'SOURCE (2)'!A:G,5,FALSE),\"\")","v":""},null,{"$f":"IF(G14<>\"\",VLOOKUP(G14,'SOURCE (2)'!A:G,4,FALSE),\"\")","v":""},{"$f":"IF(G14<>\"\",VLOOKUP(G14,'SOURCE (2)'!A:G,2,FALSE),\"\")","v":""}]
[null,"",{"$f":"IF(G15<>\"\",VLOOKUP(G15,'SOURCE (2)'!A:G,5,FALSE),\"\")","v":""},null,{"$f":"IF(G15<>\"\",VLOOKUP(G15,'SOURCE (2)'!A:G,4,FALSE),\"\")","v":""},{"$f":"IF(G15<>\"\",VLOOKUP(G15,'SOURCE (2)'!A:G,2,FALSE),\"\")","v":""}]
[null,"",{"$f":"IF(G16<>\"\",VLOOKUP(G16,'SOURCE (2)'!A:G,5,FALSE),\"\")","v":""},null,{"$f":"IF(G16<>\"\",VLOOKUP(G16,'SOURCE (2)'!A:G,4,FALSE),\"\")","v":""},{"$f":"IF(G16<>\"\",VLOOKUP(G16,'SOURCE (2)'!A:G,2,FALSE),\"\")","v":""}]
[null,"",{"$f":"IF(G17<>\"\",VLOOKUP(G17,'SOURCE (2)'!A:G,5,FALSE),\"\")","v":""},null,{"$f":"IF(G17<>\"\",VLOOKUP(G17,'SOURCE (2)'!A:G,4,FALSE),\"\")","v":""},{"$f":"IF(G17<>\"\",VLOOKUP(G17,'SOURCE (2)'!A:G,2,FALSE),\"\")","v":""}]
[null,"",{"$f":"IF(G18<>\"\",VLOOKUP(G18,'SOURCE (2)'!A:G,5,FALSE),\"\")","v":""},null,{"$f":"IF(G18<>\"\",VLOOKUP(G18,'SOURCE (2)'!A:G,4,FALSE),\"\")","v":""},{"$f":"IF(G18<>\"\",VLOOKUP(G18,'SOURCE (2)'!A:G,2,FALSE),\"\")","v":""}]
[null,"",{"$f":"IF(G19<>\"\",VLOOKUP(G19,'SOURCE (2)'!A:G,5,FALSE),\"\")","v":""},null,{"$f":"IF(G19<>\"\",VLOOKUP(G19,'SOURCE (2)'!A:G,4,FALSE),\"\")","v":""},{"$f":"IF(G19<>\"\",VLOOKUP(G19,'SOURCE (2)'!A:G,2,FALSE),\"\")","v":""}]
[null,"",{"$f":"IF(G20<>\"\",VLOOKUP(G20,'SOURCE (2)'!A:G,5,FALSE),\"\")","v":""},null,{"$f":"IF(G20<>\"\",VLOOKUP(G20,'SOURCE (2)'!A:G,4,FALSE),\"\")","v":""},{"$f":"IF(G20<>\"\",VLOOKUP(G20,'SOURCE (2)'!A:G,2,FALSE),\"\")","v":""}]
[null,"",{"$f":"IF(G21<>\"\",VLOOKUP(G21,'SOURCE (2)'!A:G,5,FALSE),\"\")","v":""},null,{"$f":"IF(G21<>\"\",VLOOKUP(G21,'SOURCE (2)'!A:G,4,FALSE),\"\")","v":""},{"$f":"IF(G21<>\"\",VLOOKUP(G21,'SOURCE (2)'!A:G,2,FALSE),\"\")","v":""}]
[null,"",{"$f":"IF(G22<>\"\",VLOOKUP(G22,'SOURCE (2)'!A:G,5,FALSE),\"\")","v":""},null,{"$f":"IF(G22<>\"\",VLOOKUP(G22,'SOURCE (2)'!A:G,4,FALSE),\"\")","v":""},{"$f":"IF(G22<>\"\",VLOOKUP(G22,'SOURCE (2)'!A:G,2,FALSE),\"\")","v":""}]
[null,"",{"$f":"IF(G23<>\"\",VLOOKUP(G23,'SOURCE (2)'!A:G,5,FALSE),\"\")","v":""},null,{"$f":"IF(G23<>\"\",VLOOKUP(G23,'SOURCE (2)'!A:G,4,FALSE),\"\")","v":""},{"$f":"IF(G23<>\"\",VLOOKUP(G23,'SOURCE (2)'!A:G,2,FALSE),\"\")","v":""}]
[null,"",{"$f":"IF(G24<>\"\",VLOOKUP(G24,'SOURCE (2)'!A:G,5,FALSE),\"\")","v":""},null,{"$f":"IF(G24<>\"\",VLOOKUP(G24,'SOURCE (2)'!A:G,4,FALSE),\"\")","v":""},{"$f":"IF(G24<>\"\",VLOOKUP(G24,'SOURCE (2)'!A:G,2,FALSE),\"\")","v":""}]
[null,"",{"$f":"IF(G25<>\"\",VLOOKUP(G25,'SOURCE (2)'!A:G,5,FALSE),\"\")","v":""},null,{"$f":"IF(G25<>\"\",VLOOKUP(G25,'SOURCE (2)'!A:G,4,FALSE),\"\")","v":""},{"$f":"IF(G25<>\"\",VLOOKUP(G25,'SOURCE (2)'!A:G,2,FALSE),\"\")","v":""}]
[null,"",{"$f":"IF(G26<>\"\",VLOOKUP(G26,'SOURCE (2)'!A:G,5,FALSE),\"\")","v":""},null,{"$f":"IF(G26<>\"\",VLOOKUP(G26,'SOURCE (2)'!A:G,4,FALSE),\"\")","v":""},{"$f":"IF(G26<>\"\",VLOOKUP(G26,'SOURCE (2)'!A:G,2,FALSE),\"\")","v":""}]
[null,"",{"$f":"IF(G27<>\"\",VLOOKUP(G27,'SOURCE (2)'!A:G,5,FALSE),\"\")","v":""},null,{"$f":"IF(G27<>\"\",VLOOKUP(G27,'SOURCE (2)'!A:G,4,FALSE),\"\")","v":""},{"$f":"IF(G27<>\"\",VLOOKUP(G27,'SOURCE (2)'!A:G,2,FALSE),\"\")","v":""}]
[null,"",{"$f":"IF(G28<>\"\",VLOOKUP(G28,'SOURCE (2)'!A:G,5,FALSE),\"\")","v":""},null,{"$f":"IF(G28<>\"\",VLOOKUP(G28,'SOURCE (2)'!A:G,4,FALSE),\"\")","v":""},{"$f":"IF(G28<>\"\",VLOOKUP(G28,'SOURCE (2)'!A:G,2,FALSE),\"\")","v":""}]
[null,"",{"$f":"IF(G29<>\"\",VLOOKUP(G29,'SOURCE (2)'!A:G,5,FALSE),\"\")","v":""},null,{"$f":"IF(G29<>\"\",VLOOKUP(G29,'SOURCE (2)'!A:G,4,FALSE),\"\")","v":""},{"$f":"IF(G29<>\"\",VLOOKUP(G29,'SOURCE (2)'!A:G,2,FALSE),\"\")","v":""}]
[null,"",{"$f":"IF(G30<>\"\",VLOOKUP(G30,'SOURCE (2)'!A:G,5,FALSE),\"\")","v":""},null,{"$f":"IF(G30<>\"\",VLOOKUP(G30,'SOURCE (2)'!A:G,4,FALSE),\"\")","v":""},{"$f":"IF(G30<>\"\",VLOOKUP(G30,'SOURCE (2)'!A:G,2,FALSE),\"\")","v":""}]
[null,"",{"$f":"IF(G31<>\"\",VLOOKUP(G31,'SOURCE (2)'!A:G,5,FALSE),\"\")","v":""},null,{"$f":"IF(G31<>\"\",VLOOKUP(G31,'SOURCE (2)'!A:G,4,FALSE),\"\")","v":""},{"$f":"IF(G31<>\"\",VLOOKUP(G31,'SOURCE (2)'!A:G,2,FALSE),\"\")","v":""}]
[null,"",{"$f":"IF(G32<>\"\",VLOOKUP(G32,'SOURCE (2)'!A:G,5,FALSE),\"\")","v":""},null,{"$f":"IF(G32<>\"\",VLOOKUP(G32,'SOURCE (2)'!A:G,4,FALSE),\"\")","v":""},{"$f":"IF(G32<>\"\",VLOOKUP(G32,'SOURCE (2)'!A:G,2,FALSE),\"\")","v":""}]
[null,"",{"$f":"IF(G33<>\"\",VLOOKUP(G33,'SOURCE (2)'!A:G,5,FALSE),\"\")","v":""},null,{"$f":"IF(G33<>\"\",VLOOKUP(G33,'SOURCE (2)'!A:G,4,FALSE),\"\")","v":""},{"$f":"IF(G33<>\"\",VLOOKUP(G33,'SOURCE (2)'!A:G,2,FALSE),\"\")","v":""}]
[null,"",{"$f":"IF(G34<>\"\",VLOOKUP(G34,'SOURCE (2)'!A:G,5,FALSE),\"\")","v":""},null,{"$f":"IF(G34<>\"\",VLOOKUP(G34,'SOURCE (2)'!A:G,4,FALSE),\"\")","v":""},{"$f":"IF(G34<>\"\",VLOOKUP(G34,'SOURCE (2)'!A:G,2,FALSE),\"\")","v":""}]
[null,"",{"$f":"IF(G35<>\"\",VLOOKUP(G35,'SOURCE (2)'!A:G,5,FALSE),\"\")","v":""},null,{"$f":"IF(G35<>\"\",VLOOKUP(G35,'SOURCE (2)'!A:G,4,FALSE),\"\")","v":""},{"$f":"IF(G35<>\"\",VLOOKUP(G35,'SOURCE (2)'!A:G,2,FALSE),\"\")","v":""}]
[null,"",{"$f":"IF(G36<>\"\",VLOOKUP(G36,'SOURCE (2)'!A:G,5,FALSE),\"\")","v":""},null,{"$f":"IF(G36<>\"\",VLOOKUP(G36,'SOURCE (2)'!A:G,4,FALSE),\"\")","v":""},{"$f":"IF(G36<>\"\",VLOOKUP(G36,'SOURCE (2)'!A:G,2,FALSE),\"\")","v":""}]
[null,"",{"$f":"IF(G37<>\"\",VLOOKUP(G37,'SOURCE (2)'!A:G,5,FALSE),\"\")","v":""},null,{"$f":"IF(G37<>\"\",VLOOKUP(G37,'SOURCE (2)'!A:G,4,FALSE),\"\")","v":""},{"$f":"IF(G37<>\"\",VLOOKUP(G37,'SOURCE (2)'!A:G,2,FALSE),\"\")","v":""}]
[null,{"$f":"SUM(B14:B37)*-1","v":0},{"$f":"IF(B38>0,PROPER(B_Only(B38,2,0,2,\"S.R\",\"\",\"\")),\"\")","v":""},null,null,null," Total :"]
[]
[null,"أعدت بواسطة  :  .....................................................................................................................",null,null,null,null,"Prepared By  : "]
[]
[null,"المستلم  :  ....................................................................................................................................",null,null,null,null,"Recipient  : "]

{"sheet":"SOURCE (2)","index":3,"n_rows":500,"n_cols":10,"rows_kept":500,"cut":false,"hidden":false,"merged":[[0,0,0,6]]}
["DATA SOURCE",null,null,null,null,null,null,null,"STOCK TOTAL VALUE",{"$f":"SUM(G2:G996)","v":3727}]
["ITEM No.","ITEM DESCRIPTION","ITEM CATEGORY","ITEM UNIT","ITEM AVRG. COST","BALANCE","TOTAL COST"]
[1,"رقبة تركي سوفت S","CAT-001","PIECE",17,{"$f":"IF(A3<>\"\",SUMIFS(الحفظ!$D$5:$D$1000,الحفظ!$K$5:$K$1000,\"=\"&A3),\"\")","v":0},{"$f":"IF(A3<>\"\",F3*E3,\"\")","v":0}]
[2,"رقبة تركي سوفت M","CAT-002","PIECE",{"$f":"IF(A4<>\"\",SUMIFS(الحفظ!$B$5:$B$1000,الحفظ!$K$5:$K$1000,\"=\"&A4,الحفظ!$D$5:$D$1000,\">0\")/IF(SUMIFS(الحفظ!$D$5:$D$1000,الحفظ!$K$5:$K$1000,\"=\"&A4,الحفظ!$D$5:$D$1000,\">0\")=0,1,SUMIFS(الحفظ!$D$5:$D$1000,الحفظ!$K$5:$K$1000,\"=\"&A4,الحفظ!$D$5:$D$1000,\">0\")),\"\")","v":0},{"$f":"IF(A4<>\"\",SUMIFS(الحفظ!$D$5:$D$1000,الحفظ!$K$5:$K$1000,\"=\"&A4),\"\")","v":0},0]
[3,"رقبة تركي سوفت L","CAT-003","PIECE",{"$f":"IF(A5<>\"\",SUMIFS(الحفظ!$B$5:$B$1000,الحفظ!$K$5:$K$1000,\"=\"&A5,الحفظ!$D$5:$D$1000,\">0\")/IF(SUMIFS(الحفظ!$D$5:$D$1000,الحفظ!$K$5:$K$1000,\"=\"&A5,الحفظ!$D$5:$D$1000,\">0\")=0,1,SUMIFS(الحفظ!$D$5:$D$1000,الحفظ!$K$5:$K$1000,\"=\"&A5,الحفظ!$D$5:$D$1000,\">0\")),\"\")","v":0},{"$f":"IF(A5<>\"\",SUMIFS(الحفظ!$D$5:$D$1000,الحفظ!$K$5:$K$1000,\"=\"&A5),\"\")","v":0},0]
[4,"رقبة تركي هارد S","CAT-004","PIECE",{"$f":"IF(A6<>\"\",SUMIFS(الحفظ!$B$5:$B$1000,الحفظ!$K$5:$K$1000,\"=\"&A6,الحفظ!$D$5:$D$1000,\">0\")/IF(SUMIFS(الحفظ!$D$5:$D$1000,الحفظ!$K$5:$K$1000,\"=\"&A6,الحفظ!$D$5:$D$1000,\">0\")=0,1,SUMIFS(الحفظ!$D$5:$D$1000,الحفظ!$K$5:$K$1000,\"=\"&A6,الحفظ!$D$5:$D$1000,\">0\")),\"\")","v":13},{"$f":"IF(A6<>\"\",SUMIFS(الحفظ!$D$5:$D$1000,الحفظ!$K$5:$K$1000,\"=\"&A6),\"\")","v":2},26]
[5,"رقبة تركي هارد M","CAT-005","PIECE",{"$f":"IF(A7<>\"\",SUMIFS(الحفظ!$B$5:$B$1000,الحفظ!$K$5:$K$1000,\"=\"&A7,الحفظ!$D$5:$D$1000,\">0\")/IF(SUMIFS(الحفظ!$D$5:$D$1000,الحفظ!$K$5:$K$1000,\"=\"&A7,الحفظ!$D$5:$D$1000,\">0\")=0,1,SUMIFS(الحفظ!$D$5:$D$1000,الحفظ!$K$5:$K$1000,\"=\"&A7,الحفظ!$D$5:$D$1000,\">0\")),\"\")","v":14},{"$f":"IF(A7<>\"\",SUMIFS(الحفظ!$D$5:$D$1000,الحفظ!$K$5:$K$1000,\"=\"&A7),\"\")","v":7},98]
[6,"رقبة تركي هارد L","CAT-006","PIECE",{"$f":"IF(A8<>\"\",SUMIFS(الحفظ!$B$5:$B$1000,الحفظ!$K$5:$K$1000,\"=\"&A8,الحفظ!$D$5:$D$1000,\">0\")/IF(SUMIFS(الحفظ!$D$5:$D$1000,الحفظ!$K$5:$K$1000,\"=\"&A8,الحفظ!$D$5:$D$1000,\">0\")=0,1,SUMIFS(الحفظ!$D$5:$D$1000,الحفظ!$K$5:$K$1000,\"=\"&A8,الحفظ!$D$5:$D$1000,\">0\")),\"\")","v":15},{"$f":"IF(A8<>\"\",SUMIFS(الحفظ!$D$5:$D$1000,الحفظ!$K$5:$K$1000,\"=\"&A8),\"\")","v":8},120]
[7,"رقبة تركي 921 L","CAT-007","PIECE",{"$f":"IF(A9<>\"\",SUMIFS(الحفظ!$B$5:$B$1000,الحفظ!$K$5:$K$1000,\"=\"&A9,الحفظ!$D$5:$D$1000,\">0\")/IF(SUMIFS(الحفظ!$D$5:$D$1000,الحفظ!$K$5:$K$1000,\"=\"&A9,الحفظ!$D$5:$D$1000,\">0\")=0,1,SUMIFS(الحفظ!$D$5:$D$1000,الحفظ!$K$5:$K$1000,\"=\"&A9,الحفظ!$D$5:$D$1000,\">0\")),\"\")","v":16},{"$f":"IF(A9<>\"\",SUMIFS(الحفظ!$D$5:$D$1000,الحفظ!$K$5:$K$1000,\"=\"&A9),\"\")","v":1},16]
[8,"رقبة تركي بلاستيك S","CAT-008","PIECE",{"$f":"IF(A10<>\"\",SUMIFS(الحفظ!$B$5:$B$1000,الحفظ!$K$5:$K$1000,\"=\"&A10,الحفظ!$D$5:$D$1000,\">0\")/IF(SUMIFS(الحفظ!$D$5:$D$1000,الحفظ!$K$5:$K$1000,\"=\"&A10,الحفظ!$D$5:$D$1000,\">0\")=0,1,SUMIFS(الحفظ!$D$5:$D$1000,الحفظ!$K$5:$K$1000,\"=\"&A10,الحفظ!$D$5:$D$1000,\">0\")),\"\")","v":17},{"$f":"IF(A10<>\"\",SUMIFS(الحفظ!$D$5:$D$1000,الحفظ!$K$5:$K$1000,\"=\"&A10),\"\")","v":1},17]
[9,"رقبة تركي بلاستيك M","CAT-009","PIECE",{"$f":"IF(A11<>\"\",SUMIFS(الحفظ!$B$5:$B$1000,الحفظ!$K$5:$K$1000,\"=\"&A11,الحفظ!$D$5:$D$1000,\">0\")/IF(SUMIFS(الحفظ!$D$5:$D$1000,الحفظ!$K$5:$K$1000,\"=\"&A11,الحفظ!$D$5:$D$1000,\">0\")=0,1,SUMIFS(الحفظ!$D$5:$D$1000,الحفظ!$K$5:$K$1000,\"=\"&A11,الحفظ!$D$5:$D$1000,\">0\")),\"\")","v":0},{"$f":"IF(A11<>\"\",SUMIFS(الحفظ!$D$5:$D$1000,الحفظ!$K$5:$K$1000,\"=\"&A11),\"\")","v":0},0]
[10,"رقبة تركي بلاستيك L","CAT-010","PIECE",{"$f":"IF(A12<>\"\",SUMIFS(الحفظ!$B$5:$B$1000,الحفظ!$K$5:$K$1000,\"=\"&A12,الحفظ!$D$5:$D$1000,\">0\")/IF(SUMIFS(الحفظ!$D$5:$D$1000,الحفظ!$K$5:$K$1000,\"=\"&A12,الحفظ!$D$5:$D$1000,\">0\")=0,1,SUMIFS(الحفظ!$D$5:$D$1000,الحفظ!$K$5:$K$1000,\"=\"&A12,الحفظ!$D$5:$D$1000,\">0\")),\"\")","v":0},{"$f":"IF(A12<>\"\",SUMIFS(الحفظ!$D$5:$D$1000,الحفظ!$K$5:$K$1000,\"=\"&A12),\"\")","v":0},0]
[11,"رقبة تركي أدجاستبل S","CAT-011","PIECE",{"$f":"IF(A13<>\"\",SUMIFS(الحفظ!$B$5:$B$1000,الحفظ!$K$5:$K$1000,\"=\"&A13,الحفظ!$D$5:$D$1000,\">0\")/IF(SUMIFS(الحفظ!$D$5:$D$1000,الحفظ!$K$5:$K$1000,\"=\"&A13,الحفظ!$D$5:$D$1000,\">0\")=0,1,SUMIFS(الحفظ!$D$5:$D$1000,الحفظ!$K$5:$K$1000,\"=\"&A13,الحفظ!$D$5:$D$1000,\">0\")),\"\")","v":0},{"$f":"IF(A13<>\"\",SUMIFS(الحفظ!$D$5:$D$1000,الحفظ!$K$5:$K$1000,\"=\"&A13),\"\")","v":0},0]
[12,"رقبة تركي أدجاستبل M","CAT-012","PIECE",{"$f":"IF(A14<>\"\",SUMIFS(الحفظ!$B$5:$B$1000,الحفظ!$K$5:$K$1000,\"=\"&A14,الحفظ!$D$5:$D$1000,\">0\")/IF(SUMIFS(الحفظ!$D$5:$D$1000,الحفظ!$K$5:$K$1000,\"=\"&A14,الحفظ!$D$5:$D$1000,\">0\")=0,1,SUMIFS(الحفظ!$D$5:$D$1000,الحفظ!$K$5:$K$1000,\"=\"&A14,الحفظ!$D$5:$D$1000,\">0\")),\"\")","v":21},{"$f":"IF(A14<>\"\",SUMIFS(الحفظ!$D$5:$D$1000,الحفظ!$K$5:$K$1000,\"=\"&A14),\"\")","v":4},84]
[13,"رقبة تركي أدجاستيل L","CAT-013","PIECE",{"$f":"IF(A15<>\"\",SUMIFS(الحفظ!$B$5:$B$1000,الحفظ!$K$5:$K$1000,\"=\"&A15,الحفظ!$D$5:$D$1000,\">0\")/IF(SUMIFS(الحفظ!$D$5:$D$1000,الحفظ!$K$5:$K$1000,\"=\"&A15,الحفظ!$D$5:$D$1000,\">0\")=0,1,SUMIFS(الحفظ!$D$5:$D$1000,الحفظ!$K$5:$K$1000,\"=\"&A15,الحفظ!$D$5:$D$1000,\">0\")),\"\")","v":22},{"$f":"IF(A15<>\"\",SUMIFS(الحفظ!$D$5:$D$1000,الحفظ!$K$5:$K$1000,\"=\"&A15),\"\")","v":3},66]
[14,"رقبة مفتوحة من القصبة الهوائية S","CAT-014","PIECE",{"$f":"IF(A16<>\"\",SUMIFS(الحفظ!$B$5:$B$1000,الحفظ!$K$5:$K$1000,\"=\"&A16,الحفظ!$D$5:$D$1000,\">0\")/IF(SUMIFS(الحفظ!$D$5:$D$1000,الحفظ!$K$5:$K$1000,\"=\"&A16,الحفظ!$D$5:$D$1000,\">0\")=0,1,SUMIFS(الحفظ!$D$5:$D$1000,الحفظ!$K$5:$K$1000,\"=\"&A16,الحفظ!$D$5:$D$1000,\">0\")),\"\")","v":23},{"$f":"IF(A16<>\"\",SUMIFS(الحفظ!$D$5:$D$1000,الحفظ!$K$5:$K$1000,\"=\"&A16),\"\")","v":1},23]
[15,"رقبة مفتوحة من القصبة الهوائية M","CAT-015","PIECE",{"$f":"IF(A17<>\"\",SUMIFS(الحفظ!$B$5:$B$1000,الحفظ!$K$5:$K$1000,\"=\"&A17,الحفظ!$D$5:$D$1000,\">0\")/IF(SUMIFS(الحفظ!$D$5:$D$1000,الحفظ!$K$5:$K$1000,\"=\"&A17,الحفظ!$D$5:$D$1000,\">0\")=0,1,SUMIFS(الحفظ!$D$5:$D$1000,الحفظ!$K$5:$K$1000,\"=\"&A17,الحفظ!$D$5:$D$1000,\">0\")),\"\")","v":0},{"$f":"IF(A17<>\"\",SUMIFS(الحفظ!$D$5:$D$1000,الحفظ!$K$5:$K$1000,\"=\"&A17),\"\")","v":0},0]
[16,"رقبة مفتوحة من القصبة الهوائية L","CAT-016","PIECE",{"$f":"IF(A18<>\"\",SUMIFS(الحفظ!$B$5:$B$1000,الحفظ!$K$5:$K$1000,\"=\"&A18,الحفظ!$D$5:$D$1000,\">0\")/IF(SUMIFS(الحفظ!$D$5:$D$1000,الحفظ!$K$5:$K$1000,\"=\"&A18,الحفظ!$D$5:$D$1000,\">0\")=0,1,SUMIFS(الحفظ!$D$5:$D$1000,الحفظ!$K$5:$K$1000,\"=\"&A18,الحفظ!$D$5:$D$1000,\">0\")),\"\")","v":25},{"$f":"IF(A18<>\"\",SUMIFS(الحفظ!$D$5:$D$1000,الحفظ!$K$5:$K$1000,\"=\"&A18),\"\")","v":1},25]
[17,"ريست بدون أصبع أورافيكس R","CAT-017","PIECE",{"$f":"IF(A19<>\"\",SUMIFS(الحفظ!$B$5:$B$1000,الحفظ!$K$5:$K$1000,\"=\"&A19,الحفظ!$D$5:$D$1000,\">0\")/IF(SUMIFS(الحفظ!$D$5:$D$1000,الحفظ!$K$5:$K$1000,\"=\"&A19,الحفظ!$D$5:$D$1000,\">0\")=0,1,SUMIFS(الحفظ!$D$5:$D$1000,الحفظ!$K$5:$K$1000,\"=\"&A19,الحفظ!$D$5:$D$1000,\">0\")),\"\")","v":26},{"$f":"IF(A19<>\"\",SUMIFS(الحفظ!$D$5:$D$1000,الحفظ!$K$5:$K$1000,\"=\"&A19),\"\")","v":12},312]
[18,"ريست بدون أصبع أورافيكس L","CAT-018","PIECE",{"$f":"IF(A20<>\"\",SUMIFS(الحفظ!$B$5:$B$1000,الحفظ!$K$5:$K$1000,\"=\"&A20,الحفظ!$D$5:$D$1000,\">0\")/IF(SUMIFS(الحفظ!$D$5:$D$1000,الحفظ!$K$5:$K$1000,\"=\"&A20,الحفظ!$D$5:$D$1000,\">0\")=0,1,SUMIFS(الحفظ!$D$5:$D$1000,الحفظ!$K$5:$K$1000,\"=\"&A20,الحفظ!$D$5:$D$1000,\">0\")),\"\")","v":27},{"$f":"IF(A20<>\"\",SUMIFS(الحفظ!$D$5:$D$1000,الحفظ!$K$5:$K$1000,\"=\"&A20),\"\")","v":23},621]
[19,"ريست بالأصبع أورافيكس R","CAT-019","PIECE",{"$f":"IF(A21<>\"\",SUMIFS(الحفظ!$B$5:$B$1000,الحفظ!$K$5:$K$1000,\"=\"&A21,الحفظ!$D$5:$D$1000,\">0\")/IF(SUMIFS(الحفظ!$D$5:$D$1000,الحفظ!$K$5:$K$1000,\"=\"&A21,الحفظ!$D$5:$D$1000,\">0\")=0,1,SUMIFS(الحفظ!$D$5:$D$1000,الحفظ!$K$5:$K$1000,\"=\"&A21,الحفظ!$D$5:$D$1000,\">0\")),\"\")","v":28},{"$f":"IF(A21<>\"\",SUMIFS(الحفظ!$D$5:$D$1000,الحفظ!$K$5:$K$1000,\"=\"&A21),\"\")","v":19},532]
[20,"ريست بالأصبع أورافيكس L","CAT-020","PIECE",{"$f":"IF(A22<>\"\",SUMIFS(الحفظ!$B$5:$B$1000,الحفظ!$K$5:$K$1000,\"=\"&A22,الحفظ!$D$5:$D$1000,\">0\")/IF(SUMIFS(الحفظ!$D$5:$D$1000,الحفظ!$K$5:$K$1000,\"=\"&A22,الحفظ!$D$5:$D$1000,\">0\")=0,1,SUMIFS(الحفظ!$D$5:$D$1000,الحفظ!$K$5:$K$1000,\"=\"&A22,الحفظ!$D$5:$D$1000,\">0\")),\"\")","v":29},{"$f":"IF(A22<>\"\",SUMIFS(الحفظ!$D$5:$D$1000,الحفظ!$K$5:$K$1000,\"=\"&A22),\"\")","v":22},638]
[21,"ماسك جارد S","CAT-021","PIECE",{"$f":"IF(A23<>\"\",SUMIFS(الحفظ!$B$5:$B$1000,الحفظ!$K$5:$K$1000,\"=\"&A23,الحفظ!$D$5:$D$1000,\">0\")/IF(SUMIFS(الحفظ!$D$5:$D$1000,الحفظ!$K$5:$K$1000,\"=\"&A23,الحفظ!$D$5:$D$1000,\">0\")=0,1,SUMIFS(الحفظ!$D$5:$D$1000,الحفظ!$K$5:$K$1000,\"=\"&A23,الحفظ!$D$5:$D$1000,\">0\")),\"\")","v":30},{"$f":"IF(A23<>\"\",SUMIFS(الحفظ!$D$5:$D$1000,الحفظ!$K$5:$K$1000,\"=\"&A23),\"\")","v":3},90]
[22,"ماسك جارد M","CAT-022","PIECE",{"$f":"IF(A24<>\"\",SUMIFS(الحفظ!$B$5:$B$1000,الحفظ!$K$5:$K$1000,\"=\"&A24,الحفظ!$D$5:$D$1000,\">0\")/IF(SUMIFS(الحفظ!$D$5:$D$1000,الحفظ!$K$5:$K$1000,\"=\"&A24,الحفظ!$D$5:$D$1000,\">0\")=0,1,SUMIFS(الحفظ!$D$5:$D$1000,الحفظ!$K$5:$K$1000,\"=\"&A24,الحفظ!$D$5:$D$1000,\">0\")),\"\")","v":31},{"$f":"IF(A24<>\"\",SUMIFS(الحفظ!$D$5:$D$1000,الحفظ!$K$5:$K$1000,\"=\"&A24),\"\")","v":3},93]
[23,"ماسك جارد L","CAT-023","PIECE",{"$f":"IF(A25<>\"\",SUMIFS(الحفظ!$B$5:$B$1000,الحفظ!$K$5:$K$1000,\"=\"&A25,الحفظ!$D$5:$D$1000,\">0\")/IF(SUMIFS(الحفظ!$D$5:$D$1000,الحفظ!$K$5:$K$1000,\"=\"&A25,الحفظ!$D$5:$D$1000,\">0\")=0,1,SUMIFS(الحفظ!$D$5:$D$1000,الحفظ!$K$5:$K$1000,\"=\"&A25,الحفظ!$D$5:$D$1000,\">0\")),\"\")","v":0},{"$f":"IF(A25<>\"\",SUMIFS(الحفظ!$D$5:$D$1000,الحفظ!$K$5:$K$1000,\"=\"&A25),\"\")","v":0},0]
[24,"مثبت أصبع 612 M","CAT-024","PIECE",{"$f":"IF(A26<>\"\",SUMIFS(الحفظ!$B$5:$B$1000,الحفظ!$K$5:$K$1000,\"=\"&A26,الحفظ!$D$5:$D$1000,\">0\")/IF(SUMIFS(الحفظ!$D$5:$D$1000,الحفظ!$K$5:$K$1000,\"=\"&A26,الحفظ!$D$5:$D$1000,\">0\")=0,1,SUMIFS(الحفظ!$D$5:$D$1000,الحفظ!$K$5:$K$1000,\"=\"&A26,الحفظ!$D$5:$D$1000,\">0\")),\"\")","v":33},{"$f":"IF(A26<>\"\",SUMIFS(الحفظ!$D$5:$D$1000,الحفظ!$K$5:$K$1000,\"=\"&A26),\"\")","v":8},264]
[25,"مثبت أصبع 612 L","CAT-025","PIECE",{"$f":"IF(A27<>\"\",SUMIFS(الحفظ!$B$5:$B$1000,الحفظ!$K$5:$K$1000,\"=\"&A27,الحفظ!$D$5:$D$1000,\">0\")/IF(SUMIFS(الحفظ!$D$5:$D$1000,الحفظ!$K$5:$K$1000,\"=\"&A27,الحفظ!$D$5:$D$1000,\">0\")=0,1,SUMIFS(الحفظ!$D$5:$D$1000,الحفظ!$K$5:$K$1000,\"=\"&A27,الحفظ!$D$5:$D$1000,\">0\")),\"\")","v":34},{"$f":"IF(A27<>\"\",SUMIFS(الحفظ!$D$5:$D$1000,الحفظ!$K$5:$K$1000,\"=\"&A27),\"\")","v":3},102]
[26,"ركبة 111 S","CAT-026","PIECE",{"$f":"IF(A28<>\"\",SUMIFS(الحفظ!$B$5:$B$1000,الحفظ!$K$5:$K$1000,\"=\"&A28,الحفظ!$D$5:$D$1000,\">0\")/IF(SUMIFS(الحفظ!$D$5:$D$1000,الحفظ!$K$5:$K$1000,\"=\"&A28,الحفظ!$D$5:$D$1000,\">0\")=0,1,SUMIFS(الحفظ!$D$5:$D$1000,الحفظ!$K$5:$K$1000,\"=\"&A28,الحفظ!$D$5:$D$1000,\">0\")),\"\")","v":0},{"$f":"IF(A28<>\"\",SUMIFS(الحفظ!$D$5:$D$1000,الحفظ!$K$5:$K$1000,\"=\"&A28),\"\")","v":0},0]
[27,"ركبة 111 M","CAT-027","PIECE",{"$f":"IF(A29<>\"\",SUMIFS(الحفظ!$B$5:$B$1000,الحفظ!$K$5:$K$1000,\"=\"&A29,الحفظ!$D$5:$D$1000,\">0\")/IF(SUMIFS(الحفظ!$D$5:$D$1000,الحفظ!$K$5:$K$1000,\"=\"&A29,الحفظ!$D$5:$D$1000,\">0\")=0,1,SUMIFS(الحفظ!$D$5:$D$1000,الحفظ!$K$5:$K$1000,\"=\"&A29,الحفظ!$D$5:$D$1000,\">0\")),\"\")","v":36},{"$f":"IF(A29<>\"\",SUMIFS(الحفظ!$D$5:$D$1000,الحفظ!$K$5:$K$1000,\"=\"&A29),\"\")","v":4},144]
[28,"ركبة 111 L","CAT-028","PIECE",{"$f":"IF(A30<>\"\",SUMIFS(الحفظ!$B$5:$B$1000,الحفظ!$K$5:$K$1000,\"=\"&A30,الحفظ!$D$5:$D$1000,\">0\")/IF(SUMIFS(الحفظ!$D$5:$D$1000,الحفظ!$K$5:$K$1000,\"=\"&A30,الحفظ!$D$5:$D$1000,\">0\")=0,1,SUMIFS(الحفظ!$D$5:$D$1000,الحفظ!$K$5:$K$1000,\"=\"&A30,الحفظ!$D$5:$D$1000,\">0\")),\"\")","v":37},{"$f":"IF(A30<>\"\",SUMIFS(الحفظ!$D$5:$D$1000,الحفظ!$K$5:$K$1000,\"=\"&A30),\"\")","v":4},{"$f":"IF(A30<>\"\",F30*E30,\"\")","v":148}]
[29,"ركبة 111 XL","CAT-029","PIECE",{"$f":"IF(A31<>\"\",SUMIFS(الحفظ!$B$5:$B$1000,الحفظ!$K$5:$K$1000,\"=\"&A31,الحفظ!$D$5:$D$1000,\">0\")/IF(SUMIFS(الحفظ!$D$5:$D$1000,الحفظ!$K$5:$K$1000,\"=\"&A31,الحفظ!$D$5:$D$1000,\">0\")=0,1,SUMIFS(الحفظ!$D$5:$D$1000,الحفظ!$K$5:$K$1000,\"=\"&A31,الحفظ!$D$5:$D$1000,\">0\")),\"\")","v":38},{"$f":"IF(A31<>\"\",SUMIFS(الحفظ!$D$5:$D$1000,الحفظ!$K$5:$K$1000,\"=\"&A31),\"\")","v":4},{"$f":"IF(A31<>\"\",F31*E31,\"\")","v":152}]
[30,"ركبة 111 XXL","CAT-030","PIECE",{"$f":"IF(A32<>\"\",SUMIFS(الحفظ!$B$5:$B$1000,الحفظ!$K$5:$K$1000,\"=\"&A32,الحفظ!$D$5:$D$1000,\">0\")/IF(SUMIFS(الحفظ!$D$5:$D$1000,الحفظ!$K$5:$K$1000,\"=\"&A32,الحفظ!$D$5:$D$1000,\">0\")=0,1,SUMIFS(الحفظ!$D$5:$D$1000,الحفظ!$K$5:$K$1000,\"=\"&A32,الحفظ!$D$5:$D$1000,\">0\")),\"\")","v":39},{"$f":"IF(A32<>\"\",SUMIFS(الحفظ!$D$5:$D$1000,الحفظ!$K$5:$K$1000,\"=\"&A32),\"\")","v":4},156]
[null,null,null,null,{"$f":"IF(A33<>\"\",SUMIFS(الحفظ!$B$5:$B$1000,الحفظ!$K$5:$K$1000,\"=\"&A33,الحفظ!$D$5:$D$1000,\">0\")/IF(SUMIFS(الحفظ!$D$5:$D$1000,الحفظ!$K$5:$K$1000,\"=\"&A33,الحفظ!$D$5:$D$1000,\">0\")=0,1,SUMIFS(الحفظ!$D$5:$D$1000,الحفظ!$K$5:$K$1000,\"=\"&A33,الحفظ!$D$5:$D$1000,\">0\")),\"\")","v":""},{"$f":"IF(A33<>\"\",SUMIFS(الحفظ!$D$5:$D$1000,الحفظ!$K$5:$K$1000,\"=\"&A33),\"\")","v":""},""]
[null,null,null,null,{"$f":"IF(A34<>\"\",SUMIFS(الحفظ!$B$5:$B$1000,الحفظ!$K$5:$K$1000,\"=\"&A34,الحفظ!$D$5:$D$1000,\">0\")/IF(SUMIFS(الحفظ!$D$5:$D$1000,الحفظ!$K$5:$K$1000,\"=\"&A34,الحفظ!$D$5:$D$1000,\">0\")=0,1,SUMIFS(الحفظ!$D$5:$D$1000,الحفظ!$K$5:$K$1000,\"=\"&A34,الحفظ!$D$5:$D$1000,\">0\")),\"\")","v":""},{"$f":"IF(A34<>\"\",SUMIFS(الحفظ!$D$5:$D$1000,الحفظ!$K$5:$K$1000,\"=\"&A34),\"\")","v":""},""]
[null,null,null,null,{"$f":"IF(A35<>\"\",SUMIFS(الحفظ!$B$5:$B$1000,الحفظ!$K$5:$K$1000,\"=\"&A35,الحفظ!$D$5:$D$1000,\">0\")/IF(SUMIFS(الحفظ!$D$5:$D$1000,الحفظ!$K$5:$K$1000,\"=\"&A35,الحفظ!$D$5:$D$1000,\">0\")=0,1,SUMIFS(الحفظ!$D$5:$D$1000,الحفظ!$K$5:$K$1000,\"=\"&A35,الحفظ!$D$5:$D$1000,\">0\")),\"\")","v":""},{"$f":"IF(A35<>\"\",SUMIFS(الحفظ!$D$5:$D$1000,الحفظ!$K$5:$K$1000,\"=\"&A35),\"\")","v":""},""]
[null,null,null,null,{"$f":"IF(A36<>\"\",SUMIFS(الحفظ!$B$5:$B$1000,الحفظ!$K$5:$K$1000,\"=\"&A36,الحفظ!$D$5:$D$1000,\">0\")/IF(SUMIFS(الحفظ!$D$5:$D$1000,الحفظ!$K$5:$K$1000,\"=\"&A36,الحفظ!$D$5:$D$1000,\">0\")=0,1,SUMIFS(الحفظ!$D$5:$D$1000,الحفظ!$K$5:$K$1000,\"=\"&A36,الحفظ!$D$5:$D$1000,\">0\")),\"\")","v":""},{"$f":"IF(A36<>\"\",SUMIFS(الحفظ!$D$5:$D$1000,الحفظ!$K$5:$K$1000,\"=\"&A36),\"\")","v":""},""]
[null,null,null,null,{"$f":"IF(A37<>\"\",SUMIFS(الحفظ!$B$5:$B$1000,الحفظ!$K$5:$K$1000,\"=\"&A37,الحفظ!$D$5:$D$1000,\">0\")/IF(SUMIFS(الحفظ!$D$5:$D$1000,الحفظ!$K$5:$K$1000,\"=\"&A37,الحفظ!$D$5:$D$1000,\">0\")=0,1,SUMIFS(الحفظ!$D$5:$D$1000,الحفظ!$K$5:$K$1000,\"=\"&A37,الحفظ!$D$5:$D$1000,\">0\")),\"\")","v":""},{"$f":"IF(A37<>\"\",SUMIFS(الحفظ!$D$5:$D$1000,الحفظ!$K$5:$K$1000,\"=\"&A37),\"\")","v":""},""]
[null,null,null,null,{"$f":"IF(A38<>\"\",SUMIFS(الحفظ!$B$5:$B$1000,الحفظ!$K$5:$K$1000,\"=\"&A38,الحفظ!$D$5:$D$1000,\">0\")/IF(SUMIFS(الحفظ!$D$5:$D$1000,الحفظ!$K$5:$K$1000,\"=\"&A38,الحفظ!$D$5:$D$1000,\">0\")=0,1,SUMIFS(الحفظ!$D$5:$D$1000,الحفظ!$K$5:$K$1000,\"=\"&A38,الحفظ!$D$5:$D$1000,\">0\")),\"\")","v":""},{"$f":"IF(A38<>\"\",SUMIFS(الحفظ!$D$5:$D$1000,الحفظ!$K$5:$K$1000,\"=\"&A38),\"\")","v":""},""]
[null,null,null,null,{"$f":"IF(A39<>\"\",SUMIFS(الحفظ!$B$5:$B$1000,الحفظ!$K$5:$K$1000,\"=\"&A39,الحفظ!$D$5:$D$1000,\">0\")/IF(SUMIFS(الحفظ!$D$5:$D$1000,الحفظ!$K$5:$K$1000,\"=\"&A39,الحفظ!$D$5:$D$1000,\">0\")=0,1,SUMIFS(الحفظ!$D$5:$D$1000,الحفظ!$K$5:$K$1000,\"=\"&A39,الحفظ!$D$5:$D$1000,\">0\")),\"\")","v":""},{"$f":"IF(A39<>\"\",SUMIFS(الحفظ!$D$5:$D$1000,الحفظ!$K$5:$K$1000,\"=\"&A39),\"\")","v":""},""]
[null,null,null,null,{"$f":"IF(A40<>\"\",SUMIFS(الحفظ!$B$5:$B$1000,الحفظ!$K$5:$K$1000,\"=\"&A40,الحفظ!$D$5:$D$1000,\">0\")/IF(SUMIFS(الحفظ!$D$5:$D$1000,الحفظ!$K$5:$K$1000,\"=\"&A40,الحفظ!$D$5:$D$1000,\">0\")=0,1,SUMIFS(الحفظ!$D$5:$D$1000,الحفظ!$K$5:$K$1000,\"=\"&A40,الحفظ!$D$5:$D$1000,\">0\")),\"\")","v":""},{"$f":"IF(A40<>\"\",SUMIFS(الحفظ!$D$5:$D$1000,الحفظ!$K$5:$K$1000,\"=\"&A40),\"\")","v":""},""]
[null,null,null,null,{"$f":"IF(A41<>\"\",SUMIFS(الحفظ!$B$5:$B$1000,الحفظ!$K$5:$K$1000,\"=\"&A41,الحفظ!$D$5:$D$1000,\">0\")/IF(SUMIFS(الحفظ!$D$5:$D$1000,الحفظ!$K$5:$K$1000,\"=\"&A41,الحفظ!$D$5:$D$1000,\">0\")=0,1,SUMIFS(الحفظ!$D$5:$D$1000,الحفظ!$K$5:$K$1000,\"=\"&A41,الحفظ!$D$5:$D$1000,\">0\")),\"\")","v":""},{"$f":"IF(A41<>\"\",SUMIFS(الحفظ!$D$5:$D$1000,الحفظ!$K$5:$K$1000,\"=\"&A41),\"\")","v":""},""]
[null,null,null,null,{"$f":"IF(A42<>\"\",SUMIFS(الحفظ!$B$5:$B$1000,الحفظ!$K$5:$K$1000,\"=\"&A42,الحفظ!$D$5:$D$1000,\">0\")/IF(SUMIFS(الحفظ!$D$5:$D$1000,الحفظ!$K$5:$K$1000,\"=\"&A42,الحفظ!$D$5:$D$1000,\">0\")=0,1,SUMIFS(الحفظ!$D$5:$D$1000,الحفظ!$K$5:$K$1000,\"=\"&A42,الحفظ!$D$5:$D$1000,\">0\")),\"\")","v":""},{"$f":"IF(A42<>\"\",SUMIFS(الحفظ!$D$5:$D$1000,الحفظ!$K$5:$K$1000,\"=\"&A42),\"\")","v":""},""]
[null,null,null,null,{"$f":"IF(A43<>\"\",SUMIFS(الحفظ!$B$5:$B$1000,الحفظ!$K$5:$K$1000,\"=\"&A43,الحفظ!$D$5:$D$1000,\">0\")/IF(SUMIFS(الحفظ!$D$5:$D$1000,الحفظ!$K$5:$K$1000,\"=\"&A43,الحفظ!$D$5:$D$1000,\">0\")=0,1,SUMIFS(الحفظ!$D$5:$D$1000,الحفظ!$K$5:$K$1000,\"=\"&A43,الحفظ!$D$5:$D$1000,\">0\")),\"\")","v":""},{"$f":"IF(A43<>\"\",SUMIFS(الحفظ!$D$5:$D$1000,الحفظ!$K$5:$K$1000,\"=\"&A43),\"\")","v":""},""]
[null,null,null,null,{"$f":"IF(A44<>\"\",SUMIFS(الحفظ!$B$5:$B$1000,الحفظ!$K$5:$K$1000,\"=\"&A44,الحفظ!$D$5:$D$1000,\">0\")/IF(SUMIFS(الحفظ!$D$5:$D$1000,الحفظ!$K$5:$K$1000,\"=\"&A44,الحفظ!$D$5:$D$1000,\">0\")=0,1,SUMIFS(الحفظ!$D$5:$D$1000,الحفظ!$K$5:$K$1000,\"=\"&A44,الحفظ!$D$5:$D$1000,\">0\")),\"\")","v":""},{"$f":"IF(A44<>\"\",SUMIFS(الحفظ!$D$5:$D$1000,الحفظ!$K$5:$K$1000,\"=\"&A44),\"\")","v":""},""]
[null,null,null,null,{"$f":"IF(A45<>\"\",SUMIFS(الحفظ!$B$5:$B$1000,الحفظ!$K$5:$K$1000,\"=\"&A45,الحفظ!$D$5:$D$1000,\">0\")/IF(SUMIFS(الحفظ!$D$5:$D$1000,الحفظ!$K$5:$K$1000,\"=\"&A45,الحفظ!$D$5:$D$1000,\">0\")=0,1,SUMIFS(الحفظ!$D$5:$D$1000,الحفظ!$K$5:$K$1000,\"=\"&A45,الحفظ!$D$5:$D$1000,\">0\")),\"\")","v":""},{"$f":"IF(A45<>\"\",SUMIFS(الحفظ!$D$5:$D$1000,الحفظ!$K$5:$K$1000,\"=\"&A45),\"\")","v":""},""]
[null,null,null,null,{"$f":"IF(A46<>\"\",SUMIFS(الحفظ!$B$5:$B$1000,الحفظ!$K$5:$K$1000,\"=\"&A46,الحفظ!$D$5:$D$1000,\">0\")/IF(SUMIFS(الحفظ!$D$5:$D$1000,الحفظ!$K$5:$K$1000,\"=\"&A46,الحفظ!$D$5:$D$1000,\">0\")=0,1,SUMIFS(الحفظ!$D$5:$D$1000,الحفظ!$K$5:$K$1000,\"=\"&A46,الحفظ!$D$5:$D$1000,\">0\")),\"\")","v":""},{"$f":"IF(A46<>\"\",SUMIFS(الحفظ!$D$5:$D$1000,الحفظ!$K$5:$K$1000,\"=\"&A46),\"\")","v":""},""]
[null,null,null,null,{"$f":"IF(A47<>\"\",SUMIFS(الحفظ!$B$5:$B$1000,الحفظ!$K$5:$K$1000,\"=\"&A47,الحفظ!$D$5:$D$1000,\">0\")/IF(SUMIFS(الحفظ!$D$5:$D$1000,الحفظ!$K$5:$K$1000,\"=\"&A47,الحفظ!$D$5:$D$1000,\">0\")=0,1,SUMIFS(الحفظ!$D$5:$D$1000,الحفظ!$K$5:$K$1000,\"=\"&A47,الحفظ!$D$5:$D$1000,\">0\")),\"\")","v":""},{"$f":"IF(A47<>\"\",SUMIFS(الحفظ!$D$5:$D$1000,الحفظ!$K$5:$K$1000,\"=\"&A47),\"\")","v":""},""]
[null,null,null,null,{"$f":"IF(A48<>\"\",SUMIFS(الحفظ!$B$5:$B$1000,الحفظ!$K$5:$K$1000,\"=\"&A48,الحفظ!$D$5:$D$1000,\">0\")/IF(SUMIFS(الحفظ!$D$5:$D$1000,الحفظ!$K$5:$K$1000,\"=\"&A48,الحفظ!$D$5:$D$1000,\">0\")=0,1,SUMIFS(الحفظ!$D$5:$D$1000,الحفظ!$K$5:$K$1000,\"=\"&A48,الحفظ!$D$5:$D$1000,\">0\")),\"\")","v":""},{"$f":"IF(A48<>\"\",SUMIFS(الحفظ!$D$5:$D$1000,الحفظ!$K$5:$K$1000,\"=\"&A48),\"\")","v":""},""]
[null,null,null,null,{"$f":"IF(A49<>\"\",SUMIFS(الحفظ!$B$5:$B$1000,الحفظ!$K$5:$K$1000,\"=\"&A49,الحفظ!$D$5:$D$1000,\">0\")/IF(SUMIFS(الحفظ!$D$5:$D$1000,الحفظ!$K$5:$K$1000,\"=\"&A49,الحفظ!$D$5:$D$1000,\">0\")=0,1,SUMIFS(الحفظ!$D$5:$D$1000,الحفظ!$K$5:$K$1000,\"=\"&A49,الحفظ!$D$5:$D$1000,\">0\")),\"\")","v":""},{"$f":"IF(A49<>\"\",SUMIFS(الحفظ!$D$5:$D$1000,الحفظ!$K$5:$K$1000,\"=\"&A49),\"\")","v":""},""]
[null,null,null,null,{"$f":"IF(A50<>\"\",SUMIFS(الحفظ!$B$5:$B$1000,الحفظ!$K$5:$K$1000,\"=\"&A50,الحفظ!$D$5:$D$1000,\">0\")/IF(SUMIFS(الحفظ!$D$5:$D$1000,الحفظ!$K$5:$K$1000,\"=\"&A50,الحفظ!$D$5:$D$1000,\">0\")=0,1,SUMIFS(الحفظ!$D$5:$D$1000,الحفظ!$K$5:$K$1000,\"=\"&A50,الحفظ!$D$5:$D$1000,\">0\")),\"\")","v":""},{"$f":"IF(A50<>\"\",SUMIFS(الحفظ!$D$5:$D$1000,الحفظ!$K$5:$K$1000,\"=\"&A50),\"\")","v":""},""]
[null,null,null,null,{"$f":"IF(A51<>\"\",SUMIFS(الحفظ!$B$5:$B$1000,الحفظ!$K$5:$K$1000,\"=\"&A51,الحفظ!$D$5:$D$1000,\">0\")/IF(SUMIFS(الحفظ!$D$5:$D$1000,الحفظ!$K$5:$K$1000,\"=\"&A51,الحفظ!$D$5:$D$1000,\">0\")=0,1,SUMIFS(الحفظ!$D$5:$D$1000,الحفظ!$K$5:$K$1000,\"=\"&A51,الحفظ!$D$5:$D$1000,\">0\")),\"\")","v":""},{"$f":"IF(A51<>\"\",SUMIFS(الحفظ!$D$5:$D$1000,الحفظ!$K$5:$K$1000,\"=\"&A51),\"\")","v":""},""]
[null,null,null,null,{"$f":"IF(A52<>\"\",SUMIFS(الحفظ!$B$5:$B$1000,الحفظ!$K$5:$K$1000,\"=\"&A52,الحفظ!$D$5:$D$1000,\">0\")/IF(SUMIFS(الحفظ!$D$5:$D$1000,الحفظ!$K$5:$K$1000,\"=\"&A52,الحفظ!$D$5:$D$1000,\">0\")=0,1,SUMIFS(الحفظ!$D$5:$D$1000,الحفظ!$K$5:$K$1000,\"=\"&A52,الحفظ!$D$5:$D$1000,\">0\")),\"\")","v":""},{"$f":"IF(A52<>\"\",SUMIFS(الحفظ!$D$5:$D$1000,الحفظ!$K$5:$K$1000,\"=\"&A52),\"\")","v":""},""]
[null,null,null,null,{"$f":"IF(A53<>\"\",SUMIFS(الحفظ!$B$5:$B$1000,الحفظ!$K$5:$K$1000,\"=\"&A53,الحفظ!$D$5:$D$1000,\">0\")/IF(SUMIFS(الحفظ!$D$5:$D$1000,الحفظ!$K$5:$K$1000,\"=\"&A53,الحفظ!$D$5:$D$1000,\">0\")=0,1,SUMIFS(الحفظ!$D$5:$D$1000,الحفظ!$K$5:$K$1000,\"=\"&A53,الحفظ!$D$5:$D$1000,\">0\")),\"\")","v":""},{"$f":"IF(A53<>\"\",SUMIFS(الحفظ!$D$5:$D$1000,الحفظ!$K$5:$K$1000,\"=\"&A53),\"\")","v":""},""]
[null,null,null,null,{"$f":"IF(A54<>\"\",SUMIFS(الحفظ!$B$5:$B$1000,الحفظ!$K$5:$K$1000,\"=\"&A54,الحفظ!$D$5:$D$1000,\">0\")/IF(SUMIFS(الحفظ!$D$5:$D$1000,الحفظ!$K$5:$K$1000,\"=\"&A54,الحفظ!$D$5:$D$1000,\">0\")=0,1,SUMIFS(الحفظ!$D$5:$D$1000,الحفظ!$K$5:$K$1000,\"=\"&A54,الحفظ!$D$5:$D$1000,\">0\")),\"\")","v":""},{"$f":"IF(A54<>\"\",SUMIFS(الحفظ!$D$5:$D$1000,الحفظ!$K$5:$K$1000,\"=\"&A54),\"\")","v":""},""]
[null,null,null,null,{"$f":"IF(A55<>\"\",SUMIFS(الحفظ!$B$5:$B$1000,الحفظ!$K$5:$K$1000,\"=\"&A55,الحفظ!$D$5:$D$1000,\">0\")/IF(SUMIFS(الحفظ!$D$5:$D$1000,الحفظ!$K$5:$K$1000,\"=\"&A55,الحفظ!$D$5:$D$1000,\">0\")=0,1,SUMIFS(الحفظ!$D$5:$D$1000,الحفظ!$K$5:$K$1000,\"=\"&A55,الحفظ!$D$5:$D$1000,\">0\")),\"\")","v":""},{"$f":"IF(A55<>\"\",SUMIFS(الحفظ!$D$5:$D$1000,الحفظ!$K$5:$K$1000,\"=\"&A55),\"\")","v":""},""]
[null,null,null,null,{"$f":"IF(A56<>\"\",SUMIFS(الحفظ!$B$5:$B$1000,الحفظ!$K$5:$K$1000,\"=\"&A56,الحفظ!$D$5:$D$1000,\">0\")/IF(SUMIFS(الحفظ!$D$5:$D$1000,الحفظ!$K$5:$K$1000,\"=\"&A56,الحفظ!$D$5:$D$1000,\">0\")=0,1,SUMIFS(الحفظ!$D$5:$D$1000,الحفظ!$K$5:$K$1000,\"=\"&A56,الحفظ!$D$5:$D$1000,\">0\")),\"\")","v":""},{"$f":"IF(A56<>\"\",SUMIFS(الحفظ!$D$5:$D$1000,الحفظ!$K$5:$K$1000,\"=\"&A56),\"\")","v":""},""]
[null,null,null,null,{"$f":"IF(A57<>\"\",SUMIFS(الحفظ!$B$5:$B$1000,الحفظ!$K$5:$K$1000,\"=\"&A57,الحفظ!$D$5:$D$1000,\">0\")/IF(SUMIFS(الحفظ!$D$5:$D$1000,الحفظ!$K$5:$K$1000,\"=\"&A57,الحفظ!$D$5:$D$1000,\">0\")=0,1,SUMIFS(الحفظ!$D$5:$D$1000,الحفظ!$K$5:$K$1000,\"=\"&A57,الحفظ!$D$5:$D$1000,\">0\")),\"\")","v":""},{"$f":"IF(A57<>\"\",SUMIFS(الحفظ!$D$5:$D$1000,الحفظ!$K$5:$K$1000,\"=\"&A57),\"\")","v":""},""]
[null,null,null,null,{"$f":"IF(A58<>\"\",SUMIFS(الحفظ!$B$5:$B$1000,الحفظ!$K$5:$K$1000,\"=\"&A58,الحفظ!$D$5:$D$1000,\">0\")/IF(SUMIFS(الحفظ!$D$5:$D$1000,الحفظ!$K$5:$K$1000,\"=\"&A58,الحفظ!$D$5:$D$1000,\">0\")=0,1,SUMIFS(الحفظ!$D$5:$D$1000,الحفظ!$K$5:$K$1000,\"=\"&A58,الحفظ!$D$5:$D$1000,\">0\")),\"\")","v":""},{"$f":"IF(A58<>\"\",SUMIFS(الحفظ!$D$5:$D$1000,الحفظ!$K$5:$K$1000,\"=\"&A58),\"\")","v":""},""]
[null,null,null,null,{"$f":"IF(A59<>\"\",SUMIFS(الحفظ!$B$5:$B$1000,الحفظ!$K$5:$K$1000,\"=\"&A59,الحفظ!$D$5:$D$1000,\">0\")/IF(SUMIFS(الحفظ!$D$5:$D$1000,الحفظ!$K$5:$K$1000,\"=\"&A59,الحفظ!$D$5:$D$1000,\">0\")=0,1,SUMIFS(الحفظ!$D$5:$D$1000,الحفظ!$K$5:$K$1000,\"=\"&A59,الحفظ!$D$5:$D$1000,\">0\")),\"\")","v":""},{"$f":"IF(A59<>\"\",SUMIFS(الحفظ!$D$5:$D$1000,الحفظ!$K$5:$K$1000,\"=\"&A59),\"\")","v":""},""]
[null,null,null,null,{"$f":"IF(A60<>\"\",SUMIFS(الحفظ!$B$5:$B$1000,الحفظ!$K$5:$K$1000,\"=\"&A60,الحفظ!$D$5:$D$1000,\">0\")/IF(SUMIFS(الحفظ!$D$5:$D$1000,الحفظ!$K$5:$K$1000,\"=\"&A60,الحفظ!$D$5:$D$1000,\">0\")=0,1,SUMIFS(الحفظ!$D$5:$D$1000,الحفظ!$K$5:$K$1000,\"=\"&A60,الحفظ!$D$5:$D$1000,\">0\")),\"\")","v":""},{"$f":"IF(A60<>\"\",SUMIFS(الحفظ!$D$5:$D$1000,الحفظ!$K$5:$K$1000,\"=\"&A60),\"\")","v":""},""]
[null,null,null,null,{"$f":"IF(A61<>\"\",SUMIFS(الحفظ!$B$5:$B$1000,الحفظ!$K$5:$K$1000,\"=\"&A61,الحفظ!$D$5:$D$1000,\">0\")/IF(SUMIFS(الحفظ!$D$5:$D$1000,الحفظ!$K$5:$K$1000,\"=\"&A61,الحفظ!$D$5:$D$1000,\">0\")=0,1,SUMIFS(الحفظ!$D$5:$D$1000,الحفظ!$K$5:$K$1000,\"=\"&A61,الحفظ!$D$5:$D$1000,\">0\")),\"\")","v":""},{"$f":"IF(A61<>\"\",SUMIFS(الحفظ!$D$5:$D$1000,الحفظ!$K$5:$K$1000,\"=\"&A61),\"\")","v":""},""]
[null,null,null,null,{"$f":"IF(A62<>\"\",SUMIFS(الحفظ!$B$5:$B$1000,الحفظ!$K$5:$K$1000,\"=\"&A62,الحفظ!$D$5:$D$1000,\">0\")/IF(SUMIFS(الحفظ!$D$5:$D$1000,الحفظ!$K$5:$K$1000,\"=\"&A62,الحفظ!$D$5:$D$1000,\">0\")=0,1,SUMIFS(الحفظ!$D$5:$D$1000,الحفظ!$K$5:$K$1000,\"=\"&A62,الحفظ!$D$5:$D$1000,\">0\")),\"\")","v":""},{"$f":"IF(A62<>\"\",SUMIFS(الحفظ!$D$5:$D$1000,الحفظ!$K$5:$K$1000,\"=\"&A62),\"\")","v":""},""]
[null,null,null,null,{"$f":"IF(A63<>\"\",SUMIFS(الحفظ!$B$5:$B$1000,الحفظ!$K$5:$K$1000,\"=\"&A63,الحفظ!$D$5:$D$1000,\">0\")/IF(SUMIFS(الحفظ!$D$5:$D$1000,الحفظ!$K$5:$K$1000,\"=\"&A63,الحفظ!$D$5:$D$1000,\">0\")=0,1,SUMIFS(الحفظ!$D$5:$D$1000,الحفظ!$K$5:$K$1000,\"=\"&A63,الحفظ!$D$5:$D$1000,\">0\")),\"\")","v":""},{"$f":"IF(A63<>\"\",SUMIFS(الحفظ!$D$5:$D$1000,الحفظ!$K$5:$K$1000,\"=\"&A63),\"\")","v":""},""]
[null,null,null,null,{"$f":"IF(A64<>\"\",SUMIFS(الحفظ!$B$5:$B$1000,الحفظ!$K$5:$K$1000,\"=\"&A64,الحفظ!$D$5:$D$1000,\">0\")/IF(SUMIFS(الحفظ!$D$5:$D$1000,الحفظ!$K$5:$K$1000,\"=\"&A64,الحفظ!$D$5:$D$1000,\">0\")=0,1,SUMIFS(الحفظ!$D$5:$D$1000,الحفظ!$K$5:$K$1000,\"=\"&A64,الحفظ!$D$5:$D$1000,\">0\")),\"\")","v":""},{"$f":"IF(A64<>\"\",SUMIFS(الحفظ!$D$5:$D$1000,الحفظ!$K$5:$K$1000,\"=\"&A64),\"\")","v":""},""]
[null,null,null,null,{"$f":"IF(A65<>\"\",SUMIFS(الحفظ!$B$5:$B$1000,الحفظ!$K$5:$K$1000,\"=\"&A65,الحفظ!$D$5:$D$1000,\">0\")/IF(SUMIFS(الحفظ!$D$5:$D$1000,الحفظ!$K$5:$K$1000,\"=\"&A65,الحفظ!$D$5:$D$1000,\">0\")=0,1,SUMIFS(الحفظ!$D$5:$D$1000,الحفظ!$K$5:$K$1000,\"=\"&A65,الحفظ!$D$5:$D$1000,\">0\")),\"\")","v":""},{"$f":"IF(A65<>\"\",SUMIFS(الحفظ!$D$5:$D$1000,الحفظ!$K$5:$K$1000,\"=\"&A65),\"\")","v":""},""]
[null,null,null,null,{"$f":"IF(A66<>\"\",SUMIFS(الحفظ!$B$5:$B$1000,الحفظ!$K$5:$K$1000,\"=\"&A66,الحفظ!$D$5:$D$1000,\">0\")/IF(SUMIFS(الحفظ!$D$5:$D$1000,الحفظ!$K$5:$K$1000,\"=\"&A66,الحفظ!$D$5:$D$1000,\">0\")=0,1,SUMIFS(الحفظ!$D$5:$D$1000,الحفظ!$K$5:$K$1000,\"=\"&A66,الحفظ!$D$5:$D$1000,\">0\")),\"\")","v":""},{"$f":"IF(A66<>\"\",SUMIFS(الحفظ!$D$5:$D$1000,الحفظ!$K$5:$K$1000,\"=\"&A66),\"\")","v":""},""]
[null,null,null,null,{"$f":"IF(A67<>\"\",SUMIFS(الحفظ!$B$5:$B$1000,الحفظ!$K$5:$K$1000,\"=\"&A67,الحفظ!$D$5:$D$1000,\">0\")/IF(SUMIFS(الحفظ!$D$5:$D$1000,الحفظ!$K$5:$K$1000,\"=\"&A67,الحفظ!$D$5:$D$1000,\">0\")=0,1,SUMIFS(الحفظ!$D$5:$D$1000,الحفظ!$K$5:$K$1000,\"=\"&A67,الحفظ!$D$5:$D$1000,\">0\")),\"\")","v":""},{"$f":"IF(A67<>\"\",SUMIFS(الحفظ!$D$5:$D$1000,الحفظ!$K$5:$K$1000,\"=\"&A67),\"\")","v":""},""]
[null,null,null,null,{"$f":"IF(A68<>\"\",SUMIFS(الحفظ!$B$5:$B$1000,الحفظ!$K$5:$K$1000,\"=\"&A68,الحفظ!$D$5:$D$1000,\">0\")/IF(SUMIFS(الحفظ!$D$5:$D$1000,الحفظ!$K$5:$K$1000,\"=\"&A68,الحفظ!$D$5:$D$1000,\">0\")=0,1,SUMIFS(الحفظ!$D$5:$D$1000,الحفظ!$K$5:$K$1000,\"=\"&A68,الحفظ!$D$5:$D$1000,\">0\")),\"\")","v":""},{"$f":"IF(A68<>\"\",SUMIFS(الحفظ!$D$5:$D$1000,الحفظ!$K$5:$K$1000,\"=\"&A68),\"\")","v":""},""]
[null,null,null,null,{"$f":"IF(A69<>\"\",SUMIFS(الحفظ!$B$5:$B$1000,الحفظ!$K$5:$K$1000,\"=\"&A69,الحفظ!$D$5:$D$1000,\">0\")/IF(SUMIFS(الحفظ!$D$5:$D$1000,الحفظ!$K$5:$K$1000,\"=\"&A69,الحفظ!$D$5:$D$1000,\">0\")=0,1,SUMIFS(الحفظ!$D$5:$D$1000,الحفظ!$K$5:$K$1000,\"=\"&A69,الحفظ!$D$5:$D$1000,\">0\")),\"\")","v":""},{"$f":"IF(A69<>\"\",SUMIFS(الحفظ!$D$5:$D$1000,الحفظ!$K$5:$K$1000,\"=\"&A69),\"\")","v":""},""]
[null,null,null,null,{"$f":"IF(A70<>\"\",SUMIFS(الحفظ!$B$5:$B$1000,الحفظ!$K$5:$K$1000,\"=\"&A70,الحفظ!$D$5:$D$1000,\">0\")/IF(SUMIFS(الحفظ!$D$5:$D$1000,الحفظ!$K$5:$K$1000,\"=\"&A70,الحفظ!$D$5:$D$1000,\">0\")=0,1,SUMIFS(الحفظ!$D$5:$D$1000,الحفظ!$K$5:$K$1000,\"=\"&A70,الحفظ!$D$5:$D$1000,\">0\")),\"\")","v":""},{"$f":"IF(A70<>\"\",SUMIFS(الحفظ!$D$5:$D$1000,الحفظ!$K$5:$K$1000,\"=\"&A70),\"\")","v":""},""]
[null,null,null,null,{"$f":"IF(A71<>\"\",SUMIFS(الحفظ!$B$5:$B$1000,الحفظ!$K$5:$K$1000,\"=\"&A71,الحفظ!$D$5:$D$1000,\">0\")/IF(SUMIFS(الحفظ!$D$5:$D$1000,الحفظ!$K$5:$K$1000,\"=\"&A71,الحفظ!$D$5:$D$1000,\">0\")=0,1,SUMIFS(الحفظ!$D$5:$D$1000,الحفظ!$K$5:$K$1000,\"=\"&A71,الحفظ!$D$5:$D$1000,\">0\")),\"\")","v":""},{"$f":"IF(A71<>\"\",SUMIFS(الحفظ!$D$5:$D$1000,الحفظ!$K$5:$K$1000,\"=\"&A71),\"\")","v":""},""]
[null,null,null,null,{"$f":"IF(A72<>\"\",SUMIFS(الحفظ!$B$5:$B$1000,الحفظ!$K$5:$K$1000,\"=\"&A72,الحفظ!$D$5:$D$1000,\">0\")/IF(SUMIFS(الحفظ!$D$5:$D$1000,الحفظ!$K$5:$K$1000,\"=\"&A72,الحفظ!$D$5:$D$1000,\">0\")=0,1,SUMIFS(الحفظ!$D$5:$D$1000,الحفظ!$K$5:$K$1000,\"=\"&A72,الحفظ!$D$5:$D$1000,\">0\")),\"\")","v":""},{"$f":"IF(A72<>\"\",SUMIFS(الحفظ!$D$5:$D$1000,الحفظ!$K$5:$K$1000,\"=\"&A72),\"\")","v":""},""]
[null,null,null,null,{"$f":"IF(A73<>\"\",SUMIFS(الحفظ!$B$5:$B$1000,الحفظ!$K$5:$K$1000,\"=\"&A73,الحفظ!$D$5:$D$1000,\">0\")/IF(SUMIFS(الحفظ!$D$5:$D$1000,الحفظ!$K$5:$K$1000,\"=\"&A73,الحفظ!$D$5:$D$1000,\">0\")=0,1,SUMIFS(الحفظ!$D$5:$D$1000,الحفظ!$K$5:$K$1000,\"=\"&A73,الحفظ!$D$5:$D$1000,\">0\")),\"\")","v":""},{"$f":"IF(A73<>\"\",SUMIFS(الحفظ!$D$5:$D$1000,الحفظ!$K$5:$K$1000,\"=\"&A73),\"\")","v":""},""]
[null,null,null,null,{"$f":"IF(A74<>\"\",SUMIFS(الحفظ!$B$5:$B$1000,الحفظ!$K$5:$K$1000,\"=\"&A74,الحفظ!$D$5:$D$1000,\">0\")/IF(SUMIFS(الحفظ!$D$5:$D$1000,الحفظ!$K$5:$K$1000,\"=\"&A74,الحفظ!$D$5:$D$1000,\">0\")=0,1,SUMIFS(الحفظ!$D$5:$D$1000,الحفظ!$K$5:$K$1000,\"=\"&A74,الحفظ!$D$5:$D$1000,\">0\")),\"\")","v":""},{"$f":"IF(A74<>\"\",SUMIFS(الحفظ!$D$5:$D$1000,الحفظ!$K$5:$K$1000,\"=\"&A74),\"\")","v":""},""]
[null,null,null,null,{"$f":"IF(A75<>\"\",SUMIFS(الحفظ!$B$5:$B$1000,الحفظ!$K$5:$K$1000,\"=\"&A75,الحفظ!$D$5:$D$1000,\">0\")/IF(SUMIFS(الحفظ!$D$5:$D$1000,الحفظ!$K$5:$K$1000,\"=\"&A75,الحفظ!$D$5:$D$1000,\">0\")=0,1,SUMIFS(الحفظ!$D$5:$D$1000,الحفظ!$K$5:$K$1000,\"=\"&A75,الحفظ!$D$5:$D$1000,\">0\")),\"\")","v":""},{"$f":"IF(A75<>\"\",SUMIFS(الحفظ!$D$5:$D$1000,الحفظ!$K$5:$K$1000,\"=\"&A75),\"\")","v":""},""]
[null,null,null,null,{"$f":"IF(A76<>\"\",SUMIFS(الحفظ!$B$5:$B$1000,الحفظ!$K$5:$K$1000,\"=\"&A76,الحفظ!$D$5:$D$1000,\">0\")/IF(SUMIFS(الحفظ!$D$5:$D$1000,الحفظ!$K$5:$K$1000,\"=\"&A76,الحفظ!$D$5:$D$1000,\">0\")=0,1,SUMIFS(الحفظ!$D$5:$D$1000,الحفظ!$K$5:$K$1000,\"=\"&A76,الحفظ!$D$5:$D$1000,\">0\")),\"\")","v":""},{"$f":"IF(A76<>\"\",SUMIFS(الحفظ!$D$5:$D$1000,الحفظ!$K$5:$K$1000,\"=\"&A76),\"\")","v":""},""]
[null,null,null,null,{"$f":"IF(A77<>\"\",SUMIFS(الحفظ!$B$5:$B$1000,الحفظ!$K$5:$K$1000,\"=\"&A77,الحفظ!$D$5:$D$1000,\">0\")/IF(SUMIFS(الحفظ!$D$5:$D$1000,الحفظ!$K$5:$K$1000,\"=\"&A77,الحفظ!$D$5:$D$1000,\">0\")=0,1,SUMIFS(الحفظ!$D$5:$D$1000,الحفظ!$K$5:$K$1000,\"=\"&A77,الحفظ!$D$5:$D$1000,\">0\")),\"\")","v":""},{"$f":"IF(A77<>\"\",SUMIFS(الحفظ!$D$5:$D$1000,الحفظ!$K$5:$K$1000,\"=\"&A77),\"\")","v":""},""]
[null,null,null,null,{"$f":"IF(A78<>\"\",SUMIFS(الحفظ!$B$5:$B$1000,الحفظ!$K$5:$K$1000,\"=\"&A78,الحفظ!$D$5:$D$1000,\">0\")/IF(SUMIFS(الحفظ!$D$5:$D$1000,الحفظ!$K$5:$K$1000,\"=\"&A78,الحفظ!$D$5:$D$1000,\">0\")=0,1,SUMIFS(الحفظ!$D$5:$D$1000,الحفظ!$K$5:$K$1000,\"=\"&A78,الحفظ!$D$5:$D$1000,\">0\")),\"\")","v":""},{"$f":"IF(A78<>\"\",SUMIFS(الحفظ!$D$5:$D$1000,الحفظ!$K$5:$K$1000,\"=\"&A78),\"\")","v":""},""]
[null,null,null,null,{"$f":"IF(A79<>\"\",SUMIFS(الحفظ!$B$5:$B$1000,الحفظ!$K$5:$K$1000,\"=\"&A79,الحفظ!$D$5:$D$1000,\">0\")/IF(SUMIFS(الحفظ!$D$5:$D$1000,الحفظ!$K$5:$K$1000,\"=\"&A79,الحفظ!$D$5:$D$1000,\">0\")=0,1,SUMIFS(الحفظ!$D$5:$D$1000,الحفظ!$K$5:$K$1000,\"=\"&A79,الحفظ!$D$5:$D$1000,\">0\")),\"\")","v":""},{"$f":"IF(A79<>\"\",SUMIFS(الحفظ!$D$5:$D$1000,الحفظ!$K$5:$K$1000,\"=\"&A79),\"\")","v":""},""]
[null,null,null,null,{"$f":"IF(A80<>\"\",SUMIFS(الحفظ!$B$5:$B$1000,الحفظ!$K$5:$K$1000,\"=\"&A80,الحفظ!$D$5:$D$1000,\">0\")/IF(SUMIFS(الحفظ!$D$5:$D$1000,الحفظ!$K$5:$K$1000,\"=\"&A80,الحفظ!$D$5:$D$1000,\">0\")=0,1,SUMIFS(الحفظ!$D$5:$D$1000,الحفظ!$K$5:$K$1000,\"=\"&A80,الحفظ!$D$5:$D$1000,\">0\")),\"\")","v":""},{"$f":"IF(A80<>\"\",SUMIFS(الحفظ!$D$5:$D$1000,الحفظ!$K$5:$K$1000,\"=\"&A80),\"\")","v":""},""]
[null,null,null,null,{"$f":"IF(A81<>\"\",SUMIFS(الحفظ!$B$5:$B$1000,الحفظ!$K$5:$K$1000,\"=\"&A81,الحفظ!$D$5:$D$1000,\">0\")/IF(SUMIFS(الحفظ!$D$5:$D$1000,الحفظ!$K$5:$K$1000,\"=\"&A81,الحفظ!$D$5:$D$1000,\">0\")=0,1,SUMIFS(الحفظ!$D$5:$D$1000,الحفظ!$K$5:$K$1000,\"=\"&A81,الحفظ!$D$5:$D$1000,\">0\")),\"\")","v":""},{"$f":"IF(A81<>\"\",SUMIFS(الحفظ!$D$5:$D$1000,الحفظ!$K$5:$K$1000,\"=\"&A81),\"\")","v":""},""]
[null,null,null,null,{"$f":"IF(A82<>\"\",SUMIFS(الحفظ!$B$5:$B$1000,الحفظ!$K$5:$K$1000,\"=\"&A82,الحفظ!$D$5:$D$1000,\">0\")/IF(SUMIFS(الحفظ!$D$5:$D$1000,الحفظ!$K$5:$K$1000,\"=\"&A82,الحفظ!$D$5:$D$1000,\">0\")=0,1,SUMIFS(الحفظ!$D$5:$D$1000,الحفظ!$K$5:$K$1000,\"=\"&A82,الحفظ!$D$5:$D$1000,\">0\")),\"\")","v":""},{"$f":"IF(A82<>\"\",SUMIFS(الحفظ!$D$5:$D$1000,الحفظ!$K$5:$K$1000,\"=\"&A82),\"\")","v":""},""]
[null,null,null,null,{"$f":"IF(A83<>\"\",SUMIFS(الحفظ!$B$5:$B$1000,الحفظ!$K$5:$K$1000,\"=\"&A83,الحفظ!$D$5:$D$1000,\">0\")/IF(SUMIFS(الحفظ!$D$5:$D$1000,الحفظ!$K$5:$K$1000,\"=\"&A83,الحفظ!$D$5:$D$1000,\">0\")=0,1,SUMIFS(الحفظ!$D$5:$D$1000,الحفظ!$K$5:$K$1000,\"=\"&A83,الحفظ!$D$5:$D$1000,\">0\")),\"\")","v":""},{"$f":"IF(A83<>\"\",SUMIFS(الحفظ!$D$5:$D$1000,الحفظ!$K$5:$K$1000,\"=\"&A83),\"\")","v":""},""]
[null,null,null,null,{"$f":"IF(A84<>\"\",SUMIFS(الحفظ!$B$5:$B$1000,الحفظ!$K$5:$K$1000,\"=\"&A84,الحفظ!$D$5:$D$1000,\">0\")/IF(SUMIFS(الحفظ!$D$5:$D$1000,الحفظ!$K$5:$K$1000,\"=\"&A84,الحفظ!$D$5:$D$1000,\">0\")=0,1,SUMIFS(الحفظ!$D$5:$D$1000,الحفظ!$K$5:$K$1000,\"=\"&A84,الحفظ!$D$5:$D$1000,\">0\")),\"\")","v":""},{"$f":"IF(A84<>\"\",SUMIFS(الحفظ!$D$5:$D$1000,الحفظ!$K$5:$K$1000,\"=\"&A84),\"\")","v":""},""]
[null,null,null,null,{"$f":"IF(A85<>\"\",SUMIFS(الحفظ!$B$5:$B$1000,الحفظ!$K$5:$K$1000,\"=\"&A85,الحفظ!$D$5:$D$1000,\">0\")/IF(SUMIFS(الحفظ!$D$5:$D$1000,الحفظ!$K$5:$K$1000,\"=\"&A85,الحفظ!$D$5:$D$1000,\">0\")=0,1,SUMIFS(الحفظ!$D$5:$D$1000,الحفظ!$K$5:$K$1000,\"=\"&A85,الحفظ!$D$5:$D$1000,\">0\")),\"\")","v":""},{"$f":"IF(A85<>\"\",SUMIFS(الحفظ!$D$5:$D$1000,الحفظ!$K$5:$K$1000,\"=\"&A85),\"\")","v":""},""]
[null,null,null,null,{"$f":"IF(A86<>\"\",SUMIFS(الحفظ!$B$5:$B$1000,الحفظ!$K$5:$K$1000,\"=\"&A86,الحفظ!$D$5:$D$1000,\">0\")/IF(SUMIFS(الحفظ!$D$5:$D$1000,الحفظ!$K$5:$K$1000,\"=\"&A86,الحفظ!$D$5:$D$1000,\">0\")=0,1,SUMIFS(الحفظ!$D$5:$D$1000,الحفظ!$K$5:$K$1000,\"=\"&A86,الحفظ!$D$5:$D$1000,\">0\")),\"\")","v":""},{"$f":"IF(A86<>\"\",SUMIFS(الحفظ!$D$5:$D$1000,الحفظ!$K$5:$K$1000,\"=\"&A86),\"\")","v":""},""]
[null,null,null,null,{"$f":"IF(A87<>\"\",SUMIFS(الحفظ!$B$5:$B$1000,الحفظ!$K$5:$K$1000,\"=\"&A87,الحفظ!$D$5:$D$1000,\">0\")/IF(SUMIFS(الحفظ!$D$5:$D$1000,الحفظ!$K$5:$K$1000,\"=\"&A87,الحفظ!$D$5:$D$1000,\">0\")=0,1,SUMIFS(الحفظ!$D$5:$D$1000,الحفظ!$K$5:$K$1000,\"=\"&A87,الحفظ!$D$5:$D$1000,\">0\")),\"\")","v":""},{"$f":"IF(A87<>\"\",SUMIFS(الحفظ!$D$5:$D$1000,الحفظ!$K$5:$K$1000,\"=\"&A87),\"\")","v":""},""]
[null,null,null,null,{"$f":"IF(A88<>\"\",SUMIFS(الحفظ!$B$5:$B$1000,الحفظ!$K$5:$K$1000,\"=\"&A88,الحفظ!$D$5:$D$1000,\">0\")/IF(SUMIFS(الحفظ!$D$5:$D$1000,الحفظ!$K$5:$K$1000,\"=\"&A88,الحفظ!$D$5:$D$1000,\">0\")=0,1,SUMIFS(الحفظ!$D$5:$D$1000,الحفظ!$K$5:$K$1000,\"=\"&A88,الحفظ!$D$5:$D$1000,\">0\")),\"\")","v":""},{"$f":"IF(A88<>\"\",SUMIFS(الحفظ!$D$5:$D$1000,الحفظ!$K$5:$K$1000,\"=\"&A88),\"\")","v":""},""]
[null,null,null,null,{"$f":"IF(A89<>\"\",SUMIFS(الحفظ!$B$5:$B$1000,الحفظ!$K$5:$K$1000,\"=\"&A89,الحفظ!$D$5:$D$1000,\">0\")/IF(SUMIFS(الحفظ!$D$5:$D$1000,الحفظ!$K$5:$K$1000,\"=\"&A89,الحفظ!$D$5:$D$1000,\">0\")=0,1,SUMIFS(الحفظ!$D$5:$D$1000,الحفظ!$K$5:$K$1000,\"=\"&A89,الحفظ!$D$5:$D$1000,\">0\")),\"\")","v":""},{"$f":"IF(A89<>\"\",SUMIFS(الحفظ!$D$5:$D$1000,الحفظ!$K$5:$K$1000,\"=\"&A89),\"\")","v":""},""]
[null,null,null,null,{"$f":"IF(A90<>\"\",SUMIFS(الحفظ!$B$5:$B$1000,الحفظ!$K$5:$K$1000,\"=\"&A90,الحفظ!$D$5:$D$1000,\">0\")/IF(SUMIFS(الحفظ!$D$5:$D$1000,الحفظ!$K$5:$K$1000,\"=\"&A90,الحفظ!$D$5:$D$1000,\">0\")=0,1,SUMIFS(الحفظ!$D$5:$D$1000,الحفظ!$K$5:$K$1000,\"=\"&A90,الحفظ!$D$5:$D$1000,\">0\")),\"\")","v":""},{"$f":"IF(A90<>\"\",SUMIFS(الحفظ!$D$5:$D$1000,الحفظ!$K$5:$K$1000,\"=\"&A90),\"\")","v":""},""]
[null,null,null,null,{"$f":"IF(A91<>\"\",SUMIFS(الحفظ!$B$5:$B$1000,الحفظ!$K$5:$K$1000,\"=\"&A91,الحفظ!$D$5:$D$1000,\">0\")/IF(SUMIFS(الحفظ!$D$5:$D$1000,الحفظ!$K$5:$K$1000,\"=\"&A91,الحفظ!$D$5:$D$1000,\">0\")=0,1,SUMIFS(الحفظ!$D$5:$D$1000,الحفظ!$K$5:$K$1000,\"=\"&A91,الحفظ!$D$5:$D$1000,\">0\")),\"\")","v":""},{"$f":"IF(A91<>\"\",SUMIFS(الحفظ!$D$5:$D$1000,الحفظ!$K$5:$K$1000,\"=\"&A91),\"\")","v":""},""]
[null,null,null,null,{"$f":"IF(A92<>\"\",SUMIFS(الحفظ!$B$5:$B$1000,الحفظ!$K$5:$K$1000,\"=\"&A92,الحفظ!$D$5:$D$1000,\">0\")/IF(SUMIFS(الحفظ!$D$5:$D$1000,الحفظ!$K$5:$K$1000,\"=\"&A92,الحفظ!$D$5:$D$1000,\">0\")=0,1,SUMIFS(الحفظ!$D$5:$D$1000,الحفظ!$K$5:$K$1000,\"=\"&A92,الحفظ!$D$5:$D$1000,\">0\")),\"\")","v":""},{"$f":"IF(A92<>\"\",SUMIFS(الحفظ!$D$5:$D$1000,الحفظ!$K$5:$K$1000,\"=\"&A92),\"\")","v":""},""]
[null,null,null,null,{"$f":"IF(A93<>\"\",SUMIFS(الحفظ!$B$5:$B$1000,الحفظ!$K$5:$K$1000,\"=\"&A93,الحفظ!$D$5:$D$1000,\">0\")/IF(SUMIFS(الحفظ!$D$5:$D$1000,الحفظ!$K$5:$K$1000,\"=\"&A93,الحفظ!$D$5:$D$1000,\">0\")=0,1,SUMIFS(الحفظ!$D$5:$D$1000,الحفظ!$K$5:$K$1000,\"=\"&A93,الحفظ!$D$5:$D$1000,\">0\")),\"\")","v":""},{"$f":"IF(A93<>\"\",SUMIFS(الحفظ!$D$5:$D$1000,الحفظ!$K$5:$K$1000,\"=\"&A93),\"\")","v":""},""]
[null,null,null,null,{"$f":"IF(A94<>\"\",SUMIFS(الحفظ!$B$5:$B$1000,الحفظ!$K$5:$K$1000,\"=\"&A94,الحفظ!$D$5:$D$1000,\">0\")/IF(SUMIFS(الحفظ!$D$5:$D$1000,الحفظ!$K$5:$K$1000,\"=\"&A94,الحفظ!$D$5:$D$1000,\">0\")=0,1,SUMIFS(الحفظ!$D$5:$D$1000,الحفظ!$K$5:$K$1000,\"=\"&A94,الحفظ!$D$5:$D$1000,\">0\")),\"\")","v":""},{"$f":"IF(A94<>\"\",SUMIFS(الحفظ!$D$5:$D$1000,الحفظ!$K$5:$K$1000,\"=\"&A94),\"\")","v":""},""]
[null,null,null,null,{"$f":"IF(A95<>\"\",SUMIFS(الحفظ!$B$5:$B$1000,الحفظ!$K$5:$K$1000,\"=\"&A95,الحفظ!$D$5:$D$1000,\">0\")/IF(SUMIFS(الحفظ!$D$5:$D$1000,الحفظ!$K$5:$K$1000,\"=\"&A95,الحفظ!$D$5:$D$1000,\">0\")=0,1,SUMIFS(الحفظ!$D$5:$D$1000,الحفظ!$K$5:$K$1000,\"=\"&A95,الحفظ!$D$5:$D$1000,\">0\")),\"\")","v":""},{"$f":"IF(A95<>\"\",SUMIFS(الحفظ!$D$5:$D$1000,الحفظ!$K$5:$K$1000,\"=\"&A95),\"\")","v":""},{"$f":"IF(A95<>\"\",F95*E95,\"\")","v":""}]
[null,null,null,null,{"$f":"IF(A96<>\"\",SUMIFS(الحفظ!$B$5:$B$1000,الحفظ!$K$5:$K$1000,\"=\"&A96,الحفظ!$D$5:$D$1000,\">0\")/IF(SUMIFS(الحفظ!$D$5:$D$1000,الحفظ!$K$5:$K$1000,\"=\"&A96,الحفظ!$D$5:$D$1000,\">0\")=0,1,SUMIFS(الحفظ!$D$5:$D$1000,الحفظ!$K$5:$K$1000,\"=\"&A96,الحفظ!$D$5:$D$1000,\">0\")),\"\")","v":""},{"$f":"IF(A96<>\"\",SUMIFS(الحفظ!$D$5:$D$1000,الحفظ!$K$5:$K$1000,\"=\"&A96),\"\")","v":""},""]
[null,null,null,null,{"$f":"IF(A97<>\"\",SUMIFS(الحفظ!$B$5:$B$1000,الحفظ!$K$5:$K$1000,\"=\"&A97,الحفظ!$D$5:$D$1000,\">0\")/IF(SUMIFS(الحفظ!$D$5:$D$1000,الحفظ!$K$5:$K$1000,\"=\"&A97,الحفظ!$D$5:$D$1000,\">0\")=0,1,SUMIFS(الحفظ!$D$5:$D$1000,الحفظ!$K$5:$K$1000,\"=\"&A97,الحفظ!$D$5:$D$1000,\">0\")),\"\")","v":""},{"$f":"IF(A97<>\"\",SUMIFS(الحفظ!$D$5:$D$1000,الحفظ!$K$5:$K$1000,\"=\"&A97),\"\")","v":""},""]
[null,null,null,null,{"$f":"IF(A98<>\"\",SUMIFS(الحفظ!$B$5:$B$1000,الحفظ!$K$5:$K$1000,\"=\"&A98,الحفظ!$D$5:$D$1000,\">0\")/IF(SUMIFS(الحفظ!$D$5:$D$1000,الحفظ!$K$5:$K$1000,\"=\"&A98,الحفظ!$D$5:$D$1000,\">0\")=0,1,SUMIFS(الحفظ!$D$5:$D$1000,الحفظ!$K$5:$K$1000,\"=\"&A98,الحفظ!$D$5:$D$1000,\">0\")),\"\")","v":""},{"$f":"IF(A98<>\"\",SUMIFS(الحفظ!$D$5:$D$1000,الحفظ!$K$5:$K$1000,\"=\"&A98),\"\")","v":""},""]
[null,null,null,null,{"$f":"IF(A99<>\"\",SUMIFS(الحفظ!$B$5:$B$1000,الحفظ!$K$5:$K$1000,\"=\"&A99,الحفظ!$D$5:$D$1000,\">0\")/IF(SUMIFS(الحفظ!$D$5:$D$1000,الحفظ!$K$5:$K$1000,\"=\"&A99,الحفظ!$D$5:$D$1000,\">0\")=0,1,SUMIFS(الحفظ!$D$5:$D$1000,الحفظ!$K$5:$K$1000,\"=\"&A99,الحفظ!$D$5:$D$1000,\">0\")),\"\")","v":""},{"$f":"IF(A99<>\"\",SUMIFS(الحفظ!$D$5:$D$1000,الحفظ!$K$5:$K$1000,\"=\"&A99),\"\")","v":""},""]
[null,null,null,null,{"$f":"IF(A100<>\"\",SUMIFS(الحفظ!$B$5:$B$1000,الحفظ!$K$5:$K$1000,\"=\"&A100,الحفظ!$D$5:$D$1000,\">0\")/IF(SUMIFS(الحفظ!$D$5:$D$1000,الحفظ!$K$5:$K$1000,\"=\"&A100,الحفظ!$D$5:$D$1000,\">0\")=0,1,SUMIFS(الحفظ!$D$5:$D$1000,الحفظ!$K$5:$K$1000,\"=\"&A100,الحفظ!$D$5:$D$1000,\">0\")),\"\")","v":""},{"$f":"IF(A100<>\"\",SUMIFS(الحفظ!$D$5:$D$1000,الحفظ!$K$5:$K$1000,\"=\"&A100),\"\")","v":""},""]
[null,null,null,null,{"$f":"IF(A101<>\"\",SUMIFS(الحفظ!$B$5:$B$1000,الحفظ!$K$5:$K$1000,\"=\"&A101,الحفظ!$D$5:$D$1000,\">0\")/IF(SUMIFS(الحفظ!$D$5:$D$1000,الحفظ!$K$5:$K$1000,\"=\"&A101,الحفظ!$D$5:$D$1000,\">0\")=0,1,SUMIFS(الحفظ!$D$5:$D$1000,الحفظ!$K$5:$K$1000,\"=\"&A101,الحفظ!$D$5:$D$1000,\">0\")),\"\")","v":""},{"$f":"IF(A101<>\"\",SUMIFS(الحفظ!$D$5:$D$1000,الحفظ!$K$5:$K$1000,\"=\"&A101),\"\")","v":""},""]
[null,null,null,null,{"$f":"IF(A102<>\"\",SUMIFS(الحفظ!$B$5:$B$1000,الحفظ!$K$5:$K$1000,\"=\"&A102,الحفظ!$D$5:$D$1000,\">0\")/IF(SUMIFS(الحفظ!$D$5:$D$1000,الحفظ!$K$5:$K$1000,\"=\"&A102,الحفظ!$D$5:$D$1000,\">0\")=0,1,SUMIFS(الحفظ!$D$5:$D$1000,الحفظ!$K$5:$K$1000,\"=\"&A102,الحفظ!$D$5:$D$1000,\">0\")),\"\")","v":""},{"$f":"IF(A102<>\"\",SUMIFS(الحفظ!$D$5:$D$1000,الحفظ!$K$5:$K$1000,\"=\"&A102),\"\")","v":""},""]
[null,null,null,null,{"$f":"IF(A103<>\"\",SUMIFS(الحفظ!$B$5:$B$1000,الحفظ!$K$5:$K$1000,\"=\"&A103,الحفظ!$D$5:$D$1000,\">0\")/IF(SUMIFS(الحفظ!$D$5:$D$1000,الحفظ!$K$5:$K$1000,\"=\"&A103,الحفظ!$D$5:$D$1000,\">0\")=0,1,SUMIFS(الحفظ!$D$5:$D$1000,الحفظ!$K$5:$K$1000,\"=\"&A103,الحفظ!$D$5:$D$1000,\">0\")),\"\")","v":""},{"$f":"IF(A103<>\"\",SUMIFS(الحفظ!$D$5:$D$1000,الحفظ!$K$5:$K$1000,\"=\"&A103),\"\")","v":""},""]
[null,null,null,null,{"$f":"IF(A104<>\"\",SUMIFS(الحفظ!$B$5:$B$1000,الحفظ!$K$5:$K$1000,\"=\"&A104,الحفظ!$D$5:$D$1000,\">0\")/IF(SUMIFS(الحفظ!$D$5:$D$1000,الحفظ!$K$5:$K$1000,\"=\"&A104,الحفظ!$D$5:$D$1000,\">0\")=0,1,SUMIFS(الحفظ!$D$5:$D$1000,الحفظ!$K$5:$K$1000,\"=\"&A104,الحفظ!$D$5:$D$1000,\">0\")),\"\")","v":""},{"$f":"IF(A104<>\"\",SUMIFS(الحفظ!$D$5:$D$1000,الحفظ!$K$5:$K$1000,\"=\"&A104),\"\")","v":""},""]
[null,null,null,null,{"$f":"IF(A105<>\"\",SUMIFS(الحفظ!$B$5:$B$1000,الحفظ!$K$5:$K$1000,\"=\"&A105,الحفظ!$D$5:$D$1000,\">0\")/IF(SUMIFS(الحفظ!$D$5:$D$1000,الحفظ!$K$5:$K$1000,\"=\"&A105,الحفظ!$D$5:$D$1000,\">0\")=0,1,SUMIFS(الحفظ!$D$5:$D$1000,الحفظ!$K$5:$K$1000,\"=\"&A105,الحفظ!$D$5:$D$1000,\">0\")),\"\")","v":""},{"$f":"IF(A105<>\"\",SUMIFS(الحفظ!$D$5:$D$1000,الحفظ!$K$5:$K$1000,\"=\"&A105),\"\")","v":""},""]
[null,null,null,null,{"$f":"IF(A106<>\"\",SUMIFS(الحفظ!$B$5:$B$1000,الحفظ!$K$5:$K$1000,\"=\"&A106,الحفظ!$D$5:$D$1000,\">0\")/IF(SUMIFS(الحفظ!$D$5:$D$1000,الحفظ!$K$5:$K$1000,\"=\"&A106,الحفظ!$D$5:$D$1000,\">0\")=0,1,SUMIFS(الحفظ!$D$5:$D$1000,الحفظ!$K$5:$K$1000,\"=\"&A106,الحفظ!$D$5:$D$1000,\">0\")),\"\")","v":""},{"$f":"IF(A106<>\"\",SUMIFS(الحفظ!$D$5:$D$1000,الحفظ!$K$5:$K$1000,\"=\"&A106),\"\")","v":""},""]
[null,null,null,null,{"$f":"IF(A107<>\"\",SUMIFS(الحفظ!$B$5:$B$1000,الحفظ!$K$5:$K$1000,\"=\"&A107,الحفظ!$D$5:$D$1000,\">0\")/IF(SUMIFS(الحفظ!$D$5:$D$1000,الحفظ!$K$5:$K$1000,\"=\"&A107,الحفظ!$D$5:$D$1000,\">0\")=0,1,SUMIFS(الحفظ!$D$5:$D$1000,الحفظ!$K$5:$K$1000,\"=\"&A107,الحفظ!$D$5:$D$1000,\">0\")),\"\")","v":""},{"$f":"IF(A107<>\"\",SUMIFS(الحفظ!$D$5:$D$1000,الحفظ!$K$5:$K$1000,\"=\"&A107),\"\")","v":""},""]
[null,null,null,null,{"$f":"IF(A108<>\"\",SUMIFS(الحفظ!$B$5:$B$1000,الحفظ!$K$5:$K$1000,\"=\"&A108,الحفظ!$D$5:$D$1000,\">0\")/IF(SUMIFS(الحفظ!$D$5:$D$1000,الحفظ!$K$5:$K$1000,\"=\"&A108,الحفظ!$D$5:$D$1000,\">0\")=0,1,SUMIFS(الحفظ!$D$5:$D$1000,الحفظ!$K$5:$K$1000,\"=\"&A108,الحفظ!$D$5:$D$1000,\">0\")),\"\")","v":""},{"$f":"IF(A108<>\"\",SUMIFS(الحفظ!$D$5:$D$1000,الحفظ!$K$5:$K$1000,\"=\"&A108),\"\")","v":""},""]
[null,null,null,null,{"$f":"IF(A109<>\"\",SUMIFS(الحفظ!$B$5:$B$1000,الحفظ!$K$5:$K$1000,\"=\"&A109,الحفظ!$D$5:$D$1000,\">0\")/IF(SUMIFS(الحفظ!$D$5:$D$1000,الحفظ!$K$5:$K$1000,\"=\"&A109,الحفظ!$D$5:$D$1000,\">0\")=0,1,SUMIFS(الحفظ!$D$5:$D$1000,الحفظ!$K$5:$K$1000,\"=\"&A109,الحفظ!$D$5:$D$1000,\">0\")),\"\")","v":""},{"$f":"IF(A109<>\"\",SUMIFS(الحفظ!$D$5:$D$1000,الحفظ!$K$5:$K$1000,\"=\"&A109),\"\")","v":""},""]
[null,null,null,null,{"$f":"IF(A110<>\"\",SUMIFS(الحفظ!$B$5:$B$1000,الحفظ!$K$5:$K$1000,\"=\"&A110,الحفظ!$D$5:$D$1000,\">0\")/IF(SUMIFS(الحفظ!$D$5:$D$1000,الحفظ!$K$5:$K$1000,\"=\"&A110,الحفظ!$D$5:$D$1000,\">0\")=0,1,SUMIFS(الحفظ!$D$5:$D$1000,الحفظ!$K$5:$K$1000,\"=\"&A110,الحفظ!$D$5:$D$1000,\">0\")),\"\")","v":""},{"$f":"IF(A110<>\"\",SUMIFS(الحفظ!$D$5:$D$1000,الحفظ!$K$5:$K$1000,\"=\"&A110),\"\")","v":""},""]
[null,null,null,null,{"$f":"IF(A111<>\"\",SUMIFS(الحفظ!$B$5:$B$1000,الحفظ!$K$5:$K$1000,\"=\"&A111,الحفظ!$D$5:$D$1000,\">0\")/IF(SUMIFS(الحفظ!$D$5:$D$1000,الحفظ!$K$5:$K$1000,\"=\"&A111,الحفظ!$D$5:$D$1000,\">0\")=0,1,SUMIFS(الحفظ!$D$5:$D$1000,الحفظ!$K$5:$K$1000,\"=\"&A111,الحفظ!$D$5:$D$1000,\">0\")),\"\")","v":""},{"$f":"IF(A111<>\"\",SUMIFS(الحفظ!$D$5:$D$1000,الحفظ!$K$5:$K$1000,\"=\"&A111),\"\")","v":""},""]
[null,null,null,null,{"$f":"IF(A112<>\"\",SUMIFS(الحفظ!$B$5:$B$1000,الحفظ!$K$5:$K$1000,\"=\"&A112,الحفظ!$D$5:$D$1000,\">0\")/IF(SUMIFS(الحفظ!$D$5:$D$1000,الحفظ!$K$5:$K$1000,\"=\"&A112,الحفظ!$D$5:$D$1000,\">0\")=0,1,SUMIFS(الحفظ!$D$5:$D$1000,الحفظ!$K$5:$K$1000,\"=\"&A112,الحفظ!$D$5:$D$1000,\">0\")),\"\")","v":""},{"$f":"IF(A112<>\"\",SUMIFS(الحفظ!$D$5:$D$1000,الحفظ!$K$5:$K$1000,\"=\"&A112),\"\")","v":""},""]
[null,null,null,null,{"$f":"IF(A113<>\"\",SUMIFS(الحفظ!$B$5:$B$1000,الحفظ!$K$5:$K$1000,\"=\"&A113,الحفظ!$D$5:$D$1000,\">0\")/IF(SUMIFS(الحفظ!$D$5:$D$1000,الحفظ!$K$5:$K$1000,\"=\"&A113,الحفظ!$D$5:$D$1000,\">0\")=0,1,SUMIFS(الحفظ!$D$5:$D$1000,الحفظ!$K$5:$K$1000,\"=\"&A113,الحفظ!$D$5:$D$1000,\">0\")),\"\")","v":""},{"$f":"IF(A113<>\"\",SUMIFS(الحفظ!$D$5:$D$1000,الحفظ!$K$5:$K$1000,\"=\"&A113),\"\")","v":""},""]
[null,null,null,null,{"$f":"IF(A114<>\"\",SUMIFS(الحفظ!$B$5:$B$1000,الحفظ!$K$5:$K$1000,\"=\"&A114,الحفظ!$D$5:$D$1000,\">0\")/IF(SUMIFS(الحفظ!$D$5:$D$1000,الحفظ!$K$5:$K$1000,\"=\"&A114,الحفظ!$D$5:$D$1000,\">0\")=0,1,SUMIFS(الحفظ!$D$5:$D$1000,الحفظ!$K$5:$K$1000,\"=\"&A114,الحفظ!$D$5:$D$1000,\">0\")),\"\")","v":""},{"$f":"IF(A114<>\"\",SUMIFS(الحفظ!$D$5:$D$1000,الحفظ!$K$5:$K$1000,\"=\"&A114),\"\")","v":""},""]
[null,null,null,null,{"$f":"IF(A115<>\"\",SUMIFS(الحفظ!$B$5:$B$1000,الحفظ!$K$5:$K$1000,\"=\"&A115,الحفظ!$D$5:$D$1000,\">0\")/IF(SUMIFS(الحفظ!$D$5:$D$1000,الحفظ!$K$5:$K$1000,\"=\"&A115,الحفظ!$D$5:$D$1000,\">0\")=0,1,SUMIFS(الحفظ!$D$5:$D$1000,الحفظ!$K$5:$K$1000,\"=\"&A115,الحفظ!$D$5:$D$1000,\">0\")),\"\")","v":""},{"$f":"IF(A115<>\"\",SUMIFS(الحفظ!$D$5:$D$1000,الحفظ!$K$5:$K$1000,\"=\"&A115),\"\")","v":""},""]
[null,null,null,null,{"$f":"IF(A116<>\"\",SUMIFS(الحفظ!$B$5:$B$1000,الحفظ!$K$5:$K$1000,\"=\"&A116,الحفظ!$D$5:$D$1000,\">0\")/IF(SUMIFS(الحفظ!$D$5:$D$1000,الحفظ!$K$5:$K$1000,\"=\"&A116,الحفظ!$D$5:$D$1000,\">0\")=0,1,SUMIFS(الحفظ!$D$5:$D$1000,الحفظ!$K$5:$K$1000,\"=\"&A116,الحفظ!$D$5:$D$1000,\">0\")),\"\")","v":""},{"$f":"IF(A116<>\"\",SUMIFS(الحفظ!$D$5:$D$1000,الحفظ!$K$5:$K$1000,\"=\"&A116),\"\")","v":""},""]
[null,null,null,null,{"$f":"IF(A117<>\"\",SUMIFS(الحفظ!$B$5:$B$1000,الحفظ!$K$5:$K$1000,\"=\"&A117,الحفظ!$D$5:$D$1000,\">0\")/IF(SUMIFS(الحفظ!$D$5:$D$1000,الحفظ!$K$5:$K$1000,\"=\"&A117,الحفظ!$D$5:$D$1000,\">0\")=0,1,SUMIFS(الحفظ!$D$5:$D$1000,الحفظ!$K$5:$K$1000,\"=\"&A117,الحفظ!$D$5:$D$1000,\">0\")),\"\")","v":""},{"$f":"IF(A117<>\"\",SUMIFS(الحفظ!$D$5:$D$1000,الحفظ!$K$5:$K$1000,\"=\"&A117),\"\")","v":""},""]
[null,null,null,null,{"$f":"IF(A118<>\"\",SUMIFS(الحفظ!$B$5:$B$1000,الحفظ!$K$5:$K$1000,\"=\"&A118,الحفظ!$D$5:$D$1000,\">0\")/IF(SUMIFS(الحفظ!$D$5:$D$1000,الحفظ!$K$5:$K$1000,\"=\"&A118,الحفظ!$D$5:$D$1000,\">0\")=0,1,SUMIFS(الحفظ!$D$5:$D$1000,الحفظ!$K$5:$K$1000,\"=\"&A118,الحفظ!$D$5:$D$1000,\">0\")),\"\")","v":""},{"$f":"IF(A118<>\"\",SUMIFS(الحفظ!$D$5:$D$1000,الحفظ!$K$5:$K$1000,\"=\"&A118),\"\")","v":""},""]
[null,null,null,null,{"$f":"IF(A119<>\"\",SUMIFS(الحفظ!$B$5:$B$1000,الحفظ!$K$5:$K$1000,\"=\"&A119,الحفظ!$D$5:$D$1000,\">0\")/IF(SUMIFS(الحفظ!$D$5:$D$1000,الحفظ!$K$5:$K$1000,\"=\"&A119,الحفظ!$D$5:$D$1000,\">0\")=0,1,SUMIFS(الحفظ!$D$5:$D$1000,الحفظ!$K$5:$K$1000,\"=\"&A119,الحفظ!$D$5:$D$1000,\">0\")),\"\")","v":""},{"$f":"IF(A119<>\"\",SUMIFS(الحفظ!$D$5:$D$1000,الحفظ!$K$5:$K$1000,\"=\"&A119),\"\")","v":""},""]
[null,null,null,null,{"$f":"IF(A120<>\"\",SUMIFS(الحفظ!$B$5:$B$1000,الحفظ!$K$5:$K$1000,\"=\"&A120,الحفظ!$D$5:$D$1000,\">0\")/IF(SUMIFS(الحفظ!$D$5:$D$1000,الحفظ!$K$5:$K$1000,\"=\"&A120,الحفظ!$D$5:$D$1000,\">0\")=0,1,SUMIFS(الحفظ!$D$5:$D$1000,الحفظ!$K$5:$K$1000,\"=\"&A120,الحفظ!$D$5:$D$1000,\">0\")),\"\")","v":""},{"$f":"IF(A120<>\"\",SUMIFS(الحفظ!$D$5:$D$1000,الحفظ!$K$5:$K$1000,\"=\"&A120),\"\")","v":""},""]
[null,null,null,null,{"$f":"IF(A121<>\"\",SUMIFS(الحفظ!$B$5:$B$1000,الحفظ!$K$5:$K$1000,\"=\"&A121,الحفظ!$D$5:$D$1000,\">0\")/IF(SUMIFS(الحفظ!$D$5:$D$1000,الحفظ!$K$5:$K$1000,\"=\"&A121,الحفظ!$D$5:$D$1000,\">0\")=0,1,SUMIFS(الحفظ!$D$5:$D$1000,الحفظ!$K$5:$K$1000,\"=\"&A121,الحفظ!$D$5:$D$1000,\">0\")),\"\")","v":""},{"$f":"IF(A121<>\"\",SUMIFS(الحفظ!$D$5:$D$1000,الحفظ!$K$5:$K$1000,\"=\"&A121),\"\")","v":""},""]
[null,null,null,null,{"$f":"IF(A122<>\"\",SUMIFS(الحفظ!$B$5:$B$1000,الحفظ!$K$5:$K$1000,\"=\"&A122,الحفظ!$D$5:$D$1000,\">0\")/IF(SUMIFS(الحفظ!$D$5:$D$1000,الحفظ!$K$5:$K$1000,\"=\"&A122,الحفظ!$D$5:$D$1000,\">0\")=0,1,SUMIFS(الحفظ!$D$5:$D$1000,الحفظ!$K$5:$K$1000,\"=\"&A122,الحفظ!$D$5:$D$1000,\">0\")),\"\")","v":""},{"$f":"IF(A122<>\"\",SUMIFS(الحفظ!$D$5:$D$1000,الحفظ!$K$5:$K$1000,\"=\"&A122),\"\")","v":""},""]
[null,null,null,null,{"$f":"IF(A123<>\"\",SUMIFS(الحفظ!$B$5:$B$1000,الحفظ!$K$5:$K$1000,\"=\"&A123,الحفظ!$D$5:$D$1000,\">0\")/IF(SUMIFS(الحفظ!$D$5:$D$1000,الحفظ!$K$5:$K$1000,\"=\"&A123,الحفظ!$D$5:$D$1000,\">0\")=0,1,SUMIFS(الحفظ!$D$5:$D$1000,الحفظ!$K$5:$K$1000,\"=\"&A123,الحفظ!$D$5:$D$1000,\">0\")),\"\")","v":""},{"$f":"IF(A123<>\"\",SUMIFS(الحفظ!$D$5:$D$1000,الحفظ!$K$5:$K$1000,\"=\"&A123),\"\")","v":""},""]
[null,null,null,null,{"$f":"IF(A124<>\"\",SUMIFS(الحفظ!$B$5:$B$1000,الحفظ!$K$5:$K$1000,\"=\"&A124,الحفظ!$D$5:$D$1000,\">0\")/IF(SUMIFS(الحفظ!$D$5:$D$1000,الحفظ!$K$5:$K$1000,\"=\"&A124,الحفظ!$D$5:$D$1000,\">0\")=0,1,SUMIFS(الحفظ!$D$5:$D$1000,الحفظ!$K$5:$K$1000,\"=\"&A124,الحفظ!$D$5:$D$1000,\">0\")),\"\")","v":""},{"$f":"IF(A124<>\"\",SUMIFS(الحفظ!$D$5:$D$1000,الحفظ!$K$5:$K$1000,\"=\"&A124),\"\")","v":""},""]
[null,null,null,null,{"$f":"IF(A125<>\"\",SUMIFS(الحفظ!$B$5:$B$1000,الحفظ!$K$5:$K$1000,\"=\"&A125,الحفظ!$D$5:$D$1000,\">0\")/IF(SUMIFS(الحفظ!$D$5:$D$1000,الحفظ!$K$5:$K$1000,\"=\"&A125,الحفظ!$D$5:$D$1000,\">0\")=0,1,SUMIFS(الحفظ!$D$5:$D$1000,الحفظ!$K$5:$K$1000,\"=\"&A125,الحفظ!$D$5:$D$1000,\">0\")),\"\")","v":""},{"$f":"IF(A125<>\"\",SUMIFS(الحفظ!$D$5:$D$1000,الحفظ!$K$5:$K$1000,\"=\"&A125),\"\")","v":""},""]
[null,null,null,null,{"$f":"IF(A126<>\"\",SUMIFS(الحفظ!$B$5:$B$1000,الحفظ!$K$5:$K$1000,\"=\"&A126,الحفظ!$D$5:$D$1000,\">0\")/IF(SUMIFS(الحفظ!$D$5:$D$1000,الحفظ!$K$5:$K$1000,\"=\"&A126,الحفظ!$D$5:$D$1000,\">0\")=0,1,SUMIFS(الحفظ!$D$5:$D$1000,الحفظ!$K$5:$K$1000,\"=\"&A126,الحفظ!$D$5:$D$1000,\">0\")),\"\")","v":""},{"$f":"IF(A126<>\"\",SUMIFS(الحفظ!$D$5:$D$1000,الحفظ!$K$5:$K$1000,\"=\"&A126),\"\")","v":""},""]
[null,null,null,null,{"$f":"IF(A127<>\"\",SUMIFS(الحفظ!$B$5:$B$1000,الحفظ!$K$5:$K$1000,\"=\"&A127,الحفظ!$D$5:$D$1000,\">0\")/IF(SUMIFS(الحفظ!$D$5:$D$1000,الحفظ!$K$5:$K$1000,\"=\"&A127,الحفظ!$D$5:$D$1000,\">0\")=0,1,SUMIFS(الحفظ!$D$5:$D$1000,الحفظ!$K$5:$K$1000,\"=\"&A127,الحفظ!$D$5:$D$1000,\">0\")),\"\")","v":""},{"$f":"IF(A127<>\"\",SUMIFS(الحفظ!$D$5:$D$1000,الحفظ!$K$5:$K$1000,\"=\"&A127),\"\")","v":""},""]
[null,null,null,null,{"$f":"IF(A128<>\"\",SUMIFS(الحفظ!$B$5:$B$1000,الحفظ!$K$5:$K$1000,\"=\"&A128,الحفظ!$D$5:$D$1000,\">0\")/IF(SUMIFS(الحفظ!$D$5:$D$1000,الحفظ!$K$5:$K$1000,\"=\"&A128,الحفظ!$D$5:$D$1000,\">0\")=0,1,SUMIFS(الحفظ!$D$5:$D$1000,الحفظ!$K$5:$K$1000,\"=\"&A128,الحفظ!$D$5:$D$1000,\">0\")),\"\")","v":""},{"$f":"IF(A128<>\"\",SUMIFS(الحفظ!$D$5:$D$1000,الحفظ!$K$5:$K$1000,\"=\"&A128),\"\")","v":""},""]
[null,null,null,null,{"$f":"IF(A129<>\"\",SUMIFS(الحفظ!$B$5:$B$1000,الحفظ!$K$5:$K$1000,\"=\"&A129,الحفظ!$D$5:$D$1000,\">0\")/IF(SUMIFS(الحفظ!$D$5:$D$1000,الحفظ!$K$5:$K$1000,\"=\"&A129,الحفظ!$D$5:$D$1000,\">0\")=0,1,SUMIFS(الحفظ!$D$5:$D$1000,الحفظ!$K$5:$K$1000,\"=\"&A129,الحفظ!$D$5:$D$1000,\">0\")),\"\")","v":""},{"$f":"IF(A129<>\"\",SUMIFS(الحفظ!$D$5:$D$1000,الحفظ!$K$5:$K$1000,\"=\"&A129),\"\")","v":""},""]
[null,null,null,null,{"$f":"IF(A130<>\"\",SUMIFS(الحفظ!$B$5:$B$1000,الحفظ!$K$5:$K$1000,\"=\"&A130,الحفظ!$D$5:$D$1000,\">0\")/IF(SUMIFS(الحفظ!$D$5:$D$1000,الحفظ!$K$5:$K$1000,\"=\"&A130,الحفظ!$D$5:$D$1000,\">0\")=0,1,SUMIFS(الحفظ!$D$5:$D$1000,الحفظ!$K$5:$K$1000,\"=\"&A130,الحفظ!$D$5:$D$1000,\">0\")),\"\")","v":""},{"$f":"IF(A130<>\"\",SUMIFS(الحفظ!$D$5:$D$1000,الحفظ!$K$5:$K$1000,\"=\"&A130),\"\")","v":""},""]
[null,null,null,null,{"$f":"IF(A131<>\"\",SUMIFS(الحفظ!$B$5:$B$1000,الحفظ!$K$5:$K$1000,\"=\"&A131,الحفظ!$D$5:$D$1000,\">0\")/IF(SUMIFS(الحفظ!$D$5:$D$1000,الحفظ!$K$5:$K$1000,\"=\"&A131,الحفظ!$D$5:$D$1000,\">0\")=0,1,SUMIFS(الحفظ!$D$5:$D$1000,الحفظ!$K$5:$K$1000,\"=\"&A131,الحفظ!$D$5:$D$1000,\">0\")),\"\")","v":""},{"$f":"IF(A131<>\"\",SUMIFS(الحفظ!$D$5:$D$1000,الحفظ!$K$5:$K$1000,\"=\"&A131),\"\")","v":""},""]
[null,null,null,null,{"$f":"IF(A132<>\"\",SUMIFS(الحفظ!$B$5:$B$1000,الحفظ!$K$5:$K$1000,\"=\"&A132,الحفظ!$D$5:$D$1000,\">0\")/IF(SUMIFS(الحفظ!$D$5:$D$1000,الحفظ!$K$5:$K$1000,\"=\"&A132,الحفظ!$D$5:$D$1000,\">0\")=0,1,SUMIFS(الحفظ!$D$5:$D$1000,الحفظ!$K$5:$K$1000,\"=\"&A132,الحفظ!$D$5:$D$1000,\">0\")),\"\")","v":""},{"$f":"IF(A132<>\"\",SUMIFS(الحفظ!$D$5:$D$1000,الحفظ!$K$5:$K$1000,\"=\"&A132),\"\")","v":""},""]
[null,null,null,null,{"$f":"IF(A133<>\"\",SUMIFS(الحفظ!$B$5:$B$1000,الحفظ!$K$5:$K$1000,\"=\"&A133,الحفظ!$D$5:$D$1000,\">0\")/IF(SUMIFS(الحفظ!$D$5:$D$1000,الحفظ!$K$5:$K$1000,\"=\"&A133,الحفظ!$D$5:$D$1000,\">0\")=0,1,SUMIFS(الحفظ!$D$5:$D$1000,الحفظ!$K$5:$K$1000,\"=\"&A133,الحفظ!$D$5:$D$1000,\">0\")),\"\")","v":""},{"$f":"IF(A133<>\"\",SUMIFS(الحفظ!$D$5:$D$1000,الحفظ!$K$5:$K$1000,\"=\"&A133),\"\")","v":""},""]
[null,null,null,null,{"$f":"IF(A134<>\"\",SUMIFS(الحفظ!$B$5:$B$1000,الحفظ!$K$5:$K$1000,\"=\"&A134,الحفظ!$D$5:$D$1000,\">0\")/IF(SUMIFS(الحفظ!$D$5:$D$1000,الحفظ!$K$5:$K$1000,\"=\"&A134,الحفظ!$D$5:$D$1000,\">0\")=0,1,SUMIFS(الحفظ!$D$5:$D$1000,الحفظ!$K$5:$K$1000,\"=\"&A134,الحفظ!$D$5:$D$1000,\">0\")),\"\")","v":""},{"$f":"IF(A134<>\"\",SUMIFS(الحفظ!$D$5:$D$1000,الحفظ!$K$5:$K$1000,\"=\"&A134),\"\")","v":""},""]
[null,null,null,null,{"$f":"IF(A135<>\"\",SUMIFS(الحفظ!$B$5:$B$1000,الحفظ!$K$5:$K$1000,\"=\"&A135,الحفظ!$D$5:$D$1000,\">0\")/IF(SUMIFS(الحفظ!$D$5:$D$1000,الحفظ!$K$5:$K$1000,\"=\"&A135,الحفظ!$D$5:$D$1000,\">0\")=0,1,SUMIFS(الحفظ!$D$5:$D$1000,الحفظ!$K$5:$K$1000,\"=\"&A135,الحفظ!$D$5:$D$1000,\">0\")),\"\")","v":""},{"$f":"IF(A135<>\"\",SUMIFS(الحفظ!$D$5:$D$1000,الحفظ!$K$5:$K$1000,\"=\"&A135),\"\")","v":""},""]
[null,null,null,null,{"$f":"IF(A136<>\"\",SUMIFS(الحفظ!$B$5:$B$1000,الحفظ!$K$5:$K$1000,\"=\"&A136,الحفظ!$D$5:$D$1000,\">0\")/IF(SUMIFS(الحفظ!$D$5:$D$1000,الحفظ!$K$5:$K$1000,\"=\"&A136,الحفظ!$D$5:$D$1000,\">0\")=0,1,SUMIFS(الحفظ!$D$5:$D$1000,الحفظ!$K$5:$K$1000,\"=\"&A136,الحفظ!$D$5:$D$1000,\">0\")),\"\")","v":""},{"$f":"IF(A136<>\"\",SUMIFS(الحفظ!$D$5:$D$1000,الحفظ!$K$5:$K$1000,\"=\"&A136),\"\")","v":""},""]
[null,null,null,null,{"$f":"IF(A137<>\"\",SUMIFS(الحفظ!$B$5:$B$1000,الحفظ!$K$5:$K$1000,\"=\"&A137,الحفظ!$D$5:$D$1000,\">0\")/IF(SUMIFS(الحفظ!$D$5:$D$1000,الحفظ!$K$5:$K$1000,\"=\"&A137,الحفظ!$D$5:$D$1000,\">0\")=0,1,SUMIFS(الحفظ!$D$5:$D$1000,الحفظ!$K$5:$K$1000,\"=\"&A137,الحفظ!$D$5:$D$1000,\">0\")),\"\")","v":""},{"$f":"IF(A137<>\"\",SUMIFS(الحفظ!$D$5:$D$1000,الحفظ!$K$5:$K$1000,\"=\"&A137),\"\")","v":""},""]
[null,null,null,null,{"$f":"IF(A138<>\"\",SUMIFS(الحفظ!$B$5:$B$1000,الحفظ!$K$5:$K$1000,\"=\"&A138,الحفظ!$D$5:$D$1000,\">0\")/IF(SUMIFS(الحفظ!$D$5:$D$1000,الحفظ!$K$5:$K$1000,\"=\"&A138,الحفظ!$D$5:$D$1000,\">0\")=0,1,SUMIFS(الحفظ!$D$5:$D$1000,الحفظ!$K$5:$K$1000,\"=\"&A138,الحفظ!$D$5:$D$1000,\">0\")),\"\")","v":""},{"$f":"IF(A138<>\"\",SUMIFS(الحفظ!$D$5:$D$1000,الحفظ!$K$5:$K$1000,\"=\"&A138),\"\")","v":""},""]
[null,null,null,null,{"$f":"IF(A139<>\"\",SUMIFS(الحفظ!$B$5:$B$1000,الحفظ!$K$5:$K$1000,\"=\"&A139,الحفظ!$D$5:$D$1000,\">0\")/IF(SUMIFS(الحفظ!$D$5:$D$1000,الحفظ!$K$5:$K$1000,\"=\"&A139,الحفظ!$D$5:$D$1000,\">0\")=0,1,SUMIFS(الحفظ!$D$5:$D$1000,الحفظ!$K$5:$K$1000,\"=\"&A139,الحفظ!$D$5:$D$1000,\">0\")),\"\")","v":""},{"$f":"IF(A139<>\"\",SUMIFS(الحفظ!$D$5:$D$1000,الحفظ!$K$5:$K$1000,\"=\"&A139),\"\")","v":""},""]
[null,null,null,null,{"$f":"IF(A140<>\"\",SUMIFS(الحفظ!$B$5:$B$1000,الحفظ!$K$5:$K$1000,\"=\"&A140,الحفظ!$D$5:$D$1000,\">0\")/IF(SUMIFS(الحفظ!$D$5:$D$1000,الحفظ!$K$5:$K$1000,\"=\"&A140,الحفظ!$D$5:$D$1000,\">0\")=0,1,SUMIFS(الحفظ!$D$5:$D$1000,الحفظ!$K$5:$K$1000,\"=\"&A140,الحفظ!$D$5:$D$1000,\">0\")),\"\")","v":""},{"$f":"IF(A140<>\"\",SUMIFS(الحفظ!$D$5:$D$1000,الحفظ!$K$5:$K$1000,\"=\"&A140),\"\")","v":""},""]
[null,null,null,null,{"$f":"IF(A141<>\"\",SUMIFS(الحفظ!$B$5:$B$1000,الحفظ!$K$5:$K$1000,\"=\"&A141,الحفظ!$D$5:$D$1000,\">0\")/IF(SUMIFS(الحفظ!$D$5:$D$1000,الحفظ!$K$5:$K$1000,\"=\"&A141,الحفظ!$D$5:$D$1000,\">0\")=0,1,SUMIFS(الحفظ!$D$5:$D$1000,الحفظ!$K$5:$K$1000,\"=\"&A141,الحفظ!$D$5:$D$1000,\">0\")),\"\")","v":""},{"$f":"IF(A141<>\"\",SUMIFS(الحفظ!$D$5:$D$1000,الحفظ!$K$5:$K$1000,\"=\"&A141),\"\")","v":""},""]
[null,null,null,null,{"$f":"IF(A142<>\"\",SUMIFS(الحفظ!$B$5:$B$1000,الحفظ!$K$5:$K$1000,\"=\"&A142,الحفظ!$D$5:$D$1000,\">0\")/IF(SUMIFS(الحفظ!$D$5:$D$1000,الحفظ!$K$5:$K$1000,\"=\"&A142,الحفظ!$D$5:$D$1000,\">0\")=0,1,SUMIFS(الحفظ!$D$5:$D$1000,الحفظ!$K$5:$K$1000,\"=\"&A142,الحفظ!$D$5:$D$1000,\">0\")),\"\")","v":""},{"$f":"IF(A142<>\"\",SUMIFS(الحفظ!$D$5:$D$1000,الحفظ!$K$5:$K$1000,\"=\"&A142),\"\")","v":""},""]
[null,null,null,null,{"$f":"IF(A143<>\"\",SUMIFS(الحفظ!$B$5:$B$1000,الحفظ!$K$5:$K$1000,\"=\"&A143,الحفظ!$D$5:$D$1000,\">0\")/IF(SUMIFS(الحفظ!$D$5:$D$1000,الحفظ!$K$5:$K$1000,\"=\"&A143,الحفظ!$D$5:$D$1000,\">0\")=0,1,SUMIFS(الحفظ!$D$5:$D$1000,الحفظ!$K$5:$K$1000,\"=\"&A143,الحفظ!$D$5:$D$1000,\">0\")),\"\")","v":""},{"$f":"IF(A143<>\"\",SUMIFS(الحفظ!$D$5:$D$1000,الحفظ!$K$5:$K$1000,\"=\"&A143),\"\")","v":""},""]
[null,null,null,null,{"$f":"IF(A144<>\"\",SUMIFS(الحفظ!$B$5:$B$1000,الحفظ!$K$5:$K$1000,\"=\"&A144,الحفظ!$D$5:$D$1000,\">0\")/IF(SUMIFS(الحفظ!$D$5:$D$1000,الحفظ!$K$5:$K$1000,\"=\"&A144,الحفظ!$D$5:$D$1000,\">0\")=0,1,SUMIFS(الحفظ!$D$5:$D$1000,الحفظ!$K$5:$K$1000,\"=\"&A144,الحفظ!$D$5:$D$1000,\">0\")),\"\")","v":""},{"$f":"IF(A144<>\"\",SUMIFS(الحفظ!$D$5:$D$1000,الحفظ!$K$5:$K$1000,\"=\"&A144),\"\")","v":""},""]
[null,null,null,null,{"$f":"IF(A145<>\"\",SUMIFS(الحفظ!$B$5:$B$1000,الحفظ!$K$5:$K$1000,\"=\"&A145,الحفظ!$D$5:$D$1000,\">0\")/IF(SUMIFS(الحفظ!$D$5:$D$1000,الحفظ!$K$5:$K$1000,\"=\"&A145,الحفظ!$D$5:$D$1000,\">0\")=0,1,SUMIFS(الحفظ!$D$5:$D$1000,الحفظ!$K$5:$K$1000,\"=\"&A145,الحفظ!$D$5:$D$1000,\">0\")),\"\")","v":""},{"$f":"IF(A145<>\"\",SUMIFS(الحفظ!$D$5:$D$1000,الحفظ!$K$5:$K$1000,\"=\"&A145),\"\")","v":""},""]
[null,null,null,null,{"$f":"IF(A146<>\"\",SUMIFS(الحفظ!$B$5:$B$1000,الحفظ!$K$5:$K$1000,\"=\"&A146,الحفظ!$D$5:$D$1000,\">0\")/IF(SUMIFS(الحفظ!$D$5:$D$1000,الحفظ!$K$5:$K$1000,\"=\"&A146,الحفظ!$D$5:$D$1000,\">0\")=0,1,SUMIFS(الحفظ!$D$5:$D$1000,الحفظ!$K$5:$K$1000,\"=\"&A146,الحفظ!$D$5:$D$1000,\">0\")),\"\")","v":""},{"$f":"IF(A146<>\"\",SUMIFS(الحفظ!$D$5:$D$1000,الحفظ!$K$5:$K$1000,\"=\"&A146),\"\")","v":""},""]
[null,null,null,null,{"$f":"IF(A147<>\"\",SUMIFS(الحفظ!$B$5:$B$1000,الحفظ!$K$5:$K$1000,\"=\"&A147,الحفظ!$D$5:$D$1000,\">0\")/IF(SUMIFS(الحفظ!$D$5:$D$1000,الحفظ!$K$5:$K$1000,\"=\"&A147,الحفظ!$D$5:$D$1000,\">0\")=0,1,SUMIFS(الحفظ!$D$5:$D$1000,الحفظ!$K$5:$K$1000,\"=\"&A147,الحفظ!$D$5:$D$1000,\">0\")),\"\")","v":""},{"$f":"IF(A147<>\"\",SUMIFS(الحفظ!$D$5:$D$1000,الحفظ!$K$5:$K$1000,\"=\"&A147),\"\")","v":""},""]
[null,null,null,null,{"$f":"IF(A148<>\"\",SUMIFS(الحفظ!$B$5:$B$1000,الحفظ!$K$5:$K$1000,\"=\"&A148,الحفظ!$D$5:$D$1000,\">0\")/IF(SUMIFS(الحفظ!$D$5:$D$1000,الحفظ!$K$5:$K$1000,\"=\"&A148,الحفظ!$D$5:$D$1000,\">0\")=0,1,SUMIFS(الحفظ!$D$5:$D$1000,الحفظ!$K$5:$K$1000,\"=\"&A148,الحفظ!$D$5:$D$1000,\">0\")),\"\")","v":""},{"$f":"IF(A148<>\"\",SUMIFS(الحفظ!$D$5:$D$1000,الحفظ!$K$5:$K$1000,\"=\"&A148),\"\")","v":""},""]
[null,null,null,null,{"$f":"IF(A149<>\"\",SUMIFS(الحفظ!$B$5:$B$1000,الحفظ!$K$5:$K$1000,\"=\"&A149,الحفظ!$D$5:$D$1000,\">0\")/IF(SUMIFS(الحفظ!$D$5:$D$1000,الحفظ!$K$5:$K$1000,\"=\"&A149,الحفظ!$D$5:$D$1000,\">0\")=0,1,SUMIFS(الحفظ!$D$5:$D$1000,الحفظ!$K$5:$K$1000,\"=\"&A149,الحفظ!$D$5:$D$1000,\">0\")),\"\")","v":""},{"$f":"IF(A149<>\"\",SUMIFS(الحفظ!$D$5:$D$1000,الحفظ!$K$5:$K$1000,\"=\"&A149),\"\")","v":""},""]
[null,null,null,null,{"$f":"IF(A150<>\"\",SUMIFS(الحفظ!$B$5:$B$1000,الحفظ!$K$5:$K$1000,\"=\"&A150,الحفظ!$D$5:$D$1000,\">0\")/IF(SUMIFS(الحفظ!$D$5:$D$1000,الحفظ!$K$5:$K$1000,\"=\"&A150,الحفظ!$D$5:$D$1000,\">0\")=0,1,SUMIFS(الحفظ!$D$5:$D$1000,الحفظ!$K$5:$K$1000,\"=\"&A150,الحفظ!$D$5:$D$1000,\">0\")),\"\")","v":""},{"$f":"IF(A150<>\"\",SUMIFS(الحفظ!$D$5:$D$1000,الحفظ!$K$5:$K$1000,\"=\"&A150),\"\")","v":""},""]
[null,null,null,null,{"$f":"IF(A151<>\"\",SUMIFS(الحفظ!$B$5:$B$1000,الحفظ!$K$5:$K$1000,\"=\"&A151,الحفظ!$D$5:$D$1000,\">0\")/IF(SUMIFS(الحفظ!$D$5:$D$1000,الحفظ!$K$5:$K$1000,\"=\"&A151,الحفظ!$D$5:$D$1000,\">0\")=0,1,SUMIFS(الحفظ!$D$5:$D$1000,الحفظ!$K$5:$K$1000,\"=\"&A151,الحفظ!$D$5:$D$1000,\">0\")),\"\")","v":""},{"$f":"IF(A151<>\"\",SUMIFS(الحفظ!$D$5:$D$1000,الحفظ!$K$5:$K$1000,\"=\"&A151),\"\")","v":""},""]
[null,null,null,null,{"$f":"IF(A152<>\"\",SUMIFS(الحفظ!$B$5:$B$1000,الحفظ!$K$5:$K$1000,\"=\"&A152,الحفظ!$D$5:$D$1000,\">0\")/IF(SUMIFS(الحفظ!$D$5:$D$1000,الحفظ!$K$5:$K$1000,\"=\"&A152,الحفظ!$D$5:$D$1000,\">0\")=0,1,SUMIFS(الحفظ!$D$5:$D$1000,الحفظ!$K$5:$K$1000,\"=\"&A152,الحفظ!$D$5:$D$1000,\">0\")),\"\")","v":""},{"$f":"IF(A152<>\"\",SUMIFS(الحفظ!$D$5:$D$1000,الحفظ!$K$5:$K$1000,\"=\"&A152),\"\")","v":""},""]
[null,null,null,null,{"$f":"IF(A153<>\"\",SUMIFS(الحفظ!$B$5:$B$1000,الحفظ!$K$5:$K$1000,\"=\"&A153,الحفظ!$D$5:$D$1000,\">0\")/IF(SUMIFS(الحفظ!$D$5:$D$1000,الحفظ!$K$5:$K$1000,\"=\"&A153,الحفظ!$D$5:$D$1000,\">0\")=0,1,SUMIFS(الحفظ!$D$5:$D$1000,الحفظ!$K$5:$K$1000,\"=\"&A153,الحفظ!$D$5:$D$1000,\">0\")),\"\")","v":""},{"$f":"IF(A153<>\"\",SUMIFS(الحفظ!$D$5:$D$1000,الحفظ!$K$5:$K$1000,\"=\"&A153),\"\")","v":""},""]
[null,null,null,null,{"$f":"IF(A154<>\"\",SUMIFS(الحفظ!$B$5:$B$1000,الحفظ!$K$5:$K$1000,\"=\"&A154,الحفظ!$D$5:$D$1000,\">0\")/IF(SUMIFS(الحفظ!$D$5:$D$1000,الحفظ!$K$5:$K$1000,\"=\"&A154,الحفظ!$D$5:$D$1000,\">0\")=0,1,SUMIFS(الحفظ!$D$5:$D$1000,الحفظ!$K$5:$K$1000,\"=\"&A154,الحفظ!$D$5:$D$1000,\">0\")),\"\")","v":""},{"$f":"IF(A154<>\"\",SUMIFS(الحفظ!$D$5:$D$1000,الحفظ!$K$5:$K$1000,\"=\"&A154),\"\")","v":""},""]
[null,null,null,null,{"$f":"IF(A155<>\"\",SUMIFS(الحفظ!$B$5:$B$1000,الحفظ!$K$5:$K$1000,\"=\"&A155,الحفظ!$D$5:$D$1000,\">0\")/IF(SUMIFS(الحفظ!$D$5:$D$1000,الحفظ!$K$5:$K$1000,\"=\"&A155,الحفظ!$D$5:$D$1000,\">0\")=0,1,SUMIFS(الحفظ!$D$5:$D$1000,الحفظ!$K$5:$K$1000,\"=\"&A155,الحفظ!$D$5:$D$1000,\">0\")),\"\")","v":""},{"$f":"IF(A155<>\"\",SUMIFS(الحفظ!$D$5:$D$1000,الحفظ!$K$5:$K$1000,\"=\"&A155),\"\")","v":""},""]
[null,null,null,null,{"$f":"IF(A156<>\"\",SUMIFS(الحفظ!$B$5:$B$1000,الحفظ!$K$5:$K$1000,\"=\"&A156,الحفظ!$D$5:$D$1000,\">0\")/IF(SUMIFS(الحفظ!$D$5:$D$1000,الحفظ!$K$5:$K$1000,\"=\"&A156,الحفظ!$D$5:$D$1000,\">0\")=0,1,SUMIFS(الحفظ!$D$5:$D$1000,الحفظ!$K$5:$K$1000,\"=\"&A156,الحفظ!$D$5:$D$1000,\">0\")),\"\")","v":""},{"$f":"IF(A156<>\"\",SUMIFS(الحفظ!$D$5:$D$1000,الحفظ!$K$5:$K$1000,\"=\"&A156),\"\")","v":""},""]
[null,null,null,null,{"$f":"IF(A157<>\"\",SUMIFS(الحفظ!$B$5:$B$1000,الحفظ!$K$5:$K$1000,\"=\"&A157,الحفظ!$D$5:$D$1000,\">0\")/IF(SUMIFS(الحفظ!$D$5:$D$1000,الحفظ!$K$5:$K$1000,\"=\"&A157,الحفظ!$D$5:$D$1000,\">0\")=0,1,SUMIFS(الحفظ!$D$5:$D$1000,الحفظ!$K$5:$K$1000,\"=\"&A157,الحفظ!$D$5:$D$1000,\">0\")),\"\")","v":""},{"$f":"IF(A157<>\"\",SUMIFS(الحفظ!$D$5:$D$1000,الحفظ!$K$5:$K$1000,\"=\"&A157),\"\")","v":""},""]
[null,null,null,null,{"$f":"IF(A158<>\"\",SUMIFS(الحفظ!$B$5:$B$1000,الحفظ!$K$5:$K$1000,\"=\"&A158,الحفظ!$D$5:$D$1000,\">0\")/IF(SUMIFS(الحفظ!$D$5:$D$1000,الحفظ!$K$5:$K$1000,\"=\"&A158,الحفظ!$D$5:$D$1000,\">0\")=0,1,SUMIFS(الحفظ!$D$5:$D$1000,الحفظ!$K$5:$K$1000,\"=\"&A158,الحفظ!$D$5:$D$1000,\">0\")),\"\")","v":""},{"$f":"IF(A158<>\"\",SUMIFS(الحفظ!$D$5:$D$1000,الحفظ!$K$5:$K$1000,\"=\"&A158),\"\")","v":""},""]
[null,null,null,null,{"$f":"IF(A159<>\"\",SUMIFS(الحفظ!$B$5:$B$1000,الحفظ!$K$5:$K$1000,\"=\"&A159,الحفظ!$D$5:$D$1000,\">0\")/IF(SUMIFS(الحفظ!$D$5:$D$1000,الحفظ!$K$5:$K$1000,\"=\"&A159,الحفظ!$D$5:$D$1000,\">0\")=0,1,SUMIFS(الحفظ!$D$5:$D$1000,الحفظ!$K$5:$K$1000,\"=\"&A159,الحفظ!$D$5:$D$1000,\">0\")),\"\")","v":""},{"$f":"IF(A159<>\"\",SUMIFS(الحفظ!$D$5:$D$1000,الحفظ!$K$5:$K$1000,\"=\"&A159),\"\")","v":""},{"$f":"IF(A159<>\"\",F159*E159,\"\")","v":""}]
[null,null,null,null,{"$f":"IF(A160<>\"\",SUMIFS(الحفظ!$B$5:$B$1000,الحفظ!$K$5:$K$1000,\"=\"&A160,الحفظ!$D$5:$D$1000,\">0\")/IF(SUMIFS(الحفظ!$D$5:$D$1000,الحفظ!$K$5:$K$1000,\"=\"&A160,الحفظ!$D$5:$D$1000,\">0\")=0,1,SUMIFS(الحفظ!$D$5:$D$1000,الحفظ!$K$5:$K$1000,\"=\"&A160,الحفظ!$D$5:$D$1000,\">0\")),\"\")","v":""},{"$f":"IF(A160<>\"\",SUMIFS(الحفظ!$D$5:$D$1000,الحفظ!$K$5:$K$1000,\"=\"&A160),\"\")","v":""},""]
[null,null,null,null,{"$f":"IF(A161<>\"\",SUMIFS(الحفظ!$B$5:$B$1000,الحفظ!$K$5:$K$1000,\"=\"&A161,الحفظ!$D$5:$D$1000,\">0\")/IF(SUMIFS(الحفظ!$D$5:$D$1000,الحفظ!$K$5:$K$1000,\"=\"&A161,الحفظ!$D$5:$D$1000,\">0\")=0,1,SUMIFS(الحفظ!$D$5:$D$1000,الحفظ!$K$5:$K$1000,\"=\"&A161,الحفظ!$D$5:$D$1000,\">0\")),\"\")","v":""},{"$f":"IF(A161<>\"\",SUMIFS(الحفظ!$D$5:$D$1000,الحفظ!$K$5:$K$1000,\"=\"&A161),\"\")","v":""},""]
[null,null,null,null,{"$f":"IF(A162<>\"\",SUMIFS(الحفظ!$B$5:$B$1000,الحفظ!$K$5:$K$1000,\"=\"&A162,الحفظ!$D$5:$D$1000,\">0\")/IF(SUMIFS(الحفظ!$D$5:$D$1000,الحفظ!$K$5:$K$1000,\"=\"&A162,الحفظ!$D$5:$D$1000,\">0\")=0,1,SUMIFS(الحفظ!$D$5:$D$1000,الحفظ!$K$5:$K$1000,\"=\"&A162,الحفظ!$D$5:$D$1000,\">0\")),\"\")","v":""},{"$f":"IF(A162<>\"\",SUMIFS(الحفظ!$D$5:$D$1000,الحفظ!$K$5:$K$1000,\"=\"&A162),\"\")","v":""},""]
[null,null,null,null,{"$f":"IF(A163<>\"\",SUMIFS(الحفظ!$B$5:$B$1000,الحفظ!$K$5:$K$1000,\"=\"&A163,الحفظ!$D$5:$D$1000,\">0\")/IF(SUMIFS(الحفظ!$D$5:$D$1000,الحفظ!$K$5:$K$1000,\"=\"&A163,الحفظ!$D$5:$D$1000,\">0\")=0,1,SUMIFS(الحفظ!$D$5:$D$1000,الحفظ!$K$5:$K$1000,\"=\"&A163,الحفظ!$D$5:$D$1000,\">0\")),\"\")","v":""},{"$f":"IF(A163<>\"\",SUMIFS(الحفظ!$D$5:$D$1000,الحفظ!$K$5:$K$1000,\"=\"&A163),\"\")","v":""},""]
[null,null,null,null,{"$f":"IF(A164<>\"\",SUMIFS(الحفظ!$B$5:$B$1000,الحفظ!$K$5:$K$1000,\"=\"&A164,الحفظ!$D$5:$D$1000,\">0\")/IF(SUMIFS(الحفظ!$D$5:$D$1000,الحفظ!$K$5:$K$1000,\"=\"&A164,الحفظ!$D$5:$D$1000,\">0\")=0,1,SUMIFS(الحفظ!$D$5:$D$1000,الحفظ!$K$5:$K$1000,\"=\"&A164,الحفظ!$D$5:$D$1000,\">0\")),\"\")","v":""},{"$f":"IF(A164<>\"\",SUMIFS(الحفظ!$D$5:$D$1000,الحفظ!$K$5:$K$1000,\"=\"&A164),\"\")","v":""},""]
[null,null,null,null,{"$f":"IF(A165<>\"\",SUMIFS(الحفظ!$B$5:$B$1000,الحفظ!$K$5:$K$1000,\"=\"&A165,الحفظ!$D$5:$D$1000,\">0\")/IF(SUMIFS(الحفظ!$D$5:$D$1000,الحفظ!$K$5:$K$1000,\"=\"&A165,الحفظ!$D$5:$D$1000,\">0\")=0,1,SUMIFS(الحفظ!$D$5:$D$1000,الحفظ!$K$5:$K$1000,\"=\"&A165,الحفظ!$D$5:$D$1000,\">0\")),\"\")","v":""},{"$f":"IF(A165<>\"\",SUMIFS(الحفظ!$D$5:$D$1000,الحفظ!$K$5:$K$1000,\"=\"&A165),\"\")","v":""},""]
[null,null,null,null,{"$f":"IF(A166<>\"\",SUMIFS(الحفظ!$B$5:$B$1000,الحفظ!$K$5:$K$1000,\"=\"&A166,الحفظ!$D$5:$D$1000,\">0\")/IF(SUMIFS(الحفظ!$D$5:$D$1000,الحفظ!$K$5:$K$1000,\"=\"&A166,الحفظ!$D$5:$D$1000,\">0\")=0,1,SUMIFS(الحفظ!$D$5:$D$1000,الحفظ!$K$5:$K$1000,\"=\"&A166,الحفظ!$D$5:$D$1000,\">0\")),\"\")","v":""},{"$f":"IF(A166<>\"\",SUMIFS(الحفظ!$D$5:$D$1000,الحفظ!$K$5:$K$1000,\"=\"&A166),\"\")","v":""},""]
[null,null,null,null,{"$f":"IF(A167<>\"\",SUMIFS(الحفظ!$B$5:$B$1000,الحفظ!$K$5:$K$1000,\"=\"&A167,الحفظ!$D$5:$D$1000,\">0\")/IF(SUMIFS(الحفظ!$D$5:$D$1000,الحفظ!$K$5:$K$1000,\"=\"&A167,الحفظ!$D$5:$D$1000,\">0\")=0,1,SUMIFS(الحفظ!$D$5:$D$1000,الحفظ!$K$5:$K$1000,\"=\"&A167,الحفظ!$D$5:$D$1000,\">0\")),\"\")","v":""},{"$f":"IF(A167<>\"\",SUMIFS(الحفظ!$D$5:$D$1000,الحفظ!$K$5:$K$1000,\"=\"&A167),\"\")","v":""},""]
[null,null,null,null,{"$f":"IF(A168<>\"\",SUMIFS(الحفظ!$B$5:$B$1000,الحفظ!$K$5:$K$1000,\"=\"&A168,الحفظ!$D$5:$D$1000,\">0\")/IF(SUMIFS(الحفظ!$D$5:$D$1000,الحفظ!$K$5:$K$1000,\"=\"&A168,الحفظ!$D$5:$D$1000,\">0\")=0,1,SUMIFS(الحفظ!$D$5:$D$1000,الحفظ!$K$5:$K$1000,\"=\"&A168,الحفظ!$D$5:$D$1000,\">0\")),\"\")","v":""},{"$f":"IF(A168<>\"\",SUMIFS(الحفظ!$D$5:$D$1000,الحفظ!$K$5:$K$1000,\"=\"&A168),\"\")","v":""},""]
[null,null,null,null,{"$f":"IF(A169<>\"\",SUMIFS(الحفظ!$B$5:$B$1000,الحفظ!$K$5:$K$1000,\"=\"&A169,الحفظ!$D$5:$D$1000,\">0\")/IF(SUMIFS(الحفظ!$D$5:$D$1000,الحفظ!$K$5:$K$1000,\"=\"&A169,الحفظ!$D$5:$D$1000,\">0\")=0,1,SUMIFS(الحفظ!$D$5:$D$1000,الحفظ!$K$5:$K$1000,\"=\"&A169,الحفظ!$D$5:$D$1000,\">0\")),\"\")","v":""},{"$f":"IF(A169<>\"\",SUMIFS(الحفظ!$D$5:$D$1000,الحفظ!$K$5:$K$1000,\"=\"&A169),\"\")","v":""},""]
[null,null,null,null,{"$f":"IF(A170<>\"\",SUMIFS(الحفظ!$B$5:$B$1000,الحفظ!$K$5:$K$1000,\"=\"&A170,الحفظ!$D$5:$D$1000,\">0\")/IF(SUMIFS(الحفظ!$D$5:$D$1000,الحفظ!$K$5:$K$1000,\"=\"&A170,الحفظ!$D$5:$D$1000,\">0\")=0,1,SUMIFS(الحفظ!$D$5:$D$1000,الحفظ!$K$5:$K$1000,\"=\"&A170,الحفظ!$D$5:$D$1000,\">0\")),\"\")","v":""},{"$f":"IF(A170<>\"\",SUMIFS(الحفظ!$D$5:$D$1000,الحفظ!$K$5:$K$1000,\"=\"&A170),\"\")","v":""},""]
[null,null,null,null,{"$f":"IF(A171<>\"\",SUMIFS(الحفظ!$B$5:$B$1000,الحفظ!$K$5:$K$1000,\"=\"&A171,الحفظ!$D$5:$D$1000,\">0\")/IF(SUMIFS(الحفظ!$D$5:$D$1000,الحفظ!$K$5:$K$1000,\"=\"&A171,الحفظ!$D$5:$D$1000,\">0\")=0,1,SUMIFS(الحفظ!$D$5:$D$1000,الحفظ!$K$5:$K$1000,\"=\"&A171,الحفظ!$D$5:$D$1000,\">0\")),\"\")","v":""},{"$f":"IF(A171<>\"\",SUMIFS(الحفظ!$D$5:$D$1000,الحفظ!$K$5:$K$1000,\"=\"&A171),\"\")","v":""},""]
[null,null,null,null,{"$f":"IF(A172<>\"\",SUMIFS(الحفظ!$B$5:$B$1000,الحفظ!$K$5:$K$1000,\"=\"&A172,الحفظ!$D$5:$D$1000,\">0\")/IF(SUMIFS(الحفظ!$D$5:$D$1000,الحفظ!$K$5:$K$1000,\"=\"&A172,الحفظ!$D$5:$D$1000,\">0\")=0,1,SUMIFS(الحفظ!$D$5:$D$1000,الحفظ!$K$5:$K$1000,\"=\"&A172,الحفظ!$D$5:$D$1000,\">0\")),\"\")","v":""},{"$f":"IF(A172<>\"\",SUMIFS(الحفظ!$D$5:$D$1000,الحفظ!$K$5:$K$1000,\"=\"&A172),\"\")","v":""},""]
[null,null,null,null,{"$f":"IF(A173<>\"\",SUMIFS(الحفظ!$B$5:$B$1000,الحفظ!$K$5:$K$1000,\"=\"&A173,الحفظ!$D$5:$D$1000,\">0\")/IF(SUMIFS(الحفظ!$D$5:$D$1000,الحفظ!$K$5:$K$1000,\"=\"&A173,الحفظ!$D$5:$D$1000,\">0\")=0,1,SUMIFS(الحفظ!$D$5:$D$1000,الحفظ!$K$5:$K$1000,\"=\"&A173,الحفظ!$D$5:$D$1000,\">0\")),\"\")","v":""},{"$f":"IF(A173<>\"\",SUMIFS(الحفظ!$D$5:$D$1000,الحفظ!$K$5:$K$1000,\"=\"&A173),\"\")","v":""},""]
[null,null,null,null,{"$f":"IF(A174<>\"\",SUMIFS(الحفظ!$B$5:$B$1000,الحفظ!$K$5:$K$1000,\"=\"&A174,الحفظ!$D$5:$D$1000,\">0\")/IF(SUMIFS(الحفظ!$D$5:$D$1000,الحفظ!$K$5:$K$1000,\"=\"&A174,الحفظ!$D$5:$D$1000,\">0\")=0,1,SUMIFS(الحفظ!$D$5:$D$1000,الحفظ!$K$5:$K$1000,\"=\"&A174,الحفظ!$D$5:$D$1000,\">0\")),\"\")","v":""},{"$f":"IF(A174<>\"\",SUMIFS(الحفظ!$D$5:$D$1000,الحفظ!$K$5:$K$1000,\"=\"&A174),\"\")","v":""},""]
[null,null,null,null,{"$f":"IF(A175<>\"\",SUMIFS(الحفظ!$B$5:$B$1000,الحفظ!$K$5:$K$1000,\"=\"&A175,الحفظ!$D$5:$D$1000,\">0\")/IF(SUMIFS(الحفظ!$D$5:$D$1000,الحفظ!$K$5:$K$1000,\"=\"&A175,الحفظ!$D$5:$D$1000,\">0\")=0,1,SUMIFS(الحفظ!$D$5:$D$1000,الحفظ!$K$5:$K$1000,\"=\"&A175,الحفظ!$D$5:$D$1000,\">0\")),\"\")","v":""},{"$f":"IF(A175<>\"\",SUMIFS(الحفظ!$D$5:$D$1000,الحفظ!$K$5:$K$1000,\"=\"&A175),\"\")","v":""},""]
[null,null,null,null,{"$f":"IF(A176<>\"\",SUMIFS(الحفظ!$B$5:$B$1000,الحفظ!$K$5:$K$1000,\"=\"&A176,الحفظ!$D$5:$D$1000,\">0\")/IF(SUMIFS(الحفظ!$D$5:$D$1000,الحفظ!$K$5:$K$1000,\"=\"&A176,الحفظ!$D$5:$D$1000,\">0\")=0,1,SUMIFS(الحفظ!$D$5:$D$1000,الحفظ!$K$5:$K$1000,\"=\"&A176,الحفظ!$D$5:$D$1000,\">0\")),\"\")","v":""},{"$f":"IF(A176<>\"\",SUMIFS(الحفظ!$D$5:$D$1000,الحفظ!$K$5:$K$1000,\"=\"&A176),\"\")","v":""},""]
[null,null,null,null,{"$f":"IF(A177<>\"\",SUMIFS(الحفظ!$B$5:$B$1000,الحفظ!$K$5:$K$1000,\"=\"&A177,الحفظ!$D$5:$D$1000,\">0\")/IF(SUMIFS(الحفظ!$D$5:$D$1000,الحفظ!$K$5:$K$1000,\"=\"&A177,الحفظ!$D$5:$D$1000,\">0\")=0,1,SUMIFS(الحفظ!$D$5:$D$1000,الحفظ!$K$5:$K$1000,\"=\"&A177,الحفظ!$D$5:$D$1000,\">0\")),\"\")","v":""},{"$f":"IF(A177<>\"\",SUMIFS(الحفظ!$D$5:$D$1000,الحفظ!$K$5:$K$1000,\"=\"&A177),\"\")","v":""},""]
[null,null,null,null,{"$f":"IF(A178<>\"\",SUMIFS(الحفظ!$B$5:$B$1000,الحفظ!$K$5:$K$1000,\"=\"&A178,الحفظ!$D$5:$D$1000,\">0\")/IF(SUMIFS(الحفظ!$D$5:$D$1000,الحفظ!$K$5:$K$1000,\"=\"&A178,الحفظ!$D$5:$D$1000,\">0\")=0,1,SUMIFS(الحفظ!$D$5:$D$1000,الحفظ!$K$5:$K$1000,\"=\"&A178,الحفظ!$D$5:$D$1000,\">0\")),\"\")","v":""},{"$f":"IF(A178<>\"\",SUMIFS(الحفظ!$D$5:$D$1000,الحفظ!$K$5:$K$1000,\"=\"&A178),\"\")","v":""},""]
[null,null,null,null,{"$f":"IF(A179<>\"\",SUMIFS(الحفظ!$B$5:$B$1000,الحفظ!$K$5:$K$1000,\"=\"&A179,الحفظ!$D$5:$D$1000,\">0\")/IF(SUMIFS(الحفظ!$D$5:$D$1000,الحفظ!$K$5:$K$1000,\"=\"&A179,الحفظ!$D$5:$D$1000,\">0\")=0,1,SUMIFS(الحفظ!$D$5:$D$1000,الحفظ!$K$5:$K$1000,\"=\"&A179,الحفظ!$D$5:$D$1000,\">0\")),\"\")","v":""},{"$f":"IF(A179<>\"\",SUMIFS(الحفظ!$D$5:$D$1000,الحفظ!$K$5:$K$1000,\"=\"&A179),\"\")","v":""},""]
[null,null,null,null,{"$f":"IF(A180<>\"\",SUMIFS(الحفظ!$B$5:$B$1000,الحفظ!$K$5:$K$1000,\"=\"&A180,الحفظ!$D$5:$D$1000,\">0\")/IF(SUMIFS(الحفظ!$D$5:$D$1000,الحفظ!$K$5:$K$1000,\"=\"&A180,الحفظ!$D$5:$D$1000,\">0\")=0,1,SUMIFS(الحفظ!$D$5:$D$1000,الحفظ!$K$5:$K$1000,\"=\"&A180,الحفظ!$D$5:$D$1000,\">0\")),\"\")","v":""},{"$f":"IF(A180<>\"\",SUMIFS(الحفظ!$D$5:$D$1000,الحفظ!$K$5:$K$1000,\"=\"&A180),\"\")","v":""},""]
[null,null,null,null,{"$f":"IF(A181<>\"\",SUMIFS(الحفظ!$B$5:$B$1000,الحفظ!$K$5:$K$1000,\"=\"&A181,الحفظ!$D$5:$D$1000,\">0\")/IF(SUMIFS(الحفظ!$D$5:$D$1000,الحفظ!$K$5:$K$1000,\"=\"&A181,الحفظ!$D$5:$D$1000,\">0\")=0,1,SUMIFS(الحفظ!$D$5:$D$1000,الحفظ!$K$5:$K$1000,\"=\"&A181,الحفظ!$D$5:$D$1000,\">0\")),\"\")","v":""},{"$f":"IF(A181<>\"\",SUMIFS(الحفظ!$D$5:$D$1000,الحفظ!$K$5:$K$1000,\"=\"&A181),\"\")","v":""},""]
[null,null,null,null,{"$f":"IF(A182<>\"\",SUMIFS(الحفظ!$B$5:$B$1000,الحفظ!$K$5:$K$1000,\"=\"&A182,الحفظ!$D$5:$D$1000,\">0\")/IF(SUMIFS(الحفظ!$D$5:$D$1000,الحفظ!$K$5:$K$1000,\"=\"&A182,الحفظ!$D$5:$D$1000,\">0\")=0,1,SUMIFS(الحفظ!$D$5:$D$1000,الحفظ!$K$5:$K$1000,\"=\"&A182,الحفظ!$D$5:$D$1000,\">0\")),\"\")","v":""},{"$f":"IF(A182<>\"\",SUMIFS(الحفظ!$D$5:$D$1000,الحفظ!$K$5:$K$1000,\"=\"&A182),\"\")","v":""},""]
[null,null,null,null,{"$f":"IF(A183<>\"\",SUMIFS(الحفظ!$B$5:$B$1000,الحفظ!$K$5:$K$1000,\"=\"&A183,الحفظ!$D$5:$D$1000,\">0\")/IF(SUMIFS(الحفظ!$D$5:$D$1000,الحفظ!$K$5:$K$1000,\"=\"&A183,الحفظ!$D$5:$D$1000,\">0\")=0,1,SUMIFS(الحفظ!$D$5:$D$1000,الحفظ!$K$5:$K$1000,\"=\"&A183,الحفظ!$D$5:$D$1000,\">0\")),\"\")","v":""},{"$f":"IF(A183<>\"\",SUMIFS(الحفظ!$D$5:$D$1000,الحفظ!$K$5:$K$1000,\"=\"&A183),\"\")","v":""},""]
[null,null,null,null,{"$f":"IF(A184<>\"\",SUMIFS(الحفظ!$B$5:$B$1000,الحفظ!$K$5:$K$1000,\"=\"&A184,الحفظ!$D$5:$D$1000,\">0\")/IF(SUMIFS(الحفظ!$D$5:$D$1000,الحفظ!$K$5:$K$1000,\"=\"&A184,الحفظ!$D$5:$D$1000,\">0\")=0,1,SUMIFS(الحفظ!$D$5:$D$1000,الحفظ!$K$5:$K$1000,\"=\"&A184,الحفظ!$D$5:$D$1000,\">0\")),\"\")","v":""},{"$f":"IF(A184<>\"\",SUMIFS(الحفظ!$D$5:$D$1000,الحفظ!$K$5:$K$1000,\"=\"&A184),\"\")","v":""},""]
[null,null,null,null,{"$f":"IF(A185<>\"\",SUMIFS(الحفظ!$B$5:$B$1000,الحفظ!$K$5:$K$1000,\"=\"&A185,الحفظ!$D$5:$D$1000,\">0\")/IF(SUMIFS(الحفظ!$D$5:$D$1000,الحفظ!$K$5:$K$1000,\"=\"&A185,الحفظ!$D$5:$D$1000,\">0\")=0,1,SUMIFS(الحفظ!$D$5:$D$1000,الحفظ!$K$5:$K$1000,\"=\"&A185,الحفظ!$D$5:$D$1000,\">0\")),\"\")","v":""},{"$f":"IF(A185<>\"\",SUMIFS(الحفظ!$D$5:$D$1000,الحفظ!$K$5:$K$1000,\"=\"&A185),\"\")","v":""},""]
[null,null,null,null,{"$f":"IF(A186<>\"\",SUMIFS(الحفظ!$B$5:$B$1000,الحفظ!$K$5:$K$1000,\"=\"&A186,الحفظ!$D$5:$D$1000,\">0\")/IF(SUMIFS(الحفظ!$D$5:$D$1000,الحفظ!$K$5:$K$1000,\"=\"&A186,الحفظ!$D$5:$D$1000,\">0\")=0,1,SUMIFS(الحفظ!$D$5:$D$1000,الحفظ!$K$5:$K$1000,\"=\"&A186,الحفظ!$D$5:$D$1000,\">0\")),\"\")","v":""},{"$f":"IF(A186<>\"\",SUMIFS(الحفظ!$D$5:$D$1000,الحفظ!$K$5:$K$1000,\"=\"&A186),\"\")","v":""},""]
[null,null,null,null,{"$f":"IF(A187<>\"\",SUMIFS(الحفظ!$B$5:$B$1000,الحفظ!$K$5:$K$1000,\"=\"&A187,الحفظ!$D$5:$D$1000,\">0\")/IF(SUMIFS(الحفظ!$D$5:$D$1000,الحفظ!$K$5:$K$1000,\"=\"&A187,الحفظ!$D$5:$D$1000,\">0\")=0,1,SUMIFS(الحفظ!$D$5:$D$1000,الحفظ!$K$5:$K$1000,\"=\"&A187,الحفظ!$D$5:$D$1000,\">0\")),\"\")","v":""},{"$f":"IF(A187<>\"\",SUMIFS(الحفظ!$D$5:$D$1000,الحفظ!$K$5:$K$1000,\"=\"&A187),\"\")","v":""},""]
[null,null,null,null,{"$f":"IF(A188<>\"\",SUMIFS(الحفظ!$B$5:$B$1000,الحفظ!$K$5:$K$1000,\"=\"&A188,الحفظ!$D$5:$D$1000,\">0\")/IF(SUMIFS(الحفظ!$D$5:$D$1000,الحفظ!$K$5:$K$1000,\"=\"&A188,الحفظ!$D$5:$D$1000,\">0\")=0,1,SUMIFS(الحفظ!$D$5:$D$1000,الحفظ!$K$5:$K$1000,\"=\"&A188,الحفظ!$D$5:$D$1000,\">0\")),\"\")","v":""},{"$f":"IF(A188<>\"\",SUMIFS(الحفظ!$D$5:$D$1000,الحفظ!$K$5:$K$1000,\"=\"&A188),\"\")","v":""},""]
[null,null,null,null,{"$f":"IF(A189<>\"\",SUMIFS(الحفظ!$B$5:$B$1000,الحفظ!$K$5:$K$1000,\"=\"&A189,الحفظ!$D$5:$D$1000,\">0\")/IF(SUMIFS(الحفظ!$D$5:$D$1000,الحفظ!$K$5:$K$1000,\"=\"&A189,الحفظ!$D$5:$D$1000,\">0\")=0,1,SUMIFS(الحفظ!$D$5:$D$1000,الحفظ!$K$5:$K$1000,\"=\"&A189,الحفظ!$D$5:$D$1000,\">0\")),\"\")","v":""},{"$f":"IF(A189<>\"\",SUMIFS(الحفظ!$D$5:$D$1000,الحفظ!$K$5:$K$1000,\"=\"&A189),\"\")","v":""},""]
[null,null,null,null,{"$f":"IF(A190<>\"\",SUMIFS(الحفظ!$B$5:$B$1000,الحفظ!$K$5:$K$1000,\"=\"&A190,الحفظ!$D$5:$D$1000,\">0\")/IF(SUMIFS(الحفظ!$D$5:$D$1000,الحفظ!$K$5:$K$1000,\"=\"&A190,الحفظ!$D$5:$D$1000,\">0\")=0,1,SUMIFS(الحفظ!$D$5:$D$1000,الحفظ!$K$5:$K$1000,\"=\"&A190,الحفظ!$D$5:$D$1000,\">0\")),\"\")","v":""},{"$f":"IF(A190<>\"\",SUMIFS(الحفظ!$D$5:$D$1000,الحفظ!$K$5:$K$1000,\"=\"&A190),\"\")","v":""},""]
[null,null,null,null,{"$f":"IF(A191<>\"\",SUMIFS(الحفظ!$B$5:$B$1000,الحفظ!$K$5:$K$1000,\"=\"&A191,الحفظ!$D$5:$D$1000,\">0\")/IF(SUMIFS(الحفظ!$D$5:$D$1000,الحفظ!$K$5:$K$1000,\"=\"&A191,الحفظ!$D$5:$D$1000,\">0\")=0,1,SUMIFS(الحفظ!$D$5:$D$1000,الحفظ!$K$5:$K$1000,\"=\"&A191,الحفظ!$D$5:$D$1000,\">0\")),\"\")","v":""},{"$f":"IF(A191<>\"\",SUMIFS(الحفظ!$D$5:$D$1000,الحفظ!$K$5:$K$1000,\"=\"&A191),\"\")","v":""},""]
[null,null,null,null,{"$f":"IF(A192<>\"\",SUMIFS(الحفظ!$B$5:$B$1000,الحفظ!$K$5:$K$1000,\"=\"&A192,الحفظ!$D$5:$D$1000,\">0\")/IF(SUMIFS(الحفظ!$D$5:$D$1000,الحفظ!$K$5:$K$1000,\"=\"&A192,الحفظ!$D$5:$D$1000,\">0\")=0,1,SUMIFS(الحفظ!$D$5:$D$1000,الحفظ!$K$5:$K$1000,\"=\"&A192,الحفظ!$D$5:$D$1000,\">0\")),\"\")","v":""},{"$f":"IF(A192<>\"\",SUMIFS(الحفظ!$D$5:$D$1000,الحفظ!$K$5:$K$1000,\"=\"&A192),\"\")","v":""},""]
[null,null,null,null,{"$f":"IF(A193<>\"\",SUMIFS(الحفظ!$B$5:$B$1000,الحفظ!$K$5:$K$1000,\"=\"&A193,الحفظ!$D$5:$D$1000,\">0\")/IF(SUMIFS(الحفظ!$D$5:$D$1000,الحفظ!$K$5:$K$1000,\"=\"&A193,الحفظ!$D$5:$D$1000,\">0\")=0,1,SUMIFS(الحفظ!$D$5:$D$1000,الحفظ!$K$5:$K$1000,\"=\"&A193,الحفظ!$D$5:$D$1000,\">0\")),\"\")","v":""},{"$f":"IF(A193<>\"\",SUMIFS(الحفظ!$D$5:$D$1000,الحفظ!$K$5:$K$1000,\"=\"&A193),\"\")","v":""},""]
[null,null,null,null,{"$f":"IF(A194<>\"\",SUMIFS(الحفظ!$B$5:$B$1000,الحفظ!$K$5:$K$1000,\"=\"&A194,الحفظ!$D$5:$D$1000,\">0\")/IF(SUMIFS(الحفظ!$D$5:$D$1000,الحفظ!$K$5:$K$1000,\"=\"&A194,الحفظ!$D$5:$D$1000,\">0\")=0,1,SUMIFS(الحفظ!$D$5:$D$1000,الحفظ!$K$5:$K$1000,\"=\"&A194,الحفظ!$D$5:$D$1000,\">0\")),\"\")","v":""},{"$f":"IF(A194<>\"\",SUMIFS(الحفظ!$D$5:$D$1000,الحفظ!$K$5:$K$1000,\"=\"&A194),\"\")","v":""},""]
[null,null,null,null,{"$f":"IF(A195<>\"\",SUMIFS(الحفظ!$B$5:$B$1000,الحفظ!$K$5:$K$1000,\"=\"&A195,الحفظ!$D$5:$D$1000,\">0\")/IF(SUMIFS(الحفظ!$D$5:$D$1000,الحفظ!$K$5:$K$1000,\"=\"&A195,الحفظ!$D$5:$D$1000,\">0\")=0,1,SUMIFS(الحفظ!$D$5:$D$1000,الحفظ!$K$5:$K$1000,\"=\"&A195,الحفظ!$D$5:$D$1000,\">0\")),\"\")","v":""},{"$f":"IF(A195<>\"\",SUMIFS(الحفظ!$D$5:$D$1000,الحفظ!$K$5:$K$1000,\"=\"&A195),\"\")","v":""},""]
[null,null,null,null,{"$f":"IF(A196<>\"\",SUMIFS(الحفظ!$B$5:$B$1000,الحفظ!$K$5:$K$1000,\"=\"&A196,الحفظ!$D$5:$D$1000,\">0\")/IF(SUMIFS(الحفظ!$D$5:$D$1000,الحفظ!$K$5:$K$1000,\"=\"&A196,الحفظ!$D$5:$D$1000,\">0\")=0,1,SUMIFS(الحفظ!$D$5:$D$1000,الحفظ!$K$5:$K$1000,\"=\"&A196,الحفظ!$D$5:$D$1000,\">0\")),\"\")","v":""},{"$f":"IF(A196<>\"\",SUMIFS(الحفظ!$D$5:$D$1000,الحفظ!$K$5:$K$1000,\"=\"&A196),\"\")","v":""},""]
[null,null,null,null,{"$f":"IF(A197<>\"\",SUMIFS(الحفظ!$B$5:$B$1000,الحفظ!$K$5:$K$1000,\"=\"&A197,الحفظ!$D$5:$D$1000,\">0\")/IF(SUMIFS(الحفظ!$D$5:$D$1000,الحفظ!$K$5:$K$1000,\"=\"&A197,الحفظ!$D$5:$D$1000,\">0\")=0,1,SUMIFS(الحفظ!$D$5:$D$1000,الحفظ!$K$5:$K$1000,\"=\"&A197,الحفظ!$D$5:$D$1000,\">0\")),\"\")","v":""},{"$f":"IF(A197<>\"\",SUMIFS(الحفظ!$D$5:$D$1000,الحفظ!$K$5:$K$1000,\"=\"&A197),\"\")","v":""},""]
[null,null,null,null,{"$f":"IF(A198<>\"\",SUMIFS(الحفظ!$B$5:$B$1000,الحفظ!$K$5:$K$1000,\"=\"&A198,الحفظ!$D$5:$D$1000,\">0\")/IF(SUMIFS(الحفظ!$D$5:$D$1000,الحفظ!$K$5:$K$1000,\"=\"&A198,الحفظ!$D$5:$D$1000,\">0\")=0,1,SUMIFS(الحفظ!$D$5:$D$1000,الحفظ!$K$5:$K$1000,\"=\"&A198,الحفظ!$D$5:$D$1000,\">0\")),\"\")","v":""},{"$f":"IF(A198<>\"\",SUMIFS(الحفظ!$D$5:$D$1000,الحفظ!$K$5:$K$1000,\"=\"&A198),\"\")","v":""},""]
[null,null,null,null,{"$f":"IF(A199<>\"\",SUMIFS(الحفظ!$B$5:$B$1000,الحفظ!$K$5:$K$1000,\"=\"&A199,الحفظ!$D$5:$D$1000,\">0\")/IF(SUMIFS(الحفظ!$D$5:$D$1000,الحفظ!$K$5:$K$1000,\"=\"&A199,الحفظ!$D$5:$D$1000,\">0\")=0,1,SUMIFS(الحفظ!$D$5:$D$1000,الحفظ!$K$5:$K$1000,\"=\"&A199,الحفظ!$D$5:$D$1000,\">0\")),\"\")","v":""},{"$f":"IF(A199<>\"\",SUMIFS(الحفظ!$D$5:$D$1000,الحفظ!$K$5:$K$1000,\"=\"&A199),\"\")","v":""},""]
[null,null,null,null,{"$f":"IF(A200<>\"\",SUMIFS(الحفظ!$B$5:$B$1000,الحفظ!$K$5:$K$1000,\"=\"&A200,الحفظ!$D$5:$D$1000,\">0\")/IF(SUMIFS(الحفظ!$D$5:$D$1000,الحفظ!$K$5:$K$1000,\"=\"&A200,الحفظ!$D$5:$D$1000,\">0\")=0,1,SUMIFS(الحفظ!$D$5:$D$1000,الحفظ!$K$5:$K$1000,\"=\"&A200,الحفظ!$D$5:$D$1000,\">0\")),\"\")","v":""},{"$f":"IF(A200<>\"\",SUMIFS(الحفظ!$D$5:$D$1000,الحفظ!$K$5:$K$1000,\"=\"&A200),\"\")","v":""},""]
[null,null,null,null,{"$f":"IF(A201<>\"\",SUMIFS(الحفظ!$B$5:$B$1000,الحفظ!$K$5:$K$1000,\"=\"&A201,الحفظ!$D$5:$D$1000,\">0\")/IF(SUMIFS(الحفظ!$D$5:$D$1000,الحفظ!$K$5:$K$1000,\"=\"&A201,الحفظ!$D$5:$D$1000,\">0\")=0,1,SUMIFS(الحفظ!$D$5:$D$1000,الحفظ!$K$5:$K$1000,\"=\"&A201,الحفظ!$D$5:$D$1000,\">0\")),\"\")","v":""},{"$f":"IF(A201<>\"\",SUMIFS(الحفظ!$D$5:$D$1000,الحفظ!$K$5:$K$1000,\"=\"&A201),\"\")","v":""},""]
[null,null,null,null,{"$f":"IF(A202<>\"\",SUMIFS(الحفظ!$B$5:$B$1000,الحفظ!$K$5:$K$1000,\"=\"&A202,الحفظ!$D$5:$D$1000,\">0\")/IF(SUMIFS(الحفظ!$D$5:$D$1000,الحفظ!$K$5:$K$1000,\"=\"&A202,الحفظ!$D$5:$D$1000,\">0\")=0,1,SUMIFS(الحفظ!$D$5:$D$1000,الحفظ!$K$5:$K$1000,\"=\"&A202,الحفظ!$D$5:$D$1000,\">0\")),\"\")","v":""},{"$f":"IF(A202<>\"\",SUMIFS(الحفظ!$D$5:$D$1000,الحفظ!$K$5:$K$1000,\"=\"&A202),\"\")","v":""},""]
[null,null,null,null,{"$f":"IF(A203<>\"\",SUMIFS(الحفظ!$B$5:$B$1000,الحفظ!$K$5:$K$1000,\"=\"&A203,الحفظ!$D$5:$D$1000,\">0\")/IF(SUMIFS(الحفظ!$D$5:$D$1000,الحفظ!$K$5:$K$1000,\"=\"&A203,الحفظ!$D$5:$D$1000,\">0\")=0,1,SUMIFS(الحفظ!$D$5:$D$1000,الحفظ!$K$5:$K$1000,\"=\"&A203,الحفظ!$D$5:$D$1000,\">0\")),\"\")","v":""},{"$f":"IF(A203<>\"\",SUMIFS(الحفظ!$D$5:$D$1000,الحفظ!$K$5:$K$1000,\"=\"&A203),\"\")","v":""},""]
[null,null,null,null,{"$f":"IF(A204<>\"\",SUMIFS(الحفظ!$B$5:$B$1000,الحفظ!$K$5:$K$1000,\"=\"&A204,الحفظ!$D$5:$D$1000,\">0\")/IF(SUMIFS(الحفظ!$D$5:$D$1000,الحفظ!$K$5:$K$1000,\"=\"&A204,الحفظ!$D$5:$D$1000,\">0\")=0,1,SUMIFS(الحفظ!$D$5:$D$1000,الحفظ!$K$5:$K$1000,\"=\"&A204,الحفظ!$D$5:$D$1000,\">0\")),\"\")","v":""},{"$f":"IF(A204<>\"\",SUMIFS(الحفظ!$D$5:$D$1000,الحفظ!$K$5:$K$1000,\"=\"&A204),\"\")","v":""},""]
[null,null,null,null,{"$f":"IF(A205<>\"\",SUMIFS(الحفظ!$B$5:$B$1000,الحفظ!$K$5:$K$1000,\"=\"&A205,الحفظ!$D$5:$D$1000,\">0\")/IF(SUMIFS(الحفظ!$D$5:$D$1000,الحفظ!$K$5:$K$1000,\"=\"&A205,الحفظ!$D$5:$D$1000,\">0\")=0,1,SUMIFS(الحفظ!$D$5:$D$1000,الحفظ!$K$5:$K$1000,\"=\"&A205,الحفظ!$D$5:$D$1000,\">0\")),\"\")","v":""},{"$f":"IF(A205<>\"\",SUMIFS(الحفظ!$D$5:$D$1000,الحفظ!$K$5:$K$1000,\"=\"&A205),\"\")","v":""},""]
[null,null,null,null,{"$f":"IF(A206<>\"\",SUMIFS(الحفظ!$B$5:$B$1000,الحفظ!$K$5:$K$1000,\"=\"&A206,الحفظ!$D$5:$D$1000,\">0\")/IF(SUMIFS(الحفظ!$D$5:$D$1000,الحفظ!$K$5:$K$1000,\"=\"&A206,الحفظ!$D$5:$D$1000,\">0\")=0,1,SUMIFS(الحفظ!$D$5:$D$1000,الحفظ!$K$5:$K$1000,\"=\"&A206,الحفظ!$D$5:$D$1000,\">0\")),\"\")","v":""},{"$f":"IF(A206<>\"\",SUMIFS(الحفظ!$D$5:$D$1000,الحفظ!$K$5:$K$1000,\"=\"&A206),\"\")","v":""},""]
[null,null,null,null,{"$f":"IF(A207<>\"\",SUMIFS(الحفظ!$B$5:$B$1000,الحفظ!$K$5:$K$1000,\"=\"&A207,الحفظ!$D$5:$D$1000,\">0\")/IF(SUMIFS(الحفظ!$D$5:$D$1000,الحفظ!$K$5:$K$1000,\"=\"&A207,الحفظ!$D$5:$D$1000,\">0\")=0,1,SUMIFS(الحفظ!$D$5:$D$1000,الحفظ!$K$5:$K$1000,\"=\"&A207,الحفظ!$D$5:$D$1000,\">0\")),\"\")","v":""},{"$f":"IF(A207<>\"\",SUMIFS(الحفظ!$D$5:$D$1000,الحفظ!$K$5:$K$1000,\"=\"&A207),\"\")","v":""},""]
[null,null,null,null,{"$f":"IF(A208<>\"\",SUMIFS(الحفظ!$B$5:$B$1000,الحفظ!$K$5:$K$1000,\"=\"&A208,الحفظ!$D$5:$D$1000,\">0\")/IF(SUMIFS(الحفظ!$D$5:$D$1000,الحفظ!$K$5:$K$1000,\"=\"&A208,الحفظ!$D$5:$D$1000,\">0\")=0,1,SUMIFS(الحفظ!$D$5:$D$1000,الحفظ!$K$5:$K$1000,\"=\"&A208,الحفظ!$D$5:$D$1000,\">0\")),\"\")","v":""},{"$f":"IF(A208<>\"\",SUMIFS(الحفظ!$D$5:$D$1000,الحفظ!$K$5:$K$1000,\"=\"&A208),\"\")","v":""},""]
[null,null,null,null,{"$f":"IF(A209<>\"\",SUMIFS(الحفظ!$B$5:$B$1000,الحفظ!$K$5:$K$1000,\"=\"&A209,الحفظ!$D$5:$D$1000,\">0\")/IF(SUMIFS(الحفظ!$D$5:$D$1000,الحفظ!$K$5:$K$1000,\"=\"&A209,الحفظ!$D$5:$D$1000,\">0\")=0,1,SUMIFS(الحفظ!$D$5:$D$1000,الحفظ!$K$5:$K$1000,\"=\"&A209,الحفظ!$D$5:$D$1000,\">0\")),\"\")","v":""},{"$f":"IF(A209<>\"\",SUMIFS(الحفظ!$D$5:$D$1000,الحفظ!$K$5:$K$1000,\"=\"&A209),\"\")","v":""},""]
[null,null,null,null,{"$f":"IF(A210<>\"\",SUMIFS(الحفظ!$B$5:$B$1000,الحفظ!$K$5:$K$1000,\"=\"&A210,الحفظ!$D$5:$D$1000,\">0\")/IF(SUMIFS(الحفظ!$D$5:$D$1000,الحفظ!$K$5:$K$1000,\"=\"&A210,الحفظ!$D$5:$D$1000,\">0\")=0,1,SUMIFS(الحفظ!$D$5:$D$1000,الحفظ!$K$5:$K$1000,\"=\"&A210,الحفظ!$D$5:$D$1000,\">0\")),\"\")","v":""},{"$f":"IF(A210<>\"\",SUMIFS(الحفظ!$D$5:$D$1000,الحفظ!$K$5:$K$1000,\"=\"&A210),\"\")","v":""},""]
[null,null,null,null,{"$f":"IF(A211<>\"\",SUMIFS(الحفظ!$B$5:$B$1000,الحفظ!$K$5:$K$1000,\"=\"&A211,الحفظ!$D$5:$D$1000,\">0\")/IF(SUMIFS(الحفظ!$D$5:$D$1000,الحفظ!$K$5:$K$1000,\"=\"&A211,الحفظ!$D$5:$D$1000,\">0\")=0,1,SUMIFS(الحفظ!$D$5:$D$1000,الحفظ!$K$5:$K$1000,\"=\"&A211,الحفظ!$D$5:$D$1000,\">0\")),\"\")","v":""},{"$f":"IF(A211<>\"\",SUMIFS(الحفظ!$D$5:$D$1000,الحفظ!$K$5:$K$1000,\"=\"&A211),\"\")","v":""},""]
[null,null,null,null,{"$f":"IF(A212<>\"\",SUMIFS(الحفظ!$B$5:$B$1000,الحفظ!$K$5:$K$1000,\"=\"&A212,الحفظ!$D$5:$D$1000,\">0\")/IF(SUMIFS(الحفظ!$D$5:$D$1000,الحفظ!$K$5:$K$1000,\"=\"&A212,الحفظ!$D$5:$D$1000,\">0\")=0,1,SUMIFS(الحفظ!$D$5:$D$1000,الحفظ!$K$5:$K$1000,\"=\"&A212,الحفظ!$D$5:$D$1000,\">0\")),\"\")","v":""},{"$f":"IF(A212<>\"\",SUMIFS(الحفظ!$D$5:$D$1000,الحفظ!$K$5:$K$1000,\"=\"&A212),\"\")","v":""},""]
[null,null,null,null,{"$f":"IF(A213<>\"\",SUMIFS(الحفظ!$B$5:$B$1000,الحفظ!$K$5:$K$1000,\"=\"&A213,الحفظ!$D$5:$D$1000,\">0\")/IF(SUMIFS(الحفظ!$D$5:$D$1000,الحفظ!$K$5:$K$1000,\"=\"&A213,الحفظ!$D$5:$D$1000,\">0\")=0,1,SUMIFS(الحفظ!$D$5:$D$1000,الحفظ!$K$5:$K$1000,\"=\"&A213,الحفظ!$D$5:$D$1000,\">0\")),\"\")","v":""},{"$f":"IF(A213<>\"\",SUMIFS(الحفظ!$D$5:$D$1000,الحفظ!$K$5:$K$1000,\"=\"&A213),\"\")","v":""},""]
[null,null,null,null,{"$f":"IF(A214<>\"\",SUMIFS(الحفظ!$B$5:$B$1000,الحفظ!$K$5:$K$1000,\"=\"&A214,الحفظ!$D$5:$D$1000,\">0\")/IF(SUMIFS(الحفظ!$D$5:$D$1000,الحفظ!$K$5:$K$1000,\"=\"&A214,الحفظ!$D$5:$D$1000,\">0\")=0,1,SUMIFS(الحفظ!$D$5:$D$1000,الحفظ!$K$5:$K$1000,\"=\"&A214,الحفظ!$D$5:$D$1000,\">0\")),\"\")","v":""},{"$f":"IF(A214<>\"\",SUMIFS(الحفظ!$D$5:$D$1000,الحفظ!$K$5:$K$1000,\"=\"&A214),\"\")","v":""},""]
[null,null,null,null,{"$f":"IF(A215<>\"\",SUMIFS(الحفظ!$B$5:$B$1000,الحفظ!$K$5:$K$1000,\"=\"&A215,الحفظ!$D$5:$D$1000,\">0\")/IF(SUMIFS(الحفظ!$D$5:$D$1000,الحفظ!$K$5:$K$1000,\"=\"&A215,الحفظ!$D$5:$D$1000,\">0\")=0,1,SUMIFS(الحفظ!$D$5:$D$1000,الحفظ!$K$5:$K$1000,\"=\"&A215,الحفظ!$D$5:$D$1000,\">0\")),\"\")","v":""},{"$f":"IF(A215<>\"\",SUMIFS(الحفظ!$D$5:$D$1000,الحفظ!$K$5:$K$1000,\"=\"&A215),\"\")","v":""},""]
[null,null,null,null,{"$f":"IF(A216<>\"\",SUMIFS(الحفظ!$B$5:$B$1000,الحفظ!$K$5:$K$1000,\"=\"&A216,الحفظ!$D$5:$D$1000,\">0\")/IF(SUMIFS(الحفظ!$D$5:$D$1000,الحفظ!$K$5:$K$1000,\"=\"&A216,الحفظ!$D$5:$D$1000,\">0\")=0,1,SUMIFS(الحفظ!$D$5:$D$1000,الحفظ!$K$5:$K$1000,\"=\"&A216,الحفظ!$D$5:$D$1000,\">0\")),\"\")","v":""},{"$f":"IF(A216<>\"\",SUMIFS(الحفظ!$D$5:$D$1000,الحفظ!$K$5:$K$1000,\"=\"&A216),\"\")","v":""},""]
[null,null,null,null,{"$f":"IF(A217<>\"\",SUMIFS(الحفظ!$B$5:$B$1000,الحفظ!$K$5:$K$1000,\"=\"&A217,الحفظ!$D$5:$D$1000,\">0\")/IF(SUMIFS(الحفظ!$D$5:$D$1000,الحفظ!$K$5:$K$1000,\"=\"&A217,الحفظ!$D$5:$D$1000,\">0\")=0,1,SUMIFS(الحفظ!$D$5:$D$1000,الحفظ!$K$5:$K$1000,\"=\"&A217,الحفظ!$D$5:$D$1000,\">0\")),\"\")","v":""},{"$f":"IF(A217<>\"\",SUMIFS(الحفظ!$D$5:$D$1000,الحفظ!$K$5:$K$1000,\"=\"&A217),\"\")","v":""},""]
[null,null,null,null,{"$f":"IF(A218<>\"\",SUMIFS(الحفظ!$B$5:$B$1000,الحفظ!$K$5:$K$1000,\"=\"&A218,الحفظ!$D$5:$D$1000,\">0\")/IF(SUMIFS(الحفظ!$D$5:$D$1000,الحفظ!$K$5:$K$1000,\"=\"&A218,الحفظ!$D$5:$D$1000,\">0\")=0,1,SUMIFS(الحفظ!$D$5:$D$1000,الحفظ!$K$5:$K$1000,\"=\"&A218,الحفظ!$D$5:$D$1000,\">0\")),\"\")","v":""},{"$f":"IF(A218<>\"\",SUMIFS(الحفظ!$D$5:$D$1000,الحفظ!$K$5:$K$1000,\"=\"&A218),\"\")","v":""},""]
[null,null,null,null,{"$f":"IF(A219<>\"\",SUMIFS(الحفظ!$B$5:$B$1000,الحفظ!$K$5:$K$1000,\"=\"&A219,الحفظ!$D$5:$D$1000,\">0\")/IF(SUMIFS(الحفظ!$D$5:$D$1000,الحفظ!$K$5:$K$1000,\"=\"&A219,الحفظ!$D$5:$D$1000,\">0\")=0,1,SUMIFS(الحفظ!$D$5:$D$1000,الحفظ!$K$5:$K$1000,\"=\"&A219,الحفظ!$D$5:$D$1000,\">0\")),\"\")","v":""},{"$f":"IF(A219<>\"\",SUMIFS(الحفظ!$D$5:$D$1000,الحفظ!$K$5:$K$1000,\"=\"&A219),\"\")","v":""},""]
[null,null,null,null,{"$f":"IF(A220<>\"\",SUMIFS(الحفظ!$B$5:$B$1000,الحفظ!$K$5:$K$1000,\"=\"&A220,الحفظ!$D$5:$D$1000,\">0\")/IF(SUMIFS(الحفظ!$D$5:$D$1000,الحفظ!$K$5:$K$1000,\"=\"&A220,الحفظ!$D$5:$D$1000,\">0\")=0,1,SUMIFS(الحفظ!$D$5:$D$1000,الحفظ!$K$5:$K$1000,\"=\"&A220,الحفظ!$D$5:$D$1000,\">0\")),\"\")","v":""},{"$f":"IF(A220<>\"\",SUMIFS(الحفظ!$D$5:$D$1000,الحفظ!$K$5:$K$1000,\"=\"&A220),\"\")","v":""},""]
[null,null,null,null,{"$f":"IF(A221<>\"\",SUMIFS(الحفظ!$B$5:$B$1000,الحفظ!$K$5:$K$1000,\"=\"&A221,الحفظ!$D$5:$D$1000,\">0\")/IF(SUMIFS(الحفظ!$D$5:$D$1000,الحفظ!$K$5:$K$1000,\"=\"&A221,الحفظ!$D$5:$D$1000,\">0\")=0,1,SUMIFS(الحفظ!$D$5:$D$1000,الحفظ!$K$5:$K$1000,\"=\"&A221,الحفظ!$D$5:$D$1000,\">0\")),\"\")","v":""},{"$f":"IF(A221<>\"\",SUMIFS(الحفظ!$D$5:$D$1000,الحفظ!$K$5:$K$1000,\"=\"&A221),\"\")","v":""},""]
[null,null,null,null,{"$f":"IF(A222<>\"\",SUMIFS(الحفظ!$B$5:$B$1000,الحفظ!$K$5:$K$1000,\"=\"&A222,الحفظ!$D$5:$D$1000,\">0\")/IF(SUMIFS(الحفظ!$D$5:$D$1000,الحفظ!$K$5:$K$1000,\"=\"&A222,الحفظ!$D$5:$D$1000,\">0\")=0,1,SUMIFS(الحفظ!$D$5:$D$1000,الحفظ!$K$5:$K$1000,\"=\"&A222,الحفظ!$D$5:$D$1000,\">0\")),\"\")","v":""},{"$f":"IF(A222<>\"\",SUMIFS(الحفظ!$D$5:$D$1000,الحفظ!$K$5:$K$1000,\"=\"&A222),\"\")","v":""},""]
[null,null,null,null,{"$f":"IF(A223<>\"\",SUMIFS(الحفظ!$B$5:$B$1000,الحفظ!$K$5:$K$1000,\"=\"&A223,الحفظ!$D$5:$D$1000,\">0\")/IF(SUMIFS(الحفظ!$D$5:$D$1000,الحفظ!$K$5:$K$1000,\"=\"&A223,الحفظ!$D$5:$D$1000,\">0\")=0,1,SUMIFS(الحفظ!$D$5:$D$1000,الحفظ!$K$5:$K$1000,\"=\"&A223,الحفظ!$D$5:$D$1000,\">0\")),\"\")","v":""},{"$f":"IF(A223<>\"\",SUMIFS(الحفظ!$D$5:$D$1000,الحفظ!$K$5:$K$1000,\"=\"&A223),\"\")","v":""},{"$f":"IF(A223<>\"\",F223*E223,\"\")","v":""}]
[null,null,null,null,{"$f":"IF(A224<>\"\",SUMIFS(الحفظ!$B$5:$B$1000,الحفظ!$K$5:$K$1000,\"=\"&A224,الحفظ!$D$5:$D$1000,\">0\")/IF(SUMIFS(الحفظ!$D$5:$D$1000,الحفظ!$K$5:$K$1000,\"=\"&A224,الحفظ!$D$5:$D$1000,\">0\")=0,1,SUMIFS(الحفظ!$D$5:$D$1000,الحفظ!$K$5:$K$1000,\"=\"&A224,الحفظ!$D$5:$D$1000,\">0\")),\"\")","v":""},{"$f":"IF(A224<>\"\",SUMIFS(الحفظ!$D$5:$D$1000,الحفظ!$K$5:$K$1000,\"=\"&A224),\"\")","v":""},""]
[null,null,null,null,{"$f":"IF(A225<>\"\",SUMIFS(الحفظ!$B$5:$B$1000,الحفظ!$K$5:$K$1000,\"=\"&A225,الحفظ!$D$5:$D$1000,\">0\")/IF(SUMIFS(الحفظ!$D$5:$D$1000,الحفظ!$K$5:$K$1000,\"=\"&A225,الحفظ!$D$5:$D$1000,\">0\")=0,1,SUMIFS(الحفظ!$D$5:$D$1000,الحفظ!$K$5:$K$1000,\"=\"&A225,الحفظ!$D$5:$D$1000,\">0\")),\"\")","v":""},{"$f":"IF(A225<>\"\",SUMIFS(الحفظ!$D$5:$D$1000,الحفظ!$K$5:$K$1000,\"=\"&A225),\"\")","v":""},""]
[null,null,null,null,{"$f":"IF(A226<>\"\",SUMIFS(الحفظ!$B$5:$B$1000,الحفظ!$K$5:$K$1000,\"=\"&A226,الحفظ!$D$5:$D$1000,\">0\")/IF(SUMIFS(الحفظ!$D$5:$D$1000,الحفظ!$K$5:$K$1000,\"=\"&A226,الحفظ!$D$5:$D$1000,\">0\")=0,1,SUMIFS(الحفظ!$D$5:$D$1000,الحفظ!$K$5:$K$1000,\"=\"&A226,الحفظ!$D$5:$D$1000,\">0\")),\"\")","v":""},{"$f":"IF(A226<>\"\",SUMIFS(الحفظ!$D$5:$D$1000,الحفظ!$K$5:$K$1000,\"=\"&A226),\"\")","v":""},""]
[null,null,null,null,{"$f":"IF(A227<>\"\",SUMIFS(الحفظ!$B$5:$B$1000,الحفظ!$K$5:$K$1000,\"=\"&A227,الحفظ!$D$5:$D$1000,\">0\")/IF(SUMIFS(الحفظ!$D$5:$D$1000,الحفظ!$K$5:$K$1000,\"=\"&A227,الحفظ!$D$5:$D$1000,\">0\")=0,1,SUMIFS(الحفظ!$D$5:$D$1000,الحفظ!$K$5:$K$1000,\"=\"&A227,الحفظ!$D$5:$D$1000,\">0\")),\"\")","v":""},{"$f":"IF(A227<>\"\",SUMIFS(الحفظ!$D$5:$D$1000,الحفظ!$K$5:$K$1000,\"=\"&A227),\"\")","v":""},""]
[null,null,null,null,{"$f":"IF(A228<>\"\",SUMIFS(الحفظ!$B$5:$B$1000,الحفظ!$K$5:$K$1000,\"=\"&A228,الحفظ!$D$5:$D$1000,\">0\")/IF(SUMIFS(الحفظ!$D$5:$D$1000,الحفظ!$K$5:$K$1000,\"=\"&A228,الحفظ!$D$5:$D$1000,\">0\")=0,1,SUMIFS(الحفظ!$D$5:$D$1000,الحفظ!$K$5:$K$1000,\"=\"&A228,الحفظ!$D$5:$D$1000,\">0\")),\"\")","v":""},{"$f":"IF(A228<>\"\",SUMIFS(الحفظ!$D$5:$D$1000,الحفظ!$K$5:$K$1000,\"=\"&A228),\"\")","v":""},""]
[null,null,null,null,{"$f":"IF(A229<>\"\",SUMIFS(الحفظ!$B$5:$B$1000,الحفظ!$K$5:$K$1000,\"=\"&A229,الحفظ!$D$5:$D$1000,\">0\")/IF(SUMIFS(الحفظ!$D$5:$D$1000,الحفظ!$K$5:$K$1000,\"=\"&A229,الحفظ!$D$5:$D$1000,\">0\")=0,1,SUMIFS(الحفظ!$D$5:$D$1000,الحفظ!$K$5:$K$1000,\"=\"&A229,الحفظ!$D$5:$D$1000,\">0\")),\"\")","v":""},{"$f":"IF(A229<>\"\",SUMIFS(الحفظ!$D$5:$D$1000,الحفظ!$K$5:$K$1000,\"=\"&A229),\"\")","v":""},""]
[null,null,null,null,{"$f":"IF(A230<>\"\",SUMIFS(الحفظ!$B$5:$B$1000,الحفظ!$K$5:$K$1000,\"=\"&A230,الحفظ!$D$5:$D$1000,\">0\")/IF(SUMIFS(الحفظ!$D$5:$D$1000,الحفظ!$K$5:$K$1000,\"=\"&A230,الحفظ!$D$5:$D$1000,\">0\")=0,1,SUMIFS(الحفظ!$D$5:$D$1000,الحفظ!$K$5:$K$1000,\"=\"&A230,الحفظ!$D$5:$D$1000,\">0\")),\"\")","v":""},{"$f":"IF(A230<>\"\",SUMIFS(الحفظ!$D$5:$D$1000,الحفظ!$K$5:$K$1000,\"=\"&A230),\"\")","v":""},""]
[null,null,null,null,{"$f":"IF(A231<>\"\",SUMIFS(الحفظ!$B$5:$B$1000,الحفظ!$K$5:$K$1000,\"=\"&A231,الحفظ!$D$5:$D$1000,\">0\")/IF(SUMIFS(الحفظ!$D$5:$D$1000,الحفظ!$K$5:$K$1000,\"=\"&A231,الحفظ!$D$5:$D$1000,\">0\")=0,1,SUMIFS(الحفظ!$D$5:$D$1000,الحفظ!$K$5:$K$1000,\"=\"&A231,الحفظ!$D$5:$D$1000,\">0\")),\"\")","v":""},{"$f":"IF(A231<>\"\",SUMIFS(الحفظ!$D$5:$D$1000,الحفظ!$K$5:$K$1000,\"=\"&A231),\"\")","v":""},""]
[null,null,null,null,{"$f":"IF(A232<>\"\",SUMIFS(الحفظ!$B$5:$B$1000,الحفظ!$K$5:$K$1000,\"=\"&A232,الحفظ!$D$5:$D$1000,\">0\")/IF(SUMIFS(الحفظ!$D$5:$D$1000,الحفظ!$K$5:$K$1000,\"=\"&A232,الحفظ!$D$5:$D$1000,\">0\")=0,1,SUMIFS(الحفظ!$D$5:$D$1000,الحفظ!$K$5:$K$1000,\"=\"&A232,الحفظ!$D$5:$D$1000,\">0\")),\"\")","v":""},{"$f":"IF(A232<>\"\",SUMIFS(الحفظ!$D$5:$D$1000,الحفظ!$K$5:$K$1000,\"=\"&A232),\"\")","v":""},""]
[null,null,null,null,{"$f":"IF(A233<>\"\",SUMIFS(الحفظ!$B$5:$B$1000,الحفظ!$K$5:$K$1000,\"=\"&A233,الحفظ!$D$5:$D$1000,\">0\")/IF(SUMIFS(الحفظ!$D$5:$D$1000,الحفظ!$K$5:$K$1000,\"=\"&A233,الحفظ!$D$5:$D$1000,\">0\")=0,1,SUMIFS(الحفظ!$D$5:$D$1000,الحفظ!$K$5:$K$1000,\"=\"&A233,الحفظ!$D$5:$D$1000,\">0\")),\"\")","v":""},{"$f":"IF(A233<>\"\",SUMIFS(الحفظ!$D$5:$D$1000,الحفظ!$K$5:$K$1000,\"=\"&A233),\"\")","v":""},""]
[null,null,null,null,{"$f":"IF(A234<>\"\",SUMIFS(الحفظ!$B$5:$B$1000,الحفظ!$K$5:$K$1000,\"=\"&A234,الحفظ!$D$5:$D$1000,\">0\")/IF(SUMIFS(الحفظ!$D$5:$D$1000,الحفظ!$K$5:$K$1000,\"=\"&A234,الحفظ!$D$5:$D$1000,\">0\")=0,1,SUMIFS(الحفظ!$D$5:$D$1000,الحفظ!$K$5:$K$1000,\"=\"&A234,الحفظ!$D$5:$D$1000,\">0\")),\"\")","v":""},{"$f":"IF(A234<>\"\",SUMIFS(الحفظ!$D$5:$D$1000,الحفظ!$K$5:$K$1000,\"=\"&A234),\"\")","v":""},""]
[null,null,null,null,{"$f":"IF(A235<>\"\",SUMIFS(الحفظ!$B$5:$B$1000,الحفظ!$K$5:$K$1000,\"=\"&A235,الحفظ!$D$5:$D$1000,\">0\")/IF(SUMIFS(الحفظ!$D$5:$D$1000,الحفظ!$K$5:$K$1000,\"=\"&A235,الحفظ!$D$5:$D$1000,\">0\")=0,1,SUMIFS(الحفظ!$D$5:$D$1000,الحفظ!$K$5:$K$1000,\"=\"&A235,الحفظ!$D$5:$D$1000,\">0\")),\"\")","v":""},{"$f":"IF(A235<>\"\",SUMIFS(الحفظ!$D$5:$D$1000,الحفظ!$K$5:$K$1000,\"=\"&A235),\"\")","v":""},""]
[null,null,null,null,{"$f":"IF(A236<>\"\",SUMIFS(الحفظ!$B$5:$B$1000,الحفظ!$K$5:$K$1000,\"=\"&A236,الحفظ!$D$5:$D$1000,\">0\")/IF(SUMIFS(الحفظ!$D$5:$D$1000,الحفظ!$K$5:$K$1000,\"=\"&A236,الحفظ!$D$5:$D$1000,\">0\")=0,1,SUMIFS(الحفظ!$D$5:$D$1000,الحفظ!$K$5:$K$1000,\"=\"&A236,الحفظ!$D$5:$D$1000,\">0\")),\"\")","v":""},{"$f":"IF(A236<>\"\",SUMIFS(الحفظ!$D$5:$D$1000,الحفظ!$K$5:$K$1000,\"=\"&A236),\"\")","v":""},""]
[null,null,null,null,{"$f":"IF(A237<>\"\",SUMIFS(الحفظ!$B$5:$B$1000,الحفظ!$K$5:$K$1000,\"=\"&A237,الحفظ!$D$5:$D$1000,\">0\")/IF(SUMIFS(الحفظ!$D$5:$D$1000,الحفظ!$K$5:$K$1000,\"=\"&A237,الحفظ!$D$5:$D$1000,\">0\")=0,1,SUMIFS(الحفظ!$D$5:$D$1000,الحفظ!$K$5:$K$1000,\"=\"&A237,الحفظ!$D$5:$D$1000,\">0\")),\"\")","v":""},{"$f":"IF(A237<>\"\",SUMIFS(الحفظ!$D$5:$D$1000,الحفظ!$K$5:$K$1000,\"=\"&A237),\"\")","v":""},""]
[null,null,null,null,{"$f":"IF(A238<>\"\",SUMIFS(الحفظ!$B$5:$B$1000,الحفظ!$K$5:$K$1000,\"=\"&A238,الحفظ!$D$5:$D$1000,\">0\")/IF(SUMIFS(الحفظ!$D$5:$D$1000,الحفظ!$K$5:$K$1000,\"=\"&A238,الحفظ!$D$5:$D$1000,\">0\")=0,1,SUMIFS(الحفظ!$D$5:$D$1000,الحفظ!$K$5:$K$1000,\"=\"&A238,الحفظ!$D$5:$D$1000,\">0\")),\"\")","v":""},{"$f":"IF(A238<>\"\",SUMIFS(الحفظ!$D$5:$D$1000,الحفظ!$K$5:$K$1000,\"=\"&A238),\"\")","v":""},""]
[null,null,null,null,{"$f":"IF(A239<>\"\",SUMIFS(الحفظ!$B$5:$B$1000,الحفظ!$K$5:$K$1000,\"=\"&A239,الحفظ!$D$5:$D$1000,\">0\")/IF(SUMIFS(الحفظ!$D$5:$D$1000,الحفظ!$K$5:$K$1000,\"=\"&A239,الحفظ!$D$5:$D$1000,\">0\")=0,1,SUMIFS(الحفظ!$D$5:$D$1000,الحفظ!$K$5:$K$1000,\"=\"&A239,الحفظ!$D$5:$D$1000,\">0\")),\"\")","v":""},{"$f":"IF(A239<>\"\",SUMIFS(الحفظ!$D$5:$D$1000,الحفظ!$K$5:$K$1000,\"=\"&A239),\"\")","v":""},""]
[null,null,null,null,{"$f":"IF(A240<>\"\",SUMIFS(الحفظ!$B$5:$B$1000,الحفظ!$K$5:$K$1000,\"=\"&A240,الحفظ!$D$5:$D$1000,\">0\")/IF(SUMIFS(الحفظ!$D$5:$D$1000,الحفظ!$K$5:$K$1000,\"=\"&A240,الحفظ!$D$5:$D$1000,\">0\")=0,1,SUMIFS(الحفظ!$D$5:$D$1000,الحفظ!$K$5:$K$1000,\"=\"&A240,الحفظ!$D$5:$D$1000,\">0\")),\"\")","v":""},{"$f":"IF(A240<>\"\",SUMIFS(الحفظ!$D$5:$D$1000,الحفظ!$K$5:$K$1000,\"=\"&A240),\"\")","v":""},""]
[null,null,null,null,{"$f":"IF(A241<>\"\",SUMIFS(الحفظ!$B$5:$B$1000,الحفظ!$K$5:$K$1000,\"=\"&A241,الحفظ!$D$5:$D$1000,\">0\")/IF(SUMIFS(الحفظ!$D$5:$D$1000,الحفظ!$K$5:$K$1000,\"=\"&A241,الحفظ!$D$5:$D$1000,\">0\")=0,1,SUMIFS(الحفظ!$D$5:$D$1000,الحفظ!$K$5:$K$1000,\"=\"&A241,الحفظ!$D$5:$D$1000,\">0\")),\"\")","v":""},{"$f":"IF(A241<>\"\",SUMIFS(الحفظ!$D$5:$D$1000,الحفظ!$K$5:$K$1000,\"=\"&A241),\"\")","v":""},""]
[null,null,null,null,{"$f":"IF(A242<>\"\",SUMIFS(الحفظ!$B$5:$B$1000,الحفظ!$K$5:$K$1000,\"=\"&A242,الحفظ!$D$5:$D$1000,\">0\")/IF(SUMIFS(الحفظ!$D$5:$D$1000,الحفظ!$K$5:$K$1000,\"=\"&A242,الحفظ!$D$5:$D$1000,\">0\")=0,1,SUMIFS(الحفظ!$D$5:$D$1000,الحفظ!$K$5:$K$1000,\"=\"&A242,الحفظ!$D$5:$D$1000,\">0\")),\"\")","v":""},{"$f":"IF(A242<>\"\",SUMIFS(الحفظ!$D$5:$D$1000,الحفظ!$K$5:$K$1000,\"=\"&A242),\"\")","v":""},""]
[null,null,null,null,{"$f":"IF(A243<>\"\",SUMIFS(الحفظ!$B$5:$B$1000,الحفظ!$K$5:$K$1000,\"=\"&A243,الحفظ!$D$5:$D$1000,\">0\")/IF(SUMIFS(الحفظ!$D$5:$D$1000,الحفظ!$K$5:$K$1000,\"=\"&A243,الحفظ!$D$5:$D$1000,\">0\")=0,1,SUMIFS(الحفظ!$D$5:$D$1000,الحفظ!$K$5:$K$1000,\"=\"&A243,الحفظ!$D$5:$D$1000,\">0\")),\"\")","v":""},{"$f":"IF(A243<>\"\",SUMIFS(الحفظ!$D$5:$D$1000,الحفظ!$K$5:$K$1000,\"=\"&A243),\"\")","v":""},""]
[null,null,null,null,{"$f":"IF(A244<>\"\",SUMIFS(الحفظ!$B$5:$B$1000,الحفظ!$K$5:$K$1000,\"=\"&A244,الحفظ!$D$5:$D$1000,\">0\")/IF(SUMIFS(الحفظ!$D$5:$D$1000,الحفظ!$K$5:$K$1000,\"=\"&A244,الحفظ!$D$5:$D$1000,\">0\")=0,1,SUMIFS(الحفظ!$D$5:$D$1000,الحفظ!$K$5:$K$1000,\"=\"&A244,الحفظ!$D$5:$D$1000,\">0\")),\"\")","v":""},{"$f":"IF(A244<>\"\",SUMIFS(الحفظ!$D$5:$D$1000,الحفظ!$K$5:$K$1000,\"=\"&A244),\"\")","v":""},""]
[null,null,null,null,{"$f":"IF(A245<>\"\",SUMIFS(الحفظ!$B$5:$B$1000,الحفظ!$K$5:$K$1000,\"=\"&A245,الحفظ!$D$5:$D$1000,\">0\")/IF(SUMIFS(الحفظ!$D$5:$D$1000,الحفظ!$K$5:$K$1000,\"=\"&A245,الحفظ!$D$5:$D$1000,\">0\")=0,1,SUMIFS(الحفظ!$D$5:$D$1000,الحفظ!$K$5:$K$1000,\"=\"&A245,الحفظ!$D$5:$D$1000,\">0\")),\"\")","v":""},{"$f":"IF(A245<>\"\",SUMIFS(الحفظ!$D$5:$D$1000,الحفظ!$K$5:$K$1000,\"=\"&A245),\"\")","v":""},""]
[null,null,null,null,{"$f":"IF(A246<>\"\",SUMIFS(الحفظ!$B$5:$B$1000,الحفظ!$K$5:$K$1000,\"=\"&A246,الحفظ!$D$5:$D$1000,\">0\")/IF(SUMIFS(الحفظ!$D$5:$D$1000,الحفظ!$K$5:$K$1000,\"=\"&A246,الحفظ!$D$5:$D$1000,\">0\")=0,1,SUMIFS(الحفظ!$D$5:$D$1000,الحفظ!$K$5:$K$1000,\"=\"&A246,الحفظ!$D$5:$D$1000,\">0\")),\"\")","v":""},{"$f":"IF(A246<>\"\",SUMIFS(الحفظ!$D$5:$D$1000,الحفظ!$K$5:$K$1000,\"=\"&A246),\"\")","v":""},""]
[null,null,null,null,{"$f":"IF(A247<>\"\",SUMIFS(الحفظ!$B$5:$B$1000,الحفظ!$K$5:$K$1000,\"=\"&A247,الحفظ!$D$5:$D$1000,\">0\")/IF(SUMIFS(الحفظ!$D$5:$D$1000,الحفظ!$K$5:$K$1000,\"=\"&A247,الحفظ!$D$5:$D$1000,\">0\")=0,1,SUMIFS(الحفظ!$D$5:$D$1000,الحفظ!$K$5:$K$1000,\"=\"&A247,الحفظ!$D$5:$D$1000,\">0\")),\"\")","v":""},{"$f":"IF(A247<>\"\",SUMIFS(الحفظ!$D$5:$D$1000,الحفظ!$K$5:$K$1000,\"=\"&A247),\"\")","v":""},""]
[null,null,null,null,{"$f":"IF(A248<>\"\",SUMIFS(الحفظ!$B$5:$B$1000,الحفظ!$K$5:$K$1000,\"=\"&A248,الحفظ!$D$5:$D$1000,\">0\")/IF(SUMIFS(الحفظ!$D$5:$D$1000,الحفظ!$K$5:$K$1000,\"=\"&A248,الحفظ!$D$5:$D$1000,\">0\")=0,1,SUMIFS(الحفظ!$D$5:$D$1000,الحفظ!$K$5:$K$1000,\"=\"&A248,الحفظ!$D$5:$D$1000,\">0\")),\"\")","v":""},{"$f":"IF(A248<>\"\",SUMIFS(الحفظ!$D$5:$D$1000,الحفظ!$K$5:$K$1000,\"=\"&A248),\"\")","v":""},""]
[null,null,null,null,{"$f":"IF(A249<>\"\",SUMIFS(الحفظ!$B$5:$B$1000,الحفظ!$K$5:$K$1000,\"=\"&A249,الحفظ!$D$5:$D$1000,\">0\")/IF(SUMIFS(الحفظ!$D$5:$D$1000,الحفظ!$K$5:$K$1000,\"=\"&A249,الحفظ!$D$5:$D$1000,\">0\")=0,1,SUMIFS(الحفظ!$D$5:$D$1000,الحفظ!$K$5:$K$1000,\"=\"&A249,الحفظ!$D$5:$D$1000,\">0\")),\"\")","v":""},{"$f":"IF(A249<>\"\",SUMIFS(الحفظ!$D$5:$D$1000,الحفظ!$K$5:$K$1000,\"=\"&A249),\"\")","v":""},""]
[null,null,null,null,{"$f":"IF(A250<>\"\",SUMIFS(الحفظ!$B$5:$B$1000,الحفظ!$K$5:$K$1000,\"=\"&A250,الحفظ!$D$5:$D$1000,\">0\")/IF(SUMIFS(الحفظ!$D$5:$D$1000,الحفظ!$K$5:$K$1000,\"=\"&A250,الحفظ!$D$5:$D$1000,\">0\")=0,1,SUMIFS(الحفظ!$D$5:$D$1000,الحفظ!$K$5:$K$1000,\"=\"&A250,الحفظ!$D$5:$D$1000,\">0\")),\"\")","v":""},{"$f":"IF(A250<>\"\",SUMIFS(الحفظ!$D$5:$D$1000,الحفظ!$K$5:$K$1000,\"=\"&A250),\"\")","v":""},""]
[null,null,null,null,{"$f":"IF(A251<>\"\",SUMIFS(الحفظ!$B$5:$B$1000,الحفظ!$K$5:$K$1000,\"=\"&A251,الحفظ!$D$5:$D$1000,\">0\")/IF(SUMIFS(الحفظ!$D$5:$D$1000,الحفظ!$K$5:$K$1000,\"=\"&A251,الحفظ!$D$5:$D$1000,\">0\")=0,1,SUMIFS(الحفظ!$D$5:$D$1000,الحفظ!$K$5:$K$1000,\"=\"&A251,الحفظ!$D$5:$D$1000,\">0\")),\"\")","v":""},{"$f":"IF(A251<>\"\",SUMIFS(الحفظ!$D$5:$D$1000,الحفظ!$K$5:$K$1000,\"=\"&A251),\"\")","v":""},""]
[null,null,null,null,{"$f":"IF(A252<>\"\",SUMIFS(الحفظ!$B$5:$B$1000,الحفظ!$K$5:$K$1000,\"=\"&A252,الحفظ!$D$5:$D$1000,\">0\")/IF(SUMIFS(الحفظ!$D$5:$D$1000,الحفظ!$K$5:$K$1000,\"=\"&A252,الحفظ!$D$5:$D$1000,\">0\")=0,1,SUMIFS(الحفظ!$D$5:$D$1000,الحفظ!$K$5:$K$1000,\"=\"&A252,الحفظ!$D$5:$D$1000,\">0\")),\"\")","v":""},{"$f":"IF(A252<>\"\",SUMIFS(الحفظ!$D$5:$D$1000,الحفظ!$K$5:$K$1000,\"=\"&A252),\"\")","v":""},""]
[null,null,null,null,{"$f":"IF(A253<>\"\",SUMIFS(الحفظ!$B$5:$B$1000,الحفظ!$K$5:$K$1000,\"=\"&A253,الحفظ!$D$5:$D$1000,\">0\")/IF(SUMIFS(الحفظ!$D$5:$D$1000,الحفظ!$K$5:$K$1000,\"=\"&A253,الحفظ!$D$5:$D$1000,\">0\")=0,1,SUMIFS(الحفظ!$D$5:$D$1000,الحفظ!$K$5:$K$1000,\"=\"&A253,الحفظ!$D$5:$D$1000,\">0\")),\"\")","v":""},{"$f":"IF(A253<>\"\",SUMIFS(الحفظ!$D$5:$D$1000,الحفظ!$K$5:$K$1000,\"=\"&A253),\"\")","v":""},""]
[null,null,null,null,{"$f":"IF(A254<>\"\",SUMIFS(الحفظ!$B$5:$B$1000,الحفظ!$K$5:$K$1000,\"=\"&A254,الحفظ!$D$5:$D$1000,\">0\")/IF(SUMIFS(الحفظ!$D$5:$D$1000,الحفظ!$K$5:$K$1000,\"=\"&A254,الحفظ!$D$5:$D$1000,\">0\")=0,1,SUMIFS(الحفظ!$D$5:$D$1000,الحفظ!$K$5:$K$1000,\"=\"&A254,الحفظ!$D$5:$D$1000,\">0\")),\"\")","v":""},{"$f":"IF(A254<>\"\",SUMIFS(الحفظ!$D$5:$D$1000,الحفظ!$K$5:$K$1000,\"=\"&A254),\"\")","v":""},""]
[null,null,null,null,{"$f":"IF(A255<>\"\",SUMIFS(الحفظ!$B$5:$B$1000,الحفظ!$K$5:$K$1000,\"=\"&A255,الحفظ!$D$5:$D$1000,\">0\")/IF(SUMIFS(الحفظ!$D$5:$D$1000,الحفظ!$K$5:$K$1000,\"=\"&A255,الحفظ!$D$5:$D$1000,\">0\")=0,1,SUMIFS(الحفظ!$D$5:$D$1000,الحفظ!$K$5:$K$1000,\"=\"&A255,الحفظ!$D$5:$D$1000,\">0\")),\"\")","v":""},{"$f":"IF(A255<>\"\",SUMIFS(الحفظ!$D$5:$D$1000,الحفظ!$K$5:$K$1000,\"=\"&A255),\"\")","v":""},""]
[null,null,null,null,{"$f":"IF(A256<>\"\",SUMIFS(الحفظ!$B$5:$B$1000,الحفظ!$K$5:$K$1000,\"=\"&A256,الحفظ!$D$5:$D$1000,\">0\")/IF(SUMIFS(الحفظ!$D$5:$D$1000,الحفظ!$K$5:$K$1000,\"=\"&A256,الحفظ!$D$5:$D$1000,\">0\")=0,1,SUMIFS(الحفظ!$D$5:$D$1000,الحفظ!$K$5:$K$1000,\"=\"&A256,الحفظ!$D$5:$D$1000,\">0\")),\"\")","v":""},{"$f":"IF(A256<>\"\",SUMIFS(الحفظ!$D$5:$D$1000,الحفظ!$K$5:$K$1000,\"=\"&A256),\"\")","v":""},""]
[null,null,null,null,{"$f":"IF(A257<>\"\",SUMIFS(الحفظ!$B$5:$B$1000,الحفظ!$K$5:$K$1000,\"=\"&A257,الحفظ!$D$5:$D$1000,\">0\")/IF(SUMIFS(الحفظ!$D$5:$D$1000,الحفظ!$K$5:$K$1000,\"=\"&A257,الحفظ!$D$5:$D$1000,\">0\")=0,1,SUMIFS(الحفظ!$D$5:$D$1000,الحفظ!$K$5:$K$1000,\"=\"&A257,الحفظ!$D$5:$D$1000,\">0\")),\"\")","v":""},{"$f":"IF(A257<>\"\",SUMIFS(الحفظ!$D$5:$D$1000,الحفظ!$K$5:$K$1000,\"=\"&A257),\"\")","v":""},""]
[null,null,null,null,{"$f":"IF(A258<>\"\",SUMIFS(الحفظ!$B$5:$B$1000,الحفظ!$K$5:$K$1000,\"=\"&A258,الحفظ!$D$5:$D$1000,\">0\")/IF(SUMIFS(الحفظ!$D$5:$D$1000,الحفظ!$K$5:$K$1000,\"=\"&A258,الحفظ!$D$5:$D$1000,\">0\")=0,1,SUMIFS(الحفظ!$D$5:$D$1000,الحفظ!$K$5:$K$1000,\"=\"&A258,الحفظ!$D$5:$D$1000,\">0\")),\"\")","v":""},{"$f":"IF(A258<>\"\",SUMIFS(الحفظ!$D$5:$D$1000,الحفظ!$K$5:$K$1000,\"=\"&A258),\"\")","v":""},""]
[null,null,null,null,{"$f":"IF(A259<>\"\",SUMIFS(الحفظ!$B$5:$B$1000,الحفظ!$K$5:$K$1000,\"=\"&A259,الحفظ!$D$5:$D$1000,\">0\")/IF(SUMIFS(الحفظ!$D$5:$D$1000,الحفظ!$K$5:$K$1000,\"=\"&A259,الحفظ!$D$5:$D$1000,\">0\")=0,1,SUMIFS(الحفظ!$D$5:$D$1000,الحفظ!$K$5:$K$1000,\"=\"&A259,الحفظ!$D$5:$D$1000,\">0\")),\"\")","v":""},{"$f":"IF(A259<>\"\",SUMIFS(الحفظ!$D$5:$D$1000,الحفظ!$K$5:$K$1000,\"=\"&A259),\"\")","v":""},""]
[null,null,null,null,{"$f":"IF(A260<>\"\",SUMIFS(الحفظ!$B$5:$B$1000,الحفظ!$K$5:$K$1000,\"=\"&A260,الحفظ!$D$5:$D$1000,\">0\")/IF(SUMIFS(الحفظ!$D$5:$D$1000,الحفظ!$K$5:$K$1000,\"=\"&A260,الحفظ!$D$5:$D$1000,\">0\")=0,1,SUMIFS(الحفظ!$D$5:$D$1000,الحفظ!$K$5:$K$1000,\"=\"&A260,الحفظ!$D$5:$D$1000,\">0\")),\"\")","v":""},{"$f":"IF(A260<>\"\",SUMIFS(الحفظ!$D$5:$D$1000,الحفظ!$K$5:$K$1000,\"=\"&A260),\"\")","v":""},""]
[null,null,null,null,{"$f":"IF(A261<>\"\",SUMIFS(الحفظ!$B$5:$B$1000,الحفظ!$K$5:$K$1000,\"=\"&A261,الحفظ!$D$5:$D$1000,\">0\")/IF(SUMIFS(الحفظ!$D$5:$D$1000,الحفظ!$K$5:$K$1000,\"=\"&A261,الحفظ!$D$5:$D$1000,\">0\")=0,1,SUMIFS(الحفظ!$D$5:$D$1000,الحفظ!$K$5:$K$1000,\"=\"&A261,الحفظ!$D$5:$D$1000,\">0\")),\"\")","v":""},{"$f":"IF(A261<>\"\",SUMIFS(الحفظ!$D$5:$D$1000,الحفظ!$K$5:$K$1000,\"=\"&A261),\"\")","v":""},""]
[null,null,null,null,{"$f":"IF(A262<>\"\",SUMIFS(الحفظ!$B$5:$B$1000,الحفظ!$K$5:$K$1000,\"=\"&A262,الحفظ!$D$5:$D$1000,\">0\")/IF(SUMIFS(الحفظ!$D$5:$D$1000,الحفظ!$K$5:$K$1000,\"=\"&A262,الحفظ!$D$5:$D$1000,\">0\")=0,1,SUMIFS(الحفظ!$D$5:$D$1000,الحفظ!$K$5:$K$1000,\"=\"&A262,الحفظ!$D$5:$D$1000,\">0\")),\"\")","v":""},{"$f":"IF(A262<>\"\",SUMIFS(الحفظ!$D$5:$D$1000,الحفظ!$K$5:$K$1000,\"=\"&A262),\"\")","v":""},""]
[null,null,null,null,{"$f":"IF(A263<>\"\",SUMIFS(الحفظ!$B$5:$B$1000,الحفظ!$K$5:$K$1000,\"=\"&A263,الحفظ!$D$5:$D$1000,\">0\")/IF(SUMIFS(الحفظ!$D$5:$D$1000,الحفظ!$K$5:$K$1000,\"=\"&A263,الحفظ!$D$5:$D$1000,\">0\")=0,1,SUMIFS(الحفظ!$D$5:$D$1000,الحفظ!$K$5:$K$1000,\"=\"&A263,الحفظ!$D$5:$D$1000,\">0\")),\"\")","v":""},{"$f":"IF(A263<>\"\",SUMIFS(الحفظ!$D$5:$D$1000,الحفظ!$K$5:$K$1000,\"=\"&A263),\"\")","v":""},""]
[null,null,null,null,{"$f":"IF(A264<>\"\",SUMIFS(الحفظ!$B$5:$B$1000,الحفظ!$K$5:$K$1000,\"=\"&A264,الحفظ!$D$5:$D$1000,\">0\")/IF(SUMIFS(الحفظ!$D$5:$D$1000,الحفظ!$K$5:$K$1000,\"=\"&A264,الحفظ!$D$5:$D$1000,\">0\")=0,1,SUMIFS(الحفظ!$D$5:$D$1000,الحفظ!$K$5:$K$1000,\"=\"&A264,الحفظ!$D$5:$D$1000,\">0\")),\"\")","v":""},{"$f":"IF(A264<>\"\",SUMIFS(الحفظ!$D$5:$D$1000,الحفظ!$K$5:$K$1000,\"=\"&A264),\"\")","v":""},""]
[null,null,null,null,{"$f":"IF(A265<>\"\",SUMIFS(الحفظ!$B$5:$B$1000,الحفظ!$K$5:$K$1000,\"=\"&A265,الحفظ!$D$5:$D$1000,\">0\")/IF(SUMIFS(الحفظ!$D$5:$D$1000,الحفظ!$K$5:$K$1000,\"=\"&A265,الحفظ!$D$5:$D$1000,\">0\")=0,1,SUMIFS(الحفظ!$D$5:$D$1000,الحفظ!$K$5:$K$1000,\"=\"&A265,الحفظ!$D$5:$D$1000,\">0\")),\"\")","v":""},{"$f":"IF(A265<>\"\",SUMIFS(الحفظ!$D$5:$D$1000,الحفظ!$K$5:$K$1000,\"=\"&A265),\"\")","v":""},""]
[null,null,null,null,{"$f":"IF(A266<>\"\",SUMIFS(الحفظ!$B$5:$B$1000,الحفظ!$K$5:$K$1000,\"=\"&A266,الحفظ!$D$5:$D$1000,\">0\")/IF(SUMIFS(الحفظ!$D$5:$D$1000,الحفظ!$K$5:$K$1000,\"=\"&A266,الحفظ!$D$5:$D$1000,\">0\")=0,1,SUMIFS(الحفظ!$D$5:$D$1000,الحفظ!$K$5:$K$1000,\"=\"&A266,الحفظ!$D$5:$D$1000,\">0\")),\"\")","v":""},{"$f":"IF(A266<>\"\",SUMIFS(الحفظ!$D$5:$D$1000,الحفظ!$K$5:$K$1000,\"=\"&A266),\"\")","v":""},""]
[null,null,null,null,{"$f":"IF(A267<>\"\",SUMIFS(الحفظ!$B$5:$B$1000,الحفظ!$K$5:$K$1000,\"=\"&A267,الحفظ!$D$5:$D$1000,\">0\")/IF(SUMIFS(الحفظ!$D$5:$D$1000,الحفظ!$K$5:$K$1000,\"=\"&A267,الحفظ!$D$5:$D$1000,\">0\")=0,1,SUMIFS(الحفظ!$D$5:$D$1000,الحفظ!$K$5:$K$1000,\"=\"&A267,الحفظ!$D$5:$D$1000,\">0\")),\"\")","v":""},{"$f":"IF(A267<>\"\",SUMIFS(الحفظ!$D$5:$D$1000,الحفظ!$K$5:$K$1000,\"=\"&A267),\"\")","v":""},""]
[null,null,null,null,{"$f":"IF(A268<>\"\",SUMIFS(الحفظ!$B$5:$B$1000,الحفظ!$K$5:$K$1000,\"=\"&A268,الحفظ!$D$5:$D$1000,\">0\")/IF(SUMIFS(الحفظ!$D$5:$D$1000,الحفظ!$K$5:$K$1000,\"=\"&A268,الحفظ!$D$5:$D$1000,\">0\")=0,1,SUMIFS(الحفظ!$D$5:$D$1000,الحفظ!$K$5:$K$1000,\"=\"&A268,الحفظ!$D$5:$D$1000,\">0\")),\"\")","v":""},{"$f":"IF(A268<>\"\",SUMIFS(الحفظ!$D$5:$D$1000,الحفظ!$K$5:$K$1000,\"=\"&A268),\"\")","v":""},""]
[null,null,null,null,{"$f":"IF(A269<>\"\",SUMIFS(الحفظ!$B$5:$B$1000,الحفظ!$K$5:$K$1000,\"=\"&A269,الحفظ!$D$5:$D$1000,\">0\")/IF(SUMIFS(الحفظ!$D$5:$D$1000,الحفظ!$K$5:$K$1000,\"=\"&A269,الحفظ!$D$5:$D$1000,\">0\")=0,1,SUMIFS(الحفظ!$D$5:$D$1000,الحفظ!$K$5:$K$1000,\"=\"&A269,الحفظ!$D$5:$D$1000,\">0\")),\"\")","v":""},{"$f":"IF(A269<>\"\",SUMIFS(الحفظ!$D$5:$D$1000,الحفظ!$K$5:$K$1000,\"=\"&A269),\"\")","v":""},""]
[null,null,null,null,{"$f":"IF(A270<>\"\",SUMIFS(الحفظ!$B$5:$B$1000,الحفظ!$K$5:$K$1000,\"=\"&A270,الحفظ!$D$5:$D$1000,\">0\")/IF(SUMIFS(الحفظ!$D$5:$D$1000,الحفظ!$K$5:$K$1000,\"=\"&A270,الحفظ!$D$5:$D$1000,\">0\")=0,1,SUMIFS(الحفظ!$D$5:$D$1000,الحفظ!$K$5:$K$1000,\"=\"&A270,الحفظ!$D$5:$D$1000,\">0\")),\"\")","v":""},{"$f":"IF(A270<>\"\",SUMIFS(الحفظ!$D$5:$D$1000,الحفظ!$K$5:$K$1000,\"=\"&A270),\"\")","v":""},""]
[null,null,null,null,{"$f":"IF(A271<>\"\",SUMIFS(الحفظ!$B$5:$B$1000,الحفظ!$K$5:$K$1000,\"=\"&A271,الحفظ!$D$5:$D$1000,\">0\")/IF(SUMIFS(الحفظ!$D$5:$D$1000,الحفظ!$K$5:$K$1000,\"=\"&A271,الحفظ!$D$5:$D$1000,\">0\")=0,1,SUMIFS(الحفظ!$D$5:$D$1000,الحفظ!$K$5:$K$1000,\"=\"&A271,الحفظ!$D$5:$D$1000,\">0\")),\"\")","v":""},{"$f":"IF(A271<>\"\",SUMIFS(الحفظ!$D$5:$D$1000,الحفظ!$K$5:$K$1000,\"=\"&A271),\"\")","v":""},""]
[null,null,null,null,{"$f":"IF(A272<>\"\",SUMIFS(الحفظ!$B$5:$B$1000,الحفظ!$K$5:$K$1000,\"=\"&A272,الحفظ!$D$5:$D$1000,\">0\")/IF(SUMIFS(الحفظ!$D$5:$D$1000,الحفظ!$K$5:$K$1000,\"=\"&A272,الحفظ!$D$5:$D$1000,\">0\")=0,1,SUMIFS(الحفظ!$D$5:$D$1000,الحفظ!$K$5:$K$1000,\"=\"&A272,الحفظ!$D$5:$D$1000,\">0\")),\"\")","v":""},{"$f":"IF(A272<>\"\",SUMIFS(الحفظ!$D$5:$D$1000,الحفظ!$K$5:$K$1000,\"=\"&A272),\"\")","v":""},""]
[null,null,null,null,{"$f":"IF(A273<>\"\",SUMIFS(الحفظ!$B$5:$B$1000,الحفظ!$K$5:$K$1000,\"=\"&A273,الحفظ!$D$5:$D$1000,\">0\")/IF(SUMIFS(الحفظ!$D$5:$D$1000,الحفظ!$K$5:$K$1000,\"=\"&A273,الحفظ!$D$5:$D$1000,\">0\")=0,1,SUMIFS(الحفظ!$D$5:$D$1000,الحفظ!$K$5:$K$1000,\"=\"&A273,الحفظ!$D$5:$D$1000,\">0\")),\"\")","v":""},{"$f":"IF(A273<>\"\",SUMIFS(الحفظ!$D$5:$D$1000,الحفظ!$K$5:$K$1000,\"=\"&A273),\"\")","v":""},""]
[null,null,null,null,{"$f":"IF(A274<>\"\",SUMIFS(الحفظ!$B$5:$B$1000,الحفظ!$K$5:$K$1000,\"=\"&A274,الحفظ!$D$5:$D$1000,\">0\")/IF(SUMIFS(الحفظ!$D$5:$D$1000,الحفظ!$K$5:$K$1000,\"=\"&A274,الحفظ!$D$5:$D$1000,\">0\")=0,1,SUMIFS(الحفظ!$D$5:$D$1000,الحفظ!$K$5:$K$1000,\"=\"&A274,الحفظ!$D$5:$D$1000,\">0\")),\"\")","v":""},{"$f":"IF(A274<>\"\",SUMIFS(الحفظ!$D$5:$D$1000,الحفظ!$K$5:$K$1000,\"=\"&A274),\"\")","v":""},""]
[null,null,null,null,{"$f":"IF(A275<>\"\",SUMIFS(الحفظ!$B$5:$B$1000,الحفظ!$K$5:$K$1000,\"=\"&A275,الحفظ!$D$5:$D$1000,\">0\")/IF(SUMIFS(الحفظ!$D$5:$D$1000,الحفظ!$K$5:$K$1000,\"=\"&A275,الحفظ!$D$5:$D$1000,\">0\")=0,1,SUMIFS(الحفظ!$D$5:$D$1000,الحفظ!$K$5:$K$1000,\"=\"&A275,الحفظ!$D$5:$D$1000,\">0\")),\"\")","v":""},{"$f":"IF(A275<>\"\",SUMIFS(الحفظ!$D$5:$D$1000,الحفظ!$K$5:$K$1000,\"=\"&A275),\"\")","v":""},""]
[null,null,null,null,{"$f":"IF(A276<>\"\",SUMIFS(الحفظ!$B$5:$B$1000,الحفظ!$K$5:$K$1000,\"=\"&A276,الحفظ!$D$5:$D$1000,\">0\")/IF(SUMIFS(الحفظ!$D$5:$D$1000,الحفظ!$K$5:$K$1000,\"=\"&A276,الحفظ!$D$5:$D$1000,\">0\")=0,1,SUMIFS(الحفظ!$D$5:$D$1000,الحفظ!$K$5:$K$1000,\"=\"&A276,الحفظ!$D$5:$D$1000,\">0\")),\"\")","v":""},{"$f":"IF(A276<>\"\",SUMIFS(الحفظ!$D$5:$D$1000,الحفظ!$K$5:$K$1000,\"=\"&A276),\"\")","v":""},""]
[null,null,null,null,{"$f":"IF(A277<>\"\",SUMIFS(الحفظ!$B$5:$B$1000,الحفظ!$K$5:$K$1000,\"=\"&A277,الحفظ!$D$5:$D$1000,\">0\")/IF(SUMIFS(الحفظ!$D$5:$D$1000,الحفظ!$K$5:$K$1000,\"=\"&A277,الحفظ!$D$5:$D$1000,\">0\")=0,1,SUMIFS(الحفظ!$D$5:$D$1000,الحفظ!$K$5:$K$1000,\"=\"&A277,الحفظ!$D$5:$D$1000,\">0\")),\"\")","v":""},{"$f":"IF(A277<>\"\",SUMIFS(الحفظ!$D$5:$D$1000,الحفظ!$K$5:$K$1000,\"=\"&A277),\"\")","v":""},""]
[null,null,null,null,{"$f":"IF(A278<>\"\",SUMIFS(الحفظ!$B$5:$B$1000,الحفظ!$K$5:$K$1000,\"=\"&A278,الحفظ!$D$5:$D$1000,\">0\")/IF(SUMIFS(الحفظ!$D$5:$D$1000,الحفظ!$K$5:$K$1000,\"=\"&A278,الحفظ!$D$5:$D$1000,\">0\")=0,1,SUMIFS(الحفظ!$D$5:$D$1000,الحفظ!$K$5:$K$1000,\"=\"&A278,الحفظ!$D$5:$D$1000,\">0\")),\"\")","v":""},{"$f":"IF(A278<>\"\",SUMIFS(الحفظ!$D$5:$D$1000,الحفظ!$K$5:$K$1000,\"=\"&A278),\"\")","v":""},""]
[null,null,null,null,{"$f":"IF(A279<>\"\",SUMIFS(الحفظ!$B$5:$B$1000,الحفظ!$K$5:$K$1000,\"=\"&A279,الحفظ!$D$5:$D$1000,\">0\")/IF(SUMIFS(الحفظ!$D$5:$D$1000,الحفظ!$K$5:$K$1000,\"=\"&A279,الحفظ!$D$5:$D$1000,\">0\")=0,1,SUMIFS(الحفظ!$D$5:$D$1000,الحفظ!$K$5:$K$1000,\"=\"&A279,الحفظ!$D$5:$D$1000,\">0\")),\"\")","v":""},{"$f":"IF(A279<>\"\",SUMIFS(الحفظ!$D$5:$D$1000,الحفظ!$K$5:$K$1000,\"=\"&A279),\"\")","v":""},""]
[null,null,null,null,{"$f":"IF(A280<>\"\",SUMIFS(الحفظ!$B$5:$B$1000,الحفظ!$K$5:$K$1000,\"=\"&A280,الحفظ!$D$5:$D$1000,\">0\")/IF(SUMIFS(الحفظ!$D$5:$D$1000,الحفظ!$K$5:$K$1000,\"=\"&A280,الحفظ!$D$5:$D$1000,\">0\")=0,1,SUMIFS(الحفظ!$D$5:$D$1000,الحفظ!$K$5:$K$1000,\"=\"&A280,الحفظ!$D$5:$D$1000,\">0\")),\"\")","v":""},{"$f":"IF(A280<>\"\",SUMIFS(الحفظ!$D$5:$D$1000,الحفظ!$K$5:$K$1000,\"=\"&A280),\"\")","v":""},""]
[null,null,null,null,{"$f":"IF(A281<>\"\",SUMIFS(الحفظ!$B$5:$B$1000,الحفظ!$K$5:$K$1000,\"=\"&A281,الحفظ!$D$5:$D$1000,\">0\")/IF(SUMIFS(الحفظ!$D$5:$D$1000,الحفظ!$K$5:$K$1000,\"=\"&A281,الحفظ!$D$5:$D$1000,\">0\")=0,1,SUMIFS(الحفظ!$D$5:$D$1000,الحفظ!$K$5:$K$1000,\"=\"&A281,الحفظ!$D$5:$D$1000,\">0\")),\"\")","v":""},{"$f":"IF(A281<>\"\",SUMIFS(الحفظ!$D$5:$D$1000,الحفظ!$K$5:$K$1000,\"=\"&A281),\"\")","v":""},""]
[null,null,null,null,{"$f":"IF(A282<>\"\",SUMIFS(الحفظ!$B$5:$B$1000,الحفظ!$K$5:$K$1000,\"=\"&A282,الحفظ!$D$5:$D$1000,\">0\")/IF(SUMIFS(الحفظ!$D$5:$D$1000,الحفظ!$K$5:$K$1000,\"=\"&A282,الحفظ!$D$5:$D$1000,\">0\")=0,1,SUMIFS(الحفظ!$D$5:$D$1000,الحفظ!$K$5:$K$1000,\"=\"&A282,الحفظ!$D$5:$D$1000,\">0\")),\"\")","v":""},{"$f":"IF(A282<>\"\",SUMIFS(الحفظ!$D$5:$D$1000,الحفظ!$K$5:$K$1000,\"=\"&A282),\"\")","v":""},""]
[null,null,null,null,{"$f":"IF(A283<>\"\",SUMIFS(الحفظ!$B$5:$B$1000,الحفظ!$K$5:$K$1000,\"=\"&A283,الحفظ!$D$5:$D$1000,\">0\")/IF(SUMIFS(الحفظ!$D$5:$D$1000,الحفظ!$K$5:$K$1000,\"=\"&A283,الحفظ!$D$5:$D$1000,\">0\")=0,1,SUMIFS(الحفظ!$D$5:$D$1000,الحفظ!$K$5:$K$1000,\"=\"&A283,الحفظ!$D$5:$D$1000,\">0\")),\"\")","v":""},{"$f":"IF(A283<>\"\",SUMIFS(الحفظ!$D$5:$D$1000,الحفظ!$K$5:$K$1000,\"=\"&A283),\"\")","v":""},""]
[null,null,null,null,{"$f":"IF(A284<>\"\",SUMIFS(الحفظ!$B$5:$B$1000,الحفظ!$K$5:$K$1000,\"=\"&A284,الحفظ!$D$5:$D$1000,\">0\")/IF(SUMIFS(الحفظ!$D$5:$D$1000,الحفظ!$K$5:$K$1000,\"=\"&A284,الحفظ!$D$5:$D$1000,\">0\")=0,1,SUMIFS(الحفظ!$D$5:$D$1000,الحفظ!$K$5:$K$1000,\"=\"&A284,الحفظ!$D$5:$D$1000,\">0\")),\"\")","v":""},{"$f":"IF(A284<>\"\",SUMIFS(الحفظ!$D$5:$D$1000,الحفظ!$K$5:$K$1000,\"=\"&A284),\"\")","v":""},""]
[null,null,null,null,{"$f":"IF(A285<>\"\",SUMIFS(الحفظ!$B$5:$B$1000,الحفظ!$K$5:$K$1000,\"=\"&A285,الحفظ!$D$5:$D$1000,\">0\")/IF(SUMIFS(الحفظ!$D$5:$D$1000,الحفظ!$K$5:$K$1000,\"=\"&A285,الحفظ!$D$5:$D$1000,\">0\")=0,1,SUMIFS(الحفظ!$D$5:$D$1000,الحفظ!$K$5:$K$1000,\"=\"&A285,الحفظ!$D$5:$D$1000,\">0\")),\"\")","v":""},{"$f":"IF(A285<>\"\",SUMIFS(الحفظ!$D$5:$D$1000,الحفظ!$K$5:$K$1000,\"=\"&A285),\"\")","v":""},""]
[null,null,null,null,{"$f":"IF(A286<>\"\",SUMIFS(الحفظ!$B$5:$B$1000,الحفظ!$K$5:$K$1000,\"=\"&A286,الحفظ!$D$5:$D$1000,\">0\")/IF(SUMIFS(الحفظ!$D$5:$D$1000,الحفظ!$K$5:$K$1000,\"=\"&A286,الحفظ!$D$5:$D$1000,\">0\")=0,1,SUMIFS(الحفظ!$D$5:$D$1000,الحفظ!$K$5:$K$1000,\"=\"&A286,الحفظ!$D$5:$D$1000,\">0\")),\"\")","v":""},{"$f":"IF(A286<>\"\",SUMIFS(الحفظ!$D$5:$D$1000,الحفظ!$K$5:$K$1000,\"=\"&A286),\"\")","v":""},""]
[null,null,null,null,{"$f":"IF(A287<>\"\",SUMIFS(الحفظ!$B$5:$B$1000,الحفظ!$K$5:$K$1000,\"=\"&A287,الحفظ!$D$5:$D$1000,\">0\")/IF(SUMIFS(الحفظ!$D$5:$D$1000,الحفظ!$K$5:$K$1000,\"=\"&A287,الحفظ!$D$5:$D$1000,\">0\")=0,1,SUMIFS(الحفظ!$D$5:$D$1000,الحفظ!$K$5:$K$1000,\"=\"&A287,الحفظ!$D$5:$D$1000,\">0\")),\"\")","v":""},{"$f":"IF(A287<>\"\",SUMIFS(الحفظ!$D$5:$D$1000,الحفظ!$K$5:$K$1000,\"=\"&A287),\"\")","v":""},{"$f":"IF(A287<>\"\",F287*E287,\"\")","v":""}]
[null,null,null,null,{"$f":"IF(A288<>\"\",SUMIFS(الحفظ!$B$5:$B$1000,الحفظ!$K$5:$K$1000,\"=\"&A288,الحفظ!$D$5:$D$1000,\">0\")/IF(SUMIFS(الحفظ!$D$5:$D$1000,الحفظ!$K$5:$K$1000,\"=\"&A288,الحفظ!$D$5:$D$1000,\">0\")=0,1,SUMIFS(الحفظ!$D$5:$D$1000,الحفظ!$K$5:$K$1000,\"=\"&A288,الحفظ!$D$5:$D$1000,\">0\")),\"\")","v":""},{"$f":"IF(A288<>\"\",SUMIFS(الحفظ!$D$5:$D$1000,الحفظ!$K$5:$K$1000,\"=\"&A288),\"\")","v":""},""]
[null,null,null,null,{"$f":"IF(A289<>\"\",SUMIFS(الحفظ!$B$5:$B$1000,الحفظ!$K$5:$K$1000,\"=\"&A289,الحفظ!$D$5:$D$1000,\">0\")/IF(SUMIFS(الحفظ!$D$5:$D$1000,الحفظ!$K$5:$K$1000,\"=\"&A289,الحفظ!$D$5:$D$1000,\">0\")=0,1,SUMIFS(الحفظ!$D$5:$D$1000,الحفظ!$K$5:$K$1000,\"=\"&A289,الحفظ!$D$5:$D$1000,\">0\")),\"\")","v":""},{"$f":"IF(A289<>\"\",SUMIFS(الحفظ!$D$5:$D$1000,الحفظ!$K$5:$K$1000,\"=\"&A289),\"\")","v":""},""]
[null,null,null,null,{"$f":"IF(A290<>\"\",SUMIFS(الحفظ!$B$5:$B$1000,الحفظ!$K$5:$K$1000,\"=\"&A290,الحفظ!$D$5:$D$1000,\">0\")/IF(SUMIFS(الحفظ!$D$5:$D$1000,الحفظ!$K$5:$K$1000,\"=\"&A290,الحفظ!$D$5:$D$1000,\">0\")=0,1,SUMIFS(الحفظ!$D$5:$D$1000,الحفظ!$K$5:$K$1000,\"=\"&A290,الحفظ!$D$5:$D$1000,\">0\")),\"\")","v":""},{"$f":"IF(A290<>\"\",SUMIFS(الحفظ!$D$5:$D$1000,الحفظ!$K$5:$K$1000,\"=\"&A290),\"\")","v":""},""]
[null,null,null,null,{"$f":"IF(A291<>\"\",SUMIFS(الحفظ!$B$5:$B$1000,الحفظ!$K$5:$K$1000,\"=\"&A291,الحفظ!$D$5:$D$1000,\">0\")/IF(SUMIFS(الحفظ!$D$5:$D$1000,الحفظ!$K$5:$K$1000,\"=\"&A291,الحفظ!$D$5:$D$1000,\">0\")=0,1,SUMIFS(الحفظ!$D$5:$D$1000,الحفظ!$K$5:$K$1000,\"=\"&A291,الحفظ!$D$5:$D$1000,\">0\")),\"\")","v":""},{"$f":"IF(A291<>\"\",SUMIFS(الحفظ!$D$5:$D$1000,الحفظ!$K$5:$K$1000,\"=\"&A291),\"\")","v":""},""]
[null,null,null,null,{"$f":"IF(A292<>\"\",SUMIFS(الحفظ!$B$5:$B$1000,الحفظ!$K$5:$K$1000,\"=\"&A292,الحفظ!$D$5:$D$1000,\">0\")/IF(SUMIFS(الحفظ!$D$5:$D$1000,الحفظ!$K$5:$K$1000,\"=\"&A292,الحفظ!$D$5:$D$1000,\">0\")=0,1,SUMIFS(الحفظ!$D$5:$D$1000,الحفظ!$K$5:$K$1000,\"=\"&A292,الحفظ!$D$5:$D$1000,\">0\")),\"\")","v":""},{"$f":"IF(A292<>\"\",SUMIFS(الحفظ!$D$5:$D$1000,الحفظ!$K$5:$K$1000,\"=\"&A292),\"\")","v":""},""]
[null,null,null,null,{"$f":"IF(A293<>\"\",SUMIFS(الحفظ!$B$5:$B$1000,الحفظ!$K$5:$K$1000,\"=\"&A293,الحفظ!$D$5:$D$1000,\">0\")/IF(SUMIFS(الحفظ!$D$5:$D$1000,الحفظ!$K$5:$K$1000,\"=\"&A293,الحفظ!$D$5:$D$1000,\">0\")=0,1,SUMIFS(الحفظ!$D$5:$D$1000,الحفظ!$K$5:$K$1000,\"=\"&A293,الحفظ!$D$5:$D$1000,\">0\")),\"\")","v":""},{"$f":"IF(A293<>\"\",SUMIFS(الحفظ!$D$5:$D$1000,الحفظ!$K$5:$K$1000,\"=\"&A293),\"\")","v":""},""]
[null,null,null,null,{"$f":"IF(A294<>\"\",SUMIFS(الحفظ!$B$5:$B$1000,الحفظ!$K$5:$K$1000,\"=\"&A294,الحفظ!$D$5:$D$1000,\">0\")/IF(SUMIFS(الحفظ!$D$5:$D$1000,الحفظ!$K$5:$K$1000,\"=\"&A294,الحفظ!$D$5:$D$1000,\">0\")=0,1,SUMIFS(الحفظ!$D$5:$D$1000,الحفظ!$K$5:$K$1000,\"=\"&A294,الحفظ!$D$5:$D$1000,\">0\")),\"\")","v":""},{"$f":"IF(A294<>\"\",SUMIFS(الحفظ!$D$5:$D$1000,الحفظ!$K$5:$K$1000,\"=\"&A294),\"\")","v":""},""]
[null,null,null,null,{"$f":"IF(A295<>\"\",SUMIFS(الحفظ!$B$5:$B$1000,الحفظ!$K$5:$K$1000,\"=\"&A295,الحفظ!$D$5:$D$1000,\">0\")/IF(SUMIFS(الحفظ!$D$5:$D$1000,الحفظ!$K$5:$K$1000,\"=\"&A295,الحفظ!$D$5:$D$1000,\">0\")=0,1,SUMIFS(الحفظ!$D$5:$D$1000,الحفظ!$K$5:$K$1000,\"=\"&A295,الحفظ!$D$5:$D$1000,\">0\")),\"\")","v":""},{"$f":"IF(A295<>\"\",SUMIFS(الحفظ!$D$5:$D$1000,الحفظ!$K$5:$K$1000,\"=\"&A295),\"\")","v":""},""]
[null,null,null,null,{"$f":"IF(A296<>\"\",SUMIFS(الحفظ!$B$5:$B$1000,الحفظ!$K$5:$K$1000,\"=\"&A296,الحفظ!$D$5:$D$1000,\">0\")/IF(SUMIFS(الحفظ!$D$5:$D$1000,الحفظ!$K$5:$K$1000,\"=\"&A296,الحفظ!$D$5:$D$1000,\">0\")=0,1,SUMIFS(الحفظ!$D$5:$D$1000,الحفظ!$K$5:$K$1000,\"=\"&A296,الحفظ!$D$5:$D$1000,\">0\")),\"\")","v":""},{"$f":"IF(A296<>\"\",SUMIFS(الحفظ!$D$5:$D$1000,الحفظ!$K$5:$K$1000,\"=\"&A296),\"\")","v":""},""]
[null,null,null,null,{"$f":"IF(A297<>\"\",SUMIFS(الحفظ!$B$5:$B$1000,الحفظ!$K$5:$K$1000,\"=\"&A297,الحفظ!$D$5:$D$1000,\">0\")/IF(SUMIFS(الحفظ!$D$5:$D$1000,الحفظ!$K$5:$K$1000,\"=\"&A297,الحفظ!$D$5:$D$1000,\">0\")=0,1,SUMIFS(الحفظ!$D$5:$D$1000,الحفظ!$K$5:$K$1000,\"=\"&A297,الحفظ!$D$5:$D$1000,\">0\")),\"\")","v":""},{"$f":"IF(A297<>\"\",SUMIFS(الحفظ!$D$5:$D$1000,الحفظ!$K$5:$K$1000,\"=\"&A297),\"\")","v":""},""]
[null,null,null,null,{"$f":"IF(A298<>\"\",SUMIFS(الحفظ!$B$5:$B$1000,الحفظ!$K$5:$K$1000,\"=\"&A298,الحفظ!$D$5:$D$1000,\">0\")/IF(SUMIFS(الحفظ!$D$5:$D$1000,الحفظ!$K$5:$K$1000,\"=\"&A298,الحفظ!$D$5:$D$1000,\">0\")=0,1,SUMIFS(الحفظ!$D$5:$D$1000,الحفظ!$K$5:$K$1000,\"=\"&A298,الحفظ!$D$5:$D$1000,\">0\")),\"\")","v":""},{"$f":"IF(A298<>\"\",SUMIFS(الحفظ!$D$5:$D$1000,الحفظ!$K$5:$K$1000,\"=\"&A298),\"\")","v":""},""]
[null,null,null,null,{"$f":"IF(A299<>\"\",SUMIFS(الحفظ!$B$5:$B$1000,الحفظ!$K$5:$K$1000,\"=\"&A299,الحفظ!$D$5:$D$1000,\">0\")/IF(SUMIFS(الحفظ!$D$5:$D$1000,الحفظ!$K$5:$K$1000,\"=\"&A299,الحفظ!$D$5:$D$1000,\">0\")=0,1,SUMIFS(الحفظ!$D$5:$D$1000,الحفظ!$K$5:$K$1000,\"=\"&A299,الحفظ!$D$5:$D$1000,\">0\")),\"\")","v":""},{"$f":"IF(A299<>\"\",SUMIFS(الحفظ!$D$5:$D$1000,الحفظ!$K$5:$K$1000,\"=\"&A299),\"\")","v":""},""]
[null,null,null,null,{"$f":"IF(A300<>\"\",SUMIFS(الحفظ!$B$5:$B$1000,الحفظ!$K$5:$K$1000,\"=\"&A300,الحفظ!$D$5:$D$1000,\">0\")/IF(SUMIFS(الحفظ!$D$5:$D$1000,الحفظ!$K$5:$K$1000,\"=\"&A300,الحفظ!$D$5:$D$1000,\">0\")=0,1,SUMIFS(الحفظ!$D$5:$D$1000,الحفظ!$K$5:$K$1000,\"=\"&A300,الحفظ!$D$5:$D$1000,\">0\")),\"\")","v":""},{"$f":"IF(A300<>\"\",SUMIFS(الحفظ!$D$5:$D$1000,الحفظ!$K$5:$K$1000,\"=\"&A300),\"\")","v":""},""]
[null,null,null,null,{"$f":"IF(A301<>\"\",SUMIFS(الحفظ!$B$5:$B$1000,الحفظ!$K$5:$K$1000,\"=\"&A301,الحفظ!$D$5:$D$1000,\">0\")/IF(SUMIFS(الحفظ!$D$5:$D$1000,الحفظ!$K$5:$K$1000,\"=\"&A301,الحفظ!$D$5:$D$1000,\">0\")=0,1,SUMIFS(الحفظ!$D$5:$D$1000,الحفظ!$K$5:$K$1000,\"=\"&A301,الحفظ!$D$5:$D$1000,\">0\")),\"\")","v":""},{"$f":"IF(A301<>\"\",SUMIFS(الحفظ!$D$5:$D$1000,الحفظ!$K$5:$K$1000,\"=\"&A301),\"\")","v":""},""]
[null,null,null,null,{"$f":"IF(A302<>\"\",SUMIFS(الحفظ!$B$5:$B$1000,الحفظ!$K$5:$K$1000,\"=\"&A302,الحفظ!$D$5:$D$1000,\">0\")/IF(SUMIFS(الحفظ!$D$5:$D$1000,الحفظ!$K$5:$K$1000,\"=\"&A302,الحفظ!$D$5:$D$1000,\">0\")=0,1,SUMIFS(الحفظ!$D$5:$D$1000,الحفظ!$K$5:$K$1000,\"=\"&A302,الحفظ!$D$5:$D$1000,\">0\")),\"\")","v":""},{"$f":"IF(A302<>\"\",SUMIFS(الحفظ!$D$5:$D$1000,الحفظ!$K$5:$K$1000,\"=\"&A302),\"\")","v":""},""]
[null,null,null,null,{"$f":"IF(A303<>\"\",SUMIFS(الحفظ!$B$5:$B$1000,الحفظ!$K$5:$K$1000,\"=\"&A303,الحفظ!$D$5:$D$1000,\">0\")/IF(SUMIFS(الحفظ!$D$5:$D$1000,الحفظ!$K$5:$K$1000,\"=\"&A303,الحفظ!$D$5:$D$1000,\">0\")=0,1,SUMIFS(الحفظ!$D$5:$D$1000,الحفظ!$K$5:$K$1000,\"=\"&A303,الحفظ!$D$5:$D$1000,\">0\")),\"\")","v":""},{"$f":"IF(A303<>\"\",SUMIFS(الحفظ!$D$5:$D$1000,الحفظ!$K$5:$K$1000,\"=\"&A303),\"\")","v":""},""]
[null,null,null,null,{"$f":"IF(A304<>\"\",SUMIFS(الحفظ!$B$5:$B$1000,الحفظ!$K$5:$K$1000,\"=\"&A304,الحفظ!$D$5:$D$1000,\">0\")/IF(SUMIFS(الحفظ!$D$5:$D$1000,الحفظ!$K$5:$K$1000,\"=\"&A304,الحفظ!$D$5:$D$1000,\">0\")=0,1,SUMIFS(الحفظ!$D$5:$D$1000,الحفظ!$K$5:$K$1000,\"=\"&A304,الحفظ!$D$5:$D$1000,\">0\")),\"\")","v":""},{"$f":"IF(A304<>\"\",SUMIFS(الحفظ!$D$5:$D$1000,الحفظ!$K$5:$K$1000,\"=\"&A304),\"\")","v":""},""]
[null,null,null,null,{"$f":"IF(A305<>\"\",SUMIFS(الحفظ!$B$5:$B$1000,الحفظ!$K$5:$K$1000,\"=\"&A305,الحفظ!$D$5:$D$1000,\">0\")/IF(SUMIFS(الحفظ!$D$5:$D$1000,الحفظ!$K$5:$K$1000,\"=\"&A305,الحفظ!$D$5:$D$1000,\">0\")=0,1,SUMIFS(الحفظ!$D$5:$D$1000,الحفظ!$K$5:$K$1000,\"=\"&A305,الحفظ!$D$5:$D$1000,\">0\")),\"\")","v":""},{"$f":"IF(A305<>\"\",SUMIFS(الحفظ!$D$5:$D$1000,الحفظ!$K$5:$K$1000,\"=\"&A305),\"\")","v":""},""]
[null,null,null,null,{"$f":"IF(A306<>\"\",SUMIFS(الحفظ!$B$5:$B$1000,الحفظ!$K$5:$K$1000,\"=\"&A306,الحفظ!$D$5:$D$1000,\">0\")/IF(SUMIFS(الحفظ!$D$5:$D$1000,الحفظ!$K$5:$K$1000,\"=\"&A306,الحفظ!$D$5:$D$1000,\">0\")=0,1,SUMIFS(الحفظ!$D$5:$D$1000,الحفظ!$K$5:$K$1000,\"=\"&A306,الحفظ!$D$5:$D$1000,\">0\")),\"\")","v":""},{"$f":"IF(A306<>\"\",SUMIFS(الحفظ!$D$5:$D$1000,الحفظ!$K$5:$K$1000,\"=\"&A306),\"\")","v":""},""]
[null,null,null,null,{"$f":"IF(A307<>\"\",SUMIFS(الحفظ!$B$5:$B$1000,الحفظ!$K$5:$K$1000,\"=\"&A307,الحفظ!$D$5:$D$1000,\">0\")/IF(SUMIFS(الحفظ!$D$5:$D$1000,الحفظ!$K$5:$K$1000,\"=\"&A307,الحفظ!$D$5:$D$1000,\">0\")=0,1,SUMIFS(الحفظ!$D$5:$D$1000,الحفظ!$K$5:$K$1000,\"=\"&A307,الحفظ!$D$5:$D$1000,\">0\")),\"\")","v":""},{"$f":"IF(A307<>\"\",SUMIFS(الحفظ!$D$5:$D$1000,الحفظ!$K$5:$K$1000,\"=\"&A307),\"\")","v":""},""]
[null,null,null,null,{"$f":"IF(A308<>\"\",SUMIFS(الحفظ!$B$5:$B$1000,الحفظ!$K$5:$K$1000,\"=\"&A308,الحفظ!$D$5:$D$1000,\">0\")/IF(SUMIFS(الحفظ!$D$5:$D$1000,الحفظ!$K$5:$K$1000,\"=\"&A308,الحفظ!$D$5:$D$1000,\">0\")=0,1,SUMIFS(الحفظ!$D$5:$D$1000,الحفظ!$K$5:$K$1000,\"=\"&A308,الحفظ!$D$5:$D$1000,\">0\")),\"\")","v":""},{"$f":"IF(A308<>\"\",SUMIFS(الحفظ!$D$5:$D$1000,الحفظ!$K$5:$K$1000,\"=\"&A308),\"\")","v":""},""]
[null,null,null,null,{"$f":"IF(A309<>\"\",SUMIFS(الحفظ!$B$5:$B$1000,الحفظ!$K$5:$K$1000,\"=\"&A309,الحفظ!$D$5:$D$1000,\">0\")/IF(SUMIFS(الحفظ!$D$5:$D$1000,الحفظ!$K$5:$K$1000,\"=\"&A309,الحفظ!$D$5:$D$1000,\">0\")=0,1,SUMIFS(الحفظ!$D$5:$D$1000,الحفظ!$K$5:$K$1000,\"=\"&A309,الحفظ!$D$5:$D$1000,\">0\")),\"\")","v":""},{"$f":"IF(A309<>\"\",SUMIFS(الحفظ!$D$5:$D$1000,الحفظ!$K$5:$K$1000,\"=\"&A309),\"\")","v":""},""]
[null,null,null,null,{"$f":"IF(A310<>\"\",SUMIFS(الحفظ!$B$5:$B$1000,الحفظ!$K$5:$K$1000,\"=\"&A310,الحفظ!$D$5:$D$1000,\">0\")/IF(SUMIFS(الحفظ!$D$5:$D$1000,الحفظ!$K$5:$K$1000,\"=\"&A310,الحفظ!$D$5:$D$1000,\">0\")=0,1,SUMIFS(الحفظ!$D$5:$D$1000,الحفظ!$K$5:$K$1000,\"=\"&A310,الحفظ!$D$5:$D$1000,\">0\")),\"\")","v":""},{"$f":"IF(A310<>\"\",SUMIFS(الحفظ!$D$5:$D$1000,الحفظ!$K$5:$K$1000,\"=\"&A310),\"\")","v":""},""]
[null,null,null,null,{"$f":"IF(A311<>\"\",SUMIFS(الحفظ!$B$5:$B$1000,الحفظ!$K$5:$K$1000,\"=\"&A311,الحفظ!$D$5:$D$1000,\">0\")/IF(SUMIFS(الحفظ!$D$5:$D$1000,الحفظ!$K$5:$K$1000,\"=\"&A311,الحفظ!$D$5:$D$1000,\">0\")=0,1,SUMIFS(الحفظ!$D$5:$D$1000,الحفظ!$K$5:$K$1000,\"=\"&A311,الحفظ!$D$5:$D$1000,\">0\")),\"\")","v":""},{"$f":"IF(A311<>\"\",SUMIFS(الحفظ!$D$5:$D$1000,الحفظ!$K$5:$K$1000,\"=\"&A311),\"\")","v":""},""]
[null,null,null,null,{"$f":"IF(A312<>\"\",SUMIFS(الحفظ!$B$5:$B$1000,الحفظ!$K$5:$K$1000,\"=\"&A312,الحفظ!$D$5:$D$1000,\">0\")/IF(SUMIFS(الحفظ!$D$5:$D$1000,الحفظ!$K$5:$K$1000,\"=\"&A312,الحفظ!$D$5:$D$1000,\">0\")=0,1,SUMIFS(الحفظ!$D$5:$D$1000,الحفظ!$K$5:$K$1000,\"=\"&A312,الحفظ!$D$5:$D$1000,\">0\")),\"\")","v":""},{"$f":"IF(A312<>\"\",SUMIFS(الحفظ!$D$5:$D$1000,الحفظ!$K$5:$K$1000,\"=\"&A312),\"\")","v":""},""]
[null,null,null,null,{"$f":"IF(A313<>\"\",SUMIFS(الحفظ!$B$5:$B$1000,الحفظ!$K$5:$K$1000,\"=\"&A313,الحفظ!$D$5:$D$1000,\">0\")/IF(SUMIFS(الحفظ!$D$5:$D$1000,الحفظ!$K$5:$K$1000,\"=\"&A313,الحفظ!$D$5:$D$1000,\">0\")=0,1,SUMIFS(الحفظ!$D$5:$D$1000,الحفظ!$K$5:$K$1000,\"=\"&A313,الحفظ!$D$5:$D$1000,\">0\")),\"\")","v":""},{"$f":"IF(A313<>\"\",SUMIFS(الحفظ!$D$5:$D$1000,الحفظ!$K$5:$K$1000,\"=\"&A313),\"\")","v":""},""]
[null,null,null,null,{"$f":"IF(A314<>\"\",SUMIFS(الحفظ!$B$5:$B$1000,الحفظ!$K$5:$K$1000,\"=\"&A314,الحفظ!$D$5:$D$1000,\">0\")/IF(SUMIFS(الحفظ!$D$5:$D$1000,الحفظ!$K$5:$K$1000,\"=\"&A314,الحفظ!$D$5:$D$1000,\">0\")=0,1,SUMIFS(الحفظ!$D$5:$D$1000,الحفظ!$K$5:$K$1000,\"=\"&A314,الحفظ!$D$5:$D$1000,\">0\")),\"\")","v":""},{"$f":"IF(A314<>\"\",SUMIFS(الحفظ!$D$5:$D$1000,الحفظ!$K$5:$K$1000,\"=\"&A314),\"\")","v":""},""]
[null,null,null,null,{"$f":"IF(A315<>\"\",SUMIFS(الحفظ!$B$5:$B$1000,الحفظ!$K$5:$K$1000,\"=\"&A315,الحفظ!$D$5:$D$1000,\">0\")/IF(SUMIFS(الحفظ!$D$5:$D$1000,الحفظ!$K$5:$K$1000,\"=\"&A315,الحفظ!$D$5:$D$1000,\">0\")=0,1,SUMIFS(الحفظ!$D$5:$D$1000,الحفظ!$K$5:$K$1000,\"=\"&A315,الحفظ!$D$5:$D$1000,\">0\")),\"\")","v":""},{"$f":"IF(A315<>\"\",SUMIFS(الحفظ!$D$5:$D$1000,الحفظ!$K$5:$K$1000,\"=\"&A315),\"\")","v":""},""]
[null,null,null,null,{"$f":"IF(A316<>\"\",SUMIFS(الحفظ!$B$5:$B$1000,الحفظ!$K$5:$K$1000,\"=\"&A316,الحفظ!$D$5:$D$1000,\">0\")/IF(SUMIFS(الحفظ!$D$5:$D$1000,الحفظ!$K$5:$K$1000,\"=\"&A316,الحفظ!$D$5:$D$1000,\">0\")=0,1,SUMIFS(الحفظ!$D$5:$D$1000,الحفظ!$K$5:$K$1000,\"=\"&A316,الحفظ!$D$5:$D$1000,\">0\")),\"\")","v":""},{"$f":"IF(A316<>\"\",SUMIFS(الحفظ!$D$5:$D$1000,الحفظ!$K$5:$K$1000,\"=\"&A316),\"\")","v":""},""]
[null,null,null,null,{"$f":"IF(A317<>\"\",SUMIFS(الحفظ!$B$5:$B$1000,الحفظ!$K$5:$K$1000,\"=\"&A317,الحفظ!$D$5:$D$1000,\">0\")/IF(SUMIFS(الحفظ!$D$5:$D$1000,الحفظ!$K$5:$K$1000,\"=\"&A317,الحفظ!$D$5:$D$1000,\">0\")=0,1,SUMIFS(الحفظ!$D$5:$D$1000,الحفظ!$K$5:$K$1000,\"=\"&A317,الحفظ!$D$5:$D$1000,\">0\")),\"\")","v":""},{"$f":"IF(A317<>\"\",SUMIFS(الحفظ!$D$5:$D$1000,الحفظ!$K$5:$K$1000,\"=\"&A317),\"\")","v":""},""]
[null,null,null,null,{"$f":"IF(A318<>\"\",SUMIFS(الحفظ!$B$5:$B$1000,الحفظ!$K$5:$K$1000,\"=\"&A318,الحفظ!$D$5:$D$1000,\">0\")/IF(SUMIFS(الحفظ!$D$5:$D$1000,الحفظ!$K$5:$K$1000,\"=\"&A318,الحفظ!$D$5:$D$1000,\">0\")=0,1,SUMIFS(الحفظ!$D$5:$D$1000,الحفظ!$K$5:$K$1000,\"=\"&A318,الحفظ!$D$5:$D$1000,\">0\")),\"\")","v":""},{"$f":"IF(A318<>\"\",SUMIFS(الحفظ!$D$5:$D$1000,الحفظ!$K$5:$K$1000,\"=\"&A318),\"\")","v":""},""]
[null,null,null,null,{"$f":"IF(A319<>\"\",SUMIFS(الحفظ!$B$5:$B$1000,الحفظ!$K$5:$K$1000,\"=\"&A319,الحفظ!$D$5:$D$1000,\">0\")/IF(SUMIFS(الحفظ!$D$5:$D$1000,الحفظ!$K$5:$K$1000,\"=\"&A319,الحفظ!$D$5:$D$1000,\">0\")=0,1,SUMIFS(الحفظ!$D$5:$D$1000,الحفظ!$K$5:$K$1000,\"=\"&A319,الحفظ!$D$5:$D$1000,\">0\")),\"\")","v":""},{"$f":"IF(A319<>\"\",SUMIFS(الحفظ!$D$5:$D$1000,الحفظ!$K$5:$K$1000,\"=\"&A319),\"\")","v":""},""]
[null,null,null,null,{"$f":"IF(A320<>\"\",SUMIFS(الحفظ!$B$5:$B$1000,الحفظ!$K$5:$K$1000,\"=\"&A320,الحفظ!$D$5:$D$1000,\">0\")/IF(SUMIFS(الحفظ!$D$5:$D$1000,الحفظ!$K$5:$K$1000,\"=\"&A320,الحفظ!$D$5:$D$1000,\">0\")=0,1,SUMIFS(الحفظ!$D$5:$D$1000,الحفظ!$K$5:$K$1000,\"=\"&A320,الحفظ!$D$5:$D$1000,\">0\")),\"\")","v":""},{"$f":"IF(A320<>\"\",SUMIFS(الحفظ!$D$5:$D$1000,الحفظ!$K$5:$K$1000,\"=\"&A320),\"\")","v":""},""]
[null,null,null,null,{"$f":"IF(A321<>\"\",SUMIFS(الحفظ!$B$5:$B$1000,الحفظ!$K$5:$K$1000,\"=\"&A321,الحفظ!$D$5:$D$1000,\">0\")/IF(SUMIFS(الحفظ!$D$5:$D$1000,الحفظ!$K$5:$K$1000,\"=\"&A321,الحفظ!$D$5:$D$1000,\">0\")=0,1,SUMIFS(الحفظ!$D$5:$D$1000,الحفظ!$K$5:$K$1000,\"=\"&A321,الحفظ!$D$5:$D$1000,\">0\")),\"\")","v":""},{"$f":"IF(A321<>\"\",SUMIFS(الحفظ!$D$5:$D$1000,الحفظ!$K$5:$K$1000,\"=\"&A321),\"\")","v":""},""]
[null,null,null,null,{"$f":"IF(A322<>\"\",SUMIFS(الحفظ!$B$5:$B$1000,الحفظ!$K$5:$K$1000,\"=\"&A322,الحفظ!$D$5:$D$1000,\">0\")/IF(SUMIFS(الحفظ!$D$5:$D$1000,الحفظ!$K$5:$K$1000,\"=\"&A322,الحفظ!$D$5:$D$1000,\">0\")=0,1,SUMIFS(الحفظ!$D$5:$D$1000,الحفظ!$K$5:$K$1000,\"=\"&A322,الحفظ!$D$5:$D$1000,\">0\")),\"\")","v":""},{"$f":"IF(A322<>\"\",SUMIFS(الحفظ!$D$5:$D$1000,الحفظ!$K$5:$K$1000,\"=\"&A322),\"\")","v":""},""]
[null,null,null,null,{"$f":"IF(A323<>\"\",SUMIFS(الحفظ!$B$5:$B$1000,الحفظ!$K$5:$K$1000,\"=\"&A323,الحفظ!$D$5:$D$1000,\">0\")/IF(SUMIFS(الحفظ!$D$5:$D$1000,الحفظ!$K$5:$K$1000,\"=\"&A323,الحفظ!$D$5:$D$1000,\">0\")=0,1,SUMIFS(الحفظ!$D$5:$D$1000,الحفظ!$K$5:$K$1000,\"=\"&A323,الحفظ!$D$5:$D$1000,\">0\")),\"\")","v":""},{"$f":"IF(A323<>\"\",SUMIFS(الحفظ!$D$5:$D$1000,الحفظ!$K$5:$K$1000,\"=\"&A323),\"\")","v":""},""]
[null,null,null,null,{"$f":"IF(A324<>\"\",SUMIFS(الحفظ!$B$5:$B$1000,الحفظ!$K$5:$K$1000,\"=\"&A324,الحفظ!$D$5:$D$1000,\">0\")/IF(SUMIFS(الحفظ!$D$5:$D$1000,الحفظ!$K$5:$K$1000,\"=\"&A324,الحفظ!$D$5:$D$1000,\">0\")=0,1,SUMIFS(الحفظ!$D$5:$D$1000,الحفظ!$K$5:$K$1000,\"=\"&A324,الحفظ!$D$5:$D$1000,\">0\")),\"\")","v":""},{"$f":"IF(A324<>\"\",SUMIFS(الحفظ!$D$5:$D$1000,الحفظ!$K$5:$K$1000,\"=\"&A324),\"\")","v":""},""]
[null,null,null,null,{"$f":"IF(A325<>\"\",SUMIFS(الحفظ!$B$5:$B$1000,الحفظ!$K$5:$K$1000,\"=\"&A325,الحفظ!$D$5:$D$1000,\">0\")/IF(SUMIFS(الحفظ!$D$5:$D$1000,الحفظ!$K$5:$K$1000,\"=\"&A325,الحفظ!$D$5:$D$1000,\">0\")=0,1,SUMIFS(الحفظ!$D$5:$D$1000,الحفظ!$K$5:$K$1000,\"=\"&A325,الحفظ!$D$5:$D$1000,\">0\")),\"\")","v":""},{"$f":"IF(A325<>\"\",SUMIFS(الحفظ!$D$5:$D$1000,الحفظ!$K$5:$K$1000,\"=\"&A325),\"\")","v":""},""]
[null,null,null,null,{"$f":"IF(A326<>\"\",SUMIFS(الحفظ!$B$5:$B$1000,الحفظ!$K$5:$K$1000,\"=\"&A326,الحفظ!$D$5:$D$1000,\">0\")/IF(SUMIFS(الحفظ!$D$5:$D$1000,الحفظ!$K$5:$K$1000,\"=\"&A326,الحفظ!$D$5:$D$1000,\">0\")=0,1,SUMIFS(الحفظ!$D$5:$D$1000,الحفظ!$K$5:$K$1000,\"=\"&A326,الحفظ!$D$5:$D$1000,\">0\")),\"\")","v":""},{"$f":"IF(A326<>\"\",SUMIFS(الحفظ!$D$5:$D$1000,الحفظ!$K$5:$K$1000,\"=\"&A326),\"\")","v":""},""]
[null,null,null,null,{"$f":"IF(A327<>\"\",SUMIFS(الحفظ!$B$5:$B$1000,الحفظ!$K$5:$K$1000,\"=\"&A327,الحفظ!$D$5:$D$1000,\">0\")/IF(SUMIFS(الحفظ!$D$5:$D$1000,الحفظ!$K$5:$K$1000,\"=\"&A327,الحفظ!$D$5:$D$1000,\">0\")=0,1,SUMIFS(الحفظ!$D$5:$D$1000,الحفظ!$K$5:$K$1000,\"=\"&A327,الحفظ!$D$5:$D$1000,\">0\")),\"\")","v":""},{"$f":"IF(A327<>\"\",SUMIFS(الحفظ!$D$5:$D$1000,الحفظ!$K$5:$K$1000,\"=\"&A327),\"\")","v":""},""]
[null,null,null,null,{"$f":"IF(A328<>\"\",SUMIFS(الحفظ!$B$5:$B$1000,الحفظ!$K$5:$K$1000,\"=\"&A328,الحفظ!$D$5:$D$1000,\">0\")/IF(SUMIFS(الحفظ!$D$5:$D$1000,الحفظ!$K$5:$K$1000,\"=\"&A328,الحفظ!$D$5:$D$1000,\">0\")=0,1,SUMIFS(الحفظ!$D$5:$D$1000,الحفظ!$K$5:$K$1000,\"=\"&A328,الحفظ!$D$5:$D$1000,\">0\")),\"\")","v":""},{"$f":"IF(A328<>\"\",SUMIFS(الحفظ!$D$5:$D$1000,الحفظ!$K$5:$K$1000,\"=\"&A328),\"\")","v":""},""]
[null,null,null,null,{"$f":"IF(A329<>\"\",SUMIFS(الحفظ!$B$5:$B$1000,الحفظ!$K$5:$K$1000,\"=\"&A329,الحفظ!$D$5:$D$1000,\">0\")/IF(SUMIFS(الحفظ!$D$5:$D$1000,الحفظ!$K$5:$K$1000,\"=\"&A329,الحفظ!$D$5:$D$1000,\">0\")=0,1,SUMIFS(الحفظ!$D$5:$D$1000,الحفظ!$K$5:$K$1000,\"=\"&A329,الحفظ!$D$5:$D$1000,\">0\")),\"\")","v":""},{"$f":"IF(A329<>\"\",SUMIFS(الحفظ!$D$5:$D$1000,الحفظ!$K$5:$K$1000,\"=\"&A329),\"\")","v":""},""]
[null,null,null,null,{"$f":"IF(A330<>\"\",SUMIFS(الحفظ!$B$5:$B$1000,الحفظ!$K$5:$K$1000,\"=\"&A330,الحفظ!$D$5:$D$1000,\">0\")/IF(SUMIFS(الحفظ!$D$5:$D$1000,الحفظ!$K$5:$K$1000,\"=\"&A330,الحفظ!$D$5:$D$1000,\">0\")=0,1,SUMIFS(الحفظ!$D$5:$D$1000,الحفظ!$K$5:$K$1000,\"=\"&A330,الحفظ!$D$5:$D$1000,\">0\")),\"\")","v":""},{"$f":"IF(A330<>\"\",SUMIFS(الحفظ!$D$5:$D$1000,الحفظ!$K$5:$K$1000,\"=\"&A330),\"\")","v":""},""]
[null,null,null,null,{"$f":"IF(A331<>\"\",SUMIFS(الحفظ!$B$5:$B$1000,الحفظ!$K$5:$K$1000,\"=\"&A331,الحفظ!$D$5:$D$1000,\">0\")/IF(SUMIFS(الحفظ!$D$5:$D$1000,الحفظ!$K$5:$K$1000,\"=\"&A331,الحفظ!$D$5:$D$1000,\">0\")=0,1,SUMIFS(الحفظ!$D$5:$D$1000,الحفظ!$K$5:$K$1000,\"=\"&A331,الحفظ!$D$5:$D$1000,\">0\")),\"\")","v":""},{"$f":"IF(A331<>\"\",SUMIFS(الحفظ!$D$5:$D$1000,الحفظ!$K$5:$K$1000,\"=\"&A331),\"\")","v":""},""]
[null,null,null,null,{"$f":"IF(A332<>\"\",SUMIFS(الحفظ!$B$5:$B$1000,الحفظ!$K$5:$K$1000,\"=\"&A332,الحفظ!$D$5:$D$1000,\">0\")/IF(SUMIFS(الحفظ!$D$5:$D$1000,الحفظ!$K$5:$K$1000,\"=\"&A332,الحفظ!$D$5:$D$1000,\">0\")=0,1,SUMIFS(الحفظ!$D$5:$D$1000,الحفظ!$K$5:$K$1000,\"=\"&A332,الحفظ!$D$5:$D$1000,\">0\")),\"\")","v":""},{"$f":"IF(A332<>\"\",SUMIFS(الحفظ!$D$5:$D$1000,الحفظ!$K$5:$K$1000,\"=\"&A332),\"\")","v":""},""]
[null,null,null,null,{"$f":"IF(A333<>\"\",SUMIFS(الحفظ!$B$5:$B$1000,الحفظ!$K$5:$K$1000,\"=\"&A333,الحفظ!$D$5:$D$1000,\">0\")/IF(SUMIFS(الحفظ!$D$5:$D$1000,الحفظ!$K$5:$K$1000,\"=\"&A333,الحفظ!$D$5:$D$1000,\">0\")=0,1,SUMIFS(الحفظ!$D$5:$D$1000,الحفظ!$K$5:$K$1000,\"=\"&A333,الحفظ!$D$5:$D$1000,\">0\")),\"\")","v":""},{"$f":"IF(A333<>\"\",SUMIFS(الحفظ!$D$5:$D$1000,الحفظ!$K$5:$K$1000,\"=\"&A333),\"\")","v":""},""]
[null,null,null,null,{"$f":"IF(A334<>\"\",SUMIFS(الحفظ!$B$5:$B$1000,الحفظ!$K$5:$K$1000,\"=\"&A334,الحفظ!$D$5:$D$1000,\">0\")/IF(SUMIFS(الحفظ!$D$5:$D$1000,الحفظ!$K$5:$K$1000,\"=\"&A334,الحفظ!$D$5:$D$1000,\">0\")=0,1,SUMIFS(الحفظ!$D$5:$D$1000,الحفظ!$K$5:$K$1000,\"=\"&A334,الحفظ!$D$5:$D$1000,\">0\")),\"\")","v":""},{"$f":"IF(A334<>\"\",SUMIFS(الحفظ!$D$5:$D$1000,الحفظ!$K$5:$K$1000,\"=\"&A334),\"\")","v":""},""]
[null,null,null,null,{"$f":"IF(A335<>\"\",SUMIFS(الحفظ!$B$5:$B$1000,الحفظ!$K$5:$K$1000,\"=\"&A335,الحفظ!$D$5:$D$1000,\">0\")/IF(SUMIFS(الحفظ!$D$5:$D$1000,الحفظ!$K$5:$K$1000,\"=\"&A335,الحفظ!$D$5:$D$1000,\">0\")=0,1,SUMIFS(الحفظ!$D$5:$D$1000,الحفظ!$K$5:$K$1000,\"=\"&A335,الحفظ!$D$5:$D$1000,\">0\")),\"\")","v":""},{"$f":"IF(A335<>\"\",SUMIFS(الحفظ!$D$5:$D$1000,الحفظ!$K$5:$K$1000,\"=\"&A335),\"\")","v":""},""]
[null,null,null,null,{"$f":"IF(A336<>\"\",SUMIFS(الحفظ!$B$5:$B$1000,الحفظ!$K$5:$K$1000,\"=\"&A336,الحفظ!$D$5:$D$1000,\">0\")/IF(SUMIFS(الحفظ!$D$5:$D$1000,الحفظ!$K$5:$K$1000,\"=\"&A336,الحفظ!$D$5:$D$1000,\">0\")=0,1,SUMIFS(الحفظ!$D$5:$D$1000,الحفظ!$K$5:$K$1000,\"=\"&A336,الحفظ!$D$5:$D$1000,\">0\")),\"\")","v":""},{"$f":"IF(A336<>\"\",SUMIFS(الحفظ!$D$5:$D$1000,الحفظ!$K$5:$K$1000,\"=\"&A336),\"\")","v":""},""]
[null,null,null,null,{"$f":"IF(A337<>\"\",SUMIFS(الحفظ!$B$5:$B$1000,الحفظ!$K$5:$K$1000,\"=\"&A337,الحفظ!$D$5:$D$1000,\">0\")/IF(SUMIFS(الحفظ!$D$5:$D$1000,الحفظ!$K$5:$K$1000,\"=\"&A337,الحفظ!$D$5:$D$1000,\">0\")=0,1,SUMIFS(الحفظ!$D$5:$D$1000,الحفظ!$K$5:$K$1000,\"=\"&A337,الحفظ!$D$5:$D$1000,\">0\")),\"\")","v":""},{"$f":"IF(A337<>\"\",SUMIFS(الحفظ!$D$5:$D$1000,الحفظ!$K$5:$K$1000,\"=\"&A337),\"\")","v":""},""]
[null,null,null,null,{"$f":"IF(A338<>\"\",SUMIFS(الحفظ!$B$5:$B$1000,الحفظ!$K$5:$K$1000,\"=\"&A338,الحفظ!$D$5:$D$1000,\">0\")/IF(SUMIFS(الحفظ!$D$5:$D$1000,الحفظ!$K$5:$K$1000,\"=\"&A338,الحفظ!$D$5:$D$1000,\">0\")=0,1,SUMIFS(الحفظ!$D$5:$D$1000,الحفظ!$K$5:$K$1000,\"=\"&A338,الحفظ!$D$5:$D$1000,\">0\")),\"\")","v":""},{"$f":"IF(A338<>\"\",SUMIFS(الحفظ!$D$5:$D$1000,الحفظ!$K$5:$K$1000,\"=\"&A338),\"\")","v":""},""]
[null,null,null,null,{"$f":"IF(A339<>\"\",SUMIFS(الحفظ!$B$5:$B$1000,الحفظ!$K$5:$K$1000,\"=\"&A339,الحفظ!$D$5:$D$1000,\">0\")/IF(SUMIFS(الحفظ!$D$5:$D$1000,الحفظ!$K$5:$K$1000,\"=\"&A339,الحفظ!$D$5:$D$1000,\">0\")=0,1,SUMIFS(الحفظ!$D$5:$D$1000,الحفظ!$K$5:$K$1000,\"=\"&A339,الحفظ!$D$5:$D$1000,\">0\")),\"\")","v":""},{"$f":"IF(A339<>\"\",SUMIFS(الحفظ!$D$5:$D$1000,الحفظ!$K$5:$K$1000,\"=\"&A339),\"\")","v":""},""]
[null,null,null,null,{"$f":"IF(A340<>\"\",SUMIFS(الحفظ!$B$5:$B$1000,الحفظ!$K$5:$K$1000,\"=\"&A340,الحفظ!$D$5:$D$1000,\">0\")/IF(SUMIFS(الحفظ!$D$5:$D$1000,الحفظ!$K$5:$K$1000,\"=\"&A340,الحفظ!$D$5:$D$1000,\">0\")=0,1,SUMIFS(الحفظ!$D$5:$D$1000,الحفظ!$K$5:$K$1000,\"=\"&A340,الحفظ!$D$5:$D$1000,\">0\")),\"\")","v":""},{"$f":"IF(A340<>\"\",SUMIFS(الحفظ!$D$5:$D$1000,الحفظ!$K$5:$K$1000,\"=\"&A340),\"\")","v":""},""]
[null,null,null,null,{"$f":"IF(A341<>\"\",SUMIFS(الحفظ!$B$5:$B$1000,الحفظ!$K$5:$K$1000,\"=\"&A341,الحفظ!$D$5:$D$1000,\">0\")/IF(SUMIFS(الحفظ!$D$5:$D$1000,الحفظ!$K$5:$K$1000,\"=\"&A341,الحفظ!$D$5:$D$1000,\">0\")=0,1,SUMIFS(الحفظ!$D$5:$D$1000,الحفظ!$K$5:$K$1000,\"=\"&A341,الحفظ!$D$5:$D$1000,\">0\")),\"\")","v":""},{"$f":"IF(A341<>\"\",SUMIFS(الحفظ!$D$5:$D$1000,الحفظ!$K$5:$K$1000,\"=\"&A341),\"\")","v":""},""]
[null,null,null,null,{"$f":"IF(A342<>\"\",SUMIFS(الحفظ!$B$5:$B$1000,الحفظ!$K$5:$K$1000,\"=\"&A342,الحفظ!$D$5:$D$1000,\">0\")/IF(SUMIFS(الحفظ!$D$5:$D$1000,الحفظ!$K$5:$K$1000,\"=\"&A342,الحفظ!$D$5:$D$1000,\">0\")=0,1,SUMIFS(الحفظ!$D$5:$D$1000,الحفظ!$K$5:$K$1000,\"=\"&A342,الحفظ!$D$5:$D$1000,\">0\")),\"\")","v":""},{"$f":"IF(A342<>\"\",SUMIFS(الحفظ!$D$5:$D$1000,الحفظ!$K$5:$K$1000,\"=\"&A342),\"\")","v":""},""]
[null,null,null,null,{"$f":"IF(A343<>\"\",SUMIFS(الحفظ!$B$5:$B$1000,الحفظ!$K$5:$K$1000,\"=\"&A343,الحفظ!$D$5:$D$1000,\">0\")/IF(SUMIFS(الحفظ!$D$5:$D$1000,الحفظ!$K$5:$K$1000,\"=\"&A343,الحفظ!$D$5:$D$1000,\">0\")=0,1,SUMIFS(الحفظ!$D$5:$D$1000,الحفظ!$K$5:$K$1000,\"=\"&A343,الحفظ!$D$5:$D$1000,\">0\")),\"\")","v":""},{"$f":"IF(A343<>\"\",SUMIFS(الحفظ!$D$5:$D$1000,الحفظ!$K$5:$K$1000,\"=\"&A343),\"\")","v":""},""]
[null,null,null,null,{"$f":"IF(A344<>\"\",SUMIFS(الحفظ!$B$5:$B$1000,الحفظ!$K$5:$K$1000,\"=\"&A344,الحفظ!$D$5:$D$1000,\">0\")/IF(SUMIFS(الحفظ!$D$5:$D$1000,الحفظ!$K$5:$K$1000,\"=\"&A344,الحفظ!$D$5:$D$1000,\">0\")=0,1,SUMIFS(الحفظ!$D$5:$D$1000,الحفظ!$K$5:$K$1000,\"=\"&A344,الحفظ!$D$5:$D$1000,\">0\")),\"\")","v":""},{"$f":"IF(A344<>\"\",SUMIFS(الحفظ!$D$5:$D$1000,الحفظ!$K$5:$K$1000,\"=\"&A344),\"\")","v":""},""]
[null,null,null,null,{"$f":"IF(A345<>\"\",SUMIFS(الحفظ!$B$5:$B$1000,الحفظ!$K$5:$K$1000,\"=\"&A345,الحفظ!$D$5:$D$1000,\">0\")/IF(SUMIFS(الحفظ!$D$5:$D$1000,الحفظ!$K$5:$K$1000,\"=\"&A345,الحفظ!$D$5:$D$1000,\">0\")=0,1,SUMIFS(الحفظ!$D$5:$D$1000,الحفظ!$K$5:$K$1000,\"=\"&A345,الحفظ!$D$5:$D$1000,\">0\")),\"\")","v":""},{"$f":"IF(A345<>\"\",SUMIFS(الحفظ!$D$5:$D$1000,الحفظ!$K$5:$K$1000,\"=\"&A345),\"\")","v":""},""]
[null,null,null,null,{"$f":"IF(A346<>\"\",SUMIFS(الحفظ!$B$5:$B$1000,الحفظ!$K$5:$K$1000,\"=\"&A346,الحفظ!$D$5:$D$1000,\">0\")/IF(SUMIFS(الحفظ!$D$5:$D$1000,الحفظ!$K$5:$K$1000,\"=\"&A346,الحفظ!$D$5:$D$1000,\">0\")=0,1,SUMIFS(الحفظ!$D$5:$D$1000,الحفظ!$K$5:$K$1000,\"=\"&A346,الحفظ!$D$5:$D$1000,\">0\")),\"\")","v":""},{"$f":"IF(A346<>\"\",SUMIFS(الحفظ!$D$5:$D$1000,الحفظ!$K$5:$K$1000,\"=\"&A346),\"\")","v":""},""]
[null,null,null,null,{"$f":"IF(A347<>\"\",SUMIFS(الحفظ!$B$5:$B$1000,الحفظ!$K$5:$K$1000,\"=\"&A347,الحفظ!$D$5:$D$1000,\">0\")/IF(SUMIFS(الحفظ!$D$5:$D$1000,الحفظ!$K$5:$K$1000,\"=\"&A347,الحفظ!$D$5:$D$1000,\">0\")=0,1,SUMIFS(الحفظ!$D$5:$D$1000,الحفظ!$K$5:$K$1000,\"=\"&A347,الحفظ!$D$5:$D$1000,\">0\")),\"\")","v":""},{"$f":"IF(A347<>\"\",SUMIFS(الحفظ!$D$5:$D$1000,الحفظ!$K$5:$K$1000,\"=\"&A347),\"\")","v":""},""]
[null,null,null,null,{"$f":"IF(A348<>\"\",SUMIFS(الحفظ!$B$5:$B$1000,الحفظ!$K$5:$K$1000,\"=\"&A348,الحفظ!$D$5:$D$1000,\">0\")/IF(SUMIFS(الحفظ!$D$5:$D$1000,الحفظ!$K$5:$K$1000,\"=\"&A348,الحفظ!$D$5:$D$1000,\">0\")=0,1,SUMIFS(الحفظ!$D$5:$D$1000,الحفظ!$K$5:$K$1000,\"=\"&A348,الحفظ!$D$5:$D$1000,\">0\")),\"\")","v":""},{"$f":"IF(A348<>\"\",SUMIFS(الحفظ!$D$5:$D$1000,الحفظ!$K$5:$K$1000,\"=\"&A348),\"\")","v":""},""]
[null,null,null,null,{"$f":"IF(A349<>\"\",SUMIFS(الحفظ!$B$5:$B$1000,الحفظ!$K$5:$K$1000,\"=\"&A349,الحفظ!$D$5:$D$1000,\">0\")/IF(SUMIFS(الحفظ!$D$5:$D$1000,الحفظ!$K$5:$K$1000,\"=\"&A349,الحفظ!$D$5:$D$1000,\">0\")=0,1,SUMIFS(الحفظ!$D$5:$D$1000,الحفظ!$K$5:$K$1000,\"=\"&A349,الحفظ!$D$5:$D$1000,\">0\")),\"\")","v":""},{"$f":"IF(A349<>\"\",SUMIFS(الحفظ!$D$5:$D$1000,الحفظ!$K$5:$K$1000,\"=\"&A349),\"\")","v":""},""]
[null,null,null,null,{"$f":"IF(A350<>\"\",SUMIFS(الحفظ!$B$5:$B$1000,الحفظ!$K$5:$K$1000,\"=\"&A350,الحفظ!$D$5:$D$1000,\">0\")/IF(SUMIFS(الحفظ!$D$5:$D$1000,الحفظ!$K$5:$K$1000,\"=\"&A350,الحفظ!$D$5:$D$1000,\">0\")=0,1,SUMIFS(الحفظ!$D$5:$D$1000,الحفظ!$K$5:$K$1000,\"=\"&A350,الحفظ!$D$5:$D$1000,\">0\")),\"\")","v":""},{"$f":"IF(A350<>\"\",SUMIFS(الحفظ!$D$5:$D$1000,الحفظ!$K$5:$K$1000,\"=\"&A350),\"\")","v":""},""]
[null,null,null,null,{"$f":"IF(A351<>\"\",SUMIFS(الحفظ!$B$5:$B$1000,الحفظ!$K$5:$K$1000,\"=\"&A351,الحفظ!$D$5:$D$1000,\">0\")/IF(SUMIFS(الحفظ!$D$5:$D$1000,الحفظ!$K$5:$K$1000,\"=\"&A351,الحفظ!$D$5:$D$1000,\">0\")=0,1,SUMIFS(الحفظ!$D$5:$D$1000,الحفظ!$K$5:$K$1000,\"=\"&A351,الحفظ!$D$5:$D$1000,\">0\")),\"\")","v":""},{"$f":"IF(A351<>\"\",SUMIFS(الحفظ!$D$5:$D$1000,الحفظ!$K$5:$K$1000,\"=\"&A351),\"\")","v":""},{"$f":"IF(A351<>\"\",F351*E351,\"\")","v":""}]
[null,null,null,null,{"$f":"IF(A352<>\"\",SUMIFS(الحفظ!$B$5:$B$1000,الحفظ!$K$5:$K$1000,\"=\"&A352,الحفظ!$D$5:$D$1000,\">0\")/IF(SUMIFS(الحفظ!$D$5:$D$1000,الحفظ!$K$5:$K$1000,\"=\"&A352,الحفظ!$D$5:$D$1000,\">0\")=0,1,SUMIFS(الحفظ!$D$5:$D$1000,الحفظ!$K$5:$K$1000,\"=\"&A352,الحفظ!$D$5:$D$1000,\">0\")),\"\")","v":""},{"$f":"IF(A352<>\"\",SUMIFS(الحفظ!$D$5:$D$1000,الحفظ!$K$5:$K$1000,\"=\"&A352),\"\")","v":""},""]
[null,null,null,null,{"$f":"IF(A353<>\"\",SUMIFS(الحفظ!$B$5:$B$1000,الحفظ!$K$5:$K$1000,\"=\"&A353,الحفظ!$D$5:$D$1000,\">0\")/IF(SUMIFS(الحفظ!$D$5:$D$1000,الحفظ!$K$5:$K$1000,\"=\"&A353,الحفظ!$D$5:$D$1000,\">0\")=0,1,SUMIFS(الحفظ!$D$5:$D$1000,الحفظ!$K$5:$K$1000,\"=\"&A353,الحفظ!$D$5:$D$1000,\">0\")),\"\")","v":""},{"$f":"IF(A353<>\"\",SUMIFS(الحفظ!$D$5:$D$1000,الحفظ!$K$5:$K$1000,\"=\"&A353),\"\")","v":""},""]
[null,null,null,null,{"$f":"IF(A354<>\"\",SUMIFS(الحفظ!$B$5:$B$1000,الحفظ!$K$5:$K$1000,\"=\"&A354,الحفظ!$D$5:$D$1000,\">0\")/IF(SUMIFS(الحفظ!$D$5:$D$1000,الحفظ!$K$5:$K$1000,\"=\"&A354,الحفظ!$D$5:$D$1000,\">0\")=0,1,SUMIFS(الحفظ!$D$5:$D$1000,الحفظ!$K$5:$K$1000,\"=\"&A354,الحفظ!$D$5:$D$1000,\">0\")),\"\")","v":""},{"$f":"IF(A354<>\"\",SUMIFS(الحفظ!$D$5:$D$1000,الحفظ!$K$5:$K$1000,\"=\"&A354),\"\")","v":""},""]
[null,null,null,null,{"$f":"IF(A355<>\"\",SUMIFS(الحفظ!$B$5:$B$1000,الحفظ!$K$5:$K$1000,\"=\"&A355,الحفظ!$D$5:$D$1000,\">0\")/IF(SUMIFS(الحفظ!$D$5:$D$1000,الحفظ!$K$5:$K$1000,\"=\"&A355,الحفظ!$D$5:$D$1000,\">0\")=0,1,SUMIFS(الحفظ!$D$5:$D$1000,الحفظ!$K$5:$K$1000,\"=\"&A355,الحفظ!$D$5:$D$1000,\">0\")),\"\")","v":""},{"$f":"IF(A355<>\"\",SUMIFS(الحفظ!$D$5:$D$1000,الحفظ!$K$5:$K$1000,\"=\"&A355),\"\")","v":""},""]
[null,null,null,null,{"$f":"IF(A356<>\"\",SUMIFS(الحفظ!$B$5:$B$1000,الحفظ!$K$5:$K$1000,\"=\"&A356,الحفظ!$D$5:$D$1000,\">0\")/IF(SUMIFS(الحفظ!$D$5:$D$1000,الحفظ!$K$5:$K$1000,\"=\"&A356,الحفظ!$D$5:$D$1000,\">0\")=0,1,SUMIFS(الحفظ!$D$5:$D$1000,الحفظ!$K$5:$K$1000,\"=\"&A356,الحفظ!$D$5:$D$1000,\">0\")),\"\")","v":""},{"$f":"IF(A356<>\"\",SUMIFS(الحفظ!$D$5:$D$1000,الحفظ!$K$5:$K$1000,\"=\"&A356),\"\")","v":""},""]
[null,null,null,null,{"$f":"IF(A357<>\"\",SUMIFS(الحفظ!$B$5:$B$1000,الحفظ!$K$5:$K$1000,\"=\"&A357,الحفظ!$D$5:$D$1000,\">0\")/IF(SUMIFS(الحفظ!$D$5:$D$1000,الحفظ!$K$5:$K$1000,\"=\"&A357,الحفظ!$D$5:$D$1000,\">0\")=0,1,SUMIFS(الحفظ!$D$5:$D$1000,الحفظ!$K$5:$K$1000,\"=\"&A357,الحفظ!$D$5:$D$1000,\">0\")),\"\")","v":""},{"$f":"IF(A357<>\"\",SUMIFS(الحفظ!$D$5:$D$1000,الحفظ!$K$5:$K$1000,\"=\"&A357),\"\")","v":""},""]
[null,null,null,null,{"$f":"IF(A358<>\"\",SUMIFS(الحفظ!$B$5:$B$1000,الحفظ!$K$5:$K$1000,\"=\"&A358,الحفظ!$D$5:$D$1000,\">0\")/IF(SUMIFS(الحفظ!$D$5:$D$1000,الحفظ!$K$5:$K$1000,\"=\"&A358,الحفظ!$D$5:$D$1000,\">0\")=0,1,SUMIFS(الحفظ!$D$5:$D$1000,الحفظ!$K$5:$K$1000,\"=\"&A358,الحفظ!$D$5:$D$1000,\">0\")),\"\")","v":""},{"$f":"IF(A358<>\"\",SUMIFS(الحفظ!$D$5:$D$1000,الحفظ!$K$5:$K$1000,\"=\"&A358),\"\")","v":""},""]
[null,null,null,null,{"$f":"IF(A359<>\"\",SUMIFS(الحفظ!$B$5:$B$1000,الحفظ!$K$5:$K$1000,\"=\"&A359,الحفظ!$D$5:$D$1000,\">0\")/IF(SUMIFS(الحفظ!$D$5:$D$1000,الحفظ!$K$5:$K$1000,\"=\"&A359,الحفظ!$D$5:$D$1000,\">0\")=0,1,SUMIFS(الحفظ!$D$5:$D$1000,الحفظ!$K$5:$K$1000,\"=\"&A359,الحفظ!$D$5:$D$1000,\">0\")),\"\")","v":""},{"$f":"IF(A359<>\"\",SUMIFS(الحفظ!$D$5:$D$1000,الحفظ!$K$5:$K$1000,\"=\"&A359),\"\")","v":""},""]
[null,null,null,null,{"$f":"IF(A360<>\"\",SUMIFS(الحفظ!$B$5:$B$1000,الحفظ!$K$5:$K$1000,\"=\"&A360,الحفظ!$D$5:$D$1000,\">0\")/IF(SUMIFS(الحفظ!$D$5:$D$1000,الحفظ!$K$5:$K$1000,\"=\"&A360,الحفظ!$D$5:$D$1000,\">0\")=0,1,SUMIFS(الحفظ!$D$5:$D$1000,الحفظ!$K$5:$K$1000,\"=\"&A360,الحفظ!$D$5:$D$1000,\">0\")),\"\")","v":""},{"$f":"IF(A360<>\"\",SUMIFS(الحفظ!$D$5:$D$1000,الحفظ!$K$5:$K$1000,\"=\"&A360),\"\")","v":""},""]
[null,null,null,null,{"$f":"IF(A361<>\"\",SUMIFS(الحفظ!$B$5:$B$1000,الحفظ!$K$5:$K$1000,\"=\"&A361,الحفظ!$D$5:$D$1000,\">0\")/IF(SUMIFS(الحفظ!$D$5:$D$1000,الحفظ!$K$5:$K$1000,\"=\"&A361,الحفظ!$D$5:$D$1000,\">0\")=0,1,SUMIFS(الحفظ!$D$5:$D$1000,الحفظ!$K$5:$K$1000,\"=\"&A361,الحفظ!$D$5:$D$1000,\">0\")),\"\")","v":""},{"$f":"IF(A361<>\"\",SUMIFS(الحفظ!$D$5:$D$1000,الحفظ!$K$5:$K$1000,\"=\"&A361),\"\")","v":""},""]
[null,null,null,null,{"$f":"IF(A362<>\"\",SUMIFS(الحفظ!$B$5:$B$1000,الحفظ!$K$5:$K$1000,\"=\"&A362,الحفظ!$D$5:$D$1000,\">0\")/IF(SUMIFS(الحفظ!$D$5:$D$1000,الحفظ!$K$5:$K$1000,\"=\"&A362,الحفظ!$D$5:$D$1000,\">0\")=0,1,SUMIFS(الحفظ!$D$5:$D$1000,الحفظ!$K$5:$K$1000,\"=\"&A362,الحفظ!$D$5:$D$1000,\">0\")),\"\")","v":""},{"$f":"IF(A362<>\"\",SUMIFS(الحفظ!$D$5:$D$1000,الحفظ!$K$5:$K$1000,\"=\"&A362),\"\")","v":""},""]
[null,null,null,null,{"$f":"IF(A363<>\"\",SUMIFS(الحفظ!$B$5:$B$1000,الحفظ!$K$5:$K$1000,\"=\"&A363,الحفظ!$D$5:$D$1000,\">0\")/IF(SUMIFS(الحفظ!$D$5:$D$1000,الحفظ!$K$5:$K$1000,\"=\"&A363,الحفظ!$D$5:$D$1000,\">0\")=0,1,SUMIFS(الحفظ!$D$5:$D$1000,الحفظ!$K$5:$K$1000,\"=\"&A363,الحفظ!$D$5:$D$1000,\">0\")),\"\")","v":""},{"$f":"IF(A363<>\"\",SUMIFS(الحفظ!$D$5:$D$1000,الحفظ!$K$5:$K$1000,\"=\"&A363),\"\")","v":""},""]
[null,null,null,null,{"$f":"IF(A364<>\"\",SUMIFS(الحفظ!$B$5:$B$1000,الحفظ!$K$5:$K$1000,\"=\"&A364,الحفظ!$D$5:$D$1000,\">0\")/IF(SUMIFS(الحفظ!$D$5:$D$1000,الحفظ!$K$5:$K$1000,\"=\"&A364,الحفظ!$D$5:$D$1000,\">0\")=0,1,SUMIFS(الحفظ!$D$5:$D$1000,الحفظ!$K$5:$K$1000,\"=\"&A364,الحفظ!$D$5:$D$1000,\">0\")),\"\")","v":""},{"$f":"IF(A364<>\"\",SUMIFS(الحفظ!$D$5:$D$1000,الحفظ!$K$5:$K$1000,\"=\"&A364),\"\")","v":""},""]
[null,null,null,null,{"$f":"IF(A365<>\"\",SUMIFS(الحفظ!$B$5:$B$1000,الحفظ!$K$5:$K$1000,\"=\"&A365,الحفظ!$D$5:$D$1000,\">0\")/IF(SUMIFS(الحفظ!$D$5:$D$1000,الحفظ!$K$5:$K$1000,\"=\"&A365,الحفظ!$D$5:$D$1000,\">0\")=0,1,SUMIFS(الحفظ!$D$5:$D$1000,الحفظ!$K$5:$K$1000,\"=\"&A365,الحفظ!$D$5:$D$1000,\">0\")),\"\")","v":""},{"$f":"IF(A365<>\"\",SUMIFS(الحفظ!$D$5:$D$1000,الحفظ!$K$5:$K$1000,\"=\"&A365),\"\")","v":""},""]
[null,null,null,null,{"$f":"IF(A366<>\"\",SUMIFS(الحفظ!$B$5:$B$1000,الحفظ!$K$5:$K$1000,\"=\"&A366,الحفظ!$D$5:$D$1000,\">0\")/IF(SUMIFS(الحفظ!$D$5:$D$1000,الحفظ!$K$5:$K$1000,\"=\"&A366,الحفظ!$D$5:$D$1000,\">0\")=0,1,SUMIFS(الحفظ!$D$5:$D$1000,الحفظ!$K$5:$K$1000,\"=\"&A366,الحفظ!$D$5:$D$1000,\">0\")),\"\")","v":""},{"$f":"IF(A366<>\"\",SUMIFS(الحفظ!$D$5:$D$1000,الحفظ!$K$5:$K$1000,\"=\"&A366),\"\")","v":""},""]
[null,null,null,null,{"$f":"IF(A367<>\"\",SUMIFS(الحفظ!$B$5:$B$1000,الحفظ!$K$5:$K$1000,\"=\"&A367,الحفظ!$D$5:$D$1000,\">0\")/IF(SUMIFS(الحفظ!$D$5:$D$1000,الحفظ!$K$5:$K$1000,\"=\"&A367,الحفظ!$D$5:$D$1000,\">0\")=0,1,SUMIFS(الحفظ!$D$5:$D$1000,الحفظ!$K$5:$K$1000,\"=\"&A367,الحفظ!$D$5:$D$1000,\">0\")),\"\")","v":""},{"$f":"IF(A367<>\"\",SUMIFS(الحفظ!$D$5:$D$1000,الحفظ!$K$5:$K$1000,\"=\"&A367),\"\")","v":""},""]
[null,null,null,null,{"$f":"IF(A368<>\"\",SUMIFS(الحفظ!$B$5:$B$1000,الحفظ!$K$5:$K$1000,\"=\"&A368,الحفظ!$D$5:$D$1000,\">0\")/IF(SUMIFS(الحفظ!$D$5:$D$1000,الحفظ!$K$5:$K$1000,\"=\"&A368,الحفظ!$D$5:$D$1000,\">0\")=0,1,SUMIFS(الحفظ!$D$5:$D$1000,الحفظ!$K$5:$K$1000,\"=\"&A368,الحفظ!$D$5:$D$1000,\">0\")),\"\")","v":""},{"$f":"IF(A368<>\"\",SUMIFS(الحفظ!$D$5:$D$1000,الحفظ!$K$5:$K$1000,\"=\"&A368),\"\")","v":""},""]
[null,null,null,null,{"$f":"IF(A369<>\"\",SUMIFS(الحفظ!$B$5:$B$1000,الحفظ!$K$5:$K$1000,\"=\"&A369,الحفظ!$D$5:$D$1000,\">0\")/IF(SUMIFS(الحفظ!$D$5:$D$1000,الحفظ!$K$5:$K$1000,\"=\"&A369,الحفظ!$D$5:$D$1000,\">0\")=0,1,SUMIFS(الحفظ!$D$5:$D$1000,الحفظ!$K$5:$K$1000,\"=\"&A369,الحفظ!$D$5:$D$1000,\">0\")),\"\")","v":""},{"$f":"IF(A369<>\"\",SUMIFS(الحفظ!$D$5:$D$1000,الحفظ!$K$5:$K$1000,\"=\"&A369),\"\")","v":""},""]
[null,null,null,null,{"$f":"IF(A370<>\"\",SUMIFS(الحفظ!$B$5:$B$1000,الحفظ!$K$5:$K$1000,\"=\"&A370,الحفظ!$D$5:$D$1000,\">0\")/IF(SUMIFS(الحفظ!$D$5:$D$1000,الحفظ!$K$5:$K$1000,\"=\"&A370,الحفظ!$D$5:$D$1000,\">0\")=0,1,SUMIFS(الحفظ!$D$5:$D$1000,الحفظ!$K$5:$K$1000,\"=\"&A370,الحفظ!$D$5:$D$1000,\">0\")),\"\")","v":""},{"$f":"IF(A370<>\"\",SUMIFS(الحفظ!$D$5:$D$1000,الحفظ!$K$5:$K$1000,\"=\"&A370),\"\")","v":""},""]
[null,null,null,null,{"$f":"IF(A371<>\"\",SUMIFS(الحفظ!$B$5:$B$1000,الحفظ!$K$5:$K$1000,\"=\"&A371,الحفظ!$D$5:$D$1000,\">0\")/IF(SUMIFS(الحفظ!$D$5:$D$1000,الحفظ!$K$5:$K$1000,\"=\"&A371,الحفظ!$D$5:$D$1000,\">0\")=0,1,SUMIFS(الحفظ!$D$5:$D$1000,الحفظ!$K$5:$K$1000,\"=\"&A371,الحفظ!$D$5:$D$1000,\">0\")),\"\")","v":""},{"$f":"IF(A371<>\"\",SUMIFS(الحفظ!$D$5:$D$1000,الحفظ!$K$5:$K$1000,\"=\"&A371),\"\")","v":""},""]
[null,null,null,null,{"$f":"IF(A372<>\"\",SUMIFS(الحفظ!$B$5:$B$1000,الحفظ!$K$5:$K$1000,\"=\"&A372,الحفظ!$D$5:$D$1000,\">0\")/IF(SUMIFS(الحفظ!$D$5:$D$1000,الحفظ!$K$5:$K$1000,\"=\"&A372,الحفظ!$D$5:$D$1000,\">0\")=0,1,SUMIFS(الحفظ!$D$5:$D$1000,الحفظ!$K$5:$K$1000,\"=\"&A372,الحفظ!$D$5:$D$1000,\">0\")),\"\")","v":""},{"$f":"IF(A372<>\"\",SUMIFS(الحفظ!$D$5:$D$1000,الحفظ!$K$5:$K$1000,\"=\"&A372),\"\")","v":""},""]
[null,null,null,null,{"$f":"IF(A373<>\"\",SUMIFS(الحفظ!$B$5:$B$1000,الحفظ!$K$5:$K$1000,\"=\"&A373,الحفظ!$D$5:$D$1000,\">0\")/IF(SUMIFS(الحفظ!$D$5:$D$1000,الحفظ!$K$5:$K$1000,\"=\"&A373,الحفظ!$D$5:$D$1000,\">0\")=0,1,SUMIFS(الحفظ!$D$5:$D$1000,الحفظ!$K$5:$K$1000,\"=\"&A373,الحفظ!$D$5:$D$1000,\">0\")),\"\")","v":""},{"$f":"IF(A373<>\"\",SUMIFS(الحفظ!$D$5:$D$1000,الحفظ!$K$5:$K$1000,\"=\"&A373),\"\")","v":""},""]
[null,null,null,null,{"$f":"IF(A374<>\"\",SUMIFS(الحفظ!$B$5:$B$1000,الحفظ!$K$5:$K$1000,\"=\"&A374,الحفظ!$D$5:$D$1000,\">0\")/IF(SUMIFS(الحفظ!$D$5:$D$1000,الحفظ!$K$5:$K$1000,\"=\"&A374,الحفظ!$D$5:$D$1000,\">0\")=0,1,SUMIFS(الحفظ!$D$5:$D$1000,الحفظ!$K$5:$K$1000,\"=\"&A374,الحفظ!$D$5:$D$1000,\">0\")),\"\")","v":""},{"$f":"IF(A374<>\"\",SUMIFS(الحفظ!$D$5:$D$1000,الحفظ!$K$5:$K$1000,\"=\"&A374),\"\")","v":""},""]
[null,null,null,null,{"$f":"IF(A375<>\"\",SUMIFS(الحفظ!$B$5:$B$1000,الحفظ!$K$5:$K$1000,\"=\"&A375,الحفظ!$D$5:$D$1000,\">0\")/IF(SUMIFS(الحفظ!$D$5:$D$1000,الحفظ!$K$5:$K$1000,\"=\"&A375,الحفظ!$D$5:$D$1000,\">0\")=0,1,SUMIFS(الحفظ!$D$5:$D$1000,الحفظ!$K$5:$K$1000,\"=\"&A375,الحفظ!$D$5:$D$1000,\">0\")),\"\")","v":""},{"$f":"IF(A375<>\"\",SUMIFS(الحفظ!$D$5:$D$1000,الحفظ!$K$5:$K$1000,\"=\"&A375),\"\")","v":""},""]
[null,null,null,null,{"$f":"IF(A376<>\"\",SUMIFS(الحفظ!$B$5:$B$1000,الحفظ!$K$5:$K$1000,\"=\"&A376,الحفظ!$D$5:$D$1000,\">0\")/IF(SUMIFS(الحفظ!$D$5:$D$1000,الحفظ!$K$5:$K$1000,\"=\"&A376,الحفظ!$D$5:$D$1000,\">0\")=0,1,SUMIFS(الحفظ!$D$5:$D$1000,الحفظ!$K$5:$K$1000,\"=\"&A376,الحفظ!$D$5:$D$1000,\">0\")),\"\")","v":""},{"$f":"IF(A376<>\"\",SUMIFS(الحفظ!$D$5:$D$1000,الحفظ!$K$5:$K$1000,\"=\"&A376),\"\")","v":""},""]
[null,null,null,null,{"$f":"IF(A377<>\"\",SUMIFS(الحفظ!$B$5:$B$1000,الحفظ!$K$5:$K$1000,\"=\"&A377,الحفظ!$D$5:$D$1000,\">0\")/IF(SUMIFS(الحفظ!$D$5:$D$1000,الحفظ!$K$5:$K$1000,\"=\"&A377,الحفظ!$D$5:$D$1000,\">0\")=0,1,SUMIFS(الحفظ!$D$5:$D$1000,الحفظ!$K$5:$K$1000,\"=\"&A377,الحفظ!$D$5:$D$1000,\">0\")),\"\")","v":""},{"$f":"IF(A377<>\"\",SUMIFS(الحفظ!$D$5:$D$1000,الحفظ!$K$5:$K$1000,\"=\"&A377),\"\")","v":""},""]
[null,null,null,null,{"$f":"IF(A378<>\"\",SUMIFS(الحفظ!$B$5:$B$1000,الحفظ!$K$5:$K$1000,\"=\"&A378,الحفظ!$D$5:$D$1000,\">0\")/IF(SUMIFS(الحفظ!$D$5:$D$1000,الحفظ!$K$5:$K$1000,\"=\"&A378,الحفظ!$D$5:$D$1000,\">0\")=0,1,SUMIFS(الحفظ!$D$5:$D$1000,الحفظ!$K$5:$K$1000,\"=\"&A378,الحفظ!$D$5:$D$1000,\">0\")),\"\")","v":""},{"$f":"IF(A378<>\"\",SUMIFS(الحفظ!$D$5:$D$1000,الحفظ!$K$5:$K$1000,\"=\"&A378),\"\")","v":""},""]
[null,null,null,null,{"$f":"IF(A379<>\"\",SUMIFS(الحفظ!$B$5:$B$1000,الحفظ!$K$5:$K$1000,\"=\"&A379,الحفظ!$D$5:$D$1000,\">0\")/IF(SUMIFS(الحفظ!$D$5:$D$1000,الحفظ!$K$5:$K$1000,\"=\"&A379,الحفظ!$D$5:$D$1000,\">0\")=0,1,SUMIFS(الحفظ!$D$5:$D$1000,الحفظ!$K$5:$K$1000,\"=\"&A379,الحفظ!$D$5:$D$1000,\">0\")),\"\")","v":""},{"$f":"IF(A379<>\"\",SUMIFS(الحفظ!$D$5:$D$1000,الحفظ!$K$5:$K$1000,\"=\"&A379),\"\")","v":""},""]
[null,null,null,null,{"$f":"IF(A380<>\"\",SUMIFS(الحفظ!$B$5:$B$1000,الحفظ!$K$5:$K$1000,\"=\"&A380,الحفظ!$D$5:$D$1000,\">0\")/IF(SUMIFS(الحفظ!$D$5:$D$1000,الحفظ!$K$5:$K$1000,\"=\"&A380,الحفظ!$D$5:$D$1000,\">0\")=0,1,SUMIFS(الحفظ!$D$5:$D$1000,الحفظ!$K$5:$K$1000,\"=\"&A380,الحفظ!$D$5:$D$1000,\">0\")),\"\")","v":""},{"$f":"IF(A380<>\"\",SUMIFS(الحفظ!$D$5:$D$1000,الحفظ!$K$5:$K$1000,\"=\"&A380),\"\")","v":""},""]
[null,null,null,null,{"$f":"IF(A381<>\"\",SUMIFS(الحفظ!$B$5:$B$1000,الحفظ!$K$5:$K$1000,\"=\"&A381,الحفظ!$D$5:$D$1000,\">0\")/IF(SUMIFS(الحفظ!$D$5:$D$1000,الحفظ!$K$5:$K$1000,\"=\"&A381,الحفظ!$D$5:$D$1000,\">0\")=0,1,SUMIFS(الحفظ!$D$5:$D$1000,الحفظ!$K$5:$K$1000,\"=\"&A381,الحفظ!$D$5:$D$1000,\">0\")),\"\")","v":""},{"$f":"IF(A381<>\"\",SUMIFS(الحفظ!$D$5:$D$1000,الحفظ!$K$5:$K$1000,\"=\"&A381),\"\")","v":""},""]
[null,null,null,null,{"$f":"IF(A382<>\"\",SUMIFS(الحفظ!$B$5:$B$1000,الحفظ!$K$5:$K$1000,\"=\"&A382,الحفظ!$D$5:$D$1000,\">0\")/IF(SUMIFS(الحفظ!$D$5:$D$1000,الحفظ!$K$5:$K$1000,\"=\"&A382,الحفظ!$D$5:$D$1000,\">0\")=0,1,SUMIFS(الحفظ!$D$5:$D$1000,الحفظ!$K$5:$K$1000,\"=\"&A382,الحفظ!$D$5:$D$1000,\">0\")),\"\")","v":""},{"$f":"IF(A382<>\"\",SUMIFS(الحفظ!$D$5:$D$1000,الحفظ!$K$5:$K$1000,\"=\"&A382),\"\")","v":""},""]
[null,null,null,null,{"$f":"IF(A383<>\"\",SUMIFS(الحفظ!$B$5:$B$1000,الحفظ!$K$5:$K$1000,\"=\"&A383,الحفظ!$D$5:$D$1000,\">0\")/IF(SUMIFS(الحفظ!$D$5:$D$1000,الحفظ!$K$5:$K$1000,\"=\"&A383,الحفظ!$D$5:$D$1000,\">0\")=0,1,SUMIFS(الحفظ!$D$5:$D$1000,الحفظ!$K$5:$K$1000,\"=\"&A383,الحفظ!$D$5:$D$1000,\">0\")),\"\")","v":""},{"$f":"IF(A383<>\"\",SUMIFS(الحفظ!$D$5:$D$1000,الحفظ!$K$5:$K$1000,\"=\"&A383),\"\")","v":""},""]
[null,null,null,null,{"$f":"IF(A384<>\"\",SUMIFS(الحفظ!$B$5:$B$1000,الحفظ!$K$5:$K$1000,\"=\"&A384,الحفظ!$D$5:$D$1000,\">0\")/IF(SUMIFS(الحفظ!$D$5:$D$1000,الحفظ!$K$5:$K$1000,\"=\"&A384,الحفظ!$D$5:$D$1000,\">0\")=0,1,SUMIFS(الحفظ!$D$5:$D$1000,الحفظ!$K$5:$K$1000,\"=\"&A384,الحفظ!$D$5:$D$1000,\">0\")),\"\")","v":""},{"$f":"IF(A384<>\"\",SUMIFS(الحفظ!$D$5:$D$1000,الحفظ!$K$5:$K$1000,\"=\"&A384),\"\")","v":""},""]
[null,null,null,null,{"$f":"IF(A385<>\"\",SUMIFS(الحفظ!$B$5:$B$1000,الحفظ!$K$5:$K$1000,\"=\"&A385,الحفظ!$D$5:$D$1000,\">0\")/IF(SUMIFS(الحفظ!$D$5:$D$1000,الحفظ!$K$5:$K$1000,\"=\"&A385,الحفظ!$D$5:$D$1000,\">0\")=0,1,SUMIFS(الحفظ!$D$5:$D$1000,الحفظ!$K$5:$K$1000,\"=\"&A385,الحفظ!$D$5:$D$1000,\">0\")),\"\")","v":""},{"$f":"IF(A385<>\"\",SUMIFS(الحفظ!$D$5:$D$1000,الحفظ!$K$5:$K$1000,\"=\"&A385),\"\")","v":""},""]
[null,null,null,null,{"$f":"IF(A386<>\"\",SUMIFS(الحفظ!$B$5:$B$1000,الحفظ!$K$5:$K$1000,\"=\"&A386,الحفظ!$D$5:$D$1000,\">0\")/IF(SUMIFS(الحفظ!$D$5:$D$1000,الحفظ!$K$5:$K$1000,\"=\"&A386,الحفظ!$D$5:$D$1000,\">0\")=0,1,SUMIFS(الحفظ!$D$5:$D$1000,الحفظ!$K$5:$K$1000,\"=\"&A386,الحفظ!$D$5:$D$1000,\">0\")),\"\")","v":""},{"$f":"IF(A386<>\"\",SUMIFS(الحفظ!$D$5:$D$1000,الحفظ!$K$5:$K$1000,\"=\"&A386),\"\")","v":""},""]
[null,null,null,null,{"$f":"IF(A387<>\"\",SUMIFS(الحفظ!$B$5:$B$1000,الحفظ!$K$5:$K$1000,\"=\"&A387,الحفظ!$D$5:$D$1000,\">0\")/IF(SUMIFS(الحفظ!$D$5:$D$1000,الحفظ!$K$5:$K$1000,\"=\"&A387,الحفظ!$D$5:$D$1000,\">0\")=0,1,SUMIFS(الحفظ!$D$5:$D$1000,الحفظ!$K$5:$K$1000,\"=\"&A387,الحفظ!$D$5:$D$1000,\">0\")),\"\")","v":""},{"$f":"IF(A387<>\"\",SUMIFS(الحفظ!$D$5:$D$1000,الحفظ!$K$5:$K$1000,\"=\"&A387),\"\")","v":""},""]
[null,null,null,null,{"$f":"IF(A388<>\"\",SUMIFS(الحفظ!$B$5:$B$1000,الحفظ!$K$5:$K$1000,\"=\"&A388,الحفظ!$D$5:$D$1000,\">0\")/IF(SUMIFS(الحفظ!$D$5:$D$1000,الحفظ!$K$5:$K$1000,\"=\"&A388,الحفظ!$D$5:$D$1000,\">0\")=0,1,SUMIFS(الحفظ!$D$5:$D$1000,الحفظ!$K$5:$K$1000,\"=\"&A388,الحفظ!$D$5:$D$1000,\">0\")),\"\")","v":""},{"$f":"IF(A388<>\"\",SUMIFS(الحفظ!$D$5:$D$1000,الحفظ!$K$5:$K$1000,\"=\"&A388),\"\")","v":""},""]
[null,null,null,null,{"$f":"IF(A389<>\"\",SUMIFS(الحفظ!$B$5:$B$1000,الحفظ!$K$5:$K$1000,\"=\"&A389,الحفظ!$D$5:$D$1000,\">0\")/IF(SUMIFS(الحفظ!$D$5:$D$1000,الحفظ!$K$5:$K$1000,\"=\"&A389,الحفظ!$D$5:$D$1000,\">0\")=0,1,SUMIFS(الحفظ!$D$5:$D$1000,الحفظ!$K$5:$K$1000,\"=\"&A389,الحفظ!$D$5:$D$1000,\">0\")),\"\")","v":""},{"$f":"IF(A389<>\"\",SUMIFS(الحفظ!$D$5:$D$1000,الحفظ!$K$5:$K$1000,\"=\"&A389),\"\")","v":""},""]
[null,null,null,null,{"$f":"IF(A390<>\"\",SUMIFS(الحفظ!$B$5:$B$1000,الحفظ!$K$5:$K$1000,\"=\"&A390,الحفظ!$D$5:$D$1000,\">0\")/IF(SUMIFS(الحفظ!$D$5:$D$1000,الحفظ!$K$5:$K$1000,\"=\"&A390,الحفظ!$D$5:$D$1000,\">0\")=0,1,SUMIFS(الحفظ!$D$5:$D$1000,الحفظ!$K$5:$K$1000,\"=\"&A390,الحفظ!$D$5:$D$1000,\">0\")),\"\")","v":""},{"$f":"IF(A390<>\"\",SUMIFS(الحفظ!$D$5:$D$1000,الحفظ!$K$5:$K$1000,\"=\"&A390),\"\")","v":""},""]
[null,null,null,null,{"$f":"IF(A391<>\"\",SUMIFS(الحفظ!$B$5:$B$1000,الحفظ!$K$5:$K$1000,\"=\"&A391,الحفظ!$D$5:$D$1000,\">0\")/IF(SUMIFS(الحفظ!$D$5:$D$1000,الحفظ!$K$5:$K$1000,\"=\"&A391,الحفظ!$D$5:$D$1000,\">0\")=0,1,SUMIFS(الحفظ!$D$5:$D$1000,الحفظ!$K$5:$K$1000,\"=\"&A391,الحفظ!$D$5:$D$1000,\">0\")),\"\")","v":""},{"$f":"IF(A391<>\"\",SUMIFS(الحفظ!$D$5:$D$1000,الحفظ!$K$5:$K$1000,\"=\"&A391),\"\")","v":""},""]
[null,null,null,null,{"$f":"IF(A392<>\"\",SUMIFS(الحفظ!$B$5:$B$1000,الحفظ!$K$5:$K$1000,\"=\"&A392,الحفظ!$D$5:$D$1000,\">0\")/IF(SUMIFS(الحفظ!$D$5:$D$1000,الحفظ!$K$5:$K$1000,\"=\"&A392,الحفظ!$D$5:$D$1000,\">0\")=0,1,SUMIFS(الحفظ!$D$5:$D$1000,الحفظ!$K$5:$K$1000,\"=\"&A392,الحفظ!$D$5:$D$1000,\">0\")),\"\")","v":""},{"$f":"IF(A392<>\"\",SUMIFS(الحفظ!$D$5:$D$1000,الحفظ!$K$5:$K$1000,\"=\"&A392),\"\")","v":""},""]
[null,null,null,null,{"$f":"IF(A393<>\"\",SUMIFS(الحفظ!$B$5:$B$1000,الحفظ!$K$5:$K$1000,\"=\"&A393,الحفظ!$D$5:$D$1000,\">0\")/IF(SUMIFS(الحفظ!$D$5:$D$1000,الحفظ!$K$5:$K$1000,\"=\"&A393,الحفظ!$D$5:$D$1000,\">0\")=0,1,SUMIFS(الحفظ!$D$5:$D$1000,الحفظ!$K$5:$K$1000,\"=\"&A393,الحفظ!$D$5:$D$1000,\">0\")),\"\")","v":""},{"$f":"IF(A393<>\"\",SUMIFS(الحفظ!$D$5:$D$1000,الحفظ!$K$5:$K$1000,\"=\"&A393),\"\")","v":""},""]
[null,null,null,null,{"$f":"IF(A394<>\"\",SUMIFS(الحفظ!$B$5:$B$1000,الحفظ!$K$5:$K$1000,\"=\"&A394,الحفظ!$D$5:$D$1000,\">0\")/IF(SUMIFS(الحفظ!$D$5:$D$1000,الحفظ!$K$5:$K$1000,\"=\"&A394,الحفظ!$D$5:$D$1000,\">0\")=0,1,SUMIFS(الحفظ!$D$5:$D$1000,الحفظ!$K$5:$K$1000,\"=\"&A394,الحفظ!$D$5:$D$1000,\">0\")),\"\")","v":""},{"$f":"IF(A394<>\"\",SUMIFS(الحفظ!$D$5:$D$1000,الحفظ!$K$5:$K$1000,\"=\"&A394),\"\")","v":""},""]
[null,null,null,null,{"$f":"IF(A395<>\"\",SUMIFS(الحفظ!$B$5:$B$1000,الحفظ!$K$5:$K$1000,\"=\"&A395,الحفظ!$D$5:$D$1000,\">0\")/IF(SUMIFS(الحفظ!$D$5:$D$1000,الحفظ!$K$5:$K$1000,\"=\"&A395,الحفظ!$D$5:$D$1000,\">0\")=0,1,SUMIFS(الحفظ!$D$5:$D$1000,الحفظ!$K$5:$K$1000,\"=\"&A395,الحفظ!$D$5:$D$1000,\">0\")),\"\")","v":""},{"$f":"IF(A395<>\"\",SUMIFS(الحفظ!$D$5:$D$1000,الحفظ!$K$5:$K$1000,\"=\"&A395),\"\")","v":""},""]
[null,null,null,null,{"$f":"IF(A396<>\"\",SUMIFS(الحفظ!$B$5:$B$1000,الحفظ!$K$5:$K$1000,\"=\"&A396,الحفظ!$D$5:$D$1000,\">0\")/IF(SUMIFS(الحفظ!$D$5:$D$1000,الحفظ!$K$5:$K$1000,\"=\"&A396,الحفظ!$D$5:$D$1000,\">0\")=0,1,SUMIFS(الحفظ!$D$5:$D$1000,الحفظ!$K$5:$K$1000,\"=\"&A396,الحفظ!$D$5:$D$1000,\">0\")),\"\")","v":""},{"$f":"IF(A396<>\"\",SUMIFS(الحفظ!$D$5:$D$1000,الحفظ!$K$5:$K$1000,\"=\"&A396),\"\")","v":""},""]
[null,null,null,null,{"$f":"IF(A397<>\"\",SUMIFS(الحفظ!$B$5:$B$1000,الحفظ!$K$5:$K$1000,\"=\"&A397,الحفظ!$D$5:$D$1000,\">0\")/IF(SUMIFS(الحفظ!$D$5:$D$1000,الحفظ!$K$5:$K$1000,\"=\"&A397,الحفظ!$D$5:$D$1000,\">0\")=0,1,SUMIFS(الحفظ!$D$5:$D$1000,الحفظ!$K$5:$K$1000,\"=\"&A397,الحفظ!$D$5:$D$1000,\">0\")),\"\")","v":""},{"$f":"IF(A397<>\"\",SUMIFS(الحفظ!$D$5:$D$1000,الحفظ!$K$5:$K$1000,\"=\"&A397),\"\")","v":""},""]
[null,null,null,null,{"$f":"IF(A398<>\"\",SUMIFS(الحفظ!$B$5:$B$1000,الحفظ!$K$5:$K$1000,\"=\"&A398,الحفظ!$D$5:$D$1000,\">0\")/IF(SUMIFS(الحفظ!$D$5:$D$1000,الحفظ!$K$5:$K$1000,\"=\"&A398,الحفظ!$D$5:$D$1000,\">0\")=0,1,SUMIFS(الحفظ!$D$5:$D$1000,الحفظ!$K$5:$K$1000,\"=\"&A398,الحفظ!$D$5:$D$1000,\">0\")),\"\")","v":""},{"$f":"IF(A398<>\"\",SUMIFS(الحفظ!$D$5:$D$1000,الحفظ!$K$5:$K$1000,\"=\"&A398),\"\")","v":""},""]
[null,null,null,null,{"$f":"IF(A399<>\"\",SUMIFS(الحفظ!$B$5:$B$1000,الحفظ!$K$5:$K$1000,\"=\"&A399,الحفظ!$D$5:$D$1000,\">0\")/IF(SUMIFS(الحفظ!$D$5:$D$1000,الحفظ!$K$5:$K$1000,\"=\"&A399,الحفظ!$D$5:$D$1000,\">0\")=0,1,SUMIFS(الحفظ!$D$5:$D$1000,الحفظ!$K$5:$K$1000,\"=\"&A399,الحفظ!$D$5:$D$1000,\">0\")),\"\")","v":""},{"$f":"IF(A399<>\"\",SUMIFS(الحفظ!$D$5:$D$1000,الحفظ!$K$5:$K$1000,\"=\"&A399),\"\")","v":""},""]
[null,null,null,null,{"$f":"IF(A400<>\"\",SUMIFS(الحفظ!$B$5:$B$1000,الحفظ!$K$5:$K$1000,\"=\"&A400,الحفظ!$D$5:$D$1000,\">0\")/IF(SUMIFS(الحفظ!$D$5:$D$1000,الحفظ!$K$5:$K$1000,\"=\"&A400,الحفظ!$D$5:$D$1000,\">0\")=0,1,SUMIFS(الحفظ!$D$5:$D$1000,الحفظ!$K$5:$K$1000,\"=\"&A400,الحفظ!$D$5:$D$1000,\">0\")),\"\")","v":""},{"$f":"IF(A400<>\"\",SUMIFS(الحفظ!$D$5:$D$1000,الحفظ!$K$5:$K$1000,\"=\"&A400),\"\")","v":""},""]
[null,null,null,null,{"$f":"IF(A401<>\"\",SUMIFS(الحفظ!$B$5:$B$1000,الحفظ!$K$5:$K$1000,\"=\"&A401,الحفظ!$D$5:$D$1000,\">0\")/IF(SUMIFS(الحفظ!$D$5:$D$1000,الحفظ!$K$5:$K$1000,\"=\"&A401,الحفظ!$D$5:$D$1000,\">0\")=0,1,SUMIFS(الحفظ!$D$5:$D$1000,الحفظ!$K$5:$K$1000,\"=\"&A401,الحفظ!$D$5:$D$1000,\">0\")),\"\")","v":""},{"$f":"IF(A401<>\"\",SUMIFS(الحفظ!$D$5:$D$1000,الحفظ!$K$5:$K$1000,\"=\"&A401),\"\")","v":""},""]
[null,null,null,null,{"$f":"IF(A402<>\"\",SUMIFS(الحفظ!$B$5:$B$1000,الحفظ!$K$5:$K$1000,\"=\"&A402,الحفظ!$D$5:$D$1000,\">0\")/IF(SUMIFS(الحفظ!$D$5:$D$1000,الحفظ!$K$5:$K$1000,\"=\"&A402,الحفظ!$D$5:$D$1000,\">0\")=0,1,SUMIFS(الحفظ!$D$5:$D$1000,الحفظ!$K$5:$K$1000,\"=\"&A402,الحفظ!$D$5:$D$1000,\">0\")),\"\")","v":""},{"$f":"IF(A402<>\"\",SUMIFS(الحفظ!$D$5:$D$1000,الحفظ!$K$5:$K$1000,\"=\"&A402),\"\")","v":""},""]
[null,null,null,null,{"$f":"IF(A403<>\"\",SUMIFS(الحفظ!$B$5:$B$1000,الحفظ!$K$5:$K$1000,\"=\"&A403,الحفظ!$D$5:$D$1000,\">0\")/IF(SUMIFS(الحفظ!$D$5:$D$1000,الحفظ!$K$5:$K$1000,\"=\"&A403,الحفظ!$D$5:$D$1000,\">0\")=0,1,SUMIFS(الحفظ!$D$5:$D$1000,الحفظ!$K$5:$K$1000,\"=\"&A403,الحفظ!$D$5:$D$1000,\">0\")),\"\")","v":""},{"$f":"IF(A403<>\"\",SUMIFS(الحفظ!$D$5:$D$1000,الحفظ!$K$5:$K$1000,\"=\"&A403),\"\")","v":""},""]
[null,null,null,null,{"$f":"IF(A404<>\"\",SUMIFS(الحفظ!$B$5:$B$1000,الحفظ!$K$5:$K$1000,\"=\"&A404,الحفظ!$D$5:$D$1000,\">0\")/IF(SUMIFS(الحفظ!$D$5:$D$1000,الحفظ!$K$5:$K$1000,\"=\"&A404,الحفظ!$D$5:$D$1000,\">0\")=0,1,SUMIFS(الحفظ!$D$5:$D$1000,الحفظ!$K$5:$K$1000,\"=\"&A404,الحفظ!$D$5:$D$1000,\">0\")),\"\")","v":""},{"$f":"IF(A404<>\"\",SUMIFS(الحفظ!$D$5:$D$1000,الحفظ!$K$5:$K$1000,\"=\"&A404),\"\")","v":""},""]
[null,null,null,null,{"$f":"IF(A405<>\"\",SUMIFS(الحفظ!$B$5:$B$1000,الحفظ!$K$5:$K$1000,\"=\"&A405,الحفظ!$D$5:$D$1000,\">0\")/IF(SUMIFS(الحفظ!$D$5:$D$1000,الحفظ!$K$5:$K$1000,\"=\"&A405,الحفظ!$D$5:$D$1000,\">0\")=0,1,SUMIFS(الحفظ!$D$5:$D$1000,الحفظ!$K$5:$K$1000,\"=\"&A405,الحفظ!$D$5:$D$1000,\">0\")),\"\")","v":""},{"$f":"IF(A405<>\"\",SUMIFS(الحفظ!$D$5:$D$1000,الحفظ!$K$5:$K$1000,\"=\"&A405),\"\")","v":""},""]
[null,null,null,null,{"$f":"IF(A406<>\"\",SUMIFS(الحفظ!$B$5:$B$1000,الحفظ!$K$5:$K$1000,\"=\"&A406,الحفظ!$D$5:$D$1000,\">0\")/IF(SUMIFS(الحفظ!$D$5:$D$1000,الحفظ!$K$5:$K$1000,\"=\"&A406,الحفظ!$D$5:$D$1000,\">0\")=0,1,SUMIFS(الحفظ!$D$5:$D$1000,الحفظ!$K$5:$K$1000,\"=\"&A406,الحفظ!$D$5:$D$1000,\">0\")),\"\")","v":""},{"$f":"IF(A406<>\"\",SUMIFS(الحفظ!$D$5:$D$1000,الحفظ!$K$5:$K$1000,\"=\"&A406),\"\")","v":""},""]
[null,null,null,null,{"$f":"IF(A407<>\"\",SUMIFS(الحفظ!$B$5:$B$1000,الحفظ!$K$5:$K$1000,\"=\"&A407,الحفظ!$D$5:$D$1000,\">0\")/IF(SUMIFS(الحفظ!$D$5:$D$1000,الحفظ!$K$5:$K$1000,\"=\"&A407,الحفظ!$D$5:$D$1000,\">0\")=0,1,SUMIFS(الحفظ!$D$5:$D$1000,الحفظ!$K$5:$K$1000,\"=\"&A407,الحفظ!$D$5:$D$1000,\">0\")),\"\")","v":""},{"$f":"IF(A407<>\"\",SUMIFS(الحفظ!$D$5:$D$1000,الحفظ!$K$5:$K$1000,\"=\"&A407),\"\")","v":""},""]
[null,null,null,null,{"$f":"IF(A408<>\"\",SUMIFS(الحفظ!$B$5:$B$1000,الحفظ!$K$5:$K$1000,\"=\"&A408,الحفظ!$D$5:$D$1000,\">0\")/IF(SUMIFS(الحفظ!$D$5:$D$1000,الحفظ!$K$5:$K$1000,\"=\"&A408,الحفظ!$D$5:$D$1000,\">0\")=0,1,SUMIFS(الحفظ!$D$5:$D$1000,الحفظ!$K$5:$K$1000,\"=\"&A408,الحفظ!$D$5:$D$1000,\">0\")),\"\")","v":""},{"$f":"IF(A408<>\"\",SUMIFS(الحفظ!$D$5:$D$1000,الحفظ!$K$5:$K$1000,\"=\"&A408),\"\")","v":""},""]
[null,null,null,null,{"$f":"IF(A409<>\"\",SUMIFS(الحفظ!$B$5:$B$1000,الحفظ!$K$5:$K$1000,\"=\"&A409,الحفظ!$D$5:$D$1000,\">0\")/IF(SUMIFS(الحفظ!$D$5:$D$1000,الحفظ!$K$5:$K$1000,\"=\"&A409,الحفظ!$D$5:$D$1000,\">0\")=0,1,SUMIFS(الحفظ!$D$5:$D$1000,الحفظ!$K$5:$K$1000,\"=\"&A409,الحفظ!$D$5:$D$1000,\">0\")),\"\")","v":""},{"$f":"IF(A409<>\"\",SUMIFS(الحفظ!$D$5:$D$1000,الحفظ!$K$5:$K$1000,\"=\"&A409),\"\")","v":""},""]
[null,null,null,null,{"$f":"IF(A410<>\"\",SUMIFS(الحفظ!$B$5:$B$1000,الحفظ!$K$5:$K$1000,\"=\"&A410,الحفظ!$D$5:$D$1000,\">0\")/IF(SUMIFS(الحفظ!$D$5:$D$1000,الحفظ!$K$5:$K$1000,\"=\"&A410,الحفظ!$D$5:$D$1000,\">0\")=0,1,SUMIFS(الحفظ!$D$5:$D$1000,الحفظ!$K$5:$K$1000,\"=\"&A410,الحفظ!$D$5:$D$1000,\">0\")),\"\")","v":""},{"$f":"IF(A410<>\"\",SUMIFS(الحفظ!$D$5:$D$1000,الحفظ!$K$5:$K$1000,\"=\"&A410),\"\")","v":""},""]
[null,null,null,null,{"$f":"IF(A411<>\"\",SUMIFS(الحفظ!$B$5:$B$1000,الحفظ!$K$5:$K$1000,\"=\"&A411,الحفظ!$D$5:$D$1000,\">0\")/IF(SUMIFS(الحفظ!$D$5:$D$1000,الحفظ!$K$5:$K$1000,\"=\"&A411,الحفظ!$D$5:$D$1000,\">0\")=0,1,SUMIFS(الحفظ!$D$5:$D$1000,الحفظ!$K$5:$K$1000,\"=\"&A411,الحفظ!$D$5:$D$1000,\">0\")),\"\")","v":""},{"$f":"IF(A411<>\"\",SUMIFS(الحفظ!$D$5:$D$1000,الحفظ!$K$5:$K$1000,\"=\"&A411),\"\")","v":""},""]
[null,null,null,null,{"$f":"IF(A412<>\"\",SUMIFS(الحفظ!$B$5:$B$1000,الحفظ!$K$5:$K$1000,\"=\"&A412,الحفظ!$D$5:$D$1000,\">0\")/IF(SUMIFS(الحفظ!$D$5:$D$1000,الحفظ!$K$5:$K$1000,\"=\"&A412,الحفظ!$D$5:$D$1000,\">0\")=0,1,SUMIFS(الحفظ!$D$5:$D$1000,الحفظ!$K$5:$K$1000,\"=\"&A412,الحفظ!$D$5:$D$1000,\">0\")),\"\")","v":""},{"$f":"IF(A412<>\"\",SUMIFS(الحفظ!$D$5:$D$1000,الحفظ!$K$5:$K$1000,\"=\"&A412),\"\")","v":""},""]
[null,null,null,null,{"$f":"IF(A413<>\"\",SUMIFS(الحفظ!$B$5:$B$1000,الحفظ!$K$5:$K$1000,\"=\"&A413,الحفظ!$D$5:$D$1000,\">0\")/IF(SUMIFS(الحفظ!$D$5:$D$1000,الحفظ!$K$5:$K$1000,\"=\"&A413,الحفظ!$D$5:$D$1000,\">0\")=0,1,SUMIFS(الحفظ!$D$5:$D$1000,الحفظ!$K$5:$K$1000,\"=\"&A413,الحفظ!$D$5:$D$1000,\">0\")),\"\")","v":""},{"$f":"IF(A413<>\"\",SUMIFS(الحفظ!$D$5:$D$1000,الحفظ!$K$5:$K$1000,\"=\"&A413),\"\")","v":""},""]
[null,null,null,null,{"$f":"IF(A414<>\"\",SUMIFS(الحفظ!$B$5:$B$1000,الحفظ!$K$5:$K$1000,\"=\"&A414,الحفظ!$D$5:$D$1000,\">0\")/IF(SUMIFS(الحفظ!$D$5:$D$1000,الحفظ!$K$5:$K$1000,\"=\"&A414,الحفظ!$D$5:$D$1000,\">0\")=0,1,SUMIFS(الحفظ!$D$5:$D$1000,الحفظ!$K$5:$K$1000,\"=\"&A414,الحفظ!$D$5:$D$1000,\">0\")),\"\")","v":""},{"$f":"IF(A414<>\"\",SUMIFS(الحفظ!$D$5:$D$1000,الحفظ!$K$5:$K$1000,\"=\"&A414),\"\")","v":""},""]
[null,null,null,null,{"$f":"IF(A415<>\"\",SUMIFS(الحفظ!$B$5:$B$1000,الحفظ!$K$5:$K$1000,\"=\"&A415,الحفظ!$D$5:$D$1000,\">0\")/IF(SUMIFS(الحفظ!$D$5:$D$1000,الحفظ!$K$5:$K$1000,\"=\"&A415,الحفظ!$D$5:$D$1000,\">0\")=0,1,SUMIFS(الحفظ!$D$5:$D$1000,الحفظ!$K$5:$K$1000,\"=\"&A415,الحفظ!$D$5:$D$1000,\">0\")),\"\")","v":""},{"$f":"IF(A415<>\"\",SUMIFS(الحفظ!$D$5:$D$1000,الحفظ!$K$5:$K$1000,\"=\"&A415),\"\")","v":""},{"$f":"IF(A415<>\"\",F415*E415,\"\")","v":""}]
[null,null,null,null,{"$f":"IF(A416<>\"\",SUMIFS(الحفظ!$B$5:$B$1000,الحفظ!$K$5:$K$1000,\"=\"&A416,الحفظ!$D$5:$D$1000,\">0\")/IF(SUMIFS(الحفظ!$D$5:$D$1000,الحفظ!$K$5:$K$1000,\"=\"&A416,الحفظ!$D$5:$D$1000,\">0\")=0,1,SUMIFS(الحفظ!$D$5:$D$1000,الحفظ!$K$5:$K$1000,\"=\"&A416,الحفظ!$D$5:$D$1000,\">0\")),\"\")","v":""},{"$f":"IF(A416<>\"\",SUMIFS(الحفظ!$D$5:$D$1000,الحفظ!$K$5:$K$1000,\"=\"&A416),\"\")","v":""},""]
[null,null,null,null,{"$f":"IF(A417<>\"\",SUMIFS(الحفظ!$B$5:$B$1000,الحفظ!$K$5:$K$1000,\"=\"&A417,الحفظ!$D$5:$D$1000,\">0\")/IF(SUMIFS(الحفظ!$D$5:$D$1000,الحفظ!$K$5:$K$1000,\"=\"&A417,الحفظ!$D$5:$D$1000,\">0\")=0,1,SUMIFS(الحفظ!$D$5:$D$1000,الحفظ!$K$5:$K$1000,\"=\"&A417,الحفظ!$D$5:$D$1000,\">0\")),\"\")","v":""},{"$f":"IF(A417<>\"\",SUMIFS(الحفظ!$D$5:$D$1000,الحفظ!$K$5:$K$1000,\"=\"&A417),\"\")","v":""},""]
[null,null,null,null,{"$f":"IF(A418<>\"\",SUMIFS(الحفظ!$B$5:$B$1000,الحفظ!$K$5:$K$1000,\"=\"&A418,الحفظ!$D$5:$D$1000,\">0\")/IF(SUMIFS(الحفظ!$D$5:$D$1000,الحفظ!$K$5:$K$1000,\"=\"&A418,الحفظ!$D$5:$D$1000,\">0\")=0,1,SUMIFS(الحفظ!$D$5:$D$1000,الحفظ!$K$5:$K$1000,\"=\"&A418,الحفظ!$D$5:$D$1000,\">0\")),\"\")","v":""},{"$f":"IF(A418<>\"\",SUMIFS(الحفظ!$D$5:$D$1000,الحفظ!$K$5:$K$1000,\"=\"&A418),\"\")","v":""},""]
[null,null,null,null,{"$f":"IF(A419<>\"\",SUMIFS(الحفظ!$B$5:$B$1000,الحفظ!$K$5:$K$1000,\"=\"&A419,الحفظ!$D$5:$D$1000,\">0\")/IF(SUMIFS(الحفظ!$D$5:$D$1000,الحفظ!$K$5:$K$1000,\"=\"&A419,الحفظ!$D$5:$D$1000,\">0\")=0,1,SUMIFS(الحفظ!$D$5:$D$1000,الحفظ!$K$5:$K$1000,\"=\"&A419,الحفظ!$D$5:$D$1000,\">0\")),\"\")","v":""},{"$f":"IF(A419<>\"\",SUMIFS(الحفظ!$D$5:$D$1000,الحفظ!$K$5:$K$1000,\"=\"&A419),\"\")","v":""},""]
[null,null,null,null,{"$f":"IF(A420<>\"\",SUMIFS(الحفظ!$B$5:$B$1000,الحفظ!$K$5:$K$1000,\"=\"&A420,الحفظ!$D$5:$D$1000,\">0\")/IF(SUMIFS(الحفظ!$D$5:$D$1000,الحفظ!$K$5:$K$1000,\"=\"&A420,الحفظ!$D$5:$D$1000,\">0\")=0,1,SUMIFS(الحفظ!$D$5:$D$1000,الحفظ!$K$5:$K$1000,\"=\"&A420,الحفظ!$D$5:$D$1000,\">0\")),\"\")","v":""},{"$f":"IF(A420<>\"\",SUMIFS(الحفظ!$D$5:$D$1000,الحفظ!$K$5:$K$1000,\"=\"&A420),\"\")","v":""},""]
[null,null,null,null,{"$f":"IF(A421<>\"\",SUMIFS(الحفظ!$B$5:$B$1000,الحفظ!$K$5:$K$1000,\"=\"&A421,الحفظ!$D$5:$D$1000,\">0\")/IF(SUMIFS(الحفظ!$D$5:$D$1000,الحفظ!$K$5:$K$1000,\"=\"&A421,الحفظ!$D$5:$D$1000,\">0\")=0,1,SUMIFS(الحفظ!$D$5:$D$1000,الحفظ!$K$5:$K$1000,\"=\"&A421,الحفظ!$D$5:$D$1000,\">0\")),\"\")","v":""},{"$f":"IF(A421<>\"\",SUMIFS(الحفظ!$D$5:$D$1000,الحفظ!$K$5:$K$1000,\"=\"&A421),\"\")","v":""},""]
[null,null,null,null,{"$f":"IF(A422<>\"\",SUMIFS(الحفظ!$B$5:$B$1000,الحفظ!$K$5:$K$1000,\"=\"&A422,الحفظ!$D$5:$D$1000,\">0\")/IF(SUMIFS(الحفظ!$D$5:$D$1000,الحفظ!$K$5:$K$1000,\"=\"&A422,الحفظ!$D$5:$D$1000,\">0\")=0,1,SUMIFS(الحفظ!$D$5:$D$1000,الحفظ!$K$5:$K$1000,\"=\"&A422,الحفظ!$D$5:$D$1000,\">0\")),\"\")","v":""},{"$f":"IF(A422<>\"\",SUMIFS(الحفظ!$D$5:$D$1000,الحفظ!$K$5:$K$1000,\"=\"&A422),\"\")","v":""},""]
[null,null,null,null,{"$f":"IF(A423<>\"\",SUMIFS(الحفظ!$B$5:$B$1000,الحفظ!$K$5:$K$1000,\"=\"&A423,الحفظ!$D$5:$D$1000,\">0\")/IF(SUMIFS(الحفظ!$D$5:$D$1000,الحفظ!$K$5:$K$1000,\"=\"&A423,الحفظ!$D$5:$D$1000,\">0\")=0,1,SUMIFS(الحفظ!$D$5:$D$1000,الحفظ!$K$5:$K$1000,\"=\"&A423,الحفظ!$D$5:$D$1000,\">0\")),\"\")","v":""},{"$f":"IF(A423<>\"\",SUMIFS(الحفظ!$D$5:$D$1000,الحفظ!$K$5:$K$1000,\"=\"&A423),\"\")","v":""},""]
[null,null,null,null,{"$f":"IF(A424<>\"\",SUMIFS(الحفظ!$B$5:$B$1000,الحفظ!$K$5:$K$1000,\"=\"&A424,الحفظ!$D$5:$D$1000,\">0\")/IF(SUMIFS(الحفظ!$D$5:$D$1000,الحفظ!$K$5:$K$1000,\"=\"&A424,الحفظ!$D$5:$D$1000,\">0\")=0,1,SUMIFS(الحفظ!$D$5:$D$1000,الحفظ!$K$5:$K$1000,\"=\"&A424,الحفظ!$D$5:$D$1000,\">0\")),\"\")","v":""},{"$f":"IF(A424<>\"\",SUMIFS(الحفظ!$D$5:$D$1000,الحفظ!$K$5:$K$1000,\"=\"&A424),\"\")","v":""},""]
[null,null,null,null,{"$f":"IF(A425<>\"\",SUMIFS(الحفظ!$B$5:$B$1000,الحفظ!$K$5:$K$1000,\"=\"&A425,الحفظ!$D$5:$D$1000,\">0\")/IF(SUMIFS(الحفظ!$D$5:$D$1000,الحفظ!$K$5:$K$1000,\"=\"&A425,الحفظ!$D$5:$D$1000,\">0\")=0,1,SUMIFS(الحفظ!$D$5:$D$1000,الحفظ!$K$5:$K$1000,\"=\"&A425,الحفظ!$D$5:$D$1000,\">0\")),\"\")","v":""},{"$f":"IF(A425<>\"\",SUMIFS(الحفظ!$D$5:$D$1000,الحفظ!$K$5:$K$1000,\"=\"&A425),\"\")","v":""},""]
[null,null,null,null,{"$f":"IF(A426<>\"\",SUMIFS(الحفظ!$B$5:$B$1000,الحفظ!$K$5:$K$1000,\"=\"&A426,الحفظ!$D$5:$D$1000,\">0\")/IF(SUMIFS(الحفظ!$D$5:$D$1000,الحفظ!$K$5:$K$1000,\"=\"&A426,الحفظ!$D$5:$D$1000,\">0\")=0,1,SUMIFS(الحفظ!$D$5:$D$1000,الحفظ!$K$5:$K$1000,\"=\"&A426,الحفظ!$D$5:$D$1000,\">0\")),\"\")","v":""},{"$f":"IF(A426<>\"\",SUMIFS(الحفظ!$D$5:$D$1000,الحفظ!$K$5:$K$1000,\"=\"&A426),\"\")","v":""},""]
[null,null,null,null,{"$f":"IF(A427<>\"\",SUMIFS(الحفظ!$B$5:$B$1000,الحفظ!$K$5:$K$1000,\"=\"&A427,الحفظ!$D$5:$D$1000,\">0\")/IF(SUMIFS(الحفظ!$D$5:$D$1000,الحفظ!$K$5:$K$1000,\"=\"&A427,الحفظ!$D$5:$D$1000,\">0\")=0,1,SUMIFS(الحفظ!$D$5:$D$1000,الحفظ!$K$5:$K$1000,\"=\"&A427,الحفظ!$D$5:$D$1000,\">0\")),\"\")","v":""},{"$f":"IF(A427<>\"\",SUMIFS(الحفظ!$D$5:$D$1000,الحفظ!$K$5:$K$1000,\"=\"&A427),\"\")","v":""},""]
[null,null,null,null,{"$f":"IF(A428<>\"\",SUMIFS(الحفظ!$B$5:$B$1000,الحفظ!$K$5:$K$1000,\"=\"&A428,الحفظ!$D$5:$D$1000,\">0\")/IF(SUMIFS(الحفظ!$D$5:$D$1000,الحفظ!$K$5:$K$1000,\"=\"&A428,الحفظ!$D$5:$D$1000,\">0\")=0,1,SUMIFS(الحفظ!$D$5:$D$1000,الحفظ!$K$5:$K$1000,\"=\"&A428,الحفظ!$D$5:$D$1000,\">0\")),\"\")","v":""},{"$f":"IF(A428<>\"\",SUMIFS(الحفظ!$D$5:$D$1000,الحفظ!$K$5:$K$1000,\"=\"&A428),\"\")","v":""},""]
[null,null,null,null,{"$f":"IF(A429<>\"\",SUMIFS(الحفظ!$B$5:$B$1000,الحفظ!$K$5:$K$1000,\"=\"&A429,الحفظ!$D$5:$D$1000,\">0\")/IF(SUMIFS(الحفظ!$D$5:$D$1000,الحفظ!$K$5:$K$1000,\"=\"&A429,الحفظ!$D$5:$D$1000,\">0\")=0,1,SUMIFS(الحفظ!$D$5:$D$1000,الحفظ!$K$5:$K$1000,\"=\"&A429,الحفظ!$D$5:$D$1000,\">0\")),\"\")","v":""},{"$f":"IF(A429<>\"\",SUMIFS(الحفظ!$D$5:$D$1000,الحفظ!$K$5:$K$1000,\"=\"&A429),\"\")","v":""},""]
[null,null,null,null,{"$f":"IF(A430<>\"\",SUMIFS(الحفظ!$B$5:$B$1000,الحفظ!$K$5:$K$1000,\"=\"&A430,الحفظ!$D$5:$D$1000,\">0\")/IF(SUMIFS(الحفظ!$D$5:$D$1000,الحفظ!$K$5:$K$1000,\"=\"&A430,الحفظ!$D$5:$D$1000,\">0\")=0,1,SUMIFS(الحفظ!$D$5:$D$1000,الحفظ!$K$5:$K$1000,\"=\"&A430,الحفظ!$D$5:$D$1000,\">0\")),\"\")","v":""},{"$f":"IF(A430<>\"\",SUMIFS(الحفظ!$D$5:$D$1000,الحفظ!$K$5:$K$1000,\"=\"&A430),\"\")","v":""},""]
[null,null,null,null,{"$f":"IF(A431<>\"\",SUMIFS(الحفظ!$B$5:$B$1000,الحفظ!$K$5:$K$1000,\"=\"&A431,الحفظ!$D$5:$D$1000,\">0\")/IF(SUMIFS(الحفظ!$D$5:$D$1000,الحفظ!$K$5:$K$1000,\"=\"&A431,الحفظ!$D$5:$D$1000,\">0\")=0,1,SUMIFS(الحفظ!$D$5:$D$1000,الحفظ!$K$5:$K$1000,\"=\"&A431,الحفظ!$D$5:$D$1000,\">0\")),\"\")","v":""},{"$f":"IF(A431<>\"\",SUMIFS(الحفظ!$D$5:$D$1000,الحفظ!$K$5:$K$1000,\"=\"&A431),\"\")","v":""},""]
[null,null,null,null,{"$f":"IF(A432<>\"\",SUMIFS(الحفظ!$B$5:$B$1000,الحفظ!$K$5:$K$1000,\"=\"&A432,الحفظ!$D$5:$D$1000,\">0\")/IF(SUMIFS(الحفظ!$D$5:$D$1000,الحفظ!$K$5:$K$1000,\"=\"&A432,الحفظ!$D$5:$D$1000,\">0\")=0,1,SUMIFS(الحفظ!$D$5:$D$1000,الحفظ!$K$5:$K$1000,\"=\"&A432,الحفظ!$D$5:$D$1000,\">0\")),\"\")","v":""},{"$f":"IF(A432<>\"\",SUMIFS(الحفظ!$D$5:$D$1000,الحفظ!$K$5:$K$1000,\"=\"&A432),\"\")","v":""},""]
[null,null,null,null,{"$f":"IF(A433<>\"\",SUMIFS(الحفظ!$B$5:$B$1000,الحفظ!$K$5:$K$1000,\"=\"&A433,الحفظ!$D$5:$D$1000,\">0\")/IF(SUMIFS(الحفظ!$D$5:$D$1000,الحفظ!$K$5:$K$1000,\"=\"&A433,الحفظ!$D$5:$D$1000,\">0\")=0,1,SUMIFS(الحفظ!$D$5:$D$1000,الحفظ!$K$5:$K$1000,\"=\"&A433,الحفظ!$D$5:$D$1000,\">0\")),\"\")","v":""},{"$f":"IF(A433<>\"\",SUMIFS(الحفظ!$D$5:$D$1000,الحفظ!$K$5:$K$1000,\"=\"&A433),\"\")","v":""},""]
[null,null,null,null,{"$f":"IF(A434<>\"\",SUMIFS(الحفظ!$B$5:$B$1000,الحفظ!$K$5:$K$1000,\"=\"&A434,الحفظ!$D$5:$D$1000,\">0\")/IF(SUMIFS(الحفظ!$D$5:$D$1000,الحفظ!$K$5:$K$1000,\"=\"&A434,الحفظ!$D$5:$D$1000,\">0\")=0,1,SUMIFS(الحفظ!$D$5:$D$1000,الحفظ!$K$5:$K$1000,\"=\"&A434,الحفظ!$D$5:$D$1000,\">0\")),\"\")","v":""},{"$f":"IF(A434<>\"\",SUMIFS(الحفظ!$D$5:$D$1000,الحفظ!$K$5:$K$1000,\"=\"&A434),\"\")","v":""},""]
[null,null,null,null,{"$f":"IF(A435<>\"\",SUMIFS(الحفظ!$B$5:$B$1000,الحفظ!$K$5:$K$1000,\"=\"&A435,الحفظ!$D$5:$D$1000,\">0\")/IF(SUMIFS(الحفظ!$D$5:$D$1000,الحفظ!$K$5:$K$1000,\"=\"&A435,الحفظ!$D$5:$D$1000,\">0\")=0,1,SUMIFS(الحفظ!$D$5:$D$1000,الحفظ!$K$5:$K$1000,\"=\"&A435,الحفظ!$D$5:$D$1000,\">0\")),\"\")","v":""},{"$f":"IF(A435<>\"\",SUMIFS(الحفظ!$D$5:$D$1000,الحفظ!$K$5:$K$1000,\"=\"&A435),\"\")","v":""},""]
[null,null,null,null,{"$f":"IF(A436<>\"\",SUMIFS(الحفظ!$B$5:$B$1000,الحفظ!$K$5:$K$1000,\"=\"&A436,الحفظ!$D$5:$D$1000,\">0\")/IF(SUMIFS(الحفظ!$D$5:$D$1000,الحفظ!$K$5:$K$1000,\"=\"&A436,الحفظ!$D$5:$D$1000,\">0\")=0,1,SUMIFS(الحفظ!$D$5:$D$1000,الحفظ!$K$5:$K$1000,\"=\"&A436,الحفظ!$D$5:$D$1000,\">0\")),\"\")","v":""},{"$f":"IF(A436<>\"\",SUMIFS(الحفظ!$D$5:$D$1000,الحفظ!$K$5:$K$1000,\"=\"&A436),\"\")","v":""},""]
[null,null,null,null,{"$f":"IF(A437<>\"\",SUMIFS(الحفظ!$B$5:$B$1000,الحفظ!$K$5:$K$1000,\"=\"&A437,الحفظ!$D$5:$D$1000,\">0\")/IF(SUMIFS(الحفظ!$D$5:$D$1000,الحفظ!$K$5:$K$1000,\"=\"&A437,الحفظ!$D$5:$D$1000,\">0\")=0,1,SUMIFS(الحفظ!$D$5:$D$1000,الحفظ!$K$5:$K$1000,\"=\"&A437,الحفظ!$D$5:$D$1000,\">0\")),\"\")","v":""},{"$f":"IF(A437<>\"\",SUMIFS(الحفظ!$D$5:$D$1000,الحفظ!$K$5:$K$1000,\"=\"&A437),\"\")","v":""},""]
[null,null,null,null,{"$f":"IF(A438<>\"\",SUMIFS(الحفظ!$B$5:$B$1000,الحفظ!$K$5:$K$1000,\"=\"&A438,الحفظ!$D$5:$D$1000,\">0\")/IF(SUMIFS(الحفظ!$D$5:$D$1000,الحفظ!$K$5:$K$1000,\"=\"&A438,الحفظ!$D$5:$D$1000,\">0\")=0,1,SUMIFS(الحفظ!$D$5:$D$1000,الحفظ!$K$5:$K$1000,\"=\"&A438,الحفظ!$D$5:$D$1000,\">0\")),\"\")","v":""},{"$f":"IF(A438<>\"\",SUMIFS(الحفظ!$D$5:$D$1000,الحفظ!$K$5:$K$1000,\"=\"&A438),\"\")","v":""},""]
[null,null,null,null,{"$f":"IF(A439<>\"\",SUMIFS(الحفظ!$B$5:$B$1000,الحفظ!$K$5:$K$1000,\"=\"&A439,الحفظ!$D$5:$D$1000,\">0\")/IF(SUMIFS(الحفظ!$D$5:$D$1000,الحفظ!$K$5:$K$1000,\"=\"&A439,الحفظ!$D$5:$D$1000,\">0\")=0,1,SUMIFS(الحفظ!$D$5:$D$1000,الحفظ!$K$5:$K$1000,\"=\"&A439,الحفظ!$D$5:$D$1000,\">0\")),\"\")","v":""},{"$f":"IF(A439<>\"\",SUMIFS(الحفظ!$D$5:$D$1000,الحفظ!$K$5:$K$1000,\"=\"&A439),\"\")","v":""},""]
[null,null,null,null,{"$f":"IF(A440<>\"\",SUMIFS(الحفظ!$B$5:$B$1000,الحفظ!$K$5:$K$1000,\"=\"&A440,الحفظ!$D$5:$D$1000,\">0\")/IF(SUMIFS(الحفظ!$D$5:$D$1000,الحفظ!$K$5:$K$1000,\"=\"&A440,الحفظ!$D$5:$D$1000,\">0\")=0,1,SUMIFS(الحفظ!$D$5:$D$1000,الحفظ!$K$5:$K$1000,\"=\"&A440,الحفظ!$D$5:$D$1000,\">0\")),\"\")","v":""},{"$f":"IF(A440<>\"\",SUMIFS(الحفظ!$D$5:$D$1000,الحفظ!$K$5:$K$1000,\"=\"&A440),\"\")","v":""},""]
[null,null,null,null,{"$f":"IF(A441<>\"\",SUMIFS(الحفظ!$B$5:$B$1000,الحفظ!$K$5:$K$1000,\"=\"&A441,الحفظ!$D$5:$D$1000,\">0\")/IF(SUMIFS(الحفظ!$D$5:$D$1000,الحفظ!$K$5:$K$1000,\"=\"&A441,الحفظ!$D$5:$D$1000,\">0\")=0,1,SUMIFS(الحفظ!$D$5:$D$1000,الحفظ!$K$5:$K$1000,\"=\"&A441,الحفظ!$D$5:$D$1000,\">0\")),\"\")","v":""},{"$f":"IF(A441<>\"\",SUMIFS(الحفظ!$D$5:$D$1000,الحفظ!$K$5:$K$1000,\"=\"&A441),\"\")","v":""},""]
[null,null,null,null,{"$f":"IF(A442<>\"\",SUMIFS(الحفظ!$B$5:$B$1000,الحفظ!$K$5:$K$1000,\"=\"&A442,الحفظ!$D$5:$D$1000,\">0\")/IF(SUMIFS(الحفظ!$D$5:$D$1000,الحفظ!$K$5:$K$1000,\"=\"&A442,الحفظ!$D$5:$D$1000,\">0\")=0,1,SUMIFS(الحفظ!$D$5:$D$1000,الحفظ!$K$5:$K$1000,\"=\"&A442,الحفظ!$D$5:$D$1000,\">0\")),\"\")","v":""},{"$f":"IF(A442<>\"\",SUMIFS(الحفظ!$D$5:$D$1000,الحفظ!$K$5:$K$1000,\"=\"&A442),\"\")","v":""},""]
[null,null,null,null,{"$f":"IF(A443<>\"\",SUMIFS(الحفظ!$B$5:$B$1000,الحفظ!$K$5:$K$1000,\"=\"&A443,الحفظ!$D$5:$D$1000,\">0\")/IF(SUMIFS(الحفظ!$D$5:$D$1000,الحفظ!$K$5:$K$1000,\"=\"&A443,الحفظ!$D$5:$D$1000,\">0\")=0,1,SUMIFS(الحفظ!$D$5:$D$1000,الحفظ!$K$5:$K$1000,\"=\"&A443,الحفظ!$D$5:$D$1000,\">0\")),\"\")","v":""},{"$f":"IF(A443<>\"\",SUMIFS(الحفظ!$D$5:$D$1000,الحفظ!$K$5:$K$1000,\"=\"&A443),\"\")","v":""},""]
[null,null,null,null,{"$f":"IF(A444<>\"\",SUMIFS(الحفظ!$B$5:$B$1000,الحفظ!$K$5:$K$1000,\"=\"&A444,الحفظ!$D$5:$D$1000,\">0\")/IF(SUMIFS(الحفظ!$D$5:$D$1000,الحفظ!$K$5:$K$1000,\"=\"&A444,الحفظ!$D$5:$D$1000,\">0\")=0,1,SUMIFS(الحفظ!$D$5:$D$1000,الحفظ!$K$5:$K$1000,\"=\"&A444,الحفظ!$D$5:$D$1000,\">0\")),\"\")","v":""},{"$f":"IF(A444<>\"\",SUMIFS(الحفظ!$D$5:$D$1000,الحفظ!$K$5:$K$1000,\"=\"&A444),\"\")","v":""},""]
[null,null,null,null,{"$f":"IF(A445<>\"\",SUMIFS(الحفظ!$B$5:$B$1000,الحفظ!$K$5:$K$1000,\"=\"&A445,الحفظ!$D$5:$D$1000,\">0\")/IF(SUMIFS(الحفظ!$D$5:$D$1000,الحفظ!$K$5:$K$1000,\"=\"&A445,الحفظ!$D$5:$D$1000,\">0\")=0,1,SUMIFS(الحفظ!$D$5:$D$1000,الحفظ!$K$5:$K$1000,\"=\"&A445,الحفظ!$D$5:$D$1000,\">0\")),\"\")","v":""},{"$f":"IF(A445<>\"\",SUMIFS(الحفظ!$D$5:$D$1000,الحفظ!$K$5:$K$1000,\"=\"&A445),\"\")","v":""},""]
[null,null,null,null,{"$f":"IF(A446<>\"\",SUMIFS(الحفظ!$B$5:$B$1000,الحفظ!$K$5:$K$1000,\"=\"&A446,الحفظ!$D$5:$D$1000,\">0\")/IF(SUMIFS(الحفظ!$D$5:$D$1000,الحفظ!$K$5:$K$1000,\"=\"&A446,الحفظ!$D$5:$D$1000,\">0\")=0,1,SUMIFS(الحفظ!$D$5:$D$1000,الحفظ!$K$5:$K$1000,\"=\"&A446,الحفظ!$D$5:$D$1000,\">0\")),\"\")","v":""},{"$f":"IF(A446<>\"\",SUMIFS(الحفظ!$D$5:$D$1000,الحفظ!$K$5:$K$1000,\"=\"&A446),\"\")","v":""},""]
[null,null,null,null,{"$f":"IF(A447<>\"\",SUMIFS(الحفظ!$B$5:$B$1000,الحفظ!$K$5:$K$1000,\"=\"&A447,الحفظ!$D$5:$D$1000,\">0\")/IF(SUMIFS(الحفظ!$D$5:$D$1000,الحفظ!$K$5:$K$1000,\"=\"&A447,الحفظ!$D$5:$D$1000,\">0\")=0,1,SUMIFS(الحفظ!$D$5:$D$1000,الحفظ!$K$5:$K$1000,\"=\"&A447,الحفظ!$D$5:$D$1000,\">0\")),\"\")","v":""},{"$f":"IF(A447<>\"\",SUMIFS(الحفظ!$D$5:$D$1000,الحفظ!$K$5:$K$1000,\"=\"&A447),\"\")","v":""},""]
[null,null,null,null,{"$f":"IF(A448<>\"\",SUMIFS(الحفظ!$B$5:$B$1000,الحفظ!$K$5:$K$1000,\"=\"&A448,الحفظ!$D$5:$D$1000,\">0\")/IF(SUMIFS(الحفظ!$D$5:$D$1000,الحفظ!$K$5:$K$1000,\"=\"&A448,الحفظ!$D$5:$D$1000,\">0\")=0,1,SUMIFS(الحفظ!$D$5:$D$1000,الحفظ!$K$5:$K$1000,\"=\"&A448,الحفظ!$D$5:$D$1000,\">0\")),\"\")","v":""},{"$f":"IF(A448<>\"\",SUMIFS(الحفظ!$D$5:$D$1000,الحفظ!$K$5:$K$1000,\"=\"&A448),\"\")","v":""},""]
[null,null,null,null,{"$f":"IF(A449<>\"\",SUMIFS(الحفظ!$B$5:$B$1000,الحفظ!$K$5:$K$1000,\"=\"&A449,الحفظ!$D$5:$D$1000,\">0\")/IF(SUMIFS(الحفظ!$D$5:$D$1000,الحفظ!$K$5:$K$1000,\"=\"&A449,الحفظ!$D$5:$D$1000,\">0\")=0,1,SUMIFS(الحفظ!$D$5:$D$1000,الحفظ!$K$5:$K$1000,\"=\"&A449,الحفظ!$D$5:$D$1000,\">0\")),\"\")","v":""},{"$f":"IF(A449<>\"\",SUMIFS(الحفظ!$D$5:$D$1000,الحفظ!$K$5:$K$1000,\"=\"&A449),\"\")","v":""},""]
[null,null,null,null,{"$f":"IF(A450<>\"\",SUMIFS(الحفظ!$B$5:$B$1000,الحفظ!$K$5:$K$1000,\"=\"&A450,الحفظ!$D$5:$D$1000,\">0\")/IF(SUMIFS(الحفظ!$D$5:$D$1000,الحفظ!$K$5:$K$1000,\"=\"&A450,الحفظ!$D$5:$D$1000,\">0\")=0,1,SUMIFS(الحفظ!$D$5:$D$1000,الحفظ!$K$5:$K$1000,\"=\"&A450,الحفظ!$D$5:$D$1000,\">0\")),\"\")","v":""},{"$f":"IF(A450<>\"\",SUMIFS(الحفظ!$D$5:$D$1000,الحفظ!$K$5:$K$1000,\"=\"&A450),\"\")","v":""},""]
[null,null,null,null,{"$f":"IF(A451<>\"\",SUMIFS(الحفظ!$B$5:$B$1000,الحفظ!$K$5:$K$1000,\"=\"&A451,الحفظ!$D$5:$D$1000,\">0\")/IF(SUMIFS(الحفظ!$D$5:$D$1000,الحفظ!$K$5:$K$1000,\"=\"&A451,الحفظ!$D$5:$D$1000,\">0\")=0,1,SUMIFS(الحفظ!$D$5:$D$1000,الحفظ!$K$5:$K$1000,\"=\"&A451,الحفظ!$D$5:$D$1000,\">0\")),\"\")","v":""},{"$f":"IF(A451<>\"\",SUMIFS(الحفظ!$D$5:$D$1000,الحفظ!$K$5:$K$1000,\"=\"&A451),\"\")","v":""},""]
[null,null,null,null,{"$f":"IF(A452<>\"\",SUMIFS(الحفظ!$B$5:$B$1000,الحفظ!$K$5:$K$1000,\"=\"&A452,الحفظ!$D$5:$D$1000,\">0\")/IF(SUMIFS(الحفظ!$D$5:$D$1000,الحفظ!$K$5:$K$1000,\"=\"&A452,الحفظ!$D$5:$D$1000,\">0\")=0,1,SUMIFS(الحفظ!$D$5:$D$1000,الحفظ!$K$5:$K$1000,\"=\"&A452,الحفظ!$D$5:$D$1000,\">0\")),\"\")","v":""},{"$f":"IF(A452<>\"\",SUMIFS(الحفظ!$D$5:$D$1000,الحفظ!$K$5:$K$1000,\"=\"&A452),\"\")","v":""},""]
[null,null,null,null,{"$f":"IF(A453<>\"\",SUMIFS(الحفظ!$B$5:$B$1000,الحفظ!$K$5:$K$1000,\"=\"&A453,الحفظ!$D$5:$D$1000,\">0\")/IF(SUMIFS(الحفظ!$D$5:$D$1000,الحفظ!$K$5:$K$1000,\"=\"&A453,الحفظ!$D$5:$D$1000,\">0\")=0,1,SUMIFS(الحفظ!$D$5:$D$1000,الحفظ!$K$5:$K$1000,\"=\"&A453,الحفظ!$D$5:$D$1000,\">0\")),\"\")","v":""},{"$f":"IF(A453<>\"\",SUMIFS(الحفظ!$D$5:$D$1000,الحفظ!$K$5:$K$1000,\"=\"&A453),\"\")","v":""},""]
[null,null,null,null,{"$f":"IF(A454<>\"\",SUMIFS(الحفظ!$B$5:$B$1000,الحفظ!$K$5:$K$1000,\"=\"&A454,الحفظ!$D$5:$D$1000,\">0\")/IF(SUMIFS(الحفظ!$D$5:$D$1000,الحفظ!$K$5:$K$1000,\"=\"&A454,الحفظ!$D$5:$D$1000,\">0\")=0,1,SUMIFS(الحفظ!$D$5:$D$1000,الحفظ!$K$5:$K$1000,\"=\"&A454,الحفظ!$D$5:$D$1000,\">0\")),\"\")","v":""},{"$f":"IF(A454<>\"\",SUMIFS(الحفظ!$D$5:$D$1000,الحفظ!$K$5:$K$1000,\"=\"&A454),\"\")","v":""},""]
[null,null,null,null,{"$f":"IF(A455<>\"\",SUMIFS(الحفظ!$B$5:$B$1000,الحفظ!$K$5:$K$1000,\"=\"&A455,الحفظ!$D$5:$D$1000,\">0\")/IF(SUMIFS(الحفظ!$D$5:$D$1000,الحفظ!$K$5:$K$1000,\"=\"&A455,الحفظ!$D$5:$D$1000,\">0\")=0,1,SUMIFS(الحفظ!$D$5:$D$1000,الحفظ!$K$5:$K$1000,\"=\"&A455,الحفظ!$D$5:$D$1000,\">0\")),\"\")","v":""},{"$f":"IF(A455<>\"\",SUMIFS(الحفظ!$D$5:$D$1000,الحفظ!$K$5:$K$1000,\"=\"&A455),\"\")","v":""},""]
[null,null,null,null,{"$f":"IF(A456<>\"\",SUMIFS(الحفظ!$B$5:$B$1000,الحفظ!$K$5:$K$1000,\"=\"&A456,الحفظ!$D$5:$D$1000,\">0\")/IF(SUMIFS(الحفظ!$D$5:$D$1000,الحفظ!$K$5:$K$1000,\"=\"&A456,الحفظ!$D$5:$D$1000,\">0\")=0,1,SUMIFS(الحفظ!$D$5:$D$1000,الحفظ!$K$5:$K$1000,\"=\"&A456,الحفظ!$D$5:$D$1000,\">0\")),\"\")","v":""},{"$f":"IF(A456<>\"\",SUMIFS(الحفظ!$D$5:$D$1000,الحفظ!$K$5:$K$1000,\"=\"&A456),\"\")","v":""},""]
[null,null,null,null,{"$f":"IF(A457<>\"\",SUMIFS(الحفظ!$B$5:$B$1000,الحفظ!$K$5:$K$1000,\"=\"&A457,الحفظ!$D$5:$D$1000,\">0\")/IF(SUMIFS(الحفظ!$D$5:$D$1000,الحفظ!$K$5:$K$1000,\"=\"&A457,الحفظ!$D$5:$D$1000,\">0\")=0,1,SUMIFS(الحفظ!$D$5:$D$1000,الحفظ!$K$5:$K$1000,\"=\"&A457,الحفظ!$D$5:$D$1000,\">0\")),\"\")","v":""},{"$f":"IF(A457<>\"\",SUMIFS(الحفظ!$D$5:$D$1000,الحفظ!$K$5:$K$1000,\"=\"&A457),\"\")","v":""},""]
[null,null,null,null,{"$f":"IF(A458<>\"\",SUMIFS(الحفظ!$B$5:$B$1000,الحفظ!$K$5:$K$1000,\"=\"&A458,الحفظ!$D$5:$D$1000,\">0\")/IF(SUMIFS(الحفظ!$D$5:$D$1000,الحفظ!$K$5:$K$1000,\"=\"&A458,الحفظ!$D$5:$D$1000,\">0\")=0,1,SUMIFS(الحفظ!$D$5:$D$1000,الحفظ!$K$5:$K$1000,\"=\"&A458,الحفظ!$D$5:$D$1000,\">0\")),\"\")","v":""},{"$f":"IF(A458<>\"\",SUMIFS(الحفظ!$D$5:$D$1000,الحفظ!$K$5:$K$1000,\"=\"&A458),\"\")","v":""},""]
[null,null,null,null,{"$f":"IF(A459<>\"\",SUMIFS(الحفظ!$B$5:$B$1000,الحفظ!$K$5:$K$1000,\"=\"&A459,الحفظ!$D$5:$D$1000,\">0\")/IF(SUMIFS(الحفظ!$D$5:$D$1000,الحفظ!$K$5:$K$1000,\"=\"&A459,الحفظ!$D$5:$D$1000,\">0\")=0,1,SUMIFS(الحفظ!$D$5:$D$1000,الحفظ!$K$5:$K$1000,\"=\"&A459,الحفظ!$D$5:$D$1000,\">0\")),\"\")","v":""},{"$f":"IF(A459<>\"\",SUMIFS(الحفظ!$D$5:$D$1000,الحفظ!$K$5:$K$1000,\"=\"&A459),\"\")","v":""},""]
[null,null,null,null,{"$f":"IF(A460<>\"\",SUMIFS(الحفظ!$B$5:$B$1000,الحفظ!$K$5:$K$1000,\"=\"&A460,الحفظ!$D$5:$D$1000,\">0\")/IF(SUMIFS(الحفظ!$D$5:$D$1000,الحفظ!$K$5:$K$1000,\"=\"&A460,الحفظ!$D$5:$D$1000,\">0\")=0,1,SUMIFS(الحفظ!$D$5:$D$1000,الحفظ!$K$5:$K$1000,\"=\"&A460,الحفظ!$D$5:$D$1000,\">0\")),\"\")","v":""},{"$f":"IF(A460<>\"\",SUMIFS(الحفظ!$D$5:$D$1000,الحفظ!$K$5:$K$1000,\"=\"&A460),\"\")","v":""},""]
[null,null,null,null,{"$f":"IF(A461<>\"\",SUMIFS(الحفظ!$B$5:$B$1000,الحفظ!$K$5:$K$1000,\"=\"&A461,الحفظ!$D$5:$D$1000,\">0\")/IF(SUMIFS(الحفظ!$D$5:$D$1000,الحفظ!$K$5:$K$1000,\"=\"&A461,الحفظ!$D$5:$D$1000,\">0\")=0,1,SUMIFS(الحفظ!$D$5:$D$1000,الحفظ!$K$5:$K$1000,\"=\"&A461,الحفظ!$D$5:$D$1000,\">0\")),\"\")","v":""},{"$f":"IF(A461<>\"\",SUMIFS(الحفظ!$D$5:$D$1000,الحفظ!$K$5:$K$1000,\"=\"&A461),\"\")","v":""},""]
[null,null,null,null,{"$f":"IF(A462<>\"\",SUMIFS(الحفظ!$B$5:$B$1000,الحفظ!$K$5:$K$1000,\"=\"&A462,الحفظ!$D$5:$D$1000,\">0\")/IF(SUMIFS(الحفظ!$D$5:$D$1000,الحفظ!$K$5:$K$1000,\"=\"&A462,الحفظ!$D$5:$D$1000,\">0\")=0,1,SUMIFS(الحفظ!$D$5:$D$1000,الحفظ!$K$5:$K$1000,\"=\"&A462,الحفظ!$D$5:$D$1000,\">0\")),\"\")","v":""},{"$f":"IF(A462<>\"\",SUMIFS(الحفظ!$D$5:$D$1000,الحفظ!$K$5:$K$1000,\"=\"&A462),\"\")","v":""},""]
[null,null,null,null,{"$f":"IF(A463<>\"\",SUMIFS(الحفظ!$B$5:$B$1000,الحفظ!$K$5:$K$1000,\"=\"&A463,الحفظ!$D$5:$D$1000,\">0\")/IF(SUMIFS(الحفظ!$D$5:$D$1000,الحفظ!$K$5:$K$1000,\"=\"&A463,الحفظ!$D$5:$D$1000,\">0\")=0,1,SUMIFS(الحفظ!$D$5:$D$1000,الحفظ!$K$5:$K$1000,\"=\"&A463,الحفظ!$D$5:$D$1000,\">0\")),\"\")","v":""},{"$f":"IF(A463<>\"\",SUMIFS(الحفظ!$D$5:$D$1000,الحفظ!$K$5:$K$1000,\"=\"&A463),\"\")","v":""},""]
[null,null,null,null,{"$f":"IF(A464<>\"\",SUMIFS(الحفظ!$B$5:$B$1000,الحفظ!$K$5:$K$1000,\"=\"&A464,الحفظ!$D$5:$D$1000,\">0\")/IF(SUMIFS(الحفظ!$D$5:$D$1000,الحفظ!$K$5:$K$1000,\"=\"&A464,الحفظ!$D$5:$D$1000,\">0\")=0,1,SUMIFS(الحفظ!$D$5:$D$1000,الحفظ!$K$5:$K$1000,\"=\"&A464,الحفظ!$D$5:$D$1000,\">0\")),\"\")","v":""},{"$f":"IF(A464<>\"\",SUMIFS(الحفظ!$D$5:$D$1000,الحفظ!$K$5:$K$1000,\"=\"&A464),\"\")","v":""},""]
[null,null,null,null,{"$f":"IF(A465<>\"\",SUMIFS(الحفظ!$B$5:$B$1000,الحفظ!$K$5:$K$1000,\"=\"&A465,الحفظ!$D$5:$D$1000,\">0\")/IF(SUMIFS(الحفظ!$D$5:$D$1000,الحفظ!$K$5:$K$1000,\"=\"&A465,الحفظ!$D$5:$D$1000,\">0\")=0,1,SUMIFS(الحفظ!$D$5:$D$1000,الحفظ!$K$5:$K$1000,\"=\"&A465,الحفظ!$D$5:$D$1000,\">0\")),\"\")","v":""},{"$f":"IF(A465<>\"\",SUMIFS(الحفظ!$D$5:$D$1000,الحفظ!$K$5:$K$1000,\"=\"&A465),\"\")","v":""},""]
[null,null,null,null,{"$f":"IF(A466<>\"\",SUMIFS(الحفظ!$B$5:$B$1000,الحفظ!$K$5:$K$1000,\"=\"&A466,الحفظ!$D$5:$D$1000,\">0\")/IF(SUMIFS(الحفظ!$D$5:$D$1000,الحفظ!$K$5:$K$1000,\"=\"&A466,الحفظ!$D$5:$D$1000,\">0\")=0,1,SUMIFS(الحفظ!$D$5:$D$1000,الحفظ!$K$5:$K$1000,\"=\"&A466,الحفظ!$D$5:$D$1000,\">0\")),\"\")","v":""},{"$f":"IF(A466<>\"\",SUMIFS(الحفظ!$D$5:$D$1000,الحفظ!$K$5:$K$1000,\"=\"&A466),\"\")","v":""},""]
[null,null,null,null,{"$f":"IF(A467<>\"\",SUMIFS(الحفظ!$B$5:$B$1000,الحفظ!$K$5:$K$1000,\"=\"&A467,الحفظ!$D$5:$D$1000,\">0\")/IF(SUMIFS(الحفظ!$D$5:$D$1000,الحفظ!$K$5:$K$1000,\"=\"&A467,الحفظ!$D$5:$D$1000,\">0\")=0,1,SUMIFS(الحفظ!$D$5:$D$1000,الحفظ!$K$5:$K$1000,\"=\"&A467,الحفظ!$D$5:$D$1000,\">0\")),\"\")","v":""},{"$f":"IF(A467<>\"\",SUMIFS(الحفظ!$D$5:$D$1000,الحفظ!$K$5:$K$1000,\"=\"&A467),\"\")","v":""},""]
[null,null,null,null,{"$f":"IF(A468<>\"\",SUMIFS(الحفظ!$B$5:$B$1000,الحفظ!$K$5:$K$1000,\"=\"&A468,الحفظ!$D$5:$D$1000,\">0\")/IF(SUMIFS(الحفظ!$D$5:$D$1000,الحفظ!$K$5:$K$1000,\"=\"&A468,الحفظ!$D$5:$D$1000,\">0\")=0,1,SUMIFS(الحفظ!$D$5:$D$1000,الحفظ!$K$5:$K$1000,\"=\"&A468,الحفظ!$D$5:$D$1000,\">0\")),\"\")","v":""},{"$f":"IF(A468<>\"\",SUMIFS(الحفظ!$D$5:$D$1000,الحفظ!$K$5:$K$1000,\"=\"&A468),\"\")","v":""},""]
[null,null,null,null,{"$f":"IF(A469<>\"\",SUMIFS(الحفظ!$B$5:$B$1000,الحفظ!$K$5:$K$1000,\"=\"&A469,الحفظ!$D$5:$D$1000,\">0\")/IF(SUMIFS(الحفظ!$D$5:$D$1000,الحفظ!$K$5:$K$1000,\"=\"&A469,الحفظ!$D$5:$D$1000,\">0\")=0,1,SUMIFS(الحفظ!$D$5:$D$1000,الحفظ!$K$5:$K$1000,\"=\"&A469,الحفظ!$D$5:$D$1000,\">0\")),\"\")","v":""},{"$f":"IF(A469<>\"\",SUMIFS(الحفظ!$D$5:$D$1000,الحفظ!$K$5:$K$1000,\"=\"&A469),\"\")","v":""},""]
[null,null,null,null,{"$f":"IF(A470<>\"\",SUMIFS(الحفظ!$B$5:$B$1000,الحفظ!$K$5:$K$1000,\"=\"&A470,الحفظ!$D$5:$D$1000,\">0\")/IF(SUMIFS(الحفظ!$D$5:$D$1000,الحفظ!$K$5:$K$1000,\"=\"&A470,الحفظ!$D$5:$D$1000,\">0\")=0,1,SUMIFS(الحفظ!$D$5:$D$1000,الحفظ!$K$5:$K$1000,\"=\"&A470,الحفظ!$D$5:$D$1000,\">0\")),\"\")","v":""},{"$f":"IF(A470<>\"\",SUMIFS(الحفظ!$D$5:$D$1000,الحفظ!$K$5:$K$1000,\"=\"&A470),\"\")","v":""},""]
[null,null,null,null,{"$f":"IF(A471<>\"\",SUMIFS(الحفظ!$B$5:$B$1000,الحفظ!$K$5:$K$1000,\"=\"&A471,الحفظ!$D$5:$D$1000,\">0\")/IF(SUMIFS(الحفظ!$D$5:$D$1000,الحفظ!$K$5:$K$1000,\"=\"&A471,الحفظ!$D$5:$D$1000,\">0\")=0,1,SUMIFS(الحفظ!$D$5:$D$1000,الحفظ!$K$5:$K$1000,\"=\"&A471,الحفظ!$D$5:$D$1000,\">0\")),\"\")","v":""},{"$f":"IF(A471<>\"\",SUMIFS(الحفظ!$D$5:$D$1000,الحفظ!$K$5:$K$1000,\"=\"&A471),\"\")","v":""},""]
[null,null,null,null,{"$f":"IF(A472<>\"\",SUMIFS(الحفظ!$B$5:$B$1000,الحفظ!$K$5:$K$1000,\"=\"&A472,الحفظ!$D$5:$D$1000,\">0\")/IF(SUMIFS(الحفظ!$D$5:$D$1000,الحفظ!$K$5:$K$1000,\"=\"&A472,الحفظ!$D$5:$D$1000,\">0\")=0,1,SUMIFS(الحفظ!$D$5:$D$1000,الحفظ!$K$5:$K$1000,\"=\"&A472,الحفظ!$D$5:$D$1000,\">0\")),\"\")","v":""},{"$f":"IF(A472<>\"\",SUMIFS(الحفظ!$D$5:$D$1000,الحفظ!$K$5:$K$1000,\"=\"&A472),\"\")","v":""},""]
[null,null,null,null,{"$f":"IF(A473<>\"\",SUMIFS(الحفظ!$B$5:$B$1000,الحفظ!$K$5:$K$1000,\"=\"&A473,الحفظ!$D$5:$D$1000,\">0\")/IF(SUMIFS(الحفظ!$D$5:$D$1000,الحفظ!$K$5:$K$1000,\"=\"&A473,الحفظ!$D$5:$D$1000,\">0\")=0,1,SUMIFS(الحفظ!$D$5:$D$1000,الحفظ!$K$5:$K$1000,\"=\"&A473,الحفظ!$D$5:$D$1000,\">0\")),\"\")","v":""},{"$f":"IF(A473<>\"\",SUMIFS(الحفظ!$D$5:$D$1000,الحفظ!$K$5:$K$1000,\"=\"&A473),\"\")","v":""},""]
[null,null,null,null,{"$f":"IF(A474<>\"\",SUMIFS(الحفظ!$B$5:$B$1000,الحفظ!$K$5:$K$1000,\"=\"&A474,الحفظ!$D$5:$D$1000,\">0\")/IF(SUMIFS(الحفظ!$D$5:$D$1000,الحفظ!$K$5:$K$1000,\"=\"&A474,الحفظ!$D$5:$D$1000,\">0\")=0,1,SUMIFS(الحفظ!$D$5:$D$1000,الحفظ!$K$5:$K$1000,\"=\"&A474,الحفظ!$D$5:$D$1000,\">0\")),\"\")","v":""},{"$f":"IF(A474<>\"\",SUMIFS(الحفظ!$D$5:$D$1000,الحفظ!$K$5:$K$1000,\"=\"&A474),\"\")","v":""},""]
[null,null,null,null,{"$f":"IF(A475<>\"\",SUMIFS(الحفظ!$B$5:$B$1000,الحفظ!$K$5:$K$1000,\"=\"&A475,الحفظ!$D$5:$D$1000,\">0\")/IF(SUMIFS(الحفظ!$D$5:$D$1000,الحفظ!$K$5:$K$1000,\"=\"&A475,الحفظ!$D$5:$D$1000,\">0\")=0,1,SUMIFS(الحفظ!$D$5:$D$1000,الحفظ!$K$5:$K$1000,\"=\"&A475,الحفظ!$D$5:$D$1000,\">0\")),\"\")","v":""},{"$f":"IF(A475<>\"\",SUMIFS(الحفظ!$D$5:$D$1000,الحفظ!$K$5:$K$1000,\"=\"&A475),\"\")","v":""},""]
[null,null,null,null,{"$f":"IF(A476<>\"\",SUMIFS(الحفظ!$B$5:$B$1000,الحفظ!$K$5:$K$1000,\"=\"&A476,الحفظ!$D$5:$D$1000,\">0\")/IF(SUMIFS(الحفظ!$D$5:$D$1000,الحفظ!$K$5:$K$1000,\"=\"&A476,الحفظ!$D$5:$D$1000,\">0\")=0,1,SUMIFS(الحفظ!$D$5:$D$1000,الحفظ!$K$5:$K$1000,\"=\"&A476,الحفظ!$D$5:$D$1000,\">0\")),\"\")","v":""},{"$f":"IF(A476<>\"\",SUMIFS(الحفظ!$D$5:$D$1000,الحفظ!$K$5:$K$1000,\"=\"&A476),\"\")","v":""},""]
[null,null,null,null,{"$f":"IF(A477<>\"\",SUMIFS(الحفظ!$B$5:$B$1000,الحفظ!$K$5:$K$1000,\"=\"&A477,الحفظ!$D$5:$D$1000,\">0\")/IF(SUMIFS(الحفظ!$D$5:$D$1000,الحفظ!$K$5:$K$1000,\"=\"&A477,الحفظ!$D$5:$D$1000,\">0\")=0,1,SUMIFS(الحفظ!$D$5:$D$1000,الحفظ!$K$5:$K$1000,\"=\"&A477,الحفظ!$D$5:$D$1000,\">0\")),\"\")","v":""},{"$f":"IF(A477<>\"\",SUMIFS(الحفظ!$D$5:$D$1000,الحفظ!$K$5:$K$1000,\"=\"&A477),\"\")","v":""},""]
[null,null,null,null,{"$f":"IF(A478<>\"\",SUMIFS(الحفظ!$B$5:$B$1000,الحفظ!$K$5:$K$1000,\"=\"&A478,الحفظ!$D$5:$D$1000,\">0\")/IF(SUMIFS(الحفظ!$D$5:$D$1000,الحفظ!$K$5:$K$1000,\"=\"&A478,الحفظ!$D$5:$D$1000,\">0\")=0,1,SUMIFS(الحفظ!$D$5:$D$1000,الحفظ!$K$5:$K$1000,\"=\"&A478,الحفظ!$D$5:$D$1000,\">0\")),\"\")","v":""},{"$f":"IF(A478<>\"\",SUMIFS(الحفظ!$D$5:$D$1000,الحفظ!$K$5:$K$1000,\"=\"&A478),\"\")","v":""},""]
[null,null,null,null,{"$f":"IF(A479<>\"\",SUMIFS(الحفظ!$B$5:$B$1000,الحفظ!$K$5:$K$1000,\"=\"&A479,الحفظ!$D$5:$D$1000,\">0\")/IF(SUMIFS(الحفظ!$D$5:$D$1000,الحفظ!$K$5:$K$1000,\"=\"&A479,الحفظ!$D$5:$D$1000,\">0\")=0,1,SUMIFS(الحفظ!$D$5:$D$1000,الحفظ!$K$5:$K$1000,\"=\"&A479,الحفظ!$D$5:$D$1000,\">0\")),\"\")","v":""},{"$f":"IF(A479<>\"\",SUMIFS(الحفظ!$D$5:$D$1000,الحفظ!$K$5:$K$1000,\"=\"&A479),\"\")","v":""},{"$f":"IF(A479<>\"\",F479*E479,\"\")","v":""}]
[null,null,null,null,{"$f":"IF(A480<>\"\",SUMIFS(الحفظ!$B$5:$B$1000,الحفظ!$K$5:$K$1000,\"=\"&A480,الحفظ!$D$5:$D$1000,\">0\")/IF(SUMIFS(الحفظ!$D$5:$D$1000,الحفظ!$K$5:$K$1000,\"=\"&A480,الحفظ!$D$5:$D$1000,\">0\")=0,1,SUMIFS(الحفظ!$D$5:$D$1000,الحفظ!$K$5:$K$1000,\"=\"&A480,الحفظ!$D$5:$D$1000,\">0\")),\"\")","v":""},{"$f":"IF(A480<>\"\",SUMIFS(الحفظ!$D$5:$D$1000,الحفظ!$K$5:$K$1000,\"=\"&A480),\"\")","v":""},""]
[null,null,null,null,{"$f":"IF(A481<>\"\",SUMIFS(الحفظ!$B$5:$B$1000,الحفظ!$K$5:$K$1000,\"=\"&A481,الحفظ!$D$5:$D$1000,\">0\")/IF(SUMIFS(الحفظ!$D$5:$D$1000,الحفظ!$K$5:$K$1000,\"=\"&A481,الحفظ!$D$5:$D$1000,\">0\")=0,1,SUMIFS(الحفظ!$D$5:$D$1000,الحفظ!$K$5:$K$1000,\"=\"&A481,الحفظ!$D$5:$D$1000,\">0\")),\"\")","v":""},{"$f":"IF(A481<>\"\",SUMIFS(الحفظ!$D$5:$D$1000,الحفظ!$K$5:$K$1000,\"=\"&A481),\"\")","v":""},""]
[null,null,null,null,{"$f":"IF(A482<>\"\",SUMIFS(الحفظ!$B$5:$B$1000,الحفظ!$K$5:$K$1000,\"=\"&A482,الحفظ!$D$5:$D$1000,\">0\")/IF(SUMIFS(الحفظ!$D$5:$D$1000,الحفظ!$K$5:$K$1000,\"=\"&A482,الحفظ!$D$5:$D$1000,\">0\")=0,1,SUMIFS(الحفظ!$D$5:$D$1000,الحفظ!$K$5:$K$1000,\"=\"&A482,الحفظ!$D$5:$D$1000,\">0\")),\"\")","v":""},{"$f":"IF(A482<>\"\",SUMIFS(الحفظ!$D$5:$D$1000,الحفظ!$K$5:$K$1000,\"=\"&A482),\"\")","v":""},""]
[null,null,null,null,{"$f":"IF(A483<>\"\",SUMIFS(الحفظ!$B$5:$B$1000,الحفظ!$K$5:$K$1000,\"=\"&A483,الحفظ!$D$5:$D$1000,\">0\")/IF(SUMIFS(الحفظ!$D$5:$D$1000,الحفظ!$K$5:$K$1000,\"=\"&A483,الحفظ!$D$5:$D$1000,\">0\")=0,1,SUMIFS(الحفظ!$D$5:$D$1000,الحفظ!$K$5:$K$1000,\"=\"&A483,الحفظ!$D$5:$D$1000,\">0\")),\"\")","v":""},{"$f":"IF(A483<>\"\",SUMIFS(الحفظ!$D$5:$D$1000,الحفظ!$K$5:$K$1000,\"=\"&A483),\"\")","v":""},""]
[null,null,null,null,{"$f":"IF(A484<>\"\",SUMIFS(الحفظ!$B$5:$B$1000,الحفظ!$K$5:$K$1000,\"=\"&A484,الحفظ!$D$5:$D$1000,\">0\")/IF(SUMIFS(الحفظ!$D$5:$D$1000,الحفظ!$K$5:$K$1000,\"=\"&A484,الحفظ!$D$5:$D$1000,\">0\")=0,1,SUMIFS(الحفظ!$D$5:$D$1000,الحفظ!$K$5:$K$1000,\"=\"&A484,الحفظ!$D$5:$D$1000,\">0\")),\"\")","v":""},{"$f":"IF(A484<>\"\",SUMIFS(الحفظ!$D$5:$D$1000,الحفظ!$K$5:$K$1000,\"=\"&A484),\"\")","v":""},""]
[null,null,null,null,{"$f":"IF(A485<>\"\",SUMIFS(الحفظ!$B$5:$B$1000,الحفظ!$K$5:$K$1000,\"=\"&A485,الحفظ!$D$5:$D$1000,\">0\")/IF(SUMIFS(الحفظ!$D$5:$D$1000,الحفظ!$K$5:$K$1000,\"=\"&A485,الحفظ!$D$5:$D$1000,\">0\")=0,1,SUMIFS(الحفظ!$D$5:$D$1000,الحفظ!$K$5:$K$1000,\"=\"&A485,الحفظ!$D$5:$D$1000,\">0\")),\"\")","v":""},{"$f":"IF(A485<>\"\",SUMIFS(الحفظ!$D$5:$D$1000,الحفظ!$K$5:$K$1000,\"=\"&A485),\"\")","v":""},""]
[null,null,null,null,{"$f":"IF(A486<>\"\",SUMIFS(الحفظ!$B$5:$B$1000,الحفظ!$K$5:$K$1000,\"=\"&A486,الحفظ!$D$5:$D$1000,\">0\")/IF(SUMIFS(الحفظ!$D$5:$D$1000,الحفظ!$K$5:$K$1000,\"=\"&A486,الحفظ!$D$5:$D$1000,\">0\")=0,1,SUMIFS(الحفظ!$D$5:$D$1000,الحفظ!$K$5:$K$1000,\"=\"&A486,الحفظ!$D$5:$D$1000,\">0\")),\"\")","v":""},{"$f":"IF(A486<>\"\",SUMIFS(الحفظ!$D$5:$D$1000,الحفظ!$K$5:$K$1000,\"=\"&A486),\"\")","v":""},""]
[null,null,null,null,{"$f":"IF(A487<>\"\",SUMIFS(الحفظ!$B$5:$B$1000,الحفظ!$K$5:$K$1000,\"=\"&A487,الحفظ!$D$5:$D$1000,\">0\")/IF(SUMIFS(الحفظ!$D$5:$D$1000,الحفظ!$K$5:$K$1000,\"=\"&A487,الحفظ!$D$5:$D$1000,\">0\")=0,1,SUMIFS(الحفظ!$D$5:$D$1000,الحفظ!$K$5:$K$1000,\"=\"&A487,الحفظ!$D$5:$D$1000,\">0\")),\"\")","v":""},{"$f":"IF(A487<>\"\",SUMIFS(الحفظ!$D$5:$D$1000,الحفظ!$K$5:$K$1000,\"=\"&A487),\"\")","v":""},""]
[null,null,null,null,{"$f":"IF(A488<>\"\",SUMIFS(الحفظ!$B$5:$B$1000,الحفظ!$K$5:$K$1000,\"=\"&A488,الحفظ!$D$5:$D$1000,\">0\")/IF(SUMIFS(الحفظ!$D$5:$D$1000,الحفظ!$K$5:$K$1000,\"=\"&A488,الحفظ!$D$5:$D$1000,\">0\")=0,1,SUMIFS(الحفظ!$D$5:$D$1000,الحفظ!$K$5:$K$1000,\"=\"&A488,الحفظ!$D$5:$D$1000,\">0\")),\"\")","v":""},{"$f":"IF(A488<>\"\",SUMIFS(الحفظ!$D$5:$D$1000,الحفظ!$K$5:$K$1000,\"=\"&A488),\"\")","v":""},""]
[null,null,null,null,{"$f":"IF(A489<>\"\",SUMIFS(الحفظ!$B$5:$B$1000,الحفظ!$K$5:$K$1000,\"=\"&A489,الحفظ!$D$5:$D$1000,\">0\")/IF(SUMIFS(الحفظ!$D$5:$D$1000,الحفظ!$K$5:$K$1000,\"=\"&A489,الحفظ!$D$5:$D$1000,\">0\")=0,1,SUMIFS(الحفظ!$D$5:$D$1000,الحفظ!$K$5:$K$1000,\"=\"&A489,الحفظ!$D$5:$D$1000,\">0\")),\"\")","v":""},{"$f":"IF(A489<>\"\",SUMIFS(الحفظ!$D$5:$D$1000,الحفظ!$K$5:$K$1000,\"=\"&A489),\"\")","v":""},""]
[null,null,null,null,{"$f":"IF(A490<>\"\",SUMIFS(الحفظ!$B$5:$B$1000,الحفظ!$K$5:$K$1000,\"=\"&A490,الحفظ!$D$5:$D$1000,\">0\")/IF(SUMIFS(الحفظ!$D$5:$D$1000,الحفظ!$K$5:$K$1000,\"=\"&A490,الحفظ!$D$5:$D$1000,\">0\")=0,1,SUMIFS(الحفظ!$D$5:$D$1000,الحفظ!$K$5:$K$1000,\"=\"&A490,الحفظ!$D$5:$D$1000,\">0\")),\"\")","v":""},{"$f":"IF(A490<>\"\",SUMIFS(الحفظ!$D$5:$D$1000,الحفظ!$K$5:$K$1000,\"=\"&A490),\"\")","v":""},""]
[null,null,null,null,{"$f":"IF(A491<>\"\",SUMIFS(الحفظ!$B$5:$B$1000,الحفظ!$K$5:$K$1000,\"=\"&A491,الحفظ!$D$5:$D$1000,\">0\")/IF(SUMIFS(الحفظ!$D$5:$D$1000,الحفظ!$K$5:$K$1000,\"=\"&A491,الحفظ!$D$5:$D$1000,\">0\")=0,1,SUMIFS(الحفظ!$D$5:$D$1000,الحفظ!$K$5:$K$1000,\"=\"&A491,الحفظ!$D$5:$D$1000,\">0\")),\"\")","v":""},{"$f":"IF(A491<>\"\",SUMIFS(الحفظ!$D$5:$D$1000,الحفظ!$K$5:$K$1000,\"=\"&A491),\"\")","v":""},""]
[null,null,null,null,{"$f":"IF(A492<>\"\",SUMIFS(الحفظ!$B$5:$B$1000,الحفظ!$K$5:$K$1000,\"=\"&A492,الحفظ!$D$5:$D$1000,\">0\")/IF(SUMIFS(الحفظ!$D$5:$D$1000,الحفظ!$K$5:$K$1000,\"=\"&A492,الحفظ!$D$5:$D$1000,\">0\")=0,1,SUMIFS(الحفظ!$D$5:$D$1000,الحفظ!$K$5:$K$1000,\"=\"&A492,الحفظ!$D$5:$D$1000,\">0\")),\"\")","v":""},{"$f":"IF(A492<>\"\",SUMIFS(الحفظ!$D$5:$D$1000,الحفظ!$K$5:$K$1000,\"=\"&A492),\"\")","v":""},""]
[null,null,null,null,{"$f":"IF(A493<>\"\",SUMIFS(الحفظ!$B$5:$B$1000,الحفظ!$K$5:$K$1000,\"=\"&A493,الحفظ!$D$5:$D$1000,\">0\")/IF(SUMIFS(الحفظ!$D$5:$D$1000,الحفظ!$K$5:$K$1000,\"=\"&A493,الحفظ!$D$5:$D$1000,\">0\")=0,1,SUMIFS(الحفظ!$D$5:$D$1000,الحفظ!$K$5:$K$1000,\"=\"&A493,الحفظ!$D$5:$D$1000,\">0\")),\"\")","v":""},{"$f":"IF(A493<>\"\",SUMIFS(الحفظ!$D$5:$D$1000,الحفظ!$K$5:$K$1000,\"=\"&A493),\"\")","v":""},""]
[null,null,null,null,{"$f":"IF(A494<>\"\",SUMIFS(الحفظ!$B$5:$B$1000,الحفظ!$K$5:$K$1000,\"=\"&A494,الحفظ!$D$5:$D$1000,\">0\")/IF(SUMIFS(الحفظ!$D$5:$D$1000,الحفظ!$K$5:$K$1000,\"=\"&A494,الحفظ!$D$5:$D$1000,\">0\")=0,1,SUMIFS(الحفظ!$D$5:$D$1000,الحفظ!$K$5:$K$1000,\"=\"&A494,الحفظ!$D$5:$D$1000,\">0\")),\"\")","v":""},{"$f":"IF(A494<>\"\",SUMIFS(الحفظ!$D$5:$D$1000,الحفظ!$K$5:$K$1000,\"=\"&A494),\"\")","v":""},""]
[null,null,null,null,{"$f":"IF(A495<>\"\",SUMIFS(الحفظ!$B$5:$B$1000,الحفظ!$K$5:$K$1000,\"=\"&A495,الحفظ!$D$5:$D$1000,\">0\")/IF(SUMIFS(الحفظ!$D$5:$D$1000,الحفظ!$K$5:$K$1000,\"=\"&A495,الحفظ!$D$5:$D$1000,\">0\")=0,1,SUMIFS(الحفظ!$D$5:$D$1000,الحفظ!$K$5:$K$1000,\"=\"&A495,الحفظ!$D$5:$D$1000,\">0\")),\"\")","v":""},{"$f":"IF(A495<>\"\",SUMIFS(الحفظ!$D$5:$D$1000,الحفظ!$K$5:$K$1000,\"=\"&A495),\"\")","v":""},""]
[null,null,null,null,{"$f":"IF(A496<>\"\",SUMIFS(الحفظ!$B$5:$B$1000,الحفظ!$K$5:$K$1000,\"=\"&A496,الحفظ!$D$5:$D$1000,\">0\")/IF(SUMIFS(الحفظ!$D$5:$D$1000,الحفظ!$K$5:$K$1000,\"=\"&A496,الحفظ!$D$5:$D$1000,\">0\")=0,1,SUMIFS(الحفظ!$D$5:$D$1000,الحفظ!$K$5:$K$1000,\"=\"&A496,الحفظ!$D$5:$D$1000,\">0\")),\"\")","v":""},{"$f":"IF(A496<>\"\",SUMIFS(الحفظ!$D$5:$D$1000,الحفظ!$K$5:$K$1000,\"=\"&A496),\"\")","v":""},""]
[null,null,null,null,{"$f":"IF(A497<>\"\",SUMIFS(الحفظ!$B$5:$B$1000,الحفظ!$K$5:$K$1000,\"=\"&A497,الحفظ!$D$5:$D$1000,\">0\")/IF(SUMIFS(الحفظ!$D$5:$D$1000,الحفظ!$K$5:$K$1000,\"=\"&A497,الحفظ!$D$5:$D$1000,\">0\")=0,1,SUMIFS(الحفظ!$D$5:$D$1000,الحفظ!$K$5:$K$1000,\"=\"&A497,الحفظ!$D$5:$D$1000,\">0\")),\"\")","v":""},{"$f":"IF(A497<>\"\",SUMIFS(الحفظ!$D$5:$D$1000,الحفظ!$K$5:$K$1000,\"=\"&A497),\"\")","v":""},""]
[null,null,null,null,{"$f":"IF(A498<>\"\",SUMIFS(الحفظ!$B$5:$B$1000,الحفظ!$K$5:$K$1000,\"=\"&A498,الحفظ!$D$5:$D$1000,\">0\")/IF(SUMIFS(الحفظ!$D$5:$D$1000,الحفظ!$K$5:$K$1000,\"=\"&A498,الحفظ!$D$5:$D$1000,\">0\")=0,1,SUMIFS(الحفظ!$D$5:$D$1000,الحفظ!$K$5:$K$1000,\"=\"&A498,الحفظ!$D$5:$D$1000,\">0\")),\"\")","v":""},{"$f":"IF(A498<>\"\",SUMIFS(الحفظ!$D$5:$D$1000,الحفظ!$K$5:$K$1000,\"=\"&A498),\"\")","v":""},""]
[null,null,null,null,{"$f":"IF(A499<>\"\",SUMIFS(الحفظ!$B$5:$B$1000,الحفظ!$K$5:$K$1000,\"=\"&A499,الحفظ!$D$5:$D$1000,\">0\")/IF(SUMIFS(الحفظ!$D$5:$D$1000,الحفظ!$K$5:$K$1000,\"=\"&A499,الحفظ!$D$5:$D$1000,\">0\")=0,1,SUMIFS(الحفظ!$D$5:$D$1000,الحفظ!$K$5:$K$1000,\"=\"&A499,الحفظ!$D$5:$D$1000,\">0\")),\"\")","v":""},{"$f":"IF(A499<>\"\",SUMIFS(الحفظ!$D$5:$D$1000,الحفظ!$K$5:$K$1000,\"=\"&A499),\"\")","v":""},""]
[null,null,null,null,{"$f":"IF(A500<>\"\",SUMIFS(الحفظ!$B$5:$B$1000,الحفظ!$K$5:$K$1000,\"=\"&A500,الحفظ!$D$5:$D$1000,\">0\")/IF(SUMIFS(الحفظ!$D$5:$D$1000,الحفظ!$K$5:$K$1000,\"=\"&A500,الحفظ!$D$5:$D$1000,\">0\")=0,1,SUMIFS(الحفظ!$D$5:$D$1000,الحفظ!$K$5:$K$1000,\"=\"&A500,الحفظ!$D$5:$D$1000,\">0\")),\"\")","v":""},{"$f":"IF(A500<>\"\",SUMIFS(الحفظ!$D$5:$D$1000,الحفظ!$K$5:$K$1000,\"=\"&A500),\"\")","v":""},""]

{"sheet":"الحفظ","index":4,"n_rows":34,"n_cols":20,"rows_kept":34,"cut":false,"hidden":false,"merged":[[1,1,1,12],[2,1,2,12]]}
[null,null,null,null,null,null,null,null,null,null,null,null,null,null,null,0,0]
[null,null,null,null,null,null,null,null,null,null,null,null,null,null,null,{"$f":"MAX(M5:M1002,P1)+1","v":1},{"$f":"MAX(L5:L1002,Q1)+1","v":1},null,null,{"$f":"COUNTIF(H5:H1000,H5)","v":30}]
[null,"ITEMES MOVEMENT DETAILS",null,null,null,null,null,null,null,null,null,null,null,null,null,{"$f":"COUNTA(J5:J10002)","v":30},{"$f":"COUNTA(J5:J10002)","v":30}]
[null,"T.PRICE","U.PRICE","QTY","UNIT","DESCRIPTION ","DEPARTMENT","INVOICE No.","SUPPLIER / WAREHOUSE","DATE","ITEM No.","DOC. OUT No.","DOC. IN No."]
[null,0,10,0,"PIECE","رقبة تركي سوفت S",null,"O/B","Aurafix","2021-12-01",1]
[null,0,11,0,"PIECE","رقبة تركي سوفت M",null,"O/B","Aurafix","2021-12-01",2]
[null,0,12,0,"PIECE","رقبة تركي سوفت L",null,"O/B","Aurafix","2021-12-01",3]
[null,26,13,2,"PIECE","رقبة تركي هارد S",null,"O/B","Aurafix","2021-12-01",4]
[null,98,14,7,"PIECE","رقبة تركي هارد M",null,"O/B","Aurafix","2021-12-01",5]
[null,120,15,8,"PIECE","رقبة تركي هارد L",null,"O/B","Aurafix","2021-12-01",6]
[null,16,16,1,"PIECE","رقبة تركي 921 L",null,"O/B","Aurafix","2021-12-01",7]
[null,17,17,1,"PIECE","رقبة تركي بلاستيك S",null,"O/B","Aurafix","2021-12-01",8]
[null,0,18,0,"PIECE","رقبة تركي بلاستيك M",null,"O/B","Aurafix","2021-12-01",9]
[null,0,19,0,"PIECE","رقبة تركي بلاستيك L",null,"O/B","Aurafix","2021-12-01",10]
[null,0,20,0,"PIECE","رقبة تركي أدجاستبل S",null,"O/B","Aurafix","2021-12-01",11]
[null,84,21,4,"PIECE","رقبة تركي أدجاستبل M",null,"O/B","Aurafix","2021-12-01",12]
[null,66,22,3,"PIECE","رقبة تركي أدجاستيل L",null,"O/B","Aurafix","2021-12-01",13]
[null,23,23,1,"PIECE","رقبة مفتوحة من القصبة الهوائية S",null,"O/B","Aurafix","2021-12-01",14]
[null,0,24,0,"PIECE","رقبة مفتوحة من القصبة الهوائية M",null,"O/B","Aurafix","2021-12-01",15]
[null,25,25,1,"PIECE","رقبة مفتوحة من القصبة الهوائية L",null,"O/B","Aurafix","2021-12-01",16]
[null,312,26,12,"PIECE","ريست بدون أصبع أورافيكس R",null,"O/B","Aurafix","2021-12-01",17]
[null,621,27,23,"PIECE","ريست بدون أصبع أورافيكس L",null,"O/B","Aurafix","2021-12-01",18]
[null,532,28,19,"PIECE","ريست بالأصبع أورافيكس R",null,"O/B","Aurafix","2021-12-01",19]
[null,638,29,22,"PIECE","ريست بالأصبع أورافيكس L",null,"O/B","Aurafix","2021-12-01",20]
[null,90,30,3,"PIECE","ماسك جارد S",null,"O/B","Aurafix","2021-12-01",21]
[null,93,31,3,"PIECE","ماسك جارد M",null,"O/B","Aurafix","2021-12-01",22]
[null,0,32,0,"PIECE","ماسك جارد L",null,"O/B","Aurafix","2021-12-01",23]
[null,264,33,8,"PIECE","مثبت أصبع 612 M",null,"O/B","Aurafix","2021-12-01",24]
[null,102,34,3,"PIECE","مثبت أصبع 612 L",null,"O/B","Aurafix","2021-12-01",25]
[null,0,35,0,"PIECE","ركبة 111 S",null,"O/B","Aurafix","2021-12-01",26]
[null,144,36,4,"PIECE","ركبة 111 M",null,"O/B","Aurafix","2021-12-01",27]
[null,148,37,4,"PIECE","ركبة 111 L",null,"O/B","Aurafix","2021-12-01",28]
[null,152,38,4,"PIECE","ركبة 111 XL",null,"O/B","Aurafix","2021-12-01",29]
[null,156,39,4,"PIECE","ركبة 111 XXL",null,"O/B","Aurafix","2021-12-01",30]

{"sheet":"Search (2)","index":5,"n_rows":4,"n_cols":12,"rows_kept":4,"cut":false,"hidden":false,"merged":[[0,4,0,6],[1,4,1,6]]}
[]
[null,null,null,null,"bin"]
[]
["T.PRICE","U.PRICE","QTY","UNIT","DESCRIPTION ","DEPARTMENT","INVOICE No.","SUPPLIER / WAREHOUSE","DATE","ITEM No.","DOC. OUT No.","DOC. IN No."]

{"sheet":"SEARCH","index":6,"n_rows":4005,"n_cols":17,"rows_kept":4005,"cut":false,"hidden":false,"merged":[[1,1,1,12]]}
[null,null,null,null,null,null,null,null,null,null,null,null,null,null,null,1000,5000]
[null,"SEARCH FOR ANY DATA BY ANY CRITERIA",null,null,null,null,null,null,null,null,null,null,null,null,null,{"$f":"MAX(M5:M1002,P1)+1","v":1001},{"$f":"MAX(L5:L1002,Q1)+1","v":5001}]
[null,null,null,null,null,null,null,null,null,null,null,null,null,null,null,{"$f":"COUNTA(J5:J10002)","v":0},{"$f":"COUNTA(J5:J10002)","v":0}]
[null,"T.PRICE","U.PRICE","QTY","UNIT","DESCRIPTION ","DEPARTMENT","INV.  No.","SUPPLIER","Date","ITEM No.","DOC. OUT No.","DOC. IN No."]
[null,null,null,null,null,null,null,null,null,null,null,null,null,null,null,1001,5001]
[null,null,null,null,null,null,null,null,null,null,null,null,null,null,null,1002,5002]
[null,null,null,null,null,null,null,null,null,null,null,null,null,null,null,1003]
[null,null,null,null,null,null,null,null,null,null,null,null,null,null,null,1004]
[null,null,null,null,null,null,null,null,null,null,null,null,null,null,null,1005]
[null,null,null,null,null,null,null,null,null,null,null,null,null,null,null,1006]
[]
[]
[]
[]
[]
[]
[]
[]
[]
[]
[]
[]
[]
[]
[]
[]
[]
[]
[]
[]
[]
[]
[]
[]
[]
[]
[]
[]
[]
[]
[]
[]
[]
[]
[]
[]
[]
[]
[]
[]
[]
[]
[]
[]
[]
[]
[]
[]
[]
[]
[]
[]
[]
[]
[]
[]
[]
[]
[]
[]
[]
[]
[]
[]
[]
[]
[]
[]
[]
[]
[]
[]
[]
[]
[]
[]
[]
[]
[]
[]
[]
[]
[]
[]
[]
[]
[]
[]
[]
[]
[]
[]
[]
[]
[]
[]
[]
[]
[]
[]
[]
[]
[]
[]
[]
[]
[]
[]
[]
[]
[]
[]
[]
[]
[]
[]
[]
[]
[]
[]
[]
[]
[]
[]
[]
[]
[]
[]
[]
[]
[]
[]
[]
[]
[]
[]
[]
[]
[]
[]
[]
[]
[]
[]
[]
[]
[]
[]
[]
[]
[]
[]
[]
[]
[]
[]
[]
[]
[]
[]
[]
[]
[]
[]
[]
[]
[]
[]
[]
[]
[]
[]
[]
[]
[]
[]
[]
[]
[]
[]
[]
[]
[]
[]
[]
[]
[]
[]
[]
[]
[]
[]
[]
[]
[]
[]
[]
[]
[]
[]
[]
[]
[]
[]
[]
[]
[]
[]
[]
[]
[]
[]
[]
[]
[]
[]
[]
[]
[]
[]
[]
[]
[]
[]
[]
[]
[]
[]
[]
[]
[]
[]
[]
[]
[]
[]
[]
[]
[]
[]
[]
[]
[]
[]
[]
[]
[]
[]
[]
[]
[]
[]
[]
[]
[]
[]
[]
[]
[]
[]
[]
[]
[]
[]
[]
[]
[]
[]
[]
[]
[]
[]
[]
[]
[]
[]
[]
[]
[]
[]
[]
[]
[]
[]
[]
[]
[]
[]
[]
[]
[]
[]
[]
[]
[]
[]
[]
[]
[]
[]
[]
[]
[]
[]
[]
[]
[]
[]
[]
[]
[]
[]
[]
[]
[]
[]
[]
[]
[]
[]
[]
[]
[]
[]
[]
[]
[]
[]
[]
[]
[]
[]
[]
[]
[]
[]
[]
[]
[]
[]
[]
[]
[]
[]
[]
[]
[]
[]
[]
[]
[]
[]
[]
[]
[]
[]
[]
[]
[]
[]
[]
[]
[]
[]
[]
[]
[]
[]
[]
[]
[]
[]
[]
[]
[]
[]
[]
[]
[]
[]
[]
[]
[]
[]
[]
[]
[]
[]
[]
[]
[]
[]
[]
[]
[]
[]
[]
[]
[]
[]
[]
[]
[]
[]
[]
[]
[]
[]
[]
[]
[]
[]
[]
[]
[]
[]
[]
[]
[]
[]
[]
[]
[]
[]
[]
[]
[]
[]
[]
[]
[]
[]
[]
[]
[]
[]
[]
[]
[]
[]
[]
[]
[]
[]
[]
[]
[]
[]
[]
[]
[]
[]
[]
[]
[]
[]
[]
[]
[]
[]
[]
[]
[]
[]
[]
[]
[]
[]
[]
[]
[]
[]
[]
[]
[]
[]
[]
[]
[]
[]
[]
[]
[]
[]
[]
[]
[]
[]
[]
[]
[null,{"$f":"SUMIF(M5:M500,\">0\",B5:B500)-SUMIF(L5:L500,\">0\",B5:B500)","v":0},{"$f":"B501/D501","v":{"$error":"#DIV/0!"}},{"$f":"SUM(D5:D500)","v":0}]
[]
[]
[]
[]
[]
[]
[]
[]
[]
[]
[]
[]
[]
[]
[]
[]
[]
[]
[]
[]
[]
[]
[]
[]
[]
[]
[]
[]
[]
[]
[]
[]
[]
[]
[]
[]
[]
[]
[]
[]
[]
[]
[]
[]
[]
[]
[]
[]
[]
[]
[]
[]
[]
[]
[]
[]
[]
[]
[]
[]
[]
[]
[]
[]
[]
[]
[]
[]
[]
[]
[]
[]
[]
[]
[]
[]
[]
[]
[]
[]
[]
[]
[]
[]
[]
[]
[]
[]
[]
[]
[]
[]
[]
[]
[]
[]
[]
[]
[]
[]
[]
[]
[]
[]
[]
[]
[]
[]
[]
[]
[]
[]
[]
[]
[]
[]
[]
[]
[]
[]
[]
[]
[]
[]
[]
[]
[]
[]
[]
[]
[]
[]
[]
[]
[]
[]
[]
[]
[]
[]
[]
[]
[]
[]
[]
[]
[]
[]
[]
[]
[]
[]
[]
[]
[]
[]
[]
[]
[]
[]
[]
[]
[]
[]
[]
[]
[]
[]
[]
[]
[]
[]
[]
[]
[]
[]
[]
[]
[]
[]
[]
[]
[]
[]
[]
[]
[]
[]
[]
[]
[]
[]
[]
[]
[]
[]
[]
[]
[]
[]
[]
[]
[]
[]
[]
[]
[]
[]
[]
[]
[]
[]
[]
[]
[]
[]
[]
[]
[]
[]
[]
[]
[]
[]
[]
[]
[]
[]
[]
[]
[]
[]
[]
[]
[]
[]
[]
[]
[]
[]
[]
[]
[]
[]
[]
[]
[]
[]
[]
[]
[]
[]
[]
[]
[]
[]
[]
[]
[]
[]
[]
[]
[]
[]
[]
[]
[]
[]
[]
[]
[]
[]
[]
[]
[]
[]
[]
[]
[]
[]
[]
[]
[]
[]
[]
[]
[]
[]
[]
[]
[]
[]
[]
[]
[]
[]
[]
[]
[]
[]
[]
[]
[]
[]
[]
[]
[]
[]
[]
[]
[]
[]
[]
[]
[]
[]
[]
[]
[]
[]
[]
[]
[]
[]
[]
[]
[]
[]
[]
[]
[]
[]
[]
[]
[]
[]
[]
[]
[]
[]
[]
[]
[]
[]
[]
[]
[]
[]
[]
[]
[]
[]
[]
[]
[]
[]
[]
[]
[]
[]
[]
[]
[]
[]
[]
[]
[]
[]
[]
[]
[]
[]
[]
[]
[]
[]
[]
[]
[]
[]
[]
[]
[]
[]
[]
[]
[]
[]
[]
[]
[]
[]
[]
[]
[]
[]
[]
[]
[]
[]
[]
[]
[]
[]
[]
[]
[]
[]
[]
[]
[]
[]
[]
[]
[]
[]
[]
[]
[]
[]
[]
[]
[]
[]
[]
[]
[]
[]
[]
[]
[]
[]
[]
[]
[]
[]
[]
[]
[]
[]
[]
[]
[]
[]
[]
[]
[]
[]
[]
[]
[]
[]
[]
[]
[]
[]
[]
[]
[]
[]
[]
[]
[]
[]
[]
[]
[]
[]
[]
[]
[]
[]
[]
[]
[]
[]
[]
[]
[]
[]
[]
[]
[]
[]
[]
[]
[]
[]
[]
[]
[]
[]
[]
[]
[]
[]
[]
[]
[]
[null,null,null,null,null,null,null,null,null,null,null,null,null,null,null,null,1997]
[null,null,null,null,null,null,null,null,null,null,null,null,null,null,null,null,1998]
[null,null,null,null,null,null,null,null,null,null,null,null,null,null,null,null,1999]
[null,null,null,null,null,null,null,null,null,null,null,null,null,null,null,null,2000]
[null,null,null,null,null,null,null,null,null,null,null,null,null,null,null,null,2001]
[null,null,null,null,null,null,null,null,null,null,null,null,null,null,null,null,2002]
[null,null,null,null,null,null,null,null,null,null,null,null,null,null,null,null,2003]
[null,null,null,null,null,null,null,null,null,null,null,null,null,null,null,null,2004]
[null,null,null,null,null,null,null,null,null,null,null,null,null,null,null,null,2005]
[null,null,null,null,null,null,null,null,null,null,null,null,null,null,null,null,2006]
[null,null,null,null,null,null,null,null,null,null,null,null,null,null,null,null,2007]
[null,null,null,null,null,null,null,null,null,null,null,null,null,null,null,null,2008]
[null,null,null,null,null,null,null,null,null,null,null,null,null,null,null,null,2009]
[null,null,null,null,null,null,null,null,null,null,null,null,null,null,null,null,2010]
[null,null,null,null,null,null,null,null,null,null,null,null,null,null,null,null,2011]
[null,null,null,null,null,null,null,null,null,null,null,null,null,null,null,null,2012]
[null,null,null,null,null,null,null,null,null,null,null,null,null,null,null,null,2013]
[null,null,null,null,null,null,null,null,null,null,null,null,null,null,null,null,2014]
[null,null,null,null,null,null,null,null,null,null,null,null,null,null,null,null,2015]
[null,null,null,null,null,null,null,null,null,null,null,null,null,null,null,null,2016]
[null,null,null,null,null,null,null,null,null,null,null,null,null,null,null,null,2017]
[null,null,null,null,null,null,null,null,null,null,null,null,null,null,null,null,2018]
[null,null,null,null,null,null,null,null,null,null,null,null,null,null,null,null,2019]
[null,null,null,null,null,null,null,null,null,null,null,null,null,null,null,null,2020]
[null,null,null,null,null,null,null,null,null,null,null,null,null,null,null,null,2021]
[null,null,null,null,null,null,null,null,null,null,null,null,null,null,null,null,2022]
[null,null,null,null,null,null,null,null,null,null,null,null,null,null,null,null,2023]
[null,null,null,null,null,null,null,null,null,null,null,null,null,null,null,null,2024]
[null,null,null,null,null,null,null,null,null,null,null,null,null,null,null,null,2025]
[null,null,null,null,null,null,null,null,null,null,null,null,null,null,null,null,2026]
[null,null,null,null,null,null,null,null,null,null,null,null,null,null,null,null,2027]
[null,null,null,null,null,null,null,null,null,null,null,null,null,null,null,null,2028]
[null,null,null,null,null,null,null,null,null,null,null,null,null,null,null,null,2029]
[null,null,null,null,null,null,null,null,null,null,null,null,null,null,null,null,2030]
[null,null,null,null,null,null,null,null,null,null,null,null,null,null,null,null,2031]
[null,null,null,null,null,null,null,null,null,null,null,null,null,null,null,null,2032]
[null,null,null,null,null,null,null,null,null,null,null,null,null,null,null,null,2033]
[null,null,null,null,null,null,null,null,null,null,null,null,null,null,null,null,2034]
[null,null,null,null,null,null,null,null,null,null,null,null,null,null,null,null,2035]
[null,null,null,null,null,null,null,null,null,null,null,null,null,null,null,null,2036]
[null,null,null,null,null,null,null,null,null,null,null,null,null,null,null,null,2037]
[null,null,null,null,null,null,null,null,null,null,null,null,null,null,null,null,2038]
[null,null,null,null,null,null,null,null,null,null,null,null,null,null,null,null,2039]
[null,null,null,null,null,null,null,null,null,null,null,null,null,null,null,null,2040]
[null,null,null,null,null,null,null,null,null,null,null,null,null,null,null,null,2041]
[null,null,null,null,null,null,null,null,null,null,null,null,null,null,null,null,2042]
[null,null,null,null,null,null,null,null,null,null,null,null,null,null,null,null,2043]
[null,null,null,null,null,null,null,null,null,null,null,null,null,null,null,null,2044]
[null,null,null,null,null,null,null,null,null,null,null,null,null,null,null,null,2045]
[null,null,null,null,null,null,null,null,null,null,null,null,null,null,null,null,2046]
[null,null,null,null,null,null,null,null,null,null,null,null,null,null,null,null,2047]
[null,null,null,null,null,null,null,null,null,null,null,null,null,null,null,null,2048]
[null,null,null,null,null,null,null,null,null,null,null,null,null,null,null,null,2049]
[null,null,null,null,null,null,null,null,null,null,null,null,null,null,null,null,2050]
[null,null,null,null,null,null,null,null,null,null,null,null,null,null,null,null,2051]
[null,null,null,null,null,null,null,null,null,null,null,null,null,null,null,null,2052]
[null,null,null,null,null,null,null,null,null,null,null,null,null,null,null,null,2053]
[null,null,null,null,null,null,null,null,null,null,null,null,null,null,null,null,2054]
[null,null,null,null,null,null,null,null,null,null,null,null,null,null,null,null,2055]
[null,null,null,null,null,null,null,null,null,null,null,null,null,null,null,null,2056]
[null,null,null,null,null,null,null,null,null,null,null,null,null,null,null,null,2057]
[null,null,null,null,null,null,null,null,null,null,null,null,null,null,null,null,2058]
[null,null,null,null,null,null,null,null,null,null,null,null,null,null,null,null,2059]
[null,null,null,null,null,null,null,null,null,null,null,null,null,null,null,null,2060]
[null,null,null,null,null,null,null,null,null,null,null,null,null,null,null,null,2061]
[null,null,null,null,null,null,null,null,null,null,null,null,null,null,null,null,2062]
[null,null,null,null,null,null,null,null,null,null,null,null,null,null,null,null,2063]
[null,null,null,null,null,null,null,null,null,null,null,null,null,null,null,null,2064]
[null,null,null,null,null,null,null,null,null,null,null,null,null,null,null,null,2065]
[null,null,null,null,null,null,null,null,null,null,null,null,null,null,null,null,2066]
[null,null,null,null,null,null,null,null,null,null,null,null,null,null,null,null,2067]
[null,null,null,null,null,null,null,null,null,null,null,null,null,null,null,null,2068]
[null,null,null,null,null,null,null,null,null,null,null,null,null,null,null,null,2069]
[null,null,null,null,null,null,null,null,null,null,null,null,null,null,null,null,2070]
[null,null,null,null,null,null,null,null,null,null,null,null,null,null,null,null,2071]
[null,null,null,null,null,null,null,null,null,null,null,null,null,null,null,null,2072]
[null,null,null,null,null,null,null,null,null,null,null,null,null,null,null,null,2073]
[null,null,null,null,null,null,null,null,null,null,null,null,null,null,null,null,2074]
[null,null,null,null,null,null,null,null,null,null,null,null,null,null,null,null,2075]
[null,null,null,null,null,null,null,null,null,null,null,null,null,null,null,null,2076]
[null,null,null,null,null,null,null,null,null,null,null,null,null,null,null,null,2077]
[null,null,null,null,null,null,null,null,null,null,null,null,null,null,null,null,2078]
[null,null,null,null,null,null,null,null,null,null,null,null,null,null,null,null,2079]
[null,null,null,null,null,null,null,null,null,null,null,null,null,null,null,null,2080]
[null,null,null,null,null,null,null,null,null,null,null,null,null,null,null,null,2081]
[null,null,null,null,null,null,null,null,null,null,null,null,null,null,null,null,2082]
[null,null,null,null,null,null,null,null,null,null,null,null,null,null,null,null,2083]
[null,null,null,null,null,null,null,null,null,null,null,null,null,null,null,null,2084]
[null,null,null,null,null,null,null,null,null,null,null,null,null,null,null,null,2085]
[null,null,null,null,null,null,null,null,null,null,null,null,null,null,null,null,2086]
[null,null,null,null,null,null,null,null,null,null,null,null,null,null,null,null,2087]
[null,null,null,null,null,null,null,null,null,null,null,null,null,null,null,null,2088]
[null,null,null,null,null,null,null,null,null,null,null,null,null,null,null,null,2089]
[null,null,null,null,null,null,null,null,null,null,null,null,null,null,null,null,2090]
[null,null,null,null,null,null,null,null,null,null,null,null,null,null,null,null,2091]
[null,null,null,null,null,null,null,null,null,null,null,null,null,null,null,null,2092]
[null,null,null,null,null,null,null,null,null,null,null,null,null,null,null,null,2093]
[null,null,null,null,null,null,null,null,null,null,null,null,null,null,null,null,2094]
[null,null,null,null,null,null,null,null,null,null,null,null,null,null,null,null,2095]
[null,null,null,null,null,null,null,null,null,null,null,null,null,null,null,null,2096]
[null,null,null,null,null,null,null,null,null,null,null,null,null,null,null,null,2097]
[null,null,null,null,null,null,null,null,null,null,null,null,null,null,null,null,2098]
[null,null,null,null,null,null,null,null,null,null,null,null,null,null,null,null,2099]
[null,null,null,null,null,null,null,null,null,null,null,null,null,null,null,null,2100]
[null,null,null,null,null,null,null,null,null,null,null,null,null,null,null,null,2101]
[null,null,null,null,null,null,null,null,null,null,null,null,null,null,null,null,2102]
[null,null,null,null,null,null,null,null,null,null,null,null,null,null,null,null,2103]
[null,null,null,null,null,null,null,null,null,null,null,null,null,null,null,null,2104]
[null,null,null,null,null,null,null,null,null,null,null,null,null,null,null,null,2105]
[null,null,null,null,null,null,null,null,null,null,null,null,null,null,null,null,2106]
[null,null,null,null,null,null,null,null,null,null,null,null,null,null,null,null,2107]
[null,null,null,null,null,null,null,null,null,null,null,null,null,null,null,null,2108]
[null,null,null,null,null,null,null,null,null,null,null,null,null,null,null,null,2109]
[null,null,null,null,null,null,null,null,null,null,null,null,null,null,null,null,2110]
[null,null,null,null,null,null,null,null,null,null,null,null,null,null,null,null,2111]
[null,null,null,null,null,null,null,null,null,null,null,null,null,null,null,null,2112]
[null,null,null,null,null,null,null,null,null,null,null,null,null,null,null,null,2113]
[null,null,null,null,null,null,null,null,null,null,null,null,null,null,null,null,2114]
[null,null,null,null,null,null,null,null,null,null,null,null,null,null,null,null,2115]
[null,null,null,null,null,null,null,null,null,null,null,null,null,null,null,null,2116]
[null,null,null,null,null,null,null,null,null,null,null,null,null,null,null,null,2117]
[null,null,null,null,null,null,null,null,null,null,null,null,null,null,null,null,2118]
[null,null,null,null,null,null,null,null,null,null,null,null,null,null,null,null,2119]
[null,null,null,null,null,null,null,null,null,null,null,null,null,null,null,null,2120]
[null,null,null,null,null,null,null,null,null,null,null,null,null,null,null,null,2121]
[null,null,null,null,null,null,null,null,null,null,null,null,null,null,null,null,2122]
[null,null,null,null,null,null,null,null,null,null,null,null,null,null,null,null,2123]
[null,null,null,null,null,null,null,null,null,null,null,null,null,null,null,null,2124]
[null,null,null,null,null,null,null,null,null,null,null,null,null,null,null,null,2125]
[null,null,null,null,null,null,null,null,null,null,null,null,null,null,null,null,2126]
[null,null,null,null,null,null,null,null,null,null,null,null,null,null,null,null,2127]
[null,null,null,null,null,null,null,null,null,null,null,null,null,null,null,null,2128]
[null,null,null,null,null,null,null,null,null,null,null,null,null,null,null,null,2129]
[null,null,null,null,null,null,null,null,null,null,null,null,null,null,null,null,2130]
[null,null,null,null,null,null,null,null,null,null,null,null,null,null,null,null,2131]
[null,null,null,null,null,null,null,null,null,null,null,null,null,null,null,null,2132]
[null,null,null,null,null,null,null,null,null,null,null,null,null,null,null,null,2133]
[null,null,null,null,null,null,null,null,null,null,null,null,null,null,null,null,2134]
[null,null,null,null,null,null,null,null,null,null,null,null,null,null,null,null,2135]
[null,null,null,null,null,null,null,null,null,null,null,null,null,null,null,null,2136]
[null,null,null,null,null,null,null,null,null,null,null,null,null,null,null,null,2137]
[null,null,null,null,null,null,null,null,null,null,null,null,null,null,null,null,2138]
[null,null,null,null,null,null,null,null,null,null,null,null,null,null,null,null,2139]
[null,null,null,null,null,null,null,null,null,null,null,null,null,null,null,null,2140]
[null,null,null,null,null,null,null,null,null,null,null,null,null,null,null,null,2141]
[null,null,null,null,null,null,null,null,null,null,null,null,null,null,null,null,2142]
[null,null,null,null,null,null,null,null,null,null,null,null,null,null,null,null,2143]
[null,null,null,null,null,null,null,null,null,null,null,null,null,null,null,null,2144]
[null,null,null,null,null,null,null,null,null,null,null,null,null,null,null,null,2145]
[null,null,null,null,null,null,null,null,null,null,null,null,null,null,null,null,2146]
[null,null,null,null,null,null,null,null,null,null,null,null,null,null,null,null,2147]
[null,null,null,null,null,null,null,null,null,null,null,null,null,null,null,null,2148]
[null,null,null,null,null,null,null,null,null,null,null,null,null,null,null,null,2149]
[null,null,null,null,null,null,null,null,null,null,null,null,null,null,null,null,2150]
[null,null,null,null,null,null,null,null,null,null,null,null,null,null,null,null,2151]
[null,null,null,null,null,null,null,null,null,null,null,null,null,null,null,null,2152]
[null,null,null,null,null,null,null,null,null,null,null,null,null,null,null,null,2153]
[null,null,null,null,null,null,null,null,null,null,null,null,null,null,null,null,2154]
[null,null,null,null,null,null,null,null,null,null,null,null,null,null,null,null,2155]
[null,null,null,null,null,null,null,null,null,null,null,null,null,null,null,null,2156]
[null,null,null,null,null,null,null,null,null,null,null,null,null,null,null,null,2157]
[null,null,null,null,null,null,null,null,null,null,null,null,null,null,null,null,2158]
[null,null,null,null,null,null,null,null,null,null,null,null,null,null,null,null,2159]
[null,null,null,null,null,null,null,null,null,null,null,null,null,null,null,null,2160]
[null,null,null,null,null,null,null,null,null,null,null,null,null,null,null,null,2161]
[null,null,null,null,null,null,null,null,null,null,null,null,null,null,null,null,2162]
[null,null,null,null,null,null,null,null,null,null,null,null,null,null,null,null,2163]
[null,null,null,null,null,null,null,null,null,null,null,null,null,null,null,null,2164]
[null,null,null,null,null,null,null,null,null,null,null,null,null,null,null,null,2165]
[null,null,null,null,null,null,null,null,null,null,null,null,null,null,null,null,2166]
[null,null,null,null,null,null,null,null,null,null,null,null,null,null,null,null,2167]
[null,null,null,null,null,null,null,null,null,null,null,null,null,null,null,null,2168]
[null,null,null,null,null,null,null,null,null,null,null,null,null,null,null,null,2169]
[null,null,null,null,null,null,null,null,null,null,null,null,null,null,null,null,2170]
[null,null,null,null,null,null,null,null,null,null,null,null,null,null,null,null,2171]
[null,null,null,null,null,null,null,null,null,null,null,null,null,null,null,null,2172]
[null,null,null,null,null,null,null,null,null,null,null,null,null,null,null,null,2173]
[null,null,null,null,null,null,null,null,null,null,null,null,null,null,null,null,2174]
[null,null,null,null,null,null,null,null,null,null,null,null,null,null,null,null,2175]
[null,null,null,null,null,null,null,null,null,null,null,null,null,null,null,null,2176]
[null,null,null,null,null,null,null,null,null,null,null,null,null,null,null,null,2177]
[null,null,null,null,null,null,null,null,null,null,null,null,null,null,null,null,2178]
[null,null,null,null,null,null,null,null,null,null,null,null,null,null,null,null,2179]
[null,null,null,null,null,null,null,null,null,null,null,null,null,null,null,null,2180]
[null,null,null,null,null,null,null,null,null,null,null,null,null,null,null,null,2181]
[null,null,null,null,null,null,null,null,null,null,null,null,null,null,null,null,2182]
[null,null,null,null,null,null,null,null,null,null,null,null,null,null,null,null,2183]
[null,null,null,null,null,null,null,null,null,null,null,null,null,null,null,null,2184]
[null,null,null,null,null,null,null,null,null,null,null,null,null,null,null,null,2185]
[null,null,null,null,null,null,null,null,null,null,null,null,null,null,null,null,2186]
[null,null,null,null,null,null,null,null,null,null,null,null,null,null,null,null,2187]
[null,null,null,null,null,null,null,null,null,null,null,null,null,null,null,null,2188]
[null,null,null,null,null,null,null,null,null,null,null,null,null,null,null,null,2189]
[null,null,null,null,null,null,null,null,null,null,null,null,null,null,null,null,2190]
[null,null,null,null,null,null,null,null,null,null,null,null,null,null,null,null,2191]
[null,null,null,null,null,null,null,null,null,null,null,null,null,null,null,null,2192]
[null,null,null,null,null,null,null,null,null,null,null,null,null,null,null,null,2193]
[null,null,null,null,null,null,null,null,null,null,null,null,null,null,null,null,2194]
[null,null,null,null,null,null,null,null,null,null,null,null,null,null,null,null,2195]
[null,null,null,null,null,null,null,null,null,null,null,null,null,null,null,null,2196]
[null,null,null,null,null,null,null,null,null,null,null,null,null,null,null,null,2197]
[null,null,null,null,null,null,null,null,null,null,null,null,null,null,null,null,2198]
[null,null,null,null,null,null,null,null,null,null,null,null,null,null,null,null,2199]
[null,null,null,null,null,null,null,null,null,null,null,null,null,null,null,null,2200]
[null,null,null,null,null,null,null,null,null,null,null,null,null,null,null,null,2201]
[null,null,null,null,null,null,null,null,null,null,null,null,null,null,null,null,2202]
[null,null,null,null,null,null,null,null,null,null,null,null,null,null,null,null,2203]
[null,null,null,null,null,null,null,null,null,null,null,null,null,null,null,null,2204]
[null,null,null,null,null,null,null,null,null,null,null,null,null,null,null,null,2205]
[null,null,null,null,null,null,null,null,null,null,null,null,null,null,null,null,2206]
[null,null,null,null,null,null,null,null,null,null,null,null,null,null,null,null,2207]
[null,null,null,null,null,null,null,null,null,null,null,null,null,null,null,null,2208]
[null,null,null,null,null,null,null,null,null,null,null,null,null,null,null,null,2209]
[null,null,null,null,null,null,null,null,null,null,null,null,null,null,null,null,2210]
[null,null,null,null,null,null,null,null,null,null,null,null,null,null,null,null,2211]
[null,null,null,null,null,null,null,null,null,null,null,null,null,null,null,null,2212]
[null,null,null,null,null,null,null,null,null,null,null,null,null,null,null,null,2213]
[null,null,null,null,null,null,null,null,null,null,null,null,null,null,null,null,2214]
[null,null,null,null,null,null,null,null,null,null,null,null,null,null,null,null,2215]
[null,null,null,null,null,null,null,null,null,null,null,null,null,null,null,null,2216]
[null,null,null,null,null,null,null,null,null,null,null,null,null,null,null,null,2217]
[null,null,null,null,null,null,null,null,null,null,null,null,null,null,null,null,2218]
[null,null,null,null,null,null,null,null,null,null,null,null,null,null,null,null,2219]
[null,null,null,null,null,null,null,null,null,null,null,null,null,null,null,null,2220]
[null,null,null,null,null,null,null,null,null,null,null,null,null,null,null,null,2221]
[null,null,null,null,null,null,null,null,null,null,null,null,null,null,null,null,2222]
[null,null,null,null,null,null,null,null,null,null,null,null,null,null,null,null,2223]
[null,null,null,null,null,null,null,null,null,null,null,null,null,null,null,null,2224]
[null,null,null,null,null,null,null,null,null,null,null,null,null,null,null,null,2225]
[null,null,null,null,null,null,null,null,null,null,null,null,null,null,null,null,2226]
[null,null,null,null,null,null,null,null,null,null,null,null,null,null,null,null,2227]
[null,null,null,null,null,null,null,null,null,null,null,null,null,null,null,null,2228]
[null,null,null,null,null,null,null,null,null,null,null,null,null,null,null,null,2229]
[null,null,null,null,null,null,null,null,null,null,null,null,null,null,null,null,2230]
[null,null,null,null,null,null,null,null,null,null,null,null,null,null,null,null,2231]
[null,null,null,null,null,null,null,null,null,null,null,null,null,null,null,null,2232]
[null,null,null,null,null,null,null,null,null,null,null,null,null,null,null,null,2233]
[null,null,null,null,null,null,null,null,null,null,null,null,null,null,null,null,2234]
[null,null,null,null,null,null,null,null,null,null,null,null,null,null,null,null,2235]
[null,null,null,null,null,null,null,null,null,null,null,null,null,null,null,null,2236]
[null,null,null,null,null,null,null,null,null,null,null,null,null,null,null,null,2237]
[null,null,null,null,null,null,null,null,null,null,null,null,null,null,null,null,2238]
[null,null,null,null,null,null,null,null,null,null,null,null,null,null,null,null,2239]
[null,null,null,null,null,null,null,null,null,null,null,null,null,null,null,null,2240]
[null,null,null,null,null,null,null,null,null,null,null,null,null,null,null,null,2241]
[null,null,null,null,null,null,null,null,null,null,null,null,null,null,null,null,2242]
[null,null,null,null,null,null,null,null,null,null,null,null,null,null,null,null,2243]
[null,null,null,null,null,null,null,null,null,null,null,null,null,null,null,null,2244]
[null,null,null,null,null,null,null,null,null,null,null,null,null,null,null,null,2245]
[null,null,null,null,null,null,null,null,null,null,null,null,null,null,null,null,2246]
[null,null,null,null,null,null,null,null,null,null,null,null,null,null,null,null,2247]
[null,null,null,null,null,null,null,null,null,null,null,null,null,null,null,null,2248]
[null,null,null,null,null,null,null,null,null,null,null,null,null,null,null,null,2249]
[null,null,null,null,null,null,null,null,null,null,null,null,null,null,null,null,2250]
[null,null,null,null,null,null,null,null,null,null,null,null,null,null,null,null,2251]
[null,null,null,null,null,null,null,null,null,null,null,null,null,null,null,null,2252]
[null,null,null,null,null,null,null,null,null,null,null,null,null,null,null,null,2253]
[null,null,null,null,null,null,null,null,null,null,null,null,null,null,null,null,2254]
[null,null,null,null,null,null,null,null,null,null,null,null,null,null,null,null,2255]
[null,null,null,null,null,null,null,null,null,null,null,null,null,null,null,null,2256]
[null,null,null,null,null,null,null,null,null,null,null,null,null,null,null,null,2257]
[null,null,null,null,null,null,null,null,null,null,null,null,null,null,null,null,2258]
[null,null,null,null,null,null,null,null,null,null,null,null,null,null,null,null,2259]
[null,null,null,null,null,null,null,null,null,null,null,null,null,null,null,null,2260]
[null,null,null,null,null,null,null,null,null,null,null,null,null,null,null,null,2261]
[null,null,null,null,null,null,null,null,null,null,null,null,null,null,null,null,2262]
[null,null,null,null,null,null,null,null,null,null,null,null,null,null,null,null,2263]
[null,null,null,null,null,null,null,null,null,null,null,null,null,null,null,null,2264]
[null,null,null,null,null,null,null,null,null,null,null,null,null,null,null,null,2265]
[null,null,null,null,null,null,null,null,null,null,null,null,null,null,null,null,2266]
[null,null,null,null,null,null,null,null,null,null,null,null,null,null,null,null,2267]
[null,null,null,null,null,null,null,null,null,null,null,null,null,null,null,null,2268]
[null,null,null,null,null,null,null,null,null,null,null,null,null,null,null,null,2269]
[null,null,null,null,null,null,null,null,null,null,null,null,null,null,null,null,2270]
[null,null,null,null,null,null,null,null,null,null,null,null,null,null,null,null,2271]
[null,null,null,null,null,null,null,null,null,null,null,null,null,null,null,null,2272]
[null,null,null,null,null,null,null,null,null,null,null,null,null,null,null,null,2273]
[null,null,null,null,null,null,null,null,null,null,null,null,null,null,null,null,2274]
[null,null,null,null,null,null,null,null,null,null,null,null,null,null,null,null,2275]
[null,null,null,null,null,null,null,null,null,null,null,null,null,null,null,null,2276]
[null,null,null,null,null,null,null,null,null,null,null,null,null,null,null,null,2277]
[null,null,null,null,null,null,null,null,null,null,null,null,null,null,null,null,2278]
[null,null,null,null,null,null,null,null,null,null,null,null,null,null,null,null,2279]
[null,null,null,null,null,null,null,null,null,null,null,null,null,null,null,null,2280]
[null,null,null,null,null,null,null,null,null,null,null,null,null,null,null,null,2281]
[null,null,null,null,null,null,null,null,null,null,null,null,null,null,null,null,2282]
[null,null,null,null,null,null,null,null,null,null,null,null,null,null,null,null,2283]
[null,null,null,null,null,null,null,null,null,null,null,null,null,null,null,null,2284]
[null,null,null,null,null,null,null,null,null,null,null,null,null,null,null,null,2285]
[null,null,null,null,null,null,null,null,null,null,null,null,null,null,null,null,2286]
[null,null,null,null,null,null,null,null,null,null,null,null,null,null,null,null,2287]
[null,null,null,null,null,null,null,null,null,null,null,null,null,null,null,null,2288]
[null,null,null,null,null,null,null,null,null,null,null,null,null,null,null,null,2289]
[null,null,null,null,null,null,null,null,null,null,null,null,null,null,null,null,2290]
[null,null,null,null,null,null,null,null,null,null,null,null,null,null,null,null,2291]
[null,null,null,null,null,null,null,null,null,null,null,null,null,null,null,null,2292]
[null,null,null,null,null,null,null,null,null,null,null,null,null,null,null,null,2293]
[null,null,null,null,null,null,null,null,null,null,null,null,null,null,null,null,2294]
[null,null,null,null,null,null,null,null,null,null,null,null,null,null,null,null,2295]
[null,null,null,null,null,null,null,null,null,null,null,null,null,null,null,null,2296]
[null,null,null,null,null,null,null,null,null,null,null,null,null,null,null,null,2297]
[null,null,null,null,null,null,null,null,null,null,null,null,null,null,null,null,2298]
[null,null,null,null,null,null,null,null,null,null,null,null,null,null,null,null,2299]
[null,null,null,null,null,null,null,null,null,null,null,null,null,null,null,null,2300]
[null,null,null,null,null,null,null,null,null,null,null,null,null,null,null,null,2301]
[null,null,null,null,null,null,null,null,null,null,null,null,null,null,null,null,2302]
[null,null,null,null,null,null,null,null,null,null,null,null,null,null,null,null,2303]
[null,null,null,null,null,null,null,null,null,null,null,null,null,null,null,null,2304]
[null,null,null,null,null,null,null,null,null,null,null,null,null,null,null,null,2305]
[null,null,null,null,null,null,null,null,null,null,null,null,null,null,null,null,2306]
[null,null,null,null,null,null,null,null,null,null,null,null,null,null,null,null,2307]
[null,null,null,null,null,null,null,null,null,null,null,null,null,null,null,null,2308]
[null,null,null,null,null,null,null,null,null,null,null,null,null,null,null,null,2309]
[null,null,null,null,null,null,null,null,null,null,null,null,null,null,null,null,2310]
[null,null,null,null,null,null,null,null,null,null,null,null,null,null,null,null,2311]
[null,null,null,null,null,null,null,null,null,null,null,null,null,null,null,null,2312]
[null,null,null,null,null,null,null,null,null,null,null,null,null,null,null,null,2313]
[null,null,null,null,null,null,null,null,null,null,null,null,null,null,null,null,2314]
[null,null,null,null,null,null,null,null,null,null,null,null,null,null,null,null,2315]
[null,null,null,null,null,null,null,null,null,null,null,null,null,null,null,null,2316]
[null,null,null,null,null,null,null,null,null,null,null,null,null,null,null,null,2317]
[null,null,null,null,null,null,null,null,null,null,null,null,null,null,null,null,2318]
[null,null,null,null,null,null,null,null,null,null,null,null,null,null,null,null,2319]
[null,null,null,null,null,null,null,null,null,null,null,null,null,null,null,null,2320]
[null,null,null,null,null,null,null,null,null,null,null,null,null,null,null,null,2321]
[null,null,null,null,null,null,null,null,null,null,null,null,null,null,null,null,2322]
[null,null,null,null,null,null,null,null,null,null,null,null,null,null,null,null,2323]
[null,null,null,null,null,null,null,null,null,null,null,null,null,null,null,null,2324]
[null,null,null,null,null,null,null,null,null,null,null,null,null,null,null,null,2325]
[null,null,null,null,null,null,null,null,null,null,null,null,null,null,null,null,2326]
[null,null,null,null,null,null,null,null,null,null,null,null,null,null,null,null,2327]
[null,null,null,null,null,null,null,null,null,null,null,null,null,null,null,null,2328]
[null,null,null,null,null,null,null,null,null,null,null,null,null,null,null,null,2329]
[null,null,null,null,null,null,null,null,null,null,null,null,null,null,null,null,2330]
[null,null,null,null,null,null,null,null,null,null,null,null,null,null,null,null,2331]
[null,null,null,null,null,null,null,null,null,null,null,null,null,null,null,null,2332]
[null,null,null,null,null,null,null,null,null,null,null,null,null,null,null,null,2333]
[null,null,null,null,null,null,null,null,null,null,null,null,null,null,null,null,2334]
[null,null,null,null,null,null,null,null,null,null,null,null,null,null,null,null,2335]
[null,null,null,null,null,null,null,null,null,null,null,null,null,null,null,null,2336]
[null,null,null,null,null,null,null,null,null,null,null,null,null,null,null,null,2337]
[null,null,null,null,null,null,null,null,null,null,null,null,null,null,null,null,2338]
[null,null,null,null,null,null,null,null,null,null,null,null,null,null,null,null,2339]
[null,null,null,null,null,null,null,null,null,null,null,null,null,null,null,null,2340]
[null,null,null,null,null,null,null,null,null,null,null,null,null,null,null,null,2341]
[null,null,null,null,null,null,null,null,null,null,null,null,null,null,null,null,2342]
[null,null,null,null,null,null,null,null,null,null,null,null,null,null,null,null,2343]
[null,null,null,null,null,null,null,null,null,null,null,null,null,null,null,null,2344]
[null,null,null,null,null,null,null,null,null,null,null,null,null,null,null,null,2345]
[null,null,null,null,null,null,null,null,null,null,null,null,null,null,null,null,2346]
[null,null,null,null,null,null,null,null,null,null,null,null,null,null,null,null,2347]
[null,null,null,null,null,null,null,null,null,null,null,null,null,null,null,null,2348]
[null,null,null,null,null,null,null,null,null,null,null,null,null,null,null,null,2349]
[null,null,null,null,null,null,null,null,null,null,null,null,null,null,null,null,2350]
[null,null,null,null,null,null,null,null,null,null,null,null,null,null,null,null,2351]
[null,null,null,null,null,null,null,null,null,null,null,null,null,null,null,null,2352]
[null,null,null,null,null,null,null,null,null,null,null,null,null,null,null,null,2353]
[null,null,null,null,null,null,null,null,null,null,null,null,null,null,null,null,2354]
[null,null,null,null,null,null,null,null,null,null,null,null,null,null,null,null,2355]
[null,null,null,null,null,null,null,null,null,null,null,null,null,null,null,null,2356]
[null,null,null,null,null,null,null,null,null,null,null,null,null,null,null,null,2357]
[null,null,null,null,null,null,null,null,null,null,null,null,null,null,null,null,2358]
[null,null,null,null,null,null,null,null,null,null,null,null,null,null,null,null,2359]
[null,null,null,null,null,null,null,null,null,null,null,null,null,null,null,null,2360]
[null,null,null,null,null,null,null,null,null,null,null,null,null,null,null,null,2361]
[null,null,null,null,null,null,null,null,null,null,null,null,null,null,null,null,2362]
[null,null,null,null,null,null,null,null,null,null,null,null,null,null,null,null,2363]
[null,null,null,null,null,null,null,null,null,null,null,null,null,null,null,null,2364]
[null,null,null,null,null,null,null,null,null,null,null,null,null,null,null,null,2365]
[null,null,null,null,null,null,null,null,null,null,null,null,null,null,null,null,2366]
[null,null,null,null,null,null,null,null,null,null,null,null,null,null,null,null,2367]
[null,null,null,null,null,null,null,null,null,null,null,null,null,null,null,null,2368]
[null,null,null,null,null,null,null,null,null,null,null,null,null,null,null,null,2369]
[null,null,null,null,null,null,null,null,null,null,null,null,null,null,null,null,2370]
[null,null,null,null,null,null,null,null,null,null,null,null,null,null,null,null,2371]
[null,null,null,null,null,null,null,null,null,null,null,null,null,null,null,null,2372]
[null,null,null,null,null,null,null,null,null,null,null,null,null,null,null,null,2373]
[null,null,null,null,null,null,null,null,null,null,null,null,null,null,null,null,2374]
[null,null,null,null,null,null,null,null,null,null,null,null,null,null,null,null,2375]
[null,null,null,null,null,null,null,null,null,null,null,null,null,null,null,null,2376]
[null,null,null,null,null,null,null,null,null,null,null,null,null,null,null,null,2377]
[null,null,null,null,null,null,null,null,null,null,null,null,null,null,null,null,2378]
[null,null,null,null,null,null,null,null,null,null,null,null,null,null,null,null,2379]
[null,null,null,null,null,null,null,null,null,null,null,null,null,null,null,null,2380]
[null,null,null,null,null,null,null,null,null,null,null,null,null,null,null,null,2381]
[null,null,null,null,null,null,null,null,null,null,null,null,null,null,null,null,2382]
[null,null,null,null,null,null,null,null,null,null,null,null,null,null,null,null,2383]
[null,null,null,null,null,null,null,null,null,null,null,null,null,null,null,null,2384]
[null,null,null,null,null,null,null,null,null,null,null,null,null,null,null,null,2385]
[null,null,null,null,null,null,null,null,null,null,null,null,null,null,null,null,2386]
[null,null,null,null,null,null,null,null,null,null,null,null,null,null,null,null,2387]
[null,null,null,null,null,null,null,null,null,null,null,null,null,null,null,null,2388]
[null,null,null,null,null,null,null,null,null,null,null,null,null,null,null,null,2389]
[null,null,null,null,null,null,null,null,null,null,null,null,null,null,null,null,2390]
[null,null,null,null,null,null,null,null,null,null,null,null,null,null,null,null,2391]
[null,null,null,null,null,null,null,null,null,null,null,null,null,null,null,null,2392]
[null,null,null,null,null,null,null,null,null,null,null,null,null,null,null,null,2393]
[null,null,null,null,null,null,null,null,null,null,null,null,null,null,null,null,2394]
[null,null,null,null,null,null,null,null,null,null,null,null,null,null,null,null,2395]
[null,null,null,null,null,null,null,null,null,null,null,null,null,null,null,null,2396]
[null,null,null,null,null,null,null,null,null,null,null,null,null,null,null,null,2397]
[null,null,null,null,null,null,null,null,null,null,null,null,null,null,null,null,2398]
[null,null,null,null,null,null,null,null,null,null,null,null,null,null,null,null,2399]
[null,null,null,null,null,null,null,null,null,null,null,null,null,null,null,null,2400]
[null,null,null,null,null,null,null,null,null,null,null,null,null,null,null,null,2401]
[null,null,null,null,null,null,null,null,null,null,null,null,null,null,null,null,2402]
[null,null,null,null,null,null,null,null,null,null,null,null,null,null,null,null,2403]
[null,null,null,null,null,null,null,null,null,null,null,null,null,null,null,null,2404]
[null,null,null,null,null,null,null,null,null,null,null,null,null,null,null,null,2405]
[null,null,null,null,null,null,null,null,null,null,null,null,null,null,null,null,2406]
[null,null,null,null,null,null,null,null,null,null,null,null,null,null,null,null,2407]
[null,null,null,null,null,null,null,null,null,null,null,null,null,null,null,null,2408]
[null,null,null,null,null,null,null,null,null,null,null,null,null,null,null,null,2409]
[null,null,null,null,null,null,null,null,null,null,null,null,null,null,null,null,2410]
[null,null,null,null,null,null,null,null,null,null,null,null,null,null,null,null,2411]
[null,null,null,null,null,null,null,null,null,null,null,null,null,null,null,null,2412]
[null,null,null,null,null,null,null,null,null,null,null,null,null,null,null,null,2413]
[null,null,null,null,null,null,null,null,null,null,null,null,null,null,null,null,2414]
[null,null,null,null,null,null,null,null,null,null,null,null,null,null,null,null,2415]
[null,null,null,null,null,null,null,null,null,null,null,null,null,null,null,null,2416]
[null,null,null,null,null,null,null,null,null,null,null,null,null,null,null,null,2417]
[null,null,null,null,null,null,null,null,null,null,null,null,null,null,null,null,2418]
[null,null,null,null,null,null,null,null,null,null,null,null,null,null,null,null,2419]
[null,null,null,null,null,null,null,null,null,null,null,null,null,null,null,null,2420]
[null,null,null,null,null,null,null,null,null,null,null,null,null,null,null,null,2421]
[null,null,null,null,null,null,null,null,null,null,null,null,null,null,null,null,2422]
[null,null,null,null,null,null,null,null,null,null,null,null,null,null,null,null,2423]
[null,null,null,null,null,null,null,null,null,null,null,null,null,null,null,null,2424]
[null,null,null,null,null,null,null,null,null,null,null,null,null,null,null,null,2425]
[null,null,null,null,null,null,null,null,null,null,null,null,null,null,null,null,2426]
[null,null,null,null,null,null,null,null,null,null,null,null,null,null,null,null,2427]
[null,null,null,null,null,null,null,null,null,null,null,null,null,null,null,null,2428]
[null,null,null,null,null,null,null,null,null,null,null,null,null,null,null,null,2429]
[null,null,null,null,null,null,null,null,null,null,null,null,null,null,null,null,2430]
[null,null,null,null,null,null,null,null,null,null,null,null,null,null,null,null,2431]
[null,null,null,null,null,null,null,null,null,null,null,null,null,null,null,null,2432]
[null,null,null,null,null,null,null,null,null,null,null,null,null,null,null,null,2433]
[null,null,null,null,null,null,null,null,null,null,null,null,null,null,null,null,2434]
[null,null,null,null,null,null,null,null,null,null,null,null,null,null,null,null,2435]
[null,null,null,null,null,null,null,null,null,null,null,null,null,null,null,null,2436]
[null,null,null,null,null,null,null,null,null,null,null,null,null,null,null,null,2437]
[null,null,null,null,null,null,null,null,null,null,null,null,null,null,null,null,2438]
[null,null,null,null,null,null,null,null,null,null,null,null,null,null,null,null,2439]
[null,null,null,null,null,null,null,null,null,null,null,null,null,null,null,null,2440]
[null,null,null,null,null,null,null,null,null,null,null,null,null,null,null,null,2441]
[null,null,null,null,null,null,null,null,null,null,null,null,null,null,null,null,2442]
[null,null,null,null,null,null,null,null,null,null,null,null,null,null,null,null,2443]
[null,null,null,null,null,null,null,null,null,null,null,null,null,null,null,null,2444]
[null,null,null,null,null,null,null,null,null,null,null,null,null,null,null,null,2445]
[null,null,null,null,null,null,null,null,null,null,null,null,null,null,null,null,2446]
[null,null,null,null,null,null,null,null,null,null,null,null,null,null,null,null,2447]
[null,null,null,null,null,null,null,null,null,null,null,null,null,null,null,null,2448]
[null,null,null,null,null,null,null,null,null,null,null,null,null,null,null,null,2449]
[null,null,null,null,null,null,null,null,null,null,null,null,null,null,null,null,2450]
[null,null,null,null,null,null,null,null,null,null,null,null,null,null,null,null,2451]
[null,null,null,null,null,null,null,null,null,null,null,null,null,null,null,null,2452]
[null,null,null,null,null,null,null,null,null,null,null,null,null,null,null,null,2453]
[null,null,null,null,null,null,null,null,null,null,null,null,null,null,null,null,2454]
[null,null,null,null,null,null,null,null,null,null,null,null,null,null,null,null,2455]
[null,null,null,null,null,null,null,null,null,null,null,null,null,null,null,null,2456]
[null,null,null,null,null,null,null,null,null,null,null,null,null,null,null,null,2457]
[null,null,null,null,null,null,null,null,null,null,null,null,null,null,null,null,2458]
[null,null,null,null,null,null,null,null,null,null,null,null,null,null,null,null,2459]
[null,null,null,null,null,null,null,null,null,null,null,null,null,null,null,null,2460]
[null,null,null,null,null,null,null,null,null,null,null,null,null,null,null,null,2461]
[null,null,null,null,null,null,null,null,null,null,null,null,null,null,null,null,2462]
[null,null,null,null,null,null,null,null,null,null,null,null,null,null,null,null,2463]
[null,null,null,null,null,null,null,null,null,null,null,null,null,null,null,null,2464]
[null,null,null,null,null,null,null,null,null,null,null,null,null,null,null,null,2465]
[null,null,null,null,null,null,null,null,null,null,null,null,null,null,null,null,2466]
[null,null,null,null,null,null,null,null,null,null,null,null,null,null,null,null,2467]
[null,null,null,null,null,null,null,null,null,null,null,null,null,null,null,null,2468]
[null,null,null,null,null,null,null,null,null,null,null,null,null,null,null,null,2469]
[null,null,null,null,null,null,null,null,null,null,null,null,null,null,null,null,2470]
[null,null,null,null,null,null,null,null,null,null,null,null,null,null,null,null,2471]
[null,null,null,null,null,null,null,null,null,null,null,null,null,null,null,null,2472]
[null,null,null,null,null,null,null,null,null,null,null,null,null,null,null,null,2473]
[null,null,null,null,null,null,null,null,null,null,null,null,null,null,null,null,2474]
[null,null,null,null,null,null,null,null,null,null,null,null,null,null,null,null,2475]
[null,null,null,null,null,null,null,null,null,null,null,null,null,null,null,null,2476]
[null,null,null,null,null,null,null,null,null,null,null,null,null,null,null,null,2477]
[null,null,null,null,null,null,null,null,null,null,null,null,null,null,null,null,2478]
[null,null,null,null,null,null,null,null,null,null,null,null,null,null,null,null,2479]
[null,null,null,null,null,null,null,null,null,null,null,null,null,null,null,null,2480]
[null,null,null,null,null,null,null,null,null,null,null,null,null,null,null,null,2481]
[null,null,null,null,null,null,null,null,null,null,null,null,null,null,null,null,2482]
[null,null,null,null,null,null,null,null,null,null,null,null,null,null,null,null,2483]
[null,null,null,null,null,null,null,null,null,null,null,null,null,null,null,null,2484]
[null,null,null,null,null,null,null,null,null,null,null,null,null,null,null,null,2485]
[null,null,null,null,null,null,null,null,null,null,null,null,null,null,null,null,2486]
[null,null,null,null,null,null,null,null,null,null,null,null,null,null,null,null,2487]
[null,null,null,null,null,null,null,null,null,null,null,null,null,null,null,null,2488]
[null,null,null,null,null,null,null,null,null,null,null,null,null,null,null,null,2489]
[null,null,null,null,null,null,null,null,null,null,null,null,null,null,null,null,2490]
[null,null,null,null,null,null,null,null,null,null,null,null,null,null,null,null,2491]
[null,null,null,null,null,null,null,null,null,null,null,null,null,null,null,null,2492]
[null,null,null,null,null,null,null,null,null,null,null,null,null,null,null,null,2493]
[null,null,null,null,null,null,null,null,null,null,null,null,null,null,null,null,2494]
[null,null,null,null,null,null,null,null,null,null,null,null,null,null,null,null,2495]
[null,null,null,null,null,null,null,null,null,null,null,null,null,null,null,null,2496]
[null,null,null,null,null,null,null,null,null,null,null,null,null,null,null,null,2497]
[null,null,null,null,null,null,null,null,null,null,null,null,null,null,null,null,2498]
[null,null,null,null,null,null,null,null,null,null,null,null,null,null,null,null,2499]
[null,null,null,null,null,null,null,null,null,null,null,null,null,null,null,null,2500]
[null,null,null,null,null,null,null,null,null,null,null,null,null,null,null,null,2501]
[null,null,null,null,null,null,null,null,null,null,null,null,null,null,null,null,2502]
[null,null,null,null,null,null,null,null,null,null,null,null,null,null,null,null,2503]
[null,null,null,null,null,null,null,null,null,null,null,null,null,null,null,null,2504]
[null,null,null,null,null,null,null,null,null,null,null,null,null,null,null,null,2505]
[null,null,null,null,null,null,null,null,null,null,null,null,null,null,null,null,2506]
[null,null,null,null,null,null,null,null,null,null,null,null,null,null,null,null,2507]
[null,null,null,null,null,null,null,null,null,null,null,null,null,null,null,null,2508]
[null,null,null,null,null,null,null,null,null,null,null,null,null,null,null,null,2509]
[null,null,null,null,null,null,null,null,null,null,null,null,null,null,null,null,2510]
[null,null,null,null,null,null,null,null,null,null,null,null,null,null,null,null,2511]
[null,null,null,null,null,null,null,null,null,null,null,null,null,null,null,null,2512]
[null,null,null,null,null,null,null,null,null,null,null,null,null,null,null,null,2513]
[null,null,null,null,null,null,null,null,null,null,null,null,null,null,null,null,2514]
[null,null,null,null,null,null,null,null,null,null,null,null,null,null,null,null,2515]
[null,null,null,null,null,null,null,null,null,null,null,null,null,null,null,null,2516]
[null,null,null,null,null,null,null,null,null,null,null,null,null,null,null,null,2517]
[null,null,null,null,null,null,null,null,null,null,null,null,null,null,null,null,2518]
[null,null,null,null,null,null,null,null,null,null,null,null,null,null,null,null,2519]
[null,null,null,null,null,null,null,null,null,null,null,null,null,null,null,null,2520]
[null,null,null,null,null,null,null,null,null,null,null,null,null,null,null,null,2521]
[null,null,null,null,null,null,null,null,null,null,null,null,null,null,null,null,2522]
[null,null,null,null,null,null,null,null,null,null,null,null,null,null,null,null,2523]
[null,null,null,null,null,null,null,null,null,null,null,null,null,null,null,null,2524]
[null,null,null,null,null,null,null,null,null,null,null,null,null,null,null,null,2525]
[null,null,null,null,null,null,null,null,null,null,null,null,null,null,null,null,2526]
[null,null,null,null,null,null,null,null,null,null,null,null,null,null,null,null,2527]
[null,null,null,null,null,null,null,null,null,null,null,null,null,null,null,null,2528]
[null,null,null,null,null,null,null,null,null,null,null,null,null,null,null,null,2529]
[null,null,null,null,null,null,null,null,null,null,null,null,null,null,null,null,2530]
[null,null,null,null,null,null,null,null,null,null,null,null,null,null,null,null,2531]
[null,null,null,null,null,null,null,null,null,null,null,null,null,null,null,null,2532]
[null,null,null,null,null,null,null,null,null,null,null,null,null,null,null,null,2533]
[null,null,null,null,null,null,null,null,null,null,null,null,null,null,null,null,2534]
[null,null,null,null,null,null,null,null,null,null,null,null,null,null,null,null,2535]
[null,null,null,null,null,null,null,null,null,null,null,null,null,null,null,null,2536]
[null,null,null,null,null,null,null,null,null,null,null,null,null,null,null,null,2537]
[null,null,null,null,null,null,null,null,null,null,null,null,null,null,null,null,2538]
[null,null,null,null,null,null,null,null,null,null,null,null,null,null,null,null,2539]
[null,null,null,null,null,null,null,null,null,null,null,null,null,null,null,null,2540]
[null,null,null,null,null,null,null,null,null,null,null,null,null,null,null,null,2541]
[null,null,null,null,null,null,null,null,null,null,null,null,null,null,null,null,2542]
[null,null,null,null,null,null,null,null,null,null,null,null,null,null,null,null,2543]
[null,null,null,null,null,null,null,null,null,null,null,null,null,null,null,null,2544]
[null,null,null,null,null,null,null,null,null,null,null,null,null,null,null,null,2545]
[null,null,null,null,null,null,null,null,null,null,null,null,null,null,null,null,2546]
[null,null,null,null,null,null,null,null,null,null,null,null,null,null,null,null,2547]
[null,null,null,null,null,null,null,null,null,null,null,null,null,null,null,null,2548]
[null,null,null,null,null,null,null,null,null,null,null,null,null,null,null,null,2549]
[null,null,null,null,null,null,null,null,null,null,null,null,null,null,null,null,2550]
[null,null,null,null,null,null,null,null,null,null,null,null,null,null,null,null,2551]
[null,null,null,null,null,null,null,null,null,null,null,null,null,null,null,null,2552]
[null,null,null,null,null,null,null,null,null,null,null,null,null,null,null,null,2553]
[null,null,null,null,null,null,null,null,null,null,null,null,null,null,null,null,2554]
[null,null,null,null,null,null,null,null,null,null,null,null,null,null,null,null,2555]
[null,null,null,null,null,null,null,null,null,null,null,null,null,null,null,null,2556]
[null,null,null,null,null,null,null,null,null,null,null,null,null,null,null,null,2557]
[null,null,null,null,null,null,null,null,null,null,null,null,null,null,null,null,2558]
[null,null,null,null,null,null,null,null,null,null,null,null,null,null,null,null,2559]
[null,null,null,null,null,null,null,null,null,null,null,null,null,null,null,null,2560]
[null,null,null,null,null,null,null,null,null,null,null,null,null,null,null,null,2561]
[null,null,null,null,null,null,null,null,null,null,null,null,null,null,null,null,2562]
[null,null,null,null,null,null,null,null,null,null,null,null,null,null,null,null,2563]
[null,null,null,null,null,null,null,null,null,null,null,null,null,null,null,null,2564]
[null,null,null,null,null,null,null,null,null,null,null,null,null,null,null,null,2565]
[null,null,null,null,null,null,null,null,null,null,null,null,null,null,null,null,2566]
[null,null,null,null,null,null,null,null,null,null,null,null,null,null,null,null,2567]
[null,null,null,null,null,null,null,null,null,null,null,null,null,null,null,null,2568]
[null,null,null,null,null,null,null,null,null,null,null,null,null,null,null,null,2569]
[null,null,null,null,null,null,null,null,null,null,null,null,null,null,null,null,2570]
[null,null,null,null,null,null,null,null,null,null,null,null,null,null,null,null,2571]
[null,null,null,null,null,null,null,null,null,null,null,null,null,null,null,null,2572]
[null,null,null,null,null,null,null,null,null,null,null,null,null,null,null,null,2573]
[null,null,null,null,null,null,null,null,null,null,null,null,null,null,null,null,2574]
[null,null,null,null,null,null,null,null,null,null,null,null,null,null,null,null,2575]
[null,null,null,null,null,null,null,null,null,null,null,null,null,null,null,null,2576]
[null,null,null,null,null,null,null,null,null,null,null,null,null,null,null,null,2577]
[null,null,null,null,null,null,null,null,null,null,null,null,null,null,null,null,2578]
[null,null,null,null,null,null,null,null,null,null,null,null,null,null,null,null,2579]
[null,null,null,null,null,null,null,null,null,null,null,null,null,null,null,null,2580]
[null,null,null,null,null,null,null,null,null,null,null,null,null,null,null,null,2581]
[null,null,null,null,null,null,null,null,null,null,null,null,null,null,null,null,2582]
[null,null,null,null,null,null,null,null,null,null,null,null,null,null,null,null,2583]
[null,null,null,null,null,null,null,null,null,null,null,null,null,null,null,null,2584]
[null,null,null,null,null,null,null,null,null,null,null,null,null,null,null,null,2585]
[null,null,null,null,null,null,null,null,null,null,null,null,null,null,null,null,2586]
[null,null,null,null,null,null,null,null,null,null,null,null,null,null,null,null,2587]
[null,null,null,null,null,null,null,null,null,null,null,null,null,null,null,null,2588]
[null,null,null,null,null,null,null,null,null,null,null,null,null,null,null,null,2589]
[null,null,null,null,null,null,null,null,null,null,null,null,null,null,null,null,2590]
[null,null,null,null,null,null,null,null,null,null,null,null,null,null,null,null,2591]
[null,null,null,null,null,null,null,null,null,null,null,null,null,null,null,null,2592]
[null,null,null,null,null,null,null,null,null,null,null,null,null,null,null,null,2593]
[null,null,null,null,null,null,null,null,null,null,null,null,null,null,null,null,2594]
[null,null,null,null,null,null,null,null,null,null,null,null,null,null,null,null,2595]
[null,null,null,null,null,null,null,null,null,null,null,null,null,null,null,null,2596]
[null,null,null,null,null,null,null,null,null,null,null,null,null,null,null,null,2597]
[null,null,null,null,null,null,null,null,null,null,null,null,null,null,null,null,2598]
[null,null,null,null,null,null,null,null,null,null,null,null,null,null,null,null,2599]
[null,null,null,null,null,null,null,null,null,null,null,null,null,null,null,null,2600]
[null,null,null,null,null,null,null,null,null,null,null,null,null,null,null,null,2601]
[null,null,null,null,null,null,null,null,null,null,null,null,null,null,null,null,2602]
[null,null,null,null,null,null,null,null,null,null,null,null,null,null,null,null,2603]
[null,null,null,null,null,null,null,null,null,null,null,null,null,null,null,null,2604]
[null,null,null,null,null,null,null,null,null,null,null,null,null,null,null,null,2605]
[null,null,null,null,null,null,null,null,null,null,null,null,null,null,null,null,2606]
[null,null,null,null,null,null,null,null,null,null,null,null,null,null,null,null,2607]
[null,null,null,null,null,null,null,null,null,null,null,null,null,null,null,null,2608]
[null,null,null,null,null,null,null,null,null,null,null,null,null,null,null,null,2609]
[null,null,null,null,null,null,null,null,null,null,null,null,null,null,null,null,2610]
[null,null,null,null,null,null,null,null,null,null,null,null,null,null,null,null,2611]
[null,null,null,null,null,null,null,null,null,null,null,null,null,null,null,null,2612]
[null,null,null,null,null,null,null,null,null,null,null,null,null,null,null,null,2613]
[null,null,null,null,null,null,null,null,null,null,null,null,null,null,null,null,2614]
[null,null,null,null,null,null,null,null,null,null,null,null,null,null,null,null,2615]
[null,null,null,null,null,null,null,null,null,null,null,null,null,null,null,null,2616]
[null,null,null,null,null,null,null,null,null,null,null,null,null,null,null,null,2617]
[null,null,null,null,null,null,null,null,null,null,null,null,null,null,null,null,2618]
[null,null,null,null,null,null,null,null,null,null,null,null,null,null,null,null,2619]
[null,null,null,null,null,null,null,null,null,null,null,null,null,null,null,null,2620]
[null,null,null,null,null,null,null,null,null,null,null,null,null,null,null,null,2621]
[null,null,null,null,null,null,null,null,null,null,null,null,null,null,null,null,2622]
[null,null,null,null,null,null,null,null,null,null,null,null,null,null,null,null,2623]
[null,null,null,null,null,null,null,null,null,null,null,null,null,null,null,null,2624]
[null,null,null,null,null,null,null,null,null,null,null,null,null,null,null,null,2625]
[null,null,null,null,null,null,null,null,null,null,null,null,null,null,null,null,2626]
[null,null,null,null,null,null,null,null,null,null,null,null,null,null,null,null,2627]
[null,null,null,null,null,null,null,null,null,null,null,null,null,null,null,null,2628]
[null,null,null,null,null,null,null,null,null,null,null,null,null,null,null,null,2629]
[null,null,null,null,null,null,null,null,null,null,null,null,null,null,null,null,2630]
[null,null,null,null,null,null,null,null,null,null,null,null,null,null,null,null,2631]
[null,null,null,null,null,null,null,null,null,null,null,null,null,null,null,null,2632]
[null,null,null,null,null,null,null,null,null,null,null,null,null,null,null,null,2633]
[null,null,null,null,null,null,null,null,null,null,null,null,null,null,null,null,2634]
[null,null,null,null,null,null,null,null,null,null,null,null,null,null,null,null,2635]
[null,null,null,null,null,null,null,null,null,null,null,null,null,null,null,null,2636]
[null,null,null,null,null,null,null,null,null,null,null,null,null,null,null,null,2637]
[null,null,null,null,null,null,null,null,null,null,null,null,null,null,null,null,2638]
[null,null,null,null,null,null,null,null,null,null,null,null,null,null,null,null,2639]
[null,null,null,null,null,null,null,null,null,null,null,null,null,null,null,null,2640]
[null,null,null,null,null,null,null,null,null,null,null,null,null,null,null,null,2641]
[null,null,null,null,null,null,null,null,null,null,null,null,null,null,null,null,2642]
[null,null,null,null,null,null,null,null,null,null,null,null,null,null,null,null,2643]
[null,null,null,null,null,null,null,null,null,null,null,null,null,null,null,null,2644]
[null,null,null,null,null,null,null,null,null,null,null,null,null,null,null,null,2645]
[null,null,null,null,null,null,null,null,null,null,null,null,null,null,null,null,2646]
[null,null,null,null,null,null,null,null,null,null,null,null,null,null,null,null,2647]
[null,null,null,null,null,null,null,null,null,null,null,null,null,null,null,null,2648]
[null,null,null,null,null,null,null,null,null,null,null,null,null,null,null,null,2649]
[null,null,null,null,null,null,null,null,null,null,null,null,null,null,null,null,2650]
[null,null,null,null,null,null,null,null,null,null,null,null,null,null,null,null,2651]
[null,null,null,null,null,null,null,null,null,null,null,null,null,null,null,null,2652]
[null,null,null,null,null,null,null,null,null,null,null,null,null,null,null,null,2653]
[null,null,null,null,null,null,null,null,null,null,null,null,null,null,null,null,2654]
[null,null,null,null,null,null,null,null,null,null,null,null,null,null,null,null,2655]
[null,null,null,null,null,null,null,null,null,null,null,null,null,null,null,null,2656]
[null,null,null,null,null,null,null,null,null,null,null,null,null,null,null,null,2657]
[null,null,null,null,null,null,null,null,null,null,null,null,null,null,null,null,2658]
[null,null,null,null,null,null,null,null,null,null,null,null,null,null,null,null,2659]
[null,null,null,null,null,null,null,null,null,null,null,null,null,null,null,null,2660]
[null,null,null,null,null,null,null,null,null,null,null,null,null,null,null,null,2661]
[null,null,null,null,null,null,null,null,null,null,null,null,null,null,null,null,2662]
[null,null,null,null,null,null,null,null,null,null,null,null,null,null,null,null,2663]
[null,null,null,null,null,null,null,null,null,null,null,null,null,null,null,null,2664]
[null,null,null,null,null,null,null,null,null,null,null,null,null,null,null,null,2665]
[null,null,null,null,null,null,null,null,null,null,null,null,null,null,null,null,2666]
[null,null,null,null,null,null,null,null,null,null,null,null,null,null,null,null,2667]
[null,null,null,null,null,null,null,null,null,null,null,null,null,null,null,null,2668]
[null,null,null,null,null,null,null,null,null,null,null,null,null,null,null,null,2669]
[null,null,null,null,null,null,null,null,null,null,null,null,null,null,null,null,2670]
[null,null,null,null,null,null,null,null,null,null,null,null,null,null,null,null,2671]
[null,null,null,null,null,null,null,null,null,null,null,null,null,null,null,null,2672]
[null,null,null,null,null,null,null,null,null,null,null,null,null,null,null,null,2673]
[null,null,null,null,null,null,null,null,null,null,null,null,null,null,null,null,2674]
[null,null,null,null,null,null,null,null,null,null,null,null,null,null,null,null,2675]
[null,null,null,null,null,null,null,null,null,null,null,null,null,null,null,null,2676]
[null,null,null,null,null,null,null,null,null,null,null,null,null,null,null,null,2677]
[null,null,null,null,null,null,null,null,null,null,null,null,null,null,null,null,2678]
[null,null,null,null,null,null,null,null,null,null,null,null,null,null,null,null,2679]
[null,null,null,null,null,null,null,null,null,null,null,null,null,null,null,null,2680]
[null,null,null,null,null,null,null,null,null,null,null,null,null,null,null,null,2681]
[null,null,null,null,null,null,null,null,null,null,null,null,null,null,null,null,2682]
[null,null,null,null,null,null,null,null,null,null,null,null,null,null,null,null,2683]
[null,null,null,null,null,null,null,null,null,null,null,null,null,null,null,null,2684]
[null,null,null,null,null,null,null,null,null,null,null,null,null,null,null,null,2685]
[null,null,null,null,null,null,null,null,null,null,null,null,null,null,null,null,2686]
[null,null,null,null,null,null,null,null,null,null,null,null,null,null,null,null,2687]
[null,null,null,null,null,null,null,null,null,null,null,null,null,null,null,null,2688]
[null,null,null,null,null,null,null,null,null,null,null,null,null,null,null,null,2689]
[null,null,null,null,null,null,null,null,null,null,null,null,null,null,null,null,2690]
[null,null,null,null,null,null,null,null,null,null,null,null,null,null,null,null,2691]
[null,null,null,null,null,null,null,null,null,null,null,null,null,null,null,null,2692]
[null,null,null,null,null,null,null,null,null,null,null,null,null,null,null,null,2693]
[null,null,null,null,null,null,null,null,null,null,null,null,null,null,null,null,2694]
[null,null,null,null,null,null,null,null,null,null,null,null,null,null,null,null,2695]
[null,null,null,null,null,null,null,null,null,null,null,null,null,null,null,null,2696]
[null,null,null,null,null,null,null,null,null,null,null,null,null,null,null,null,2697]
[null,null,null,null,null,null,null,null,null,null,null,null,null,null,null,null,2698]
[null,null,null,null,null,null,null,null,null,null,null,null,null,null,null,null,2699]
[null,null,null,null,null,null,null,null,null,null,null,null,null,null,null,null,2700]
[null,null,null,null,null,null,null,null,null,null,null,null,null,null,null,null,2701]
[null,null,null,null,null,null,null,null,null,null,null,null,null,null,null,null,2702]
[null,null,null,null,null,null,null,null,null,null,null,null,null,null,null,null,2703]
[null,null,null,null,null,null,null,null,null,null,null,null,null,null,null,null,2704]
[null,null,null,null,null,null,null,null,null,null,null,null,null,null,null,null,2705]
[null,null,null,null,null,null,null,null,null,null,null,null,null,null,null,null,2706]
[null,null,null,null,null,null,null,null,null,null,null,null,null,null,null,null,2707]
[null,null,null,null,null,null,null,null,null,null,null,null,null,null,null,null,2708]
[null,null,null,null,null,null,null,null,null,null,null,null,null,null,null,null,2709]
[null,null,null,null,null,null,null,null,null,null,null,null,null,null,null,null,2710]
[null,null,null,null,null,null,null,null,null,null,null,null,null,null,null,null,2711]
[null,null,null,null,null,null,null,null,null,null,null,null,null,null,null,null,2712]
[null,null,null,null,null,null,null,null,null,null,null,null,null,null,null,null,2713]
[null,null,null,null,null,null,null,null,null,null,null,null,null,null,null,null,2714]
[null,null,null,null,null,null,null,null,null,null,null,null,null,null,null,null,2715]
[null,null,null,null,null,null,null,null,null,null,null,null,null,null,null,null,2716]
[null,null,null,null,null,null,null,null,null,null,null,null,null,null,null,null,2717]
[null,null,null,null,null,null,null,null,null,null,null,null,null,null,null,null,2718]
[null,null,null,null,null,null,null,null,null,null,null,null,null,null,null,null,2719]
[null,null,null,null,null,null,null,null,null,null,null,null,null,null,null,null,2720]
[null,null,null,null,null,null,null,null,null,null,null,null,null,null,null,null,2721]
[null,null,null,null,null,null,null,null,null,null,null,null,null,null,null,null,2722]
[null,null,null,null,null,null,null,null,null,null,null,null,null,null,null,null,2723]
[null,null,null,null,null,null,null,null,null,null,null,null,null,null,null,null,2724]
[null,null,null,null,null,null,null,null,null,null,null,null,null,null,null,null,2725]
[null,null,null,null,null,null,null,null,null,null,null,null,null,null,null,null,2726]
[null,null,null,null,null,null,null,null,null,null,null,null,null,null,null,null,2727]
[null,null,null,null,null,null,null,null,null,null,null,null,null,null,null,null,2728]
[null,null,null,null,null,null,null,null,null,null,null,null,null,null,null,null,2729]
[null,null,null,null,null,null,null,null,null,null,null,null,null,null,null,null,2730]
[null,null,null,null,null,null,null,null,null,null,null,null,null,null,null,null,2731]
[null,null,null,null,null,null,null,null,null,null,null,null,null,null,null,null,2732]
[null,null,null,null,null,null,null,null,null,null,null,null,null,null,null,null,2733]
[null,null,null,null,null,null,null,null,null,null,null,null,null,null,null,null,2734]
[null,null,null,null,null,null,null,null,null,null,null,null,null,null,null,null,2735]
[null,null,null,null,null,null,null,null,null,null,null,null,null,null,null,null,2736]
[null,null,null,null,null,null,null,null,null,null,null,null,null,null,null,null,2737]
[null,null,null,null,null,null,null,null,null,null,null,null,null,null,null,null,2738]
[null,null,null,null,null,null,null,null,null,null,null,null,null,null,null,null,2739]
[null,null,null,null,null,null,null,null,null,null,null,null,null,null,null,null,2740]
[null,null,null,null,null,null,null,null,null,null,null,null,null,null,null,null,2741]
[null,null,null,null,null,null,null,null,null,null,null,null,null,null,null,null,2742]
[null,null,null,null,null,null,null,null,null,null,null,null,null,null,null,null,2743]
[null,null,null,null,null,null,null,null,null,null,null,null,null,null,null,null,2744]
[null,null,null,null,null,null,null,null,null,null,null,null,null,null,null,null,2745]
[null,null,null,null,null,null,null,null,null,null,null,null,null,null,null,null,2746]
[null,null,null,null,null,null,null,null,null,null,null,null,null,null,null,null,2747]
[null,null,null,null,null,null,null,null,null,null,null,null,null,null,null,null,2748]
[null,null,null,null,null,null,null,null,null,null,null,null,null,null,null,null,2749]
[null,null,null,null,null,null,null,null,null,null,null,null,null,null,null,null,2750]
[null,null,null,null,null,null,null,null,null,null,null,null,null,null,null,null,2751]
[null,null,null,null,null,null,null,null,null,null,null,null,null,null,null,null,2752]
[null,null,null,null,null,null,null,null,null,null,null,null,null,null,null,null,2753]
[null,null,null,null,null,null,null,null,null,null,null,null,null,null,null,null,2754]
[null,null,null,null,null,null,null,null,null,null,null,null,null,null,null,null,2755]
[null,null,null,null,null,null,null,null,null,null,null,null,null,null,null,null,2756]
[null,null,null,null,null,null,null,null,null,null,null,null,null,null,null,null,2757]
[null,null,null,null,null,null,null,null,null,null,null,null,null,null,null,null,2758]
[null,null,null,null,null,null,null,null,null,null,null,null,null,null,null,null,2759]
[null,null,null,null,null,null,null,null,null,null,null,null,null,null,null,null,2760]
[null,null,null,null,null,null,null,null,null,null,null,null,null,null,null,null,2761]
[null,null,null,null,null,null,null,null,null,null,null,null,null,null,null,null,2762]
[null,null,null,null,null,null,null,null,null,null,null,null,null,null,null,null,2763]
[null,null,null,null,null,null,null,null,null,null,null,null,null,null,null,null,2764]
[null,null,null,null,null,null,null,null,null,null,null,null,null,null,null,null,2765]
[null,null,null,null,null,null,null,null,null,null,null,null,null,null,null,null,2766]
[null,null,null,null,null,null,null,null,null,null,null,null,null,null,null,null,2767]
[null,null,null,null,null,null,null,null,null,null,null,null,null,null,null,null,2768]
[null,null,null,null,null,null,null,null,null,null,null,null,null,null,null,null,2769]
[null,null,null,null,null,null,null,null,null,null,null,null,null,null,null,null,2770]
[null,null,null,null,null,null,null,null,null,null,null,null,null,null,null,null,2771]
[null,null,null,null,null,null,null,null,null,null,null,null,null,null,null,null,2772]
[null,null,null,null,null,null,null,null,null,null,null,null,null,null,null,null,2773]
[null,null,null,null,null,null,null,null,null,null,null,null,null,null,null,null,2774]
[null,null,null,null,null,null,null,null,null,null,null,null,null,null,null,null,2775]
[null,null,null,null,null,null,null,null,null,null,null,null,null,null,null,null,2776]
[null,null,null,null,null,null,null,null,null,null,null,null,null,null,null,null,2777]
[null,null,null,null,null,null,null,null,null,null,null,null,null,null,null,null,2778]
[null,null,null,null,null,null,null,null,null,null,null,null,null,null,null,null,2779]
[null,null,null,null,null,null,null,null,null,null,null,null,null,null,null,null,2780]
[null,null,null,null,null,null,null,null,null,null,null,null,null,null,null,null,2781]
[null,null,null,null,null,null,null,null,null,null,null,null,null,null,null,null,2782]
[null,null,null,null,null,null,null,null,null,null,null,null,null,null,null,null,2783]
[null,null,null,null,null,null,null,null,null,null,null,null,null,null,null,null,2784]
[null,null,null,null,null,null,null,null,null,null,null,null,null,null,null,null,2785]
[null,null,null,null,null,null,null,null,null,null,null,null,null,null,null,null,2786]
[null,null,null,null,null,null,null,null,null,null,null,null,null,null,null,null,2787]
[null,null,null,null,null,null,null,null,null,null,null,null,null,null,null,null,2788]
[null,null,null,null,null,null,null,null,null,null,null,null,null,null,null,null,2789]
[null,null,null,null,null,null,null,null,null,null,null,null,null,null,null,null,2790]
[null,null,null,null,null,null,null,null,null,null,null,null,null,null,null,null,2791]
[null,null,null,null,null,null,null,null,null,null,null,null,null,null,null,null,2792]
[null,null,null,null,null,null,null,null,null,null,null,null,null,null,null,null,2793]
[null,null,null,null,null,null,null,null,null,null,null,null,null,null,null,null,2794]
[null,null,null,null,null,null,null,null,null,null,null,null,null,null,null,null,2795]
[null,null,null,null,null,null,null,null,null,null,null,null,null,null,null,null,2796]
[null,null,null,null,null,null,null,null,null,null,null,null,null,null,null,null,2797]
[null,null,null,null,null,null,null,null,null,null,null,null,null,null,null,null,2798]
[null,null,null,null,null,null,null,null,null,null,null,null,null,null,null,null,2799]
[null,null,null,null,null,null,null,null,null,null,null,null,null,null,null,null,2800]
[null,null,null,null,null,null,null,null,null,null,null,null,null,null,null,null,2801]
[null,null,null,null,null,null,null,null,null,null,null,null,null,null,null,null,2802]
[null,null,null,null,null,null,null,null,null,null,null,null,null,null,null,null,2803]
[null,null,null,null,null,null,null,null,null,null,null,null,null,null,null,null,2804]
[null,null,null,null,null,null,null,null,null,null,null,null,null,null,null,null,2805]
[null,null,null,null,null,null,null,null,null,null,null,null,null,null,null,null,2806]
[null,null,null,null,null,null,null,null,null,null,null,null,null,null,null,null,2807]
[null,null,null,null,null,null,null,null,null,null,null,null,null,null,null,null,2808]
[null,null,null,null,null,null,null,null,null,null,null,null,null,null,null,null,2809]
[null,null,null,null,null,null,null,null,null,null,null,null,null,null,null,null,2810]
[null,null,null,null,null,null,null,null,null,null,null,null,null,null,null,null,2811]
[null,null,null,null,null,null,null,null,null,null,null,null,null,null,null,null,2812]
[null,null,null,null,null,null,null,null,null,null,null,null,null,null,null,null,2813]
[null,null,null,null,null,null,null,null,null,null,null,null,null,null,null,null,2814]
[null,null,null,null,null,null,null,null,null,null,null,null,null,null,null,null,2815]
[null,null,null,null,null,null,null,null,null,null,null,null,null,null,null,null,2816]
[null,null,null,null,null,null,null,null,null,null,null,null,null,null,null,null,2817]
[null,null,null,null,null,null,null,null,null,null,null,null,null,null,null,null,2818]
[null,null,null,null,null,null,null,null,null,null,null,null,null,null,null,null,2819]
[null,null,null,null,null,null,null,null,null,null,null,null,null,null,null,null,2820]
[null,null,null,null,null,null,null,null,null,null,null,null,null,null,null,null,2821]
[null,null,null,null,null,null,null,null,null,null,null,null,null,null,null,null,2822]
[null,null,null,null,null,null,null,null,null,null,null,null,null,null,null,null,2823]
[null,null,null,null,null,null,null,null,null,null,null,null,null,null,null,null,2824]
[null,null,null,null,null,null,null,null,null,null,null,null,null,null,null,null,2825]
[null,null,null,null,null,null,null,null,null,null,null,null,null,null,null,null,2826]
[null,null,null,null,null,null,null,null,null,null,null,null,null,null,null,null,2827]
[null,null,null,null,null,null,null,null,null,null,null,null,null,null,null,null,2828]
[null,null,null,null,null,null,null,null,null,null,null,null,null,null,null,null,2829]
[null,null,null,null,null,null,null,null,null,null,null,null,null,null,null,null,2830]
[null,null,null,null,null,null,null,null,null,null,null,null,null,null,null,null,2831]
[null,null,null,null,null,null,null,null,null,null,null,null,null,null,null,null,2832]
[null,null,null,null,null,null,null,null,null,null,null,null,null,null,null,null,2833]
[null,null,null,null,null,null,null,null,null,null,null,null,null,null,null,null,2834]
[null,null,null,null,null,null,null,null,null,null,null,null,null,null,null,null,2835]
[null,null,null,null,null,null,null,null,null,null,null,null,null,null,null,null,2836]
[null,null,null,null,null,null,null,null,null,null,null,null,null,null,null,null,2837]
[null,null,null,null,null,null,null,null,null,null,null,null,null,null,null,null,2838]
[null,null,null,null,null,null,null,null,null,null,null,null,null,null,null,null,2839]
[null,null,null,null,null,null,null,null,null,null,null,null,null,null,null,null,2840]
[null,null,null,null,null,null,null,null,null,null,null,null,null,null,null,null,2841]
[null,null,null,null,null,null,null,null,null,null,null,null,null,null,null,null,2842]
[null,null,null,null,null,null,null,null,null,null,null,null,null,null,null,null,2843]
[null,null,null,null,null,null,null,null,null,null,null,null,null,null,null,null,2844]
[null,null,null,null,null,null,null,null,null,null,null,null,null,null,null,null,2845]
[null,null,null,null,null,null,null,null,null,null,null,null,null,null,null,null,2846]
[null,null,null,null,null,null,null,null,null,null,null,null,null,null,null,null,2847]
[null,null,null,null,null,null,null,null,null,null,null,null,null,null,null,null,2848]
[null,null,null,null,null,null,null,null,null,null,null,null,null,null,null,null,2849]
[null,null,null,null,null,null,null,null,null,null,null,null,null,null,null,null,2850]
[null,null,null,null,null,null,null,null,null,null,null,null,null,null,null,null,2851]
[null,null,null,null,null,null,null,null,null,null,null,null,null,null,null,null,2852]
[null,null,null,null,null,null,null,null,null,null,null,null,null,null,null,null,2853]
[null,null,null,null,null,null,null,null,null,null,null,null,null,null,null,null,2854]
[null,null,null,null,null,null,null,null,null,null,null,null,null,null,null,null,2855]
[null,null,null,null,null,null,null,null,null,null,null,null,null,null,null,null,2856]
[null,null,null,null,null,null,null,null,null,null,null,null,null,null,null,null,2857]
[null,null,null,null,null,null,null,null,null,null,null,null,null,null,null,null,2858]
[null,null,null,null,null,null,null,null,null,null,null,null,null,null,null,null,2859]
[null,null,null,null,null,null,null,null,null,null,null,null,null,null,null,null,2860]
[null,null,null,null,null,null,null,null,null,null,null,null,null,null,null,null,2861]
[null,null,null,null,null,null,null,null,null,null,null,null,null,null,null,null,2862]
[null,null,null,null,null,null,null,null,null,null,null,null,null,null,null,null,2863]
[null,null,null,null,null,null,null,null,null,null,null,null,null,null,null,null,2864]
[null,null,null,null,null,null,null,null,null,null,null,null,null,null,null,null,2865]
[null,null,null,null,null,null,null,null,null,null,null,null,null,null,null,null,2866]
[null,null,null,null,null,null,null,null,null,null,null,null,null,null,null,null,2867]
[null,null,null,null,null,null,null,null,null,null,null,null,null,null,null,null,2868]
[null,null,null,null,null,null,null,null,null,null,null,null,null,null,null,null,2869]
[null,null,null,null,null,null,null,null,null,null,null,null,null,null,null,null,2870]
[null,null,null,null,null,null,null,null,null,null,null,null,null,null,null,null,2871]
[null,null,null,null,null,null,null,null,null,null,null,null,null,null,null,null,2872]
[null,null,null,null,null,null,null,null,null,null,null,null,null,null,null,null,2873]
[null,null,null,null,null,null,null,null,null,null,null,null,null,null,null,null,2874]
[null,null,null,null,null,null,null,null,null,null,null,null,null,null,null,null,2875]
[null,null,null,null,null,null,null,null,null,null,null,null,null,null,null,null,2876]
[null,null,null,null,null,null,null,null,null,null,null,null,null,null,null,null,2877]
[null,null,null,null,null,null,null,null,null,null,null,null,null,null,null,null,2878]
[null,null,null,null,null,null,null,null,null,null,null,null,null,null,null,null,2879]
[null,null,null,null,null,null,null,null,null,null,null,null,null,null,null,null,2880]
[null,null,null,null,null,null,null,null,null,null,null,null,null,null,null,null,2881]
[null,null,null,null,null,null,null,null,null,null,null,null,null,null,null,null,2882]
[null,null,null,null,null,null,null,null,null,null,null,null,null,null,null,null,2883]
[null,null,null,null,null,null,null,null,null,null,null,null,null,null,null,null,2884]
[null,null,null,null,null,null,null,null,null,null,null,null,null,null,null,null,2885]
[null,null,null,null,null,null,null,null,null,null,null,null,null,null,null,null,2886]
[null,null,null,null,null,null,null,null,null,null,null,null,null,null,null,null,2887]
[null,null,null,null,null,null,null,null,null,null,null,null,null,null,null,null,2888]
[null,null,null,null,null,null,null,null,null,null,null,null,null,null,null,null,2889]
[null,null,null,null,null,null,null,null,null,null,null,null,null,null,null,null,2890]
[null,null,null,null,null,null,null,null,null,null,null,null,null,null,null,null,2891]
[null,null,null,null,null,null,null,null,null,null,null,null,null,null,null,null,2892]
[null,null,null,null,null,null,null,null,null,null,null,null,null,null,null,null,2893]
[null,null,null,null,null,null,null,null,null,null,null,null,null,null,null,null,2894]
[null,null,null,null,null,null,null,null,null,null,null,null,null,null,null,null,2895]
[null,null,null,null,null,null,null,null,null,null,null,null,null,null,null,null,2896]
[null,null,null,null,null,null,null,null,null,null,null,null,null,null,null,null,2897]
[null,null,null,null,null,null,null,null,null,null,null,null,null,null,null,null,2898]
[null,null,null,null,null,null,null,null,null,null,null,null,null,null,null,null,2899]
[null,null,null,null,null,null,null,null,null,null,null,null,null,null,null,null,2900]
[null,null,null,null,null,null,null,null,null,null,null,null,null,null,null,null,2901]
[null,null,null,null,null,null,null,null,null,null,null,null,null,null,null,null,2902]
[null,null,null,null,null,null,null,null,null,null,null,null,null,null,null,null,2903]
[null,null,null,null,null,null,null,null,null,null,null,null,null,null,null,null,2904]
[null,null,null,null,null,null,null,null,null,null,null,null,null,null,null,null,2905]
[null,null,null,null,null,null,null,null,null,null,null,null,null,null,null,null,2906]
[null,null,null,null,null,null,null,null,null,null,null,null,null,null,null,null,2907]
[null,null,null,null,null,null,null,null,null,null,null,null,null,null,null,null,2908]
[null,null,null,null,null,null,null,null,null,null,null,null,null,null,null,null,2909]
[null,null,null,null,null,null,null,null,null,null,null,null,null,null,null,null,2910]
[null,null,null,null,null,null,null,null,null,null,null,null,null,null,null,null,2911]
[null,null,null,null,null,null,null,null,null,null,null,null,null,null,null,null,2912]
[null,null,null,null,null,null,null,null,null,null,null,null,null,null,null,null,2913]
[null,null,null,null,null,null,null,null,null,null,null,null,null,null,null,null,2914]
[null,null,null,null,null,null,null,null,null,null,null,null,null,null,null,null,2915]
[null,null,null,null,null,null,null,null,null,null,null,null,null,null,null,null,2916]
[null,null,null,null,null,null,null,null,null,null,null,null,null,null,null,null,2917]
[null,null,null,null,null,null,null,null,null,null,null,null,null,null,null,null,2918]
[null,null,null,null,null,null,null,null,null,null,null,null,null,null,null,null,2919]
[null,null,null,null,null,null,null,null,null,null,null,null,null,null,null,null,2920]
[null,null,null,null,null,null,null,null,null,null,null,null,null,null,null,null,2921]
[null,null,null,null,null,null,null,null,null,null,null,null,null,null,null,null,2922]
[null,null,null,null,null,null,null,null,null,null,null,null,null,null,null,null,2923]
[null,null,null,null,null,null,null,null,null,null,null,null,null,null,null,null,2924]
[null,null,null,null,null,null,null,null,null,null,null,null,null,null,null,null,2925]
[null,null,null,null,null,null,null,null,null,null,null,null,null,null,null,null,2926]
[null,null,null,null,null,null,null,null,null,null,null,null,null,null,null,null,2927]
[null,null,null,null,null,null,null,null,null,null,null,null,null,null,null,null,2928]
[null,null,null,null,null,null,null,null,null,null,null,null,null,null,null,null,2929]
[null,null,null,null,null,null,null,null,null,null,null,null,null,null,null,null,2930]
[null,null,null,null,null,null,null,null,null,null,null,null,null,null,null,null,2931]
[null,null,null,null,null,null,null,null,null,null,null,null,null,null,null,null,2932]
[null,null,null,null,null,null,null,null,null,null,null,null,null,null,null,null,2933]
[null,null,null,null,null,null,null,null,null,null,null,null,null,null,null,null,2934]
[null,null,null,null,null,null,null,null,null,null,null,null,null,null,null,null,2935]
[null,null,null,null,null,null,null,null,null,null,null,null,null,null,null,null,2936]
[null,null,null,null,null,null,null,null,null,null,null,null,null,null,null,null,2937]
[null,null,null,null,null,null,null,null,null,null,null,null,null,null,null,null,2938]
[null,null,null,null,null,null,null,null,null,null,null,null,null,null,null,null,2939]
[null,null,null,null,null,null,null,null,null,null,null,null,null,null,null,null,2940]
[null,null,null,null,null,null,null,null,null,null,null,null,null,null,null,null,2941]
[null,null,null,null,null,null,null,null,null,null,null,null,null,null,null,null,2942]
[null,null,null,null,null,null,null,null,null,null,null,null,null,null,null,null,2943]
[null,null,null,null,null,null,null,null,null,null,null,null,null,null,null,null,2944]
[null,null,null,null,null,null,null,null,null,null,null,null,null,null,null,null,2945]
[null,null,null,null,null,null,null,null,null,null,null,null,null,null,null,null,2946]
[null,null,null,null,null,null,null,null,null,null,null,null,null,null,null,null,2947]
[null,null,null,null,null,null,null,null,null,null,null,null,null,null,null,null,2948]
[null,null,null,null,null,null,null,null,null,null,null,null,null,null,null,null,2949]
[null,null,null,null,null,null,null,null,null,null,null,null,null,null,null,null,2950]
[null,null,null,null,null,null,null,null,null,null,null,null,null,null,null,null,2951]
[null,null,null,null,null,null,null,null,null,null,null,null,null,null,null,null,2952]
[null,null,null,null,null,null,null,null,null,null,null,null,null,null,null,null,2953]
[null,null,null,null,null,null,null,null,null,null,null,null,null,null,null,null,2954]
[null,null,null,null,null,null,null,null,null,null,null,null,null,null,null,null,2955]
[null,null,null,null,null,null,null,null,null,null,null,null,null,null,null,null,2956]
[null,null,null,null,null,null,null,null,null,null,null,null,null,null,null,null,2957]
[null,null,null,null,null,null,null,null,null,null,null,null,null,null,null,null,2958]
[null,null,null,null,null,null,null,null,null,null,null,null,null,null,null,null,2959]
[null,null,null,null,null,null,null,null,null,null,null,null,null,null,null,null,2960]
[null,null,null,null,null,null,null,null,null,null,null,null,null,null,null,null,2961]
[null,null,null,null,null,null,null,null,null,null,null,null,null,null,null,null,2962]
[null,null,null,null,null,null,null,null,null,null,null,null,null,null,null,null,2963]
[null,null,null,null,null,null,null,null,null,null,null,null,null,null,null,null,2964]
[null,null,null,null,null,null,null,null,null,null,null,null,null,null,null,null,2965]
[null,null,null,null,null,null,null,null,null,null,null,null,null,null,null,null,2966]
[null,null,null,null,null,null,null,null,null,null,null,null,null,null,null,null,2967]
[null,null,null,null,null,null,null,null,null,null,null,null,null,null,null,null,2968]
[null,null,null,null,null,null,null,null,null,null,null,null,null,null,null,null,2969]
[null,null,null,null,null,null,null,null,null,null,null,null,null,null,null,null,2970]
[null,null,null,null,null,null,null,null,null,null,null,null,null,null,null,null,2971]
[null,null,null,null,null,null,null,null,null,null,null,null,null,null,null,null,2972]
[null,null,null,null,null,null,null,null,null,null,null,null,null,null,null,null,2973]
[null,null,null,null,null,null,null,null,null,null,null,null,null,null,null,null,2974]
[null,null,null,null,null,null,null,null,null,null,null,null,null,null,null,null,2975]
[null,null,null,null,null,null,null,null,null,null,null,null,null,null,null,null,2976]
[null,null,null,null,null,null,null,null,null,null,null,null,null,null,null,null,2977]
[null,null,null,null,null,null,null,null,null,null,null,null,null,null,null,null,2978]
[null,null,null,null,null,null,null,null,null,null,null,null,null,null,null,null,2979]
[null,null,null,null,null,null,null,null,null,null,null,null,null,null,null,null,2980]
[null,null,null,null,null,null,null,null,null,null,null,null,null,null,null,null,2981]
[null,null,null,null,null,null,null,null,null,null,null,null,null,null,null,null,2982]
[null,null,null,null,null,null,null,null,null,null,null,null,null,null,null,null,2983]
[null,null,null,null,null,null,null,null,null,null,null,null,null,null,null,null,2984]
[null,null,null,null,null,null,null,null,null,null,null,null,null,null,null,null,2985]
[null,null,null,null,null,null,null,null,null,null,null,null,null,null,null,null,2986]
[null,null,null,null,null,null,null,null,null,null,null,null,null,null,null,null,2987]
[null,null,null,null,null,null,null,null,null,null,null,null,null,null,null,null,2988]
[null,null,null,null,null,null,null,null,null,null,null,null,null,null,null,null,2989]
[null,null,null,null,null,null,null,null,null,null,null,null,null,null,null,null,2990]
[null,null,null,null,null,null,null,null,null,null,null,null,null,null,null,null,2991]
[null,null,null,null,null,null,null,null,null,null,null,null,null,null,null,null,2992]
[null,null,null,null,null,null,null,null,null,null,null,null,null,null,null,null,2993]
[null,null,null,null,null,null,null,null,null,null,null,null,null,null,null,null,2994]
[null,null,null,null,null,null,null,null,null,null,null,null,null,null,null,null,2995]
[null,null,null,null,null,null,null,null,null,null,null,null,null,null,null,null,2996]
[null,null,null,null,null,null,null,null,null,null,null,null,null,null,null,null,2997]
[null,null,null,null,null,null,null,null,null,null,null,null,null,null,null,null,2998]
[null,null,null,null,null,null,null,null,null,null,null,null,null,null,null,null,2999]
[null,null,null,null,null,null,null,null,null,null,null,null,null,null,null,null,3000]
[null,null,null,null,null,null,null,null,null,null,null,null,null,null,null,null,3001]
[null,null,null,null,null,null,null,null,null,null,null,null,null,null,null,null,3002]
[null,null,null,null,null,null,null,null,null,null,null,null,null,null,null,null,3003]
[null,null,null,null,null,null,null,null,null,null,null,null,null,null,null,null,3004]
[null,null,null,null,null,null,null,null,null,null,null,null,null,null,null,null,3005]
[null,null,null,null,null,null,null,null,null,null,null,null,null,null,null,null,3006]
[null,null,null,null,null,null,null,null,null,null,null,null,null,null,null,null,3007]
[null,null,null,null,null,null,null,null,null,null,null,null,null,null,null,null,3008]
[null,null,null,null,null,null,null,null,null,null,null,null,null,null,null,null,3009]
[null,null,null,null,null,null,null,null,null,null,null,null,null,null,null,null,3010]
[null,null,null,null,null,null,null,null,null,null,null,null,null,null,null,null,3011]
[null,null,null,null,null,null,null,null,null,null,null,null,null,null,null,null,3012]
[null,null,null,null,null,null,null,null,null,null,null,null,null,null,null,null,3013]
[null,null,null,null,null,null,null,null,null,null,null,null,null,null,null,null,3014]
[null,null,null,null,null,null,null,null,null,null,null,null,null,null,null,null,3015]
[null,null,null,null,null,null,null,null,null,null,null,null,null,null,null,null,3016]
[null,null,null,null,null,null,null,null,null,null,null,null,null,null,null,null,3017]
[null,null,null,null,null,null,null,null,null,null,null,null,null,null,null,null,3018]
[null,null,null,null,null,null,null,null,null,null,null,null,null,null,null,null,3019]
[null,null,null,null,null,null,null,null,null,null,null,null,null,null,null,null,3020]
[null,null,null,null,null,null,null,null,null,null,null,null,null,null,null,null,3021]
[null,null,null,null,null,null,null,null,null,null,null,null,null,null,null,null,3022]
[null,null,null,null,null,null,null,null,null,null,null,null,null,null,null,null,3023]
[null,null,null,null,null,null,null,null,null,null,null,null,null,null,null,null,3024]
[null,null,null,null,null,null,null,null,null,null,null,null,null,null,null,null,3025]
[null,null,null,null,null,null,null,null,null,null,null,null,null,null,null,null,3026]
[null,null,null,null,null,null,null,null,null,null,null,null,null,null,null,null,3027]
[null,null,null,null,null,null,null,null,null,null,null,null,null,null,null,null,3028]
[null,null,null,null,null,null,null,null,null,null,null,null,null,null,null,null,3029]
[null,null,null,null,null,null,null,null,null,null,null,null,null,null,null,null,3030]
[null,null,null,null,null,null,null,null,null,null,null,null,null,null,null,null,3031]
[null,null,null,null,null,null,null,null,null,null,null,null,null,null,null,null,3032]
[null,null,null,null,null,null,null,null,null,null,null,null,null,null,null,null,3033]
[null,null,null,null,null,null,null,null,null,null,null,null,null,null,null,null,3034]
[null,null,null,null,null,null,null,null,null,null,null,null,null,null,null,null,3035]
[null,null,null,null,null,null,null,null,null,null,null,null,null,null,null,null,3036]
[null,null,null,null,null,null,null,null,null,null,null,null,null,null,null,null,3037]
[null,null,null,null,null,null,null,null,null,null,null,null,null,null,null,null,3038]
[null,null,null,null,null,null,null,null,null,null,null,null,null,null,null,null,3039]
[null,null,null,null,null,null,null,null,null,null,null,null,null,null,null,null,3040]
[null,null,null,null,null,null,null,null,null,null,null,null,null,null,null,null,3041]
[null,null,null,null,null,null,null,null,null,null,null,null,null,null,null,null,3042]
[null,null,null,null,null,null,null,null,null,null,null,null,null,null,null,null,3043]
[null,null,null,null,null,null,null,null,null,null,null,null,null,null,null,null,3044]
[null,null,null,null,null,null,null,null,null,null,null,null,null,null,null,null,3045]
[null,null,null,null,null,null,null,null,null,null,null,null,null,null,null,null,3046]
[null,null,null,null,null,null,null,null,null,null,null,null,null,null,null,null,3047]
[null,null,null,null,null,null,null,null,null,null,null,null,null,null,null,null,3048]
[null,null,null,null,null,null,null,null,null,null,null,null,null,null,null,null,3049]
[null,null,null,null,null,null,null,null,null,null,null,null,null,null,null,null,3050]
[null,null,null,null,null,null,null,null,null,null,null,null,null,null,null,null,3051]
[null,null,null,null,null,null,null,null,null,null,null,null,null,null,null,null,3052]
[null,null,null,null,null,null,null,null,null,null,null,null,null,null,null,null,3053]
[null,null,null,null,null,null,null,null,null,null,null,null,null,null,null,null,3054]
[null,null,null,null,null,null,null,null,null,null,null,null,null,null,null,null,3055]
[null,null,null,null,null,null,null,null,null,null,null,null,null,null,null,null,3056]
[null,null,null,null,null,null,null,null,null,null,null,null,null,null,null,null,3057]
[null,null,null,null,null,null,null,null,null,null,null,null,null,null,null,null,3058]
[null,null,null,null,null,null,null,null,null,null,null,null,null,null,null,null,3059]
[null,null,null,null,null,null,null,null,null,null,null,null,null,null,null,null,3060]
[null,null,null,null,null,null,null,null,null,null,null,null,null,null,null,null,3061]
[null,null,null,null,null,null,null,null,null,null,null,null,null,null,null,null,3062]
[null,null,null,null,null,null,null,null,null,null,null,null,null,null,null,null,3063]
[null,null,null,null,null,null,null,null,null,null,null,null,null,null,null,null,3064]
[null,null,null,null,null,null,null,null,null,null,null,null,null,null,null,null,3065]
[null,null,null,null,null,null,null,null,null,null,null,null,null,null,null,null,3066]
[null,null,null,null,null,null,null,null,null,null,null,null,null,null,null,null,3067]
[null,null,null,null,null,null,null,null,null,null,null,null,null,null,null,null,3068]
[null,null,null,null,null,null,null,null,null,null,null,null,null,null,null,null,3069]
[null,null,null,null,null,null,null,null,null,null,null,null,null,null,null,null,3070]
[null,null,null,null,null,null,null,null,null,null,null,null,null,null,null,null,3071]
[null,null,null,null,null,null,null,null,null,null,null,null,null,null,null,null,3072]
[null,null,null,null,null,null,null,null,null,null,null,null,null,null,null,null,3073]
[null,null,null,null,null,null,null,null,null,null,null,null,null,null,null,null,3074]
[null,null,null,null,null,null,null,null,null,null,null,null,null,null,null,null,3075]
[null,null,null,null,null,null,null,null,null,null,null,null,null,null,null,null,3076]
[null,null,null,null,null,null,null,null,null,null,null,null,null,null,null,null,3077]
[null,null,null,null,null,null,null,null,null,null,null,null,null,null,null,null,3078]
[null,null,null,null,null,null,null,null,null,null,null,null,null,null,null,null,3079]
[null,null,null,null,null,null,null,null,null,null,null,null,null,null,null,null,3080]
[null,null,null,null,null,null,null,null,null,null,null,null,null,null,null,null,3081]
[null,null,null,null,null,null,null,null,null,null,null,null,null,null,null,null,3082]
[null,null,null,null,null,null,null,null,null,null,null,null,null,null,null,null,3083]
[null,null,null,null,null,null,null,null,null,null,null,null,null,null,null,null,3084]
[null,null,null,null,null,null,null,null,null,null,null,null,null,null,null,null,3085]
[null,null,null,null,null,null,null,null,null,null,null,null,null,null,null,null,3086]
[null,null,null,null,null,null,null,null,null,null,null,null,null,null,null,null,3087]
[null,null,null,null,null,null,null,null,null,null,null,null,null,null,null,null,3088]
[null,null,null,null,null,null,null,null,null,null,null,null,null,null,null,null,3089]
[null,null,null,null,null,null,null,null,null,null,null,null,null,null,null,null,3090]
[null,null,null,null,null,null,null,null,null,null,null,null,null,null,null,null,3091]
[null,null,null,null,null,null,null,null,null,null,null,null,null,null,null,null,3092]
[null,null,null,null,null,null,null,null,null,null,null,null,null,null,null,null,3093]
[null,null,null,null,null,null,null,null,null,null,null,null,null,null,null,null,3094]
[null,null,null,null,null,null,null,null,null,null,null,null,null,null,null,null,3095]
[null,null,null,null,null,null,null,null,null,null,null,null,null,null,null,null,3096]
[null,null,null,null,null,null,null,null,null,null,null,null,null,null,null,null,3097]
[null,null,null,null,null,null,null,null,null,null,null,null,null,null,null,null,3098]
[null,null,null,null,null,null,null,null,null,null,null,null,null,null,null,null,3099]
[null,null,null,null,null,null,null,null,null,null,null,null,null,null,null,null,3100]
[null,null,null,null,null,null,null,null,null,null,null,null,null,null,null,null,3101]
[null,null,null,null,null,null,null,null,null,null,null,null,null,null,null,null,3102]
[null,null,null,null,null,null,null,null,null,null,null,null,null,null,null,null,3103]
[null,null,null,null,null,null,null,null,null,null,null,null,null,null,null,null,3104]
[null,null,null,null,null,null,null,null,null,null,null,null,null,null,null,null,3105]
[null,null,null,null,null,null,null,null,null,null,null,null,null,null,null,null,3106]
[null,null,null,null,null,null,null,null,null,null,null,null,null,null,null,null,3107]
[null,null,null,null,null,null,null,null,null,null,null,null,null,null,null,null,3108]
[null,null,null,null,null,null,null,null,null,null,null,null,null,null,null,null,3109]
[null,null,null,null,null,null,null,null,null,null,null,null,null,null,null,null,3110]
[null,null,null,null,null,null,null,null,null,null,null,null,null,null,null,null,3111]
[null,null,null,null,null,null,null,null,null,null,null,null,null,null,null,null,3112]
[null,null,null,null,null,null,null,null,null,null,null,null,null,null,null,null,3113]
[null,null,null,null,null,null,null,null,null,null,null,null,null,null,null,null,3114]
[null,null,null,null,null,null,null,null,null,null,null,null,null,null,null,null,3115]
[null,null,null,null,null,null,null,null,null,null,null,null,null,null,null,null,3116]
[null,null,null,null,null,null,null,null,null,null,null,null,null,null,null,null,3117]
[null,null,null,null,null,null,null,null,null,null,null,null,null,null,null,null,3118]
[null,null,null,null,null,null,null,null,null,null,null,null,null,null,null,null,3119]
[null,null,null,null,null,null,null,null,null,null,null,null,null,null,null,null,3120]
[null,null,null,null,null,null,null,null,null,null,null,null,null,null,null,null,3121]
[null,null,null,null,null,null,null,null,null,null,null,null,null,null,null,null,3122]
[null,null,null,null,null,null,null,null,null,null,null,null,null,null,null,null,3123]
[null,null,null,null,null,null,null,null,null,null,null,null,null,null,null,null,3124]
[null,null,null,null,null,null,null,null,null,null,null,null,null,null,null,null,3125]
[null,null,null,null,null,null,null,null,null,null,null,null,null,null,null,null,3126]
[null,null,null,null,null,null,null,null,null,null,null,null,null,null,null,null,3127]
[null,null,null,null,null,null,null,null,null,null,null,null,null,null,null,null,3128]
[null,null,null,null,null,null,null,null,null,null,null,null,null,null,null,null,3129]
[null,null,null,null,null,null,null,null,null,null,null,null,null,null,null,null,3130]
[null,null,null,null,null,null,null,null,null,null,null,null,null,null,null,null,3131]
[null,null,null,null,null,null,null,null,null,null,null,null,null,null,null,null,3132]
[null,null,null,null,null,null,null,null,null,null,null,null,null,null,null,null,3133]
[null,null,null,null,null,null,null,null,null,null,null,null,null,null,null,null,3134]
[null,null,null,null,null,null,null,null,null,null,null,null,null,null,null,null,3135]
[null,null,null,null,null,null,null,null,null,null,null,null,null,null,null,null,3136]
[null,null,null,null,null,null,null,null,null,null,null,null,null,null,null,null,3137]
[null,null,null,null,null,null,null,null,null,null,null,null,null,null,null,null,3138]
[null,null,null,null,null,null,null,null,null,null,null,null,null,null,null,null,3139]
[null,null,null,null,null,null,null,null,null,null,null,null,null,null,null,null,3140]
[null,null,null,null,null,null,null,null,null,null,null,null,null,null,null,null,3141]
[null,null,null,null,null,null,null,null,null,null,null,null,null,null,null,null,3142]
[null,null,null,null,null,null,null,null,null,null,null,null,null,null,null,null,3143]
[null,null,null,null,null,null,null,null,null,null,null,null,null,null,null,null,3144]
[null,null,null,null,null,null,null,null,null,null,null,null,null,null,null,null,3145]
[null,null,null,null,null,null,null,null,null,null,null,null,null,null,null,null,3146]
[null,null,null,null,null,null,null,null,null,null,null,null,null,null,null,null,3147]
[null,null,null,null,null,null,null,null,null,null,null,null,null,null,null,null,3148]
[null,null,null,null,null,null,null,null,null,null,null,null,null,null,null,null,3149]
[null,null,null,null,null,null,null,null,null,null,null,null,null,null,null,null,3150]
[null,null,null,null,null,null,null,null,null,null,null,null,null,null,null,null,3151]
[null,null,null,null,null,null,null,null,null,null,null,null,null,null,null,null,3152]
[null,null,null,null,null,null,null,null,null,null,null,null,null,null,null,null,3153]
[null,null,null,null,null,null,null,null,null,null,null,null,null,null,null,null,3154]
[null,null,null,null,null,null,null,null,null,null,null,null,null,null,null,null,3155]
[null,null,null,null,null,null,null,null,null,null,null,null,null,null,null,null,3156]
[null,null,null,null,null,null,null,null,null,null,null,null,null,null,null,null,3157]
[null,null,null,null,null,null,null,null,null,null,null,null,null,null,null,null,3158]
[null,null,null,null,null,null,null,null,null,null,null,null,null,null,null,null,3159]
[null,null,null,null,null,null,null,null,null,null,null,null,null,null,null,null,3160]
[null,null,null,null,null,null,null,null,null,null,null,null,null,null,null,null,3161]
[null,null,null,null,null,null,null,null,null,null,null,null,null,null,null,null,3162]
[null,null,null,null,null,null,null,null,null,null,null,null,null,null,null,null,3163]
[null,null,null,null,null,null,null,null,null,null,null,null,null,null,null,null,3164]
[null,null,null,null,null,null,null,null,null,null,null,null,null,null,null,null,3165]
[null,null,null,null,null,null,null,null,null,null,null,null,null,null,null,null,3166]
[null,null,null,null,null,null,null,null,null,null,null,null,null,null,null,null,3167]
[null,null,null,null,null,null,null,null,null,null,null,null,null,null,null,null,3168]
[null,null,null,null,null,null,null,null,null,null,null,null,null,null,null,null,3169]
[null,null,null,null,null,null,null,null,null,null,null,null,null,null,null,null,3170]
[null,null,null,null,null,null,null,null,null,null,null,null,null,null,null,null,3171]
[null,null,null,null,null,null,null,null,null,null,null,null,null,null,null,null,3172]
[null,null,null,null,null,null,null,null,null,null,null,null,null,null,null,null,3173]
[null,null,null,null,null,null,null,null,null,null,null,null,null,null,null,null,3174]
[null,null,null,null,null,null,null,null,null,null,null,null,null,null,null,null,3175]
[null,null,null,null,null,null,null,null,null,null,null,null,null,null,null,null,3176]
[null,null,null,null,null,null,null,null,null,null,null,null,null,null,null,null,3177]
[null,null,null,null,null,null,null,null,null,null,null,null,null,null,null,null,3178]
[null,null,null,null,null,null,null,null,null,null,null,null,null,null,null,null,3179]
[null,null,null,null,null,null,null,null,null,null,null,null,null,null,null,null,3180]
[null,null,null,null,null,null,null,null,null,null,null,null,null,null,null,null,3181]
[null,null,null,null,null,null,null,null,null,null,null,null,null,null,null,null,3182]
[null,null,null,null,null,null,null,null,null,null,null,null,null,null,null,null,3183]
[null,null,null,null,null,null,null,null,null,null,null,null,null,null,null,null,3184]
[null,null,null,null,null,null,null,null,null,null,null,null,null,null,null,null,3185]
[null,null,null,null,null,null,null,null,null,null,null,null,null,null,null,null,3186]
[null,null,null,null,null,null,null,null,null,null,null,null,null,null,null,null,3187]
[null,null,null,null,null,null,null,null,null,null,null,null,null,null,null,null,3188]
[null,null,null,null,null,null,null,null,null,null,null,null,null,null,null,null,3189]
[null,null,null,null,null,null,null,null,null,null,null,null,null,null,null,null,3190]
[null,null,null,null,null,null,null,null,null,null,null,null,null,null,null,null,3191]
[null,null,null,null,null,null,null,null,null,null,null,null,null,null,null,null,3192]
[null,null,null,null,null,null,null,null,null,null,null,null,null,null,null,null,3193]
[null,null,null,null,null,null,null,null,null,null,null,null,null,null,null,null,3194]
[null,null,null,null,null,null,null,null,null,null,null,null,null,null,null,null,3195]
[null,null,null,null,null,null,null,null,null,null,null,null,null,null,null,null,3196]
[null,null,null,null,null,null,null,null,null,null,null,null,null,null,null,null,3197]
[null,null,null,null,null,null,null,null,null,null,null,null,null,null,null,null,3198]
[null,null,null,null,null,null,null,null,null,null,null,null,null,null,null,null,3199]
[null,null,null,null,null,null,null,null,null,null,null,null,null,null,null,null,3200]
[null,null,null,null,null,null,null,null,null,null,null,null,null,null,null,null,3201]
[null,null,null,null,null,null,null,null,null,null,null,null,null,null,null,null,3202]
[null,null,null,null,null,null,null,null,null,null,null,null,null,null,null,null,3203]
[null,null,null,null,null,null,null,null,null,null,null,null,null,null,null,null,3204]
[null,null,null,null,null,null,null,null,null,null,null,null,null,null,null,null,3205]
[null,null,null,null,null,null,null,null,null,null,null,null,null,null,null,null,3206]
[null,null,null,null,null,null,null,null,null,null,null,null,null,null,null,null,3207]
[null,null,null,null,null,null,null,null,null,null,null,null,null,null,null,null,3208]
[null,null,null,null,null,null,null,null,null,null,null,null,null,null,null,null,3209]
[null,null,null,null,null,null,null,null,null,null,null,null,null,null,null,null,3210]
[null,null,null,null,null,null,null,null,null,null,null,null,null,null,null,null,3211]
[null,null,null,null,null,null,null,null,null,null,null,null,null,null,null,null,3212]
[null,null,null,null,null,null,null,null,null,null,null,null,null,null,null,null,3213]
[null,null,null,null,null,null,null,null,null,null,null,null,null,null,null,null,3214]
[null,null,null,null,null,null,null,null,null,null,null,null,null,null,null,null,3215]
[null,null,null,null,null,null,null,null,null,null,null,null,null,null,null,null,3216]
[null,null,null,null,null,null,null,null,null,null,null,null,null,null,null,null,3217]
[null,null,null,null,null,null,null,null,null,null,null,null,null,null,null,null,3218]
[null,null,null,null,null,null,null,null,null,null,null,null,null,null,null,null,3219]
[null,null,null,null,null,null,null,null,null,null,null,null,null,null,null,null,3220]
[null,null,null,null,null,null,null,null,null,null,null,null,null,null,null,null,3221]
[null,null,null,null,null,null,null,null,null,null,null,null,null,null,null,null,3222]
[null,null,null,null,null,null,null,null,null,null,null,null,null,null,null,null,3223]
[null,null,null,null,null,null,null,null,null,null,null,null,null,null,null,null,3224]
[null,null,null,null,null,null,null,null,null,null,null,null,null,null,null,null,3225]
[null,null,null,null,null,null,null,null,null,null,null,null,null,null,null,null,3226]
[null,null,null,null,null,null,null,null,null,null,null,null,null,null,null,null,3227]
[null,null,null,null,null,null,null,null,null,null,null,null,null,null,null,null,3228]
[null,null,null,null,null,null,null,null,null,null,null,null,null,null,null,null,3229]
[null,null,null,null,null,null,null,null,null,null,null,null,null,null,null,null,3230]
[null,null,null,null,null,null,null,null,null,null,null,null,null,null,null,null,3231]
[null,null,null,null,null,null,null,null,null,null,null,null,null,null,null,null,3232]
[null,null,null,null,null,null,null,null,null,null,null,null,null,null,null,null,3233]
[null,null,null,null,null,null,null,null,null,null,null,null,null,null,null,null,3234]
[null,null,null,null,null,null,null,null,null,null,null,null,null,null,null,null,3235]
[null,null,null,null,null,null,null,null,null,null,null,null,null,null,null,null,3236]
[null,null,null,null,null,null,null,null,null,null,null,null,null,null,null,null,3237]
[null,null,null,null,null,null,null,null,null,null,null,null,null,null,null,null,3238]
[null,null,null,null,null,null,null,null,null,null,null,null,null,null,null,null,3239]
[null,null,null,null,null,null,null,null,null,null,null,null,null,null,null,null,3240]
[null,null,null,null,null,null,null,null,null,null,null,null,null,null,null,null,3241]
[null,null,null,null,null,null,null,null,null,null,null,null,null,null,null,null,3242]
[null,null,null,null,null,null,null,null,null,null,null,null,null,null,null,null,3243]
[null,null,null,null,null,null,null,null,null,null,null,null,null,null,null,null,3244]
[null,null,null,null,null,null,null,null,null,null,null,null,null,null,null,null,3245]
[null,null,null,null,null,null,null,null,null,null,null,null,null,null,null,null,3246]
[null,null,null,null,null,null,null,null,null,null,null,null,null,null,null,null,3247]
[null,null,null,null,null,null,null,null,null,null,null,null,null,null,null,null,3248]
[null,null,null,null,null,null,null,null,null,null,null,null,null,null,null,null,3249]
[null,null,null,null,null,null,null,null,null,null,null,null,null,null,null,null,3250]
[null,null,null,null,null,null,null,null,null,null,null,null,null,null,null,null,3251]
[null,null,null,null,null,null,null,null,null,null,null,null,null,null,null,null,3252]
[null,null,null,null,null,null,null,null,null,null,null,null,null,null,null,null,3253]
[null,null,null,null,null,null,null,null,null,null,null,null,null,null,null,null,3254]
[null,null,null,null,null,null,null,null,null,null,null,null,null,null,null,null,3255]
[null,null,null,null,null,null,null,null,null,null,null,null,null,null,null,null,3256]
[null,null,null,null,null,null,null,null,null,null,null,null,null,null,null,null,3257]
[null,null,null,null,null,null,null,null,null,null,null,null,null,null,null,null,3258]
[null,null,null,null,null,null,null,null,null,null,null,null,null,null,null,null,3259]
[null,null,null,null,null,null,null,null,null,null,null,null,null,null,null,null,3260]
[null,null,null,null,null,null,null,null,null,null,null,null,null,null,null,null,3261]
[null,null,null,null,null,null,null,null,null,null,null,null,null,null,null,null,3262]
[null,null,null,null,null,null,null,null,null,null,null,null,null,null,null,null,3263]
[null,null,null,null,null,null,null,null,null,null,null,null,null,null,null,null,3264]
[null,null,null,null,null,null,null,null,null,null,null,null,null,null,null,null,3265]
[null,null,null,null,null,null,null,null,null,null,null,null,null,null,null,null,3266]
[null,null,null,null,null,null,null,null,null,null,null,null,null,null,null,null,3267]
[null,null,null,null,null,null,null,null,null,null,null,null,null,null,null,null,3268]
[null,null,null,null,null,null,null,null,null,null,null,null,null,null,null,null,3269]
[null,null,null,null,null,null,null,null,null,null,null,null,null,null,null,null,3270]
[null,null,null,null,null,null,null,null,null,null,null,null,null,null,null,null,3271]
[null,null,null,null,null,null,null,null,null,null,null,null,null,null,null,null,3272]
[null,null,null,null,null,null,null,null,null,null,null,null,null,null,null,null,3273]
[null,null,null,null,null,null,null,null,null,null,null,null,null,null,null,null,3274]
[null,null,null,null,null,null,null,null,null,null,null,null,null,null,null,null,3275]
[null,null,null,null,null,null,null,null,null,null,null,null,null,null,null,null,3276]
[null,null,null,null,null,null,null,null,null,null,null,null,null,null,null,null,3277]
[null,null,null,null,null,null,null,null,null,null,null,null,null,null,null,null,3278]
[null,null,null,null,null,null,null,null,null,null,null,null,null,null,null,null,3279]
[null,null,null,null,null,null,null,null,null,null,null,null,null,null,null,null,3280]
[null,null,null,null,null,null,null,null,null,null,null,null,null,null,null,null,3281]
[null,null,null,null,null,null,null,null,null,null,null,null,null,null,null,null,3282]
[null,null,null,null,null,null,null,null,null,null,null,null,null,null,null,null,3283]
[null,null,null,null,null,null,null,null,null,null,null,null,null,null,null,null,3284]
[null,null,null,null,null,null,null,null,null,null,null,null,null,null,null,null,3285]
[null,null,null,null,null,null,null,null,null,null,null,null,null,null,null,null,3286]
[null,null,null,null,null,null,null,null,null,null,null,null,null,null,null,null,3287]
[null,null,null,null,null,null,null,null,null,null,null,null,null,null,null,null,3288]
[null,null,null,null,null,null,null,null,null,null,null,null,null,null,null,null,3289]
[null,null,null,null,null,null,null,null,null,null,null,null,null,null,null,null,3290]
[null,null,null,null,null,null,null,null,null,null,null,null,null,null,null,null,3291]
[null,null,null,null,null,null,null,null,null,null,null,null,null,null,null,null,3292]
[null,null,null,null,null,null,null,null,null,null,null,null,null,null,null,null,3293]
[null,null,null,null,null,null,null,null,null,null,null,null,null,null,null,null,3294]
[null,null,null,null,null,null,null,null,null,null,null,null,null,null,null,null,3295]
[null,null,null,null,null,null,null,null,null,null,null,null,null,null,null,null,3296]
[null,null,null,null,null,null,null,null,null,null,null,null,null,null,null,null,3297]
[null,null,null,null,null,null,null,null,null,null,null,null,null,null,null,null,3298]
[null,null,null,null,null,null,null,null,null,null,null,null,null,null,null,null,3299]
[null,null,null,null,null,null,null,null,null,null,null,null,null,null,null,null,3300]
[null,null,null,null,null,null,null,null,null,null,null,null,null,null,null,null,3301]
[null,null,null,null,null,null,null,null,null,null,null,null,null,null,null,null,3302]
[null,null,null,null,null,null,null,null,null,null,null,null,null,null,null,null,3303]
[null,null,null,null,null,null,null,null,null,null,null,null,null,null,null,null,3304]
[null,null,null,null,null,null,null,null,null,null,null,null,null,null,null,null,3305]
[null,null,null,null,null,null,null,null,null,null,null,null,null,null,null,null,3306]
[null,null,null,null,null,null,null,null,null,null,null,null,null,null,null,null,3307]
[null,null,null,null,null,null,null,null,null,null,null,null,null,null,null,null,3308]
[null,null,null,null,null,null,null,null,null,null,null,null,null,null,null,null,3309]
[null,null,null,null,null,null,null,null,null,null,null,null,null,null,null,null,3310]
[null,null,null,null,null,null,null,null,null,null,null,null,null,null,null,null,3311]
[null,null,null,null,null,null,null,null,null,null,null,null,null,null,null,null,3312]
[null,null,null,null,null,null,null,null,null,null,null,null,null,null,null,null,3313]
[null,null,null,null,null,null,null,null,null,null,null,null,null,null,null,null,3314]
[null,null,null,null,null,null,null,null,null,null,null,null,null,null,null,null,3315]
[null,null,null,null,null,null,null,null,null,null,null,null,null,null,null,null,3316]
[null,null,null,null,null,null,null,null,null,null,null,null,null,null,null,null,3317]
[null,null,null,null,null,null,null,null,null,null,null,null,null,null,null,null,3318]
[null,null,null,null,null,null,null,null,null,null,null,null,null,null,null,null,3319]
[null,null,null,null,null,null,null,null,null,null,null,null,null,null,null,null,3320]
[null,null,null,null,null,null,null,null,null,null,null,null,null,null,null,null,3321]
[null,null,null,null,null,null,null,null,null,null,null,null,null,null,null,null,3322]
[null,null,null,null,null,null,null,null,null,null,null,null,null,null,null,null,3323]
[null,null,null,null,null,null,null,null,null,null,null,null,null,null,null,null,3324]
[null,null,null,null,null,null,null,null,null,null,null,null,null,null,null,null,3325]
[null,null,null,null,null,null,null,null,null,null,null,null,null,null,null,null,3326]
[null,null,null,null,null,null,null,null,null,null,null,null,null,null,null,null,3327]
[null,null,null,null,null,null,null,null,null,null,null,null,null,null,null,null,3328]
[null,null,null,null,null,null,null,null,null,null,null,null,null,null,null,null,3329]
[null,null,null,null,null,null,null,null,null,null,null,null,null,null,null,null,3330]
[null,null,null,null,null,null,null,null,null,null,null,null,null,null,null,null,3331]
[null,null,null,null,null,null,null,null,null,null,null,null,null,null,null,null,3332]
[null,null,null,null,null,null,null,null,null,null,null,null,null,null,null,null,3333]
[null,null,null,null,null,null,null,null,null,null,null,null,null,null,null,null,3334]
[null,null,null,null,null,null,null,null,null,null,null,null,null,null,null,null,3335]
[null,null,null,null,null,null,null,null,null,null,null,null,null,null,null,null,3336]
[null,null,null,null,null,null,null,null,null,null,null,null,null,null,null,null,3337]
[null,null,null,null,null,null,null,null,null,null,null,null,null,null,null,null,3338]
[null,null,null,null,null,null,null,null,null,null,null,null,null,null,null,null,3339]
[null,null,null,null,null,null,null,null,null,null,null,null,null,null,null,null,3340]
[null,null,null,null,null,null,null,null,null,null,null,null,null,null,null,null,3341]
[null,null,null,null,null,null,null,null,null,null,null,null,null,null,null,null,3342]
[null,null,null,null,null,null,null,null,null,null,null,null,null,null,null,null,3343]
[null,null,null,null,null,null,null,null,null,null,null,null,null,null,null,null,3344]
[null,null,null,null,null,null,null,null,null,null,null,null,null,null,null,null,3345]
[null,null,null,null,null,null,null,null,null,null,null,null,null,null,null,null,3346]
[null,null,null,null,null,null,null,null,null,null,null,null,null,null,null,null,3347]
[null,null,null,null,null,null,null,null,null,null,null,null,null,null,null,null,3348]
[null,null,null,null,null,null,null,null,null,null,null,null,null,null,null,null,3349]
[null,null,null,null,null,null,null,null,null,null,null,null,null,null,null,null,3350]
[null,null,null,null,null,null,null,null,null,null,null,null,null,null,null,null,3351]
[null,null,null,null,null,null,null,null,null,null,null,null,null,null,null,null,3352]
[null,null,null,null,null,null,null,null,null,null,null,null,null,null,null,null,3353]
[null,null,null,null,null,null,null,null,null,null,null,null,null,null,null,null,3354]
[null,null,null,null,null,null,null,null,null,null,null,null,null,null,null,null,3355]
[null,null,null,null,null,null,null,null,null,null,null,null,null,null,null,null,3356]
[null,null,null,null,null,null,null,null,null,null,null,null,null,null,null,null,3357]
[null,null,null,null,null,null,null,null,null,null,null,null,null,null,null,null,3358]
[null,null,null,null,null,null,null,null,null,null,null,null,null,null,null,null,3359]
[null,null,null,null,null,null,null,null,null,null,null,null,null,null,null,null,3360]
[null,null,null,null,null,null,null,null,null,null,null,null,null,null,null,null,3361]
[null,null,null,null,null,null,null,null,null,null,null,null,null,null,null,null,3362]
[null,null,null,null,null,null,null,null,null,null,null,null,null,null,null,null,3363]
[null,null,null,null,null,null,null,null,null,null,null,null,null,null,null,null,3364]
[null,null,null,null,null,null,null,null,null,null,null,null,null,null,null,null,3365]
[null,null,null,null,null,null,null,null,null,null,null,null,null,null,null,null,3366]
[null,null,null,null,null,null,null,null,null,null,null,null,null,null,null,null,3367]
[null,null,null,null,null,null,null,null,null,null,null,null,null,null,null,null,3368]
[null,null,null,null,null,null,null,null,null,null,null,null,null,null,null,null,3369]
[null,null,null,null,null,null,null,null,null,null,null,null,null,null,null,null,3370]
[null,null,null,null,null,null,null,null,null,null,null,null,null,null,null,null,3371]
[null,null,null,null,null,null,null,null,null,null,null,null,null,null,null,null,3372]
[null,null,null,null,null,null,null,null,null,null,null,null,null,null,null,null,3373]
[null,null,null,null,null,null,null,null,null,null,null,null,null,null,null,null,3374]
[null,null,null,null,null,null,null,null,null,null,null,null,null,null,null,null,3375]
[null,null,null,null,null,null,null,null,null,null,null,null,null,null,null,null,3376]
[null,null,null,null,null,null,null,null,null,null,null,null,null,null,null,null,3377]
[null,null,null,null,null,null,null,null,null,null,null,null,null,null,null,null,3378]
[null,null,null,null,null,null,null,null,null,null,null,null,null,null,null,null,3379]
[null,null,null,null,null,null,null,null,null,null,null,null,null,null,null,null,3380]
[null,null,null,null,null,null,null,null,null,null,null,null,null,null,null,null,3381]
[null,null,null,null,null,null,null,null,null,null,null,null,null,null,null,null,3382]
[null,null,null,null,null,null,null,null,null,null,null,null,null,null,null,null,3383]
[null,null,null,null,null,null,null,null,null,null,null,null,null,null,null,null,3384]
[null,null,null,null,null,null,null,null,null,null,null,null,null,null,null,null,3385]
[null,null,null,null,null,null,null,null,null,null,null,null,null,null,null,null,3386]
[null,null,null,null,null,null,null,null,null,null,null,null,null,null,null,null,3387]
[null,null,null,null,null,null,null,null,null,null,null,null,null,null,null,null,3388]
[null,null,null,null,null,null,null,null,null,null,null,null,null,null,null,null,3389]
[null,null,null,null,null,null,null,null,null,null,null,null,null,null,null,null,3390]
[null,null,null,null,null,null,null,null,null,null,null,null,null,null,null,null,3391]
[null,null,null,null,null,null,null,null,null,null,null,null,null,null,null,null,3392]
[null,null,null,null,null,null,null,null,null,null,null,null,null,null,null,null,3393]
[null,null,null,null,null,null,null,null,null,null,null,null,null,null,null,null,3394]
[null,null,null,null,null,null,null,null,null,null,null,null,null,null,null,null,3395]
[null,null,null,null,null,null,null,null,null,null,null,null,null,null,null,null,3396]
[null,null,null,null,null,null,null,null,null,null,null,null,null,null,null,null,3397]
[null,null,null,null,null,null,null,null,null,null,null,null,null,null,null,null,3398]
[null,null,null,null,null,null,null,null,null,null,null,null,null,null,null,null,3399]
[null,null,null,null,null,null,null,null,null,null,null,null,null,null,null,null,3400]
[null,null,null,null,null,null,null,null,null,null,null,null,null,null,null,null,3401]
[null,null,null,null,null,null,null,null,null,null,null,null,null,null,null,null,3402]
[null,null,null,null,null,null,null,null,null,null,null,null,null,null,null,null,3403]
[null,null,null,null,null,null,null,null,null,null,null,null,null,null,null,null,3404]
[null,null,null,null,null,null,null,null,null,null,null,null,null,null,null,null,3405]
[null,null,null,null,null,null,null,null,null,null,null,null,null,null,null,null,3406]
[null,null,null,null,null,null,null,null,null,null,null,null,null,null,null,null,3407]
[null,null,null,null,null,null,null,null,null,null,null,null,null,null,null,null,3408]
[null,null,null,null,null,null,null,null,null,null,null,null,null,null,null,null,3409]
[null,null,null,null,null,null,null,null,null,null,null,null,null,null,null,null,3410]
[null,null,null,null,null,null,null,null,null,null,null,null,null,null,null,null,3411]
[null,null,null,null,null,null,null,null,null,null,null,null,null,null,null,null,3412]
[null,null,null,null,null,null,null,null,null,null,null,null,null,null,null,null,3413]
[null,null,null,null,null,null,null,null,null,null,null,null,null,null,null,null,3414]
[null,null,null,null,null,null,null,null,null,null,null,null,null,null,null,null,3415]
[null,null,null,null,null,null,null,null,null,null,null,null,null,null,null,null,3416]
[null,null,null,null,null,null,null,null,null,null,null,null,null,null,null,null,3417]
[null,null,null,null,null,null,null,null,null,null,null,null,null,null,null,null,3418]
[null,null,null,null,null,null,null,null,null,null,null,null,null,null,null,null,3419]
[null,null,null,null,null,null,null,null,null,null,null,null,null,null,null,null,3420]
[null,null,null,null,null,null,null,null,null,null,null,null,null,null,null,null,3421]
[null,null,null,null,null,null,null,null,null,null,null,null,null,null,null,null,3422]
[null,null,null,null,null,null,null,null,null,null,null,null,null,null,null,null,3423]
[null,null,null,null,null,null,null,null,null,null,null,null,null,null,null,null,3424]
[null,null,null,null,null,null,null,null,null,null,null,null,null,null,null,null,3425]
[null,null,null,null,null,null,null,null,null,null,null,null,null,null,null,null,3426]
[null,null,null,null,null,null,null,null,null,null,null,null,null,null,null,null,3427]
[null,null,null,null,null,null,null,null,null,null,null,null,null,null,null,null,3428]
[null,null,null,null,null,null,null,null,null,null,null,null,null,null,null,null,3429]
[null,null,null,null,null,null,null,null,null,null,null,null,null,null,null,null,3430]
[null,null,null,null,null,null,null,null,null,null,null,null,null,null,null,null,3431]
[null,null,null,null,null,null,null,null,null,null,null,null,null,null,null,null,3432]
[null,null,null,null,null,null,null,null,null,null,null,null,null,null,null,null,3433]
[null,null,null,null,null,null,null,null,null,null,null,null,null,null,null,null,3434]
[null,null,null,null,null,null,null,null,null,null,null,null,null,null,null,null,3435]
[null,null,null,null,null,null,null,null,null,null,null,null,null,null,null,null,3436]
[null,null,null,null,null,null,null,null,null,null,null,null,null,null,null,null,3437]
[null,null,null,null,null,null,null,null,null,null,null,null,null,null,null,null,3438]
[null,null,null,null,null,null,null,null,null,null,null,null,null,null,null,null,3439]
[null,null,null,null,null,null,null,null,null,null,null,null,null,null,null,null,3440]
[null,null,null,null,null,null,null,null,null,null,null,null,null,null,null,null,3441]
[null,null,null,null,null,null,null,null,null,null,null,null,null,null,null,null,3442]
[null,null,null,null,null,null,null,null,null,null,null,null,null,null,null,null,3443]
[null,null,null,null,null,null,null,null,null,null,null,null,null,null,null,null,3444]
[null,null,null,null,null,null,null,null,null,null,null,null,null,null,null,null,3445]
[null,null,null,null,null,null,null,null,null,null,null,null,null,null,null,null,3446]
[null,null,null,null,null,null,null,null,null,null,null,null,null,null,null,null,3447]
[null,null,null,null,null,null,null,null,null,null,null,null,null,null,null,null,3448]
[null,null,null,null,null,null,null,null,null,null,null,null,null,null,null,null,3449]
[null,null,null,null,null,null,null,null,null,null,null,null,null,null,null,null,3450]
[null,null,null,null,null,null,null,null,null,null,null,null,null,null,null,null,3451]
[null,null,null,null,null,null,null,null,null,null,null,null,null,null,null,null,3452]
[null,null,null,null,null,null,null,null,null,null,null,null,null,null,null,null,3453]
[null,null,null,null,null,null,null,null,null,null,null,null,null,null,null,null,3454]
[null,null,null,null,null,null,null,null,null,null,null,null,null,null,null,null,3455]
[null,null,null,null,null,null,null,null,null,null,null,null,null,null,null,null,3456]
[null,null,null,null,null,null,null,null,null,null,null,null,null,null,null,null,3457]
[null,null,null,null,null,null,null,null,null,null,null,null,null,null,null,null,3458]
[null,null,null,null,null,null,null,null,null,null,null,null,null,null,null,null,3459]
[null,null,null,null,null,null,null,null,null,null,null,null,null,null,null,null,3460]
[null,null,null,null,null,null,null,null,null,null,null,null,null,null,null,null,3461]
[null,null,null,null,null,null,null,null,null,null,null,null,null,null,null,null,3462]
[null,null,null,null,null,null,null,null,null,null,null,null,null,null,null,null,3463]
[null,null,null,null,null,null,null,null,null,null,null,null,null,null,null,null,3464]
[null,null,null,null,null,null,null,null,null,null,null,null,null,null,null,null,3465]
[null,null,null,null,null,null,null,null,null,null,null,null,null,null,null,null,3466]
[null,null,null,null,null,null,null,null,null,null,null,null,null,null,null,null,3467]
[null,null,null,null,null,null,null,null,null,null,null,null,null,null,null,null,3468]
[null,null,null,null,null,null,null,null,null,null,null,null,null,null,null,null,3469]
[null,null,null,null,null,null,null,null,null,null,null,null,null,null,null,null,3470]
[null,null,null,null,null,null,null,null,null,null,null,null,null,null,null,null,3471]
[null,null,null,null,null,null,null,null,null,null,null,null,null,null,null,null,3472]
[null,null,null,null,null,null,null,null,null,null,null,null,null,null,null,null,3473]
[null,null,null,null,null,null,null,null,null,null,null,null,null,null,null,null,3474]
[null,null,null,null,null,null,null,null,null,null,null,null,null,null,null,null,3475]
[null,null,null,null,null,null,null,null,null,null,null,null,null,null,null,null,3476]
[null,null,null,null,null,null,null,null,null,null,null,null,null,null,null,null,3477]
[null,null,null,null,null,null,null,null,null,null,null,null,null,null,null,null,3478]
[null,null,null,null,null,null,null,null,null,null,null,null,null,null,null,null,3479]
[null,null,null,null,null,null,null,null,null,null,null,null,null,null,null,null,3480]
[null,null,null,null,null,null,null,null,null,null,null,null,null,null,null,null,3481]
[null,null,null,null,null,null,null,null,null,null,null,null,null,null,null,null,3482]
[null,null,null,null,null,null,null,null,null,null,null,null,null,null,null,null,3483]
[null,null,null,null,null,null,null,null,null,null,null,null,null,null,null,null,3484]
[null,null,null,null,null,null,null,null,null,null,null,null,null,null,null,null,3485]
[null,null,null,null,null,null,null,null,null,null,null,null,null,null,null,null,3486]
[null,null,null,null,null,null,null,null,null,null,null,null,null,null,null,null,3487]
[null,null,null,null,null,null,null,null,null,null,null,null,null,null,null,null,3488]
[null,null,null,null,null,null,null,null,null,null,null,null,null,null,null,null,3489]
[null,null,null,null,null,null,null,null,null,null,null,null,null,null,null,null,3490]
[null,null,null,null,null,null,null,null,null,null,null,null,null,null,null,null,3491]
[null,null,null,null,null,null,null,null,null,null,null,null,null,null,null,null,3492]
[null,null,null,null,null,null,null,null,null,null,null,null,null,null,null,null,3493]
[null,null,null,null,null,null,null,null,null,null,null,null,null,null,null,null,3494]
[null,null,null,null,null,null,null,null,null,null,null,null,null,null,null,null,3495]
[null,null,null,null,null,null,null,null,null,null,null,null,null,null,null,null,3496]
[null,null,null,null,null,null,null,null,null,null,null,null,null,null,null,null,3497]
[null,null,null,null,null,null,null,null,null,null,null,null,null,null,null,null,3498]
[null,null,null,null,null,null,null,null,null,null,null,null,null,null,null,null,3499]
[null,null,null,null,null,null,null,null,null,null,null,null,null,null,null,null,3500]
[null,null,null,null,null,null,null,null,null,null,null,null,null,null,null,null,3501]
[null,null,null,null,null,null,null,null,null,null,null,null,null,null,null,null,3502]
[null,null,null,null,null,null,null,null,null,null,null,null,null,null,null,null,3503]
[null,null,null,null,null,null,null,null,null,null,null,null,null,null,null,null,3504]
[null,null,null,null,null,null,null,null,null,null,null,null,null,null,null,null,3505]
[null,null,null,null,null,null,null,null,null,null,null,null,null,null,null,null,3506]
[null,null,null,null,null,null,null,null,null,null,null,null,null,null,null,null,3507]
[null,null,null,null,null,null,null,null,null,null,null,null,null,null,null,null,3508]
[null,null,null,null,null,null,null,null,null,null,null,null,null,null,null,null,3509]
[null,null,null,null,null,null,null,null,null,null,null,null,null,null,null,null,3510]
[null,null,null,null,null,null,null,null,null,null,null,null,null,null,null,null,3511]
[null,null,null,null,null,null,null,null,null,null,null,null,null,null,null,null,3512]
[null,null,null,null,null,null,null,null,null,null,null,null,null,null,null,null,3513]
[null,null,null,null,null,null,null,null,null,null,null,null,null,null,null,null,3514]
[null,null,null,null,null,null,null,null,null,null,null,null,null,null,null,null,3515]
[null,null,null,null,null,null,null,null,null,null,null,null,null,null,null,null,3516]
[null,null,null,null,null,null,null,null,null,null,null,null,null,null,null,null,3517]
[null,null,null,null,null,null,null,null,null,null,null,null,null,null,null,null,3518]
[null,null,null,null,null,null,null,null,null,null,null,null,null,null,null,null,3519]
[null,null,null,null,null,null,null,null,null,null,null,null,null,null,null,null,3520]
[null,null,null,null,null,null,null,null,null,null,null,null,null,null,null,null,3521]
[null,null,null,null,null,null,null,null,null,null,null,null,null,null,null,null,3522]
[null,null,null,null,null,null,null,null,null,null,null,null,null,null,null,null,3523]
[null,null,null,null,null,null,null,null,null,null,null,null,null,null,null,null,3524]
[null,null,null,null,null,null,null,null,null,null,null,null,null,null,null,null,3525]
[null,null,null,null,null,null,null,null,null,null,null,null,null,null,null,null,3526]
[null,null,null,null,null,null,null,null,null,null,null,null,null,null,null,null,3527]
[null,null,null,null,null,null,null,null,null,null,null,null,null,null,null,null,3528]
[null,null,null,null,null,null,null,null,null,null,null,null,null,null,null,null,3529]
[null,null,null,null,null,null,null,null,null,null,null,null,null,null,null,null,3530]
[null,null,null,null,null,null,null,null,null,null,null,null,null,null,null,null,3531]
[null,null,null,null,null,null,null,null,null,null,null,null,null,null,null,null,3532]
[null,null,null,null,null,null,null,null,null,null,null,null,null,null,null,null,3533]
[null,null,null,null,null,null,null,null,null,null,null,null,null,null,null,null,3534]
[null,null,null,null,null,null,null,null,null,null,null,null,null,null,null,null,3535]
[null,null,null,null,null,null,null,null,null,null,null,null,null,null,null,null,3536]
[null,null,null,null,null,null,null,null,null,null,null,null,null,null,null,null,3537]
[null,null,null,null,null,null,null,null,null,null,null,null,null,null,null,null,3538]
[null,null,null,null,null,null,null,null,null,null,null,null,null,null,null,null,3539]
[null,null,null,null,null,null,null,null,null,null,null,null,null,null,null,null,3540]
[null,null,null,null,null,null,null,null,null,null,null,null,null,null,null,null,3541]
[null,null,null,null,null,null,null,null,null,null,null,null,null,null,null,null,3542]
[null,null,null,null,null,null,null,null,null,null,null,null,null,null,null,null,3543]
[null,null,null,null,null,null,null,null,null,null,null,null,null,null,null,null,3544]
[null,null,null,null,null,null,null,null,null,null,null,null,null,null,null,null,3545]
[null,null,null,null,null,null,null,null,null,null,null,null,null,null,null,null,3546]
[null,null,null,null,null,null,null,null,null,null,null,null,null,null,null,null,3547]
[null,null,null,null,null,null,null,null,null,null,null,null,null,null,null,null,3548]
[null,null,null,null,null,null,null,null,null,null,null,null,null,null,null,null,3549]
[null,null,null,null,null,null,null,null,null,null,null,null,null,null,null,null,3550]
[null,null,null,null,null,null,null,null,null,null,null,null,null,null,null,null,3551]
[null,null,null,null,null,null,null,null,null,null,null,null,null,null,null,null,3552]
[null,null,null,null,null,null,null,null,null,null,null,null,null,null,null,null,3553]
[null,null,null,null,null,null,null,null,null,null,null,null,null,null,null,null,3554]
[null,null,null,null,null,null,null,null,null,null,null,null,null,null,null,null,3555]
[null,null,null,null,null,null,null,null,null,null,null,null,null,null,null,null,3556]
[null,null,null,null,null,null,null,null,null,null,null,null,null,null,null,null,3557]
[null,null,null,null,null,null,null,null,null,null,null,null,null,null,null,null,3558]
[null,null,null,null,null,null,null,null,null,null,null,null,null,null,null,null,3559]
[null,null,null,null,null,null,null,null,null,null,null,null,null,null,null,null,3560]
[null,null,null,null,null,null,null,null,null,null,null,null,null,null,null,null,3561]
[null,null,null,null,null,null,null,null,null,null,null,null,null,null,null,null,3562]
[null,null,null,null,null,null,null,null,null,null,null,null,null,null,null,null,3563]
[null,null,null,null,null,null,null,null,null,null,null,null,null,null,null,null,3564]
[null,null,null,null,null,null,null,null,null,null,null,null,null,null,null,null,3565]
[null,null,null,null,null,null,null,null,null,null,null,null,null,null,null,null,3566]
[null,null,null,null,null,null,null,null,null,null,null,null,null,null,null,null,3567]
[null,null,null,null,null,null,null,null,null,null,null,null,null,null,null,null,3568]
[null,null,null,null,null,null,null,null,null,null,null,null,null,null,null,null,3569]
[null,null,null,null,null,null,null,null,null,null,null,null,null,null,null,null,3570]
[null,null,null,null,null,null,null,null,null,null,null,null,null,null,null,null,3571]
[null,null,null,null,null,null,null,null,null,null,null,null,null,null,null,null,3572]
[null,null,null,null,null,null,null,null,null,null,null,null,null,null,null,null,3573]
[null,null,null,null,null,null,null,null,null,null,null,null,null,null,null,null,3574]
[null,null,null,null,null,null,null,null,null,null,null,null,null,null,null,null,3575]
[null,null,null,null,null,null,null,null,null,null,null,null,null,null,null,null,3576]
[null,null,null,null,null,null,null,null,null,null,null,null,null,null,null,null,3577]
[null,null,null,null,null,null,null,null,null,null,null,null,null,null,null,null,3578]
[null,null,null,null,null,null,null,null,null,null,null,null,null,null,null,null,3579]
[null,null,null,null,null,null,null,null,null,null,null,null,null,null,null,null,3580]
[null,null,null,null,null,null,null,null,null,null,null,null,null,null,null,null,3581]
[null,null,null,null,null,null,null,null,null,null,null,null,null,null,null,null,3582]
[null,null,null,null,null,null,null,null,null,null,null,null,null,null,null,null,3583]
[null,null,null,null,null,null,null,null,null,null,null,null,null,null,null,null,3584]
[null,null,null,null,null,null,null,null,null,null,null,null,null,null,null,null,3585]
[null,null,null,null,null,null,null,null,null,null,null,null,null,null,null,null,3586]
[null,null,null,null,null,null,null,null,null,null,null,null,null,null,null,null,3587]
[null,null,null,null,null,null,null,null,null,null,null,null,null,null,null,null,3588]
[null,null,null,null,null,null,null,null,null,null,null,null,null,null,null,null,3589]
[null,null,null,null,null,null,null,null,null,null,null,null,null,null,null,null,3590]
[null,null,null,null,null,null,null,null,null,null,null,null,null,null,null,null,3591]
[null,null,null,null,null,null,null,null,null,null,null,null,null,null,null,null,3592]
[null,null,null,null,null,null,null,null,null,null,null,null,null,null,null,null,3593]
[null,null,null,null,null,null,null,null,null,null,null,null,null,null,null,null,3594]
[null,null,null,null,null,null,null,null,null,null,null,null,null,null,null,null,3595]
[null,null,null,null,null,null,null,null,null,null,null,null,null,null,null,null,3596]
[null,null,null,null,null,null,null,null,null,null,null,null,null,null,null,null,3597]
[null,null,null,null,null,null,null,null,null,null,null,null,null,null,null,null,3598]
[null,null,null,null,null,null,null,null,null,null,null,null,null,null,null,null,3599]
[null,null,null,null,null,null,null,null,null,null,null,null,null,null,null,null,3600]
[null,null,null,null,null,null,null,null,null,null,null,null,null,null,null,null,3601]
[null,null,null,null,null,null,null,null,null,null,null,null,null,null,null,null,3602]
[null,null,null,null,null,null,null,null,null,null,null,null,null,null,null,null,3603]
[null,null,null,null,null,null,null,null,null,null,null,null,null,null,null,null,3604]
[null,null,null,null,null,null,null,null,null,null,null,null,null,null,null,null,3605]
[null,null,null,null,null,null,null,null,null,null,null,null,null,null,null,null,3606]
[null,null,null,null,null,null,null,null,null,null,null,null,null,null,null,null,3607]
[null,null,null,null,null,null,null,null,null,null,null,null,null,null,null,null,3608]
[null,null,null,null,null,null,null,null,null,null,null,null,null,null,null,null,3609]
[null,null,null,null,null,null,null,null,null,null,null,null,null,null,null,null,3610]
[null,null,null,null,null,null,null,null,null,null,null,null,null,null,null,null,3611]
[null,null,null,null,null,null,null,null,null,null,null,null,null,null,null,null,3612]
[null,null,null,null,null,null,null,null,null,null,null,null,null,null,null,null,3613]
[null,null,null,null,null,null,null,null,null,null,null,null,null,null,null,null,3614]
[null,null,null,null,null,null,null,null,null,null,null,null,null,null,null,null,3615]
[null,null,null,null,null,null,null,null,null,null,null,null,null,null,null,null,3616]
[null,null,null,null,null,null,null,null,null,null,null,null,null,null,null,null,3617]
[null,null,null,null,null,null,null,null,null,null,null,null,null,null,null,null,3618]
[null,null,null,null,null,null,null,null,null,null,null,null,null,null,null,null,3619]
[null,null,null,null,null,null,null,null,null,null,null,null,null,null,null,null,3620]
[null,null,null,null,null,null,null,null,null,null,null,null,null,null,null,null,3621]
[null,null,null,null,null,null,null,null,null,null,null,null,null,null,null,null,3622]
[null,null,null,null,null,null,null,null,null,null,null,null,null,null,null,null,3623]
[null,null,null,null,null,null,null,null,null,null,null,null,null,null,null,null,3624]
[null,null,null,null,null,null,null,null,null,null,null,null,null,null,null,null,3625]
[null,null,null,null,null,null,null,null,null,null,null,null,null,null,null,null,3626]
[null,null,null,null,null,null,null,null,null,null,null,null,null,null,null,null,3627]
[null,null,null,null,null,null,null,null,null,null,null,null,null,null,null,null,3628]
[null,null,null,null,null,null,null,null,null,null,null,null,null,null,null,null,3629]
[null,null,null,null,null,null,null,null,null,null,null,null,null,null,null,null,3630]
[null,null,null,null,null,null,null,null,null,null,null,null,null,null,null,null,3631]
[null,null,null,null,null,null,null,null,null,null,null,null,null,null,null,null,3632]
[null,null,null,null,null,null,null,null,null,null,null,null,null,null,null,null,3633]
[null,null,null,null,null,null,null,null,null,null,null,null,null,null,null,null,3634]
[null,null,null,null,null,null,null,null,null,null,null,null,null,null,null,null,3635]
[null,null,null,null,null,null,null,null,null,null,null,null,null,null,null,null,3636]
[null,null,null,null,null,null,null,null,null,null,null,null,null,null,null,null,3637]
[null,null,null,null,null,null,null,null,null,null,null,null,null,null,null,null,3638]
[null,null,null,null,null,null,null,null,null,null,null,null,null,null,null,null,3639]
[null,null,null,null,null,null,null,null,null,null,null,null,null,null,null,null,3640]
[null,null,null,null,null,null,null,null,null,null,null,null,null,null,null,null,3641]
[null,null,null,null,null,null,null,null,null,null,null,null,null,null,null,null,3642]
[null,null,null,null,null,null,null,null,null,null,null,null,null,null,null,null,3643]
[null,null,null,null,null,null,null,null,null,null,null,null,null,null,null,null,3644]
[null,null,null,null,null,null,null,null,null,null,null,null,null,null,null,null,3645]
[null,null,null,null,null,null,null,null,null,null,null,null,null,null,null,null,3646]
[null,null,null,null,null,null,null,null,null,null,null,null,null,null,null,null,3647]
[null,null,null,null,null,null,null,null,null,null,null,null,null,null,null,null,3648]
[null,null,null,null,null,null,null,null,null,null,null,null,null,null,null,null,3649]
[null,null,null,null,null,null,null,null,null,null,null,null,null,null,null,null,3650]
[null,null,null,null,null,null,null,null,null,null,null,null,null,null,null,null,3651]
[null,null,null,null,null,null,null,null,null,null,null,null,null,null,null,null,3652]
[null,null,null,null,null,null,null,null,null,null,null,null,null,null,null,null,3653]
[null,null,null,null,null,null,null,null,null,null,null,null,null,null,null,null,3654]
[null,null,null,null,null,null,null,null,null,null,null,null,null,null,null,null,3655]
[null,null,null,null,null,null,null,null,null,null,null,null,null,null,null,null,3656]
[null,null,null,null,null,null,null,null,null,null,null,null,null,null,null,null,3657]
[null,null,null,null,null,null,null,null,null,null,null,null,null,null,null,null,3658]
[null,null,null,null,null,null,null,null,null,null,null,null,null,null,null,null,3659]
[null,null,null,null,null,null,null,null,null,null,null,null,null,null,null,null,3660]
[null,null,null,null,null,null,null,null,null,null,null,null,null,null,null,null,3661]
[null,null,null,null,null,null,null,null,null,null,null,null,null,null,null,null,3662]
[null,null,null,null,null,null,null,null,null,null,null,null,null,null,null,null,3663]
[null,null,null,null,null,null,null,null,null,null,null,null,null,null,null,null,3664]
[null,null,null,null,null,null,null,null,null,null,null,null,null,null,null,null,3665]
[null,null,null,null,null,null,null,null,null,null,null,null,null,null,null,null,3666]
[null,null,null,null,null,null,null,null,null,null,null,null,null,null,null,null,3667]
[null,null,null,null,null,null,null,null,null,null,null,null,null,null,null,null,3668]
[null,null,null,null,null,null,null,null,null,null,null,null,null,null,null,null,3669]
[null,null,null,null,null,null,null,null,null,null,null,null,null,null,null,null,3670]
[null,null,null,null,null,null,null,null,null,null,null,null,null,null,null,null,3671]
[null,null,null,null,null,null,null,null,null,null,null,null,null,null,null,null,3672]
[null,null,null,null,null,null,null,null,null,null,null,null,null,null,null,null,3673]
[null,null,null,null,null,null,null,null,null,null,null,null,null,null,null,null,3674]
[null,null,null,null,null,null,null,null,null,null,null,null,null,null,null,null,3675]
[null,null,null,null,null,null,null,null,null,null,null,null,null,null,null,null,3676]
[null,null,null,null,null,null,null,null,null,null,null,null,null,null,null,null,3677]
[null,null,null,null,null,null,null,null,null,null,null,null,null,null,null,null,3678]
[null,null,null,null,null,null,null,null,null,null,null,null,null,null,null,null,3679]
[null,null,null,null,null,null,null,null,null,null,null,null,null,null,null,null,3680]
[null,null,null,null,null,null,null,null,null,null,null,null,null,null,null,null,3681]
[null,null,null,null,null,null,null,null,null,null,null,null,null,null,null,null,3682]
[null,null,null,null,null,null,null,null,null,null,null,null,null,null,null,null,3683]
[null,null,null,null,null,null,null,null,null,null,null,null,null,null,null,null,3684]
[null,null,null,null,null,null,null,null,null,null,null,null,null,null,null,null,3685]
[null,null,null,null,null,null,null,null,null,null,null,null,null,null,null,null,3686]
[null,null,null,null,null,null,null,null,null,null,null,null,null,null,null,null,3687]
[null,null,null,null,null,null,null,null,null,null,null,null,null,null,null,null,3688]
[null,null,null,null,null,null,null,null,null,null,null,null,null,null,null,null,3689]
[null,null,null,null,null,null,null,null,null,null,null,null,null,null,null,null,3690]
[null,null,null,null,null,null,null,null,null,null,null,null,null,null,null,null,3691]
[null,null,null,null,null,null,null,null,null,null,null,null,null,null,null,null,3692]
[null,null,null,null,null,null,null,null,null,null,null,null,null,null,null,null,3693]
[null,null,null,null,null,null,null,null,null,null,null,null,null,null,null,null,3694]
[null,null,null,null,null,null,null,null,null,null,null,null,null,null,null,null,3695]
[null,null,null,null,null,null,null,null,null,null,null,null,null,null,null,null,3696]
[null,null,null,null,null,null,null,null,null,null,null,null,null,null,null,null,3697]
[null,null,null,null,null,null,null,null,null,null,null,null,null,null,null,null,3698]
[null,null,null,null,null,null,null,null,null,null,null,null,null,null,null,null,3699]
[null,null,null,null,null,null,null,null,null,null,null,null,null,null,null,null,3700]
[null,null,null,null,null,null,null,null,null,null,null,null,null,null,null,null,3701]
[null,null,null,null,null,null,null,null,null,null,null,null,null,null,null,null,3702]
[null,null,null,null,null,null,null,null,null,null,null,null,null,null,null,null,3703]
[null,null,null,null,null,null,null,null,null,null,null,null,null,null,null,null,3704]
[null,null,null,null,null,null,null,null,null,null,null,null,null,null,null,null,3705]
[null,null,null,null,null,null,null,null,null,null,null,null,null,null,null,null,3706]
[null,null,null,null,null,null,null,null,null,null,null,null,null,null,null,null,3707]
[null,null,null,null,null,null,null,null,null,null,null,null,null,null,null,null,3708]
[null,null,null,null,null,null,null,null,null,null,null,null,null,null,null,null,3709]
[null,null,null,null,null,null,null,null,null,null,null,null,null,null,null,null,3710]
[null,null,null,null,null,null,null,null,null,null,null,null,null,null,null,null,3711]
[null,null,null,null,null,null,null,null,null,null,null,null,null,null,null,null,3712]
[null,null,null,null,null,null,null,null,null,null,null,null,null,null,null,null,3713]
[null,null,null,null,null,null,null,null,null,null,null,null,null,null,null,null,3714]
[null,null,null,null,null,null,null,null,null,null,null,null,null,null,null,null,3715]
[null,null,null,null,null,null,null,null,null,null,null,null,null,null,null,null,3716]
[null,null,null,null,null,null,null,null,null,null,null,null,null,null,null,null,3717]
[null,null,null,null,null,null,null,null,null,null,null,null,null,null,null,null,3718]
[null,null,null,null,null,null,null,null,null,null,null,null,null,null,null,null,3719]
[null,null,null,null,null,null,null,null,null,null,null,null,null,null,null,null,3720]
[null,null,null,null,null,null,null,null,null,null,null,null,null,null,null,null,3721]
[null,null,null,null,null,null,null,null,null,null,null,null,null,null,null,null,3722]
[null,null,null,null,null,null,null,null,null,null,null,null,null,null,null,null,3723]
[null,null,null,null,null,null,null,null,null,null,null,null,null,null,null,null,3724]
[null,null,null,null,null,null,null,null,null,null,null,null,null,null,null,null,3725]
[null,null,null,null,null,null,null,null,null,null,null,null,null,null,null,null,3726]
[null,null,null,null,null,null,null,null,null,null,null,null,null,null,null,null,3727]
[null,null,null,null,null,null,null,null,null,null,null,null,null,null,null,null,3728]
[null,null,null,null,null,null,null,null,null,null,null,null,null,null,null,null,3729]
[null,null,null,null,null,null,null,null,null,null,null,null,null,null,null,null,3730]
[null,null,null,null,null,null,null,null,null,null,null,null,null,null,null,null,3731]
[null,null,null,null,null,null,null,null,null,null,null,null,null,null,null,null,3732]
[null,null,null,null,null,null,null,null,null,null,null,null,null,null,null,null,3733]
[null,null,null,null,null,null,null,null,null,null,null,null,null,null,null,null,3734]
[null,null,null,null,null,null,null,null,null,null,null,null,null,null,null,null,3735]
[null,null,null,null,null,null,null,null,null,null,null,null,null,null,null,null,3736]
[null,null,null,null,null,null,null,null,null,null,null,null,null,null,null,null,3737]
[null,null,null,null,null,null,null,null,null,null,null,null,null,null,null,null,3738]
[null,null,null,null,null,null,null,null,null,null,null,null,null,null,null,null,3739]
[null,null,null,null,null,null,null,null,null,null,null,null,null,null,null,null,3740]
[null,null,null,null,null,null,null,null,null,null,null,null,null,null,null,null,3741]
[null,null,null,null,null,null,null,null,null,null,null,null,null,null,null,null,3742]
[null,null,null,null,null,null,null,null,null,null,null,null,null,null,null,null,3743]
[null,null,null,null,null,null,null,null,null,null,null,null,null,null,null,null,3744]
[null,null,null,null,null,null,null,null,null,null,null,null,null,null,null,null,3745]
[null,null,null,null,null,null,null,null,null,null,null,null,null,null,null,null,3746]
[null,null,null,null,null,null,null,null,null,null,null,null,null,null,null,null,3747]
[null,null,null,null,null,null,null,null,null,null,null,null,null,null,null,null,3748]
[null,null,null,null,null,null,null,null,null,null,null,null,null,null,null,null,3749]
[null,null,null,null,null,null,null,null,null,null,null,null,null,null,null,null,3750]
[null,null,null,null,null,null,null,null,null,null,null,null,null,null,null,null,3751]
[null,null,null,null,null,null,null,null,null,null,null,null,null,null,null,null,3752]
[null,null,null,null,null,null,null,null,null,null,null,null,null,null,null,null,3753]
[null,null,null,null,null,null,null,null,null,null,null,null,null,null,null,null,3754]
[null,null,null,null,null,null,null,null,null,null,null,null,null,null,null,null,3755]
[null,null,null,null,null,null,null,null,null,null,null,null,null,null,null,null,3756]
[null,null,null,null,null,null,null,null,null,null,null,null,null,null,null,null,3757]
[null,null,null,null,null,null,null,null,null,null,null,null,null,null,null,null,3758]
[null,null,null,null,null,null,null,null,null,null,null,null,null,null,null,null,3759]
[null,null,null,null,null,null,null,null,null,null,null,null,null,null,null,null,3760]
[null,null,null,null,null,null,null,null,null,null,null,null,null,null,null,null,3761]
[null,null,null,null,null,null,null,null,null,null,null,null,null,null,null,null,3762]
[null,null,null,null,null,null,null,null,null,null,null,null,null,null,null,null,3763]
[null,null,null,null,null,null,null,null,null,null,null,null,null,null,null,null,3764]
[null,null,null,null,null,null,null,null,null,null,null,null,null,null,null,null,3765]
[null,null,null,null,null,null,null,null,null,null,null,null,null,null,null,null,3766]
[null,null,null,null,null,null,null,null,null,null,null,null,null,null,null,null,3767]
[null,null,null,null,null,null,null,null,null,null,null,null,null,null,null,null,3768]
[null,null,null,null,null,null,null,null,null,null,null,null,null,null,null,null,3769]
[null,null,null,null,null,null,null,null,null,null,null,null,null,null,null,null,3770]
[null,null,null,null,null,null,null,null,null,null,null,null,null,null,null,null,3771]
[null,null,null,null,null,null,null,null,null,null,null,null,null,null,null,null,3772]
[null,null,null,null,null,null,null,null,null,null,null,null,null,null,null,null,3773]
[null,null,null,null,null,null,null,null,null,null,null,null,null,null,null,null,3774]
[null,null,null,null,null,null,null,null,null,null,null,null,null,null,null,null,3775]
[null,null,null,null,null,null,null,null,null,null,null,null,null,null,null,null,3776]
[null,null,null,null,null,null,null,null,null,null,null,null,null,null,null,null,3777]
[null,null,null,null,null,null,null,null,null,null,null,null,null,null,null,null,3778]
[null,null,null,null,null,null,null,null,null,null,null,null,null,null,null,null,3779]
[null,null,null,null,null,null,null,null,null,null,null,null,null,null,null,null,3780]
[null,null,null,null,null,null,null,null,null,null,null,null,null,null,null,null,3781]
[null,null,null,null,null,null,null,null,null,null,null,null,null,null,null,null,3782]
[null,null,null,null,null,null,null,null,null,null,null,null,null,null,null,null,3783]
[null,null,null,null,null,null,null,null,null,null,null,null,null,null,null,null,3784]
[null,null,null,null,null,null,null,null,null,null,null,null,null,null,null,null,3785]
[null,null,null,null,null,null,null,null,null,null,null,null,null,null,null,null,3786]
[null,null,null,null,null,null,null,null,null,null,null,null,null,null,null,null,3787]
[null,null,null,null,null,null,null,null,null,null,null,null,null,null,null,null,3788]
[null,null,null,null,null,null,null,null,null,null,null,null,null,null,null,null,3789]
[null,null,null,null,null,null,null,null,null,null,null,null,null,null,null,null,3790]
[null,null,null,null,null,null,null,null,null,null,null,null,null,null,null,null,3791]
[null,null,null,null,null,null,null,null,null,null,null,null,null,null,null,null,3792]
[null,null,null,null,null,null,null,null,null,null,null,null,null,null,null,null,3793]
[null,null,null,null,null,null,null,null,null,null,null,null,null,null,null,null,3794]
[null,null,null,null,null,null,null,null,null,null,null,null,null,null,null,null,3795]
[null,null,null,null,null,null,null,null,null,null,null,null,null,null,null,null,3796]
[null,null,null,null,null,null,null,null,null,null,null,null,null,null,null,null,3797]
[null,null,null,null,null,null,null,null,null,null,null,null,null,null,null,null,3798]
[null,null,null,null,null,null,null,null,null,null,null,null,null,null,null,null,3799]
[null,null,null,null,null,null,null,null,null,null,null,null,null,null,null,null,3800]
[null,null,null,null,null,null,null,null,null,null,null,null,null,null,null,null,3801]
[null,null,null,null,null,null,null,null,null,null,null,null,null,null,null,null,3802]
[null,null,null,null,null,null,null,null,null,null,null,null,null,null,null,null,3803]
[null,null,null,null,null,null,null,null,null,null,null,null,null,null,null,null,3804]
[null,null,null,null,null,null,null,null,null,null,null,null,null,null,null,null,3805]
[null,null,null,null,null,null,null,null,null,null,null,null,null,null,null,null,3806]
[null,null,null,null,null,null,null,null,null,null,null,null,null,null,null,null,3807]
[null,null,null,null,null,null,null,null,null,null,null,null,null,null,null,null,3808]
[null,null,null,null,null,null,null,null,null,null,null,null,null,null,null,null,3809]
[null,null,null,null,null,null,null,null,null,null,null,null,null,null,null,null,3810]
[null,null,null,null,null,null,null,null,null,null,null,null,null,null,null,null,3811]
[null,null,null,null,null,null,null,null,null,null,null,null,null,null,null,null,3812]
[null,null,null,null,null,null,null,null,null,null,null,null,null,null,null,null,3813]
[null,null,null,null,null,null,null,null,null,null,null,null,null,null,null,null,3814]
[null,null,null,null,null,null,null,null,null,null,null,null,null,null,null,null,3815]
[null,null,null,null,null,null,null,null,null,null,null,null,null,null,null,null,3816]
[null,null,null,null,null,null,null,null,null,null,null,null,null,null,null,null,3817]
[null,null,null,null,null,null,null,null,null,null,null,null,null,null,null,null,3818]
[null,null,null,null,null,null,null,null,null,null,null,null,null,null,null,null,3819]
[null,null,null,null,null,null,null,null,null,null,null,null,null,null,null,null,3820]
[null,null,null,null,null,null,null,null,null,null,null,null,null,null,null,null,3821]
[null,null,null,null,null,null,null,null,null,null,null,null,null,null,null,null,3822]
[null,null,null,null,null,null,null,null,null,null,null,null,null,null,null,null,3823]
[null,null,null,null,null,null,null,null,null,null,null,null,null,null,null,null,3824]
[null,null,null,null,null,null,null,null,null,null,null,null,null,null,null,null,3825]
[null,null,null,null,null,null,null,null,null,null,null,null,null,null,null,null,3826]
[null,null,null,null,null,null,null,null,null,null,null,null,null,null,null,null,3827]
[null,null,null,null,null,null,null,null,null,null,null,null,null,null,null,null,3828]
[null,null,null,null,null,null,null,null,null,null,null,null,null,null,null,null,3829]
[null,null,null,null,null,null,null,null,null,null,null,null,null,null,null,null,3830]
[null,null,null,null,null,null,null,null,null,null,null,null,null,null,null,null,3831]
[null,null,null,null,null,null,null,null,null,null,null,null,null,null,null,null,3832]
[null,null,null,null,null,null,null,null,null,null,null,null,null,null,null,null,3833]
[null,null,null,null,null,null,null,null,null,null,null,null,null,null,null,null,3834]
[null,null,null,null,null,null,null,null,null,null,null,null,null,null,null,null,3835]
[null,null,null,null,null,null,null,null,null,null,null,null,null,null,null,null,3836]
[null,null,null,null,null,null,null,null,null,null,null,null,null,null,null,null,3837]
[null,null,null,null,null,null,null,null,null,null,null,null,null,null,null,null,3838]
[null,null,null,null,null,null,null,null,null,null,null,null,null,null,null,null,3839]
[null,null,null,null,null,null,null,null,null,null,null,null,null,null,null,null,3840]
[null,null,null,null,null,null,null,null,null,null,null,null,null,null,null,null,3841]
[null,null,null,null,null,null,null,null,null,null,null,null,null,null,null,null,3842]
[null,null,null,null,null,null,null,null,null,null,null,null,null,null,null,null,3843]
[null,null,null,null,null,null,null,null,null,null,null,null,null,null,null,null,3844]
[null,null,null,null,null,null,null,null,null,null,null,null,null,null,null,null,3845]
[null,null,null,null,null,null,null,null,null,null,null,null,null,null,null,null,3846]
[null,null,null,null,null,null,null,null,null,null,null,null,null,null,null,null,3847]
[null,null,null,null,null,null,null,null,null,null,null,null,null,null,null,null,3848]
[null,null,null,null,null,null,null,null,null,null,null,null,null,null,null,null,3849]
[null,null,null,null,null,null,null,null,null,null,null,null,null,null,null,null,3850]
[null,null,null,null,null,null,null,null,null,null,null,null,null,null,null,null,3851]
[null,null,null,null,null,null,null,null,null,null,null,null,null,null,null,null,3852]
[null,null,null,null,null,null,null,null,null,null,null,null,null,null,null,null,3853]
[null,null,null,null,null,null,null,null,null,null,null,null,null,null,null,null,3854]
[null,null,null,null,null,null,null,null,null,null,null,null,null,null,null,null,3855]
[null,null,null,null,null,null,null,null,null,null,null,null,null,null,null,null,3856]
[null,null,null,null,null,null,null,null,null,null,null,null,null,null,null,null,3857]
[null,null,null,null,null,null,null,null,null,null,null,null,null,null,null,null,3858]
[null,null,null,null,null,null,null,null,null,null,null,null,null,null,null,null,3859]
[null,null,null,null,null,null,null,null,null,null,null,null,null,null,null,null,3860]
[null,null,null,null,null,null,null,null,null,null,null,null,null,null,null,null,3861]
[null,null,null,null,null,null,null,null,null,null,null,null,null,null,null,null,3862]
[null,null,null,null,null,null,null,null,null,null,null,null,null,null,null,null,3863]
[null,null,null,null,null,null,null,null,null,null,null,null,null,null,null,null,3864]
[null,null,null,null,null,null,null,null,null,null,null,null,null,null,null,null,3865]
[null,null,null,null,null,null,null,null,null,null,null,null,null,null,null,null,3866]
[null,null,null,null,null,null,null,null,null,null,null,null,null,null,null,null,3867]
[null,null,null,null,null,null,null,null,null,null,null,null,null,null,null,null,3868]
[null,null,null,null,null,null,null,null,null,null,null,null,null,null,null,null,3869]
[null,null,null,null,null,null,null,null,null,null,null,null,null,null,null,null,3870]
[null,null,null,null,null,null,null,null,null,null,null,null,null,null,null,null,3871]
[null,null,null,null,null,null,null,null,null,null,null,null,null,null,null,null,3872]
[null,null,null,null,null,null,null,null,null,null,null,null,null,null,null,null,3873]
[null,null,null,null,null,null,null,null,null,null,null,null,null,null,null,null,3874]
[null,null,null,null,null,null,null,null,null,null,null,null,null,null,null,null,3875]
[null,null,null,null,null,null,null,null,null,null,null,null,null,null,null,null,3876]
[null,null,null,null,null,null,null,null,null,null,null,null,null,null,null,null,3877]
[null,null,null,null,null,null,null,null,null,null,null,null,null,null,null,null,3878]
[null,null,null,null,null,null,null,null,null,null,null,null,null,null,null,null,3879]
[null,null,null,null,null,null,null,null,null,null,null,null,null,null,null,null,3880]
[null,null,null,null,null,null,null,null,null,null,null,null,null,null,null,null,3881]
[null,null,null,null,null,null,null,null,null,null,null,null,null,null,null,null,3882]
[null,null,null,null,null,null,null,null,null,null,null,null,null,null,null,null,3883]
[null,null,null,null,null,null,null,null,null,null,null,null,null,null,null,null,3884]
[null,null,null,null,null,null,null,null,null,null,null,null,null,null,null,null,3885]
[null,null,null,null,null,null,null,null,null,null,null,null,null,null,null,null,3886]
[null,null,null,null,null,null,null,null,null,null,null,null,null,null,null,null,3887]
[null,null,null,null,null,null,null,null,null,null,null,null,null,null,null,null,3888]
[null,null,null,null,null,null,null,null,null,null,null,null,null,null,null,null,3889]
[null,null,null,null,null,null,null,null,null,null,null,null,null,null,null,null,3890]
[null,null,null,null,null,null,null,null,null,null,null,null,null,null,null,null,3891]
[null,null,null,null,null,null,null,null,null,null,null,null,null,null,null,null,3892]
[null,null,null,null,null,null,null,null,null,null,null,null,null,null,null,null,3893]
[null,null,null,null,null,null,null,null,null,null,null,null,null,null,null,null,3894]
[null,null,null,null,null,null,null,null,null,null,null,null,null,null,null,null,3895]
[null,null,null,null,null,null,null,null,null,null,null,null,null,null,null,null,3896]
[null,null,null,null,null,null,null,null,null,null,null,null,null,null,null,null,3897]
[null,null,null,null,null,null,null,null,null,null,null,null,null,null,null,null,3898]
[null,null,null,null,null,null,null,null,null,null,null,null,null,null,null,null,3899]
[null,null,null,null,null,null,null,null,null,null,null,null,null,null,null,null,3900]
[null,null,null,null,null,null,null,null,null,null,null,null,null,null,null,null,3901]
[null,null,null,null,null,null,null,null,null,null,null,null,null,null,null,null,3902]
[null,null,null,null,null,null,null,null,null,null,null,null,null,null,null,null,3903]
[null,null,null,null,null,null,null,null,null,null,null,null,null,null,null,null,3904]
[null,null,null,null,null,null,null,null,null,null,null,null,null,null,null,null,3905]
[null,null,null,null,null,null,null,null,null,null,null,null,null,null,null,null,3906]
[null,null,null,null,null,null,null,null,null,null,null,null,null,null,null,null,3907]
[null,null,null,null,null,null,null,null,null,null,null,null,null,null,null,null,3908]
[null,null,null,null,null,null,null,null,null,null,null,null,null,null,null,null,3909]
[null,null,null,null,null,null,null,null,null,null,null,null,null,null,null,null,3910]
[null,null,null,null,null,null,null,null,null,null,null,null,null,null,null,null,3911]
[null,null,null,null,null,null,null,null,null,null,null,null,null,null,null,null,3912]
[null,null,null,null,null,null,null,null,null,null,null,null,null,null,null,null,3913]
[null,null,null,null,null,null,null,null,null,null,null,null,null,null,null,null,3914]
[null,null,null,null,null,null,null,null,null,null,null,null,null,null,null,null,3915]
[null,null,null,null,null,null,null,null,null,null,null,null,null,null,null,null,3916]
[null,null,null,null,null,null,null,null,null,null,null,null,null,null,null,null,3917]
[null,null,null,null,null,null,null,null,null,null,null,null,null,null,null,null,3918]
[null,null,null,null,null,null,null,null,null,null,null,null,null,null,null,null,3919]
[null,null,null,null,null,null,null,null,null,null,null,null,null,null,null,null,3920]
[null,null,null,null,null,null,null,null,null,null,null,null,null,null,null,null,3921]
[null,null,null,null,null,null,null,null,null,null,null,null,null,null,null,null,3922]
[null,null,null,null,null,null,null,null,null,null,null,null,null,null,null,null,3923]
[null,null,null,null,null,null,null,null,null,null,null,null,null,null,null,null,3924]
[null,null,null,null,null,null,null,null,null,null,null,null,null,null,null,null,3925]
[null,null,null,null,null,null,null,null,null,null,null,null,null,null,null,null,3926]
[null,null,null,null,null,null,null,null,null,null,null,null,null,null,null,null,3927]
[null,null,null,null,null,null,null,null,null,null,null,null,null,null,null,null,3928]
[null,null,null,null,null,null,null,null,null,null,null,null,null,null,null,null,3929]
[null,null,null,null,null,null,null,null,null,null,null,null,null,null,null,null,3930]
[null,null,null,null,null,null,null,null,null,null,null,null,null,null,null,null,3931]
[null,null,null,null,null,null,null,null,null,null,null,null,null,null,null,null,3932]
[null,null,null,null,null,null,null,null,null,null,null,null,null,null,null,null,3933]
[null,null,null,null,null,null,null,null,null,null,null,null,null,null,null,null,3934]
[null,null,null,null,null,null,null,null,null,null,null,null,null,null,null,null,3935]
[null,null,null,null,null,null,null,null,null,null,null,null,null,null,null,null,3936]
[null,null,null,null,null,null,null,null,null,null,null,null,null,null,null,null,3937]
[null,null,null,null,null,null,null,null,null,null,null,null,null,null,null,null,3938]
[null,null,null,null,null,null,null,null,null,null,null,null,null,null,null,null,3939]
[null,null,null,null,null,null,null,null,null,null,null,null,null,null,null,null,3940]
[null,null,null,null,null,null,null,null,null,null,null,null,null,null,null,null,3941]
[null,null,null,null,null,null,null,null,null,null,null,null,null,null,null,null,3942]
[null,null,null,null,null,null,null,null,null,null,null,null,null,null,null,null,3943]
[null,null,null,null,null,null,null,null,null,null,null,null,null,null,null,null,3944]
[null,null,null,null,null,null,null,null,null,null,null,null,null,null,null,null,3945]
[null,null,null,null,null,null,null,null,null,null,null,null,null,null,null,null,3946]
[null,null,null,null,null,null,null,null,null,null,null,null,null,null,null,null,3947]
[null,null,null,null,null,null,null,null,null,null,null,null,null,null,null,null,3948]
[null,null,null,null,null,null,null,null,null,null,null,null,null,null,null,null,3949]
[null,null,null,null,null,null,null,null,null,null,null,null,null,null,null,null,3950]
[null,null,null,null,null,null,null,null,null,null,null,null,null,null,null,null,3951]
[null,null,null,null,null,null,null,null,null,null,null,null,null,null,null,null,3952]
[null,null,null,null,null,null,null,null,null,null,null,null,null,null,null,null,3953]
[null,null,null,null,null,null,null,null,null,null,null,null,null,null,null,null,3954]
[null,null,null,null,null,null,null,null,null,null,null,null,null,null,null,null,3955]
[null,null,null,null,null,null,null,null,null,null,null,null,null,null,null,null,3956]
[null,null,null,null,null,null,null,null,null,null,null,null,null,null,null,null,3957]
[null,null,null,null,null,null,null,null,null,null,null,null,null,null,null,null,3958]
[null,null,null,null,null,null,null,null,null,null,null,null,null,null,null,null,3959]
[null,null,null,null,null,null,null,null,null,null,null,null,null,null,null,null,3960]
[null,null,null,null,null,null,null,null,null,null,null,null,null,null,null,null,3961]
[null,null,null,null,null,null,null,null,null,null,null,null,null,null,null,null,3962]
[null,null,null,null,null,null,null,null,null,null,null,null,null,null,null,null,3963]
[null,null,null,null,null,null,null,null,null,null,null,null,null,null,null,null,3964]
[null,null,null,null,null,null,null,null,null,null,null,null,null,null,null,null,3965]
[null,null,null,null,null,null,null,null,null,null,null,null,null,null,null,null,3966]
[null,null,null,null,null,null,null,null,null,null,null,null,null,null,null,null,3967]
[null,null,null,null,null,null,null,null,null,null,null,null,null,null,null,null,3968]
[null,null,null,null,null,null,null,null,null,null,null,null,null,null,null,null,3969]
[null,null,null,null,null,null,null,null,null,null,null,null,null,null,null,null,3970]
[null,null,null,null,null,null,null,null,null,null,null,null,null,null,null,null,3971]
[null,null,null,null,null,null,null,null,null,null,null,null,null,null,null,null,3972]
[null,null,null,null,null,null,null,null,null,null,null,null,null,null,null,null,3973]
[null,null,null,null,null,null,null,null,null,null,null,null,null,null,null,null,3974]
[null,null,null,null,null,null,null,null,null,null,null,null,null,null,null,null,3975]
[null,null,null,null,null,null,null,null,null,null,null,null,null,null,null,null,3976]
[null,null,null,null,null,null,null,null,null,null,null,null,null,null,null,null,3977]
[null,null,null,null,null,null,null,null,null,null,null,null,null,null,null,null,3978]
[null,null,null,null,null,null,null,null,null,null,null,null,null,null,null,null,3979]
[null,null,null,null,null,null,null,null,null,null,null,null,null,null,null,null,3980]
[null,null,null,null,null,null,null,null,null,null,null,null,null,null,null,null,3981]
[null,null,null,null,null,null,null,null,null,null,null,null,null,null,null,null,3982]
[null,null,null,null,null,null,null,null,null,null,null,null,null,null,null,null,3983]
[null,null,null,null,null,null,null,null,null,null,null,null,null,null,null,null,3984]
[null,null,null,null,null,null,null,null,null,null,null,null,null,null,null,null,3985]
[null,null,null,null,null,null,null,null,null,null,null,null,null,null,null,null,3986]
[null,null,null,null,null,null,null,null,null,null,null,null,null,null,null,null,3987]
[null,null,null,null,null,null,null,null,null,null,null,null,null,null,null,null,3988]
[null,null,null,null,null,null,null,null,null,null,null,null,null,null,null,null,3989]
[null,null,null,null,null,null,null,null,null,null,null,null,null,null,null,null,3990]
[null,null,null,null,null,null,null,null,null,null,null,null,null,null,null,null,3991]
[null,null,null,null,null,null,null,null,null,null,null,null,null,null,null,null,3992]
[null,null,null,null,null,null,null,null,null,null,null,null,null,null,null,null,3993]
[null,null,null,null,null,null,null,null,null,null,null,null,null,null,null,null,3994]
[null,null,null,null,null,null,null,null,null,null,null,null,null,null,null,null,3995]
[null,null,null,null,null,null,null,null,null,null,null,null,null,null,null,null,3996]
[null,null,null,null,null,null,null,null,null,null,null,null,null,null,null,null,3997]
[null,null,null,null,null,null,null,null,null,null,null,null,null,null,null,null,3998]
[null,null,null,null,null,null,null,null,null,null,null,null,null,null,null,null,3999]
[null,null,null,null,null,null,null,null,null,null,null,null,null,null,null,null,4000]
[null,null,null,null,null,null,null,null,null,null,null,null,null,null,null,null,4001]
[null,null,null,null,null,null,null,null,null,null,null,null,null,null,null,null,4002]
[null,null,null,null,null,null,null,null,null,null,null,null,null,null,null,null,4003]
[null,null,null,null,null,null,null,null,null,null,null,null,null,null,null,null,4004]
[null,null,null,null,null,null,null,null,null,null,null,null,null,null,null,null,4005]
[null,null,null,null,null,null,null,null,null,null,null,null,null,null,null,null,4006]
[null,null,null,null,null,null,null,null,null,null,null,null,null,null,null,null,4007]
[null,null,null,null,null,null,null,null,null,null,null,null,null,null,null,null,4008]
[null,null,null,null,null,null,null,null,null,null,null,null,null,null,null,null,4009]
[null,null,null,null,null,null,null,null,null,null,null,null,null,null,null,null,4010]
[null,null,null,null,null,null,null,null,null,null,null,null,null,null,null,null,4011]
[null,null,null,null,null,null,null,null,null,null,null,null,null,null,null,null,4012]
[null,null,null,null,null,null,null,null,null,null,null,null,null,null,null,null,4013]
[null,null,null,null,null,null,null,null,null,null,null,null,null,null,null,null,4014]
[null,null,null,null,null,null,null,null,null,null,null,null,null,null,null,null,4015]
[null,null,null,null,null,null,null,null,null,null,null,null,null,null,null,null,4016]
[null,null,null,null,null,null,null,null,null,null,null,null,null,null,null,null,4017]
[null,null,null,null,null,null,null,null,null,null,null,null,null,null,null,null,4018]
[null,null,null,null,null,null,null,null,null,null,null,null,null,null,null,null,4019]
[null,null,null,null,null,null,null,null,null,null,null,null,null,null,null,null,4020]
[null,null,null,null,null,null,null,null,null,null,null,null,null,null,null,null,4021]
[null,null,null,null,null,null,null,null,null,null,null,null,null,null,null,null,4022]
[null,null,null,null,null,null,null,null,null,null,null,null,null,null,null,null,4023]
[null,null,null,null,null,null,null,null,null,null,null,null,null,null,null,null,4024]
[null,null,null,null,null,null,null,null,null,null,null,null,null,null,null,null,4025]
[null,null,null,null,null,null,null,null,null,null,null,null,null,null,null,null,4026]
[null,null,null,null,null,null,null,null,null,null,null,null,null,null,null,null,4027]
[null,null,null,null,null,null,null,null,null,null,null,null,null,null,null,null,4028]
[null,null,null,null,null,null,null,null,null,null,null,null,null,null,null,null,4029]
[null,null,null,null,null,null,null,null,null,null,null,null,null,null,null,null,4030]
[null,null,null,null,null,null,null,null,null,null,null,null,null,null,null,null,4031]
[null,null,null,null,null,null,null,null,null,null,null,null,null,null,null,null,4032]
[null,null,null,null,null,null,null,null,null,null,null,null,null,null,null,null,4033]
[null,null,null,null,null,null,null,null,null,null,null,null,null,null,null,null,4034]
[null,null,null,null,null,null,null,null,null,null,null,null,null,null,null,null,4035]
[null,null,null,null,null,null,null,null,null,null,null,null,null,null,null,null,4036]
[null,null,null,null,null,null,null,null,null,null,null,null,null,null,null,null,4037]
[null,null,null,null,null,null,null,null,null,null,null,null,null,null,null,null,4038]
[null,null,null,null,null,null,null,null,null,null,null,null,null,null,null,null,4039]
[null,null,null,null,null,null,null,null,null,null,null,null,null,null,null,null,4040]
[null,null,null,null,null,null,null,null,null,null,null,null,null,null,null,null,4041]
[null,null,null,null,null,null,null,null,null,null,null,null,null,null,null,null,4042]
[null,null,null,null,null,null,null,null,null,null,null,null,null,null,null,null,4043]
[null,null,null,null,null,null,null,null,null,null,null,null,null,null,null,null,4044]
[null,null,null,null,null,null,null,null,null,null,null,null,null,null,null,null,4045]
[null,null,null,null,null,null,null,null,null,null,null,null,null,null,null,null,4046]
[null,null,null,null,null,null,null,null,null,null,null,null,null,null,null,null,4047]
[null,null,null,null,null,null,null,null,null,null,null,null,null,null,null,null,4048]
[null,null,null,null,null,null,null,null,null,null,null,null,null,null,null,null,4049]
[null,null,null,null,null,null,null,null,null,null,null,null,null,null,null,null,4050]
[null,null,null,null,null,null,null,null,null,null,null,null,null,null,null,null,4051]
[null,null,null,null,null,null,null,null,null,null,null,null,null,null,null,null,4052]
[null,null,null,null,null,null,null,null,null,null,null,null,null,null,null,null,4053]
[null,null,null,null,null,null,null,null,null,null,null,null,null,null,null,null,4054]
[null,null,null,null,null,null,null,null,null,null,null,null,null,null,null,null,4055]
[null,null,null,null,null,null,null,null,null,null,null,null,null,null,null,null,4056]
[null,null,null,null,null,null,null,null,null,null,null,null,null,null,null,null,4057]
[null,null,null,null,null,null,null,null,null,null,null,null,null,null,null,null,4058]
[null,null,null,null,null,null,null,null,null,null,null,null,null,null,null,null,4059]
[null,null,null,null,null,null,null,null,null,null,null,null,null,null,null,null,4060]
[null,null,null,null,null,null,null,null,null,null,null,null,null,null,null,null,4061]
[null,null,null,null,null,null,null,null,null,null,null,null,null,null,null,null,4062]
[null,null,null,null,null,null,null,null,null,null,null,null,null,null,null,null,4063]
[null,null,null,null,null,null,null,null,null,null,null,null,null,null,null,null,4064]
[null,null,null,null,null,null,null,null,null,null,null,null,null,null,null,null,4065]
[null,null,null,null,null,null,null,null,null,null,null,null,null,null,null,null,4066]
[null,null,null,null,null,null,null,null,null,null,null,null,null,null,null,null,4067]
[null,null,null,null,null,null,null,null,null,null,null,null,null,null,null,null,4068]
[null,null,null,null,null,null,null,null,null,null,null,null,null,null,null,null,4069]
[null,null,null,null,null,null,null,null,null,null,null,null,null,null,null,null,4070]
[null,null,null,null,null,null,null,null,null,null,null,null,null,null,null,null,4071]
[null,null,null,null,null,null,null,null,null,null,null,null,null,null,null,null,4072]
[null,null,null,null,null,null,null,null,null,null,null,null,null,null,null,null,4073]
[null,null,null,null,null,null,null,null,null,null,null,null,null,null,null,null,4074]
[null,null,null,null,null,null,null,null,null,null,null,null,null,null,null,null,4075]
[null,null,null,null,null,null,null,null,null,null,null,null,null,null,null,null,4076]
[null,null,null,null,null,null,null,null,null,null,null,null,null,null,null,null,4077]
[null,null,null,null,null,null,null,null,null,null,null,null,null,null,null,null,4078]
[null,null,null,null,null,null,null,null,null,null,null,null,null,null,null,null,4079]
[null,null,null,null,null,null,null,null,null,null,null,null,null,null,null,null,4080]
[null,null,null,null,null,null,null,null,null,null,null,null,null,null,null,null,4081]
[null,null,null,null,null,null,null,null,null,null,null,null,null,null,null,null,4082]
[null,null,null,null,null,null,null,null,null,null,null,null,null,null,null,null,4083]
[null,null,null,null,null,null,null,null,null,null,null,null,null,null,null,null,4084]
[null,null,null,null,null,null,null,null,null,null,null,null,null,null,null,null,4085]
[null,null,null,null,null,null,null,null,null,null,null,null,null,null,null,null,4086]
[null,null,null,null,null,null,null,null,null,null,null,null,null,null,null,null,4087]
[null,null,null,null,null,null,null,null,null,null,null,null,null,null,null,null,4088]
[null,null,null,null,null,null,null,null,null,null,null,null,null,null,null,null,4089]
[null,null,null,null,null,null,null,null,null,null,null,null,null,null,null,null,4090]
[null,null,null,null,null,null,null,null,null,null,null,null,null,null,null,null,4091]
[null,null,null,null,null,null,null,null,null,null,null,null,null,null,null,null,4092]
[null,null,null,null,null,null,null,null,null,null,null,null,null,null,null,null,4093]
[null,null,null,null,null,null,null,null,null,null,null,null,null,null,null,null,4094]
[null,null,null,null,null,null,null,null,null,null,null,null,null,null,null,null,4095]
[null,null,null,null,null,null,null,null,null,null,null,null,null,null,null,null,4096]
[null,null,null,null,null,null,null,null,null,null,null,null,null,null,null,null,4097]
[null,null,null,null,null,null,null,null,null,null,null,null,null,null,null,null,4098]
[null,null,null,null,null,null,null,null,null,null,null,null,null,null,null,null,4099]
[null,null,null,null,null,null,null,null,null,null,null,null,null,null,null,null,4100]
[null,null,null,null,null,null,null,null,null,null,null,null,null,null,null,null,4101]
[null,null,null,null,null,null,null,null,null,null,null,null,null,null,null,null,4102]
[null,null,null,null,null,null,null,null,null,null,null,null,null,null,null,null,4103]
[null,null,null,null,null,null,null,null,null,null,null,null,null,null,null,null,4104]
[null,null,null,null,null,null,null,null,null,null,null,null,null,null,null,null,4105]
[null,null,null,null,null,null,null,null,null,null,null,null,null,null,null,null,4106]
[null,null,null,null,null,null,null,null,null,null,null,null,null,null,null,null,4107]
[null,null,null,null,null,null,null,null,null,null,null,null,null,null,null,null,4108]
[null,null,null,null,null,null,null,null,null,null,null,null,null,null,null,null,4109]
[null,null,null,null,null,null,null,null,null,null,null,null,null,null,null,null,4110]
[null,null,null,null,null,null,null,null,null,null,null,null,null,null,null,null,4111]
[null,null,null,null,null,null,null,null,null,null,null,null,null,null,null,null,4112]
[null,null,null,null,null,null,null,null,null,null,null,null,null,null,null,null,4113]
[null,null,null,null,null,null,null,null,null,null,null,null,null,null,null,null,4114]
[null,null,null,null,null,null,null,null,null,null,null,null,null,null,null,null,4115]
[null,null,null,null,null,null,null,null,null,null,null,null,null,null,null,null,4116]
[null,null,null,null,null,null,null,null,null,null,null,null,null,null,null,null,4117]
[null,null,null,null,null,null,null,null,null,null,null,null,null,null,null,null,4118]
[null,null,null,null,null,null,null,null,null,null,null,null,null,null,null,null,4119]
[null,null,null,null,null,null,null,null,null,null,null,null,null,null,null,null,4120]
[null,null,null,null,null,null,null,null,null,null,null,null,null,null,null,null,4121]
[null,null,null,null,null,null,null,null,null,null,null,null,null,null,null,null,4122]
[null,null,null,null,null,null,null,null,null,null,null,null,null,null,null,null,4123]
[null,null,null,null,null,null,null,null,null,null,null,null,null,null,null,null,4124]
[null,null,null,null,null,null,null,null,null,null,null,null,null,null,null,null,4125]
[null,null,null,null,null,null,null,null,null,null,null,null,null,null,null,null,4126]
[null,null,null,null,null,null,null,null,null,null,null,null,null,null,null,null,4127]
[null,null,null,null,null,null,null,null,null,null,null,null,null,null,null,null,4128]
[null,null,null,null,null,null,null,null,null,null,null,null,null,null,null,null,4129]
[null,null,null,null,null,null,null,null,null,null,null,null,null,null,null,null,4130]
[null,null,null,null,null,null,null,null,null,null,null,null,null,null,null,null,4131]
[null,null,null,null,null,null,null,null,null,null,null,null,null,null,null,null,4132]
[null,null,null,null,null,null,null,null,null,null,null,null,null,null,null,null,4133]
[null,null,null,null,null,null,null,null,null,null,null,null,null,null,null,null,4134]
[null,null,null,null,null,null,null,null,null,null,null,null,null,null,null,null,4135]
[null,null,null,null,null,null,null,null,null,null,null,null,null,null,null,null,4136]
[null,null,null,null,null,null,null,null,null,null,null,null,null,null,null,null,4137]
[null,null,null,null,null,null,null,null,null,null,null,null,null,null,null,null,4138]
[null,null,null,null,null,null,null,null,null,null,null,null,null,null,null,null,4139]
[null,null,null,null,null,null,null,null,null,null,null,null,null,null,null,null,4140]
[null,null,null,null,null,null,null,null,null,null,null,null,null,null,null,null,4141]
[null,null,null,null,null,null,null,null,null,null,null,null,null,null,null,null,4142]
[null,null,null,null,null,null,null,null,null,null,null,null,null,null,null,null,4143]
[null,null,null,null,null,null,null,null,null,null,null,null,null,null,null,null,4144]
[null,null,null,null,null,null,null,null,null,null,null,null,null,null,null,null,4145]
[null,null,null,null,null,null,null,null,null,null,null,null,null,null,null,null,4146]
[null,null,null,null,null,null,null,null,null,null,null,null,null,null,null,null,4147]
[null,null,null,null,null,null,null,null,null,null,null,null,null,null,null,null,4148]
[null,null,null,null,null,null,null,null,null,null,null,null,null,null,null,null,4149]
[null,null,null,null,null,null,null,null,null,null,null,null,null,null,null,null,4150]
[null,null,null,null,null,null,null,null,null,null,null,null,null,null,null,null,4151]
[null,null,null,null,null,null,null,null,null,null,null,null,null,null,null,null,4152]
[null,null,null,null,null,null,null,null,null,null,null,null,null,null,null,null,4153]
[null,null,null,null,null,null,null,null,null,null,null,null,null,null,null,null,4154]
[null,null,null,null,null,null,null,null,null,null,null,null,null,null,null,null,4155]
[null,null,null,null,null,null,null,null,null,null,null,null,null,null,null,null,4156]
[null,null,null,null,null,null,null,null,null,null,null,null,null,null,null,null,4157]
[null,null,null,null,null,null,null,null,null,null,null,null,null,null,null,null,4158]
[null,null,null,null,null,null,null,null,null,null,null,null,null,null,null,null,4159]
[null,null,null,null,null,null,null,null,null,null,null,null,null,null,null,null,4160]
[null,null,null,null,null,null,null,null,null,null,null,null,null,null,null,null,4161]
[null,null,null,null,null,null,null,null,null,null,null,null,null,null,null,null,4162]
[null,null,null,null,null,null,null,null,null,null,null,null,null,null,null,null,4163]
[null,null,null,null,null,null,null,null,null,null,null,null,null,null,null,null,4164]
[null,null,null,null,null,null,null,null,null,null,null,null,null,null,null,null,4165]
[null,null,null,null,null,null,null,null,null,null,null,null,null,null,null,null,4166]
[null,null,null,null,null,null,null,null,null,null,null,null,null,null,null,null,4167]
[null,null,null,null,null,null,null,null,null,null,null,null,null,null,null,null,4168]
[null,null,null,null,null,null,null,null,null,null,null,null,null,null,null,null,4169]
[null,null,null,null,null,null,null,null,null,null,null,null,null,null,null,null,4170]
[null,null,null,null,null,null,null,null,null,null,null,null,null,null,null,null,4171]
[null,null,null,null,null,null,null,null,null,null,null,null,null,null,null,null,4172]
[null,null,null,null,null,null,null,null,null,null,null,null,null,null,null,null,4173]
[null,null,null,null,null,null,null,null,null,null,null,null,null,null,null,null,4174]
[null,null,null,null,null,null,null,null,null,null,null,null,null,null,null,null,4175]
[null,null,null,null,null,null,null,null,null,null,null,null,null,null,null,null,4176]
[null,null,null,null,null,null,null,null,null,null,null,null,null,null,null,null,4177]
[null,null,null,null,null,null,null,null,null,null,null,null,null,null,null,null,4178]
[null,null,null,null,null,null,null,null,null,null,null,null,null,null,null,null,4179]
[null,null,null,null,null,null,null,null,null,null,null,null,null,null,null,null,4180]
[null,null,null,null,null,null,null,null,null,null,null,null,null,null,null,null,4181]
[null,null,null,null,null,null,null,null,null,null,null,null,null,null,null,null,4182]
[null,null,null,null,null,null,null,null,null,null,null,null,null,null,null,null,4183]
[null,null,null,null,null,null,null,null,null,null,null,null,null,null,null,null,4184]
[null,null,null,null,null,null,null,null,null,null,null,null,null,null,null,null,4185]
[null,null,null,null,null,null,null,null,null,null,null,null,null,null,null,null,4186]
[null,null,null,null,null,null,null,null,null,null,null,null,null,null,null,null,4187]
[null,null,null,null,null,null,null,null,null,null,null,null,null,null,null,null,4188]
[null,null,null,null,null,null,null,null,null,null,null,null,null,null,null,null,4189]
[null,null,null,null,null,null,null,null,null,null,null,null,null,null,null,null,4190]
[null,null,null,null,null,null,null,null,null,null,null,null,null,null,null,null,4191]
[null,null,null,null,null,null,null,null,null,null,null,null,null,null,null,null,4192]
[null,null,null,null,null,null,null,null,null,null,null,null,null,null,null,null,4193]
[null,null,null,null,null,null,null,null,null,null,null,null,null,null,null,null,4194]
[null,null,null,null,null,null,null,null,null,null,null,null,null,null,null,null,4195]
[null,null,null,null,null,null,null,null,null,null,null,null,null,null,null,null,4196]
[null,null,null,null,null,null,null,null,null,null,null,null,null,null,null,null,4197]
[null,null,null,null,null,null,null,null,null,null,null,null,null,null,null,null,4198]
[null,null,null,null,null,null,null,null,null,null,null,null,null,null,null,null,4199]
[null,null,null,null,null,null,null,null,null,null,null,null,null,null,null,null,4200]
[null,null,null,null,null,null,null,null,null,null,null,null,null,null,null,null,4201]
[null,null,null,null,null,null,null,null,null,null,null,null,null,null,null,null,4202]
[null,null,null,null,null,null,null,null,null,null,null,null,null,null,null,null,4203]
[null,null,null,null,null,null,null,null,null,null,null,null,null,null,null,null,4204]
[null,null,null,null,null,null,null,null,null,null,null,null,null,null,null,null,4205]
[null,null,null,null,null,null,null,null,null,null,null,null,null,null,null,null,4206]
[null,null,null,null,null,null,null,null,null,null,null,null,null,null,null,null,4207]
[null,null,null,null,null,null,null,null,null,null,null,null,null,null,null,null,4208]
[null,null,null,null,null,null,null,null,null,null,null,null,null,null,null,null,4209]
[null,null,null,null,null,null,null,null,null,null,null,null,null,null,null,null,4210]
[null,null,null,null,null,null,null,null,null,null,null,null,null,null,null,null,4211]
[null,null,null,null,null,null,null,null,null,null,null,null,null,null,null,null,4212]
[null,null,null,null,null,null,null,null,null,null,null,null,null,null,null,null,4213]
[null,null,null,null,null,null,null,null,null,null,null,null,null,null,null,null,4214]
[null,null,null,null,null,null,null,null,null,null,null,null,null,null,null,null,4215]
[null,null,null,null,null,null,null,null,null,null,null,null,null,null,null,null,4216]
[null,null,null,null,null,null,null,null,null,null,null,null,null,null,null,null,4217]
[null,null,null,null,null,null,null,null,null,null,null,null,null,null,null,null,4218]
[null,null,null,null,null,null,null,null,null,null,null,null,null,null,null,null,4219]
[null,null,null,null,null,null,null,null,null,null,null,null,null,null,null,null,4220]
[null,null,null,null,null,null,null,null,null,null,null,null,null,null,null,null,4221]
[null,null,null,null,null,null,null,null,null,null,null,null,null,null,null,null,4222]
[null,null,null,null,null,null,null,null,null,null,null,null,null,null,null,null,4223]
[null,null,null,null,null,null,null,null,null,null,null,null,null,null,null,null,4224]
[null,null,null,null,null,null,null,null,null,null,null,null,null,null,null,null,4225]
[null,null,null,null,null,null,null,null,null,null,null,null,null,null,null,null,4226]
[null,null,null,null,null,null,null,null,null,null,null,null,null,null,null,null,4227]
[null,null,null,null,null,null,null,null,null,null,null,null,null,null,null,null,4228]
[null,null,null,null,null,null,null,null,null,null,null,null,null,null,null,null,4229]
[null,null,null,null,null,null,null,null,null,null,null,null,null,null,null,null,4230]
[null,null,null,null,null,null,null,null,null,null,null,null,null,null,null,null,4231]
[null,null,null,null,null,null,null,null,null,null,null,null,null,null,null,null,4232]
[null,null,null,null,null,null,null,null,null,null,null,null,null,null,null,null,4233]
[null,null,null,null,null,null,null,null,null,null,null,null,null,null,null,null,4234]
[null,null,null,null,null,null,null,null,null,null,null,null,null,null,null,null,4235]
[null,null,null,null,null,null,null,null,null,null,null,null,null,null,null,null,4236]
[null,null,null,null,null,null,null,null,null,null,null,null,null,null,null,null,4237]
[null,null,null,null,null,null,null,null,null,null,null,null,null,null,null,null,4238]
[null,null,null,null,null,null,null,null,null,null,null,null,null,null,null,null,4239]
[null,null,null,null,null,null,null,null,null,null,null,null,null,null,null,null,4240]
[null,null,null,null,null,null,null,null,null,null,null,null,null,null,null,null,4241]
[null,null,null,null,null,null,null,null,null,null,null,null,null,null,null,null,4242]
[null,null,null,null,null,null,null,null,null,null,null,null,null,null,null,null,4243]
[null,null,null,null,null,null,null,null,null,null,null,null,null,null,null,null,4244]
[null,null,null,null,null,null,null,null,null,null,null,null,null,null,null,null,4245]
[null,null,null,null,null,null,null,null,null,null,null,null,null,null,null,null,4246]
[null,null,null,null,null,null,null,null,null,null,null,null,null,null,null,null,4247]
[null,null,null,null,null,null,null,null,null,null,null,null,null,null,null,null,4248]
[null,null,null,null,null,null,null,null,null,null,null,null,null,null,null,null,4249]
[null,null,null,null,null,null,null,null,null,null,null,null,null,null,null,null,4250]
[null,null,null,null,null,null,null,null,null,null,null,null,null,null,null,null,4251]
[null,null,null,null,null,null,null,null,null,null,null,null,null,null,null,null,4252]
[null,null,null,null,null,null,null,null,null,null,null,null,null,null,null,null,4253]
[null,null,null,null,null,null,null,null,null,null,null,null,null,null,null,null,4254]
[null,null,null,null,null,null,null,null,null,null,null,null,null,null,null,null,4255]
[null,null,null,null,null,null,null,null,null,null,null,null,null,null,null,null,4256]
[null,null,null,null,null,null,null,null,null,null,null,null,null,null,null,null,4257]
[null,null,null,null,null,null,null,null,null,null,null,null,null,null,null,null,4258]
[null,null,null,null,null,null,null,null,null,null,null,null,null,null,null,null,4259]
[null,null,null,null,null,null,null,null,null,null,null,null,null,null,null,null,4260]
[null,null,null,null,null,null,null,null,null,null,null,null,null,null,null,null,4261]
[null,null,null,null,null,null,null,null,null,null,null,null,null,null,null,null,4262]
[null,null,null,null,null,null,null,null,null,null,null,null,null,null,null,null,4263]
[null,null,null,null,null,null,null,null,null,null,null,null,null,null,null,null,4264]
[null,null,null,null,null,null,null,null,null,null,null,null,null,null,null,null,4265]
[null,null,null,null,null,null,null,null,null,null,null,null,null,null,null,null,4266]
[null,null,null,null,null,null,null,null,null,null,null,null,null,null,null,null,4267]
[null,null,null,null,null,null,null,null,null,null,null,null,null,null,null,null,4268]
[null,null,null,null,null,null,null,null,null,null,null,null,null,null,null,null,4269]
[null,null,null,null,null,null,null,null,null,null,null,null,null,null,null,null,4270]
[null,null,null,null,null,null,null,null,null,null,null,null,null,null,null,null,4271]
[null,null,null,null,null,null,null,null,null,null,null,null,null,null,null,null,4272]
[null,null,null,null,null,null,null,null,null,null,null,null,null,null,null,null,4273]
[null,null,null,null,null,null,null,null,null,null,null,null,null,null,null,null,4274]
[null,null,null,null,null,null,null,null,null,null,null,null,null,null,null,null,4275]
[null,null,null,null,null,null,null,null,null,null,null,null,null,null,null,null,4276]
[null,null,null,null,null,null,null,null,null,null,null,null,null,null,null,null,4277]
[null,null,null,null,null,null,null,null,null,null,null,null,null,null,null,null,4278]
[null,null,null,null,null,null,null,null,null,null,null,null,null,null,null,null,4279]
[null,null,null,null,null,null,null,null,null,null,null,null,null,null,null,null,4280]
[null,null,null,null,null,null,null,null,null,null,null,null,null,null,null,null,4281]
[null,null,null,null,null,null,null,null,null,null,null,null,null,null,null,null,4282]
[null,null,null,null,null,null,null,null,null,null,null,null,null,null,null,null,4283]
[null,null,null,null,null,null,null,null,null,null,null,null,null,null,null,null,4284]
[null,null,null,null,null,null,null,null,null,null,null,null,null,null,null,null,4285]
[null,null,null,null,null,null,null,null,null,null,null,null,null,null,null,null,4286]
[null,null,null,null,null,null,null,null,null,null,null,null,null,null,null,null,4287]
[null,null,null,null,null,null,null,null,null,null,null,null,null,null,null,null,4288]
[null,null,null,null,null,null,null,null,null,null,null,null,null,null,null,null,4289]
[null,null,null,null,null,null,null,null,null,null,null,null,null,null,null,null,4290]
[null,null,null,null,null,null,null,null,null,null,null,null,null,null,null,null,4291]
[null,null,null,null,null,null,null,null,null,null,null,null,null,null,null,null,4292]
[null,null,null,null,null,null,null,null,null,null,null,null,null,null,null,null,4293]
[null,null,null,null,null,null,null,null,null,null,null,null,null,null,null,null,4294]
[null,null,null,null,null,null,null,null,null,null,null,null,null,null,null,null,4295]
[null,null,null,null,null,null,null,null,null,null,null,null,null,null,null,null,4296]
[null,null,null,null,null,null,null,null,null,null,null,null,null,null,null,null,4297]
[null,null,null,null,null,null,null,null,null,null,null,null,null,null,null,null,4298]
[null,null,null,null,null,null,null,null,null,null,null,null,null,null,null,null,4299]
[null,null,null,null,null,null,null,null,null,null,null,null,null,null,null,null,4300]
[null,null,null,null,null,null,null,null,null,null,null,null,null,null,null,null,4301]
[null,null,null,null,null,null,null,null,null,null,null,null,null,null,null,null,4302]
[null,null,null,null,null,null,null,null,null,null,null,null,null,null,null,null,4303]
[null,null,null,null,null,null,null,null,null,null,null,null,null,null,null,null,4304]
[null,null,null,null,null,null,null,null,null,null,null,null,null,null,null,null,4305]
[null,null,null,null,null,null,null,null,null,null,null,null,null,null,null,null,4306]
[null,null,null,null,null,null,null,null,null,null,null,null,null,null,null,null,4307]
[null,null,null,null,null,null,null,null,null,null,null,null,null,null,null,null,4308]
[null,null,null,null,null,null,null,null,null,null,null,null,null,null,null,null,4309]
[null,null,null,null,null,null,null,null,null,null,null,null,null,null,null,null,4310]
[null,null,null,null,null,null,null,null,null,null,null,null,null,null,null,null,4311]
[null,null,null,null,null,null,null,null,null,null,null,null,null,null,null,null,4312]
[null,null,null,null,null,null,null,null,null,null,null,null,null,null,null,null,4313]
[null,null,null,null,null,null,null,null,null,null,null,null,null,null,null,null,4314]
[null,null,null,null,null,null,null,null,null,null,null,null,null,null,null,null,4315]
[null,null,null,null,null,null,null,null,null,null,null,null,null,null,null,null,4316]
[null,null,null,null,null,null,null,null,null,null,null,null,null,null,null,null,4317]
[null,null,null,null,null,null,null,null,null,null,null,null,null,null,null,null,4318]
[null,null,null,null,null,null,null,null,null,null,null,null,null,null,null,null,4319]
[null,null,null,null,null,null,null,null,null,null,null,null,null,null,null,null,4320]
[null,null,null,null,null,null,null,null,null,null,null,null,null,null,null,null,4321]
[null,null,null,null,null,null,null,null,null,null,null,null,null,null,null,null,4322]
[null,null,null,null,null,null,null,null,null,null,null,null,null,null,null,null,4323]
[null,null,null,null,null,null,null,null,null,null,null,null,null,null,null,null,4324]
[null,null,null,null,null,null,null,null,null,null,null,null,null,null,null,null,4325]
[null,null,null,null,null,null,null,null,null,null,null,null,null,null,null,null,4326]
[null,null,null,null,null,null,null,null,null,null,null,null,null,null,null,null,4327]
[null,null,null,null,null,null,null,null,null,null,null,null,null,null,null,null,4328]
[null,null,null,null,null,null,null,null,null,null,null,null,null,null,null,null,4329]
[null,null,null,null,null,null,null,null,null,null,null,null,null,null,null,null,4330]
[null,null,null,null,null,null,null,null,null,null,null,null,null,null,null,null,4331]
[null,null,null,null,null,null,null,null,null,null,null,null,null,null,null,null,4332]
[null,null,null,null,null,null,null,null,null,null,null,null,null,null,null,null,4333]
[null,null,null,null,null,null,null,null,null,null,null,null,null,null,null,null,4334]
[null,null,null,null,null,null,null,null,null,null,null,null,null,null,null,null,4335]
[null,null,null,null,null,null,null,null,null,null,null,null,null,null,null,null,4336]
[null,null,null,null,null,null,null,null,null,null,null,null,null,null,null,null,4337]
[null,null,null,null,null,null,null,null,null,null,null,null,null,null,null,null,4338]
[null,null,null,null,null,null,null,null,null,null,null,null,null,null,null,null,4339]
[null,null,null,null,null,null,null,null,null,null,null,null,null,null,null,null,4340]
[null,null,null,null,null,null,null,null,null,null,null,null,null,null,null,null,4341]
[null,null,null,null,null,null,null,null,null,null,null,null,null,null,null,null,4342]
[null,null,null,null,null,null,null,null,null,null,null,null,null,null,null,null,4343]
[null,null,null,null,null,null,null,null,null,null,null,null,null,null,null,null,4344]
[null,null,null,null,null,null,null,null,null,null,null,null,null,null,null,null,4345]
[null,null,null,null,null,null,null,null,null,null,null,null,null,null,null,null,4346]
[null,null,null,null,null,null,null,null,null,null,null,null,null,null,null,null,4347]
[null,null,null,null,null,null,null,null,null,null,null,null,null,null,null,null,4348]
[null,null,null,null,null,null,null,null,null,null,null,null,null,null,null,null,4349]
[null,null,null,null,null,null,null,null,null,null,null,null,null,null,null,null,4350]
[null,null,null,null,null,null,null,null,null,null,null,null,null,null,null,null,4351]
[null,null,null,null,null,null,null,null,null,null,null,null,null,null,null,null,4352]
[null,null,null,null,null,null,null,null,null,null,null,null,null,null,null,null,4353]
[null,null,null,null,null,null,null,null,null,null,null,null,null,null,null,null,4354]
[null,null,null,null,null,null,null,null,null,null,null,null,null,null,null,null,4355]
[null,null,null,null,null,null,null,null,null,null,null,null,null,null,null,null,4356]
[null,null,null,null,null,null,null,null,null,null,null,null,null,null,null,null,4357]
[null,null,null,null,null,null,null,null,null,null,null,null,null,null,null,null,4358]
[null,null,null,null,null,null,null,null,null,null,null,null,null,null,null,null,4359]
[null,null,null,null,null,null,null,null,null,null,null,null,null,null,null,null,4360]
[null,null,null,null,null,null,null,null,null,null,null,null,null,null,null,null,4361]
[null,null,null,null,null,null,null,null,null,null,null,null,null,null,null,null,4362]
[null,null,null,null,null,null,null,null,null,null,null,null,null,null,null,null,4363]
[null,null,null,null,null,null,null,null,null,null,null,null,null,null,null,null,4364]
[null,null,null,null,null,null,null,null,null,null,null,null,null,null,null,null,4365]
[null,null,null,null,null,null,null,null,null,null,null,null,null,null,null,null,4366]
[null,null,null,null,null,null,null,null,null,null,null,null,null,null,null,null,4367]
[null,null,null,null,null,null,null,null,null,null,null,null,null,null,null,null,4368]
[null,null,null,null,null,null,null,null,null,null,null,null,null,null,null,null,4369]
[null,null,null,null,null,null,null,null,null,null,null,null,null,null,null,null,4370]
[null,null,null,null,null,null,null,null,null,null,null,null,null,null,null,null,4371]
[null,null,null,null,null,null,null,null,null,null,null,null,null,null,null,null,4372]
[null,null,null,null,null,null,null,null,null,null,null,null,null,null,null,null,4373]
[null,null,null,null,null,null,null,null,null,null,null,null,null,null,null,null,4374]
[null,null,null,null,null,null,null,null,null,null,null,null,null,null,null,null,4375]
[null,null,null,null,null,null,null,null,null,null,null,null,null,null,null,null,4376]
[null,null,null,null,null,null,null,null,null,null,null,null,null,null,null,null,4377]
[null,null,null,null,null,null,null,null,null,null,null,null,null,null,null,null,4378]
[null,null,null,null,null,null,null,null,null,null,null,null,null,null,null,null,4379]
[null,null,null,null,null,null,null,null,null,null,null,null,null,null,null,null,4380]
[null,null,null,null,null,null,null,null,null,null,null,null,null,null,null,null,4381]
[null,null,null,null,null,null,null,null,null,null,null,null,null,null,null,null,4382]
[null,null,null,null,null,null,null,null,null,null,null,null,null,null,null,null,4383]
[null,null,null,null,null,null,null,null,null,null,null,null,null,null,null,null,4384]
[null,null,null,null,null,null,null,null,null,null,null,null,null,null,null,null,4385]
[null,null,null,null,null,null,null,null,null,null,null,null,null,null,null,null,4386]
[null,null,null,null,null,null,null,null,null,null,null,null,null,null,null,null,4387]
[null,null,null,null,null,null,null,null,null,null,null,null,null,null,null,null,4388]
[null,null,null,null,null,null,null,null,null,null,null,null,null,null,null,null,4389]
[null,null,null,null,null,null,null,null,null,null,null,null,null,null,null,null,4390]
[null,null,null,null,null,null,null,null,null,null,null,null,null,null,null,null,4391]
[null,null,null,null,null,null,null,null,null,null,null,null,null,null,null,null,4392]
[null,null,null,null,null,null,null,null,null,null,null,null,null,null,null,null,4393]
[null,null,null,null,null,null,null,null,null,null,null,null,null,null,null,null,4394]
[null,null,null,null,null,null,null,null,null,null,null,null,null,null,null,null,4395]
[null,null,null,null,null,null,null,null,null,null,null,null,null,null,null,null,4396]
[null,null,null,null,null,null,null,null,null,null,null,null,null,null,null,null,4397]
[null,null,null,null,null,null,null,null,null,null,null,null,null,null,null,null,4398]
[null,null,null,null,null,null,null,null,null,null,null,null,null,null,null,null,4399]
[null,null,null,null,null,null,null,null,null,null,null,null,null,null,null,null,4400]
[null,null,null,null,null,null,null,null,null,null,null,null,null,null,null,null,4401]
[null,null,null,null,null,null,null,null,null,null,null,null,null,null,null,null,4402]
[null,null,null,null,null,null,null,null,null,null,null,null,null,null,null,null,4403]
[null,null,null,null,null,null,null,null,null,null,null,null,null,null,null,null,4404]
[null,null,null,null,null,null,null,null,null,null,null,null,null,null,null,null,4405]
[null,null,null,null,null,null,null,null,null,null,null,null,null,null,null,null,4406]
[null,null,null,null,null,null,null,null,null,null,null,null,null,null,null,null,4407]
[null,null,null,null,null,null,null,null,null,null,null,null,null,null,null,null,4408]
[null,null,null,null,null,null,null,null,null,null,null,null,null,null,null,null,4409]
[null,null,null,null,null,null,null,null,null,null,null,null,null,null,null,null,4410]
[null,null,null,null,null,null,null,null,null,null,null,null,null,null,null,null,4411]
[null,null,null,null,null,null,null,null,null,null,null,null,null,null,null,null,4412]
[null,null,null,null,null,null,null,null,null,null,null,null,null,null,null,null,4413]
[null,null,null,null,null,null,null,null,null,null,null,null,null,null,null,null,4414]
[null,null,null,null,null,null,null,null,null,null,null,null,null,null,null,null,4415]
[null,null,null,null,null,null,null,null,null,null,null,null,null,null,null,null,4416]
[null,null,null,null,null,null,null,null,null,null,null,null,null,null,null,null,4417]
[null,null,null,null,null,null,null,null,null,null,null,null,null,null,null,null,4418]
[null,null,null,null,null,null,null,null,null,null,null,null,null,null,null,null,4419]
[null,null,null,null,null,null,null,null,null,null,null,null,null,null,null,null,4420]
[null,null,null,null,null,null,null,null,null,null,null,null,null,null,null,null,4421]
[null,null,null,null,null,null,null,null,null,null,null,null,null,null,null,null,4422]
[null,null,null,null,null,null,null,null,null,null,null,null,null,null,null,null,4423]
[null,null,null,null,null,null,null,null,null,null,null,null,null,null,null,null,4424]
[null,null,null,null,null,null,null,null,null,null,null,null,null,null,null,null,4425]
[null,null,null,null,null,null,null,null,null,null,null,null,null,null,null,null,4426]
[null,null,null,null,null,null,null,null,null,null,null,null,null,null,null,null,4427]
[null,null,null,null,null,null,null,null,null,null,null,null,null,null,null,null,4428]
[null,null,null,null,null,null,null,null,null,null,null,null,null,null,null,null,4429]
[null,null,null,null,null,null,null,null,null,null,null,null,null,null,null,null,4430]
[null,null,null,null,null,null,null,null,null,null,null,null,null,null,null,null,4431]
[null,null,null,null,null,null,null,null,null,null,null,null,null,null,null,null,4432]
[null,null,null,null,null,null,null,null,null,null,null,null,null,null,null,null,4433]
[null,null,null,null,null,null,null,null,null,null,null,null,null,null,null,null,4434]
[null,null,null,null,null,null,null,null,null,null,null,null,null,null,null,null,4435]
[null,null,null,null,null,null,null,null,null,null,null,null,null,null,null,null,4436]
[null,null,null,null,null,null,null,null,null,null,null,null,null,null,null,null,4437]
[null,null,null,null,null,null,null,null,null,null,null,null,null,null,null,null,4438]
[null,null,null,null,null,null,null,null,null,null,null,null,null,null,null,null,4439]
[null,null,null,null,null,null,null,null,null,null,null,null,null,null,null,null,4440]
[null,null,null,null,null,null,null,null,null,null,null,null,null,null,null,null,4441]
[null,null,null,null,null,null,null,null,null,null,null,null,null,null,null,null,4442]
[null,null,null,null,null,null,null,null,null,null,null,null,null,null,null,null,4443]
[null,null,null,null,null,null,null,null,null,null,null,null,null,null,null,null,4444]
[null,null,null,null,null,null,null,null,null,null,null,null,null,null,null,null,4445]
[null,null,null,null,null,null,null,null,null,null,null,null,null,null,null,null,4446]
[null,null,null,null,null,null,null,null,null,null,null,null,null,null,null,null,4447]
[null,null,null,null,null,null,null,null,null,null,null,null,null,null,null,null,4448]
[null,null,null,null,null,null,null,null,null,null,null,null,null,null,null,null,4449]
[null,null,null,null,null,null,null,null,null,null,null,null,null,null,null,null,4450]
[null,null,null,null,null,null,null,null,null,null,null,null,null,null,null,null,4451]
[null,null,null,null,null,null,null,null,null,null,null,null,null,null,null,null,4452]
[null,null,null,null,null,null,null,null,null,null,null,null,null,null,null,null,4453]
[null,null,null,null,null,null,null,null,null,null,null,null,null,null,null,null,4454]
[null,null,null,null,null,null,null,null,null,null,null,null,null,null,null,null,4455]
[null,null,null,null,null,null,null,null,null,null,null,null,null,null,null,null,4456]
[null,null,null,null,null,null,null,null,null,null,null,null,null,null,null,null,4457]
[null,null,null,null,null,null,null,null,null,null,null,null,null,null,null,null,4458]
[null,null,null,null,null,null,null,null,null,null,null,null,null,null,null,null,4459]
[null,null,null,null,null,null,null,null,null,null,null,null,null,null,null,null,4460]
[null,null,null,null,null,null,null,null,null,null,null,null,null,null,null,null,4461]
[null,null,null,null,null,null,null,null,null,null,null,null,null,null,null,null,4462]
[null,null,null,null,null,null,null,null,null,null,null,null,null,null,null,null,4463]
[null,null,null,null,null,null,null,null,null,null,null,null,null,null,null,null,4464]
[null,null,null,null,null,null,null,null,null,null,null,null,null,null,null,null,4465]
[null,null,null,null,null,null,null,null,null,null,null,null,null,null,null,null,4466]
[null,null,null,null,null,null,null,null,null,null,null,null,null,null,null,null,4467]
[null,null,null,null,null,null,null,null,null,null,null,null,null,null,null,null,4468]
[null,null,null,null,null,null,null,null,null,null,null,null,null,null,null,null,4469]
[null,null,null,null,null,null,null,null,null,null,null,null,null,null,null,null,4470]
[null,null,null,null,null,null,null,null,null,null,null,null,null,null,null,null,4471]
[null,null,null,null,null,null,null,null,null,null,null,null,null,null,null,null,4472]
[null,null,null,null,null,null,null,null,null,null,null,null,null,null,null,null,4473]
[null,null,null,null,null,null,null,null,null,null,null,null,null,null,null,null,4474]
[null,null,null,null,null,null,null,null,null,null,null,null,null,null,null,null,4475]
[null,null,null,null,null,null,null,null,null,null,null,null,null,null,null,null,4476]
[null,null,null,null,null,null,null,null,null,null,null,null,null,null,null,null,4477]
[null,null,null,null,null,null,null,null,null,null,null,null,null,null,null,null,4478]
[null,null,null,null,null,null,null,null,null,null,null,null,null,null,null,null,4479]
[null,null,null,null,null,null,null,null,null,null,null,null,null,null,null,null,4480]
[null,null,null,null,null,null,null,null,null,null,null,null,null,null,null,null,4481]
[null,null,null,null,null,null,null,null,null,null,null,null,null,null,null,null,4482]
[null,null,null,null,null,null,null,null,null,null,null,null,null,null,null,null,4483]
[null,null,null,null,null,null,null,null,null,null,null,null,null,null,null,null,4484]
[null,null,null,null,null,null,null,null,null,null,null,null,null,null,null,null,4485]
[null,null,null,null,null,null,null,null,null,null,null,null,null,null,null,null,4486]
[null,null,null,null,null,null,null,null,null,null,null,null,null,null,null,null,4487]
[null,null,null,null,null,null,null,null,null,null,null,null,null,null,null,null,4488]
[null,null,null,null,null,null,null,null,null,null,null,null,null,null,null,null,4489]
[null,null,null,null,null,null,null,null,null,null,null,null,null,null,null,null,4490]
[null,null,null,null,null,null,null,null,null,null,null,null,null,null,null,null,4491]
[null,null,null,null,null,null,null,null,null,null,null,null,null,null,null,null,4492]
[null,null,null,null,null,null,null,null,null,null,null,null,null,null,null,null,4493]
[null,null,null,null,null,null,null,null,null,null,null,null,null,null,null,null,4494]
[null,null,null,null,null,null,null,null,null,null,null,null,null,null,null,null,4495]
[null,null,null,null,null,null,null,null,null,null,null,null,null,null,null,null,4496]
[null,null,null,null,null,null,null,null,null,null,null,null,null,null,null,null,4497]
[null,null,null,null,null,null,null,null,null,null,null,null,null,null,null,null,4498]
[null,null,null,null,null,null,null,null,null,null,null,null,null,null,null,null,4499]
[null,null,null,null,null,null,null,null,null,null,null,null,null,null,null,null,4500]
[null,null,null,null,null,null,null,null,null,null,null,null,null,null,null,null,4501]
[null,null,null,null,null,null,null,null,null,null,null,null,null,null,null,null,4502]
[null,null,null,null,null,null,null,null,null,null,null,null,null,null,null,null,4503]
[null,null,null,null,null,null,null,null,null,null,null,null,null,null,null,null,4504]
[null,null,null,null,null,null,null,null,null,null,null,null,null,null,null,null,4505]
[null,null,null,null,null,null,null,null,null,null,null,null,null,null,null,null,4506]
[null,null,null,null,null,null,null,null,null,null,null,null,null,null,null,null,4507]
[null,null,null,null,null,null,null,null,null,null,null,null,null,null,null,null,4508]
[null,null,null,null,null,null,null,null,null,null,null,null,null,null,null,null,4509]
[null,null,null,null,null,null,null,null,null,null,null,null,null,null,null,null,4510]
[null,null,null,null,null,null,null,null,null,null,null,null,null,null,null,null,4511]
[null,null,null,null,null,null,null,null,null,null,null,null,null,null,null,null,4512]
[null,null,null,null,null,null,null,null,null,null,null,null,null,null,null,null,4513]
[null,null,null,null,null,null,null,null,null,null,null,null,null,null,null,null,4514]
[null,null,null,null,null,null,null,null,null,null,null,null,null,null,null,null,4515]
[null,null,null,null,null,null,null,null,null,null,null,null,null,null,null,null,4516]
[null,null,null,null,null,null,null,null,null,null,null,null,null,null,null,null,4517]
[null,null,null,null,null,null,null,null,null,null,null,null,null,null,null,null,4518]
[null,null,null,null,null,null,null,null,null,null,null,null,null,null,null,null,4519]
[null,null,null,null,null,null,null,null,null,null,null,null,null,null,null,null,4520]
[null,null,null,null,null,null,null,null,null,null,null,null,null,null,null,null,4521]
[null,null,null,null,null,null,null,null,null,null,null,null,null,null,null,null,4522]
[null,null,null,null,null,null,null,null,null,null,null,null,null,null,null,null,4523]
[null,null,null,null,null,null,null,null,null,null,null,null,null,null,null,null,4524]
[null,null,null,null,null,null,null,null,null,null,null,null,null,null,null,null,4525]
[null,null,null,null,null,null,null,null,null,null,null,null,null,null,null,null,4526]
[null,null,null,null,null,null,null,null,null,null,null,null,null,null,null,null,4527]
[null,null,null,null,null,null,null,null,null,null,null,null,null,null,null,null,4528]
[null,null,null,null,null,null,null,null,null,null,null,null,null,null,null,null,4529]
[null,null,null,null,null,null,null,null,null,null,null,null,null,null,null,null,4530]
[null,null,null,null,null,null,null,null,null,null,null,null,null,null,null,null,4531]
[null,null,null,null,null,null,null,null,null,null,null,null,null,null,null,null,4532]
[null,null,null,null,null,null,null,null,null,null,null,null,null,null,null,null,4533]
[null,null,null,null,null,null,null,null,null,null,null,null,null,null,null,null,4534]
[null,null,null,null,null,null,null,null,null,null,null,null,null,null,null,null,4535]
[null,null,null,null,null,null,null,null,null,null,null,null,null,null,null,null,4536]
[null,null,null,null,null,null,null,null,null,null,null,null,null,null,null,null,4537]
[null,null,null,null,null,null,null,null,null,null,null,null,null,null,null,null,4538]
[null,null,null,null,null,null,null,null,null,null,null,null,null,null,null,null,4539]
[null,null,null,null,null,null,null,null,null,null,null,null,null,null,null,null,4540]
[null,null,null,null,null,null,null,null,null,null,null,null,null,null,null,null,4541]
[null,null,null,null,null,null,null,null,null,null,null,null,null,null,null,null,4542]
[null,null,null,null,null,null,null,null,null,null,null,null,null,null,null,null,4543]
[null,null,null,null,null,null,null,null,null,null,null,null,null,null,null,null,4544]
[null,null,null,null,null,null,null,null,null,null,null,null,null,null,null,null,4545]
[null,null,null,null,null,null,null,null,null,null,null,null,null,null,null,null,4546]
[null,null,null,null,null,null,null,null,null,null,null,null,null,null,null,null,4547]
[null,null,null,null,null,null,null,null,null,null,null,null,null,null,null,null,4548]
[null,null,null,null,null,null,null,null,null,null,null,null,null,null,null,null,4549]
[null,null,null,null,null,null,null,null,null,null,null,null,null,null,null,null,4550]
[null,null,null,null,null,null,null,null,null,null,null,null,null,null,null,null,4551]
[null,null,null,null,null,null,null,null,null,null,null,null,null,null,null,null,4552]
[null,null,null,null,null,null,null,null,null,null,null,null,null,null,null,null,4553]
[null,null,null,null,null,null,null,null,null,null,null,null,null,null,null,null,4554]
[null,null,null,null,null,null,null,null,null,null,null,null,null,null,null,null,4555]
[null,null,null,null,null,null,null,null,null,null,null,null,null,null,null,null,4556]
[null,null,null,null,null,null,null,null,null,null,null,null,null,null,null,null,4557]
[null,null,null,null,null,null,null,null,null,null,null,null,null,null,null,null,4558]
[null,null,null,null,null,null,null,null,null,null,null,null,null,null,null,null,4559]
[null,null,null,null,null,null,null,null,null,null,null,null,null,null,null,null,4560]
[null,null,null,null,null,null,null,null,null,null,null,null,null,null,null,null,4561]
[null,null,null,null,null,null,null,null,null,null,null,null,null,null,null,null,4562]
[null,null,null,null,null,null,null,null,null,null,null,null,null,null,null,null,4563]
[null,null,null,null,null,null,null,null,null,null,null,null,null,null,null,null,4564]
[null,null,null,null,null,null,null,null,null,null,null,null,null,null,null,null,4565]
[null,null,null,null,null,null,null,null,null,null,null,null,null,null,null,null,4566]
[null,null,null,null,null,null,null,null,null,null,null,null,null,null,null,null,4567]
[null,null,null,null,null,null,null,null,null,null,null,null,null,null,null,null,4568]
[null,null,null,null,null,null,null,null,null,null,null,null,null,null,null,null,4569]
[null,null,null,null,null,null,null,null,null,null,null,null,null,null,null,null,4570]
[null,null,null,null,null,null,null,null,null,null,null,null,null,null,null,null,4571]
[null,null,null,null,null,null,null,null,null,null,null,null,null,null,null,null,4572]
[null,null,null,null,null,null,null,null,null,null,null,null,null,null,null,null,4573]
[null,null,null,null,null,null,null,null,null,null,null,null,null,null,null,null,4574]
[null,null,null,null,null,null,null,null,null,null,null,null,null,null,null,null,4575]
[null,null,null,null,null,null,null,null,null,null,null,null,null,null,null,null,4576]
[null,null,null,null,null,null,null,null,null,null,null,null,null,null,null,null,4577]
[null,null,null,null,null,null,null,null,null,null,null,null,null,null,null,null,4578]
[null,null,null,null,null,null,null,null,null,null,null,null,null,null,null,null,4579]
[null,null,null,null,null,null,null,null,null,null,null,null,null,null,null,null,4580]
[null,null,null,null,null,null,null,null,null,null,null,null,null,null,null,null,4581]
[null,null,null,null,null,null,null,null,null,null,null,null,null,null,null,null,4582]
[null,null,null,null,null,null,null,null,null,null,null,null,null,null,null,null,4583]
[null,null,null,null,null,null,null,null,null,null,null,null,null,null,null,null,4584]
[null,null,null,null,null,null,null,null,null,null,null,null,null,null,null,null,4585]
[null,null,null,null,null,null,null,null,null,null,null,null,null,null,null,null,4586]
[null,null,null,null,null,null,null,null,null,null,null,null,null,null,null,null,4587]
[null,null,null,null,null,null,null,null,null,null,null,null,null,null,null,null,4588]
[null,null,null,null,null,null,null,null,null,null,null,null,null,null,null,null,4589]
[null,null,null,null,null,null,null,null,null,null,null,null,null,null,null,null,4590]
[null,null,null,null,null,null,null,null,null,null,null,null,null,null,null,null,4591]
[null,null,null,null,null,null,null,null,null,null,null,null,null,null,null,null,4592]
[null,null,null,null,null,null,null,null,null,null,null,null,null,null,null,null,4593]
[null,null,null,null,null,null,null,null,null,null,null,null,null,null,null,null,4594]
[null,null,null,null,null,null,null,null,null,null,null,null,null,null,null,null,4595]
[null,null,null,null,null,null,null,null,null,null,null,null,null,null,null,null,4596]
[null,null,null,null,null,null,null,null,null,null,null,null,null,null,null,null,4597]
[null,null,null,null,null,null,null,null,null,null,null,null,null,null,null,null,4598]
[null,null,null,null,null,null,null,null,null,null,null,null,null,null,null,null,4599]
[null,null,null,null,null,null,null,null,null,null,null,null,null,null,null,null,4600]
[null,null,null,null,null,null,null,null,null,null,null,null,null,null,null,null,4601]
[null,null,null,null,null,null,null,null,null,null,null,null,null,null,null,null,4602]
[null,null,null,null,null,null,null,null,null,null,null,null,null,null,null,null,4603]
[null,null,null,null,null,null,null,null,null,null,null,null,null,null,null,null,4604]
[null,null,null,null,null,null,null,null,null,null,null,null,null,null,null,null,4605]
[null,null,null,null,null,null,null,null,null,null,null,null,null,null,null,null,4606]
[null,null,null,null,null,null,null,null,null,null,null,null,null,null,null,null,4607]
[null,null,null,null,null,null,null,null,null,null,null,null,null,null,null,null,4608]
[null,null,null,null,null,null,null,null,null,null,null,null,null,null,null,null,4609]
[null,null,null,null,null,null,null,null,null,null,null,null,null,null,null,null,4610]
[null,null,null,null,null,null,null,null,null,null,null,null,null,null,null,null,4611]
[null,null,null,null,null,null,null,null,null,null,null,null,null,null,null,null,4612]
[null,null,null,null,null,null,null,null,null,null,null,null,null,null,null,null,4613]
[null,null,null,null,null,null,null,null,null,null,null,null,null,null,null,null,4614]
[null,null,null,null,null,null,null,null,null,null,null,null,null,null,null,null,4615]
[null,null,null,null,null,null,null,null,null,null,null,null,null,null,null,null,4616]
[null,null,null,null,null,null,null,null,null,null,null,null,null,null,null,null,4617]
[null,null,null,null,null,null,null,null,null,null,null,null,null,null,null,null,4618]
[null,null,null,null,null,null,null,null,null,null,null,null,null,null,null,null,4619]
[null,null,null,null,null,null,null,null,null,null,null,null,null,null,null,null,4620]
[null,null,null,null,null,null,null,null,null,null,null,null,null,null,null,null,4621]
[null,null,null,null,null,null,null,null,null,null,null,null,null,null,null,null,4622]
[null,null,null,null,null,null,null,null,null,null,null,null,null,null,null,null,4623]
[null,null,null,null,null,null,null,null,null,null,null,null,null,null,null,null,4624]
[null,null,null,null,null,null,null,null,null,null,null,null,null,null,null,null,4625]
[null,null,null,null,null,null,null,null,null,null,null,null,null,null,null,null,4626]
[null,null,null,null,null,null,null,null,null,null,null,null,null,null,null,null,4627]
[null,null,null,null,null,null,null,null,null,null,null,null,null,null,null,null,4628]
[null,null,null,null,null,null,null,null,null,null,null,null,null,null,null,null,4629]
[null,null,null,null,null,null,null,null,null,null,null,null,null,null,null,null,4630]
[null,null,null,null,null,null,null,null,null,null,null,null,null,null,null,null,4631]
[null,null,null,null,null,null,null,null,null,null,null,null,null,null,null,null,4632]
[null,null,null,null,null,null,null,null,null,null,null,null,null,null,null,null,4633]
[null,null,null,null,null,null,null,null,null,null,null,null,null,null,null,null,4634]
[null,null,null,null,null,null,null,null,null,null,null,null,null,null,null,null,4635]
[null,null,null,null,null,null,null,null,null,null,null,null,null,null,null,null,4636]
[null,null,null,null,null,null,null,null,null,null,null,null,null,null,null,null,4637]
[null,null,null,null,null,null,null,null,null,null,null,null,null,null,null,null,4638]
[null,null,null,null,null,null,null,null,null,null,null,null,null,null,null,null,4639]
[null,null,null,null,null,null,null,null,null,null,null,null,null,null,null,null,4640]
[null,null,null,null,null,null,null,null,null,null,null,null,null,null,null,null,4641]
[null,null,null,null,null,null,null,null,null,null,null,null,null,null,null,null,4642]
[null,null,null,null,null,null,null,null,null,null,null,null,null,null,null,null,4643]
[null,null,null,null,null,null,null,null,null,null,null,null,null,null,null,null,4644]
[null,null,null,null,null,null,null,null,null,null,null,null,null,null,null,null,4645]
[null,null,null,null,null,null,null,null,null,null,null,null,null,null,null,null,4646]
[null,null,null,null,null,null,null,null,null,null,null,null,null,null,null,null,4647]
[null,null,null,null,null,null,null,null,null,null,null,null,null,null,null,null,4648]
[null,null,null,null,null,null,null,null,null,null,null,null,null,null,null,null,4649]
[null,null,null,null,null,null,null,null,null,null,null,null,null,null,null,null,4650]
[null,null,null,null,null,null,null,null,null,null,null,null,null,null,null,null,4651]
[null,null,null,null,null,null,null,null,null,null,null,null,null,null,null,null,4652]
[null,null,null,null,null,null,null,null,null,null,null,null,null,null,null,null,4653]
[null,null,null,null,null,null,null,null,null,null,null,null,null,null,null,null,4654]
[null,null,null,null,null,null,null,null,null,null,null,null,null,null,null,null,4655]
[null,null,null,null,null,null,null,null,null,null,null,null,null,null,null,null,4656]
[null,null,null,null,null,null,null,null,null,null,null,null,null,null,null,null,4657]
[null,null,null,null,null,null,null,null,null,null,null,null,null,null,null,null,4658]
[null,null,null,null,null,null,null,null,null,null,null,null,null,null,null,null,4659]
[null,null,null,null,null,null,null,null,null,null,null,null,null,null,null,null,4660]
[null,null,null,null,null,null,null,null,null,null,null,null,null,null,null,null,4661]
[null,null,null,null,null,null,null,null,null,null,null,null,null,null,null,null,4662]
[null,null,null,null,null,null,null,null,null,null,null,null,null,null,null,null,4663]
[null,null,null,null,null,null,null,null,null,null,null,null,null,null,null,null,4664]
[null,null,null,null,null,null,null,null,null,null,null,null,null,null,null,null,4665]
[null,null,null,null,null,null,null,null,null,null,null,null,null,null,null,null,4666]
[null,null,null,null,null,null,null,null,null,null,null,null,null,null,null,null,4667]
[null,null,null,null,null,null,null,null,null,null,null,null,null,null,null,null,4668]
[null,null,null,null,null,null,null,null,null,null,null,null,null,null,null,null,4669]
[null,null,null,null,null,null,null,null,null,null,null,null,null,null,null,null,4670]
[null,null,null,null,null,null,null,null,null,null,null,null,null,null,null,null,4671]
[null,null,null,null,null,null,null,null,null,null,null,null,null,null,null,null,4672]
[null,null,null,null,null,null,null,null,null,null,null,null,null,null,null,null,4673]
[null,null,null,null,null,null,null,null,null,null,null,null,null,null,null,null,4674]
[null,null,null,null,null,null,null,null,null,null,null,null,null,null,null,null,4675]
[null,null,null,null,null,null,null,null,null,null,null,null,null,null,null,null,4676]
[null,null,null,null,null,null,null,null,null,null,null,null,null,null,null,null,4677]
[null,null,null,null,null,null,null,null,null,null,null,null,null,null,null,null,4678]
[null,null,null,null,null,null,null,null,null,null,null,null,null,null,null,null,4679]
[null,null,null,null,null,null,null,null,null,null,null,null,null,null,null,null,4680]
[null,null,null,null,null,null,null,null,null,null,null,null,null,null,null,null,4681]
[null,null,null,null,null,null,null,null,null,null,null,null,null,null,null,null,4682]
[null,null,null,null,null,null,null,null,null,null,null,null,null,null,null,null,4683]
[null,null,null,null,null,null,null,null,null,null,null,null,null,null,null,null,4684]
[null,null,null,null,null,null,null,null,null,null,null,null,null,null,null,null,4685]
[null,null,null,null,null,null,null,null,null,null,null,null,null,null,null,null,4686]
[null,null,null,null,null,null,null,null,null,null,null,null,null,null,null,null,4687]
[null,null,null,null,null,null,null,null,null,null,null,null,null,null,null,null,4688]
[null,null,null,null,null,null,null,null,null,null,null,null,null,null,null,null,4689]
[null,null,null,null,null,null,null,null,null,null,null,null,null,null,null,null,4690]
[null,null,null,null,null,null,null,null,null,null,null,null,null,null,null,null,4691]
[null,null,null,null,null,null,null,null,null,null,null,null,null,null,null,null,4692]
[null,null,null,null,null,null,null,null,null,null,null,null,null,null,null,null,4693]
[null,null,null,null,null,null,null,null,null,null,null,null,null,null,null,null,4694]
[null,null,null,null,null,null,null,null,null,null,null,null,null,null,null,null,4695]
[null,null,null,null,null,null,null,null,null,null,null,null,null,null,null,null,4696]
[null,null,null,null,null,null,null,null,null,null,null,null,null,null,null,null,4697]
[null,null,null,null,null,null,null,null,null,null,null,null,null,null,null,null,4698]
[null,null,null,null,null,null,null,null,null,null,null,null,null,null,null,null,4699]
[null,null,null,null,null,null,null,null,null,null,null,null,null,null,null,null,4700]
[null,null,null,null,null,null,null,null,null,null,null,null,null,null,null,null,4701]
[null,null,null,null,null,null,null,null,null,null,null,null,null,null,null,null,4702]
[null,null,null,null,null,null,null,null,null,null,null,null,null,null,null,null,4703]
[null,null,null,null,null,null,null,null,null,null,null,null,null,null,null,null,4704]
[null,null,null,null,null,null,null,null,null,null,null,null,null,null,null,null,4705]
[null,null,null,null,null,null,null,null,null,null,null,null,null,null,null,null,4706]
[null,null,null,null,null,null,null,null,null,null,null,null,null,null,null,null,4707]
[null,null,null,null,null,null,null,null,null,null,null,null,null,null,null,null,4708]
[null,null,null,null,null,null,null,null,null,null,null,null,null,null,null,null,4709]
[null,null,null,null,null,null,null,null,null,null,null,null,null,null,null,null,4710]
[null,null,null,null,null,null,null,null,null,null,null,null,null,null,null,null,4711]
[null,null,null,null,null,null,null,null,null,null,null,null,null,null,null,null,4712]
[null,null,null,null,null,null,null,null,null,null,null,null,null,null,null,null,4713]
[null,null,null,null,null,null,null,null,null,null,null,null,null,null,null,null,4714]
[null,null,null,null,null,null,null,null,null,null,null,null,null,null,null,null,4715]
[null,null,null,null,null,null,null,null,null,null,null,null,null,null,null,null,4716]
[null,null,null,null,null,null,null,null,null,null,null,null,null,null,null,null,4717]
[null,null,null,null,null,null,null,null,null,null,null,null,null,null,null,null,4718]
[null,null,null,null,null,null,null,null,null,null,null,null,null,null,null,null,4719]
[null,null,null,null,null,null,null,null,null,null,null,null,null,null,null,null,4720]
[null,null,null,null,null,null,null,null,null,null,null,null,null,null,null,null,4721]
[null,null,null,null,null,null,null,null,null,null,null,null,null,null,null,null,4722]
[null,null,null,null,null,null,null,null,null,null,null,null,null,null,null,null,4723]
[null,null,null,null,null,null,null,null,null,null,null,null,null,null,null,null,4724]
[null,null,null,null,null,null,null,null,null,null,null,null,null,null,null,null,4725]
[null,null,null,null,null,null,null,null,null,null,null,null,null,null,null,null,4726]
[null,null,null,null,null,null,null,null,null,null,null,null,null,null,null,null,4727]
[null,null,null,null,null,null,null,null,null,null,null,null,null,null,null,null,4728]
[null,null,null,null,null,null,null,null,null,null,null,null,null,null,null,null,4729]
[null,null,null,null,null,null,null,null,null,null,null,null,null,null,null,null,4730]
[null,null,null,null,null,null,null,null,null,null,null,null,null,null,null,null,4731]
[null,null,null,null,null,null,null,null,null,null,null,null,null,null,null,null,4732]
[null,null,null,null,null,null,null,null,null,null,null,null,null,null,null,null,4733]
[null,null,null,null,null,null,null,null,null,null,null,null,null,null,null,null,4734]
[null,null,null,null,null,null,null,null,null,null,null,null,null,null,null,null,4735]
[null,null,null,null,null,null,null,null,null,null,null,null,null,null,null,null,4736]
[null,null,null,null,null,null,null,null,null,null,null,null,null,null,null,null,4737]
[null,null,null,null,null,null,null,null,null,null,null,null,null,null,null,null,4738]
[null,null,null,null,null,null,null,null,null,null,null,null,null,null,null,null,4739]
[null,null,null,null,null,null,null,null,null,null,null,null,null,null,null,null,4740]
[null,null,null,null,null,null,null,null,null,null,null,null,null,null,null,null,4741]
[null,null,null,null,null,null,null,null,null,null,null,null,null,null,null,null,4742]
[null,null,null,null,null,null,null,null,null,null,null,null,null,null,null,null,4743]
[null,null,null,null,null,null,null,null,null,null,null,null,null,null,null,null,4744]
[null,null,null,null,null,null,null,null,null,null,null,null,null,null,null,null,4745]
[null,null,null,null,null,null,null,null,null,null,null,null,null,null,null,null,4746]
[null,null,null,null,null,null,null,null,null,null,null,null,null,null,null,null,4747]
[null,null,null,null,null,null,null,null,null,null,null,null,null,null,null,null,4748]
[null,null,null,null,null,null,null,null,null,null,null,null,null,null,null,null,4749]
[null,null,null,null,null,null,null,null,null,null,null,null,null,null,null,null,4750]
[null,null,null,null,null,null,null,null,null,null,null,null,null,null,null,null,4751]
[null,null,null,null,null,null,null,null,null,null,null,null,null,null,null,null,4752]
[null,null,null,null,null,null,null,null,null,null,null,null,null,null,null,null,4753]
[null,null,null,null,null,null,null,null,null,null,null,null,null,null,null,null,4754]
[null,null,null,null,null,null,null,null,null,null,null,null,null,null,null,null,4755]
[null,null,null,null,null,null,null,null,null,null,null,null,null,null,null,null,4756]
[null,null,null,null,null,null,null,null,null,null,null,null,null,null,null,null,4757]
[null,null,null,null,null,null,null,null,null,null,null,null,null,null,null,null,4758]
[null,null,null,null,null,null,null,null,null,null,null,null,null,null,null,null,4759]
[null,null,null,null,null,null,null,null,null,null,null,null,null,null,null,null,4760]
[null,null,null,null,null,null,null,null,null,null,null,null,null,null,null,null,4761]
[null,null,null,null,null,null,null,null,null,null,null,null,null,null,null,null,4762]
[null,null,null,null,null,null,null,null,null,null,null,null,null,null,null,null,4763]
[null,null,null,null,null,null,null,null,null,null,null,null,null,null,null,null,4764]
[null,null,null,null,null,null,null,null,null,null,null,null,null,null,null,null,4765]
[null,null,null,null,null,null,null,null,null,null,null,null,null,null,null,null,4766]
[null,null,null,null,null,null,null,null,null,null,null,null,null,null,null,null,4767]
[null,null,null,null,null,null,null,null,null,null,null,null,null,null,null,null,4768]
[null,null,null,null,null,null,null,null,null,null,null,null,null,null,null,null,4769]
[null,null,null,null,null,null,null,null,null,null,null,null,null,null,null,null,4770]
[null,null,null,null,null,null,null,null,null,null,null,null,null,null,null,null,4771]
[null,null,null,null,null,null,null,null,null,null,null,null,null,null,null,null,4772]
[null,null,null,null,null,null,null,null,null,null,null,null,null,null,null,null,4773]
[null,null,null,null,null,null,null,null,null,null,null,null,null,null,null,null,4774]
[null,null,null,null,null,null,null,null,null,null,null,null,null,null,null,null,4775]
[null,null,null,null,null,null,null,null,null,null,null,null,null,null,null,null,4776]
[null,null,null,null,null,null,null,null,null,null,null,null,null,null,null,null,4777]
[null,null,null,null,null,null,null,null,null,null,null,null,null,null,null,null,4778]
[null,null,null,null,null,null,null,null,null,null,null,null,null,null,null,null,4779]
[null,null,null,null,null,null,null,null,null,null,null,null,null,null,null,null,4780]
[null,null,null,null,null,null,null,null,null,null,null,null,null,null,null,null,4781]
[null,null,null,null,null,null,null,null,null,null,null,null,null,null,null,null,4782]
[null,null,null,null,null,null,null,null,null,null,null,null,null,null,null,null,4783]
[null,null,null,null,null,null,null,null,null,null,null,null,null,null,null,null,4784]
[null,null,null,null,null,null,null,null,null,null,null,null,null,null,null,null,4785]
[null,null,null,null,null,null,null,null,null,null,null,null,null,null,null,null,4786]
[null,null,null,null,null,null,null,null,null,null,null,null,null,null,null,null,4787]
[null,null,null,null,null,null,null,null,null,null,null,null,null,null,null,null,4788]
[null,null,null,null,null,null,null,null,null,null,null,null,null,null,null,null,4789]
[null,null,null,null,null,null,null,null,null,null,null,null,null,null,null,null,4790]
[null,null,null,null,null,null,null,null,null,null,null,null,null,null,null,null,4791]
[null,null,null,null,null,null,null,null,null,null,null,null,null,null,null,null,4792]
[null,null,null,null,null,null,null,null,null,null,null,null,null,null,null,null,4793]
[null,null,null,null,null,null,null,null,null,null,null,null,null,null,null,null,4794]
[null,null,null,null,null,null,null,null,null,null,null,null,null,null,null,null,4795]
[null,null,null,null,null,null,null,null,null,null,null,null,null,null,null,null,4796]
[null,null,null,null,null,null,null,null,null,null,null,null,null,null,null,null,4797]
[null,null,null,null,null,null,null,null,null,null,null,null,null,null,null,null,4798]
[null,null,null,null,null,null,null,null,null,null,null,null,null,null,null,null,4799]
[null,null,null,null,null,null,null,null,null,null,null,null,null,null,null,null,4800]
[null,null,null,null,null,null,null,null,null,null,null,null,null,null,null,null,4801]
[null,null,null,null,null,null,null,null,null,null,null,null,null,null,null,null,4802]
[null,null,null,null,null,null,null,null,null,null,null,null,null,null,null,null,4803]
[null,null,null,null,null,null,null,null,null,null,null,null,null,null,null,null,4804]
[null,null,null,null,null,null,null,null,null,null,null,null,null,null,null,null,4805]
[null,null,null,null,null,null,null,null,null,null,null,null,null,null,null,null,4806]
[null,null,null,null,null,null,null,null,null,null,null,null,null,null,null,null,4807]
[null,null,null,null,null,null,null,null,null,null,null,null,null,null,null,null,4808]
[null,null,null,null,null,null,null,null,null,null,null,null,null,null,null,null,4809]
[null,null,null,null,null,null,null,null,null,null,null,null,null,null,null,null,4810]
[null,null,null,null,null,null,null,null,null,null,null,null,null,null,null,null,4811]
[null,null,null,null,null,null,null,null,null,null,null,null,null,null,null,null,4812]
[null,null,null,null,null,null,null,null,null,null,null,null,null,null,null,null,4813]
[null,null,null,null,null,null,null,null,null,null,null,null,null,null,null,null,4814]
[null,null,null,null,null,null,null,null,null,null,null,null,null,null,null,null,4815]
[null,null,null,null,null,null,null,null,null,null,null,null,null,null,null,null,4816]
[null,null,null,null,null,null,null,null,null,null,null,null,null,null,null,null,4817]
[null,null,null,null,null,null,null,null,null,null,null,null,null,null,null,null,4818]
[null,null,null,null,null,null,null,null,null,null,null,null,null,null,null,null,4819]
[null,null,null,null,null,null,null,null,null,null,null,null,null,null,null,null,4820]
[null,null,null,null,null,null,null,null,null,null,null,null,null,null,null,null,4821]
[null,null,null,null,null,null,null,null,null,null,null,null,null,null,null,null,4822]
[null,null,null,null,null,null,null,null,null,null,null,null,null,null,null,null,4823]
[null,null,null,null,null,null,null,null,null,null,null,null,null,null,null,null,4824]
[null,null,null,null,null,null,null,null,null,null,null,null,null,null,null,null,4825]
[null,null,null,null,null,null,null,null,null,null,null,null,null,null,null,null,4826]
[null,null,null,null,null,null,null,null,null,null,null,null,null,null,null,null,4827]
[null,null,null,null,null,null,null,null,null,null,null,null,null,null,null,null,4828]
[null,null,null,null,null,null,null,null,null,null,null,null,null,null,null,null,4829]
[null,null,null,null,null,null,null,null,null,null,null,null,null,null,null,null,4830]
[null,null,null,null,null,null,null,null,null,null,null,null,null,null,null,null,4831]
[null,null,null,null,null,null,null,null,null,null,null,null,null,null,null,null,4832]
[null,null,null,null,null,null,null,null,null,null,null,null,null,null,null,null,4833]
[null,null,null,null,null,null,null,null,null,null,null,null,null,null,null,null,4834]
[null,null,null,null,null,null,null,null,null,null,null,null,null,null,null,null,4835]
[null,null,null,null,null,null,null,null,null,null,null,null,null,null,null,null,4836]
[null,null,null,null,null,null,null,null,null,null,null,null,null,null,null,null,4837]
[null,null,null,null,null,null,null,null,null,null,null,null,null,null,null,null,4838]
[null,null,null,null,null,null,null,null,null,null,null,null,null,null,null,null,4839]
[null,null,null,null,null,null,null,null,null,null,null,null,null,null,null,null,4840]
[null,null,null,null,null,null,null,null,null,null,null,null,null,null,null,null,4841]
[null,null,null,null,null,null,null,null,null,null,null,null,null,null,null,null,4842]
[null,null,null,null,null,null,null,null,null,null,null,null,null,null,null,null,4843]
[null,null,null,null,null,null,null,null,null,null,null,null,null,null,null,null,4844]
[null,null,null,null,null,null,null,null,null,null,null,null,null,null,null,null,4845]
[null,null,null,null,null,null,null,null,null,null,null,null,null,null,null,null,4846]
[null,null,null,null,null,null,null,null,null,null,null,null,null,null,null,null,4847]
[null,null,null,null,null,null,null,null,null,null,null,null,null,null,null,null,4848]
[null,null,null,null,null,null,null,null,null,null,null,null,null,null,null,null,4849]
[null,null,null,null,null,null,null,null,null,null,null,null,null,null,null,null,4850]
[null,null,null,null,null,null,null,null,null,null,null,null,null,null,null,null,4851]
[null,null,null,null,null,null,null,null,null,null,null,null,null,null,null,null,4852]
[null,null,null,null,null,null,null,null,null,null,null,null,null,null,null,null,4853]
[null,null,null,null,null,null,null,null,null,null,null,null,null,null,null,null,4854]
[null,null,null,null,null,null,null,null,null,null,null,null,null,null,null,null,4855]
[null,null,null,null,null,null,null,null,null,null,null,null,null,null,null,null,4856]
[null,null,null,null,null,null,null,null,null,null,null,null,null,null,null,null,4857]
[null,null,null,null,null,null,null,null,null,null,null,null,null,null,null,null,4858]
[null,null,null,null,null,null,null,null,null,null,null,null,null,null,null,null,4859]
[null,null,null,null,null,null,null,null,null,null,null,null,null,null,null,null,4860]
[null,null,null,null,null,null,null,null,null,null,null,null,null,null,null,null,4861]
[null,null,null,null,null,null,null,null,null,null,null,null,null,null,null,null,4862]
[null,null,null,null,null,null,null,null,null,null,null,null,null,null,null,null,4863]
[null,null,null,null,null,null,null,null,null,null,null,null,null,null,null,null,4864]
[null,null,null,null,null,null,null,null,null,null,null,null,null,null,null,null,4865]
[null,null,null,null,null,null,null,null,null,null,null,null,null,null,null,null,4866]
[null,null,null,null,null,null,null,null,null,null,null,null,null,null,null,null,4867]
[null,null,null,null,null,null,null,null,null,null,null,null,null,null,null,null,4868]
[null,null,null,null,null,null,null,null,null,null,null,null,null,null,null,null,4869]
[null,null,null,null,null,null,null,null,null,null,null,null,null,null,null,null,4870]
[null,null,null,null,null,null,null,null,null,null,null,null,null,null,null,null,4871]
[null,null,null,null,null,null,null,null,null,null,null,null,null,null,null,null,4872]
[null,null,null,null,null,null,null,null,null,null,null,null,null,null,null,null,4873]
[null,null,null,null,null,null,null,null,null,null,null,null,null,null,null,null,4874]
[null,null,null,null,null,null,null,null,null,null,null,null,null,null,null,null,4875]
[null,null,null,null,null,null,null,null,null,null,null,null,null,null,null,null,4876]
[null,null,null,null,null,null,null,null,null,null,null,null,null,null,null,null,4877]
[null,null,null,null,null,null,null,null,null,null,null,null,null,null,null,null,4878]
[null,null,null,null,null,null,null,null,null,null,null,null,null,null,null,null,4879]
[null,null,null,null,null,null,null,null,null,null,null,null,null,null,null,null,4880]
[null,null,null,null,null,null,null,null,null,null,null,null,null,null,null,null,4881]
[null,null,null,null,null,null,null,null,null,null,null,null,null,null,null,null,4882]
[null,null,null,null,null,null,null,null,null,null,null,null,null,null,null,null,4883]
[null,null,null,null,null,null,null,null,null,null,null,null,null,null,null,null,4884]
[null,null,null,null,null,null,null,null,null,null,null,null,null,null,null,null,4885]
[null,null,null,null,null,null,null,null,null,null,null,null,null,null,null,null,4886]
[null,null,null,null,null,null,null,null,null,null,null,null,null,null,null,null,4887]
[null,null,null,null,null,null,null,null,null,null,null,null,null,null,null,null,4888]
[null,null,null,null,null,null,null,null,null,null,null,null,null,null,null,null,4889]
[null,null,null,null,null,null,null,null,null,null,null,null,null,null,null,null,4890]
[null,null,null,null,null,null,null,null,null,null,null,null,null,null,null,null,4891]
[null,null,null,null,null,null,null,null,null,null,null,null,null,null,null,null,4892]
[null,null,null,null,null,null,null,null,null,null,null,null,null,null,null,null,4893]
[null,null,null,null,null,null,null,null,null,null,null,null,null,null,null,null,4894]
[null,null,null,null,null,null,null,null,null,null,null,null,null,null,null,null,4895]
[null,null,null,null,null,null,null,null,null,null,null,null,null,null,null,null,4896]
[null,null,null,null,null,null,null,null,null,null,null,null,null,null,null,null,4897]
[null,null,null,null,null,null,null,null,null,null,null,null,null,null,null,null,4898]
[null,null,null,null,null,null,null,null,null,null,null,null,null,null,null,null,4899]
[null,null,null,null,null,null,null,null,null,null,null,null,null,null,null,null,4900]
[null,null,null,null,null,null,null,null,null,null,null,null,null,null,null,null,4901]
[null,null,null,null,null,null,null,null,null,null,null,null,null,null,null,null,4902]
[null,null,null,null,null,null,null,null,null,null,null,null,null,null,null,null,4903]
[null,null,null,null,null,null,null,null,null,null,null,null,null,null,null,null,4904]
[null,null,null,null,null,null,null,null,null,null,null,null,null,null,null,null,4905]
[null,null,null,null,null,null,null,null,null,null,null,null,null,null,null,null,4906]
[null,null,null,null,null,null,null,null,null,null,null,null,null,null,null,null,4907]
[null,null,null,null,null,null,null,null,null,null,null,null,null,null,null,null,4908]
[null,null,null,null,null,null,null,null,null,null,null,null,null,null,null,null,4909]
[null,null,null,null,null,null,null,null,null,null,null,null,null,null,null,null,4910]
[null,null,null,null,null,null,null,null,null,null,null,null,null,null,null,null,4911]
[null,null,null,null,null,null,null,null,null,null,null,null,null,null,null,null,4912]
[null,null,null,null,null,null,null,null,null,null,null,null,null,null,null,null,4913]
[null,null,null,null,null,null,null,null,null,null,null,null,null,null,null,null,4914]
[null,null,null,null,null,null,null,null,null,null,null,null,null,null,null,null,4915]
[null,null,null,null,null,null,null,null,null,null,null,null,null,null,null,null,4916]
[null,null,null,null,null,null,null,null,null,null,null,null,null,null,null,null,4917]
[null,null,null,null,null,null,null,null,null,null,null,null,null,null,null,null,4918]
[null,null,null,null,null,null,null,null,null,null,null,null,null,null,null,null,4919]
[null,null,null,null,null,null,null,null,null,null,null,null,null,null,null,null,4920]
[null,null,null,null,null,null,null,null,null,null,null,null,null,null,null,null,4921]
[null,null,null,null,null,null,null,null,null,null,null,null,null,null,null,null,4922]
[null,null,null,null,null,null,null,null,null,null,null,null,null,null,null,null,4923]
[null,null,null,null,null,null,null,null,null,null,null,null,null,null,null,null,4924]
[null,null,null,null,null,null,null,null,null,null,null,null,null,null,null,null,4925]
[null,null,null,null,null,null,null,null,null,null,null,null,null,null,null,null,4926]
[null,null,null,null,null,null,null,null,null,null,null,null,null,null,null,null,4927]
[null,null,null,null,null,null,null,null,null,null,null,null,null,null,null,null,4928]
[null,null,null,null,null,null,null,null,null,null,null,null,null,null,null,null,4929]
[null,null,null,null,null,null,null,null,null,null,null,null,null,null,null,null,4930]
[null,null,null,null,null,null,null,null,null,null,null,null,null,null,null,null,4931]
[null,null,null,null,null,null,null,null,null,null,null,null,null,null,null,null,4932]
[null,null,null,null,null,null,null,null,null,null,null,null,null,null,null,null,4933]
[null,null,null,null,null,null,null,null,null,null,null,null,null,null,null,null,4934]
[null,null,null,null,null,null,null,null,null,null,null,null,null,null,null,null,4935]
[null,null,null,null,null,null,null,null,null,null,null,null,null,null,null,null,4936]
[null,null,null,null,null,null,null,null,null,null,null,null,null,null,null,null,4937]
[null,null,null,null,null,null,null,null,null,null,null,null,null,null,null,null,4938]
[null,null,null,null,null,null,null,null,null,null,null,null,null,null,null,null,4939]
[null,null,null,null,null,null,null,null,null,null,null,null,null,null,null,null,4940]
[null,null,null,null,null,null,null,null,null,null,null,null,null,null,null,null,4941]
[null,null,null,null,null,null,null,null,null,null,null,null,null,null,null,null,4942]
[null,null,null,null,null,null,null,null,null,null,null,null,null,null,null,null,4943]
[null,null,null,null,null,null,null,null,null,null,null,null,null,null,null,null,4944]
[null,null,null,null,null,null,null,null,null,null,null,null,null,null,null,null,4945]
[null,null,null,null,null,null,null,null,null,null,null,null,null,null,null,null,4946]
[null,null,null,null,null,null,null,null,null,null,null,null,null,null,null,null,4947]
[null,null,null,null,null,null,null,null,null,null,null,null,null,null,null,null,4948]
[null,null,null,null,null,null,null,null,null,null,null,null,null,null,null,null,4949]
[null,null,null,null,null,null,null,null,null,null,null,null,null,null,null,null,4950]
[null,null,null,null,null,null,null,null,null,null,null,null,null,null,null,null,4951]
[null,null,null,null,null,null,null,null,null,null,null,null,null,null,null,null,4952]
[null,null,null,null,null,null,null,null,null,null,null,null,null,null,null,null,4953]
[null,null,null,null,null,null,null,null,null,null,null,null,null,null,null,null,4954]
[null,null,null,null,null,null,null,null,null,null,null,null,null,null,null,null,4955]
[null,null,null,null,null,null,null,null,null,null,null,null,null,null,null,null,4956]
[null,null,null,null,null,null,null,null,null,null,null,null,null,null,null,null,4957]
[null,null,null,null,null,null,null,null,null,null,null,null,null,null,null,null,4958]
[null,null,null,null,null,null,null,null,null,null,null,null,null,null,null,null,4959]
[null,null,null,null,null,null,null,null,null,null,null,null,null,null,null,null,4960]
[null,null,null,null,null,null,null,null,null,null,null,null,null,null,null,null,4961]
[null,null,null,null,null,null,null,null,null,null,null,null,null,null,null,null,4962]
[null,null,null,null,null,null,null,null,null,null,null,null,null,null,null,null,4963]
[null,null,null,null,null,null,null,null,null,null,null,null,null,null,null,null,4964]
[null,null,null,null,null,null,null,null,null,null,null,null,null,null,null,null,4965]
[null,null,null,null,null,null,null,null,null,null,null,null,null,null,null,null,4966]
[null,null,null,null,null,null,null,null,null,null,null,null,null,null,null,null,4967]
[null,null,null,null,null,null,null,null,null,null,null,null,null,null,null,null,4968]
[null,null,null,null,null,null,null,null,null,null,null,null,null,null,null,null,4969]
[null,null,null,null,null,null,null,null,null,null,null,null,null,null,null,null,4970]
[null,null,null,null,null,null,null,null,null,null,null,null,null,null,null,null,4971]
[null,null,null,null,null,null,null,null,null,null,null,null,null,null,null,null,4972]
[null,null,null,null,null,null,null,null,null,null,null,null,null,null,null,null,4973]
[null,null,null,null,null,null,null,null,null,null,null,null,null,null,null,null,4974]
[null,null,null,null,null,null,null,null,null,null,null,null,null,null,null,null,4975]
[null,null,null,null,null,null,null,null,null,null,null,null,null,null,null,null,4976]
[null,null,null,null,null,null,null,null,null,null,null,null,null,null,null,null,4977]
[null,null,null,null,null,null,null,null,null,null,null,null,null,null,null,null,4978]
[null,null,null,null,null,null,null,null,null,null,null,null,null,null,null,null,4979]
[null,null,null,null,null,null,null,null,null,null,null,null,null,null,null,null,4980]
[null,null,null,null,null,null,null,null,null,null,null,null,null,null,null,null,4981]
[null,null,null,null,null,null,null,null,null,null,null,null,null,null,null,null,4982]
[null,null,null,null,null,null,null,null,null,null,null,null,null,null,null,null,4983]
[null,null,null,null,null,null,null,null,null,null,null,null,null,null,null,null,4984]
[null,null,null,null,null,null,null,null,null,null,null,null,null,null,null,null,4985]
[null,null,null,null,null,null,null,null,null,null,null,null,null,null,null,null,4986]
[null,null,null,null,null,null,null,null,null,null,null,null,null,null,null,null,4987]
[null,null,null,null,null,null,null,null,null,null,null,null,null,null,null,null,4988]
[null,null,null,null,null,null,null,null,null,null,null,null,null,null,null,null,4989]
[null,null,null,null,null,null,null,null,null,null,null,null,null,null,null,null,4990]
[null,null,null,null,null,null,null,null,null,null,null,null,null,null,null,null,4991]
[null,null,null,null,null,null,null,null,null,null,null,null,null,null,null,null,4992]
[null,null,null,null,null,null,null,null,null,null,null,null,null,null,null,null,4993]
[null,null,null,null,null,null,null,null,null,null,null,null,null,null,null,null,4994]
[null,null,null,null,null,null,null,null,null,null,null,null,null,null,null,null,4995]
[null,null,null,null,null,null,null,null,null,null,null,null,null,null,null,null,4996]
[null,null,null,null,null,null,null,null,null,null,null,null,null,null,null,null,4997]
[null,null,null,null,null,null,null,null,null,null,null,null,null,null,null,null,4998]
[null,null,null,null,null,null,null,null,null,null,null,null,null,null,null,null,4999]
[null,null,null,null,null,null,null,null,null,null,null,null,null,null,null,null,5000]
[null,null,null,null,null,null,null,null,null,null,null,null,null,null,null,null,5001]

{"sheet":"DEFINITIONS","index":7,"n_rows":26,"n_cols":26,"rows_kept":26,"cut":false,"hidden":false,"merged":[[0,11,0,12]]}
["الموردين",null,"الأقسام\nDEPARTMENTS",null,"المستودعات\nSTORES",null,"مجموعات الأصناف\nCATEGORY","كود المجموعة\nCAT. CODE",null,"وحدة الصنف\nITEM UNIT",null,"بيانات المستخدم\nUSER LOGIN INFORMATION",null,null,"MENUE-0","RECEIPT_NOTE"," DELIVERY_NOTE","DATA"," DATA_SOURCE"," OPENING_BALANCE"," DEFINITION"," ITEMS_REPORTS"," GENERAL_REPORTS"]
["AURAFIX",null,"العروبة ستار الرفاع",null,"الاندلس",null,null,null,null,"BAG",null,"USER NAM - إسم المستخدم",{"$f":"Z4","v":123},null,"إذن استلام - RECEIPT NOTE","إذن صرف - DELIVERY NOTE","إذن استلام - RECEIPT NOTE","إذن استلام - RECEIPT NOTE","إذن استلام - RECEIPT NOTE","إذن استلام - RECEIPT NOTE","إذن استلام - RECEIPT NOTE","إذن استلام - RECEIPT NOTE","إذن استلام - RECEIPT NOTE"]
["KEBO",null,"العروبة ستار المنامة ",null,null,null,null,null,null,"BOTTLE",null,"PASSWORD - كلمة المرور",{"$f":"Z5","v":123},null,"إذن صرف - DELIVERY NOTE","حركة الأصناف - DATA","حركة الأصناف - DATA","إذن صرف - DELIVERY NOTE","إذن صرف - DELIVERY NOTE","إذن صرف - DELIVERY NOTE","إذن صرف - DELIVERY NOTE","إذن صرف - DELIVERY NOTE","إذن صرف - DELIVERY NOTE"]
["FOSHAN",null,"كايرو ستار",null,null,null,null,null,null,"BOX",null,null,null,null,"حركة الأصناف - DATA","البيانات الأساسية - DATA SOURCE","البيانات الأساسية - DATA SOURCE","البيانات الأساسية - DATA SOURCE","حركة الأصناف - DATA","حركة الأصناف - DATA","حركة الأصناف - DATA","حركة الأصناف - DATA","حركة الأصناف - DATA","USER NAM - إسم المستخدم",123,123]
["KAIYANG",null,"توب ميديكال ",null,null,null,null,null,null,"BUNDLE",null,null,null,null,"البيانات الأساسية - DATA SOURCE","رصيد افتتاحي - OPENING BALANCE","رصيد افتتاحي - OPENING BALANCE","رصيد افتتاحي - OPENING BALANCE","رصيد افتتاحي - OPENING BALANCE","البيانات الأساسية - DATA SOURCE","البيانات الأساسية - DATA SOURCE","البيانات الأساسية - DATA SOURCE","البيانات الأساسية - DATA SOURCE","PASSWORD - كلمة المرور",123,123]
["JIANLIAN",null,"نيو ميديكال",null,null,null,null,null,null,"CAN",null,null,null,null,"رصيد افتتاحي - OPENING BALANCE","تعريفات - DEFINITION","تعريفات - DEFINITION","تعريفات - DEFINITION","تعريفات - DEFINITION","تعريفات - DEFINITION","رصيد افتتاحي - OPENING BALANCE","رصيد افتتاحي - OPENING BALANCE","رصيد افتتاحي - OPENING BALANCE"]
["MICACARE (ALLEN)",null,"ستبميد",null,null,null,null,null,null,"CARTON",null,null,null,null,"تعريفات - DEFINITION","تقارير الأصناف - ITEMS REPORTS","تقارير الأصناف - ITEMS REPORTS","تقارير الأصناف - ITEMS REPORTS","تقارير الأصناف - ITEMS REPORTS","تقارير الأصناف - ITEMS REPORTS","تقارير الأصناف - ITEMS REPORTS","تعريفات - DEFINITION","تعريفات - DEFINITION"]
["FOSHAN REDAR",null,"الاندلس للتجارة المنامة ",null,null,null,null,null,null,"DOZEN",null,null,null,null,"تقارير الأصناف - ITEMS REPORTS","تقارير عامة - GENERAL REPORTS","تقارير عامة - GENERAL REPORTS","تقارير عامة - GENERAL REPORTS","تقارير عامة - GENERAL REPORTS","تقارير عامة - GENERAL REPORTS","تقارير عامة - GENERAL REPORTS","تقارير عامة - GENERAL REPORTS","تقارير الأصناف - ITEMS REPORTS"]
["TRUE LIFE",null,"الاندلس للمعدات السلمانية",null,null,null,null,null,null,"GALLON",null,null,null,null,"تقارير عامة - GENERAL REPORTS","الرئيسية - MAIN","الرئيسية - MAIN","الرئيسية - MAIN","الرئيسية - MAIN","الرئيسية - MAIN","الرئيسية - MAIN","الرئيسية - MAIN","الرئيسية - MAIN"]
["HEBEI BAIYANG",null,"الاندلس البسيتين",null,null,null,null,null,null,"GRAM",null,null,null,null,"الرئيسية - MAIN"]
["KTMED",null,"العروبة",null,null,null,null,null,null,"K/G"]
["ELMASLER",null,null,null,null,null,null,null,null,"PACK"]
["PROMEDICS",null,null,null,null,null,null,null,null,"PACKAGE"]
["REHAB",null,null,null,null,null,null,null,null,"PIECE"]
["FRESCO"]
["FIRSTAR"]
["WELL LANDS"]
["YEWELL"]
["EVERYWAY"]
["ALPHA"]
["CHINA SUPPORT"]
["LOXOR"]
["ORTHOSOFT"]
["ANKLE WALKER"]
["ROYAL"]
["GENERAL"]

{"sheet":"OPENING BALANCES","index":8,"n_rows":1131,"n_cols":13,"rows_kept":1131,"cut":false,"hidden":false,"merged":[[1,0,1,9]]}
[null,null,null,null,"DOUBL CLICK HERE TO DISPLAY POSTING BUTTON"]
["ITEMES OPENING BALANCES ON 01/12/2021"]
[]
["T.PRICE","U.PRICE","QTY","SUPPLIER","UNIT","CATEGORY","DESCRIPTION ","ITEM No.","DOC. No.","DATE",null,null,{"$f":"COUNTIF(I5:I1000,I5)","v":996}]
[{"$f":"C5*B5","v":0},10,0,"Aurafix","PIECE","CAT-001","رقبة تركي سوفت S",1,"O/B","2021-12-01"]
[{"$f":"C6*B6","v":0},11,0,"Aurafix","PIECE","CAT-002","رقبة تركي سوفت M",2,"O/B","2021-12-01"]
[0,12,0,"Aurafix","PIECE","CAT-003","رقبة تركي سوفت L",3,"O/B","2021-12-01"]
[26,13,2,"Aurafix","PIECE","CAT-004","رقبة تركي هارد S",4,"O/B","2021-12-01"]
[98,14,7,"Aurafix","PIECE","CAT-005","رقبة تركي هارد M",5,"O/B","2021-12-01"]
[120,15,8,"Aurafix","PIECE","CAT-006","رقبة تركي هارد L",6,"O/B","2021-12-01"]
[16,16,1,"Aurafix","PIECE","CAT-007","رقبة تركي 921 L",7,"O/B","2021-12-01"]
[17,17,1,"Aurafix","PIECE","CAT-008","رقبة تركي بلاستيك S",8,"O/B","2021-12-01"]
[0,18,0,"Aurafix","PIECE","CAT-009","رقبة تركي بلاستيك M",9,"O/B","2021-12-01"]
[0,19,0,"Aurafix","PIECE","CAT-010","رقبة تركي بلاستيك L",10,"O/B","2021-12-01"]
[0,20,0,"Aurafix","PIECE","CAT-011","رقبة تركي أدجاستبل S",11,"O/B","2021-12-01"]
[84,21,4,"Aurafix","PIECE","CAT-012","رقبة تركي أدجاستبل M",12,"O/B","2021-12-01"]
[66,22,3,"Aurafix","PIECE","CAT-013","رقبة تركي أدجاستيل L",13,"O/B","2021-12-01"]
[23,23,1,"Aurafix","PIECE","CAT-014","رقبة مفتوحة من القصبة الهوائية S",14,"O/B","2021-12-01"]
[0,24,0,"Aurafix","PIECE","CAT-015","رقبة مفتوحة من القصبة الهوائية M",15,"O/B","2021-12-01"]
[25,25,1,"Aurafix","PIECE","CAT-016","رقبة مفتوحة من القصبة الهوائية L",16,"O/B","2021-12-01"]
[312,26,12,"Aurafix","PIECE","CAT-017","ريست بدون أصبع أورافيكس R",17,"O/B","2021-12-01"]
[621,27,23,"Aurafix","PIECE","CAT-018","ريست بدون أصبع أورافيكس L",18,"O/B","2021-12-01"]
[532,28,19,"Aurafix","PIECE","CAT-019","ريست بالأصبع أورافيكس R",19,"O/B","2021-12-01"]
[638,29,22,"Aurafix","PIECE","CAT-020","ريست بالأصبع أورافيكس L",20,"O/B","2021-12-01"]
[90,30,3,"Aurafix","PIECE","CAT-021","ماسك جارد S",21,"O/B","2021-12-01"]
[93,31,3,"Aurafix","PIECE","CAT-022","ماسك جارد M",22,"O/B","2021-12-01"]
[0,32,0,"Aurafix","PIECE","CAT-023","ماسك جارد L",23,"O/B","2021-12-01"]
[264,33,8,"Aurafix","PIECE","CAT-024","مثبت أصبع 612 M",24,"O/B","2021-12-01"]
[102,34,3,"Aurafix","PIECE","CAT-025","مثبت أصبع 612 L",25,"O/B","2021-12-01"]
[0,35,0,"Aurafix","PIECE","CAT-026","ركبة 111 S",26,"O/B","2021-12-01"]
[144,36,4,"Aurafix","PIECE","CAT-027","ركبة 111 M",27,"O/B","2021-12-01"]
[148,37,4,"Aurafix","PIECE","CAT-028","ركبة 111 L",28,"O/B","2021-12-01"]
[152,38,4,"Aurafix","PIECE","CAT-029","ركبة 111 XL",29,"O/B","2021-12-01"]
[156,39,4,"Aurafix","PIECE","CAT-030","ركبة 111 XXL",30,"O/B","2021-12-01"]
[null,10,3,"Aurafix","PIECE","CAT-031","مشد كتف أطفال S",31,"O/B","2021-12-01"]
[null,11,3,"Aurafix","PIECE","CAT-032","مشد كتف أطفال XS",32,"O/B","2021-12-01"]
[null,12,3,"Aurafix","PIECE","CAT-033","ريست تركي يمين S",33,"O/B","2021-12-01"]
[null,13,1,"Aurafix","PIECE","CAT-034","ريست تركي يمين M",34,"O/B","2021-12-01"]
[null,14,1,"Aurafix","PIECE","CAT-035","ريست تركي يمين L",35,"O/B","2021-12-01"]
[null,15,2,"Aurafix","PIECE","CAT-036","ريست تركي يمين XL",36,"O/B","2021-12-01"]
[null,16,3,"Aurafix","PIECE","CAT-037","ريست تركي يسار S",37,"O/B","2021-12-01"]
[null,17,1,"Aurafix","PIECE","CAT-038","ريست تركي يسار M",38,"O/B","2021-12-01"]
[null,18,2,"Aurafix","PIECE","CAT-039","ريست تركي يسار L",39,"O/B","2021-12-01"]
[null,19,2,"Aurafix","PIECE","CAT-040","ريست تركي يسار XL",40,"O/B","2021-12-01"]
[null,20,12,"Aurafix","PIECE","CAT-041","معصم يد يمين",41,"O/B","2021-12-01"]
[null,21,12,"Aurafix","PIECE","CAT-042","معصم يد يسار",42,"O/B","2021-12-01"]
[null,22,0,"Aurafix","PIECE","CAT-043","رقبة أطفال S",43,"O/B","2021-12-01"]
[null,23,7,"Aurafix","PIECE","CAT-044","رقبة أطفال XS",44,"O/B","2021-12-01"]
[null,24,2,"Aurafix","PIECE","CAT-045","ركبة أطفال S",45,"O/B","2021-12-01"]
[null,25,2,"Aurafix","PIECE","CAT-046","ركبة أطفال M",46,"O/B","2021-12-01"]
[null,26,3,"Aurafix","PIECE","CAT-047","ركبة أطفال L",47,"O/B","2021-12-01"]
[null,27,2,"Aurafix","PIECE","CAT-048","ريست أطفال S",48,"O/B","2021-12-01"]
[null,28,1,"Aurafix","PIECE","CAT-049","ريست أطفال M",49,"O/B","2021-12-01"]
[null,29,7,"Aurafix","PIECE","CAT-050","مشد كتف أطفال 140 S",50,"O/B","2021-12-01"]
[null,30,7,"Aurafix","PIECE","CAT-051","مشد كتف أطفال 140 XS",51,"O/B","2021-12-01"]
[null,31,13,"Aurafix","PIECE","CAT-052","دروب فوت STD",52,"O/B","2021-12-01"]
[null,32,9,"Aurafix","PIECE","CAT-053","أنكل فايبر بجل STD",53,"O/B","2021-12-01"]
[null,33,4,"Aurafix","PIECE","CAT-054","أنكل فايبر جديد",54,"O/B","2021-12-01"]
[null,34,12,"Aurafix","PIECE","CAT-055","مثبت أصبع R",55,"O/B","2021-12-01"]
[null,35,2,"Aurafix","PIECE","CAT-056","مثبت أصبع L",56,"O/B","2021-12-01"]
[null,36,2,"Aurafix","PIECE","CAT-057","ريست تركي جديد يمين S",57,"O/B","2021-12-01"]
[null,37,3,"Aurafix","PIECE","CAT-058","ريست تركي جديد يمين M",58,"O/B","2021-12-01"]
[null,38,0,"Aurafix","PIECE","CAT-059","ريست تركي جديد يمين L",59,"O/B","2021-12-01"]
[null,39,3,"Aurafix","PIECE","CAT-060","ريست تركي جديد يمين XL",60,"O/B","2021-12-01"]
[null,10,3,"Aurafix","PIECE","CAT-061","ريست تركي جديد يمين XXL",61,"O/B","2021-12-01"]
[null,11,2,"Aurafix","PIECE","CAT-062","ريست تركي جديد يسار S",62,"O/B","2021-12-01"]
[null,12,0,"Aurafix","PIECE","CAT-063","ريست تركي جديد يسار M",63,"O/B","2021-12-01"]
[null,13,0,"Aurafix","PIECE","CAT-064","ريست تركي جديد يسار L",64,"O/B","2021-12-01"]
[null,14,2,"Aurafix","PIECE","CAT-065","ريست تركي جديد يسار XL",65,"O/B","2021-12-01"]
[null,15,3,"Aurafix","PIECE","CAT-066","ريست تركي جديد يسار XXL",66,"O/B","2021-12-01"]
[null,16,3,"Aurafix","PIECE","CAT-067","حزام ظهر 3202",67,"O/B","2021-12-01"]
[null,17,12,"Aurafix","PIECE","CAT-068","حزام بطن 3203",68,"O/B","2021-12-01"]
[null,18,0,"Aurafix","PIECE","CAT-069","حزام بطن عريض S",69,"O/B","2021-12-01"]
[null,19,8,"Aurafix","PIECE","CAT-070","حزام بطن عريض M",70,"O/B","2021-12-01"]
[null,20,8,"Aurafix","PIECE","CAT-071","حزام بطن عريض L",71,"O/B","2021-12-01"]
[null,21,8,"Aurafix","PIECE","CAT-072","حزام بطن عريض XL",72,"O/B","2021-12-01"]
[null,22,3,"Aurafix","PIECE","CAT-073","حزام بطن كبير S",73,"O/B","2021-12-01"]
[null,23,8,"Aurafix","PIECE","CAT-074","حزام بطن كبير M",74,"O/B","2021-12-01"]
[null,24,8,"Aurafix","PIECE","CAT-075","حزام بطن كبير L",75,"O/B","2021-12-01"]
[null,25,3,"Aurafix","PIECE","CAT-076","حزام بطن كبير XL",76,"O/B","2021-12-01"]
[null,26,0,"Aurafix","PIECE","CAT-077","حزام بطن صغير S",77,"O/B","2021-12-01"]
[null,27,7,"Aurafix","PIECE","CAT-078","حزام بطن صغير M",78,"O/B","2021-12-01"]
[null,28,6,"Aurafix","PIECE","CAT-079","حزام بطن صغير L",79,"O/B","2021-12-01"]
[null,29,0,"Aurafix","PIECE","CAT-080","حزام بطن صغير XL",80,"O/B","2021-12-01"]
[null,30,0,"Aurafix","PIECE","CAT-081","حزام بطن أبيض S",81,"O/B","2021-12-01"]
[null,31,31,"Aurafix","PIECE","CAT-082","حزام بطن أبيض M",82,"O/B","2021-12-01"]
[null,32,29,"Aurafix","PIECE","CAT-083","حزام بطن أبيض  L",83,"O/B","2021-12-01"]
[null,33,5,"Aurafix","PIECE","CAT-084","حزام بطن أبيض XL",84,"O/B","2021-12-01"]
[null,34,6,"Aurafix","PIECE","CAT-085","حزام صدر S",85,"O/B","2021-12-01"]
[null,35,10,"Aurafix","PIECE","CAT-086","حزام صدر M",86,"O/B","2021-12-01"]
[null,36,8,"Aurafix","PIECE","CAT-087","حزام صدر L",87,"O/B","2021-12-01"]
[null,37,6,"Aurafix","PIECE","CAT-088","حزام صدر XL",88,"O/B","2021-12-01"]
[null,38,3,"Aurafix","PIECE","CAT-089","حزام الصدر TCL",89,"O/B","2021-12-01"]
[null,39,2,"Aurafix","PIECE","CAT-090","مشد كتف M - 53U",90,"O/B","2021-12-01"]
[null,10,2,"Aurafix","PIECE","CAT-091","مشد كتف L - 53U",91,"O/B","2021-12-01"]
[null,11,5,"Aurafix","PIECE","CAT-092","مشد كتف XL - 53",92,"O/B","2021-12-01"]
[null,12,2,"Aurafix","PIECE","CAT-093","مشد كتف XXL - 53",93,"O/B","2021-12-01"]
[null,13,1,"Aurafix","PIECE","CAT-094","فالبو S",94,"O/B","2021-12-01"]
[null,14,1,"Aurafix","PIECE","CAT-095","فالبو M",95,"O/B","2021-12-01"]
[null,15,7,"Aurafix","PIECE","CAT-096","أبدكشن بالكرة",96,"O/B","2021-12-01"]
[null,16,0,"Aurafix","PIECE","CAT-097","مشد صدر S - A0-23",97,"O/B","2021-12-01"]
[null,17,2,"Aurafix","PIECE","CAT-098","مشد صدر M - A0-23",98,"O/B","2021-12-01"]
[null,18,2,"Aurafix","PIECE","CAT-099","مشد صدر L - A0-23",99,"O/B","2021-12-01"]
[null,19,1,"Aurafix","PIECE","CAT-100","مشد صدر XL - A0-23",100,"O/B","2021-12-01"]
[null,20,10,"Aurafix","PIECE","CAT-101","مثبت ركبة أطفال 25 سم",101,"O/B","2021-12-01"]
[null,21,9,"Aurafix","PIECE","CAT-102","مثبت ركبة أطفال 30 سم",102,"O/B","2021-12-01"]
[null,22,6,"Aurafix","PIECE","CAT-103","ريست M - 617",103,"O/B","2021-12-01"]
[null,23,3,"Aurafix","PIECE","CAT-104","هالكس فالجس R",104,"O/B","2021-12-01"]
[null,24,6,"Aurafix","PIECE","CAT-105","هالكس فالجس L",105,"O/B","2021-12-01"]
[null,25,0,"Aurafix","PIECE","CAT-106","انسول سيليكون عادي XS",106,"O/B","2021-12-01"]
[null,26,1,"Aurafix","PIECE","CAT-107","انسول سيليكون عادي S",107,"O/B","2021-12-01"]
[null,27,3,"Aurafix","PIECE","CAT-108","انسول سيليكون عادي M",108,"O/B","2021-12-01"]
[null,28,2,"Aurafix","PIECE","CAT-109","انسول سيليكون عادي L",109,"O/B","2021-12-01"]
[null,29,0,"Aurafix","PIECE","CAT-110","انسول سيليكون عادي XL",110,"O/B","2021-12-01"]
[null,30,0,"Aurafix","PIECE","CAT-111","انسول سيليكون عادي XXL",111,"O/B","2021-12-01"]
[null,31,6,"Aurafix","PIECE","CAT-112","انسول سيليكون فلات فوت XS",112,"O/B","2021-12-01"]
[null,32,8,"Aurafix","PIECE","CAT-113","انسول سيليكون فلات فوت S",113,"O/B","2021-12-01"]
[null,33,16,"Aurafix","PIECE","CAT-114","انسول سيليكون فلات فوت M",114,"O/B","2021-12-01"]
[null,34,19,"Aurafix","PIECE","CAT-115","انسول سيليكون فلات فوت L",115,"O/B","2021-12-01"]
[null,35,17,"Aurafix","PIECE","CAT-116","انسول سيليكون فلات فوت XL",116,"O/B","2021-12-01"]
[null,36,22,"Aurafix","PIECE","CAT-117","انسول سيليكون فلات فوت XXL",117,"O/B","2021-12-01"]
[null,37,9,"Aurafix","PIECE","CAT-118","حامل خصية S",118,"O/B","2021-12-01"]
[null,38,9,"Aurafix","PIECE","CAT-119","حامل خصية M",119,"O/B","2021-12-01"]
[null,39,29,"Aurafix","PIECE","CAT-120","أنكل تركي 3400 STD",120,"O/B","2021-12-01"]
[null,10,46,"Aurafix","PIECE","CAT-121","أنكل تركي 3401 STD",121,"O/B","2021-12-01"]
[null,11,25,"Aurafix","PIECE","CAT-122","جل أورافيكس",122,"O/B","2021-12-01"]
[null,12,0,"Aurafix","PIECE","CAT-123","حزام ظهر كامل S",123,"O/B","2021-12-01"]
[null,13,1,"Aurafix","PIECE","CAT-124","حزام ظهر كامل M",124,"O/B","2021-12-01"]
[null,14,0,"Aurafix","PIECE","CAT-125","حزام ظهر كامل L",125,"O/B","2021-12-01"]
[null,15,1,"Aurafix","PIECE","CAT-126","حزام ظهر كامل XL",126,"O/B","2021-12-01"]
[null,16,0,"Aurafix","PIECE","CAT-127","حزام ظهر كامل XXL",127,"O/B","2021-12-01"]
[null,17,1,"Aurafix","PIECE","CAT-128","بندانة أذن S",128,"O/B","2021-12-01"]
[null,18,1,"Aurafix","PIECE","CAT-129","بندانة أذن M",129,"O/B","2021-12-01"]
[null,19,8,"Aurafix","PIECE","CAT-130","CDH ثابت - S",130,"O/B","2021-12-01"]
[null,20,7,"Aurafix","PIECE","CAT-131","CDH ثابت - M",131,"O/B","2021-12-01"]
[null,21,0,"Aurafix","PIECE","CAT-132","CDH ثابت - L",132,"O/B","2021-12-01"]
[null,22,0,"Aurafix","PIECE","CAT-133","حامل ذراع أطفال XS",133,"O/B","2021-12-01"]
[null,23,1,"Aurafix","PIECE","CAT-134","حامل ذراع أطفال  XXS",134,"O/B","2021-12-01"]
[null,24,5,"Aurafix","PIECE","CAT-135","حامل ذراع أطفال XS",135,"O/B","2021-12-01"]
[null,25,5,"Aurafix","PIECE","CAT-136","حامل ذراع أطفال XXS",136,"O/B","2021-12-01"]
[null,26,23,"Aurafix","PIECE","CAT-137","تنس البو 303",137,"O/B","2021-12-01"]
[null,27,3,"Aurafix","PIECE","CAT-138","ميزان تمارين 1 كجم",138,"O/B","2021-12-01"]
[null,28,3,"Aurafix","PIECE","CAT-139","ميزان تمارين 2 كجم",139,"O/B","2021-12-01"]
[null,29,1,"Aurafix","PIECE","CAT-140","ميزان تمارين 3 كجم",140,"O/B","2021-12-01"]
[null,30,1,"Aurafix","PIECE","CAT-141","ميزان تمارين 4 كجم",141,"O/B","2021-12-01"]
[null,31,0,"Aurafix","PIECE","CAT-142","ميزان تمارين 5 كجم",142,"O/B","2021-12-01"]
[null,32,7,"Aurafix","PIECE","CAT-143","باتيلا عادية",143,"O/B","2021-12-01"]
[null,33,9,"Aurafix","PIECE","CAT-144","باتيلا بجل",144,"O/B","2021-12-01"]
[null,34,1,"Aurafix","PIECE","CAT-145","ريست أطفال يمين S",145,"O/B","2021-12-01"]
[null,35,1,"Aurafix","PIECE","CAT-146","ريست أطفال يمين M",146,"O/B","2021-12-01"]
[null,36,1,"Aurafix","PIECE","CAT-147","ريست أطفال يمين L",147,"O/B","2021-12-01"]
[null,37,1,"Aurafix","PIECE","CAT-148","ريست أطفال يسار S",148,"O/B","2021-12-01"]
[null,38,1,"Aurafix","PIECE","CAT-149","ريست أطفال يسار M",149,"O/B","2021-12-01"]
[null,39,1,"Aurafix","PIECE","CAT-150","ريست أطفال يسار L",150,"O/B","2021-12-01"]
[null,10,3,"Aurafix","PIECE","CAT-151","تنس البو 308",151,"O/B","2021-12-01"]
[null,11,10,"Aurafix","PIECE","CAT-152","تنس البو 309",152,"O/B","2021-12-01"]
[null,12,0,"Aurafix","PIECE","CAT-153","حزام ظهر تركي نص S",153,"O/B","2021-12-01"]
[null,13,0,"Aurafix","PIECE","CAT-154","حزام ظهر تركي نص M",154,"O/B","2021-12-01"]
[null,14,1,"Aurafix","PIECE","CAT-155","حزام ظهر تركي نص L",155,"O/B","2021-12-01"]
[null,15,2,"Aurafix","PIECE","CAT-156","حزام ظهر تركي نص XL",156,"O/B","2021-12-01"]
[null,16,1,"Aurafix","PIECE","CAT-157","حزام ظهر تركي نص XXL",157,"O/B","2021-12-01"]
[null,17,1,"Aurafix","PIECE","CAT-158","مثبت ظهر كامل M",158,"O/B","2021-12-01"]
[null,18,2,"Aurafix","PIECE","CAT-159","مثبت ظهر كامل L",159,"O/B","2021-12-01"]
[null,19,1,"Aurafix","PIECE","CAT-160","كبشة يمين M - 06",160,"O/B","2021-12-01"]
[null,20,3,"Aurafix","PIECE","CAT-161","كبشة يمين L - 06",161,"O/B","2021-12-01"]
[null,21,1,"Aurafix","PIECE","CAT-162","كبشة يسار M - 06",162,"O/B","2021-12-01"]
[null,22,2,"Aurafix","PIECE","CAT-163","كبشة يسار L - 06",163,"O/B","2021-12-01"]
[null,23,2,"Aurafix","PIECE","CAT-164","كبشة يمين M - 08",164,"O/B","2021-12-01"]
[null,24,2,"Aurafix","PIECE","CAT-165","كبشة يمين L - 08",165,"O/B","2021-12-01"]
[null,25,3,"Aurafix","PIECE","CAT-166","كبشة يسار M - 08",166,"O/B","2021-12-01"]
[null,26,3,"Aurafix","PIECE","CAT-167","كبشة يسار L - 08",167,"O/B","2021-12-01"]
[null,27,1,"Aurafix","PIECE","CAT-168","بندانة تركي S",168,"O/B","2021-12-01"]
[null,28,1,"Aurafix","PIECE","CAT-169","بندانة تركي M",169,"O/B","2021-12-01"]
[null,29,0,"Aurafix","PIECE","CAT-170","مشد كتف تركي بالمقاس S",170,"O/B","2021-12-01"]
[null,30,1,"Aurafix","PIECE","CAT-171","مشد كتف تركي بالمقاس M",171,"O/B","2021-12-01"]
[null,31,0,"Aurafix","PIECE","CAT-172","مشد كتف تركي بالمقاس L",172,"O/B","2021-12-01"]
[null,32,1,"Aurafix","PIECE","CAT-173","مشد كتف تركي بالمقاس XL",173,"O/B","2021-12-01"]
[null,33,1,"Aurafix","PIECE","CAT-174","مشد كتف تركي بالمقاس XXL",174,"O/B","2021-12-01"]
[null,34,46,"Aurafix","PIECE","CAT-175","مشد كتف تركي فري سايز",175,"O/B","2021-12-01"]
[null,35,2,"Aurafix","PIECE","CAT-176","هاميراس بريس S",176,"O/B","2021-12-01"]
[null,36,2,"Aurafix","PIECE","CAT-177","هاميراس بريس M",177,"O/B","2021-12-01"]
[null,37,3,"Aurafix","PIECE","CAT-178","هاميراس بريس  L",178,"O/B","2021-12-01"]
[null,38,2,"Aurafix","PIECE","CAT-179","هاميراس بريس XL",179,"O/B","2021-12-01"]
[null,39,1,"Aurafix","PIECE","CAT-180","هاميراس بريس XXL",180,"O/B","2021-12-01"]
[null,10,0,"Aurafix","PIECE","CAT-181","فالبو S",181,"O/B","2021-12-01"]
[null,11,12,"Aurafix","PIECE","CAT-182","فالبو M",182,"O/B","2021-12-01"]
[null,12,7,"Aurafix","PIECE","CAT-183","فالبو L",183,"O/B","2021-12-01"]
[null,13,9,"Aurafix","PIECE","CAT-184","فالبو تركي فري سايز",184,"O/B","2021-12-01"]
[null,14,1,"Aurafix","PIECE","CAT-185","فالبو S",185,"O/B","2021-12-01"]
[null,15,2,"Aurafix","PIECE","CAT-186","فالبو M",186,"O/B","2021-12-01"]
[null,16,8,"Aurafix","PIECE","CAT-187","سيليكون كعب شراب S",187,"O/B","2021-12-01"]
[null,17,25,"Aurafix","PIECE","CAT-188","سيليكون كعب شراب M",188,"O/B","2021-12-01"]
[null,18,31,"Aurafix","PIECE","CAT-189","سيليكون كعب شراب L",189,"O/B","2021-12-01"]
[null,19,0,"Aurafix","PIECE","CAT-190","حامل ذراع أورافيكس S",190,"O/B","2021-12-01"]
[null,20,1,"Aurafix","PIECE","CAT-191","حامل ذراع أورافيكس M",191,"O/B","2021-12-01"]
[null,21,0,"Aurafix","PIECE","CAT-192","حامل ذراع أورافيكس L",192,"O/B","2021-12-01"]
[null,22,0,"Aurafix","PIECE","CAT-193","حامل ذراع أورافيكس XL",193,"O/B","2021-12-01"]
[null,23,0,"Aurafix","PIECE","CAT-194","حامل ذراع أورافيكس XXL",194,"O/B","2021-12-01"]
[null,24,0,"Aurafix","PIECE","CAT-195","انسول أرش جهاز812 - S",195,"O/B","2021-12-01"]
[null,25,0,"Aurafix","PIECE","CAT-196","انسول أرش جهاز812 - M",196,"O/B","2021-12-01"]
[null,26,3,"Aurafix","PIECE","CAT-197","انسول أرش جهاز812 - L",197,"O/B","2021-12-01"]
[null,27,0,"Aurafix","PIECE","CAT-198","انسول أرش جهاز812 -  XL",198,"O/B","2021-12-01"]
[null,28,0,"Aurafix","PIECE","CAT-199","انسول أرش جهاز 811 - S",199,"O/B","2021-12-01"]
[null,29,0,"Aurafix","PIECE","CAT-200","انسول أرش جهاز 811 - M",200,"O/B","2021-12-01"]
[null,30,1,"Aurafix","PIECE","CAT-201","انسول أرش جهاز 811 - L",201,"O/B","2021-12-01"]
[null,31,1,"Aurafix","PIECE","CAT-202","انسول أرش جهاز 811 - XL",202,"O/B","2021-12-01"]
[null,32,0,"Aurafix","PIECE","CAT-203","انسول أرش جهاز 810 - S",203,"O/B","2021-12-01"]
[null,33,0,"Aurafix","PIECE","CAT-204","انسول أرش جهاز 810 - M",204,"O/B","2021-12-01"]
[null,34,2,"Aurafix","PIECE","CAT-205","انسول أرش جهاز 810 - L",205,"O/B","2021-12-01"]
[null,35,2,"Aurafix","PIECE","CAT-206","انسول أرش جهاز 810 - XL",206,"O/B","2021-12-01"]
[null,36,1,"Aurafix","PIECE","CAT-207","انسول أرش جهاز أطفال S",207,"O/B","2021-12-01"]
[null,37,1,"Aurafix","PIECE","CAT-208","انسول أرش جهاز أطفال M",208,"O/B","2021-12-01"]
[null,38,1,"Aurafix","PIECE","CAT-209","انسول أرش جهاز أطفال L",209,"O/B","2021-12-01"]
[null,39,0,"Aurafix","PIECE","CAT-210","كورة سيليكون حمراء",210,"O/B","2021-12-01"]
[null,10,0,"Aurafix","PIECE","CAT-211","كورة سيليكون زرقاء",211,"O/B","2021-12-01"]
[null,11,0,"Aurafix","PIECE","CAT-212","كورة سيليكون خضراء",212,"O/B","2021-12-01"]
[null,12,8,"Aurafix","PIECE","CAT-213","سيليكون كعب S",213,"O/B","2021-12-01"]
[null,13,16,"Aurafix","PIECE","CAT-214","سيليكون كعب M",214,"O/B","2021-12-01"]
[null,14,20,"Aurafix","PIECE","CAT-215","سيليكون كعب L",215,"O/B","2021-12-01"]
[null,15,0,"Aurafix","PIECE","CAT-216","مثبت أصبع ORT مقاس 2",216,"O/B","2021-12-01"]
[null,16,0,"Aurafix","PIECE","CAT-217","مثبت أصبع ORT مقاس 2.5",217,"O/B","2021-12-01"]
[null,17,0,"Aurafix","PIECE","CAT-218","لمثبت أصبع ORT مقاس 3",218,"O/B","2021-12-01"]
[null,18,0,"Aurafix","PIECE","CAT-219","مثبت أصبع ORT مقاس 3.5",219,"O/B","2021-12-01"]
[null,19,0,"Aurafix","PIECE","CAT-220","مثبت أصبع ORT مقاس 4",220,"O/B","2021-12-01"]
[null,20,0,"Aurafix","PIECE","CAT-221","مثبت أصبع ORT مقاس 4.5",221,"O/B","2021-12-01"]
[null,21,0,"Aurafix","PIECE","CAT-222","مثبت أصبع ORT مقاس 5",222,"O/B","2021-12-01"]
[null,22,0,"Aurafix","PIECE","CAT-223","مثبت أصبع ORT مقاس 5.5",223,"O/B","2021-12-01"]
[null,23,0,"Aurafix","PIECE","CAT-224","مثبت أصبع ORT مقاس 6",224,"O/B","2021-12-01"]
[null,24,21,"Aurafix","PIECE","CAT-225","فاصل اصبع OTR 831",225,"O/B","2021-12-01"]
[null,25,3,"Aurafix","PIECE","CAT-226","سيليكون قدم 816 - S",226,"O/B","2021-12-01"]
[null,26,1,"Aurafix","PIECE","CAT-227","سليكون قدم 816 - M",227,"O/B","2021-12-01"]
[null,27,0,"Aurafix","PIECE","CAT-228","سيليكون قدم 818 - S",228,"O/B","2021-12-01"]
[null,28,0,"Aurafix","PIECE","CAT-229","سيليكون قدم 818 - M",229,"O/B","2021-12-01"]
[null,29,15,"Aurafix","PIECE","CAT-230","سيليكون أصبع 815",230,"O/B","2021-12-01"]
[null,30,0,"Aurafix","PIECE","CAT-231","شراب دوالي تحت الركبة مقاس 2",231,"O/B","2021-12-01"]
[null,31,17,"Aurafix","PIECE","CAT-232","شراب دوالي تحت الركبة مقاس 3",232,"O/B","2021-12-01"]
[null,32,25,"Aurafix","PIECE","CAT-233","شراب دوالي تحت الركبة مقاس 4",233,"O/B","2021-12-01"]
[null,33,5,"Aurafix","PIECE","CAT-234","شراب دوالي تحت الركبة مقاس 5",234,"O/B","2021-12-01"]
[null,34,3,"Aurafix","PIECE","CAT-235","شراب دوالي تحت الركبة مقاس 6",235,"O/B","2021-12-01"]
[null,35,20,"Aurafix","PIECE","CAT-236","شراب دوالي تحت الركبة مقاس 7",236,"O/B","2021-12-01"]
[null,36,3,"Aurafix","PIECE","CAT-237","شراب دوالي تحت الركبة مقاس 8",237,"O/B","2021-12-01"]
[null,37,0,"Aurafix","PIECE","CAT-238","شراب دوالي فوق الركبة مقاس 2",238,"O/B","2021-12-01"]
[null,38,5,"Aurafix","PIECE","CAT-239","شراب دوالي فوق الركبة مقاس 3",239,"O/B","2021-12-01"]
[null,39,2,"Aurafix","PIECE","CAT-240","شراب دوالي فوق الركبة مقاس 4",240,"O/B","2021-12-01"]
[null,10,1,"Aurafix","PIECE","CAT-241","شراب دوالي فوق الركبة مقاس 5",241,"O/B","2021-12-01"]
[null,11,10,"Aurafix","PIECE","CAT-242","شراب دوالي فوق الركبة مقاس 6",242,"O/B","2021-12-01"]
[null,12,2,"Aurafix","PIECE","CAT-243","شراب دوالي فوق الركبة مقاس 7",243,"O/B","2021-12-01"]
[null,13,6,"Aurafix","PIECE","CAT-244","شراب دوالي فوق الركبة مقاس 8",244,"O/B","2021-12-01"]
[null,14,2,"Aurafix","PIECE","CAT-245","شراب دوالي جديد 107 مقاس 2",245,"O/B","2021-12-01"]
[null,15,3,"Aurafix","PIECE","CAT-246","شراب دوالي جديد 107 مقاس 3",246,"O/B","2021-12-01"]
[null,16,3,"Aurafix","PIECE","CAT-247","شراب دوالي جديد 107 مقاس 4",247,"O/B","2021-12-01"]
[null,17,3,"Aurafix","PIECE","CAT-248","شراب دوالي جديد 107 مقاس 5",248,"O/B","2021-12-01"]
[null,18,3,"Aurafix","PIECE","CAT-249","شراب دوالي جديد 107 مقاس 6",249,"O/B","2021-12-01"]
[null,19,3,"Aurafix","PIECE","CAT-250","شراب دوالي جديد 107 مقاس 7",250,"O/B","2021-12-01"]
[null,20,0,"Aurafix","PIECE","CAT-251","شراب دوالي جديد 107 مقاس 8",251,"O/B","2021-12-01"]
[null,21,3,"Aurafix","PIECE","CAT-252","شراب دوالي بنطلون (بانتي هوس) مقاس 2",252,"O/B","2021-12-01"]
[null,22,2,"Aurafix","PIECE","CAT-253","شراب دوالي بنطلون (بانتي هوس) مقاس 3",253,"O/B","2021-12-01"]
[null,23,2,"Aurafix","PIECE","CAT-254","شراب دوالي بنطلون (بانتي هوس) مقاس 4",254,"O/B","2021-12-01"]
[null,24,2,"Aurafix","PIECE","CAT-255","شراب دوالي بنطلون (بانتي هوس) مقاس 5",255,"O/B","2021-12-01"]
[null,25,2,"Aurafix","PIECE","CAT-256","شراب دوالي بنطلون (بانتي هوس) مقاس 6",256,"O/B","2021-12-01"]
[null,26,1,"Aurafix","PIECE","CAT-257","شراب دوالي بنطلون (بانتي هوس) مقاس 7",257,"O/B","2021-12-01"]
[null,27,0,"Aurafix","PIECE","CAT-258","شراب دوالي بنطلون (بانتي هوس) مقاس 8",258,"O/B","2021-12-01"]
[null,28,1,"Aurafix","PIECE","CAT-259","فيست 1500 مقاس 2",259,"O/B","2021-12-01"]
[null,29,1,"Aurafix","PIECE","CAT-260","فيست 1500 مقاس 3",260,"O/B","2021-12-01"]
[null,30,1,"Aurafix","PIECE","CAT-261","فيست 1500 مقاس 4",261,"O/B","2021-12-01"]
[null,31,2,"Aurafix","PIECE","CAT-262","فيست 1500 مقاس 5",262,"O/B","2021-12-01"]
[null,32,1,"Aurafix","PIECE","CAT-263","فيست 1500 مقاس 6",263,"O/B","2021-12-01"]
[null,33,1,"Aurafix","PIECE","CAT-264","فيست 1500 مقاس 7",264,"O/B","2021-12-01"]
[null,34,1,"Aurafix","PIECE","CAT-265","فيست 1500 مقاس 8",265,"O/B","2021-12-01"]
[null,35,1,"Aurafix","PIECE","CAT-266","فيست 1505 مقاس 2",266,"O/B","2021-12-01"]
[null,36,1,"Aurafix","PIECE","CAT-267","فيست 1505 مقاس 3",267,"O/B","2021-12-01"]
[null,37,1,"Aurafix","PIECE","CAT-268","فيست 1505 مقاس 4",268,"O/B","2021-12-01"]
[null,38,1,"Aurafix","PIECE","CAT-269","فيست 1505 مقاس 5",269,"O/B","2021-12-01"]
[null,39,1,"Aurafix","PIECE","CAT-270","فيست 1505 مقاس 6",270,"O/B","2021-12-01"]
[null,10,1,"Aurafix","PIECE","CAT-271","فيست 1505 مقاس 7",271,"O/B","2021-12-01"]
[null,11,0,"Aurafix","PIECE","CAT-272","فيست 1505 مقاس 8",272,"O/B","2021-12-01"]
[null,12,1,"Aurafix","PIECE","CAT-273","فيست 1510 مقاس 2",273,"O/B","2021-12-01"]
[null,13,2,"Aurafix","PIECE","CAT-274","فيست 1510 مقاس 3",274,"O/B","2021-12-01"]
[null,14,1,"Aurafix","PIECE","CAT-275","فيست 1510 مقاس 4",275,"O/B","2021-12-01"]
[null,15,0,"Aurafix","PIECE","CAT-276","فيست 1510 مقاس 5",276,"O/B","2021-12-01"]
[null,16,1,"Aurafix","PIECE","CAT-277","فيست 1510 مقاس 6",277,"O/B","2021-12-01"]
[null,17,0,"Aurafix","PIECE","CAT-278","فيست 1510 مقاس 7",278,"O/B","2021-12-01"]
[null,18,0,"Aurafix","PIECE","CAT-279","فيست 1510 مقاس 8",279,"O/B","2021-12-01"]
[null,19,0,"Aurafix","PIECE","CAT-280","فيست 1520 مقاس 2",280,"O/B","2021-12-01"]
[null,20,2,"Aurafix","PIECE","CAT-281","فيست 1520 مقاس 3",281,"O/B","2021-12-01"]
[null,21,3,"Aurafix","PIECE","CAT-282","فيست 1520 مقاس 4",282,"O/B","2021-12-01"]
[null,22,3,"Aurafix","PIECE","CAT-283","فيست 1520 مقاس 5",283,"O/B","2021-12-01"]
[null,23,0,"Aurafix","PIECE","CAT-284","فيست 1520 مقاس 6",284,"O/B","2021-12-01"]
[null,24,3,"Aurafix","PIECE","CAT-285","فيست 1520 مقاس 7",285,"O/B","2021-12-01"]
[null,25,2,"Aurafix","PIECE","CAT-286","فيست 1520 مقاس 8",286,"O/B","2021-12-01"]
[null,26,0,"Aurafix","PIECE","CAT-287","فيست 1520 مقاس 9",287,"O/B","2021-12-01"]
[null,27,1,"Aurafix","PIECE","CAT-288","فيست 1540 مقاس 2",288,"O/B","2021-12-01"]
[null,28,0,"Aurafix","PIECE","CAT-289","فيست 1540 مقاس 3",289,"O/B","2021-12-01"]
[null,29,0,"Aurafix","PIECE","CAT-290","فيست 1540 مقاس 4",290,"O/B","2021-12-01"]
[null,30,1,"Aurafix","PIECE","CAT-291","فيست 1540 مقاس 5",291,"O/B","2021-12-01"]
[null,31,0,"Aurafix","PIECE","CAT-292","فيست 1540 مقاس 6",292,"O/B","2021-12-01"]
[null,32,1,"Aurafix","PIECE","CAT-293","فيست 1540 مقاس 7",293,"O/B","2021-12-01"]
[null,33,0,"Aurafix","PIECE","CAT-294","فيست 1540 مقاس 8",294,"O/B","2021-12-01"]
[null,34,1,"Aurafix","PIECE","CAT-295","فيست 1540 مقاس 9",295,"O/B","2021-12-01"]
[null,35,0,"Aurafix","PIECE","CAT-296","فيست 1575 مقاس 2",296,"O/B","2021-12-01"]
[null,36,1,"Aurafix","PIECE","CAT-297","فيست 1575 مقاس 3",297,"O/B","2021-12-01"]
[null,37,2,"Aurafix","PIECE","CAT-298","فيست 1575 مقاس 4",298,"O/B","2021-12-01"]
[null,38,3,"Aurafix","PIECE","CAT-299","فيست 1575 مقاس 5",299,"O/B","2021-12-01"]
[null,39,3,"Aurafix","PIECE","CAT-300","فيست 1575 مقاس 6",300,"O/B","2021-12-01"]
[null,10,3,"Aurafix","PIECE","CAT-301","فيست 1575 مقاس 7",301,"O/B","2021-12-01"]
[null,11,1,"Aurafix","PIECE","CAT-302","فيست 1575 مقاس 8",302,"O/B","2021-12-01"]
[null,12,0,"Aurafix","PIECE","CAT-303","فيست 1575 مقاس 9",303,"O/B","2021-12-01"]
[null,13,0,"Aurafix","PIECE","CAT-304","فيست 1585 مقاس 2",304,"O/B","2021-12-01"]
[null,14,1,"Aurafix","PIECE","CAT-305","فيست 1585 مقاس 3",305,"O/B","2021-12-01"]
[null,15,1,"Aurafix","PIECE","CAT-306","فيست 1585 مقاس 4",306,"O/B","2021-12-01"]
[null,16,1,"Aurafix","PIECE","CAT-307","فيست 1585 مقاس 5",307,"O/B","2021-12-01"]
[null,17,1,"Aurafix","PIECE","CAT-308","فيست 1585 مقاس 6",308,"O/B","2021-12-01"]
[null,18,1,"Aurafix","PIECE","CAT-309","فيست 1585 مقاس 7",309,"O/B","2021-12-01"]
[null,19,0,"Aurafix","PIECE","CAT-310","فيست 1585 مقاس 8",310,"O/B","2021-12-01"]
[null,20,1,"Aurafix","PIECE","CAT-311","فيست 1585 مقاس 9",311,"O/B","2021-12-01"]
[null,21,0,"Aurafix","PIECE","CAT-312","فيست 1580 مقاس 2",312,"O/B","2021-12-01"]
[null,22,1,"Aurafix","PIECE","CAT-313","فيست 1580 مقاس 3",313,"O/B","2021-12-01"]
[null,23,1,"Aurafix","PIECE","CAT-314","فيست 1580 مقاس 4",314,"O/B","2021-12-01"]
[null,24,1,"Aurafix","PIECE","CAT-315","فيست 1580 مقاس 5",315,"O/B","2021-12-01"]
[null,25,1,"Aurafix","PIECE","CAT-316","فيست 1580 مقاس 6",316,"O/B","2021-12-01"]
[null,26,1,"Aurafix","PIECE","CAT-317","فيست 1580 مقاس 7",317,"O/B","2021-12-01"]
[null,27,0,"Aurafix","PIECE","CAT-318","فيست 1580 مقاس 8",318,"O/B","2021-12-01"]
[null,28,0,"Aurafix","PIECE","CAT-319","فيست 1580 مقاس 9",319,"O/B","2021-12-01"]
[null,29,1,"Aurafix","PIECE","CAT-320","فيست 1590 مقاس 2",320,"O/B","2021-12-01"]
[null,30,2,"Aurafix","PIECE","CAT-321","فيست 1590 مقاس 3",321,"O/B","2021-12-01"]
[null,31,2,"Aurafix","PIECE","CAT-322","فيست 1590 مقاس 4",322,"O/B","2021-12-01"]
[null,32,3,"Aurafix","PIECE","CAT-323","فيست 1590 مقاس 5",323,"O/B","2021-12-01"]
[null,33,2,"Aurafix","PIECE","CAT-324","فيست 1590 مقاس 6",324,"O/B","2021-12-01"]
[null,34,0,"Aurafix","PIECE","CAT-325","فيست 1590 مقاس 7",325,"O/B","2021-12-01"]
[null,35,1,"Aurafix","PIECE","CAT-326","فيست 1590 مقاس 8",326,"O/B","2021-12-01"]
[null,36,0,"Aurafix","PIECE","CAT-327","فيست 1590 مقاس 9",327,"O/B","2021-12-01"]
[null,37,1,"Aurafix","PIECE","CAT-328","فيست 1595 مقاس 2",328,"O/B","2021-12-01"]
[null,38,4,"Aurafix","PIECE","CAT-329","فيست 1595 مقاس 3",329,"O/B","2021-12-01"]
[null,39,1,"Aurafix","PIECE","CAT-330","فيست 1595 مقاس 4",330,"O/B","2021-12-01"]
[null,10,3,"Aurafix","PIECE","CAT-331","فيست 1595 مقاس 5",331,"O/B","2021-12-01"]
[null,11,2,"Aurafix","PIECE","CAT-332","فيست 1595 مقاس 6",332,"O/B","2021-12-01"]
[null,12,0,"Aurafix","PIECE","CAT-333","فيست 1595 مقاس 7",333,"O/B","2021-12-01"]
[null,13,0,"Aurafix","PIECE","CAT-334","فيست 1595 مقاس 8",334,"O/B","2021-12-01"]
[null,14,1,"Aurafix","PIECE","CAT-335","فيست 1595 مقاس 9",335,"O/B","2021-12-01"]
[null,15,1,"Aurafix","PIECE","CAT-336","فيست 1600 مقاس 2",336,"O/B","2021-12-01"]
[null,16,1,"Aurafix","PIECE","CAT-337","فيست 1600 مقاس 3",337,"O/B","2021-12-01"]
[null,17,0,"Aurafix","PIECE","CAT-338","فيست 1600 مقاس 4",338,"O/B","2021-12-01"]
[null,18,2,"Aurafix","PIECE","CAT-339","فيست 1600 مقاس 5",339,"O/B","2021-12-01"]
[null,19,0,"Aurafix","PIECE","CAT-340","فيست 1600 مقاس 6",340,"O/B","2021-12-01"]
[null,20,0,"Aurafix","PIECE","CAT-341","فيست 1600 مقاس 7",341,"O/B","2021-12-01"]
[null,21,0,"Aurafix","PIECE","CAT-342","فيست 1600 مقاس 8",342,"O/B","2021-12-01"]
[null,22,0,"Aurafix","PIECE","CAT-343","فيست 1600 مقاس 9",343,"O/B","2021-12-01"]
[null,23,2,"Aurafix","PIECE","CAT-344","فيست 1610 مقاس 2",344,"O/B","2021-12-01"]
[null,24,2,"Aurafix","PIECE","CAT-345","فيست 1610 مقاس 3",345,"O/B","2021-12-01"]
[null,25,3,"Aurafix","PIECE","CAT-346","فيست 1610 مقاس 4",346,"O/B","2021-12-01"]
[null,26,0,"Aurafix","PIECE","CAT-347","فيست 1610 مقاس 5",347,"O/B","2021-12-01"]
[null,27,0,"Aurafix","PIECE","CAT-348","فيست 1610 مقاس 6",348,"O/B","2021-12-01"]
[null,28,0,"Aurafix","PIECE","CAT-349","فيست 1610 مقاس 7",349,"O/B","2021-12-01"]
[null,29,0,"Aurafix","PIECE","CAT-350","فيست 1610 مقاس 8",350,"O/B","2021-12-01"]
[null,30,0,"Aurafix","PIECE","CAT-351","فيست 1610 مقاس 9",351,"O/B","2021-12-01"]
[null,31,0,"Aurafix","PIECE","CAT-352","فيست 1620 مقاس 2",352,"O/B","2021-12-01"]
[null,32,2,"Aurafix","PIECE","CAT-353","فيست 1620 مقاس 3",353,"O/B","2021-12-01"]
[null,33,0,"Aurafix","PIECE","CAT-354","فيست 1620 مقاس 4",354,"O/B","2021-12-01"]
[null,34,2,"Aurafix","PIECE","CAT-355","فيست 1620 مقاس 5",355,"O/B","2021-12-01"]
[null,35,3,"Aurafix","PIECE","CAT-356","فيست 1620 مقاس 6",356,"O/B","2021-12-01"]
[null,36,3,"Aurafix","PIECE","CAT-357","فيست 1620 مقاس 7",357,"O/B","2021-12-01"]
[null,37,0,"Aurafix","PIECE","CAT-358","فيست 1620 مقاس 8",358,"O/B","2021-12-01"]
[null,38,0,"Aurafix","PIECE","CAT-359","فيست 1620 مقاس 9",359,"O/B","2021-12-01"]
[null,39,0,"Aurafix","PIECE","CAT-360","فيست 1700 مقاس 2",360,"O/B","2021-12-01"]
[null,10,2,"Aurafix","PIECE","CAT-361","فيست 1700 مقاس 3",361,"O/B","2021-12-01"]
[null,11,1,"Aurafix","PIECE","CAT-362","فيست 1700 مقاس 4",362,"O/B","2021-12-01"]
[null,12,1,"Aurafix","PIECE","CAT-363","فيست 1700 مقاس 5",363,"O/B","2021-12-01"]
[null,13,6,"Aurafix","PIECE","CAT-364","فيست 1700 مقاس 6",364,"O/B","2021-12-01"]
[null,14,1,"Aurafix","PIECE","CAT-365","فيست 1700 مقاس 7",365,"O/B","2021-12-01"]
[null,15,0,"Aurafix","PIECE","CAT-366","فيست 1700 مقاس 8",366,"O/B","2021-12-01"]
[null,16,0,"Aurafix","PIECE","CAT-367","فيست 1700 مقاس 9",367,"O/B","2021-12-01"]
[null,17,0,"Aurafix","PIECE","CAT-368","فيست 1710 مقاس 2",368,"O/B","2021-12-01"]
[null,18,0,"Aurafix","PIECE","CAT-369","فيست 1710 مقاس 3",369,"O/B","2021-12-01"]
[null,19,2,"Aurafix","PIECE","CAT-370","فيست 1710 مقاس 4",370,"O/B","2021-12-01"]
[null,20,1,"Aurafix","PIECE","CAT-371","فيست 1710 مقاس 5",371,"O/B","2021-12-01"]
[null,21,0,"Aurafix","PIECE","CAT-372","فيست 1710 مقاس 6",372,"O/B","2021-12-01"]
[null,22,1,"Aurafix","PIECE","CAT-373","فيست 1710 مقاس 7",373,"O/B","2021-12-01"]
[null,23,0,"Aurafix","PIECE","CAT-374","فيست 1710 مقاس 8",374,"O/B","2021-12-01"]
[null,24,0,"Aurafix","PIECE","CAT-375","فيست 1710 مقاس 9",375,"O/B","2021-12-01"]
[null,25,0,"Aurafix","PIECE","CAT-376","فيست 1715 مقاس 2",376,"O/B","2021-12-01"]
[null,26,2,"Aurafix","PIECE","CAT-377","فيست 1715 مقاس 3",377,"O/B","2021-12-01"]
[null,27,3,"Aurafix","PIECE","CAT-378","فيست 1715 مقاس 4",378,"O/B","2021-12-01"]
[null,28,3,"Aurafix","PIECE","CAT-379","فيست 1715 مقاس 5",379,"O/B","2021-12-01"]
[null,29,2,"Aurafix","PIECE","CAT-380","فيست 1715 مقاس 6",380,"O/B","2021-12-01"]
[null,30,3,"Aurafix","PIECE","CAT-381","فيست 1715 مقاس 7",381,"O/B","2021-12-01"]
[null,31,1,"Aurafix","PIECE","CAT-382","فيست 1715 مقاس 8",382,"O/B","2021-12-01"]
[null,32,0,"Aurafix","PIECE","CAT-383","فيست 1715 مقاس 9",383,"O/B","2021-12-01"]
[null,33,0,"Aurafix","PIECE","CAT-384","فيست 1720 مقاس 2",384,"O/B","2021-12-01"]
[null,34,0,"Aurafix","PIECE","CAT-385","فيست 1720 مقاس 3",385,"O/B","2021-12-01"]
[null,35,0,"Aurafix","PIECE","CAT-386","فيست 1720 مقاس 4",386,"O/B","2021-12-01"]
[null,36,1,"Aurafix","PIECE","CAT-387","فيست 1720 مقاس 5",387,"O/B","2021-12-01"]
[null,37,1,"Aurafix","PIECE","CAT-388","فيست 1720 مقاس 6",388,"O/B","2021-12-01"]
[null,38,2,"Aurafix","PIECE","CAT-389","فيست 1720 مقاس 7",389,"O/B","2021-12-01"]
[null,39,8,"Aurafix","PIECE","CAT-390","فيست 1720 مقاس 8",390,"O/B","2021-12-01"]
[null,10,0,"Aurafix","PIECE","CAT-391","فيست 1720 مقاس 9",391,"O/B","2021-12-01"]
[null,11,0,"Aurafix","PIECE","CAT-392","فيست 1725 مقاس 2",392,"O/B","2021-12-01"]
[null,12,1,"Aurafix","PIECE","CAT-393","فيست 1725 مقاس 3",393,"O/B","2021-12-01"]
[null,13,1,"Aurafix","PIECE","CAT-394","فيست 1725 مقاس 4",394,"O/B","2021-12-01"]
[null,14,1,"Aurafix","PIECE","CAT-395","فيست 1725 مقاس 5",395,"O/B","2021-12-01"]
[null,15,1,"Aurafix","PIECE","CAT-396","فيست 1725 مقاس 6",396,"O/B","2021-12-01"]
[null,16,1,"Aurafix","PIECE","CAT-397","فيست 1725 مقاس 7",397,"O/B","2021-12-01"]
[null,17,1,"Aurafix","PIECE","CAT-398","فيست 1725 مقاس 8",398,"O/B","2021-12-01"]
[null,18,0,"Aurafix","PIECE","CAT-399","فيست 1725 مقاس 9",399,"O/B","2021-12-01"]
[null,19,0,"Aurafix","PIECE","CAT-400","فيست 1800 مقاس S",400,"O/B","2021-12-01"]
[null,20,6,"Aurafix","PIECE","CAT-401","فيست 1800 مقاس M",401,"O/B","2021-12-01"]
[null,21,11,"Aurafix","PIECE","CAT-402","فيست 1800 مقاس L",402,"O/B","2021-12-01"]
[null,22,1,"Aurafix","PIECE","CAT-403","فيست 1903 مقاس S",403,"O/B","2021-12-01"]
[null,23,3,"Aurafix","PIECE","CAT-404","فيست 1903 مقاس M",404,"O/B","2021-12-01"]
[null,24,3,"Aurafix","PIECE","CAT-405","فيست 1903 مقاس L",405,"O/B","2021-12-01"]
[null,25,1,"Aurafix","PIECE","CAT-406","فيست 1903 مقاس XL",406,"O/B","2021-12-01"]
[null,26,0,"Aurafix","PIECE","CAT-407","فيست 1904 مقاس S",407,"O/B","2021-12-01"]
[null,27,1,"Aurafix","PIECE","CAT-408","فيست 1904 مقاس M",408,"O/B","2021-12-01"]
[null,28,1,"Aurafix","PIECE","CAT-409","فيست 1904 مقاس L",409,"O/B","2021-12-01"]
[null,29,0,"Aurafix","PIECE","CAT-410","فيست 1905 مقاس S",410,"O/B","2021-12-01"]
[null,30,0,"Aurafix","PIECE","CAT-411","فيست 1905 مقاس M",411,"O/B","2021-12-01"]
[null,31,0,"Aurafix","PIECE","CAT-412","فيست 1905 مقاس L",412,"O/B","2021-12-01"]
[null,32,0,"Aurafix","PIECE","CAT-413","فيست 1910 مقاس S",413,"O/B","2021-12-01"]
[null,33,1,"Aurafix","PIECE","CAT-414","فيست 1910 مقاس M",414,"O/B","2021-12-01"]
[null,34,0,"Aurafix","PIECE","CAT-415","فيست 1910 مقاس L",415,"O/B","2021-12-01"]
[null,35,1,"Aurafix","PIECE","CAT-416","ركبة تركي 114 - S",416,"O/B","2021-12-01"]
[null,36,0,"Aurafix","PIECE","CAT-417","ركبة تركي 114 - M",417,"O/B","2021-12-01"]
[null,37,1,"Aurafix","PIECE","CAT-418","ركبة تركي 114 - L",418,"O/B","2021-12-01"]
[null,38,10,"Aurafix","PIECE","CAT-419","ركبة تركي 114 - XL",419,"O/B","2021-12-01"]
[null,39,2,"Aurafix","PIECE","CAT-420","ركبة تركي 114 - XXL",420,"O/B","2021-12-01"]
[null,10,2,"Aurafix","PIECE","CAT-421","ركبة تركي 119 - S",421,"O/B","2021-12-01"]
[null,11,40,"Aurafix","PIECE","CAT-422","ركبة تركي 119 - M",422,"O/B","2021-12-01"]
[null,12,25,"Aurafix","PIECE","CAT-423","ركبة تركي 119 - L",423,"O/B","2021-12-01"]
[null,13,11,"Aurafix","PIECE","CAT-424","ركبة تركي 119 - XL",424,"O/B","2021-12-01"]
[null,14,1,"Aurafix","PIECE","CAT-425","ركبة تركي 119 - XXL",425,"O/B","2021-12-01"]
[null,15,54,"Aurafix","PIECE","CAT-426","أنكل سبورت 404 - S",426,"O/B","2021-12-01"]
[null,16,54,"Aurafix","PIECE","CAT-427","أنكل سبورت 404 - M",427,"O/B","2021-12-01"]
[null,17,27,"Aurafix","PIECE","CAT-428","أنكل سبورت 404 - L",428,"O/B","2021-12-01"]
[null,18,0,"Aurafix","PIECE","CAT-429","أنكل سبورت 404 - XL",429,"O/B","2021-12-01"]
[null,19,0,"Aurafix","PIECE","CAT-430","أنكل سبورت 404 - XXL",430,"O/B","2021-12-01"]
[null,20,0,"Aurafix","PIECE","CAT-431","أنكل سبورت أورافيكس 407 - S",431,"O/B","2021-12-01"]
[null,21,2,"Aurafix","PIECE","CAT-432","أنكل سبورت أورافيكس 407 - M",432,"O/B","2021-12-01"]
[null,22,6,"Aurafix","PIECE","CAT-433","أنكل سبورت أورافيكس 407 - L",433,"O/B","2021-12-01"]
[null,23,4,"Aurafix","PIECE","CAT-434","أنكل سبورت أورافيكس 407 - XL",434,"O/B","2021-12-01"]
[null,24,4,"Aurafix","PIECE","CAT-435","أنكل سبورت أورافيكس 407 - XXL",435,"O/B","2021-12-01"]
[null,25,0,"Aurafix","PIECE","CAT-436","أنكل سبورت أورافيكس 409 - S",436,"O/B","2021-12-01"]
[null,26,5,"Aurafix","PIECE","CAT-437","أنكل سبورت أورافيكس 409 - M",437,"O/B","2021-12-01"]
[null,27,25,"Aurafix","PIECE","CAT-438","أنكل سبورت أورافيكس 409 - L",438,"O/B","2021-12-01"]
[null,28,21,"Aurafix","PIECE","CAT-439","أنكل سبورت أورافيكس 409 - XL",439,"O/B","2021-12-01"]
[null,29,13,"Aurafix","PIECE","CAT-440","أنكل سبورت أورافيكس 409 - XXL",440,"O/B","2021-12-01"]
[null,30,1,"Aurafix","PIECE","CAT-441","البو سبورت مرن - S",441,"O/B","2021-12-01"]
[null,31,1,"Aurafix","PIECE","CAT-442","البو سبورت مرن - M",442,"O/B","2021-12-01"]
[null,32,4,"Aurafix","PIECE","CAT-443","البو سبورت مرن - L",443,"O/B","2021-12-01"]
[null,33,8,"Aurafix","PIECE","CAT-444","البو سبورت مرن - XL",444,"O/B","2021-12-01"]
[null,34,4,"Aurafix","PIECE","CAT-445","البو سبورت مرن - XXL",445,"O/B","2021-12-01"]
[null,35,0,"Aurafix","PIECE","CAT-446","البو سبورت عادي 307 - S",446,"O/B","2021-12-01"]
[null,36,21,"Aurafix","PIECE","CAT-447","البو سبورت عادي 307 - M",447,"O/B","2021-12-01"]
[null,37,0,"Aurafix","PIECE","CAT-448","البو سبورت عادي 307 - L",448,"O/B","2021-12-01"]
[null,38,0,"Aurafix","PIECE","CAT-449","البو سبورت عادي 307 - XL",449,"O/B","2021-12-01"]
[null,39,0,"Aurafix","PIECE","CAT-450","البو سبورت عادي 307 - XXL",450,"O/B","2021-12-01"]
[null,10,0,"Aurafix","PIECE","CAT-451","البو سبورت جديد S",451,"O/B","2021-12-01"]
[null,11,5,"Aurafix","PIECE","CAT-452","البو سبورت جديد  M",452,"O/B","2021-12-01"]
[null,12,2,"Aurafix","PIECE","CAT-453","البو سبورت جديد  L",453,"O/B","2021-12-01"]
[null,13,7,"Aurafix","PIECE","CAT-454","البو سبورت جديد XL",454,"O/B","2021-12-01"]
[null,14,0,"Aurafix","PIECE","CAT-455","البو سبورت جديد XXL",455,"O/B","2021-12-01"]
[null,15,9,"Aurafix","PIECE","CAT-456","مثبت ركبة بالروم",456,"O/B","2021-12-01"]
[null,16,19,"Aurafix","PIECE","CAT-457","مثبت ركبة بالروم",457,"O/B","2021-12-01"]
[null,17,0,"Aurafix","PIECE","CAT-458","مثبت ركبة بالروم",458,"O/B","2021-12-01"]
[null,18,6,"Aurafix","PIECE","CAT-459","ركبة بالروم أورافيكس",459,"O/B","2021-12-01"]
[null,19,13,"Aurafix","PIECE","CAT-460","ركبة بالروم تركي",460,"O/B","2021-12-01"]
[null,20,3,"Aurafix","PIECE","CAT-461","مخدة تركي 772",461,"O/B","2021-12-01"]
[null,21,1,"Aurafix","PIECE","CAT-462","مخدة تركي 772",462,"O/B","2021-12-01"]
[null,22,1,"Aurafix","PIECE","CAT-463","مخدة تركي 772",463,"O/B","2021-12-01"]
[null,23,24,"Aurafix","PIECE","CAT-464","ركبة تركي حديد",464,"O/B","2021-12-01"]
[null,24,16,"Aurafix","PIECE","CAT-465","ركبة تركي سيليكون",465,"O/B","2021-12-01"]
[null,25,7,"Aurafix","PIECE","CAT-466","ركبة بالجل",466,"O/B","2021-12-01"]
[null,26,8,"Aurafix","PIECE","CAT-467","ركبة تركي عادية",467,"O/B","2021-12-01"]
[null,27,0,"Aurafix","PIECE","CAT-468","فخذة تركي - S",468,"O/B","2021-12-01"]
[null,28,1,"Aurafix","PIECE","CAT-469","فخذة تركي - M",469,"O/B","2021-12-01"]
[null,29,1,"Aurafix","PIECE","CAT-470","فخذة تركي - L",470,"O/B","2021-12-01"]
[null,30,5,"Aurafix","PIECE","CAT-471","فخذة تركي - XL",471,"O/B","2021-12-01"]
[null,31,0,"Aurafix","PIECE","CAT-472","فخذة تركي - XXL",472,"O/B","2021-12-01"]
[null,32,0,"Aurafix","PIECE","CAT-473","بطة - S",473,"O/B","2021-12-01"]
[null,33,1,"Aurafix","PIECE","CAT-474","بطة - M",474,"O/B","2021-12-01"]
[null,34,2,"Aurafix","PIECE","CAT-475","بطة - L",475,"O/B","2021-12-01"]
[null,35,4,"Aurafix","PIECE","CAT-476","بطة - XL",476,"O/B","2021-12-01"]
[null,36,0,"Aurafix","PIECE","CAT-477","بطة - XXL",477,"O/B","2021-12-01"]
[null,37,2,"Aurafix","PIECE","CAT-478","شولدر سبورت 700 - S",478,"O/B","2021-12-01"]
[null,38,12,"Aurafix","PIECE","CAT-479","شولدر سبورت 700 - M",479,"O/B","2021-12-01"]
[null,39,3,"Aurafix","PIECE","CAT-480","شولدر سبورت 700 - L",480,"O/B","2021-12-01"]
[null,10,4,"Aurafix","PIECE","CAT-481","شولدر سبورت 700 - XL",481,"O/B","2021-12-01"]
[null,11,4,"Aurafix","PIECE","CAT-482","شولدر سبورت 700 - XXL",482,"O/B","2021-12-01"]
[null,12,0,"Aurafix","PIECE","CAT-483","أنكل وكر أطفال - S",483,"O/B","2021-12-01"]
[null,13,0,"Aurafix","PIECE","CAT-484","أنكل وكر أطفال - M",484,"O/B","2021-12-01"]
[null,14,0,"Aurafix","PIECE","CAT-485","أنكل وكر أطفال - L",485,"O/B","2021-12-01"]
[null,15,0,"Aurafix","PIECE","CAT-486","أنكل وكر أطفال - XL",486,"O/B","2021-12-01"]
[null,16,1,"Aurafix","PIECE","CAT-487","دروب فوت أورافيكس ازرق - S",487,"O/B","2021-12-01"]
[null,17,0,"Aurafix","PIECE","CAT-488","دروب فوت أورافيكس ازرق - M",488,"O/B","2021-12-01"]
[null,18,13,"Aurafix","PIECE","CAT-489","دروب فوت أورافيكس ازرق - L",489,"O/B","2021-12-01"]
[null,19,0,"KAIYANG","PIECE","CAT-490","روليتور نبيتي",490,"O/B","2021-12-01"]
[null,20,0,"KAIYANG","PIECE","CAT-491","مشاية مرحلتين",491,"O/B","2021-12-01"]
[null,21,0,"KAIYANG","PIECE","CAT-492","مشاية جلد",492,"O/B","2021-12-01"]
[null,22,0,"KAIYANG","PIECE","CAT-493","عصا كيانج رابر واحد",493,"O/B","2021-12-01"]
[null,23,15,"KAIYANG","PIECE","CAT-494","عكاز مرفق مقفول كيانج",494,"O/B","2021-12-01"]
[null,24,0,"KAIYANG","PIECE","CAT-495","كرسي شاور الومنيوم بهاند ريست",495,"O/B","2021-12-01"]
[null,25,0,"KAIYANG","PIECE","CAT-496","كرسي شاور كيانج بيد زرقاء بظهر",496,"O/B","2021-12-01"]
[null,26,0,"KAIYANG","PIECE","CAT-497","كرسي شاور بكيرف بدون ظهر بدون كروس",497,"O/B","2021-12-01"]
[null,27,5,"KAIYANG","PIECE","CAT-498","عكاز ابط S",498,"O/B","2021-12-01"]
[null,28,0,"KAIYANG","PIECE","CAT-499","عكاز ابط M",499,"O/B","2021-12-01"]
[null,29,0,"KAIYANG","PIECE","CAT-500","عكاز ابط L",500,"O/B","2021-12-01"]
[null,30,2,"KAIYANG","PIECE","CAT-501","مشاية نبيتي بطاولة",501,"O/B","2021-12-01"]
[null,31,2,"KAIYANG","PIECE","CAT-502","مشاية اطفال نبيتي صغيرة",502,"O/B","2021-12-01"]
[null,32,0,"KAIYANG","PIECE","CAT-503","مشاية ثابتة كيانج",503,"O/B","2021-12-01"]
[null,33,0,"KAIYANG","PIECE","CAT-504","مشاية أطفال كيانج",504,"O/B","2021-12-01"]
[null,34,6,"KAIYANG","PIECE","CAT-505","عكاز مرفق مفتوح",505,"O/B","2021-12-01"]
[null,35,52,"KAIYANG","PIECE","CAT-506","مشاية بويل",506,"O/B","2021-12-01"]
[null,36,0,"KAIYANG","PIECE","CAT-507","كرسي نبيتي",507,"O/B","2021-12-01"]
[null,37,0,"KAIYANG","PIECE","CAT-508","كرسي أحمر عجل صغير",508,"O/B","2021-12-01"]
[null,38,21,"KAIYANG","PIECE","CAT-509","كرسي حمام وشاور ألومنيوم بالظهر",509,"O/B","2021-12-01"]
[null,39,7,"KAIYANG","PIECE","CAT-510","كرسي حمام عريض بدون ظهر بويل",510,"O/B","2021-12-01"]
[null,10,0,"KAIYANG","PIECE","CAT-511","كرسي استاندارد 18 بوصة",511,"O/B","2021-12-01"]
[null,11,0,"KAIYANG","PIECE","CAT-512","كرسي استيل 22 بوصة",512,"O/B","2021-12-01"]
[null,12,29,"KAIYANG","PIECE","CAT-513","كرسي كيانج 18 بوصة",513,"O/B","2021-12-01"]
[null,13,5,"KAIYANG","PIECE","CAT-514","كرسي كيانج 20 بوصة",514,"O/B","2021-12-01"]
[null,14,4,"KAIYANG","PIECE","CAT-515","كرسي حمام رصاصي بدون ظهر بعجل",515,"O/B","2021-12-01"]
[null,15,0,"KAIYANG","PIECE","CAT-516","كرسي حمام رصاصي بدون ظهر ثابت",516,"O/B","2021-12-01"]
[null,16,0,"KAIYANG","PIECE","CAT-517","كرسي حمام عريض بدون ظهر ثابت",517,"O/B","2021-12-01"]
[null,17,0,"KAIYANG","PIECE","CAT-518","راحة قدم Footrest",518,"O/B","2021-12-01"]
[null,18,0,"KAIYANG","PIECE","CAT-519","كرسي كيانج أخضر يد متحرك",519,"O/B","2021-12-01"]
[null,19,0,"KAIYANG","PIECE","CAT-520","كرسي كيانج غالي يد متحرك وعجل متحرك",520,"O/B","2021-12-01"]
[null,20,5,"KAIYANG","PIECE","CAT-521","كرسي حمام استاندارد جلد بجوانب زرقاء",521,"O/B","2021-12-01"]
[null,21,3,"KAIYANG","PIECE","CAT-522","كرسي أطفال كيانج شديد الاعاقة",522,"O/B","2021-12-01"]
[null,22,0,"KAIYANG","PIECE","CAT-523","عصا كيانج  ",523,"O/B","2021-12-01"]
[null,23,6,"KAIYANG","PIECE","CAT-524","درجة سلم استلس",524,"O/B","2021-12-01"]
[null,24,4,"KAIYANG","PIECE","CAT-525","ستارة طبية",525,"O/B","2021-12-01"]
[null,25,5,"KAIYANG","PIECE","CAT-526","سرير فحص",526,"O/B","2021-12-01"]
[null,26,10,"KAIYANG","PIECE","CAT-527","كرسي حمام عربي",527,"O/B","2021-12-01"]
[null,27,15,"KAIYANG","PIECE","CAT-528","قمع كرسي حمام عربي",528,"O/B","2021-12-01"]
[null,28,2,"KAIYANG","PIECE","CAT-529","قاعدة حمام عربي صغيرة بدون ظهر",529,"O/B","2021-12-01"]
[null,29,1,"KAIYANG","PIECE","CAT-530","كرسي حرف U بدون هاند",530,"O/B","2021-12-01"]
[null,30,5,"KEBO","PIECE","CAT-531","دينس براون 7",531,"O/B","2021-12-01"]
[null,31,4,"KEBO","PIECE","CAT-532","دينس براون 8",532,"O/B","2021-12-01"]
[null,32,9,"KEBO","PIECE","CAT-533","دينس براون 9",533,"O/B","2021-12-01"]
[null,33,11,"KEBO","PIECE","CAT-534","دينس براون 10",534,"O/B","2021-12-01"]
[null,34,6,"KEBO","PIECE","CAT-535","دينس براون 11",535,"O/B","2021-12-01"]
[null,35,6,"KEBO","PIECE","CAT-536","دينس براون 12",536,"O/B","2021-12-01"]
[null,36,6,"KEBO","PIECE","CAT-537","دينس براون 13",537,"O/B","2021-12-01"]
[null,37,3,"KEBO","PIECE","CAT-538","دينس براون 14",538,"O/B","2021-12-01"]
[null,38,9,"KEBO","PIECE","CAT-539","بار دينس براون S",539,"O/B","2021-12-01"]
[null,39,12,"KEBO","PIECE","CAT-540","بار دينس براون M",540,"O/B","2021-12-01"]
[null,10,7,"KEBO","PIECE","CAT-541","بار دينس براون L",541,"O/B","2021-12-01"]
[null,11,0,"KEBO","PIECE","CAT-542","كوتشي ازرق 18",542,"O/B","2021-12-01"]
[null,12,0,"KEBO","PIECE","CAT-543","كوتشي ازرق 19",543,"O/B","2021-12-01"]
[null,13,8,"KEBO","PIECE","CAT-544","كوتشي ازرق 20",544,"O/B","2021-12-01"]
[null,14,2,"KEBO","PIECE","CAT-545","كوتشي ازرق 21",545,"O/B","2021-12-01"]
[null,15,0,"KEBO","PIECE","CAT-546","كوتشي ازرق 22",546,"O/B","2021-12-01"]
[null,16,3,"KEBO","PIECE","CAT-547","كوتشي ازرق 23",547,"O/B","2021-12-01"]
[null,17,0,"KEBO","PIECE","CAT-548","كوتشي ازرق 24",548,"O/B","2021-12-01"]
[null,18,3,"KEBO","PIECE","CAT-549","كوتشي ازرق 25",549,"O/B","2021-12-01"]
[null,19,4,"KEBO","PIECE","CAT-550","كوتشي ازرق 26",550,"O/B","2021-12-01"]
[null,20,6,"KEBO","PIECE","CAT-551","كوتشي ازرق 27",551,"O/B","2021-12-01"]
[null,21,2,"KEBO","PIECE","CAT-552","كوتشي ازرق 28",552,"O/B","2021-12-01"]
[null,22,3,"KEBO","PIECE","CAT-553","كوتشي ازرق 29",553,"O/B","2021-12-01"]
[null,23,2,"KEBO","PIECE","CAT-554","كوتشي ازرق 30",554,"O/B","2021-12-01"]
[null,24,4,"KEBO","PIECE","CAT-555","كوتشي ازرق 31",555,"O/B","2021-12-01"]
[null,25,6,"KEBO","PIECE","CAT-556","كوتشي ازرق 32",556,"O/B","2021-12-01"]
[null,26,0,"KEBO","PIECE","CAT-557","كوتشي ازرق 33",557,"O/B","2021-12-01"]
[null,27,0,"KEBO","PIECE","CAT-558","كوتشي ازرق 34",558,"O/B","2021-12-01"]
[null,28,2,"KEBO","PIECE","CAT-559","كوتشي ازرق 35",559,"O/B","2021-12-01"]
[null,29,1,"KEBO","PIECE","CAT-560","كوتشي وردي بناتي 22",560,"O/B","2021-12-01"]
[null,30,1,"KEBO","PIECE","CAT-561","كوتشي وردي بناتي 29",561,"O/B","2021-12-01"]
[null,31,2,"KEBO","PIECE","CAT-562","كوتشي وردي بناتي 30",562,"O/B","2021-12-01"]
[null,32,1,"KEBO","PIECE","CAT-563","كوتشي وردي بناتي 31",563,"O/B","2021-12-01"]
[null,33,0,"KEBO","PIECE","CAT-564","كوتشي أسود جديد 18",564,"O/B","2021-12-01"]
[null,34,0,"KEBO","PIECE","CAT-565","كوتشي أسود جديد 19",565,"O/B","2021-12-01"]
[null,35,0,"KEBO","PIECE","CAT-566","كوتشي أسود جديد 20",566,"O/B","2021-12-01"]
[null,36,0,"KEBO","PIECE","CAT-567","كوتشي أسود جديد 21",567,"O/B","2021-12-01"]
[null,37,4,"KEBO","PIECE","CAT-568","كوتشي أسود جديد 22",568,"O/B","2021-12-01"]
[null,38,5,"KEBO","PIECE","CAT-569","كوتشي أسود جديد 23",569,"O/B","2021-12-01"]
[null,39,6,"KEBO","PIECE","CAT-570","كوتشي أسود جديد 24",570,"O/B","2021-12-01"]
[null,10,0,"KEBO","PIECE","CAT-571","كوتشي أسود جديد 25",571,"O/B","2021-12-01"]
[null,11,0,"KEBO","PIECE","CAT-572","كوتشي أسود جديد 26",572,"O/B","2021-12-01"]
[null,12,0,"KEBO","PIECE","CAT-573","كوتشي أسود جديد 27",573,"O/B","2021-12-01"]
[null,13,3,"KEBO","PIECE","CAT-574","كوتشي أسود جديد 28",574,"O/B","2021-12-01"]
[null,14,2,"KEBO","PIECE","CAT-575","كوتشي أسود جديد 29",575,"O/B","2021-12-01"]
[null,15,2,"KEBO","PIECE","CAT-576","كوتشي أسود جديد 30",576,"O/B","2021-12-01"]
[null,16,5,"KEBO","PIECE","CAT-577","كوتشي أسود جديد 31",577,"O/B","2021-12-01"]
[null,17,2,"KEBO","PIECE","CAT-578","كوتشي أسود جديد 32",578,"O/B","2021-12-01"]
[null,18,6,"KEBO","PIECE","CAT-579","كوتشي أسود جديد 33",579,"O/B","2021-12-01"]
[null,19,5,"KEBO","PIECE","CAT-580","كوتشي أسود جديد 34",580,"O/B","2021-12-01"]
[null,20,5,"KEBO","PIECE","CAT-581","كوتشي أسود جديد 35",581,"O/B","2021-12-01"]
[null,21,5,"KEBO","PIECE","CAT-582","كوتشي أسود جديد 36",582,"O/B","2021-12-01"]
[null,22,3,"KEBO","PIECE","CAT-583","كوتشي أسود جديد 37",583,"O/B","2021-12-01"]
[null,23,3,"KEBO","PIECE","CAT-584","كوتشي أسود جديد 38",584,"O/B","2021-12-01"]
[null,24,11,"KEBO","PIECE","CAT-585","AFO - S - R",585,"O/B","2021-12-01"]
[null,25,9,"KEBO","PIECE","CAT-586","AFO - S - L",586,"O/B","2021-12-01"]
[null,26,11,"KEBO","PIECE","CAT-587","AFO - M - R",587,"O/B","2021-12-01"]
[null,27,10,"KEBO","PIECE","CAT-588","AFO - M - L",588,"O/B","2021-12-01"]
[null,28,12,"KEBO","PIECE","CAT-589","AFO - L - R",589,"O/B","2021-12-01"]
[null,29,14,"KEBO","PIECE","CAT-590","AFO - L - L",590,"O/B","2021-12-01"]
[null,30,7,"JIANLIAN","PIECE","CAT-591","كرسي حمام أبيض غالي 18 بوصة",591,"O/B","2021-12-01"]
[null,31,4,"JIANLIAN","PIECE","CAT-592","كرسي حمام أبيض غالي 20 بوصة",592,"O/B","2021-12-01"]
[null,32,25,"MICACARE (ALLEN)","PIECE","CAT-593","رافعة حمام 10 سم",593,"O/B","2021-12-01"]
[null,33,0,"MICACARE (ALLEN)","PIECE","CAT-594","رافعة حمام 7 سم",594,"O/B","2021-12-01"]
[null,34,106,"MICACARE (ALLEN)","PIECE","CAT-595","مبولة زرقاء حريمي / رجالي",595,"O/B","2021-12-01"]
[null,35,109,"MICACARE (ALLEN)","PIECE","CAT-596","مبولة حريمي",596,"O/B","2021-12-01"]
[null,36,92,"MICACARE (ALLEN)","PIECE","CAT-597","مبولة رجالي",597,"O/B","2021-12-01"]
[null,37,2,"MICACARE (ALLEN)","PIECE","CAT-598","ميزان ألتراسونيك جديد",598,"O/B","2021-12-01"]
[null,38,4,"MICACARE (ALLEN)","PIECE","CAT-599","ميزان الطول والوزن",599,"O/B","2021-12-01"]
[null,39,136,"MICACARE (ALLEN)","PIECE","CAT-600","Spirometer للتنفس",600,"O/B","2021-12-01"]
[null,10,6,"MICACARE (ALLEN)","PIECE","CAT-601","الرامب العريض  1.5 م",601,"O/B","2021-12-01"]
[null,11,3,"MICACARE (ALLEN)","PIECE","CAT-602","الرامب العريض  1.2 م",602,"O/B","2021-12-01"]
[null,12,2,"MICACARE (ALLEN)","PIECE","CAT-603","الرامب العريض 0.88 م",603,"O/B","2021-12-01"]
[null,13,3,"MICACARE (ALLEN)","PIECE","CAT-604","الرامب العريض  0.56 م",604,"O/B","2021-12-01"]
[null,14,3,"MICACARE (ALLEN)","PIECE","CAT-605","رامب قطعتين 1.52 م",605,"O/B","2021-12-01"]
[null,15,1,"MICACARE (ALLEN)","PIECE","CAT-606","رامب قطعتين 2.1 م",606,"O/B","2021-12-01"]
[null,16,3,"MICACARE (ALLEN)","PIECE","CAT-607","رامب 42*9*90 ",607,"O/B","2021-12-01"]
[null,17,3,"MICACARE (ALLEN)","PIECE","CAT-608","رامب 24*7*122",608,"O/B","2021-12-01"]
[null,18,2,"MICACARE (ALLEN)","PIECE","CAT-609","رامب 42*9*122",609,"O/B","2021-12-01"]
[null,19,1,"MICACARE (ALLEN)","PIECE","CAT-610","رامب 42*9*58",610,"O/B","2021-12-01"]
[null,20,1,"MICACARE (ALLEN)","PIECE","CAT-611","رامب 42*9*154",611,"O/B","2021-12-01"]
[null,21,50,"MICACARE (ALLEN)","PIECE","CAT-612","هاند الحمام أبيض طرف استلس 30 سم",612,"O/B","2021-12-01"]
[null,22,21,"MICACARE (ALLEN)","PIECE","CAT-613","هاند الحمام أبيض طرف استلس 50 سم",613,"O/B","2021-12-01"]
[null,23,59,"MICACARE (ALLEN)","PIECE","CAT-614","هاند الحمام أبيض طرف استلس 60 سم",614,"O/B","2021-12-01"]
[null,24,38,"MICACARE (ALLEN)","PIECE","CAT-615","هاند الحمام أبيض طرف استلس 70 سم",615,"O/B","2021-12-01"]
[null,25,48,"MICACARE (ALLEN)","PIECE","CAT-616","هاند الحمام أبيض كامل 30 سم",616,"O/B","2021-12-01"]
[null,26,75,"MICACARE (ALLEN)","PIECE","CAT-617","هاند الحمام أبيض كامل 60 سم",617,"O/B","2021-12-01"]
[null,27,23,"MICACARE (ALLEN)","PIECE","CAT-618","هاند الحمام أبيض كامل 70 سم",618,"O/B","2021-12-01"]
[null,28,31,"MICACARE (ALLEN)","PIECE","CAT-619","هاند الحمام استلس كامل 30 سم",619,"O/B","2021-12-01"]
[null,29,38,"MICACARE (ALLEN)","PIECE","CAT-620","هاند الحمام استلس كامل 50 سم",620,"O/B","2021-12-01"]
[null,30,62,"MICACARE (ALLEN)","PIECE","CAT-621","هاند الحمام استلس كامل 60 سم",621,"O/B","2021-12-01"]
[null,31,9,"MICACARE (ALLEN)","PIECE","CAT-622","هاند الحمام استلس كامل معوج",622,"O/B","2021-12-01"]
[null,32,56,"MICACARE (ALLEN)","PIECE","CAT-623","استاند حمام قاعدة استلس",623,"O/B","2021-12-01"]
[null,33,38,"MICACARE (ALLEN)","PIECE","CAT-624","استاند حمام استلس بركبه",624,"O/B","2021-12-01"]
[null,34,55,"MICACARE (ALLEN)","PIECE","CAT-625","استاند حمام قاعدة بلاستيك",625,"O/B","2021-12-01"]
[null,35,8,"MICACARE (ALLEN)","PIECE","CAT-626","استاند حمام استلس كامل ثابت",626,"O/B","2021-12-01"]
[null,36,23,"MICACARE (ALLEN)","PIECE","CAT-627","فريم حمام",627,"O/B","2021-12-01"]
[null,37,29,"MICACARE (ALLEN)","PIECE","CAT-628","كرسي شاور حائط بظهر بيد متحرك",628,"O/B","2021-12-01"]
[null,38,0,"MICACARE (ALLEN)","PIECE","CAT-629","كرسي شاور بكيرف بدون ظهر بكروس",629,"O/B","2021-12-01"]
[null,39,23,"MICACARE (ALLEN)","PIECE","CAT-630","رافعة حمام بهاند ريست",630,"O/B","2021-12-01"]
[null,10,32,"MICACARE (ALLEN)","PIECE","CAT-631","كرسي شاور الومنيوم بهاند ريست أدجاستبل",631,"O/B","2021-12-01"]
[null,11,0,"MICACARE (ALLEN)","PIECE","CAT-632","كرسي حمام 3 مراحل أزرق فولدينج",632,"O/B","2021-12-01"]
[null,12,0,"MICACARE (ALLEN)","PIECE","CAT-633","طاولة طعام فايبر",633,"O/B","2021-12-01"]
[null,13,118,"MICACARE (ALLEN)","PIECE","CAT-634","اسطوانة أكسجين 10 لتر",634,"O/B","2021-12-01"]
[null,14,7,"MICACARE (ALLEN)","PIECE","CAT-635","اسطوانة أكسجين 5 لتر",635,"O/B","2021-12-01"]
[null,15,0,"MICACARE (ALLEN)","PIECE","CAT-636","اسطوانة أكسجين 4 لتر",636,"O/B","2021-12-01"]
[null,16,0,"MICACARE (ALLEN)","PIECE","CAT-637","اسطوانة أكسجين 2 لتر",637,"O/B","2021-12-01"]
[null,17,0,"MICACARE (ALLEN)","PIECE","CAT-638","منظم أكسجين علبة بيضاء",638,"O/B","2021-12-01"]
[null,18,27,"MICACARE (ALLEN)","PIECE","CAT-639","حامل أسطوانة أكسجين",639,"O/B","2021-12-01"]
[null,19,91,"MICACARE (ALLEN)","PIECE","CAT-640","قاعدة تشطيف",640,"O/B","2021-12-01"]
[null,20,151,"MICACARE (ALLEN)","PIECE","CAT-641","ديسبنسر",641,"O/B","2021-12-01"]
[null,21,0,"FOSHAN REDAR","PIECE","CAT-642","كرسي حمام 3 مراحل أزرق فولدينج",642,"O/B","2021-12-01"]
[null,22,0,"FOSHAN REDAR","PIECE","CAT-643","طاولة طعام فايبر",643,"O/B","2021-12-01"]
[null,23,2,"FOSHAN REDAR","PIECE","CAT-644","طاولة طعام خشب",644,"O/B","2021-12-01"]
[null,24,9,"FOSHAN REDAR","PIECE","CAT-645","مرتبة وتر بروف 10 سم ( 207*90*10 )",645,"O/B","2021-12-01"]
[null,25,5,"FOSHAN REDAR","PIECE","CAT-646","مرتبة وتر بروف 10 سم ( 195*84*10 )",646,"O/B","2021-12-01"]
[null,26,26,"FOSHAN REDAR","PIECE","CAT-647","سرير طبي صغير",647,"O/B","2021-12-01"]
[null,27,30,"FOSHAN REDAR","PIECE","CAT-648","ظهور سرير طبي صغير",648,"O/B","2021-12-01"]
[null,28,1,"FOSHAN REDAR","PIECE","CAT-649","لاصق أجناب سرير صغير",649,"O/B","2021-12-01"]
[null,29,4,"FOSHAN REDAR","PIECE","CAT-650","سرير طبي بأجناب",650,"O/B","2021-12-01"]
[null,30,1,"FOSHAN REDAR","PIECE","CAT-651","لاصق أجناب سرير كبير",651,"O/B","2021-12-01"]
[null,31,0,"FOSHAN REDAR","PIECE","CAT-652","سرير طبي خشب",652,"O/B","2021-12-01"]
[null,32,2,"FOSHAN REDAR","PIECE","CAT-653","قطع غيار سرير طبي خشب ",653,"O/B","2021-12-01"]
[null,33,23,"FOSHAN REDAR","PIECE","CAT-654","عجل سرير",654,"O/B","2021-12-01"]
[null,34,5,"FOSHAN REDAR","PIECE","CAT-655","كونترول سرير",655,"O/B","2021-12-01"]
[null,35,3,"FOSHAN REDAR","PIECE","CAT-656","ماتور سرير",656,"O/B","2021-12-01"]
[null,36,26,"FOSHAN REDAR","PIECE","CAT-657","عمود محاليل سرير",657,"O/B","2021-12-01"]
[null,37,11,"FOSHAN REDAR","PIECE","CAT-658","قفل لظهور السرير",658,"O/B","2021-12-01"]
[null,38,7,"FOSHAN REDAR","PIECE","CAT-659","كرسي رافعة أصفر",659,"O/B","2021-12-01"]
[null,39,5,"FOSHAN REDAR","PIECE","CAT-660","كرسي رافعة رمادي",660,"O/B","2021-12-01"]
[null,10,0,"FOSHAN REDAR","PIECE","CAT-661","كرسي حمام 3 مراحل أزرق 20 بوصة عجل صغير ",661,"O/B","2021-12-01"]
[null,11,0,"FOSHAN REDAR","PIECE","CAT-662","كرسي حمام 3 مراحل أزرق 20 بوصة عجل كبير",662,"O/B","2021-12-01"]
[null,12,29,"FOSHAN REDAR","PIECE","CAT-663","مرتبة هوائية صغيرة",663,"O/B","2021-12-01"]
[null,13,52,"FOSHAN REDAR","PIECE","CAT-664","مرتبة هوائية تيوب",664,"O/B","2021-12-01"]
[null,14,0,"FOSHAN REDAR","PIECE","CAT-665","مشاية بويل فوشان",665,"O/B","2021-12-01"]
[null,15,0,"FOSHAN","PIECE","CAT-666","مشاية جلد",666,"O/B","2021-12-01"]
[null,16,0,"FOSHAN","PIECE","CAT-667","عصا رباعي سوداء",667,"O/B","2021-12-01"]
[null,17,0,"FOSHAN","PIECE","CAT-668","عصا ثلاثي فضي",668,"O/B","2021-12-01"]
[null,18,0,"FOSHAN","PIECE","CAT-669","عصا رباعي فضي",669,"O/B","2021-12-01"]
[null,19,0,"FOSHAN","PIECE","CAT-670","عصا سوداء 939",670,"O/B","2021-12-01"]
[null,20,0,"FOSHAN","PIECE","CAT-671","عصا سوداء 948",671,"O/B","2021-12-01"]
[null,21,0,"FOSHAN","PIECE","CAT-672","عصا سوداء 9203",672,"O/B","2021-12-01"]
[null,22,0,"FOSHAN","PIECE","CAT-673","مشاية مرحلتين",673,"O/B","2021-12-01"]
[null,23,0,"FOSHAN","PIECE","CAT-674","روليتور",674,"O/B","2021-12-01"]
[null,24,0,"FOSHAN","PIECE","CAT-675","عكاز مرفق مقفول",675,"O/B","2021-12-01"]
[null,25,0,"FOSHAN","PIECE","CAT-676","كرسي كهربائي ",676,"O/B","2021-12-01"]
[null,26,9,"FOSHAN","PIECE","CAT-677","كرسي كاروه ",677,"O/B","2021-12-01"]
[null,27,11,"FOSHAN","PIECE","CAT-678","كرسي فوشان اسود عجل صغير",678,"O/B","2021-12-01"]
[null,28,3,"FOSHAN","PIECE","CAT-679","كرسي أزرق شديد الاعاقة",679,"O/B","2021-12-01"]
[null,29,4,"FOSHAN","PIECE","CAT-680","كرسي أحمر شديد الاعاقة",680,"O/B","2021-12-01"]
[null,30,1,"FOSHAN","PIECE","CAT-681","كرسي أطفال برتقالي",681,"O/B","2021-12-01"]
[null,31,3,"FOSHAN","PIECE","CAT-682","كرسي أطفال 3 مراحل أخضر",682,"O/B","2021-12-01"]
[null,32,7,"FOSHAN","PIECE","CAT-683","كرسي فوشان لبني",683,"O/B","2021-12-01"]
[null,33,24,"FOSHAN","PIECE","CAT-684","قاعدة محاليل",684,"O/B","2021-12-01"]
[null,34,7,"FOSHAN","PIECE","CAT-685","عمود محاليل",685,"O/B","2021-12-01"]
[null,35,2,"FOSHAN","PIECE","CAT-686","كرسي شاور عريض",686,"O/B","2021-12-01"]
[null,36,16,"FOSHAN","PIECE","CAT-687","درجة سلم مرحلة واحدة",687,"O/B","2021-12-01"]
[null,37,21,"FOSHAN","PIECE","CAT-688","درجة سلم مرحلتين",688,"O/B","2021-12-01"]
[null,38,5,"FOSHAN","PIECE","CAT-689","مشاية أطفال فوشان حمراء",689,"O/B","2021-12-01"]
[null,39,6,"FOSHAN","PIECE","CAT-690","مشاية أطفال فوشان فضي XS",690,"O/B","2021-12-01"]
[null,10,10,"FOSHAN","PIECE","CAT-691","مشاية أطفال فوشان فضي S",691,"O/B","2021-12-01"]
[null,11,1,"FOSHAN","PIECE","CAT-692","مشاية أطفال يد صفراء ",692,"O/B","2021-12-01"]
[null,12,0,"FOSHAN","PIECE","CAT-693","كرسي شاور بهاند ريست",693,"O/B","2021-12-01"]
[null,13,0,"FOSHAN","PIECE","CAT-694","كرسي شاور كيرف بظهر",694,"O/B","2021-12-01"]
[null,14,0,"FOSHAN","PIECE","CAT-695","كرسي حمام جلد 18 بوصة",695,"O/B","2021-12-01"]
[null,15,0,"FOSHAN","PIECE","CAT-696","كرسي حمام جلد 20 بوصة",696,"O/B","2021-12-01"]
[null,16,1,"FOSHAN","PIECE","CAT-697","كرسي شاور كيرف بدون ظهر",697,"O/B","2021-12-01"]
[null,17,0,"FOSHAN","PIECE","CAT-698","مشاية ثابتة ",698,"O/B","2021-12-01"]
[null,18,11,"FOSHAN","PIECE","CAT-699","مشاية بويل",699,"O/B","2021-12-01"]
[null,19,3,"FOSHAN","PIECE","CAT-700","كرسي حمام أبيض بويل أدجاستبل",700,"O/B","2021-12-01"]
[null,20,0,"FOSHAN","PIECE","CAT-701","ويل شير ألومنيوم أسود جديد بظهر متحرك",701,"O/B","2021-12-01"]
[null,21,0,"FOSHAN","PIECE","CAT-702","كرسي استيل 24 بوصة",702,"O/B","2021-12-01"]
[null,22,15,"FOSHAN","PIECE","CAT-703","كرسي فوشان استاندارد اسود عجل كبير",703,"O/B","2021-12-01"]
[null,23,1,"FOSHAN","PIECE","CAT-704","كرسي فوشان أحمر 20 بوصة الجديد",704,"O/B","2021-12-01"]
[null,24,2,"FOSHAN","PIECE","CAT-705","كرسي فوشان الومنيوم أحمر عجل صغير",705,"O/B","2021-12-01"]
[null,25,1,"FOSHAN","PIECE","CAT-706","رافعة مريض",706,"O/B","2021-12-01"]
[null,26,0,"FOSHAN","PIECE","CAT-707","طاولة طعام جديدة فايبر 4 ويل مرتفع",707,"O/B","2021-12-01"]
[null,27,0,"FOSHAN","PIECE","CAT-708","ترولي أدوية عادي",708,"O/B","2021-12-01"]
[null,28,0,"FOSHAN","PIECE","CAT-709","كرسي استاندارد 18 بوصة ",709,"O/B","2021-12-01"]
[null,29,0,"FOSHAN","PIECE","CAT-710","مشاية مرحلتين جديدة 9637",710,"O/B","2021-12-01"]
[null,30,0,"FOSHAN","PIECE","CAT-711","ترولي أدوية بأدراج",711,"O/B","2021-12-01"]
[null,31,0,"FOSHAN","PIECE","CAT-712","كرسي استيل 22 بوصة",712,"O/B","2021-12-01"]
[null,32,0,"FOSHAN","PIECE","CAT-713","كرسي حمام الومنيوم اسود بهاند ريست بويل بالظهر",713,"O/B","2021-12-01"]
[null,33,0,"FOSHAN","PIECE","CAT-714","كرسي استاندارد رجل متحرك",714,"O/B","2021-12-01"]
[null,34,0,"FOSHAN","PIECE","CAT-715","كرسي شاور حرف U بهاند ريست",715,"O/B","2021-12-01"]
[null,35,22,"FOSHAN","PIECE","CAT-716","كرسي شاور حائط حرف U",716,"O/B","2021-12-01"]
[null,36,12,"FOSHAN","PIECE","CAT-717","كرسي فوشان أزرق عجل كبير",717,"O/B","2021-12-01"]
[null,37,14,"FOSHAN","PIECE","CAT-718","طاولة ثابتة",718,"O/B","2021-12-01"]
[null,38,14,"FOSHAN","PIECE","CAT-719","طاولة طعام خشب",719,"O/B","2021-12-01"]
[null,39,0,"FOSHAN","PIECE","CAT-720","كرسي فوشان ألومنيوم عجل صغير ألوان مثلثة",720,"O/B","2021-12-01"]
[null,10,9,"FOSHAN","PIECE","CAT-721","كرسي حمام جلد ثابت",721,"O/B","2021-12-01"]
[null,11,0,"FOSHAN","PIECE","CAT-722","كرسي حمام دهبي",722,"O/B","2021-12-01"]
[null,12,12,"FOSHAN","PIECE","CAT-723","كرسي فوشان عجل هوائي",723,"O/B","2021-12-01"]
[null,13,14,"FOSHAN","PIECE","CAT-724","بدالة مرحلة واحدة",724,"O/B","2021-12-01"]
[null,14,16,"FOSHAN","PIECE","CAT-725","بدالة مرحلتين",725,"O/B","2021-12-01"]
[null,15,0,"FOSHAN","PIECE","CAT-726","رافعة حمام 10 سم",726,"O/B","2021-12-01"]
[null,16,0,"FOSHAN","PIECE","CAT-727","رافعة حمام 7 سم",727,"O/B","2021-12-01"]
[null,17,2,"TRUE LIFE","PIECE","CAT-728","صندل أبيض دينيس براون 19",728,"O/B","2021-12-01"]
[null,18,2,"TRUE LIFE","PIECE","CAT-729","صندل أبيض دينيس براون 20",729,"O/B","2021-12-01"]
[null,19,3,"TRUE LIFE","PIECE","CAT-730","صندل أبيض دينيس براون 21",730,"O/B","2021-12-01"]
[null,20,2,"TRUE LIFE","PIECE","CAT-731","صندل أبيض دينيس براون 22",731,"O/B","2021-12-01"]
[null,21,2,"TRUE LIFE","PIECE","CAT-732","صندل أبيض دينيس براون 23",732,"O/B","2021-12-01"]
[null,22,1,"TRUE LIFE","PIECE","CAT-733","صندل أبيض دينيس براون 24",733,"O/B","2021-12-01"]
[null,23,0,"TRUE LIFE","PIECE","CAT-734","بار دينس براون كوتشي أبيض S",734,"O/B","2021-12-01"]
[null,24,0,"TRUE LIFE","PIECE","CAT-735","بار دينس براون كوتشي أبيض M",735,"O/B","2021-12-01"]
[null,25,0,"TRUE LIFE","PIECE","CAT-736","بار دينس براون كوتشي أبيض L",736,"O/B","2021-12-01"]
[null,26,7,"TRUE LIFE","PIECE","CAT-737","صندل كحلي . أسود 15",737,"O/B","2021-12-01"]
[null,27,5,"TRUE LIFE","PIECE","CAT-738","صندل كحلي . أسود 16",738,"O/B","2021-12-01"]
[null,28,5,"TRUE LIFE","PIECE","CAT-739","صندل كحلي . أسود 17",739,"O/B","2021-12-01"]
[null,29,5,"TRUE LIFE","PIECE","CAT-740","صندل كحلي . أسود 18",740,"O/B","2021-12-01"]
[null,30,3,"TRUE LIFE","PIECE","CAT-741","صندل كحلي . أسود 19",741,"O/B","2021-12-01"]
[null,31,6,"TRUE LIFE","PIECE","CAT-742","صندل كحلي . أسود 20",742,"O/B","2021-12-01"]
[null,32,4,"TRUE LIFE","PIECE","CAT-743","صندل كحلي . أسود 21",743,"O/B","2021-12-01"]
[null,33,3,"TRUE LIFE","PIECE","CAT-744","صندل كحلي . أسود 22",744,"O/B","2021-12-01"]
[null,34,17,"TRUE LIFE","PIECE","CAT-745","صندل كحلي . أسود 23",745,"O/B","2021-12-01"]
[null,35,12,"TRUE LIFE","PIECE","CAT-746","صندل كحلي . أسود 24",746,"O/B","2021-12-01"]
[null,36,4,"TRUE LIFE","PIECE","CAT-747","صندل كحلي . أسود 25",747,"O/B","2021-12-01"]
[null,37,0,"TRUE LIFE","PIECE","CAT-748","صندل كحلي . أسود 26",748,"O/B","2021-12-01"]
[null,38,2,"TRUE LIFE","PIECE","CAT-749","صندل كحلي . أسود 27",749,"O/B","2021-12-01"]
[null,39,0,"TRUE LIFE","PIECE","CAT-750","صندل كحلي . أسود 28",750,"O/B","2021-12-01"]
[null,10,0,"TRUE LIFE","PIECE","CAT-751","صندل كحلي . أسود 29",751,"O/B","2021-12-01"]
[null,11,0,"TRUE LIFE","PIECE","CAT-752","صندل كحلي . أسود 30",752,"O/B","2021-12-01"]
[null,12,3,"TRUE LIFE","PIECE","CAT-753","جزمة سوداء دروب فوت 37",753,"O/B","2021-12-01"]
[null,13,3,"TRUE LIFE","PIECE","CAT-754","جزمة سوداء دروب فوت 38",754,"O/B","2021-12-01"]
[null,14,2,"TRUE LIFE","PIECE","CAT-755","جزمة سوداء دروب فوت 39",755,"O/B","2021-12-01"]
[null,15,2,"TRUE LIFE","PIECE","CAT-756","جزمة سوداء نعل بيج 33",756,"O/B","2021-12-01"]
[null,16,1,"TRUE LIFE","PIECE","CAT-757","جزمة سوداء نعل بيج 35",757,"O/B","2021-12-01"]
[null,17,3,"TRUE LIFE","PIECE","CAT-758","جزمة سوداء نعل بيج 36",758,"O/B","2021-12-01"]
[null,18,3,"TRUE LIFE","PIECE","CAT-759","فرش فلات فوت  18",759,"O/B","2021-12-01"]
[null,19,4,"TRUE LIFE","PIECE","CAT-760","فرش فلات فوت  19",760,"O/B","2021-12-01"]
[null,20,3,"TRUE LIFE","PIECE","CAT-761","فرش فلات فوت  20",761,"O/B","2021-12-01"]
[null,21,3,"TRUE LIFE","PIECE","CAT-762","فرش فلات فوت  21",762,"O/B","2021-12-01"]
[null,22,3,"TRUE LIFE","PIECE","CAT-763","فرش فلات فوت  22",763,"O/B","2021-12-01"]
[null,23,2,"TRUE LIFE","PIECE","CAT-764","فرش فلات فوت  23",764,"O/B","2021-12-01"]
[null,24,2,"TRUE LIFE","PIECE","CAT-765","فرش فلات فوت  24",765,"O/B","2021-12-01"]
[null,25,1,"TRUE LIFE","PIECE","CAT-766","فرش فلات فوت  25",766,"O/B","2021-12-01"]
[null,26,2,"TRUE LIFE","PIECE","CAT-767","فرش فلات فوت  26",767,"O/B","2021-12-01"]
[null,27,2,"TRUE LIFE","PIECE","CAT-768","فرش فلات فوت  27",768,"O/B","2021-12-01"]
[null,28,1,"TRUE LIFE","PIECE","CAT-769","فرش فلات فوت  28",769,"O/B","2021-12-01"]
[null,29,0,"TRUE LIFE","PIECE","CAT-770","فرش فلات فوت  29",770,"O/B","2021-12-01"]
[null,30,0,"TRUE LIFE","PIECE","CAT-771","فرش فلات فوت  30",771,"O/B","2021-12-01"]
[null,31,0,"TRUE LIFE","PIECE","CAT-772","فرش فلات فوت  31",772,"O/B","2021-12-01"]
[null,32,0,"TRUE LIFE","PIECE","CAT-773","فرش فلات فوت  32",773,"O/B","2021-12-01"]
[null,33,0,"TRUE LIFE","PIECE","CAT-774","فرش فلات فوت  33",774,"O/B","2021-12-01"]
[null,34,0,"TRUE LIFE","PIECE","CAT-775","فرش فلات فوت  34",775,"O/B","2021-12-01"]
[null,35,0,"TRUE LIFE","PIECE","CAT-776","فرش فلات فوت  35",776,"O/B","2021-12-01"]
[null,36,0,"TRUE LIFE","PIECE","CAT-777","فرش فلات فوت  36",777,"O/B","2021-12-01"]
[null,37,0,"TRUE LIFE","PIECE","CAT-778","فرش فلات فوت  37",778,"O/B","2021-12-01"]
[null,38,0,"TRUE LIFE","PIECE","CAT-779","فرش فلات فوت  38",779,"O/B","2021-12-01"]
[null,39,0,"TRUE LIFE","PIECE","CAT-780","فرش فلات فوت  39",780,"O/B","2021-12-01"]
[null,10,0,"TRUE LIFE","PIECE","CAT-781","فرش فلات فوت  40",781,"O/B","2021-12-01"]
[null,11,2,"TRUE LIFE","PIECE","CAT-782","فرش فلات فوت  41",782,"O/B","2021-12-01"]
[null,12,0,"TRUE LIFE","PIECE","CAT-783","فرش فلات فوت  42",783,"O/B","2021-12-01"]
[null,13,0,"TRUE LIFE","PIECE","CAT-784","فرش فلات فوت  43",784,"O/B","2021-12-01"]
[null,14,0,"TRUE LIFE","PIECE","CAT-785","فرش فلات فوت  44",785,"O/B","2021-12-01"]
[null,15,0,"TRUE LIFE","PIECE","CAT-786","فرش فلات فوت  45",786,"O/B","2021-12-01"]
[null,16,1,"TRUE LIFE","PIECE","CAT-787","فرش فلات فوت  46",787,"O/B","2021-12-01"]
[null,17,1,"TRUE LIFE","PIECE","CAT-788","فرش فلات فوت  47",788,"O/B","2021-12-01"]
[null,18,23,"TRUE LIFE","PIECE","CAT-789","هيل لفت ",789,"O/B","2021-12-01"]
[null,19,0,"TRUE LIFE","PIECE","CAT-790","صندل سكر 38",790,"O/B","2021-12-01"]
[null,20,1,"TRUE LIFE","PIECE","CAT-791","صندل سكر 39",791,"O/B","2021-12-01"]
[null,21,-1,"TRUE LIFE","PIECE","CAT-792","صندل سكر 40",792,"O/B","2021-12-01"]
[null,22,3,"TRUE LIFE","PIECE","CAT-793","صندل سكر 41",793,"O/B","2021-12-01"]
[null,23,3,"TRUE LIFE","PIECE","CAT-794","صندل سكر 42",794,"O/B","2021-12-01"]
[null,24,3,"TRUE LIFE","PIECE","CAT-795","صندل سكر 43",795,"O/B","2021-12-01"]
[null,25,7,"TRUE LIFE","PIECE","CAT-796","صندل سكر 44",796,"O/B","2021-12-01"]
[null,26,21,"TRUE LIFE","PIECE","CAT-797","صندل سكر 45",797,"O/B","2021-12-01"]
[null,27,3,"TRUE LIFE","PIECE","CAT-798","صندل سكر 46",798,"O/B","2021-12-01"]
[null,28,7,"TRUE LIFE","PIECE","CAT-799","صندل سكر 47",799,"O/B","2021-12-01"]
[null,29,3,"TRUE LIFE","PIECE","CAT-800","حذاء قطيفة 38",800,"O/B","2021-12-01"]
[null,30,3,"TRUE LIFE","PIECE","CAT-801","حذاء قطيفة 39",801,"O/B","2021-12-01"]
[null,31,3,"TRUE LIFE","PIECE","CAT-802","حذاء قطيفة 40",802,"O/B","2021-12-01"]
[null,32,1,"TRUE LIFE","PIECE","CAT-803","حذاء قطيفة 41",803,"O/B","2021-12-01"]
[null,33,3,"TRUE LIFE","PIECE","CAT-804","حذاء قطيفة 42",804,"O/B","2021-12-01"]
[null,34,4,"TRUE LIFE","PIECE","CAT-805","حذاء قطيفة 43",805,"O/B","2021-12-01"]
[null,35,4,"TRUE LIFE","PIECE","CAT-806","حذاء قطيفة 44",806,"O/B","2021-12-01"]
[null,36,4,"TRUE LIFE","PIECE","CAT-807","حذاء قطيفة 45",807,"O/B","2021-12-01"]
[null,37,4,"TRUE LIFE","PIECE","CAT-808","حذاء قطيفة 46",808,"O/B","2021-12-01"]
[null,38,2,"TRUE LIFE","PIECE","CAT-809","حذاء قطيفة 47",809,"O/B","2021-12-01"]
[null,39,1,"TRUE LIFE","PIECE","CAT-810","حزام ظهر كامل مصري S",810,"O/B","2021-12-01"]
[null,10,1,"TRUE LIFE","PIECE","CAT-811","حزام ظهر كامل مصري M",811,"O/B","2021-12-01"]
[null,11,1,"TRUE LIFE","PIECE","CAT-812","حزام ظهر كامل مصري L",812,"O/B","2021-12-01"]
[null,12,6,"TRUE LIFE","PIECE","CAT-813","حزام ظهر كامل مصري XL",813,"O/B","2021-12-01"]
[null,13,6,"TRUE LIFE","PIECE","CAT-814","حزام ظهر كامل مصري XXL",814,"O/B","2021-12-01"]
[null,14,0,"TRUE LIFE","PIECE","CAT-815","حزام ظهر كامل مصري 3XL",815,"O/B","2021-12-01"]
[null,15,1,"TRUE LIFE","PIECE","CAT-816","حزام ظهر كامل مصري 4XL",816,"O/B","2021-12-01"]
[null,16,0,"TRUE LIFE","PIECE","CAT-817","حزام ظهر كامل مصري 5XL",817,"O/B","2021-12-01"]
[null,17,8,"TRUE LIFE","PIECE","CAT-818","مثبت ركبة مصري 50 سم",818,"O/B","2021-12-01"]
[null,18,0,"TRUE LIFE","PIECE","CAT-819","انكل واكر اسود مقفول  M",819,"O/B","2021-12-01"]
[null,19,0,"TRUE LIFE","PIECE","CAT-820","انكل واكر اسود مقفول  L",820,"O/B","2021-12-01"]
[null,20,8,"TRUE LIFE","PIECE","CAT-821","هاميرال بريس أبيض مصري يسار S",821,"O/B","2021-12-01"]
[null,21,3,"TRUE LIFE","PIECE","CAT-822","هاميرال بريس أبيض مصري يسار M",822,"O/B","2021-12-01"]
[null,22,1,"TRUE LIFE","PIECE","CAT-823","هاميرال بريس أبيض مصري يسار L",823,"O/B","2021-12-01"]
[null,23,"-","TRUE LIFE","PIECE","CAT-824","هاميرال بريس أبيض مصري يمين S",824,"O/B","2021-12-01"]
[null,24,"-","TRUE LIFE","PIECE","CAT-825","هاميرال بريس أبيض مصري يمين M",825,"O/B","2021-12-01"]
[null,25,"-","TRUE LIFE","PIECE","CAT-826","هاميرال بريس أبيض مصري يمين L",826,"O/B","2021-12-01"]
[null,26,0,"TRUE LIFE","PIECE","CAT-827","هاميرال مصري عادي S",827,"O/B","2021-12-01"]
[null,27,5,"TRUE LIFE","PIECE","CAT-828","سي دي اتش مصري متحرك XS",828,"O/B","2021-12-01"]
[null,28,2,"TRUE LIFE","PIECE","CAT-829","سي دي اتش مصري متحرك S",829,"O/B","2021-12-01"]
[null,29,2,"TRUE LIFE","PIECE","CAT-830","سي دي اتش مصري متحرك L",830,"O/B","2021-12-01"]
[null,30,8,"TRUE LIFE","PIECE","CAT-831","سي دي اتش مصري ثابت S",831,"O/B","2021-12-01"]
[null,31,5,"TRUE LIFE","PIECE","CAT-832","سي دي اتش مصري ثابت XS",832,"O/B","2021-12-01"]
[null,32,13,"TRUE LIFE","PIECE","CAT-833","سي دي اتش مصري ثابت M",833,"O/B","2021-12-01"]
[null,33,1,"TRUE LIFE","PIECE","CAT-834","سي دي اتش مصري ثابت L",834,"O/B","2021-12-01"]
[null,34,0,"TRUE LIFE","PIECE","CAT-835","أنكل بريس S",835,"O/B","2021-12-01"]
[null,35,0,"TRUE LIFE","PIECE","CAT-836","أنكل بريس M",836,"O/B","2021-12-01"]
[null,36,0,"TRUE LIFE","PIECE","CAT-837","أنكل بريس L",837,"O/B","2021-12-01"]
[null,37,1,"TRUE LIFE","PIECE","CAT-838","أنكل بريس XL",838,"O/B","2021-12-01"]
[null,38,0,"TRUE LIFE","PIECE","CAT-839","أنكل بريس XXL",839,"O/B","2021-12-01"]
[null,39,0,"TRUE LIFE","PIECE","CAT-840","ريست سبورت MR",840,"O/B","2021-12-01"]
[null,10,0,"TRUE LIFE","PIECE","CAT-841","ريست سبورت LR",841,"O/B","2021-12-01"]
[null,11,0,"TRUE LIFE","PIECE","CAT-842","ريست سبورت ML",842,"O/B","2021-12-01"]
[null,12,0,"TRUE LIFE","PIECE","CAT-843","ريست سبورت LL",843,"O/B","2021-12-01"]
[null,13,0,"TRUE LIFE","PIECE","CAT-844","حزام ظهر نص رفيع S",844,"O/B","2021-12-01"]
[null,14,-1,"TRUE LIFE","PIECE","CAT-845","حزام ظهر نص رفيع  M",845,"O/B","2021-12-01"]
[null,15,0,"TRUE LIFE","PIECE","CAT-846","حزام ظهر نص رفيع L",846,"O/B","2021-12-01"]
[null,16,0,"TRUE LIFE","PIECE","CAT-847","حزام ظهر نص رفيع XL",847,"O/B","2021-12-01"]
[null,17,0,"TRUE LIFE","PIECE","CAT-848","حزام ظهر نص رفيع XXL",848,"O/B","2021-12-01"]
[null,18,0,"TRUE LIFE","PIECE","CAT-849","حزام ظهر نص رفيع 3XL",849,"O/B","2021-12-01"]
[null,19,1,"TRUE LIFE","PIECE","CAT-850","حزام ظهر نص رفيع 4XL",850,"O/B","2021-12-01"]
[null,20,1,"TRUE LIFE","PIECE","CAT-851","حزام ظهر نص رفيع 5XL",851,"O/B","2021-12-01"]
[null,21,3,"TRUE LIFE","PIECE","CAT-852","حزام ظهر نص عريض S",852,"O/B","2021-12-01"]
[null,22,1,"TRUE LIFE","PIECE","CAT-853","حزام ظهر نص عريض M",853,"O/B","2021-12-01"]
[null,23,2,"TRUE LIFE","PIECE","CAT-854","حزام ظهر نص عريض L",854,"O/B","2021-12-01"]
[null,24,0,"TRUE LIFE","PIECE","CAT-855","حزام ظهر نص عريض XL",855,"O/B","2021-12-01"]
[null,25,1,"TRUE LIFE","PIECE","CAT-856","حزام ظهر نص عريض XXL",856,"O/B","2021-12-01"]
[null,26,0,"TRUE LIFE","PIECE","CAT-857","حزام ظهر نص عريض 3XL",857,"O/B","2021-12-01"]
[null,27,0,"TRUE LIFE","PIECE","CAT-858","حزام ظهر نص عريض 4XL",858,"O/B","2021-12-01"]
[null,28,0,"TRUE LIFE","PIECE","CAT-859","حزام ظهر نص عريض 5XL",859,"O/B","2021-12-01"]
[null,29,0,"TRUE LIFE","PIECE","CAT-860","حزام ظهر مصري أبيض S",860,"O/B","2021-12-01"]
[null,30,0,"TRUE LIFE","PIECE","CAT-861","حزام ظهر مصري أبيض M",861,"O/B","2021-12-01"]
[null,31,0,"TRUE LIFE","PIECE","CAT-862","حزام ظهر مصري أبيض L",862,"O/B","2021-12-01"]
[null,32,0,"TRUE LIFE","PIECE","CAT-863","أنكل وكر مفتوح طويل S",863,"O/B","2021-12-01"]
[null,33,0,"TRUE LIFE","PIECE","CAT-864","أنكل وكر مفتوح طويل M",864,"O/B","2021-12-01"]
[null,34,0,"TRUE LIFE","PIECE","CAT-865","أنكل وكر مفتوح طويل L",865,"O/B","2021-12-01"]
[null,35,0,"TRUE LIFE","PIECE","CAT-866","أنكل وكر مفتوح طويل XL",866,"O/B","2021-12-01"]
[null,36,0,"TRUE LIFE","PIECE","CAT-867","حذاء ويدج أمامي S",867,"O/B","2021-12-01"]
[null,37,3,"TRUE LIFE","PIECE","CAT-868","حذاء ويدج أمامي M",868,"O/B","2021-12-01"]
[null,38,7,"TRUE LIFE","PIECE","CAT-869","حذاء ويدج أمامي L",869,"O/B","2021-12-01"]
[null,39,5,"TRUE LIFE","PIECE","CAT-870","حذاء ويدج أمامي XL",870,"O/B","2021-12-01"]
[null,10,"-","TRUE LIFE","PIECE","CAT-871","حذاء ويدج خلفي S",871,"O/B","2021-12-01"]
[null,11,3,"TRUE LIFE","PIECE","CAT-872","حذاء ويدج خلفي M",872,"O/B","2021-12-01"]
[null,12,5,"TRUE LIFE","PIECE","CAT-873","حذاء ويدج خلفي L",873,"O/B","2021-12-01"]
[null,13,"-","TRUE LIFE","PIECE","CAT-874","حذاء ويدج خلفي XL",874,"O/B","2021-12-01"]
[null,14,7,"TRUE LIFE","PIECE","CAT-875","أنكل وكر مفتوح وسط S",875,"O/B","2021-12-01"]
[null,15,14,"TRUE LIFE","PIECE","CAT-876","أنكل وكر مفتوح وسط M",876,"O/B","2021-12-01"]
[null,16,10,"TRUE LIFE","PIECE","CAT-877","أنكل وكر مفتوح وسط L",877,"O/B","2021-12-01"]
[null,17,10,"TRUE LIFE","PIECE","CAT-878","أنكل وكر مفتوح وسط XL",878,"O/B","2021-12-01"]
[null,18,6,"TRUE LIFE","PIECE","CAT-879","أنكل وكر مفتوح وسط XXL",879,"O/B","2021-12-01"]
[null,19,20,"TRUE LIFE","PIECE","CAT-880","أنكل وكر مفتوح شورت S",880,"O/B","2021-12-01"]
[null,20,13,"TRUE LIFE","PIECE","CAT-881","أنكل وكر مفتوح شورت M",881,"O/B","2021-12-01"]
[null,21,15,"TRUE LIFE","PIECE","CAT-882","أنكل وكر مفتوح شورت L",882,"O/B","2021-12-01"]
[null,22,15,"TRUE LIFE","PIECE","CAT-883","أنكل وكر مفتوح شورت XL",883,"O/B","2021-12-01"]
[null,23,6,"TRUE LIFE","PIECE","CAT-884","أنكل وكر مفتوح شورت XXL",884,"O/B","2021-12-01"]
[null,24,0,"     HEBEI BAIYANG","PIECE","CAT-885","سرير طبي صغير جديد من هيبي",885,"O/B","2021-12-01"]
[null,25,0,"     HEBEI BAIYANG","PIECE","CAT-886","سرير طبي كبير جديد من هيبي",886,"O/B","2021-12-01"]
[null,26,0,"     HEBEI BAIYANG","PIECE","CAT-887","طاولة طعام بلاستيك وألومنيوم",887,"O/B","2021-12-01"]
[null,27,0,"     HEBEI BAIYANG","PIECE","CAT-888","طاولة طعام بلاستيك ومعدن",888,"O/B","2021-12-01"]
[null,28,0,"     HEBEI BAIYANG","PIECE","CAT-889","مشاية",889,"O/B","2021-12-01"]
[null,29,0,"     HEBEI BAIYANG","PIECE","CAT-890","ويل شير عرض 22",890,"O/B","2021-12-01"]
[null,30,62,"KTMED","PIECE","CAT-891","جهاز بخار محمول كوري",891,"O/B","2021-12-01"]
[null,31,10,"KTMED","PIECE","CAT-892","قطع غيار رأس الجهاز",892,"O/B","2021-12-01"]
[null,32,1,"ELMASLER","PIECE","CAT-893","جهاز سكشن تركي الصغير",893,"O/B","2021-12-01"]
[null,33,0,"ELMASLER","PIECE","CAT-894","مولد أكسجين منزلي",894,"O/B","2021-12-01"]
[null,34,0,"ELMASLER","PIECE","CAT-895","جهاز سكشن العيادات",895,"O/B","2021-12-01"]
[null,35,0,"ELMASLER","PIECE","CAT-896","جهاز السكشن الكبير",896,"O/B","2021-12-01"]
[null,36,0,"ELMASLER","PIECE","CAT-897","جهاز سكشن الاسعاف ",897,"O/B","2021-12-01"]
[null,37,7,"ELMASLER","PIECE","CAT-898","جهاز تنفس سي باب",898,"O/B","2021-12-01"]
[null,38,6,"ELMASLER","PIECE","CAT-899","جهاز تنفس باي باب",899,"O/B","2021-12-01"]
[null,39,13,"ELMASLER","PIECE","CAT-900","ماسك كامل M",900,"O/B","2021-12-01"]
[null,10,10,"ELMASLER","PIECE","CAT-901","ماسك كامل L",901,"O/B","2021-12-01"]
[null,11,1,"ELMASLER","PIECE","CAT-902","ماسك أنف فقط M",902,"O/B","2021-12-01"]
[null,12,0,"ELMASLER","PIECE","CAT-903","ماسك أنف فقط L",903,"O/B","2021-12-01"]
[null,13,5,"PROMEDICS","PIECE","CAT-904","سي دي اتش أدجستابل XS",904,"O/B","2021-12-01"]
[null,14,3,"PROMEDICS","PIECE","CAT-905","سي دي اتش أدجستابل S",905,"O/B","2021-12-01"]
[null,15,0,"PROMEDICS","PIECE","CAT-906","سي دي اتش أدجستابل M",906,"O/B","2021-12-01"]
[null,16,0,"PROMEDICS","PIECE","CAT-907","سي دي اتش أدجستابل L",907,"O/B","2021-12-01"]
[null,17,5,"PROMEDICS","PIECE","CAT-908","سي دي اتش ثابت XS",908,"O/B","2021-12-01"]
[null,18,8,"PROMEDICS","PIECE","CAT-909","سي دي اتش ثابت S",909,"O/B","2021-12-01"]
[null,19,13,"PROMEDICS","PIECE","CAT-910","سي دي اتش ثابت M",910,"O/B","2021-12-01"]
[null,20,1,"PROMEDICS","PIECE","CAT-911","سي دي اتش ثابت L",911,"O/B","2021-12-01"]
[null,21,0,"PROMEDICS","PIECE","CAT-912","مثبت ركبة أطفال 20 سم",912,"O/B","2021-12-01"]
[null,22,9,"PROMEDICS","PIECE","CAT-913","مثبت ركبة انجليزي 18 سم",913,"O/B","2021-12-01"]
[null,23,2,"PROMEDICS","PIECE","CAT-914","مثبت ركبة انجليزي 12 سم",914,"O/B","2021-12-01"]
[null,24,0,"PROMEDICS","PIECE","CAT-915","بافلك هارنس S",915,"O/B","2021-12-01"]
[null,25,0,"PROMEDICS","PIECE","CAT-916","بافلك هارنس M",916,"O/B","2021-12-01"]
[null,26,0,"PROMEDICS","PIECE","CAT-917","بافلك هارنس L",917,"O/B","2021-12-01"]
[null,27,0,"PROMEDICS","PIECE","CAT-918","دعامة شولدر",918,"O/B","2021-12-01"]
[null,28,0,"PROMEDICS","PIECE","CAT-919","دعامة شولدر (أطفال)",919,"O/B","2021-12-01"]
[null,29,0,"PROMEDICS","PIECE","CAT-920","ركبة بالروم انجليزى",920,"O/B","2021-12-01"]
[null,30,0,"PROMEDICS","PIECE","CAT-921","هاي كاست اسود XS",921,"O/B","2021-12-01"]
[null,31,0,"PROMEDICS","PIECE","CAT-922","هاي كاست اسود S",922,"O/B","2021-12-01"]
[null,32,64,"PROMEDICS","PIECE","CAT-923","هاي كاست اسود M",923,"O/B","2021-12-01"]
[null,33,1,"PROMEDICS","PIECE","CAT-924","هاي كاست اسود L",924,"O/B","2021-12-01"]
[null,34,0,"PROMEDICS","PIECE","CAT-925","هاي كاست اسود XL",925,"O/B","2021-12-01"]
[null,35,0,"PROMEDICS","PIECE","CAT-926","هاي كاست ازرق XS",926,"O/B","2021-12-01"]
[null,36,3,"PROMEDICS","PIECE","CAT-927","هاي كاست ازرق S",927,"O/B","2021-12-01"]
[null,37,34,"PROMEDICS","PIECE","CAT-928","هاي كاست ازرق M",928,"O/B","2021-12-01"]
[null,38,25,"PROMEDICS","PIECE","CAT-929","هاي كاست ازرق L",929,"O/B","2021-12-01"]
[null,39,35,"PROMEDICS","PIECE","CAT-930","هاي كاست ازرق XL",930,"O/B","2021-12-01"]
[null,10,0,"PROMEDICS","PIECE","CAT-931","ركبة حديد انجليزي",931,"O/B","2021-12-01"]
[null,11,0,"PROMEDICS","PIECE","CAT-932","مثبت تنس البو",932,"O/B","2021-12-01"]
[null,12,0,"PROMEDICS","PIECE","CAT-933","مثبت اصبع انجليزي",933,"O/B","2021-12-01"]
[null,13,4,"PROMEDICS","PIECE","CAT-934","ويدج جورا أمامي M",934,"O/B","2021-12-01"]
[null,14,8,"PROMEDICS","PIECE","CAT-935","ويدج جورا أمامي L",935,"O/B","2021-12-01"]
[null,15,6,"PROMEDICS","PIECE","CAT-936","ويدج جورا أمامي XL",936,"O/B","2021-12-01"]
[null,16,2,"PROMEDICS","PIECE","CAT-937","ويدج جورا خلفي M",937,"O/B","2021-12-01"]
[null,17,2,"PROMEDICS","PIECE","CAT-938","ويدج جورا خلفي L",938,"O/B","2021-12-01"]
[null,18,1,"PROMEDICS","PIECE","CAT-939","ويدج جورا خلفي XL",939,"O/B","2021-12-01"]
[null,19,5,"PROMEDICS","PIECE","CAT-940","ويدج جورا فلات XXL",940,"O/B","2021-12-01"]
[null,20,5,"PROMEDICS","PIECE","CAT-941","ركبة انجليزي No:100",941,"O/B","2021-12-01"]
[null,21,10,"PROMEDICS","PIECE","CAT-942","ركبة انجليزي No:94",942,"O/B","2021-12-01"]
[null,22,1,"PROMEDICS","PIECE","CAT-943","مشد كتف اطفال انجليزي",943,"O/B","2021-12-01"]
[null,23,5,"PROMEDICS","PIECE","CAT-944","ريست أطفال انجليزي أحمر * ازرق",944,"O/B","2021-12-01"]
[null,24,1,"PROMEDICS","PIECE","CAT-945","أنكل سبورت انجليزي",945,"O/B","2021-12-01"]
[null,25,1,"PROMEDICS","PIECE","CAT-946","مثبت رقبة انجليزي",946,"O/B","2021-12-01"]
[null,26,1,"PROMEDICS","PIECE","CAT-947","مثبت قدم اطفال ازرق انجليزي",947,"O/B","2021-12-01"]
[null,27,1,"PROMEDICS","PIECE","CAT-948","ريست أصبع انجليزي R/M",948,"O/B","2021-12-01"]
[null,28,0,"REHAB","PIECE","CAT-949","تيراباند أسود",949,"O/B","2021-12-01"]
[null,29,0,"REHAB","PIECE","CAT-950","تيراباند أحمر",950,"O/B","2021-12-01"]
[null,30,4,"REHAB","PIECE","CAT-951","تيراباند أزرق ",951,"O/B","2021-12-01"]
[null,31,0,"REHAB","PIECE","CAT-952","تيراباند أصفر",952,"O/B","2021-12-01"]
[null,32,5,"REHAB","PIECE","CAT-953","تيراباند أخضر",953,"O/B","2021-12-01"]
[null,33,13,"REHAB","PIECE","CAT-954","مقبض تيراباند أزرق",954,"O/B","2021-12-01"]
[null,34,20,"REHAB","PIECE","CAT-955","مقبض تيراباند اصفر",955,"O/B","2021-12-01"]
[null,35,15,"REHAB","PIECE","CAT-956","مقبض تيراباند أحمر",956,"O/B","2021-12-01"]
[null,36,18,"REHAB","PIECE","CAT-957","مقبض تيراباند أخضر",957,"O/B","2021-12-01"]
[null,37,6,"REHAB","PIECE","CAT-958","تيراباند دائري",958,"O/B","2021-12-01"]
[null,38,40,"FRESCO","PIECE","CAT-959","فيلت 5 مم",959,"O/B","2021-12-01"]
[null,39,100,"FRESCO","PIECE","CAT-960","فيلت 8 مم",960,"O/B","2021-12-01"]
[null,10,352,"FRESCO","PIECE","CAT-961","فيلت 10 مم",961,"O/B","2021-12-01"]
[null,11,119,"FIRSTAR","PIECE","CAT-962","كاست شاور كعب",962,"O/B","2021-12-01"]
[null,12,0,"FIRSTAR","PIECE","CAT-963","كاست شاور تحت الركبة",963,"O/B","2021-12-01"]
[null,13,253,"FIRSTAR","PIECE","CAT-964","كاست شاور طويل كامل",964,"O/B","2021-12-01"]
[null,14,51,"FIRSTAR","PIECE","CAT-965","كاست شاور يد",965,"O/B","2021-12-01"]
[null,15,126,"FIRSTAR","PIECE","CAT-966","كاست شاور ذراع كامل",966,"O/B","2021-12-01"]
[null,16,384,"FIRSTAR","PIECE","CAT-967","تيب أبيض رفيع",967,"O/B","2021-12-01"]
[null,17,2144,"FIRSTAR","PIECE","CAT-968","تيب أبيض عريض",968,"O/B","2021-12-01"]
[null,18,756,"FIRSTAR","PIECE","CAT-969","اندرتيب",969,"O/B","2021-12-01"]
[null,19,562,"FIRSTAR","PIECE","CAT-970","تيب الوان أحمر",970,"O/B","2021-12-01"]
[null,20,710,"FIRSTAR","PIECE","CAT-971","تيب الوان ازرق",971,"O/B","2021-12-01"]
[null,21,387,"FIRSTAR","PIECE","CAT-972","تيب الوان بيج",972,"O/B","2021-12-01"]
[null,22,258,"FIRSTAR","PIECE","CAT-973","تيب الوان بينك",973,"O/B","2021-12-01"]
[null,23,30,"FIRSTAR","PIECE","CAT-974","تيب الوان اسود",974,"O/B","2021-12-01"]
[null,24,9,"FIRSTAR","PIECE","CAT-975","فرش فيلت سكري S",975,"O/B","2021-12-01"]
[null,25,6,"FIRSTAR","PIECE","CAT-976","فرش فيلت سكري M",976,"O/B","2021-12-01"]
[null,26,25,"FIRSTAR","PIECE","CAT-977","فرش فيلت سكري L",977,"O/B","2021-12-01"]
[null,27,17,"FIRSTAR","PIECE","CAT-978","فرش فيلت سكري XL",978,"O/B","2021-12-01"]
[null,28,36,"WELL LANDS","PIECE","CAT-979","مقعد دونت عادي",979,"O/B","2021-12-01"]
[null,29,39,"WELL LANDS","PIECE","CAT-980","مقعد دونت ميموري فوم",980,"O/B","2021-12-01"]
[null,30,14,"WELL LANDS","PIECE","CAT-981","مقعد دونت بجل",981,"O/B","2021-12-01"]
[null,31,2,"WELL LANDS","PIECE","CAT-982","مقعد دونت متحرك",982,"O/B","2021-12-01"]
[null,32,90,"WELL LANDS","PIECE","CAT-983","مقعد كرتون L",983,"O/B","2021-12-01"]
[null,33,35,"WELL LANDS","PIECE","CAT-984","مقعد كرتون M",984,"O/B","2021-12-01"]
[null,34,29,"WELL LANDS","PIECE","CAT-985","مسند ظهر طويل",985,"O/B","2021-12-01"]
[null,35,20,"WELL LANDS","PIECE","CAT-986","مسند ظهر قصير 120*350*380",986,"O/B","2021-12-01"]
[null,36,15,"WELL LANDS","PIECE","CAT-987","مسند ظهر قصير 120*350*430",987,"O/B","2021-12-01"]
[null,37,2,"WELL LANDS","PIECE","CAT-988","مسند رقبة",988,"O/B","2021-12-01"]
[null,38,18,"WELL LANDS","PIECE","CAT-989","مقعد ازرق شنطة",989,"O/B","2021-12-01"]
[null,39,0,"WELL LANDS","PIECE","CAT-990","مخدة قدم فردية",990,"O/B","2021-12-01"]
[null,10,5,"WELL LANDS","PIECE","CAT-991","مخدة قدم زوجي",991,"O/B","2021-12-01"]
[null,11,8,"WELL LANDS","PIECE","CAT-992","مخدة نوم نورمال",992,"O/B","2021-12-01"]
[null,12,40,"WELL LANDS","PIECE","CAT-993","مخدة نوم بجل",993,"O/B","2021-12-01"]
[null,13,20,"WELL LANDS","PIECE","CAT-994","مقعد ازرق حرف U مرتفع",994,"O/B","2021-12-01"]
[null,14,41,"WELL LANDS","PIECE","CAT-995","مقعد اسود حرف U",995,"O/B","2021-12-01"]
[null,15,4,"WELL LANDS","PIECE","CAT-996","مخدة ويدج كبيرة",996,"O/B","2021-12-01"]
[null,16,11,"YEWELL","PIECE","CAT-997","جهاز بخار محمول يو ويل 102",997,"O/B","2021-12-01"]
[null,17,5,"YEWELL","PIECE","CAT-998","جهاز بخار يو ويل 402",998,"O/B","2021-12-01"]
[null,18,95,"YEWELL","PIECE","CAT-999","جهاز بخار يو ويل كبير 403",999,"O/B","2021-12-01"]
[null,19,2,"YEWELL","PIECE","CAT-1000","جهاز سكشن A يو ويل صغير",1000,"O/B","2021-12-01"]
[null,20,0,"YEWELL","PIECE","CAT-1001","جهاز سكشن G يو ويل كبير",1001,"O/B","2021-12-01"]
[null,21,1,"YEWELL","PIECE","CAT-1002","جهاز اوتو سي باب صيني",1002,"O/B","2021-12-01"]
[null,22,54,"YEWELL","PIECE","CAT-1003","منظم أكسجين صيني",1003,"O/B","2021-12-01"]
[null,23,75,"EVERYWAY","PIECE","CAT-1004","جهاز تنس صغير ",1004,"O/B","2021-12-01"]
[null,24,3,"EVERYWAY","PIECE","CAT-1005","جهاز تنس كبير ",1005,"O/B","2021-12-01"]
[null,25,1,"EVERYWAY","PIECE","CAT-1006","لاصق جهاز تنس",1006,"O/B","2021-12-01"]
[null,26,1,"ALPHA","PIECE","CAT-1007","جهاز براون 3 ",1007,"O/B","2021-12-01"]
[null,27,0,"ALPHA","PIECE","CAT-1008","جهاز براون 7",1008,"O/B","2021-12-01"]
[null,28,0,"ALPHA","PIECE","CAT-1009","كوفر جهاز براون",1009,"O/B","2021-12-01"]
[null,29,8,"ALPHA","PIECE","CAT-1010","جهاز اومرون",1010,"O/B","2021-12-01"]
[null,30,0,"ALPHA","PIECE","CAT-1011","سماعة ليتمان سوداء كامل",1011,"O/B","2021-12-01"]
[null,31,0,"ALPHA","PIECE","CAT-1012","سماعة ليتمان سوداء",1012,"O/B","2021-12-01"]
[null,32,4,"ALPHA","PIECE","CAT-1013","سماعة ليتمان زرقاء",1013,"O/B","2021-12-01"]
[null,33,1,"ALPHA","PIECE","CAT-1014","سماعة ليتمان بامبي",1014,"O/B","2021-12-01"]
[null,34,4,"ALPHA","PIECE","CAT-1015","سماعة ليتمان بيرجاندي",1015,"O/B","2021-12-01"]
[null,35,4,"ALPHA","PIECE","CAT-1016","سماعة ليتمان RASSBERRY",1016,"O/B","2021-12-01"]
[null,36,9,"CHINA SUPPORT","PIECE","CAT-1017","ريست صيني بأصبع R/M",1017,"O/B","2021-12-01"]
[null,37,6,"CHINA SUPPORT","PIECE","CAT-1018","ريست صيني بأصبع L/M",1018,"O/B","2021-12-01"]
[null,38,9,"CHINA SUPPORT","PIECE","CAT-1019","ريست صيني بأصبع R / L",1019,"O/B","2021-12-01"]
[null,39,11,"CHINA SUPPORT","PIECE","CAT-1020","ريست صيني بأصبع L/L",1020,"O/B","2021-12-01"]
[null,10,1,"CHINA SUPPORT","PIECE","CAT-1021","ريست صيني بأصبع R/S",1021,"O/B","2021-12-01"]
[null,11,2,"CHINA SUPPORT","PIECE","CAT-1022","أنكل صيني R / L",1022,"O/B","2021-12-01"]
[null,12,1,"CHINA SUPPORT","PIECE","CAT-1023","ريست ازرق صيني R/L",1023,"O/B","2021-12-01"]
[null,13,13,"CHINA SUPPORT","PIECE","CAT-1024","أنكل صيني اسود",1024,"O/B","2021-12-01"]
[null,14,10,"CHINA SUPPORT","PIECE","CAT-1025","ركبة صيني اسود",1025,"O/B","2021-12-01"]
[null,15,21,"CHINA SUPPORT","PIECE","CAT-1026","حامل ذراع صيني",1026,"O/B","2021-12-01"]
[null,16,4,"CHINA SUPPORT","PIECE","CAT-1027","أنكل بريس صيني L",1027,"O/B","2021-12-01"]
[null,17,6,"CHINA SUPPORT","PIECE","CAT-1028","أنكل بريس صيني XL",1028,"O/B","2021-12-01"]
[null,18,0,"LOXOR","PIECE","CAT-1029","شراب دوالي تحت الركبة لوكسر مقاس 3",1029,"O/B","2021-12-01"]
[null,19,3,"LOXOR","PIECE","CAT-1030","شراب دوالي تحت الركبة لوكسر مقاس 4",1030,"O/B","2021-12-01"]
[null,20,23,"LOXOR","PIECE","CAT-1031","شراب دوالي تحت الركبة لوكسر مقاس 5",1031,"O/B","2021-12-01"]
[null,21,0,"LOXOR","PIECE","CAT-1032","شراب دوالي تحت الركبة لوكسر مقاس 6",1032,"O/B","2021-12-01"]
[null,22,1,"LOXOR","PIECE","CAT-1033","شراب دوالي تحت الركبة لوكسر مقاس 7",1033,"O/B","2021-12-01"]
[null,23,2,"LOXOR","PIECE","CAT-1034","شراب دوالي فوق الركبة لوكسر مقاس 3",1034,"O/B","2021-12-01"]
[null,24,7,"LOXOR","PIECE","CAT-1035","شراب دوالي فوق الركبة لوكسر مقاس 4",1035,"O/B","2021-12-01"]
[null,25,12,"LOXOR","PIECE","CAT-1036","شراب دوالي فوق الركبة لوكسر مقاس 5",1036,"O/B","2021-12-01"]
[null,26,6,"LOXOR","PIECE","CAT-1037","شراب دوالي فوق الركبة لوكسر مقاس 6",1037,"O/B","2021-12-01"]
[null,27,0,"LOXOR","PIECE","CAT-1038","شراب دوالي فوق الركبة لوكسر مقاس 7",1038,"O/B","2021-12-01"]
[null,28,0,"LOXOR","PIECE","CAT-1039","شراب دوالي فوق الركبة لوكسر مقاس 8",1039,"O/B","2021-12-01"]
[null,29,2,"LOXOR","PIECE","CAT-1040","أنكل لوكسر",1040,"O/B","2021-12-01"]
[null,30,4,"LOXOR","PIECE","CAT-1041","ركبة لوكسر",1041,"O/B","2021-12-01"]
[null,31,1,"LOXOR","PIECE","CAT-1042","سيليكون قدم كامل لوكسر S",1042,"O/B","2021-12-01"]
[null,32,3,"LOXOR","PIECE","CAT-1043","سيليكون قدم كامل لوكسر XL",1043,"O/B","2021-12-01"]
[null,33,3,"LOXOR","PIECE","CAT-1044","سيليكون قدم كامل لوكسرXS",1044,"O/B","2021-12-01"]
[null,34,1,"LOXOR","PIECE","CAT-1045","سيليكون قدم كامل لوكسرXS",1045,"O/B","2021-12-01"]
[null,35,1,"LOXOR","PIECE","CAT-1046","سيليكون كعب لوكسر S",1046,"O/B","2021-12-01"]
[null,36,1,"LOXOR","PIECE","CAT-1047","سيليكون كعب لوكسر L",1047,"O/B","2021-12-01"]
[null,37,11,"LOXOR","PIECE","CAT-1048","حزام صدر لوكسر S",1048,"O/B","2021-12-01"]
[null,38,1,"LOXOR","PIECE","CAT-1049","حزام صدر لوكسر M",1049,"O/B","2021-12-01"]
[null,39,4,"LOXOR","PIECE","CAT-1050","حزام صدر لوكسر L",1050,"O/B","2021-12-01"]
[null,10,5,"LOXOR","PIECE","CAT-1051","حزام صدر لوكسر XL",1051,"O/B","2021-12-01"]
[null,11,1,"LOXOR","PIECE","CAT-1052","حزام بطن لوكسر M",1052,"O/B","2021-12-01"]
[null,12,1,"LOXOR","PIECE","CAT-1053","حزام بطن لوكسر L",1053,"O/B","2021-12-01"]
[null,13,1,"LOXOR","PIECE","CAT-1054","حزام ظهر لوكسر",1054,"O/B","2021-12-01"]
[null,14,1,"ORTHOSOFT","PIECE","CAT-1055","شراب دوالي تحت الركبة مقاس 4",1055,"O/B","2021-12-01"]
[null,15,8,"ORTHOSOFT","PIECE","CAT-1056","هاميرال أورثوسوفت S",1056,"O/B","2021-12-01"]
[null,16,1,"ORTHOSOFT","PIECE","CAT-1057","هاميرال أورثوسوفت M",1057,"O/B","2021-12-01"]
[null,17,3,"ORTHOSOFT","PIECE","CAT-1058","هاميرال أورثوسوفت L",1058,"O/B","2021-12-01"]
[null,18,1,"ORTHOSOFT","PIECE","CAT-1059","دروب فوت اورثوسوفت",1059,"O/B","2021-12-01"]
[null,19,1,"ORTHOSOFT","PIECE","CAT-1060","شراب جلطة اورثوسوفت L",1060,"O/B","2021-12-01"]
[null,20,3,"ORTHOSOFT","PIECE","CAT-1061","حزام ظهر أورثوسوفت M",1061,"O/B","2021-12-01"]
[null,21,2,"ORTHOSOFT","PIECE","CAT-1062","حزام ظهر أورثوسوفت L",1062,"O/B","2021-12-01"]
[null,22,4,"ORTHOSOFT","PIECE","CAT-1063","حزام ظهر أورثوسوفت XL",1063,"O/B","2021-12-01"]
[null,23,5,"ORTHOSOFT","PIECE","CAT-1064","حزام ظهر أورثوسوفت XXL",1064,"O/B","2021-12-01"]
[null,24,9,"ORTHOSOFT","PIECE","CAT-1065","ريست اورثوسوفت بدون اصبع XS",1065,"O/B","2021-12-01"]
[null,25,1,"ORTHOSOFT","PIECE","CAT-1066","مثبت كتف اورثوسوفت S ازرق",1066,"O/B","2021-12-01"]
[null,26,1,"ORTHOSOFT","PIECE","CAT-1067","مثبت كتف اورثوسوفت M اسود",1067,"O/B","2021-12-01"]
[null,27,0,"ANKLE WALKER","PIECE","CAT-1068","أنكل ووكر تايواني S",1068,"O/B","2021-12-01"]
[null,28,11,"ANKLE WALKER","PIECE","CAT-1069","أنكل ووكر تايواني M",1069,"O/B","2021-12-01"]
[null,29,21,"ANKLE WALKER","PIECE","CAT-1070","أنكل ووكر تايواني L",1070,"O/B","2021-12-01"]
[null,30,2,"ANKLE WALKER","PIECE","CAT-1071","أنكل ووكر انجليزي فاتح",1071,"O/B","2021-12-01"]
[null,31,0,"ANKLE WALKER","PIECE","CAT-1072","أنكل ووكر انجليزي غامق",1072,"O/B","2021-12-01"]
[null,32,0,"ROYAL","PIECE","CAT-1073","شاى رجيم 50 باكت ",1073,"O/B","2021-12-01"]
[null,33,0,"ROYAL","PIECE","CAT-1074","ينسون",1074,"O/B","2021-12-01"]
[null,34,0,"ROYAL","PIECE","CAT-1075","بابونج ",1075,"O/B","2021-12-01"]
[null,35,0,"ROYAL","PIECE","CAT-1076","بابونج مع ينسون ",1076,"O/B","2021-12-01"]
[null,36,0,"ROYAL","PIECE","CAT-1077","بابونج مع نعناع",1077,"O/B","2021-12-01"]
[null,37,0,"ROYAL","PIECE","CAT-1078","كمون وليمون ",1078,"O/B","2021-12-01"]
[null,38,0,"ROYAL","PIECE","CAT-1079","جنزبيل ",1079,"O/B","2021-12-01"]
[null,39,0,"ROYAL","PIECE","CAT-1080","جنزبيل وليمون ",1080,"O/B","2021-12-01"]
[null,10,0,"ROYAL","PIECE","CAT-1081","شاى اخضر",1081,"O/B","2021-12-01"]
[null,11,0,"ROYAL","PIECE","CAT-1082","مريميه",1082,"O/B","2021-12-01"]
[null,12,0,"ROYAL","PIECE","CAT-1083","زعتر ",1083,"O/B","2021-12-01"]
[null,13,0,"ROYAL","PIECE","CAT-1084","كركدية",1084,"O/B","2021-12-01"]
[null,14,0,"ROYAL","PIECE","CAT-1085","نعناع",1085,"O/B","2021-12-01"]
[null,15,0,"ROYAL","PIECE","CAT-1086","قرفة ",1086,"O/B","2021-12-01"]
[null,16,0,"ROYAL","PIECE","CAT-1087","قرفة مع جنزبيل ",1087,"O/B","2021-12-01"]
[null,17,0,"ROYAL","PIECE","CAT-1088","زهورات شامية ",1088,"O/B","2021-12-01"]
[null,18,46,"GENERAL","PIECE","CAT-1089","مسدس تعقيم",1089,"O/B","2021-12-01"]
[null,19,5,"GENERAL","PIECE","CAT-1090","مسدس حرارة",1090,"O/B","2021-12-01"]
[null,20,2,"GENERAL","PIECE","CAT-1091","مولد أكسجين",1091,"O/B","2021-12-01"]
[null,21,1,"GENERAL","PIECE","CAT-1092","جهاز أكسجين باستاند تركي",1092,"O/B","2021-12-01"]
[null,22,216,"GENERAL","PIECE","CAT-1093","كمادة جل صغيرة",1093,"O/B","2021-12-01"]
[null,23,170,"GENERAL","PIECE","CAT-1094","كمادة جل كبيرة",1094,"O/B","2021-12-01"]
[null,24,140,"GENERAL","PIECE","CAT-1095","كمادة جل بحزام",1095,"O/B","2021-12-01"]
[null,25,22,"GENERAL","PIECE","CAT-1096","شنطة اسعافات أولية خضراء ",1096,"O/B","2021-12-01"]
[null,26,84,"GENERAL","PIECE","CAT-1097","شنطة اسعافات أولية صغيرة زرقاء",1097,"O/B","2021-12-01"]
[null,27,9,"GENERAL","PIECE","CAT-1098","شنطة اسعافت أولية كاملة حمراء",1098,"O/B","2021-12-01"]
[null,28,23,"GENERAL","PIECE","CAT-1099","صندوق اسعافات أولية فارغ",1099,"O/B","2021-12-01"]
[null,29,7,"GENERAL","PIECE","CAT-1100","حامل اسعافات أولية أخضر",1100,"O/B","2021-12-01"]
[null,30,9,"GENERAL","PIECE","CAT-1101","حامل اسعافات أولية برتقالي",1101,"O/B","2021-12-01"]
[null,31,16,"GENERAL","PIECE","CAT-1102","علبة بلاستيك كراسي حمام",1102,"O/B","2021-12-01"]
[null,32,1,"GENERAL","PIECE","CAT-1103","كورة تمارين 65 سم",1103,"O/B","2021-12-01"]
[null,33,1,"GENERAL","PIECE","CAT-1104","كرسي 22 استيل هوائي (بدون أرجل)",1104,"O/B","2021-12-01"]
[null,34,1,"GENERAL","PIECE","CAT-1105","كرسي 22 كيانج بدون (بدون أرجل)",1105,"O/B","2021-12-01"]
[null,35,66,"GENERAL","PIECE","CAT-1106","عصا ماجيك يد رابر",1106,"O/B","2021-12-01"]
[null,36,48,"GENERAL","PIECE","CAT-1107","عصا ماجيك يد بلاستيك",1107,"O/B","2021-12-01"]
[null,37,18,"GENERAL","PIECE","CAT-1108","ماسك أكسجين Nasal بلاستيك رفيع",1108,"O/B","2021-12-01"]
[null,38,2,"GENERAL","PIECE","CAT-1109","مرتبة حوامل",1109,"O/B","2021-12-01"]
[null,39,4,"GENERAL","PIECE","CAT-1110","LATEX GLOVES (S)",1110,"O/B","2021-12-01"]
[null,10,6,"GENERAL","PIECE","CAT-1111","LATEX GLOVES (M)",1111,"O/B","2021-12-01"]
[null,11,4,"GENERAL","PIECE","CAT-1112","فيست SHAPER",1112,"O/B","2021-12-01"]
[null,12,4,"GENERAL","PIECE","CAT-1113","ويل سبورت ويل شير",1113,"O/B","2021-12-01"]
[null,13,1,"GENERAL","PIECE","CAT-1114","سيليكون اصبع القدم Case",1114,"O/B","2021-12-01"]
[null,14,9,"GENERAL","PIECE","CAT-1115","أنكل اطفال XIAOLE",1115,"O/B","2021-12-01"]
[null,15,4,"GENERAL","PIECE","CAT-1116","البو اطفال XIAOLE",1116,"O/B","2021-12-01"]
[null,16,282,"GENERAL","PIECE","CAT-1117","كاست شاور FIRSTAR",1117,"O/B","2021-12-01"]
[null,17,10,"GENERAL","PIECE","CAT-1118","ويل كرسي",1118,"O/B","2021-12-01"]
[null,18,2,"GENERAL","PIECE","CAT-1119","كرسي شاور حائط أمريكي AMC",1119,"O/B","2021-12-01"]
[null,19,6,"GENERAL","PIECE","CAT-1120","AFO مصري - S",1120,"O/B","2021-12-01"]
[null,20,4,"GENERAL","PIECE","CAT-1121","AFO مصري - M",1121,"O/B","2021-12-01"]
[null,21,4,"GENERAL","PIECE","CAT-1122","AFO مصري - L",1122,"O/B","2021-12-01"]
[null,22,17,"GENERAL","PIECE","CAT-1123","Sanitizer 500 ml. BUTEX",1123,"O/B","2021-12-01"]
[null,23,13,"GENERAL","PIECE","CAT-1124","Sanitizer 500 ml. Q",1124,"O/B","2021-12-01"]
[null,24,9,"FOR-AS","PIECE","CAT-1125","ماسك كامل M",1125,"O/B","2021-12-01"]
[null,25,19,"FOR-AS","PIECE","CAT-1126","ماسك كامل L",1126,"O/B","2021-12-01"]
[null,26,4,"FOR-AS","PIECE","CAT-1127","ماسك أنف M",1127,"O/B","2021-12-01"]